{"text_format":"3","workbook":"xlsx","n_sheets":7,"sheets":["RES","ORÇ","CPUs","CR","ABC","BDI","ENCARGOS SOCIAIS"],"not_rendered":{"images":4,"defined_names":1858},"read":"whole","date_system":"1900"}

{"sheet":"RES","index":0,"n_rows":28,"n_cols":9,"rows_kept":28,"merged":[[0,3,0,5],[0,6,0,8],[1,3,1,5],[1,6,1,8],[2,0,2,8],[3,1,3,6],[4,1,4,6],[5,1,5,6],[6,1,6,6],[7,1,7,6],[8,1,8,6],[9,1,9,6],[10,1,10,6],[11,1,11,6],[12,1,12,6],[13,1,13,6],[14,1,14,6],[15,1,15,6],[16,1,16,6],[17,1,17,6],[18,1,18,6],[19,1,19,6],[20,1,20,6],[21,1,21,6],[22,1,22,6],[23,1,23,6],[25,4,25,5],[25,6,25,8],[26,4,26,5],[26,6,26,8],[27,4,27,5],[27,6,27,8]]}
[null,"Obra","Bancos","B.D.I.",null,null,"Encargos Sociais"]
[null,"CONCLUSÃO DA OBRA DE CONSTRUÇÃO DE UNIDADE ESCOLAR, MODELO ESCOLA 6 SALAS - PADRÃO FNDE, NO MUNICÍPIO DE DUAS ESTRADAS/PB (ID SIMEC: 1010865).","SINAPI - 09/2025 - Paraíba\nORSE - 09/2025 - Sergipe\nSEDOP - 10/2025 - Pará\nSEINFRA - 028 - Ceará\nSETOP - 07/2025 - Minas Gerais\nCAERN - 07/2025 - Rio Grande do Norte\n","20,34%",null,null,"Não Desonerado: \nHorista: 113,60%\nMensalista: 69,85%"]
["Planilha Orçamentária Resumida"]
["Item","Descrição",{"$nulls":5},"Total","Peso (%)"]
[" 1 ","SERVIÇOS PRELIMINARES",{"$nulls":5},{"v":7084.73,"d":"7,084.73"},{"v":0.005669696275159686,"d":"0.57 %"}]
[" 2 ","MOVIMENTO DE TERRAS",{"$nulls":5},{"v":5285.15,"d":"5,285.15"},{"v":0.004229546541457503,"d":"0.42 %"}]
[" 3 ","INFRAESTRUTURA",{"$nulls":5},{"v":13660.15,"d":"13,660.15"},{"v":0.010931807079891906,"d":"1.09 %"}]
[" 4 ","SUPERESTRUTURA",{"$nulls":5},{"v":145220.88,"d":"145,220.88"},{"v":0.1162159012991902,"d":"11.62 %"}]
[" 5 ","INSTALAÇÕES HIDROSSANITÁRIAS",{"$nulls":5},{"v":104902.13,"d":"104,902.13"},{"v":0.08395001866229442,"d":"8.40 %"}]
[" 6 ","INSTALAÇÕES ELÉTRICAS E TELEFÔNICAS (220V)",{"$nulls":5},{"v":80303.72,"d":"80,303.72"},{"v":0.06426465118155052,"d":"6.43 %"}]
[" 7 ","PAREDES E PAINÉIS",{"$nulls":5},{"v":43113.17,"d":"43,113.17"},{"v":0.03450217289287331,"d":"3.45 %"}]
[" 8 ","ESQUADRIAS",{"$nulls":5},{"v":81779.38,"d":"81,779.38"},{"v":0.06544557748437393,"d":"6.54 %"}]
[" 9 ","COBERTURA",{"$nulls":5},{"v":224865.9,"d":"224,865.90"},{"v":0.17995341468770587,"d":"18.00 %"}]
[" 10 ","REVESTIMENTO",{"$nulls":5},{"v":108319.2,"d":"108,319.20"},{"v":0.08668459698086971,"d":"8.67 %"}]
[" 11 ","PAVIMENTAÇÃO",{"$nulls":5},{"v":112184.35,"d":"112,184.35"},{"v":0.08977776024297475,"d":"8.98 %"}]
[" 12 ","SOLEIRAS E RODAPÉS",{"$nulls":5},{"v":3337.62,"d":"3,337.62"},{"v":2.670996873825604E-3,"d":"0.27 %"}]
[" 13 ","PINTURAS",{"$nulls":5},{"v":88233.54,"d":"88,233.54"},{"v":0.07061064755920878,"d":"7.06 %"}]
[" 14 ","ELEMENTOSS DECORATIVOS E OUTROS",{"$nulls":5},{"v":35770.06,"d":"35,770.06"},{"v":0.028625702877066377,"d":"2.86 %"}]
[" 15 ","INCÊNDIO",{"$nulls":5},{"v":1939.04,"d":"1,939.04"},{"v":1.5517553760532351E-3,"d":"0.16 %"}]
[" 16 ","GÁS",{"$nulls":5},368.94,{"v":2.9525158245373E-4,"d":"0.03 %"}]
[" 17 ","VIDROS",{"$nulls":5},{"v":6552.37,"d":"6,552.37"},{"v":5.2436645831906185E-3,"d":"0.52 %"}]
[" 18 ","INSTALAÇÃO REDE LOGICA",{"$nulls":5},{"v":7799.78,"d":"7,799.78"},{"v":0.006241929277906852,"d":"0.62 %"}]
[" 19 ","LIMPEZA DA OBRA",{"$nulls":5},{"v":2687.58,"d":"2,687.58"},{"v":2.150789418254989E-3,"d":"0.22 %"}]
[" 20 ","MURO DE CONTORNO E MURETA FRONTAL",{"$nulls":5},{"v":176170.71,"d":"176,170.71"},{"v":0.14098411912369804,"d":"14.10 %"}]
[]
[{"$nulls":4},"Total sem BDI",null,{"v":1038465.79,"d":"1,038,465.79"}]
[{"$nulls":4},"Total do BDI",null,{"v":211112.61,"d":"211,112.61"}]
[{"$nulls":4},"Total Geral",null,{"v":1249578.4,"d":"1,249,578.40"}]

{"sheet":"ORÇ","index":1,"n_rows":342,"n_cols":10,"rows_kept":342,"merged":[[0,4,0,5],[0,6,0,7],[0,8,0,9],[1,4,1,5],[1,6,1,7],[1,8,1,9],[2,0,2,9],[339,0,339,2],[339,5,339,6],[339,7,339,9],[340,0,340,2],[340,5,340,6],[340,7,340,9],[341,0,341,2],[341,5,341,6],[341,7,341,9]]}
[{"$nulls":3},"Obra","Bancos",null,"B.D.I.",null,"Encargos Sociais"]
[{"$nulls":3},"CONCLUSÃO DA OBRA DE CONSTRUÇÃO DE UNIDADE ESCOLAR, MODELO ESCOLA 6 SALAS - PADRÃO FNDE, NO MUNICÍPIO DE DUAS ESTRADAS/PB (ID SIMEC: 1010865).","SINAPI - 09/2025 - Paraíba\nORSE - 09/2025 - Sergipe\nSEDOP - 10/2025 - Pará\nSEINFRA - 028 - Ceará\nSETOP - 07/2025 - Minas Gerais\nCAERN - 07/2025 - Rio Grande do Norte\n",null,"20,34%",null,"Não Desonerado: \nHorista: 113,60%\nMensalista: 69,85%"]
["OrçamentoSintético"]
["Item","Código","Banco","Descrição","Und","Quant.","Valor Unit","Valor Unit com BDI","Total","Peso (%)"]
[1,null,null,"SERVIÇOS PRELIMINARES",{"$nulls":4},{"v":7084.73,"d":"7,084.73"},{"v":0.005669696275159686,"d":"0.57 %"}]
["1.1"," 103689 ","SINAPI","FORNECIMENTO E INSTALAÇÃO DE PLACA DE OBRA COM CHAPA GALVANIZADA E ESTRUTURA DE MADEIRA. AF_03/2022_PS","m²",{"v":6,"d":"6.00"},403.61,{"v":485.7,"d":"485.70"},{"v":2914.2,"d":"2,914.20"},{"v":2.3321465864006613E-3,"d":"0.23 %"}]
["1.2"," 95648 ","SINAPI","KIT CAVALETE PARA MEDIÇÃO DE ÁGUA - ENTRADA INDIVIDUALIZADA, EM CPVC DN 28 MM (1\"), PARA 1 MEDIDOR - FORNECIMENTO E INSTALAÇÃO (EXCLUSIVE HIDRÔMETRO). AF_03/2024","UN",{"v":1,"d":"1.00"},518.59,624.07,624.07,{"v":4.9942444587710547E-4,"d":"0.05 %"}]
["1.3"," 95673 ","SINAPI","HIDRÔMETRO DN 1/2\", 1,5 M3/H - FORNECIMENTO E INSTALAÇÃO. AF_03/2024","UN",{"v":1,"d":"1.00"},114.37,137.63,137.63,{"v":1.1014114840653455E-4,"d":"0.01 %"}]
["1.4"," 101509 ","SINAPI","ENTRADA DE ENERGIA ELÉTRICA, AÉREA, TRIFÁSICA, COM CAIXA DE EMBUTIR, CABO DE 10 MM2 E DISJUNTOR DIN 50A (NÃO INCLUSO O POSTE DE CONCRETO). AF_07/2020","UN",{"v":1,"d":"1.00"},{"v":1732.1,"d":"1,732.10"},{"v":2084.4,"d":"2,084.40"},{"v":2084.4,"d":"2,084.40"},{"v":1.6680826109030055E-3,"d":"0.17 %"}]
["1.5"," 00041196 ","SINAPI","POSTE DE CONCRETO ARMADO DE SECAO DUPLO T, EXTENSAO DE 9,00 M, RESISTENCIA DE 150 DAN, TIPO D","UN",{"v":1,"d":"1.00"},533.83,642.41,642.41,{"v":0.000514101396118883,"d":"0.05 %"}]
["1.6"," 100599 ","SINAPI","ASSENTAMENTO DE POSTE DE CONCRETO COM COMPRIMENTO NOMINAL DE 9 M, CARGA NOMINAL DE 150 DAN, ENGASTAMENTO BASE CONCRETADA COM 1 M DE CONCRETO E 0,5 M DE SOLO (NÃO INCLUI FORNECIMENTO). AF_04/2025","UN",{"v":1,"d":"1.00"},566.75,682.02,682.02,{"v":5.4580008745349631E-4,"d":"0.05 %"}]
[2,null,null,"MOVIMENTO DE TERRAS",{"$nulls":4},{"v":5285.15,"d":"5,285.15"},{"v":0.004229546541457503,"d":"0.42 %"}]
["2.1",null,null,"PASSARELAS",{"$nulls":4},{"v":528.9,"d":"528.90"},{"v":4.2326275806303952E-4,"d":"0.04 %"}]
["2.1.1"," 93358 ","SINAPI","ESCAVAÇÃO MANUAL DE VALA. AF_09/2024","m³",4.25,{"v":81.4,"d":"81.40"},97.95,416.28,{"v":3.3313636023157893E-4,"d":"0.03 %"}]
["2.1.2"," 101616 ","SINAPI","PREPARO DE FUNDO DE VALA COM LARGURA MENOR QUE 1,5 M (ACERTO DO SOLO NATURAL). AF_08/2020","m²",7.14,6.01,7.23,51.62,{"v":4.1309933014207032E-5,"d":"0.00 %"}]
["2.1.3"," 93382 ","SINAPI","REATERRO MANUAL DE VALAS, COM COMPACTADOR DE SOLOS DE PERCUSSÃO. AF_08/2023","m³",{"v":2.1,"d":"2.10"},24.14,29.05,{"v":61,"d":"61.00"},{"v":4.8816464817253563E-5,"d":"0.00 %"}]
["2.2",null,null,"CASTELO D'ÁGUA",{"$nulls":4},{"v":2228.23,"d":"2,228.23"},{"v":1.7831854327827689E-3,"d":"0.18 %"}]
["2.2.1"," 93358 ","SINAPI","ESCAVAÇÃO MANUAL DE VALA. AF_09/2024","m³",{"v":21.3,"d":"21.30"},{"v":81.4,"d":"81.40"},97.95,{"v":2086.33,"d":"2,086.33"},{"v":1.6696271318390266E-3,"d":"0.17 %"}]
["2.2.2"," 101616 ","SINAPI","PREPARO DE FUNDO DE VALA COM LARGURA MENOR QUE 1,5 M (ACERTO DO SOLO NATURAL). AF_08/2020","m²",13.28,6.01,7.23,96.01,{"v":7.6833914542696958E-5,"d":"0.01 %"}]
["2.2.3"," 93382 ","SINAPI","REATERRO MANUAL DE VALAS, COM COMPACTADOR DE SOLOS DE PERCUSSÃO. AF_08/2023","m³",1.58,24.14,29.05,45.89,{"v":3.6724386401045345E-5,"d":"0.00 %"}]
["2.3",null,null,"CALÇADAS PROTEÇÃO DA EDIFICAÇÃO",{"$nulls":4},{"v":2528.02,"d":"2,528.02"},{"v":2.0230983506116943E-3,"d":"0.20 %"}]
["2.3.1"," 93358 ","SINAPI","ESCAVAÇÃO MANUAL DE VALA. AF_09/2024","m³",8.23,{"v":81.4,"d":"81.40"},97.95,806.12,{"v":6.4511358390958106E-4,"d":"0.06 %"}]
["2.3.2"," 101616 ","SINAPI","PREPARO DE FUNDO DE VALA COM LARGURA MENOR QUE 1,5 M (ACERTO DO SOLO NATURAL). AF_08/2020","m²",164.65,6.01,7.23,{"v":1190.41,"d":"1,190.41"},{"v":9.5264930955912808E-4,"d":"0.10 %"}]
["2.3.3"," 71 ","ORSE","Aterro manual de áreas, sem aquisição de material, com espalhamento e compactação","m³",8.23,53.67,64.58,531.49,{"v":4.2533545714298519E-4,"d":"0.04 %"}]
[3,null,null,"INFRAESTRUTURA",{"$nulls":4},{"v":13660.15,"d":"13,660.15"},{"v":0.010931807079891906,"d":"1.09 %"}]
["3.1",null,null,"RECUPERAÇÃO VIGAS BALDRAMES EXISTENTES",{"$nulls":4},{"v":1886.89,"d":"1,886.89"},{"v":1.5100212999840587E-3,"d":"0.15 %"}]
["3.1.1"," 040227 ","SBC","RECUPERACAO DE ELEMENTOS ESTRUTURAIS EM CONCRETO 15Mpa","m³",0.41,{"v":3824.33,"d":"3,824.33"},{"v":4602.19,"d":"4,602.19"},{"v":1886.89,"d":"1,886.89"},{"v":1.5100212999840587E-3,"d":"0.15 %"}]
["3.2",null,null,"PASSARELAS",{"$nulls":4},{"v":7974.46,"d":"7,974.46"},{"v":6.3817204266655055E-3,"d":"0.64 %"}]
["3.2.1",null,null,"BLOCOS DE FUNDAÇÃO E PESCOÇO DE PILARES",{"$nulls":4},{"v":3468.32,"d":"3,468.32"},{"v":2.7755921517209326E-3,"d":"0.28 %"}]
["3.2.1.1"," 96534 ","SINAPI","FABRICAÇÃO, MONTAGEM E DESMONTAGEM DE FÔRMA PARA BLOCO DE COROAMENTO, EM MADEIRA SERRADA, E=25 MM, 4 UTILIZAÇÕES. AF_01/2024","m²",13.68,78.65,94.64,{"v":1294.67,"d":"1,294.67"},{"v":1.0360854509008797E-3,"d":"0.10 %"}]
["3.2.1.2"," 96546 ","SINAPI","ARMAÇÃO DE BLOCO UTILIZANDO AÇO CA-50 DE 10 MM - MONTAGEM. AF_01/2024","KG",{"v":25.5,"d":"25.50"},11.42,13.74,350.37,{"v":2.8039057013149393E-4,"d":"0.03 %"}]
["3.2.1.3"," 96543 ","SINAPI","ARMAÇÃO DE BLOCO UTILIZANDO AÇO CA-60 DE 5 MM - MONTAGEM. AF_01/2024","KG",{"v":27.9,"d":"27.90"},17.07,20.54,573.06,{"v":4.5860267751107091E-4,"d":"0.05 %"}]
["3.2.1.4"," 94965 ","SINAPI","CONCRETO FCK = 25MPA, TRAÇO 1:2,3:2,7 (EM MASSA SECA DE CIMENTO/ AREIA MÉDIA/ BRITA 1) - PREPARO MECÂNICO COM BETONEIRA 400 L. AF_05/2021","m³",1.44,440.17,{"v":529.7,"d":"529.70"},762.76,{"v":6.1041388039357919E-4,"d":"0.06 %"}]
["3.2.1.5"," 103670 ","SINAPI","LANÇAMENTO COM USO DE BALDES, ADENSAMENTO E ACABAMENTO DE CONCRETO EM ESTRUTURAS. AF_02/2022","m³",1.44,281.31,338.52,487.46,{"v":3.9009957278390855E-4,"d":"0.04 %"}]
["3.2.2",null,null,"VIGAS BALDRAMES",{"$nulls":4},{"v":4506.14,"d":"4,506.14"},{"v":3.6061282749445733E-3,"d":"0.36 %"}]
["3.2.2.1"," 96536 ","SINAPI","FABRICAÇÃO, MONTAGEM E DESMONTAGEM DE FÔRMA PARA VIGA BALDRAME, EM MADEIRA SERRADA, E=25 MM, 4 UTILIZAÇÕES. AF_01/2024","m²",26.73,68.65,82.61,{"v":2208.16,"d":"2,208.16"},{"v":1.7671240155879774E-3,"d":"0.18 %"}]
["3.2.2.2"," 92761 ","SINAPI","ARMAÇÃO DE PILAR OU VIGA DE ESTRUTURA CONVENCIONAL DE CONCRETO ARMADO UTILIZANDO AÇO CA-50 DE 8,0 MM - MONTAGEM. AF_06/2022","KG",{"v":59.7,"d":"59.70"},{"v":9.8,"d":"9.80"},11.79,703.86,{"v":5.632779823979032E-4,"d":"0.06 %"}]
["3.2.2.3"," 92759 ","SINAPI","ARMAÇÃO DE PILAR OU VIGA DE ESTRUTURA CONVENCIONAL DE CONCRETO ARMADO UTILIZANDO AÇO CA-60 DE 5,0 MM - MONTAGEM. AF_06/2022","KG",{"v":24.6,"d":"24.60"},11.62,13.98,{"v":343.9,"d":"343.90"},{"v":2.7521282378120492E-4,"d":"0.03 %"}]
["3.2.2.4"," 94965 ","SINAPI","CONCRETO FCK = 25MPA, TRAÇO 1:2,3:2,7 (EM MASSA SECA DE CIMENTO/ AREIA MÉDIA/ BRITA 1) - PREPARO MECÂNICO COM BETONEIRA 400 L. AF_05/2021","m³",1.44,440.17,{"v":529.7,"d":"529.70"},762.76,{"v":6.1041388039357919E-4,"d":"0.06 %"}]
["3.2.2.5"," 103670 ","SINAPI","LANÇAMENTO COM USO DE BALDES, ADENSAMENTO E ACABAMENTO DE CONCRETO EM ESTRUTURAS. AF_02/2022","m³",1.44,281.31,338.52,487.46,{"v":3.9009957278390855E-4,"d":"0.04 %"}]
["3.3",null,null,"CASTELO D'ÁGUA",{"$nulls":4},{"v":3798.8,"d":"3,798.80"},{"v":3.0400653532423414E-3,"d":"0.30 %"}]
["3.3.1",null,null,"BLOCOS DE FUNDAÇÃO E PESCOÇO DE PILARES",{"$nulls":4},{"v":1937.7,"d":"1,937.70"},{"v":1.5506830143670858E-3,"d":"0.16 %"}]
["3.3.1.1"," 96534 ","SINAPI","FABRICAÇÃO, MONTAGEM E DESMONTAGEM DE FÔRMA PARA BLOCO DE COROAMENTO, EM MADEIRA SERRADA, E=25 MM, 4 UTILIZAÇÕES. AF_01/2024","m²",3.84,78.65,94.64,363.41,{"v":2.9082608982357571E-4,"d":"0.03 %"}]
["3.3.1.2"," 96543 ","SINAPI","ARMAÇÃO DE BLOCO UTILIZANDO AÇO CA-60 DE 5 MM - MONTAGEM. AF_01/2024","KG",30.99,17.07,20.54,636.53,{"v":5.0939580901846577E-4,"d":"0.05 %"}]
["3.3.1.3"," 104921 ","SINAPI","ARMAÇÃO DE BLOCO, SAPATA ISOLADA, VIGA BALDRAME E SAPATA CORRIDA UTILIZANDO AÇO CA-50 DE 16 MM - MONTAGEM. AF_01/2024","KG",{"v":28.8,"d":"28.80"},8.02,9.65,277.92,{"v":2.2241101478706737E-4,"d":"0.02 %"}]
["3.3.1.4"," 94965 ","SINAPI","CONCRETO FCK = 25MPA, TRAÇO 1:2,3:2,7 (EM MASSA SECA DE CIMENTO/ AREIA MÉDIA/ BRITA 1) - PREPARO MECÂNICO COM BETONEIRA 400 L. AF_05/2021","m³",0.76,440.17,{"v":529.7,"d":"529.70"},402.57,{"v":3.2216465969642244E-4,"d":"0.03 %"}]
["3.3.1.5"," 103670 ","SINAPI","LANÇAMENTO COM USO DE BALDES, ADENSAMENTO E ACABAMENTO DE CONCRETO EM ESTRUTURAS. AF_02/2022","m³",0.76,281.31,338.52,257.27,{"v":2.0588544104155449E-4,"d":"0.02 %"}]
["3.3.2",null,null,"VIGAS BALDRAMES",{"$nulls":4},{"v":1861.1,"d":"1,861.10"},{"v":1.4893823388752558E-3,"d":"0.15 %"}]
["3.3.2.1"," 96536 ","SINAPI","FABRICAÇÃO, MONTAGEM E DESMONTAGEM DE FÔRMA PARA VIGA BALDRAME, EM MADEIRA SERRADA, E=25 MM, 4 UTILIZAÇÕES. AF_01/2024","m²",8.32,68.65,82.61,687.31,{"v":5.5003351530404174E-4,"d":"0.06 %"}]
["3.3.2.2"," 92759 ","SINAPI","ARMAÇÃO DE PILAR OU VIGA DE ESTRUTURA CONVENCIONAL DE CONCRETO ARMADO UTILIZANDO AÇO CA-60 DE 5,0 MM - MONTAGEM. AF_06/2022","KG",16.36,11.62,13.98,228.71,{"v":1.8302973226809937E-4,"d":"0.02 %"}]
["3.3.2.3"," 92761 ","SINAPI","ARMAÇÃO DE PILAR OU VIGA DE ESTRUTURA CONVENCIONAL DE CONCRETO ARMADO UTILIZANDO AÇO CA-50 DE 8,0 MM - MONTAGEM. AF_06/2022","KG",5.45,{"v":9.8,"d":"9.80"},11.79,64.25,{"v":5.1417342041123627E-5,"d":"0.01 %"}]
["3.3.2.4"," 92762 ","SINAPI","ARMAÇÃO DE PILAR OU VIGA DE ESTRUTURA CONVENCIONAL DE CONCRETO ARMADO UTILIZANDO AÇO CA-50 DE 10,0 MM - MONTAGEM. AF_06/2022","KG",15.45,8.62,10.37,160.21,{"v":1.2821124308806875E-4,"d":"0.01 %"}]
["3.3.2.5"," 94965 ","SINAPI","CONCRETO FCK = 25MPA, TRAÇO 1:2,3:2,7 (EM MASSA SECA DE CIMENTO/ AREIA MÉDIA/ BRITA 1) - PREPARO MECÂNICO COM BETONEIRA 400 L. AF_05/2021","m³",0.83,440.17,{"v":529.7,"d":"529.70"},439.65,{"v":3.518386681459923E-4,"d":"0.04 %"}]
["3.3.2.6"," 103670 ","SINAPI","LANÇAMENTO COM USO DE BALDES, ADENSAMENTO E ACABAMENTO DE CONCRETO EM ESTRUTURAS. AF_02/2022","m³",0.83,281.31,338.52,280.97,{"v":2.2485183802793007E-4,"d":"0.02 %"}]
[4,null,null,"SUPERESTRUTURA",{"$nulls":4},{"v":145220.88,"d":"145,220.88"},{"v":0.1162159012991902,"d":"11.62 %"}]
["4.1",null,null,"BLOCOS (ADMINISTRATIVO + SERVIÇOS + PEDAGÓGICO) + PÁTIO CENTRAL",{"$nulls":4},{"v":117200.2,"d":"117,200.20"},{"v":0.0937917940963128,"d":"9.38 %"}]
["4.1.1"," 1200037 ","CAERN","DEMOLIÇÃO DE LAJE PRÉ-FABRICADA COMUM OU EM TRELIÇA, INCLUSIVE CAPEAMENTO. R_05/2016","m²",436.43,27.49,33.08,{"v":14437.1,"d":"14,437.10"},{"v":0.01155357679037986,"d":"1.16 %"}]
["4.1.2"," 9182 ","ORSE","Demolição de concreto com martelete e compressor","m³",3.52,379.29,456.43,{"v":1606.63,"d":"1,606.63"},{"v":1.2857376535958048E-3,"d":"0.13 %"}]
["4.1.3"," 040227 ","SBC","RECUPERACAO DE ELEMENTOS ESTRUTURAIS EM CONCRETO 15Mpa","m³",2.14,{"v":3824.33,"d":"3,824.33"},{"v":4602.19,"d":"4,602.19"},{"v":9848.68,"d":"9,848.68"},{"v":0.007881602306826047,"d":"0.79 %"}]
["4.1.4"," 106060 ","SINAPI","LAJE PRÉ-MOLDADA UNIDIRECIONAL, BIAPOIADA, PARA FORRO, ENCHIMENTO EM EPS, VIGOTA TRELIÇADA, ALTURA TOTAL DA LAJE \"LT\" = 12 CM (ENCHIMENTO+CAPA) = (8+4). AF_08/2025","m²",436.43,169.05,203.43,{"v":88782.95,"d":"88,782.95"},{"v":0.07105032385322922,"d":"7.11 %"}]
["4.1.5"," 92464 ","SINAPI","MONTAGEM E DESMONTAGEM DE FÔRMA DE VIGA, ESCORAMENTO METÁLICO, PÉ-DIREITO SIMPLES, EM CHAPA DE MADEIRA RESINADA, 8 UTILIZAÇÕES. AF_09/2020","m²",8.64,97.23,{"v":117,"d":"117.00"},{"v":1010.88,"d":"1,010.88"},{"v":8.0897685171254564E-4,"d":"0.08 %"}]
["4.1.6"," 92762 ","SINAPI","ARMAÇÃO DE PILAR OU VIGA DE ESTRUTURA CONVENCIONAL DE CONCRETO ARMADO UTILIZANDO AÇO CA-50 DE 10,0 MM - MONTAGEM. AF_06/2022","KG",74.63,8.62,10.37,773.91,{"v":6.1933688994624111E-4,"d":"0.06 %"}]
["4.1.7"," 92759 ","SINAPI","ARMAÇÃO DE PILAR OU VIGA DE ESTRUTURA CONVENCIONAL DE CONCRETO ARMADO UTILIZANDO AÇO CA-60 DE 5,0 MM - MONTAGEM. AF_06/2022","KG",12.57,11.62,13.98,175.72,{"v":1.4062342947029175E-4,"d":"0.01 %"}]
["4.1.8"," 94965 ","SINAPI","CONCRETO FCK = 25MPA, TRAÇO 1:2,3:2,7 (EM MASSA SECA DE CIMENTO/ AREIA MÉDIA/ BRITA 1) - PREPARO MECÂNICO COM BETONEIRA 400 L. AF_05/2021","m³",0.65,440.17,{"v":529.7,"d":"529.70"},{"v":344.3,"d":"344.30"},{"v":2.7553293174721968E-4,"d":"0.03 %"}]
["4.1.9"," 103670 ","SINAPI","LANÇAMENTO COM USO DE BALDES, ADENSAMENTO E ACABAMENTO DE CONCRETO EM ESTRUTURAS. AF_02/2022","m³",0.65,281.31,338.52,220.03,{"v":1.7608338940557872E-4,"d":"0.02 %"}]
["4.2",null,null,"PASSARELAS",{"$nulls":4},{"v":3127.51,"d":"3,127.51"},{"v":2.5028521619771915E-3,"d":"0.25 %"}]
["4.2.1"," 92427 ","SINAPI","MONTAGEM E DESMONTAGEM DE FÔRMA DE PILARES RETANGULARES E ESTRUTURAS SIMILARES, PÉ-DIREITO SIMPLES, EM CHAPA DE MADEIRA COMPENSADA RESINADA, 8 UTILIZAÇÕES. AF_09/2020","m²",20.16,53.16,63.97,{"v":1289.63,"d":"1,289.63"},{"v":1.0320520905290937E-3,"d":"0.10 %"}]
["4.2.2"," 92762 ","SINAPI","ARMAÇÃO DE PILAR OU VIGA DE ESTRUTURA CONVENCIONAL DE CONCRETO ARMADO UTILIZANDO AÇO CA-50 DE 10,0 MM - MONTAGEM. AF_06/2022","KG",{"v":61.5,"d":"61.50"},8.62,10.37,637.75,{"v":5.1037213831481082E-4,"d":"0.05 %"}]
["4.2.3"," 92759 ","SINAPI","ARMAÇÃO DE PILAR OU VIGA DE ESTRUTURA CONVENCIONAL DE CONCRETO ARMADO UTILIZANDO AÇO CA-60 DE 5,0 MM - MONTAGEM. AF_06/2022","KG",{"v":22.5,"d":"22.50"},11.62,13.98,314.55,{"v":2.5172490177487064E-4,"d":"0.03 %"}]
["4.2.4"," 94965 ","SINAPI","CONCRETO FCK = 25MPA, TRAÇO 1:2,3:2,7 (EM MASSA SECA DE CIMENTO/ AREIA MÉDIA/ BRITA 1) - PREPARO MECÂNICO COM BETONEIRA 400 L. AF_05/2021","m³",1.02,440.17,{"v":529.7,"d":"529.70"},540.29,{"v":4.323778323953103E-4,"d":"0.04 %"}]
["4.2.5"," 103670 ","SINAPI","LANÇAMENTO COM USO DE BALDES, ADENSAMENTO E ACABAMENTO DE CONCRETO EM ESTRUTURAS. AF_02/2022","m³",1.02,281.31,338.52,345.29,{"v":2.7632519896310625E-4,"d":"0.03 %"}]
["4.3",null,null,"CASTELO D'ÁGUA + RESERVATÓRIO INFERIOR",{"$nulls":4},{"v":24893.17,"d":"24,893.17"},{"v":0.019921255040900195,"d":"1.99 %"}]
["4.3.1"," 92427 ","SINAPI","MONTAGEM E DESMONTAGEM DE FÔRMA DE PILARES RETANGULARES E ESTRUTURAS SIMILARES, PÉ-DIREITO SIMPLES, EM CHAPA DE MADEIRA COMPENSADA RESINADA, 8 UTILIZAÇÕES. AF_09/2020","m²",17.28,53.16,63.97,{"v":1105.4,"d":"1,105.40"},{"v":8.8461836408183748E-4,"d":"0.09 %"}]
["4.3.2"," 92464 ","SINAPI","MONTAGEM E DESMONTAGEM DE FÔRMA DE VIGA, ESCORAMENTO METÁLICO, PÉ-DIREITO SIMPLES, EM CHAPA DE MADEIRA RESINADA, 8 UTILIZAÇÕES. AF_09/2020","m²",31.79,97.23,{"v":117,"d":"117.00"},{"v":3719.43,"d":"3,719.43"},{"v":2.9765479300858594E-3,"d":"0.30 %"}]
["4.3.3"," 92759 ","SINAPI","ARMAÇÃO DE PILAR OU VIGA DE ESTRUTURA CONVENCIONAL DE CONCRETO ARMADO UTILIZANDO AÇO CA-60 DE 5,0 MM - MONTAGEM. AF_06/2022","KG",66.36,11.62,13.98,927.71,{"v":0.000742418402878923,"d":"0.07 %"}]
["4.3.4"," 92761 ","SINAPI","ARMAÇÃO DE PILAR OU VIGA DE ESTRUTURA CONVENCIONAL DE CONCRETO ARMADO UTILIZANDO AÇO CA-50 DE 8,0 MM - MONTAGEM. AF_06/2022","KG",38.18,{"v":9.8,"d":"9.80"},11.79,450.14,{"v":3.6023349955472984E-4,"d":"0.04 %"}]
["4.3.5"," 92762 ","SINAPI","ARMAÇÃO DE PILAR OU VIGA DE ESTRUTURA CONVENCIONAL DE CONCRETO ARMADO UTILIZANDO AÇO CA-50 DE 10,0 MM - MONTAGEM. AF_06/2022","KG",46.36,8.62,10.37,480.75,{"v":3.8472976165401069E-4,"d":"0.04 %"}]
["4.3.6"," 92763 ","SINAPI","ARMAÇÃO DE PILAR OU VIGA DE ESTRUTURA CONVENCIONAL DE CONCRETO ARMADO UTILIZANDO AÇO CA-50 DE 12,5 MM - MONTAGEM. AF_06/2022","KG",42.73,7.18,8.64,369.18,{"v":2.9544364723333886E-4,"d":"0.03 %"}]
["4.3.7"," 92764 ","SINAPI","ARMAÇÃO DE PILAR OU VIGA DE ESTRUTURA CONVENCIONAL DE CONCRETO ARMADO UTILIZANDO AÇO CA-50 DE 16,0 MM - MONTAGEM. AF_06/2022","KG",71.82,6.91,8.31,596.82,{"v":4.7761709069234871E-4,"d":"0.05 %"}]
["4.3.8"," 92768 ","SINAPI","ARMAÇÃO DE LAJE DE ESTRUTURA CONVENCIONAL DE CONCRETO ARMADO UTILIZANDO AÇO CA-60 DE 5,0 MM - MONTAGEM. AF_06/2022","KG",{"v":27,"d":"27.00"},11.11,13.36,360.72,{"v":2.8867336375212633E-4,"d":"0.03 %"}]
["4.3.9"," 92768 ","SINAPI","ARMAÇÃO DE LAJE DE ESTRUTURA CONVENCIONAL DE CONCRETO ARMADO UTILIZANDO AÇO CA-60 DE 5,0 MM - MONTAGEM. AF_06/2022","KG",{"v":336,"d":"336.00"},11.11,13.36,{"v":4488.96,"d":"4,488.96"},{"v":0.003592379637804239,"d":"0.36 %"}]
["4.3.10"," 92769 ","SINAPI","ARMAÇÃO DE LAJE DE ESTRUTURA CONVENCIONAL DE CONCRETO ARMADO UTILIZANDO AÇO CA-50 DE 6,3 MM - MONTAGEM. AF_06/2022","KG",{"v":55,"d":"55.00"},10.15,12.21,671.55,{"v":5.3742126144305953E-4,"d":"0.05 %"}]
["4.3.11"," 92771 ","SINAPI","ARMAÇÃO DE LAJE DE ESTRUTURA CONVENCIONAL DE CONCRETO ARMADO UTILIZANDO AÇO CA-50 DE 10,0 MM - MONTAGEM. AF_06/2022","KG",{"v":22,"d":"22.00"},8.19,9.85,{"v":216.7,"d":"216.70"},{"v":1.7341849058850569E-4,"d":"0.02 %"}]
["4.3.12"," 94965 ","SINAPI","CONCRETO FCK = 25MPA, TRAÇO 1:2,3:2,7 (EM MASSA SECA DE CIMENTO/ AREIA MÉDIA/ BRITA 1) - PREPARO MECÂNICO COM BETONEIRA 400 L. AF_05/2021","m³",8.81,440.17,{"v":529.7,"d":"529.70"},{"v":4666.65,"d":"4,666.65"},{"v":0.003734579599007153,"d":"0.37 %"}]
["4.3.13"," 103670 ","SINAPI","LANÇAMENTO COM USO DE BALDES, ADENSAMENTO E ACABAMENTO DE CONCRETO EM ESTRUTURAS. AF_02/2022","m³",8.81,281.31,338.52,{"v":2982.36,"d":"2,982.36"},{"v":0.002386692983809579,"d":"0.24 %"}]
["4.3.14"," 98562 ","SINAPI","IMPERMEABILIZAÇÃO DE SUPERFÍCIE COM ARGAMASSA DE CIMENTO E AREIA, COM ADITIVO IMPERMEABILIZANTE, E = 1,5CM. AF_09/2023","m²",70.06,45.75,55.05,{"v":3856.8,"d":"3,856.80"},{"v":3.0864810083144844E-3,"d":"0.31 %"}]
[5,null,null,"INSTALAÇÕES HIDROSSANITÁRIAS",{"$nulls":4},{"v":104902.13,"d":"104,902.13"},{"v":0.08395001866229442,"d":"8.40 %"}]
["5.1",null,null,"TUBO PVC SOLDÁVEL PARA ÁGUA POTÁVEL",{"$nulls":4},{"v":13551.9,"d":"13,551.90"},{"v":0.010845177861589157,"d":"1.08 %"}]
["5.1.1"," 91788 ","SINAPI","(COMPOSIÇÃO REPRESENTATIVA) DO SERVIÇO DE INSTALAÇÃO DE TUBOS DE PVC, SOLDÁVEL, ÁGUA FRIA, DN 50 MM (INSTALADO EM PRUMADA), INCLUSIVE CONEXÕES, CORTES E FIXAÇÕES, PARA PRÉDIOS. AF_10/2015","M",{"v":52,"d":"52.00"},44.52,53.57,{"v":2785.64,"d":"2,785.64"},{"v":0.002229263886123512,"d":"0.22 %"}]
["5.1.2"," 91787 ","SINAPI","(COMPOSIÇÃO REPRESENTATIVA) DO SERVIÇO DE INSTALAÇÃO DE TUBOS DE PVC, SOLDÁVEL, ÁGUA FRIA, DN 40 MM (INSTALADO EM PRUMADA), INCLUSIVE CONEXÕES, CORTES E FIXAÇÕES, PARA PRÉDIOS. AF_10/2015","M",{"v":6,"d":"6.00"},29.39,35.36,212.16,{"v":1.6978526517423797E-4,"d":"0.02 %"}]
["5.1.3"," 91786 ","SINAPI","(COMPOSIÇÃO REPRESENTATIVA) DO SERVIÇO DE INSTALAÇÃO TUBOS DE PVC, SOLDÁVEL, ÁGUA FRIA, DN 32 MM (INSTALADO EM RAMAL, SUB-RAMAL, RAMAL DE DISTRIBUIÇÃO OU PRUMADA), INCLUSIVE CONEXÕES, CORTES E FIXAÇÕES, PARA PRÉDIOS. AF_10/2015","M",{"v":26,"d":"26.00"},27.28,32.82,853.32,{"v":6.8288632389932474E-4,"d":"0.07 %"}]
["5.1.4"," 91785 ","SINAPI","(COMPOSIÇÃO REPRESENTATIVA) DO SERVIÇO DE INSTALAÇÃO DE TUBOS DE PVC, SOLDÁVEL, ÁGUA FRIA, DN 25 MM (INSTALADO EM RAMAL, SUB-RAMAL, RAMAL DE DISTRIBUIÇÃO OU PRUMADA), INCLUSIVE CONEXÕES, CORTES E FIXAÇÕES, PARA PRÉDIOS. AF_10/2015","M",{"v":75,"d":"75.00"},40.59,48.84,{"v":3663,"d":"3,663.00"},{"v":2.9313886987803245E-3,"d":"0.29 %"}]
["5.1.5"," 91784 ","SINAPI","(COMPOSIÇÃO REPRESENTATIVA) DO SERVIÇO DE INSTALAÇÃO DE TUBOS DE PVC, SOLDÁVEL, ÁGUA FRIA, DN 20 MM (INSTALADO EM RAMAL, SUB-RAMAL OU RAMAL DE DISTRIBUIÇÃO), INCLUSIVE CONEXÕES, CORTES E FIXAÇÕES, PARA PRÉDIOS. AF_10/2015","M",{"v":122,"d":"122.00"},41.13,49.49,{"v":6037.78,"d":"6,037.78"},{"v":4.831853687611758E-3,"d":"0.48 %"}]
["5.2",null,null,"ADAPTADOR CURTO DE PVC PARA REGISTRO",{"$nulls":4},170.86,{"v":1.367341176832122E-4,"d":"0.01 %"}]
["5.2.1"," 89595 ","SINAPI","ADAPTADOR CURTO COM BOLSA E ROSCA PARA REGISTRO, PVC, SOLDÁVEL, DN 50MM X 1.1/4, INSTALADO EM PRUMADA DE ÁGUA - FORNECIMENTO E INSTALAÇÃO. AF_06/2022","UN",{"v":2,"d":"2.00"},11.82,14.22,28.44,{"v":2.2759676383650678E-5,"d":"0.00 %"}]
["5.2.2"," 89383 ","SINAPI","ADAPTADOR CURTO COM BOLSA E ROSCA PARA REGISTRO, PVC, SOLDÁVEL, DN 25MM X 3/4, INSTALADO EM RAMAL OU SUB-RAMAL DE ÁGUA - FORNECIMENTO E INSTALAÇÃO. AF_06/2022","UN",{"v":12,"d":"12.00"},5.75,6.91,82.92,{"v":6.6358381354863369E-5,"d":"0.01 %"}]
["5.2.3"," 89376 ","SINAPI","ADAPTADOR CURTO COM BOLSA E ROSCA PARA REGISTRO, PVC, SOLDÁVEL, DN 20MM X 1/2, INSTALADO EM RAMAL OU SUB-RAMAL DE ÁGUA - FORNECIMENTO E INSTALAÇÃO. AF_06/2022","UN",{"v":10,"d":"10.00"},4.95,5.95,{"v":59.5,"d":"59.50"},{"v":4.7616059944698151E-5,"d":"0.00 %"}]
["5.3",null,null,"REGISTRO DE GAVETA BRUTO",{"$nulls":4},764.61,{"v":6.1189437973639747E-4,"d":"0.06 %"}]
["5.3.1"," 94497 ","SINAPI","REGISTRO DE GAVETA BRUTO, LATÃO, ROSCÁVEL, 1 1/2\" - FORNECIMENTO E INSTALAÇÃO. AF_08/2021","UN",{"v":1,"d":"1.00"},97.74,117.62,117.62,{"v":9.4127747406645311E-5,"d":"0.01 %"}]
["5.3.2"," 94498 ","SINAPI","REGISTRO DE GAVETA BRUTO, LATÃO, ROSCÁVEL, 2\" - FORNECIMENTO E INSTALAÇÃO. AF_08/2021","UN",{"v":2,"d":"2.00"},134.85,162.27,324.54,{"v":2.597195982260897E-4,"d":"0.03 %"}]
["5.3.3"," 94499 ","SINAPI","REGISTRO DE GAVETA BRUTO, LATÃO, ROSCÁVEL, 2 1/2\" - FORNECIMENTO E INSTALAÇÃO. AF_08/2021","UN",{"v":1,"d":"1.00"},267.95,322.45,322.45,{"v":2.5804703410366246E-4,"d":"0.03 %"}]
["5.4",null,null,"REGISTRO DE GAVETA COM ACABAMENTO",{"$nulls":4},686.36,{"v":5.492732588847567E-4,"d":"0.05 %"}]
["5.4.1"," 89987 ","SINAPI","REGISTRO DE GAVETA BRUTO, LATÃO, ROSCÁVEL, 3/4\", COM ACABAMENTO E CANOPLA CROMADOS - FORNECIMENTO E INSTALAÇÃO. AF_08/2021","UN",{"v":2,"d":"2.00"},87.02,104.71,209.42,{"v":1.6759252560703675E-4,"d":"0.02 %"}]
["5.4.2"," 94792 ","SINAPI","REGISTRO DE GAVETA BRUTO, LATÃO, ROSCÁVEL, 1\", COM ACABAMENTO E CANOPLA CROMADOS - FORNECIMENTO E INSTALAÇÃO. AF_08/2021","UN",{"v":1,"d":"1.00"},106.02,127.58,127.58,{"v":1.0209843576041328E-4,"d":"0.01 %"}]
["5.4.3"," 94793 ","SINAPI","REGISTRO DE GAVETA BRUTO, LATÃO, ROSCÁVEL, 1 1/4\", COM ACABAMENTO E CANOPLA CROMADOS - FORNECIMENTO E INSTALAÇÃO. AF_08/2021","UN",{"v":2,"d":"2.00"},145.16,174.68,349.36,{"v":2.7958229751730664E-4,"d":"0.03 %"}]
["5.5",null,null,"REGISTRO DE PRESSÃO COM ACABAMENTO",{"$nulls":4},99.47,{"v":7.9602848448724785E-5,"d":"0.01 %"}]
["5.5.1"," 89985 ","SINAPI","REGISTRO DE PRESSÃO BRUTO, LATÃO, ROSCÁVEL, 3/4\", COM ACABAMENTO E CANOPLA CROMADOS - FORNECIMENTO E INSTALAÇÃO. AF_08/2021","UN",{"v":1,"d":"1.00"},82.66,99.47,99.47,{"v":7.9602848448724785E-5,"d":"0.01 %"}]
["5.6",null,null,"DIVERSOS",{"$nulls":4},{"v":8582.09,"d":"8,582.09"},{"v":0.006867988435139404,"d":"0.69 %"}]
["5.6.1"," 102617 ","SINAPI","CAIXA D´ÁGUA EM POLIÉSTER REFORÇADO COM FIBRA DE VIDRO, 5000 LITROS - FORNECIMENTO E INSTALAÇÃO. AF_06/2021","UN",{"v":1,"d":"1.00"},{"v":3033.13,"d":"3,033.13"},{"v":3650.06,"d":"3,650.06"},{"v":3650.06,"d":"3,650.06"},{"v":2.9210332060797465E-3,"d":"0.29 %"}]
["5.6.2"," 86914 ","SINAPI","TORNEIRA CROMADA 1/2\" OU 3/4\" PARA TANQUE, PADRÃO MÉDIO - FORNECIMENTO E INSTALAÇÃO. AF_01/2020","UN",{"v":5,"d":"5.00"},{"v":93,"d":"93.00"},111.91,559.55,{"v":4.4779103095892185E-4,"d":"0.04 %"}]
["5.6.3"," 9712 ","ORSE","Escada marinheiro sem guarda corpo, L=40cm, executada em barras chata ferro galvanizado 1 1/4\" x 1/4\", sendo os degraus barra redonda ferro galvanizado d=5/8\", espaçados de 30cm, pintada, inclusive instalação","m",{"v":3.5,"d":"3.50"},{"v":1038.13,"d":"1,038.13"},{"v":1249.28,"d":"1,249.28"},{"v":4372.48,"d":"4,372.48"},{"v":3.4991641981007354E-3,"d":"0.35 %"}]
["5.7",null,null,"TUBO PVC SOLDÁVEL PARA ESGOTO",{"$nulls":4},{"v":15482.43,"d":"15,482.43"},{"v":0.012390122940665427,"d":"1.24 %"}]
["5.7.1"," 91792 ","SINAPI","(COMPOSIÇÃO REPRESENTATIVA) DO SERVIÇO DE INSTALAÇÃO DE TUBO DE PVC, SÉRIE NORMAL, ESGOTO PREDIAL, DN 40 MM (INSTALADO EM RAMAL DE DESCARGA OU RAMAL DE ESGOTO SANITÁRIO), INCLUSIVE CONEXÕES, CORTES E FIXAÇÕES, PARA PRÉDIOS. AF_10/2015","M",{"v":24,"d":"24.00"},70.15,84.41,{"v":2025.84,"d":"2,025.84"},{"v":0.001621218804678442,"d":"0.16 %"}]
["5.7.2"," 91793 ","SINAPI","(COMPOSIÇÃO REPRESENTATIVA) DO SERVIÇO DE INSTALAÇÃO DE TUBO DE PVC, SÉRIE NORMAL, ESGOTO PREDIAL, DN 50 MM (INSTALADO EM RAMAL DE DESCARGA OU RAMAL DE ESGOTO SANITÁRIO), INCLUSIVE CONEXÕES, CORTES E FIXAÇÕES PARA, PRÉDIOS. AF_10/2015","M",{"v":50,"d":"50.00"},88.44,106.42,{"v":5321,"d":"5,321.00"},{"v":0.004258236217911577,"d":"0.43 %"}]
["5.7.3"," 91794 ","SINAPI","(COMPOSIÇÃO REPRESENTATIVA) DO SERVIÇO DE INST. TUBO PVC, SÉRIE N, ESGOTO PREDIAL, DN 75 MM, (INST. EM RAMAL DE DESCARGA, RAMAL DE ESG. SANITÁRIO, PRUMADA DE ESG. SANITÁRIO OU VENTILAÇÃO), INCL. CONEXÕES, CORTES E FIXAÇÕES, P/ PRÉDIOS. AF_10/2015","M",{"v":25,"d":"25.00"},41.05,49.39,{"v":1234.75,"d":"1,234.75"},{"v":9.8813327759186614E-4,"d":"0.10 %"}]
["5.7.4"," 91795 ","SINAPI","(COMPOSIÇÃO REPRESENTATIVA) DO SERVIÇO DE INST. TUBO PVC, SÉRIE N, ESGOTO PREDIAL, 100 MM (INST. RAMAL DESCARGA, RAMAL DE ESG. SANIT., PRUMADA ESG. SANIT., VENTILAÇÃO OU SUB-COLETOR AÉREO), INCL. CONEXÕES E CORTES, FIXAÇÕES, P/ PRÉDIOS. AF_10/2015","M",{"v":87,"d":"87.00"},65.92,79.32,{"v":6900.84,"d":"6,900.84"},{"v":5.522534640483542E-3,"d":"0.55 %"}]
["5.8",null,null,"DIVERSOS",{"$nulls":4},{"v":7191.53,"d":"7,191.53"},{"v":0.005755165102085631,"d":"0.58 %"}]
["5.8.1"," 89707 ","SINAPI","CAIXA SIFONADA, PVC, DN 100 X 100 X 50 MM, JUNTA ELÁSTICA, FORNECIDA E INSTALADA EM RAMAL DE DESCARGA OU EM RAMAL DE ESGOTO SANITÁRIO. AF_08/2022","UN",{"v":6,"d":"6.00"},{"v":38.4,"d":"38.40"},46.21,277.26,{"v":0.000221882836643143,"d":"0.02 %"}]
["5.8.2"," 89709 ","SINAPI","RALO SIFONADO, PVC, DN 100 X 40 MM, JUNTA SOLDÁVEL, FORNECIDO E INSTALADO EM RAMAL DE DESCARGA OU EM RAMAL DE ESGOTO SANITÁRIO. AF_08/2022","UN",{"v":1,"d":"1.00"},16.53,19.89,19.89,{"v":1.5917368610084808E-5,"d":"0.00 %"}]
["5.8.3"," 98110 ","SINAPI","CAIXA DE GORDURA PEQUENA (CAPACIDADE: 19 L), CIRCULAR, EM PVC, DIÂMETRO INTERNO= 0,3 M. AF_12/2020","UN",{"v":1,"d":"1.00"},275.67,331.74,331.74,{"v":2.6548154161435572E-4,"d":"0.03 %"}]
["5.8.4"," COMP-72290 ","Próprio","Caixa de inspeção em alvenaria (90 x 90 x 120 cm) [ADAPTADO DE SINAPI 72290]","UN",{"v":7,"d":"7.00"},779.06,937.52,{"v":6562.64,"d":"6,562.64"},{"v":0.005251883355218048,"d":"0.53 %"}]
["5.9",null,null,"FOSSA SÉPTICA E SUMIDOURO",{"$nulls":4},{"v":37439.6,"d":"37,439.60"},{"v":0.029961785511017157,"d":"3.00 %"}]
["5.9.1"," 98087 ","SINAPI","TANQUE SÉPTICO RETANGULAR, EM ALVENARIA COM BLOCOS DE CONCRETO, DIMENSÕES INTERNAS: 1,6 X 4,6 X H=2,4 M, VOLUME ÚTIL: 14720 L (PARA 105 CONTRIBUINTES). AF_12/2020","UN",{"v":1,"d":"1.00"},{"v":10170.19,"d":"10,170.19"},{"v":12238.8,"d":"12,238.80"},{"v":12238.8,"d":"12,238.80"},{"v":0.009794343436154146,"d":"0.98 %"}]
["5.9.2"," 98093 ","SINAPI","FILTRO ANAERÓBIO RETANGULAR, EM ALVENARIA COM BLOCOS DE CONCRETO, DIMENSÕES INTERNAS: 1,6 X 5,6 X H=1,67 M, VOLUME ÚTIL: 10752 L (PARA 103 CONTRIBUINTES). AF_12/2020","UN",{"v":1,"d":"1.00"},{"v":12747.13,"d":"12,747.13"},{"v":15339.89,"d":"15,339.89"},{"v":15339.89,"d":"15,339.89"},{"v":0.012276052466976061,"d":"1.23 %"}]
["5.9.3"," 98101 ","SINAPI","SUMIDOURO RETANGULAR, EM ALVENARIA COM BLOCOS DE CONCRETO, DIMENSÕES INTERNAS: 1,6 X 5,8 X H=3,0 M, ÁREA DE INFILTRAÇÃO: 50 M² (PARA 20 CONTRIBUINTES). . AF_12/2020","UN",{"v":1,"d":"1.00"},{"v":8194.21,"d":"8,194.21"},{"v":9860.91,"d":"9,860.91"},{"v":9860.91,"d":"9,860.91"},{"v":0.007891389607886948,"d":"0.79 %"}]
["5.10",null,null,"LOUÇAS",{"$nulls":4},{"v":13890.32,"d":"13,890.32"},{"v":0.011116005206235959,"d":"1.11 %"}]
["5.10.1"," 3660 ","ORSE","Vaso sanitário convencional, linha versato 07303, CELITE ou similar, inclusive assento CELITE versato 07983 ou similar, conjunto de fixação DECA SP13 ou similar, anel de vedação, tubo de ligação cromado e engate plástico, exceto cxdescarga","un",{"v":5,"d":"5.00"},536.39,645.49,{"v":3227.45,"d":"3,227.45"},{"v":2.5828311372859836E-3,"d":"0.26 %"}]
["5.10.2"," 9017 ","ORSE","Vaso sanitario c/caixa de descarga acoplada, c/saída horizontal, linha ravena, DECA ou similar, inclusive assento ASTRA TPK ou similar, conj. de fixação DECA SP13 ou similar, anel de vedação e engate plástico","un",{"v":3,"d":"3.00"},418.94,504.15,{"v":1512.45,"d":"1,512.45"},{"v":1.2103682329976254E-3,"d":"0.12 %"}]
["5.10.3"," 100858 ","SINAPI","MICTÓRIO SIFONADO LOUÇA BRANCA - PADRÃO MÉDIO - FORNECIMENTO E INSTALAÇÃO. AF_01/2020","UN",{"v":1,"d":"1.00"},607.28,{"v":730.8,"d":"730.80"},{"v":730.8,"d":"730.80"},{"v":5.8483725390899848E-4,"d":"0.06 %"}]
["5.10.4"," 86941 ","SINAPI","LAVATÓRIO LOUÇA BRANCA COM COLUNA, 45 X 55CM OU EQUIVALENTE, PADRÃO MÉDIO, INCLUSO SIFÃO TIPO GARRAFA, VÁLVULA E ENGATE FLEXÍVEL DE 40CM EM METAL CROMADO, COM TORNEIRA CROMADA DE MESA, PADRÃO MÉDIO - FORNECIMENTO E INSTALAÇÃO. AF_01/2020","UN",{"v":3,"d":"3.00"},729.33,877.67,{"v":2633.01,"d":"2,633.01"},{"v":0.002107118688991423,"d":"0.21 %"}]
["5.10.5"," 86943 ","SINAPI","LAVATÓRIO LOUÇA BRANCA SUSPENSO, 29,5 X 39CM OU EQUIVALENTE, PADRÃO POPULAR, INCLUSO SIFÃO FLEXÍVEL EM PVC, VÁLVULA E ENGATE FLEXÍVEL 30CM EM PLÁSTICO E TORNEIRA CROMADA DE MESA, PADRÃO POPULAR - FORNECIMENTO E INSTALAÇÃO. AF_01/2020","UN",{"v":2,"d":"2.00"},228.14,274.54,549.08,{"v":0.000439412204948485,"d":"0.04 %"}]
["5.10.6"," 2010 ","ORSE","Cuba de embutir oval (deca linha ref l37)  p/ instalação em bancadas, c/ sifão cromado (deca ref c1680) , engate cromado (deca) ou similares","un",{"v":6,"d":"6.00"},{"v":491.9,"d":"491.90"},591.95,{"v":3551.7,"d":"3,551.70"},{"v":0.002842318657236713,"d":"0.28 %"}]
["5.10.7"," 86919 ","SINAPI","TANQUE DE LOUÇA BRANCA COM COLUNA, 30L OU EQUIVALENTE, INCLUSO SIFÃO FLEXÍVEL EM PVC, VÁLVULA METÁLICA E TORNEIRA DE METAL CROMADO PADRÃO MÉDIO - FORNECIMENTO E INSTALAÇÃO. AF_01/2020","UN",{"v":1,"d":"1.00"},804.25,967.83,967.83,{"v":7.7452523187020519E-4,"d":"0.08 %"}]
["5.10.8"," 95544 ","SINAPI","PAPELEIRA DE PAREDE EM METAL CROMADO SEM TAMPA, INCLUSO FIXAÇÃO. AF_01/2020","UN",{"v":8,"d":"8.00"},32.08,{"v":38.6,"d":"38.60"},{"v":308.8,"d":"308.80"},{"v":2.471233497634082E-4,"d":"0.02 %"}]
["5.10.9"," 13379 ","ORSE","Cabide de louça, DECA A.680.17 ou similar","un",{"v":3,"d":"3.00"},81.47,98.04,294.12,{"v":2.3537538741066587E-4,"d":"0.02 %"}]
["5.10.10"," 100860 ","SINAPI","CHUVEIRO ELÉTRICO COMUM CORPO PLÁSTICO, TIPO DUCHA - FORNECIMENTO E INSTALAÇÃO. AF_01/2020","UN",{"v":1,"d":"1.00"},95.63,115.08,115.08,{"v":9.2095061822451474E-5,"d":"0.01 %"}]
["5.11",null,null,"METAIS",{"$nulls":4},{"v":7042.96,"d":"7,042.96"},{"v":5.636269000808593E-3,"d":"0.56 %"}]
["5.11.1"," 3696 ","ORSE","Torneira cromada para pia de cozinha, de mesa, com articulador, 1/2\", ref. 1167, da Deca ou similar","un",{"v":2,"d":"2.00"},131.08,157.74,315.48,{"v":0.000252469152795855,"d":"0.03 %"}]
["5.11.2"," 99635 ","SINAPI","VÁLVULA DE DESCARGA METÁLICA, BASE 1 1/2\", ACABAMENTO METALICO CROMADO - FORNECIMENTO E INSTALAÇÃO. AF_08/2021","UN",{"v":5,"d":"5.00"},286.18,344.38,{"v":1721.9,"d":"1,721.90"},{"v":1.3779847667021133E-3,"d":"0.14 %"}]
["5.11.3"," 95547 ","SINAPI","SABONETEIRA PLASTICA TIPO DISPENSER PARA SABONETE LIQUIDO COM RESERVATORIO 800 A 1500 ML, INCLUSO FIXAÇÃO. AF_01/2020","UN",{"v":9,"d":"9.00"},82.94,{"v":99.8,"d":"99.80"},{"v":898.2,"d":"898.20"},{"v":7.1880243768618281E-4,"d":"0.07 %"}]
["5.11.4"," 86936 ","SINAPI","CUBA DE EMBUTIR DE AÇO INOXIDÁVEL MÉDIA, INCLUSO VÁLVULA TIPO AMERICANA E SIFÃO TIPO GARRAFA EM METAL CROMADO - FORNECIMENTO E INSTALAÇÃO. AF_01/2020","UN",{"v":2,"d":"2.00"},441.46,531.25,{"v":1062.5,"d":"1,062.50"},{"v":8.5028678472675266E-4,"d":"0.09 %"}]
["5.11.5"," 100868 ","SINAPI","BARRA DE APOIO RETA, EM ACO INOX POLIDO, COMPRIMENTO 80 CM, FIXADA NA PAREDE - FORNECIMENTO E INSTALAÇÃO. AF_01/2020","UN",{"v":6,"d":"6.00"},283.88,341.62,{"v":2049.72,"d":"2,049.72"},{"v":0.001640329250249524,"d":"0.16 %"}]
["5.11.6"," 12127 ","ORSE","Barra de apoio, para lavatório, tres lados, fixa, em aço inox, l= 40x 60cm, d=1 1/4\", Jackwal ou similar","un",{"v":2,"d":"2.00"},413.48,497.58,995.16,{"v":7.9639660864816485E-4,"d":"0.08 %"}]
[6,null,null,"INSTALAÇÕES ELÉTRICAS E TELEFÔNICAS (220V)",{"$nulls":4},{"v":80303.72,"d":"80,303.72"},{"v":0.06426465118155052,"d":"6.43 %"}]
["6.1",null,null,"ELETRODUTO DE PVC RÍGIDO",{"$nulls":4},{"v":9588.2,"d":"9,588.20"},{"v":0.007673147999357223,"d":"0.77 %"}]
["6.1.1"," 91865 ","SINAPI","ELETRODUTO RÍGIDO ROSCÁVEL, PVC, DN 40 MM (1 1/4\"), PARA CIRCUITOS TERMINAIS, INSTALADO EM FORRO - FORNECIMENTO E INSTALAÇÃO. AF_03/2023","M",{"v":400,"d":"400.00"},17.23,20.73,{"v":8292,"d":"8,292.00"},{"v":0.006635838135486337,"d":"0.66 %"}]
["6.1.2"," 91864 ","SINAPI","ELETRODUTO RÍGIDO ROSCÁVEL, PVC, DN 32 MM (1\"), PARA CIRCUITOS TERMINAIS, INSTALADO EM FORRO - FORNECIMENTO E INSTALAÇÃO. AF_03/2023","M",{"v":30,"d":"30.00"},13.78,16.58,{"v":497.4,"d":"497.40"},{"v":3.9805425573937576E-4,"d":"0.04 %"}]
["6.1.3"," 93008 ","SINAPI","ELETRODUTO RÍGIDO ROSCÁVEL, PVC, DN 50 MM (1 1/2\"), PARA REDE ENTERRADA DE DISTRIBUIÇÃO DE ENERGIA ELÉTRICA - FORNECIMENTO E INSTALAÇÃO. AF_12/2021","M",{"v":40,"d":"40.00"},{"v":16.6,"d":"16.60"},19.97,{"v":798.8,"d":"798.80"},{"v":6.3925560813151057E-4,"d":"0.06 %"}]
["6.2",null,null,"FIOS E CABOS",{"$nulls":4},{"v":31566,"d":"31,566.00"},{"v":0.025261320138056164,"d":"2.53 %"}]
["6.2.1"," 91924 ","SINAPI","CABO DE COBRE FLEXÍVEL ISOLADO, 1,5 MM², ANTI-CHAMA 450/750 V, PARA CIRCUITOS TERMINAIS - FORNECIMENTO E INSTALAÇÃO. AF_03/2023","M",{"v":1800,"d":"1,800.00"},2.88,3.46,{"v":6228,"d":"6,228.00"},{"v":0.004984081030850085,"d":"0.50 %"}]
["6.2.2"," 91926 ","SINAPI","CABO DE COBRE FLEXÍVEL ISOLADO, 2,5 MM², ANTI-CHAMA 450/750 V, PARA CIRCUITOS TERMINAIS - FORNECIMENTO E INSTALAÇÃO. AF_03/2023","M",{"v":3000,"d":"3,000.00"},4.19,5.04,{"v":15120,"d":"15,120.00"},{"v":0.012100081115358588,"d":"1.21 %"}]
["6.2.3"," 91928 ","SINAPI","CABO DE COBRE FLEXÍVEL ISOLADO, 4 MM², ANTI-CHAMA 450/750 V, PARA CIRCUITOS TERMINAIS - FORNECIMENTO E INSTALAÇÃO. AF_03/2023","M",{"v":150,"d":"150.00"},6.53,7.85,{"v":1177.5,"d":"1,177.50"},{"v":9.4231782495600121E-4,"d":"0.09 %"}]
["6.2.4"," 91930 ","SINAPI","CABO DE COBRE FLEXÍVEL ISOLADO, 6 MM², ANTI-CHAMA 450/750 V, PARA CIRCUITOS TERMINAIS - FORNECIMENTO E INSTALAÇÃO. AF_03/2023","M",{"v":300,"d":"300.00"},9.14,10.99,{"v":3297,"d":"3,297.00"},{"v":0.002638489909876803,"d":"0.26 %"}]
["6.2.5"," 92979 ","SINAPI","CABO DE COBRE FLEXÍVEL ISOLADO, 10 MM², ANTI-CHAMA 450/750 V, PARA DISTRIBUIÇÃO - FORNECIMENTO E INSTALAÇÃO. AF_10/2020","M",{"v":150,"d":"150.00"},10.95,13.17,{"v":1975.5,"d":"1,975.50"},{"v":1.5809332171554823E-3,"d":"0.16 %"}]
["6.2.6"," 92981 ","SINAPI","CABO DE COBRE FLEXÍVEL ISOLADO, 16 MM², ANTI-CHAMA 450/750 V, PARA DISTRIBUIÇÃO - FORNECIMENTO E INSTALAÇÃO. AF_10/2020","M",{"v":200,"d":"200.00"},15.66,18.84,{"v":3768,"d":"3,768.00"},{"v":0.003015417039859204,"d":"0.30 %"}]
["6.3",null,null,"CABO TELEFÔNICO",{"$nulls":4},{"v":1200.5,"d":"1,200.50"},{"v":9.6072403300185086E-4,"d":"0.10 %"}]
["6.3.1"," C0560 ","SEINFRA","CABO TELEFÔNICO CCE - 2","M",{"v":70,"d":"70.00"},10.86,13.06,{"v":914.2,"d":"914.20"},{"v":7.3160675632677388E-4,"d":"0.07 %"}]
["6.3.2"," 98281 ","SINAPI","CABO TELEFÔNICO CCI-50 2 PARES, SEM BLINDAGEM, INSTALADO EM DISTRIBUIÇÃO DE EDIFICAÇÃO RESIDENCIAL - FORNECIMENTO E INSTALAÇÃO. AF_08/2025","M",{"v":35,"d":"35.00"},{"v":6.8,"d":"6.80"},8.18,{"v":286.3,"d":"286.30"},{"v":2.2911727667507698E-4,"d":"0.02 %"}]
["6.4",null,null,"INTERRUPTOR",{"$nulls":4},{"v":1194.24,"d":"1,194.24"},{"v":9.5571434333371961E-4,"d":"0.10 %"}]
["6.4.1"," 91953 ","SINAPI","INTERRUPTOR SIMPLES (1 MÓDULO), 10A/250V, INCLUINDO SUPORTE E PLACA - FORNECIMENTO E INSTALAÇÃO. AF_03/2023","UN",{"v":24,"d":"24.00"},26.35,{"v":31.7,"d":"31.70"},{"v":760.8,"d":"760.80"},{"v":6.088453513601067E-4,"d":"0.06 %"}]
["6.4.2"," 91959 ","SINAPI","INTERRUPTOR SIMPLES (2 MÓDULOS), 10A/250V, INCLUINDO SUPORTE E PLACA - FORNECIMENTO E INSTALAÇÃO. AF_03/2023","UN",{"v":9,"d":"9.00"},40.02,48.16,433.44,{"v":3.4686899197361286E-4,"d":"0.03 %"}]
["6.5",null,null,"TOMADAS DE TELEFONE DE EMBUTIR",{"$nulls":4},{"v":301,"d":"301.00"},{"v":2.4088124442612005E-4,"d":"0.02 %"}]
["6.5.1"," 788 ","ORSE","Tomada para telefone, com caixa pvc, embutida","un",{"v":7,"d":"7.00"},35.74,{"v":43,"d":"43.00"},{"v":301,"d":"301.00"},{"v":2.4088124442612005E-4,"d":"0.02 %"}]
["6.6",null,null,"TOMADAS ELÉTRICAS DE EMBUTIR",{"$nulls":4},{"v":2146.61,"d":"2,146.61"},{"v":1.7178674023174535E-3,"d":"0.17 %"}]
["6.6.1"," 92000 ","SINAPI","TOMADA BAIXA DE EMBUTIR (1 MÓDULO), 2P+T 10 A, INCLUINDO SUPORTE E PLACA - FORNECIMENTO E INSTALAÇÃO. AF_03/2023","UN",{"v":57,"d":"57.00"},27.58,33.18,{"v":1891.26,"d":"1,891.26"},{"v":1.5135184795127701E-3,"d":"0.15 %"}]
["6.6.2"," 92008 ","SINAPI","TOMADA BAIXA DE EMBUTIR (2 MÓDULOS), 2P+T 10 A, INCLUINDO SUPORTE E PLACA - FORNECIMENTO E INSTALAÇÃO. AF_03/2023","UN",{"v":5,"d":"5.00"},42.44,51.07,255.35,{"v":2.0434892280468355E-4,"d":"0.02 %"}]
["6.7",null,null,"CAIXA DE EMBUTIR DE PVC",{"$nulls":4},{"v":1856.36,"d":"1,856.36"},{"v":1.4855890594779808E-3,"d":"0.15 %"}]
["6.7.1"," 91940 ","SINAPI","CAIXA RETANGULAR 4\" X 2\" MÉDIA (1,30 M DO PISO), PVC, INSTALADA EM PAREDE - FORNECIMENTO E INSTALAÇÃO. AF_03/2023","UN",{"v":30,"d":"30.00"},15.76,18.96,{"v":568.8,"d":"568.80"},{"v":4.5519352767301358E-4,"d":"0.05 %"}]
["6.7.2"," 91944 ","SINAPI","CAIXA RETANGULAR 4\" X 4\" BAIXA (0,30 M DO PISO), PVC, INSTALADA EM PAREDE - FORNECIMENTO E INSTALAÇÃO. AF_03/2023","UN",{"v":5,"d":"5.00"},11.19,13.46,{"v":67.3,"d":"67.30"},{"v":5.3858165281986311E-5,"d":"0.01 %"}]
["6.7.3"," 91936 ","SINAPI","CAIXA OCTOGONAL 4\" X 4\", PVC, INSTALADA EM LAJE - FORNECIMENTO E INSTALAÇÃO. AF_03/2023","UN",{"v":74,"d":"74.00"},13.71,16.49,{"v":1220.26,"d":"1,220.26"},{"v":9.7653736652298089E-4,"d":"0.10 %"}]
["6.8",null,null,"QDL - BLOCO ADMINISTRATIVO - 380 / 220 VOLTS",{"$nulls":4},{"v":1357.65,"d":"1,357.65"},{"v":1.0864864501499065E-3,"d":"0.11 %"}]
["6.8.1"," 101883 ","SINAPI","QUADRO DE DISTRIBUIÇÃO DE ENERGIA EM CHAPA DE AÇO GALVANIZADO, DE EMBUTIR, COM BARRAMENTO TRIFÁSICO, PARA 18 DISJUNTORES DIN 100A - FORNECIMENTO E INSTALAÇÃO. AF_07/2025","UN",{"v":1,"d":"1.00"},{"v":437.5,"d":"437.50"},526.48,526.48,{"v":4.2132610486865008E-4,"d":"0.04 %"}]
["6.8.2"," 101894 ","SINAPI","DISJUNTOR TRIPOLAR TIPO NEMA, CORRENTE NOMINAL DE 60 ATÉ 100A - FORNECIMENTO E INSTALAÇÃO. AF_07/2025","UN",{"v":1,"d":"1.00"},122.04,146.86,146.86,{"v":1.1752763972232554E-4,"d":"0.01 %"}]
["6.8.3"," 93654 ","SINAPI","DISJUNTOR MONOPOLAR TIPO DIN, CORRENTE NOMINAL DE 16A - FORNECIMENTO E INSTALAÇÃO. AF_07/2025","UN",{"v":3,"d":"3.00"},9.05,10.89,32.67,{"v":2.6144818124256948E-5,"d":"0.00 %"}]
["6.8.4"," 93655 ","SINAPI","DISJUNTOR MONOPOLAR TIPO DIN, CORRENTE NOMINAL DE 20A - FORNECIMENTO E INSTALAÇÃO. AF_07/2025","UN",{"v":3,"d":"3.00"},9.86,11.86,35.58,{"v":2.8473603577014456E-5,"d":"0.00 %"}]
["6.8.5"," 93671 ","SINAPI","DISJUNTOR TRIPOLAR TIPO DIN, CORRENTE NOMINAL DE 32A - FORNECIMENTO E INSTALAÇÃO. AF_07/2025","UN",{"v":1,"d":"1.00"},62.31,74.98,74.98,{"v":6.0004238229470036E-5,"d":"0.01 %"}]
["6.8.6"," 93673 ","SINAPI","DISJUNTOR TRIPOLAR TIPO DIN, CORRENTE NOMINAL DE 50A - FORNECIMENTO E INSTALAÇÃO. AF_07/2025","UN",{"v":1,"d":"1.00"},{"v":76.4,"d":"76.40"},91.93,91.93,{"v":7.3568813289346226E-5,"d":"0.01 %"}]
["6.8.7"," 00039463 ","SINAPI","DISPOSITIVO DR, 4 POLOS, SENSIBILIDADE DE 300 MA, CORRENTE DE 80 A, TIPO AC","UN",{"v":1,"d":"1.00"},373.24,449.15,449.15,{"v":3.5944123233884326E-4,"d":"0.04 %"}]
["6.9",null,null,"QDL - BLOCO PEDAGÓGICO - 380 / 220 VOLTS",{"$nulls":4},723.21,{"v":0.000578763205253868,"d":"0.06 %"}]
["6.9.1"," 101883 ","SINAPI","QUADRO DE DISTRIBUIÇÃO DE ENERGIA EM CHAPA DE AÇO GALVANIZADO, DE EMBUTIR, COM BARRAMENTO TRIFÁSICO, PARA 18 DISJUNTORES DIN 100A - FORNECIMENTO E INSTALAÇÃO. AF_07/2025","UN",{"v":1,"d":"1.00"},{"v":437.5,"d":"437.50"},526.48,526.48,{"v":4.2132610486865008E-4,"d":"0.04 %"}]
["6.9.2"," 93673 ","SINAPI","DISJUNTOR TRIPOLAR TIPO DIN, CORRENTE NOMINAL DE 50A - FORNECIMENTO E INSTALAÇÃO. AF_07/2025","UN",{"v":1,"d":"1.00"},{"v":76.4,"d":"76.40"},91.93,91.93,{"v":7.3568813289346226E-5,"d":"0.01 %"}]
["6.9.3"," 93654 ","SINAPI","DISJUNTOR MONOPOLAR TIPO DIN, CORRENTE NOMINAL DE 16A - FORNECIMENTO E INSTALAÇÃO. AF_07/2025","UN",{"v":2,"d":"2.00"},9.05,10.89,21.78,{"v":1.7429878749504632E-5,"d":"0.00 %"}]
["6.9.4"," 93655 ","SINAPI","DISJUNTOR MONOPOLAR TIPO DIN, CORRENTE NOMINAL DE 20A - FORNECIMENTO E INSTALAÇÃO. AF_07/2025","UN",{"v":7,"d":"7.00"},9.86,11.86,83.02,{"v":6.6438408346367059E-5,"d":"0.01 %"}]
["6.10",null,null,"QDL - BLOCO DE SERVIÇO - 380 / 220 VOLTS",{"$nulls":4},515.62,{"v":4.1263517359134888E-4,"d":"0.04 %"}]
["6.10.1"," 101875 ","SINAPI","QUADRO DE DISTRIBUIÇÃO DE ENERGIA EM CHAPA DE AÇO GALVANIZADO, DE EMBUTIR, COM BARRAMENTO TRIFÁSICO, PARA 12 DISJUNTORES DIN 100A - FORNECIMENTO E INSTALAÇÃO. AF_07/2025","UN",{"v":1,"d":"1.00"},326.73,393.18,393.18,{"v":3.1465012519422552E-4,"d":"0.03 %"}]
["6.10.2"," 93671 ","SINAPI","DISJUNTOR TRIPOLAR TIPO DIN, CORRENTE NOMINAL DE 32A - FORNECIMENTO E INSTALAÇÃO. AF_07/2025","UN",{"v":1,"d":"1.00"},62.31,74.98,74.98,{"v":6.0004238229470036E-5,"d":"0.01 %"}]
["6.10.3"," 93654 ","SINAPI","DISJUNTOR MONOPOLAR TIPO DIN, CORRENTE NOMINAL DE 16A - FORNECIMENTO E INSTALAÇÃO. AF_07/2025","UN",{"v":1,"d":"1.00"},9.05,10.89,10.89,{"v":8.7149393747523161E-6,"d":"0.00 %"}]
["6.10.4"," 93655 ","SINAPI","DISJUNTOR MONOPOLAR TIPO DIN, CORRENTE NOMINAL DE 20A - FORNECIMENTO E INSTALAÇÃO. AF_07/2025","UN",{"v":2,"d":"2.00"},9.86,11.86,23.72,{"v":1.8982402384676305E-5,"d":"0.00 %"}]
["6.10.5"," 93656 ","SINAPI","DISJUNTOR MONOPOLAR TIPO DIN, CORRENTE NOMINAL DE 25A - FORNECIMENTO E INSTALAÇÃO. AF_07/2025","UN",{"v":1,"d":"1.00"},10.68,12.85,12.85,{"v":1.0283468408224727E-5,"d":"0.00 %"}]
["6.11",null,null,"CAIXA DE PASSAGEM EM ALVENARIA",{"$nulls":4},{"v":2590.7,"d":"2,590.70"},{"v":2.0732592688862098E-3,"d":"0.21 %"}]
["6.11.1"," 2797 ","ORSE","Caixa de passagem em alvenaria de tijolos maciços esp. = 0,12m,  dim. int. = 0.60 x 0.60 x 0.60m","un",{"v":5,"d":"5.00"},430.57,518.14,{"v":2590.7,"d":"2,590.70"},{"v":2.0732592688862098E-3,"d":"0.21 %"}]
["6.12",null,null,"CAIXA DE DISTRIBUIÇÃO GERAL DE TELEFONE",{"$nulls":4},76.53,{"v":6.12446565977773E-5,"d":"0.01 %"}]
["6.12.1"," 100560 ","SINAPI","QUADRO DE DISTRIBUIÇÃO PARA TELEFONE N.2, 20X20X12CM EM CHAPA METÁLICA, DE EMBUTIR, SEM ACESSÓRIOS, PADRÃO TELEBRAS - FORNECIMENTO E INSTALAÇÃO. AF_08/2025","UN",{"v":1,"d":"1.00"},{"v":63.6,"d":"63.60"},76.53,76.53,{"v":6.12446565977773E-5,"d":"0.01 %"}]
["6.13",null,null,"LUMINÁRIAS",{"$nulls":4},{"v":7161.86,"d":"7,161.86"},{"v":0.005731421093706486,"d":"0.57 %"}]
["6.13.1"," 13598 ","ORSE","Painel slim Led quadrado de sobrepor autovolt, potência 24W, 4000K, ângulo de120°","un",{"v":94,"d":"94.00"},63.32,76.19,{"v":7161.86,"d":"7,161.86"},{"v":0.005731421093706486,"d":"0.57 %"}]
["6.14",null,null,"SISTEMA DE PROTEÇÃO CONTRA DESCARGA ATMOSFÉRICAS",{"$nulls":4},{"v":20025.24,"d":"20,025.24"},{"v":0.016025597113394404,"d":"1.60 %"}]
["6.14.1"," 104743 ","SINAPI","CORDOALHA DE COBRE NU 35 MM², NÃO ENTERRADA, COM PRESILHA - FORNECIMENTO E INSTALAÇÃO. AF_08/2023","M",327.95,{"v":48.3,"d":"48.30"},58.12,{"v":19060.45,"d":"19,060.45"},{"v":0.015253504702065913,"d":"1.53 %"}]
["6.14.2"," 10272 ","ORSE","Terminal aéreo base dupla galvanizada 25mm - fornecimento","un",{"v":42,"d":"42.00"},11.64,{"v":14,"d":"14.00"},{"v":588,"d":"588.00"},{"v":4.7055871004172289E-4,"d":"0.05 %"}]
["6.14.3"," 10907 ","ORSE","Conector cabo-haste em bronze natural para 2 cabos cobre de 16mm² a 70mm² comgrampo \"U\" e porcas de aço galv.Ref:TEL-583 ou similar - fornecimento e instalação","un",{"v":28,"d":"28.00"},8.23,{"v":9.9,"d":"9.90"},{"v":277.2,"d":"277.20"},{"v":2.2183482044824078E-4,"d":"0.02 %"}]
["6.14.4"," 96989 ","SINAPI","CAPTOR TIPO FRANKLIN PARA SPDA - FORNECIMENTO E INSTALAÇÃO. AF_08/2023","UN",{"v":1,"d":"1.00"},82.76,99.59,99.59,{"v":7.9698880838529213E-5,"d":"0.01 %"}]
[7,null,null,"PAREDES E PAINÉIS",{"$nulls":4},{"v":43113.17,"d":"43,113.17"},{"v":0.03450217289287331,"d":"3.45 %"}]
["7.1",null,null,"ALVENARIA",{"$nulls":4},{"v":23181.29,"d":"23,181.29"},{"v":0.018551288978746753,"d":"1.86 %"}]
["7.1.1"," 103328 ","SINAPI","ALVENARIA DE VEDAÇÃO DE BLOCOS CERÂMICOS FURADOS NA HORIZONTAL DE 9X19X19 CM (ESPESSURA 9 CM) E ARGAMASSA DE ASSENTAMENTO COM PREPARO EM BETONEIRA. AF_12/2021","m²",86.62,85.41,102.78,{"v":8902.8,"d":"8,902.80"},{"v":0.007124642999590902,"d":"0.71 %"}]
["7.1.2"," 93183 ","SINAPI","VERGA PRÉ-MOLDADA PARA JANELAS COM MAIS DE 1,5 M DE VÃO. AF_03/2016","M",108.82,51.75,62.27,{"v":6776.22,"d":"6,776.22"},{"v":0.005422805003671639,"d":"0.54 %"}]
["7.1.3"," 97622 ","SINAPI","DEMOLIÇÃO DE ALVENARIA DE BLOCO FURADO, DE FORMA MANUAL, SEM REAPROVEITAMENTO. AF_09/2023","m³",80.14,54.43,{"v":65.5,"d":"65.50"},{"v":5249.17,"d":"5,249.17"},{"v":0.004200752829914473,"d":"0.42 %"}]
["7.1.4"," C1247 ","SEINFRA","ENTELAMENTO PREVENTIVO DE SUPERFÍCIE SUJEITA A TRINCAS P/RETRAÇÃO OU DILATAÇÃO TELA LARG.= 25cm","M",135.36,5.77,6.94,939.39,{"v":7.5176555548655448E-4,"d":"0.08 %"}]
["7.1.5"," ED-50234 ","SETOP","COSTURA DE TRINCA COM GRAMPO, BARRA DE AÇO CA 60 Ø4,2MM, COMPRIMENTO TOTAL 40CM, ESPAÇAMENTO DE 30CM, INCLUSIVE CORTE, DOBRA E ARGAMASSA, TRAÇO 1:4 (CIMENTO E AREIA), COM PREPARO MECANIZADO","m",{"v":12.6,"d":"12.60"},17.34,20.86,262.83,{"v":2.103349417691599E-4,"d":"0.02 %"}]
["7.1.6"," 98575 ","SINAPI","TRATAMENTO DE JUNTA DE DILATAÇÃO, COM TARUGO DE POLIETILENO E SELANTE PU, INCLUSO PREENCHIMENTO COM ESPUMA EXPANSIVA PU. AF_09/2023","M",{"v":12.8,"d":"12.80"},68.23,{"v":82.1,"d":"82.10"},{"v":1050.88,"d":"1,050.88"},{"v":8.4098764831402331E-4,"d":"0.08 %"}]
["7.2",null,null,"DIVISÓRIA",{"$nulls":4},{"v":6003.22,"d":"6,003.22"},{"v":4.804196359348081E-3,"d":"0.48 %"}]
["7.2.1"," C4070 ","SEINFRA","DIVISÓRIA DE GRANITO CINZA E=2cm","m²",11.32,440.69,530.32,{"v":6003.22,"d":"6,003.22"},{"v":4.804196359348081E-3,"d":"0.48 %"}]
["7.3",null,null,"ELEMENTO VAZADO",{"$nulls":4},{"v":6665.61,"d":"6,665.61"},{"v":0.005334287148369402,"d":"0.53 %"}]
["7.3.1"," 101161 ","SINAPI","ALVENARIA DE VEDAÇÃO COM ELEMENTO VAZADO DE CONCRETO (COBOGÓ) DE 7X50X50CM E ARGAMASSA DE ASSENTAMENTO COM PREPARO EM BETONEIRA. AF_05/2020","m²",24.64,{"v":224.8,"d":"224.80"},270.52,{"v":6665.61,"d":"6,665.61"},{"v":0.005334287148369402,"d":"0.53 %"}]
["7.4",null,null,"PEITORIS DE GRANITO",{"$nulls":4},{"v":7263.05,"d":"7,263.05"},{"v":0.005812400406409074,"d":"0.58 %"}]
["7.4.1"," 101965 ","SINAPI","PEITORIL LINEAR EM GRANITO OU MÁRMORE, L = 15CM, ASSENTADO COM ARGAMASSA 1:6 COM ADITIVO. AF_11/2020","M",{"v":47,"d":"47.00"},123.34,148.42,{"v":6975.74,"d":"6,975.74"},{"v":0.00558247485711981,"d":"0.56 %"}]
["7.4.2"," 8228 ","ORSE","Peitoril granito cinza polido, esp = 2 cm","m²",{"v":0.9,"d":"0.90"},265.29,319.24,287.31,{"v":2.2992554928926429E-4,"d":"0.02 %"}]
[8,null,null,"ESQUADRIAS",{"$nulls":4},{"v":81779.38,"d":"81,779.38"},{"v":0.06544557748437393,"d":"6.54 %"}]
["8.1",null,null,"MADEIRA",{"$nulls":4},{"v":31216.24,"d":"31,216.24"},{"v":0.02498141773257284,"d":"2.50 %"}]
["8.1.1"," 90842 ","SINAPI","KIT DE PORTA DE MADEIRA PARA PINTURA, SEMI-OCA (LEVE OU MÉDIA), PADRÃO MÉDIO, 70X210CM, ESPESSURA DE 3,5CM, ITENS INCLUSOS: DOBRADIÇAS, MONTAGEM E INSTALAÇÃO DO BATENTE, FECHADURA COM EXECUÇÃO DO FURO - FORNECIMENTO E INSTALAÇÃO. AF_12/2019","UN",{"v":6,"d":"6.00"},900.99,{"v":1084.25,"d":"1,084.25"},{"v":6505.5,"d":"6,505.50"},{"v":0.005206155932272837,"d":"0.52 %"}]
["8.1.2"," 90843 ","SINAPI","KIT DE PORTA DE MADEIRA PARA PINTURA, SEMI-OCA (LEVE OU MÉDIA), PADRÃO MÉDIO, 80X210CM, ESPESSURA DE 3,5CM, ITENS INCLUSOS: DOBRADIÇAS, MONTAGEM E INSTALAÇÃO DO BATENTE, FECHADURA COM EXECUÇÃO DO FURO - FORNECIMENTO E INSTALAÇÃO. AF_12/2019","UN",{"v":6,"d":"6.00"},943.38,{"v":1135.26,"d":"1,135.26"},{"v":6811.56,"d":"6,811.56"},{"v":0.005451086542469044,"d":"0.55 %"}]
["8.1.3"," 90844 ","SINAPI","KIT DE PORTA DE MADEIRA PARA PINTURA, SEMI-OCA (LEVE OU MÉDIA), PADRÃO MÉDIO, 90X210CM, ESPESSURA DE 3,5CM, ITENS INCLUSOS: DOBRADIÇAS, MONTAGEM E INSTALAÇÃO DO BATENTE, FECHADURA COM EXECUÇÃO DO FURO - FORNECIMENTO E INSTALAÇÃO. AF_12/2019","UN",{"v":8,"d":"8.00"},{"v":1239.43,"d":"1,239.43"},{"v":1491.53,"d":"1,491.53"},{"v":11932.24,"d":"11,932.24"},{"v":0.009549012691000421,"d":"0.95 %"}]
["8.1.4"," 9692 ","ORSE","Porta em madeira compensada (canela), lisa, semi-ôca, (0,60 x 1,60 a 1,80m), p/pintura, inclusive ferragens (livre/ocupado), exclusive batente, para uso em divisórias granito ou marmore","un",{"v":3,"d":"3.00"},{"v":1101.9,"d":"1,101.90"},{"v":1326.02,"d":"1,326.02"},{"v":3978.06,"d":"3,978.06"},{"v":3.183521738211864E-3,"d":"0.32 %"}]
["8.1.5"," 13034 ","ORSE","Porta em madeira compensada (canela), lisa, semi-ôca, (0.80 x 1,60 a 2.10 m),revestida c/fórmica, inclusive ferragens (livre/ocupado), para uso em divisórias granito ou mármore","un",{"v":2,"d":"2.00"},826.36,994.44,{"v":1988.88,"d":"1,988.88"},{"v":1.5916408286186766E-3,"d":"0.16 %"}]
["8.2",null,null,"METÁLICAS",{"$nulls":4},{"v":50563.14,"d":"50,563.14"},{"v":0.040464159751801086,"d":"4.05 %"}]
["8.2.1"," 94569 ","SINAPI","JANELA DE ALUMÍNIO TIPO MAXIM-AR, BATENTE/ REQUADRO 3 A 14 CM, VIDRO INCLUSO, FIXAÇÃO COM PARAFUSO, SEM GUARNIÇÃO/ ALIZAR, DIMENSÕES 60X80 (A X L) CM, SEM ACABAMENTO, VEDAÇÃO COM SILICONE, EXCLUSIVE CONTRAMARCO - FORNECIMENTO E INSTALAÇÃO. AF_11/2024","m²",62.58,568.37,683.97,{"v":42802.84,"d":"42,802.84"},{"v":0.034253825130139894,"d":"3.43 %"}]
["8.2.2"," 94580 ","SINAPI","JANELA DE ALUMÍNIO DE CORRER COM 6 FOLHAS (2 VENEZIANAS FIXAS, 2 VENEZIANAS DE CORRER E 2 PARA VIDRO), COM VIDROS, BATENTE, ACABAMENTO COM ACETATO OU BRILHANTE E FERRAGENS. EXCLUSIVE ALIZAR E CONTRAMARCO. FORNECIMENTO E INSTALAÇÃO. AF_12/2019","m²",10.08,486.75,585.75,{"v":5904.36,"d":"5,904.36"},{"v":0.004725081675547528,"d":"0.47 %"}]
["8.2.3"," 91341 ","SINAPI","PORTA EM ALUMÍNIO DE ABRIR TIPO VENEZIANA COM GUARNIÇÃO, FIXAÇÃO COM PARAFUSOS - FORNECIMENTO E INSTALAÇÃO. AF_12/2019","m²",2.56,602.45,724.98,{"v":1855.94,"d":"1,855.94"},{"v":1.4852529461136651E-3,"d":"0.15 %"}]
[9,null,null,"COBERTURA",{"$nulls":4},{"v":224865.9,"d":"224,865.90"},{"v":0.17995341468770587,"d":"18.00 %"}]
["9.1",null,null,"TELHAS E ESTRUTURA EM MADEIRA",{"$nulls":4},{"v":223522.99,"d":"223,522.99"},{"v":0.1788787242161036,"d":"17.89 %"}]
["9.1.1",null,null,"BLOCO ADMINISTRATIVO E BLOCO DE SERVIÇOS",{"$nulls":4},{"v":52694.26,"d":"52,694.26"},{"v":0.04216963097313462,"d":"4.22 %"}]
["9.1.1.1"," CP-92542 ","Próprio","TRAMA DE MADEIRA COMPOSTA POR RIPAS, CAIBROS E TERÇAS (6X16 CM) PARA TELHADOS DE MAIS QUE 2 ÁGUAS PARA TELHA CERÂMICA CAPA-CANAL, INCLUSO TRANSPORTE VERTICAL. AF_07/2019 [ADAPTADO DE SINAPI 92542]","m²",278.08,87.34,{"v":105.1,"d":"105.10"},{"v":29226.2,"d":"29,226.20"},{"v":0.02338884859085272,"d":"2.34 %"}]
["9.1.1.2"," 94204 ","SINAPI","TELHAMENTO COM TELHA CERÂMICA CAPA-CANAL, TIPO COLONIAL, COM MAIS DE 2 ÁGUAS, INCLUSO TRANSPORTE VERTICAL. AF_07/2019","m²",278.08,41.83,50.33,{"v":13995.76,"d":"13,995.76"},{"v":0.011200385666077454,"d":"1.12 %"}]
["9.1.1.3"," 94219 ","SINAPI","CUMEEIRA E ESPIGÃO PARA TELHA CERÂMICA EMBOÇADA COM ARGAMASSA TRAÇO 1:2:9 (CIMENTO, CAL E AREIA), PARA TELHADOS COM MAIS DE 2 ÁGUAS, INCLUSO TRANSPORTE VERTICAL. AF_07/2019","M",{"v":64.6,"d":"64.60"},27.42,32.99,{"v":2131.15,"d":"2,131.15"},{"v":1.7054952294309825E-3,"d":"0.17 %"}]
["9.1.1.4"," 97647 ","SINAPI","REMOÇÃO DE TELHAS DE FIBROCIMENTO METÁLICA E CERÂMICA, DE FORMA MANUAL, SEM REAPROVEITAMENTO. AF_09/2023","m²",278.08,3.41,{"v":4.1,"d":"4.10"},{"v":1140.12,"d":"1,140.12"},{"v":9.124037355319202E-4,"d":"0.09 %"}]
["9.1.1.5"," 97650 ","SINAPI","REMOÇÃO DE TRAMA DE MADEIRA PARA COBERTURA, DE FORMA MANUAL, SEM REAPROVEITAMENTO. AF_09/2023","m²",278.08,7.35,8.84,{"v":2458.22,"d":"2,458.22"},{"v":1.9672395105421155E-3,"d":"0.20 %"}]
["9.1.1.6"," 92427 ","SINAPI","MONTAGEM E DESMONTAGEM DE FÔRMA DE PILARES RETANGULARES E ESTRUTURAS SIMILARES, PÉ-DIREITO SIMPLES, EM CHAPA DE MADEIRA COMPENSADA RESINADA, 8 UTILIZAÇÕES. AF_09/2020","m²",{"v":24.7,"d":"24.70"},53.16,63.97,{"v":1580.05,"d":"1,580.05"},{"v":1.2644664792541228E-3,"d":"0.13 %"}]
["9.1.1.7"," 92762 ","SINAPI","ARMAÇÃO DE PILAR OU VIGA DE ESTRUTURA CONVENCIONAL DE CONCRETO ARMADO UTILIZANDO AÇO CA-50 DE 10,0 MM - MONTAGEM. AF_06/2022","KG",88.86,8.62,10.37,921.47,{"v":7.3742471860909246E-4,"d":"0.07 %"}]
["9.1.1.8"," 92759 ","SINAPI","ARMAÇÃO DE PILAR OU VIGA DE ESTRUTURA CONVENCIONAL DE CONCRETO ARMADO UTILIZANDO AÇO CA-60 DE 5,0 MM - MONTAGEM. AF_06/2022","KG",22.96,11.62,13.98,320.98,{"v":2.5687063732855817E-4,"d":"0.03 %"}]
["9.1.1.9"," 94965 ","SINAPI","CONCRETO FCK = 25MPA, TRAÇO 1:2,3:2,7 (EM MASSA SECA DE CIMENTO/ AREIA MÉDIA/ BRITA 1) - PREPARO MECÂNICO COM BETONEIRA 400 L. AF_05/2021","m³",1.06,440.17,{"v":529.7,"d":"529.70"},561.48,{"v":4.4933555189494314E-4,"d":"0.04 %"}]
["9.1.1.10"," 103670 ","SINAPI","LANÇAMENTO COM USO DE BALDES, ADENSAMENTO E ACABAMENTO DE CONCRETO EM ESTRUTURAS. AF_02/2022","m³",1.06,281.31,338.52,358.83,{"v":2.8716085361270652E-4,"d":"0.03 %"}]
["9.1.2",null,null,"BLOCO PEDAGÓGICO",{"$nulls":4},{"v":103246.05,"d":"103,246.05"},{"v":0.08262470766140004,"d":"8.26 %"}]
["9.1.2.1"," CP-92542 ","Próprio","TRAMA DE MADEIRA COMPOSTA POR RIPAS, CAIBROS E TERÇAS (6X16 CM) PARA TELHADOS DE MAIS QUE 2 ÁGUAS PARA TELHA CERÂMICA CAPA-CANAL, INCLUSO TRANSPORTE VERTICAL. AF_07/2019 [ADAPTADO DE SINAPI 92542]","m²",567.58,87.34,{"v":105.1,"d":"105.10"},{"v":59652.65,"d":"59,652.65"},{"v":0.04773822114722854,"d":"4.77 %"}]
["9.1.2.2"," 94204 ","SINAPI","TELHAMENTO COM TELHA CERÂMICA CAPA-CANAL, TIPO COLONIAL, COM MAIS DE 2 ÁGUAS, INCLUSO TRANSPORTE VERTICAL. AF_07/2019","m²",567.58,41.83,50.33,{"v":28566.3,"d":"28,566.30"},{"v":0.022860750473919843,"d":"2.29 %"}]
["9.1.2.3"," 94219 ","SINAPI","CUMEEIRA E ESPIGÃO PARA TELHA CERÂMICA EMBOÇADA COM ARGAMASSA TRAÇO 1:2:9 (CIMENTO, CAL E AREIA), PARA TELHADOS COM MAIS DE 2 ÁGUAS, INCLUSO TRANSPORTE VERTICAL. AF_07/2019","M",76.66,27.42,32.99,{"v":2529.01,"d":"2,529.01"},{"v":2.0238906178275807E-3,"d":"0.20 %"}]
["9.1.2.4"," 97650 ","SINAPI","REMOÇÃO DE TRAMA DE MADEIRA PARA COBERTURA, DE FORMA MANUAL, SEM REAPROVEITAMENTO. AF_09/2023","m²",567.58,7.35,8.84,{"v":5017.4,"d":"5,017.40"},{"v":4.0152742717063615E-3,"d":"0.40 %"}]
["9.1.2.5"," 97647 ","SINAPI","REMOÇÃO DE TELHAS DE FIBROCIMENTO METÁLICA E CERÂMICA, DE FORMA MANUAL, SEM REAPROVEITAMENTO. AF_09/2023","m²",567.58,3.41,{"v":4.1,"d":"4.10"},{"v":2327.07,"d":"2,327.07"},{"v":1.8622841111850205E-3,"d":"0.19 %"}]
["9.1.2.6"," 92427 ","SINAPI","MONTAGEM E DESMONTAGEM DE FÔRMA DE PILARES RETANGULARES E ESTRUTURAS SIMILARES, PÉ-DIREITO SIMPLES, EM CHAPA DE MADEIRA COMPENSADA RESINADA, 8 UTILIZAÇÕES. AF_09/2020","m²",34.02,53.16,63.97,{"v":2176.25,"d":"2,176.25"},{"v":1.7415874025991486E-3,"d":"0.17 %"}]
["9.1.2.7"," 92762 ","SINAPI","ARMAÇÃO DE PILAR OU VIGA DE ESTRUTURA CONVENCIONAL DE CONCRETO ARMADO UTILIZANDO AÇO CA-50 DE 10,0 MM - MONTAGEM. AF_06/2022","KG",122.17,8.62,10.37,{"v":1266.9,"d":"1,266.90"},{"v":0.001013861955360304,"d":"0.10 %"}]
["9.1.2.8"," 92759 ","SINAPI","ARMAÇÃO DE PILAR OU VIGA DE ESTRUTURA CONVENCIONAL DE CONCRETO ARMADO UTILIZANDO AÇO CA-60 DE 5,0 MM - MONTAGEM. AF_06/2022","KG",31.68,11.62,13.98,442.88,{"v":3.5442353997156158E-4,"d":"0.04 %"}]
["9.1.2.9"," 94965 ","SINAPI","CONCRETO FCK = 25MPA, TRAÇO 1:2,3:2,7 (EM MASSA SECA DE CIMENTO/ AREIA MÉDIA/ BRITA 1) - PREPARO MECÂNICO COM BETONEIRA 400 L. AF_05/2021","m³",1.46,440.17,{"v":529.7,"d":"529.70"},773.36,{"v":6.1889674149297072E-4,"d":"0.06 %"}]
["9.1.2.10"," 103670 ","SINAPI","LANÇAMENTO COM USO DE BALDES, ADENSAMENTO E ACABAMENTO DE CONCRETO EM ESTRUTURAS. AF_02/2022","m³",1.46,281.31,338.52,494.23,{"v":3.9551740010870866E-4,"d":"0.04 %"}]
["9.1.3",null,null,"PÁTIO CENTRAL",{"$nulls":4},{"v":60366.74,"d":"60,366.74"},{"v":0.04830968589085727,"d":"4.83 %"}]
["9.1.3.1"," 100359 ","SINAPI","FABRICAÇÃO E INSTALAÇÃO DE MEIA TESOURA DE MADEIRA NÃO APARELHADA, COM VÃO DE 5 M, PARA TELHA CERÂMICA OU DE CONCRETO, INCLUSO IÇAMENTO. AF_07/2019","UN",{"v":6,"d":"6.00"},{"v":1280.04,"d":"1,280.04"},{"v":1540.4,"d":"1,540.40"},{"v":9242.4,"d":"9,242.40"},{"v":0.007396414662737448,"d":"0.74 %"}]
["9.1.3.2"," 92547 ","SINAPI","FABRICAÇÃO E INSTALAÇÃO DE TESOURA INTEIRA EM MADEIRA NÃO APARELHADA, VÃO DE 5 M, PARA TELHA CERÂMICA OU DE CONCRETO, INCLUSO IÇAMENTO. AF_07/2019","UN",{"v":3,"d":"3.00"},{"v":1119.33,"d":"1,119.33"},{"v":1347,"d":"1,347.00"},{"v":4041,"d":"4,041.00"},{"v":0.003233890726664289,"d":"0.32 %"}]
["9.1.3.3"," 105081 ","SINAPI","VIGA DE MADEIRA SERRADA, MAÇARANDUBA OU EQUIVALENTE DA REGIÃO, APARELHADA, SEÇÃO RETANGULAR 6 X 16 CM. AF_03/2024","M",{"v":66,"d":"66.00"},57.44,69.12,{"v":4561.92,"d":"4,561.92"},{"v":0.003650767330805334,"d":"0.37 %"}]
["9.1.3.4"," CP-92542 ","Próprio","TRAMA DE MADEIRA COMPOSTA POR RIPAS, CAIBROS E TERÇAS (6X16 CM) PARA TELHADOS DE MAIS QUE 2 ÁGUAS PARA TELHA CERÂMICA CAPA-CANAL, INCLUSO TRANSPORTE VERTICAL. AF_07/2019 [ADAPTADO DE SINAPI 92542]","m²",240.38,87.34,{"v":105.1,"d":"105.10"},{"v":25263.93,"d":"25,263.93"},{"v":0.02021796311459929,"d":"2.02 %"}]
["9.1.3.5"," 94204 ","SINAPI","TELHAMENTO COM TELHA CERÂMICA CAPA-CANAL, TIPO COLONIAL, COM MAIS DE 2 ÁGUAS, INCLUSO TRANSPORTE VERTICAL. AF_07/2019","m²",240.38,41.83,50.33,{"v":12098.32,"d":"12,098.32"},{"v":0.009681921518489756,"d":"0.97 %"}]
["9.1.3.6"," 94219 ","SINAPI","CUMEEIRA E ESPIGÃO PARA TELHA CERÂMICA EMBOÇADA COM ARGAMASSA TRAÇO 1:2:9 (CIMENTO, CAL E AREIA), PARA TELHADOS COM MAIS DE 2 ÁGUAS, INCLUSO TRANSPORTE VERTICAL. AF_07/2019","M",{"v":62.1,"d":"62.10"},27.42,32.99,{"v":2048.67,"d":"2,048.67"},{"v":1.6394889668387353E-3,"d":"0.16 %"}]
["9.1.3.7"," 97650 ","SINAPI","REMOÇÃO DE TRAMA DE MADEIRA PARA COBERTURA, DE FORMA MANUAL, SEM REAPROVEITAMENTO. AF_09/2023","m²",240.38,7.35,8.84,{"v":2124.95,"d":"2,124.95"},{"v":1.7005335559577535E-3,"d":"0.17 %"}]
["9.1.3.8"," 97647 ","SINAPI","REMOÇÃO DE TELHAS DE FIBROCIMENTO METÁLICA E CERÂMICA, DE FORMA MANUAL, SEM REAPROVEITAMENTO. AF_09/2023","m²",240.38,3.41,{"v":4.1,"d":"4.10"},985.55,{"v":7.8870601476465978E-4,"d":"0.08 %"}]
["9.1.4",null,null,"PASSARELAS",{"$nulls":4},{"v":7215.94,"d":"7,215.94"},{"v":5.7746996907116835E-3,"d":"0.58 %"}]
["9.1.4.1"," 92542 ","SINAPI","TRAMA DE MADEIRA COMPOSTA POR RIPAS, CAIBROS E TERÇAS PARA TELHADOS DE MAIS QUE 2 ÁGUAS PARA TELHA CERÂMICA CAPA-CANAL, INCLUSO TRANSPORTE VERTICAL. AF_07/2019","m²",47.97,{"v":82.1,"d":"82.10"},98.79,{"v":4738.95,"d":"4,738.95"},{"v":0.003792439113864324,"d":"0.38 %"}]
["9.1.4.2"," 94201 ","SINAPI","TELHAMENTO COM TELHA CERÂMICA CAPA-CANAL, TIPO COLONIAL, COM ATÉ 2 ÁGUAS, INCLUSO TRANSPORTE VERTICAL. AF_07/2019","m²",47.97,36.23,43.59,{"v":2091.01,"d":"2,091.01"},{"v":1.6733723950413996E-3,"d":"0.17 %"}]
["9.1.4.3"," 94219 ","SINAPI","CUMEEIRA E ESPIGÃO PARA TELHA CERÂMICA EMBOÇADA COM ARGAMASSA TRAÇO 1:2:9 (CIMENTO, CAL E AREIA), PARA TELHADOS COM MAIS DE 2 ÁGUAS, INCLUSO TRANSPORTE VERTICAL. AF_07/2019","M",{"v":11.7,"d":"11.70"},27.42,32.99,385.98,{"v":3.088881818059595E-4,"d":"0.03 %"}]
["9.2",null,null,"CHAPAS",{"$nulls":4},{"v":1342.91,"d":"1,342.91"},{"v":0.001074690471602262,"d":"0.11 %"}]
["9.2.1"," 100327 ","SINAPI","RUFO EXTERNO/INTERNO EM CHAPA DE AÇO GALVANIZADO NÚMERO 26, CORTE DE 33 CM, INCLUSO IÇAMENTO. AF_07/2019","M",{"v":24.6,"d":"24.60"},45.37,54.59,{"v":1342.91,"d":"1,342.91"},{"v":0.001074690471602262,"d":"0.11 %"}]
[10,null,null,"REVESTIMENTO",{"$nulls":4},{"v":108319.2,"d":"108,319.20"},{"v":0.08668459698086971,"d":"8.67 %"}]
["10.1",null,null,"MASSA",{"$nulls":4},{"v":40543.03,"d":"40,543.03"},{"v":0.03244536717344026,"d":"3.24 %"}]
["10.1.1"," 87878 ","SINAPI","CHAPISCO APLICADO EM ALVENARIAS E ESTRUTURAS DE CONCRETO INTERNAS, COM COLHER DE PEDREIRO. ARGAMASSA TRAÇO 1:3 COM PREPARO MANUAL. AF_10/2022","m²",267.89,4.54,5.46,{"v":1462.67,"d":"1,462.67"},{"v":1.1705307966270865E-3,"d":"0.12 %"}]
["10.1.2"," 87882 ","SINAPI","CHAPISCO APLICADO NO TETO OU EM ALVENARIA E ESTRUTURA, COM ROLO PARA TEXTURA ACRÍLICA. ARGAMASSA TRAÇO 1:4 E EMULSÃO POLIMÉRICA (ADESIVO) COM PREPARO EM BETONEIRA 400L. AF_10/2022","m²",452.48,6.46,7.77,{"v":3515.76,"d":"3,515.76"},{"v":2.813556956490285E-3,"d":"0.28 %"}]
["10.1.3"," 87530 ","SINAPI","MASSA ÚNICA, EM ARGAMASSA TRAÇO 1:2:8, PREPARO MANUAL, APLICADA MANUALMENTE EM PAREDES INTERNAS DE AMBIENTES COM ÁREA ENTRE 5M² E 10M², E = 17,5MM, COM TALISCAS. AF_03/2024","m²",320.33,36.97,44.48,{"v":14248.27,"d":"14,248.27"},{"v":0.011402461822323432,"d":"1.14 %"}]
["10.1.4"," 90406 ","SINAPI","MASSA ÚNICA, EM ARGAMASSA TRAÇO 1:2:8, PREPARO MECÂNICO, APLICADA MANUALMENTE EM TETO, E = 17,5MM, COM TALISCAS. AF_03/2024","m²",452.48,39.15,47.11,{"v":21316.33,"d":"21,316.33"},{"v":0.017058817597999452,"d":"1.71 %"}]
["10.2",null,null,"ACABAMENTO",{"$nulls":4},{"v":67776.17,"d":"67,776.17"},{"v":0.05423922980742945,"d":"5.42 %"}]
["10.2.1"," 11369 ","ORSE","Revestimento cerâmico para  parede, 10 x 10 cm, Eliane, linha galeria branco mesh, pei - 3, aplicado com argamassa industrializada ac-ii, rejuntado, exclusive regularização de base ou emboço - Rev 01","m²",{"v":765.4,"d":"765.40"},73.59,88.55,{"v":67776.17,"d":"67,776.17"},{"v":0.05423922980742945,"d":"5.42 %"}]
[11,null,null,"PAVIMENTAÇÃO",{"$nulls":4},{"v":112184.35,"d":"112,184.35"},{"v":0.08977776024297475,"d":"8.98 %"}]
["11.1",null,null,"CAMADA IMPERMEABILIZADORA",{"$nulls":4},{"v":33977.46,"d":"33,977.46"},{"v":0.02719113902737115,"d":"2.72 %"}]
["11.1.1"," 96620 ","SINAPI","LASTRO DE CONCRETO MAGRO, APLICADO EM PISOS, LAJES SOBRE SOLO OU RADIERS. AF_01/2024","m³",20.41,662.28,796.98,{"v":16266.36,"d":"16,266.36"},{"v":0.013017478535160339,"d":"1.30 %"}]
["11.1.2"," 87630 ","SINAPI","CONTRAPISO EM ARGAMASSA TRAÇO 1:4 (CIMENTO E AREIA), PREPARO MECÂNICO COM BETONEIRA 400 L, APLICADO EM ÁREAS SECAS SOBRE LAJE, ADERIDO, ACABAMENTO NÃO REFORÇADO, ESPESSURA 3CM. AF_07/2021","m²",408.09,36.07,{"v":43.4,"d":"43.40"},{"v":17711.1,"d":"17,711.10"},{"v":0.014173660492210813,"d":"1.42 %"}]
["11.2",null,null,"ACABAMENTO",{"$nulls":4},{"v":52405.9,"d":"52,405.90"},{"v":0.041938865140434566,"d":"4.19 %"}]
["11.2.1"," 87251 ","SINAPI","REVESTIMENTO CERÂMICO PARA PISO COM PLACAS TIPO ESMALTADA DE DIMENSÕES 45X45 CM APLICADA EM AMBIENTES DE ÁREA MAIOR QUE 10 M2. AF_02/2023_PE","m²",787.23,55.32,66.57,{"v":52405.9,"d":"52,405.90"},{"v":0.041938865140434566,"d":"4.19 %"}]
["11.3",null,null,"CALÇADA EM CONCRETO E CIMENTADO",{"$nulls":4},{"v":15873.15,"d":"15,873.15"},{"v":0.012702804401868661,"d":"1.27 %"}]
["11.3.1"," 101747 ","SINAPI","PISO EM CONCRETO 20 MPA PREPARO MECÂNICO, ESPESSURA 7CM. AF_09/2020","m²",168.13,78.46,94.41,{"v":15873.15,"d":"15,873.15"},{"v":0.012702804401868661,"d":"1.27 %"}]
["11.4",null,null,"PISO INTERTRAVADO DE ACESSO AOS BLOCOS",{"$nulls":4},{"v":9927.84,"d":"9,927.84"},{"v":0.00794495167330037,"d":"0.79 %"}]
["11.4.1"," 92396 ","SINAPI","EXECUÇÃO DE PASSEIO EM PISO INTERTRAVADO, COM BLOCO RETANGULAR COR NATURAL DE 20 X 10 CM, ESPESSURA 6 CM. AF_10/2022","m²",85.53,70.66,85.03,{"v":7272.61,"d":"7,272.61"},{"v":0.005820050986796827,"d":"0.58 %"}]
["11.4.2"," 94273 ","SINAPI","ASSENTAMENTO DE GUIA (MEIO-FIO) EM TRECHO RETO, CONFECCIONADA EM CONCRETO PRÉ-FABRICADO, DIMENSÕES 100X15X13X30 CM (COMPRIMENTO X BASE INFERIOR X BASE SUPERIOR X ALTURA). AF_01/2024","M",64.62,34.15,41.09,{"v":2655.23,"d":"2,655.23"},{"v":2.124900686503544E-3,"d":"0.21 %"}]
[12,null,null,"SOLEIRAS E RODAPÉS",{"$nulls":4},{"v":3337.62,"d":"3,337.62"},{"v":2.670996873825604E-3,"d":"0.27 %"}]
["12.1",null,null,"SOLEIRA",{"$nulls":4},{"v":2740.1,"d":"2,740.10"},{"v":2.1928195941927292E-3,"d":"0.22 %"}]
["12.1.1"," 98689 ","SINAPI","SOLEIRA EM GRANITO, LARGURA 15 CM, ESPESSURA 2,0 CM. AF_09/2020","M",{"v":26.5,"d":"26.50"},85.93,{"v":103.4,"d":"103.40"},{"v":2740.1,"d":"2,740.10"},{"v":2.1928195941927292E-3,"d":"0.22 %"}]
["12.2",null,null,"RODAPÉ",{"$nulls":4},597.52,{"v":4.7817727963287457E-4,"d":"0.05 %"}]
["12.2.1"," 88649 ","SINAPI","RODAPÉ CERÂMICO DE 7CM DE ALTURA COM PLACAS TIPO ESMALTADA DE DIMENSÕES 45X45CM. AF_02/2023","M",{"v":56,"d":"56.00"},8.87,10.67,597.52,{"v":4.7817727963287457E-4,"d":"0.05 %"}]
[13,null,null,"PINTURAS",{"$nulls":4},{"v":88233.54,"d":"88,233.54"},{"v":0.07061064755920878,"d":"7.06 %"}]
["13.1",null,null,"ACRÍLICA",{"$nulls":4},{"v":86629.45,"d":"86,629.45"},{"v":0.06932694259119716,"d":"6.93 %"}]
["13.1.1"," 2295 ","ORSE","Pintura para exteriores, sobre paredes, com lixamento, aplicação de 01 demão de selador acrílico, 02 demãos de massa acrílica e 02 demãos de tinta acrílica convencional - Rev 03","m²",978.56,46.32,55.74,{"v":54544.93,"d":"54,544.93"},{"v":0.04365066649679604,"d":"4.37 %"}]
["13.1.2"," 2291 ","ORSE","Pintura para interiores, sobre paredes ou tetos, com lixamento, aplicação de 01 demão de líquido selador, 02 demãos de massa corrida e 02 demãos de tinta pva latex convencional para interiores. Rev 03_04/2022","m²",{"v":628,"d":"628.00"},42.46,51.09,{"v":32084.52,"d":"32,084.52"},{"v":0.02567627609440112,"d":"2.57 %"}]
["13.2",null,null,"ESMALTE",{"$nulls":4},{"v":1604.09,"d":"1,604.09"},{"v":1.2837049680116109E-3,"d":"0.13 %"}]
["13.2.1"," 102219 ","SINAPI","PINTURA TINTA DE ACABAMENTO (PIGMENTADA) ESMALTE SINTÉTICO ACETINADO EM MADEIRA, 2 DEMÃOS. AF_01/2021","m²",87.56,15.23,18.32,{"v":1604.09,"d":"1,604.09"},{"v":1.2837049680116109E-3,"d":"0.13 %"}]
[14,null,null,"ELEMENTOSS DECORATIVOS E OUTROS",{"$nulls":4},{"v":35770.06,"d":"35,770.06"},{"v":0.028625702877066377,"d":"2.86 %"}]
["14.1",null,null,"CONCRETO",{"$nulls":4},{"v":2469.63,"d":"2,469.63"},{"v":1.9763705902726874E-3,"d":"0.20 %"}]
["14.1.1"," 3226 ","ORSE","Banco de concreto em alvenaria de tijolos, assento em concreto armado, sem encosto, pintado com tinta acrílica, 2 demãos","m",{"v":10.8,"d":"10.80"},190.02,228.67,{"v":2469.63,"d":"2,469.63"},{"v":1.9763705902726874E-3,"d":"0.20 %"}]
["14.2",null,null,"BANCADA",{"$nulls":4},{"v":14212.72,"d":"14,212.72"},{"v":0.01137401222684387,"d":"1.14 %"}]
["14.2.1"," 10759 ","ORSE","Bancada em granito cinza andorinha, e=2cm","m²",3.82,480.56,{"v":578.3,"d":"578.30"},{"v":2209.1,"d":"2,209.10"},{"v":1.7678762693081123E-3,"d":"0.18 %"}]
["14.2.2"," 10759 ","ORSE","Bancada em granito cinza andorinha, e=2cm","m²",2.45,480.56,{"v":578.3,"d":"578.30"},{"v":1416.83,"d":"1,416.83"},{"v":1.1338464237217929E-3,"d":"0.11 %"}]
["14.2.3"," 10759 ","ORSE","Bancada em granito cinza andorinha, e=2cm","m²",2.52,480.56,{"v":578.3,"d":"578.30"},{"v":1457.31,"d":"1,457.31"},{"v":1.1662413498824884E-3,"d":"0.12 %"}]
["14.2.4"," 10759 ","ORSE","Bancada em granito cinza andorinha, e=2cm","m²",2.52,480.56,{"v":578.3,"d":"578.30"},{"v":1457.31,"d":"1,457.31"},{"v":1.1662413498824884E-3,"d":"0.12 %"}]
["14.2.5"," 091464 ","SEDOP","Portas em MDF (sob bancadas)","m²",4.67,339.94,409.08,{"v":1910.4,"d":"1,910.40"},{"v":1.5288356456865772E-3,"d":"0.15 %"}]
["14.2.6"," 1776 ","ORSE","Prateleira em compensado, revestida com fórmica","m²",11.73,408.18,{"v":491.2,"d":"491.20"},{"v":5761.77,"d":"5,761.77"},{"v":0.004610971188362411,"d":"0.46 %"}]
["14.3",null,null,"MADEIRA",{"$nulls":4},{"v":19087.71,"d":"19,087.71"},{"v":0.01527532005994982,"d":"1.53 %"}]
["14.3.1"," 2387 ","ORSE","Quadro escolar em fórmica branca com moldura","m²",31.92,{"v":358.1,"d":"358.10"},430.93,{"v":13755.28,"d":"13,755.28"},{"v":0.01100793675690937,"d":"1.10 %"}]
["14.3.2"," 2387 ","ORSE","Quadro escolar em fórmica branca com moldura","m²",{"v":1.5,"d":"1.50"},{"v":358.1,"d":"358.10"},430.93,646.39,{"v":0.00051728647038073,"d":"0.05 %"}]
["14.3.3"," 1777 ","ORSE","Prateleira em compensado, revestida com laminado","m²",9.54,408.18,{"v":491.2,"d":"491.20"},{"v":4686.04,"d":"4,686.04"},{"v":3.7500968326597195E-3,"d":"0.38 %"}]
[15,null,null,"INCÊNDIO",{"$nulls":4},{"v":1939.04,"d":"1,939.04"},{"v":1.5517553760532351E-3,"d":"0.16 %"}]
["15.1"," 1511 ","ORSE","Extintor de pó químico ABC, capacidade 6 kg, alcance médio do jato 5m , tempode descarga 12s, NBR9443, 9444, 10721","un",{"v":8,"d":"8.00"},201.42,242.38,{"v":1939.04,"d":"1,939.04"},{"v":1.5517553760532351E-3,"d":"0.16 %"}]
[16,null,null,"GÁS",{"$nulls":4},368.94,{"v":2.9525158245373E-4,"d":"0.03 %"}]
["16.1"," 100800 ","SINAPI","TUBO, PEX, MULTICAMADA, COM TUBO LUVA, DN 20, INSTALADO EM IMPLANTAÇÃO DE INSTALAÇÕES DE GÁS - FORNECIMENTO E INSTALAÇÃO. AF_01/2020","M",{"v":7,"d":"7.00"},22.91,27.56,192.92,{"v":1.5438807200892718E-4,"d":"0.02 %"}]
["16.2"," 103029 ","SINAPI","REGISTRO OU REGULADOR DE GÁS DE COZINHA - FORNECIMENTO E INSTALAÇÃO. AF_08/2021","UN",{"v":1,"d":"1.00"},{"v":41.8,"d":"41.80"},{"v":50.3,"d":"50.30"},{"v":50.3,"d":"50.30"},{"v":4.0253576726358269E-5,"d":"0.00 %"}]
["16.3"," 93008 ","SINAPI","ELETRODUTO RÍGIDO ROSCÁVEL, PVC, DN 50 MM (1 1/2\"), PARA REDE ENTERRADA DE DISTRIBUIÇÃO DE ENERGIA ELÉTRICA - FORNECIMENTO E INSTALAÇÃO. AF_12/2021","M",{"v":4,"d":"4.00"},{"v":16.6,"d":"16.60"},19.97,79.88,{"v":6.3925560813151054E-5,"d":"0.01 %"}]
["16.4"," 93018 ","SINAPI","CURVA 90 GRAUS PARA ELETRODUTO, PVC, ROSCÁVEL, DN 50 MM (1 1/2\"), PARA REDE ENTERRADA DE DISTRIBUIÇÃO DE ENERGIA ELÉTRICA - FORNECIMENTO E INSTALAÇÃO. AF_12/2021","UN",{"v":2,"d":"2.00"},19.05,22.92,45.84,{"v":3.66843729052935E-5,"d":"0.00 %"}]
[17,null,null,"VIDROS",{"$nulls":4},{"v":6552.37,"d":"6,552.37"},{"v":5.2436645831906185E-3,"d":"0.52 %"}]
["17.1"," 9718 ","ORSE","Espelho de cristal 4mm com moldura de alumínio","m²",{"v":11.4,"d":"11.40"},477.63,574.77,{"v":6552.37,"d":"6,552.37"},{"v":5.2436645831906185E-3,"d":"0.52 %"}]
[18,null,null,"INSTALAÇÃO REDE LOGICA",{"$nulls":4},{"v":7799.78,"d":"7,799.78"},{"v":0.006241929277906852,"d":"0.62 %"}]
["18.1"," 354 ","ORSE","Eletroduto de pvc rígido roscável, diâm = 32mm (1\")","m",{"v":110,"d":"110.00"},16.55,19.91,{"v":2190.1,"d":"2,190.10"},{"v":1.7526711409224104E-3,"d":"0.18 %"}]
["18.2"," 363 ","ORSE","Curva para eletroduto de pvc rígido roscável, diâm = 32mm (1\")","un",{"v":26,"d":"26.00"},8.14,9.79,254.54,{"v":2.0370070417350365E-4,"d":"0.02 %"}]
["18.3"," 1305 ","ORSE","Luva de pvc rígido roscável  diâm = 1 1/4\"  Rev.01 - 10/2022","un",{"v":45,"d":"45.00"},14.34,17.25,776.25,{"v":6.2120952154742749E-4,"d":"0.06 %"}]
["18.4"," 9925 ","ORSE","Bucha com arruela em liga especial zamak p/eletroduto 32mm, d=1 1/4\"","un",{"v":45,"d":"45.00"},1.77,2.13,95.85,{"v":7.6705871356291054E-5,"d":"0.01 %"}]
["18.5"," 10573 ","ORSE","Instalação de cabo telefônico CCI - 50 x 2 pares","m",{"v":130,"d":"130.00"},3.86,4.64,{"v":603.2,"d":"603.20"},{"v":4.8272281275028444E-4,"d":"0.05 %"}]
["18.6"," 7138 ","ORSE","Fornecimento e lançamento de cabo utp 4 pares cat 6","m",{"v":205,"d":"205.00"},11.95,14.38,{"v":2947.9,"d":"2,947.90"},{"v":0.002359115682537406,"d":"0.24 %"}]
["18.7"," 96985 ","SINAPI","HASTE DE ATERRAMENTO, DIÂMETRO 5/8\", COM 3 METROS - FORNECIMENTO E INSTALAÇÃO. AF_08/2023","UN",{"v":1,"d":"1.00"},75.66,91.04,91.04,{"v":7.2856573064963357E-5,"d":"0.01 %"}]
["18.8"," 100561 ","SINAPI","QUADRO DE DISTRIBUICÃO PARA TELEFONE N.3, 40X40X12CM EM CHAPA METÁLICA, DE EMBUTIR, SEM ACESSÓRIOS, PADRÃO TELEBRAS - FORNECIMENTO E INSTALAÇÃO. AF_08/2025","UN",{"v":1,"d":"1.00"},123.36,148.45,148.45,{"v":1.1880006888723428E-4,"d":"0.01 %"}]
["18.9"," 908 ","ORSE","Espelho 4\" x 2\" para  2 rj-45","un",{"v":19,"d":"19.00"},3.17,3.81,72.39,{"v":5.7931539149524354E-5,"d":"0.01 %"}]
["18.10"," 98308 ","SINAPI","TOMADA PARA TELEFONE RJ11 - FORNECIMENTO E INSTALAÇÃO. AF_08/2025","UN",{"v":5,"d":"5.00"},34.57,{"v":41.6,"d":"41.60"},{"v":208,"d":"208.00"},{"v":1.6645614232768427E-4,"d":"0.02 %"}]
["18.11"," 743 ","ORSE","Caixa de passagem pvc, 4\" x 4\" cm, embutir, p/eletroduto","un",{"v":22,"d":"22.00"},15.57,18.73,412.06,{"v":0.000329759221190123,"d":"0.03 %"}]
[19,null,null,"LIMPEZA DA OBRA",{"$nulls":4},{"v":2687.58,"d":"2,687.58"},{"v":2.150789418254989E-3,"d":"0.22 %"}]
["19.1",null,null,"LIMPEZA",{"$nulls":4},{"v":2687.58,"d":"2,687.58"},{"v":2.150789418254989E-3,"d":"0.22 %"}]
["19.1.1"," 2450 ","ORSE","Limpeza geral","m²",{"v":853.2,"d":"853.20"},2.62,3.15,{"v":2687.58,"d":"2,687.58"},{"v":2.150789418254989E-3,"d":"0.22 %"}]
[20,null,null,"MURO DE CONTORNO E MURETA FRONTAL",{"$nulls":4},{"v":176170.71,"d":"176,170.71"},{"v":0.14098411912369804,"d":"14.10 %"}]
["20.1"," 2373 ","ORSE","Muro em alvenaria bloco cimento, e=0,09m, c/ alv de pedra 0,35 x 0,60m, colunas concreto armado fck = 15,0 mpa cada 3,00m, cintamento superior e inferior,chapisco, reboco e pintura c/ hidracor ou similar","m²",388.45,293.85,353.61,{"v":137359.8,"d":"137,359.80"},{"v":0.10992491547549157,"d":"10.99 %"}]
["20.2"," 13778 ","ORSE","Cerca/gradil Nylofor h=1,03m, malha 5x20cm - fio 5 mm, revestidos em poliester por processo de pintura eletrostática nas cores verde ou branca. Fornecimento e instalação. Inclusive poste e acessórios.","m",76.45,356.84,429.42,{"v":32829.15,"d":"32,829.15"},{"v":0.02627218108123508,"d":"2.63 %"}]
["20.3"," C3659 ","SEINFRA","PORTÃO DE METALON E BARRA CHATA DE FERRO C/FECHADURA E DOBRADIÇA, INCLUS. PINTURA ESMALTE SINTÉTICO","m²",{"v":6,"d":"6.00"},{"v":426.8,"d":"426.80"},513.61,{"v":3081.66,"d":"3,081.66"},{"v":2.4661597863727476E-3,"d":"0.25 %"}]
["20.4"," 13232 ","ORSE","Portão de correr (2,95 X 2,00 m) com tela de arame galvanizado fio12, malha 2\", revestida em pvc e quadro em tubo de ferro galvanizado de 11/2\" com pintura esmalte epoxi","un",{"v":1,"d":"1.00"},{"v":2409.93,"d":"2,409.93"},{"v":2900.1,"d":"2,900.10"},{"v":2900.1,"d":"2,900.10"},{"v":2.3208627805986403E-3,"d":"0.23 %"}]
[]
[{"$nulls":5},"Total sem BDI",null,{"v":1038465.79,"d":"1,038,465.79"}]
[{"$nulls":5},"Total do BDI",null,{"v":211112.61,"d":"211,112.61"}]
[{"$nulls":5},"Total Geral",null,{"v":1249578.4,"d":"1,249,578.40"}]

{"sheet":"CPUs","index":2,"n_rows":3054,"n_cols":10,"rows_kept":3054,"merged":[[1727,4,1727,5],[1728,4,1728,5],[1729,4,1729,5],[1730,4,1730,5],[1731,4,1731,5],[1732,4,1732,5],[1734,7,1734,8],[1737,4,1737,5],[1738,4,1738,5],[1739,4,1739,5],[1740,4,1740,5],[1741,4,1741,5],[1742,4,1742,5],[1744,7,1744,8],[1747,4,1747,5],[1748,4,1748,5],[1749,4,1749,5],[1750,4,1750,5],[1751,4,1751,5],[1752,4,1752,5],[1754,7,1754,8],[1757,5,1757,6],[1758,4,1758,5],[1759,4,1759,5],[1760,4,1760,5],[1761,4,1761,5],[1762,4,1762,5],[1763,4,1763,5],[1765,7,1765,8],[1768,4,1768,5],[1769,4,1769,5],[1770,4,1770,5],[1771,4,1771,5],[1772,4,1772,5],[1773,4,1773,5],[1775,7,1775,8],[1778,4,1778,5],[1779,4,1779,5],[1780,4,1780,5],[1781,4,1781,5],[1782,4,1782,5],[1783,4,1783,5],[1785,7,1785,8],[1788,4,1788,5],[1789,4,1789,5],[1790,4,1790,5],[1791,4,1791,5],[1792,4,1792,5],[1793,4,1793,5],[1795,7,1795,8],[1798,4,1798,5],[1799,4,1799,5],[1800,4,1800,5],[1801,4,1801,5],[1802,4,1802,5],[1803,4,1803,5],[1805,7,1805,8],[1808,5,1808,6],[1809,4,1809,5],[1810,4,1810,5],[1811,4,1811,5],[1812,4,1812,5],[1813,4,1813,5],[1814,4,1814,5],[1815,4,1815,5],[1816,4,1816,5],[1817,4,1817,5],[1819,7,1819,8],[1822,5,1822,6],[1823,4,1823,5],[1824,4,1824,5],[1825,4,1825,5],[1826,4,1826,5],[1827,4,1827,5],[1828,4,1828,5],[1830,7,1830,8],[1833,5,1833,6],[1834,4,1834,5],[1835,4,1835,5],[1836,4,1836,5],[1837,4,1837,5],[1838,4,1838,5],[1839,4,1839,5],[1840,4,1840,5],[1842,7,1842,8],[1845,5,1845,6],[1846,4,1846,5],[1847,4,1847,5],[1848,4,1848,5],[1849,4,1849,5],[1850,4,1850,5],[1851,4,1851,5],[1852,4,1852,5],[1854,7,1854,8],[1857,4,1857,5],[1858,4,1858,5],[1859,4,1859,5],[1861,7,1861,8],[1864,4,1864,5],[1865,4,1865,5],[1866,4,1866,5],[1867,4,1867,5],[1868,4,1868,5],[1869,4,1869,5],[1870,4,1870,5],[1872,7,1872,8],[1875,4,1875,5],[1876,4,1876,5],[1877,4,1877,5],[1878,4,1878,5],[1879,4,1879,5],[1881,7,1881,8],[1884,5,1884,6],[1885,5,1885,6],[1886,4,1886,5],[1887,4,1887,5],[1888,4,1888,5],[1889,4,1889,5],[1890,4,1890,5],[1891,4,1891,5],[1892,4,1892,5],[1893,4,1893,5],[1895,7,1895,8],[1898,4,1898,5],[1899,4,1899,5],[1900,4,1900,5],[1901,4,1901,5],[1902,4,1902,5],[1903,4,1903,5],[1904,4,1904,5],[1905,4,1905,5],[1906,4,1906,5],[1907,4,1907,5],[1909,7,1909,8],[1912,4,1912,5],[1913,4,1913,5],[1914,4,1914,5],[1915,4,1915,5],[1917,7,1917,8],[1920,4,1920,5],[1921,4,1921,5],[1922,4,1922,5],[1923,4,1923,5],[1925,7,1925,8],[1928,4,1928,5],[1929,4,1929,5],[1930,0,1931,0],[1930,1,1931,1],[1930,2,1931,2],[1930,3,1931,3],[1930,4,1930,5],[1930,6,1930,7],[1930,8,1931,8],[1930,9,1931,9],[1932,0,1932,4],[1932,5,1932,8],[1933,5,1933,8],[1934,0,1934,4],[1934,5,1934,8],[1935,0,1935,4],[1935,5,1935,8],[1936,0,1936,4],[1936,5,1936,8],[1937,0,1937,4],[1937,5,1937,8],[1940,0,1940,4],[1940,5,1940,8],[1945,0,1945,4],[1945,5,1945,8],[1947,0,1947,4],[1947,5,1947,8],[1949,7,1949,8],[1952,4,1952,5],[1953,4,1953,5],[1954,4,1954,5],[1955,4,1955,5],[1956,4,1956,5],[1957,4,1957,5],[1958,4,1958,5],[1960,7,1960,8],[1963,5,1963,6],[1964,4,1964,5],[1965,4,1965,5],[1966,4,1966,5],[1967,4,1967,5],[1968,4,1968,5],[1969,4,1969,5],[1970,4,1970,5],[1971,4,1971,5],[1972,4,1972,5],[1974,7,1974,8],[1977,5,1977,6],[1978,4,1978,5],[1979,4,1979,5],[1980,4,1980,5],[1981,4,1981,5],[1982,4,1982,5],[1983,4,1983,5],[1985,7,1985,8],[1988,5,1988,6],[1989,4,1989,5],[1990,4,1990,5],[1991,4,1991,5],[1992,4,1992,5],[1993,4,1993,5],[1994,4,1994,5],[1995,4,1995,5],[1996,4,1996,5],[1998,7,1998,8],[2001,4,2001,5],[2002,4,2002,5],[2003,4,2003,5],[2004,4,2004,5],[2005,4,2005,5],[2006,4,2006,5],[2008,7,2008,8],[2011,5,2011,6],[2012,5,2012,6],[2013,4,2013,5],[2014,4,2014,5],[2015,4,2015,5],[2016,4,2016,5],[2017,4,2017,5],[2018,4,2018,5],[2020,7,2020,8],[2023,4,2023,5],[2024,4,2024,5],[2025,4,2025,5],[2026,4,2026,5],[2027,4,2027,5],[2028,4,2028,5],[2030,7,2030,8],[2033,4,2033,5],[2034,4,2034,5],[2035,4,2035,5],[2036,4,2036,5],[2037,4,2037,5],[2038,4,2038,5],[2039,4,2039,5],[2040,4,2040,5],[2042,7,2042,8],[2045,4,2045,5],[2046,4,2046,5],[2047,4,2047,5],[2048,4,2048,5],[2049,4,2049,5],[2050,4,2050,5],[2051,4,2051,5],[2052,4,2052,5],[2053,4,2053,5],[2055,7,2055,8],[2058,4,2058,5],[2059,4,2059,5],[2060,4,2060,5],[2061,4,2061,5],[2062,4,2062,5],[2063,4,2063,5],[2064,4,2064,5],[2065,4,2065,5],[2066,4,2066,5],[2068,7,2068,8],[2071,5,2071,6],[2072,4,2072,5],[2073,4,2073,5],[2074,4,2074,5],[2075,4,2075,5],[2076,4,2076,5],[2077,4,2077,5],[2078,4,2078,5],[2080,7,2080,8],[2083,4,2083,5],[2084,4,2084,5],[2085,4,2085,5],[2086,4,2086,5],[2087,4,2087,5],[2088,4,2088,5],[2089,4,2089,5],[2091,7,2091,8],[2094,4,2094,5],[2095,4,2095,5],[2096,4,2096,5],[2097,4,2097,5],[2098,4,2098,5],[2099,4,2099,5],[2100,4,2100,5],[2101,4,2101,5],[2103,7,2103,8],[2106,5,2106,6],[2107,5,2107,6],[2108,5,2108,6],[2109,4,2109,5],[2110,4,2110,5],[2111,4,2111,5],[2112,4,2112,5],[2113,4,2113,5],[2114,4,2114,5],[2115,4,2115,5],[2116,4,2116,5],[2117,4,2117,5],[2118,4,2118,5],[2119,4,2119,5],[2120,4,2120,5],[2122,7,2122,8],[2125,4,2125,5],[2126,4,2126,5],[2127,4,2127,5],[2128,4,2128,5],[2129,4,2129,5],[2130,4,2130,5],[2131,4,2131,5],[2133,7,2133,8],[2136,4,2136,5],[2137,4,2137,5],[2138,4,2138,5],[2139,4,2139,5],[2140,4,2140,5],[2141,4,2141,5],[2142,4,2142,5],[2143,4,2143,5],[2145,7,2145,8],[2148,4,2148,5],[2149,4,2149,5],[2150,4,2150,5],[2151,4,2151,5],[2153,7,2153,8],[2156,4,2156,5],[2157,4,2157,5],[2158,4,2158,5],[2159,4,2159,5],[2161,7,2161,8],[2164,4,2164,5],[2165,4,2165,5],[2166,4,2166,5],[2167,4,2167,5],[2168,4,2168,5],[2169,4,2169,5],[2170,4,2170,5],[2171,4,2171,5],[2172,4,2172,5],[2173,4,2173,5],[2175,7,2175,8],[2178,4,2178,5],[2179,4,2179,5],[2180,4,2180,5],[2181,4,2181,5],[2182,4,2182,5],[2183,4,2183,5],[2184,4,2184,5],[2186,7,2186,8],[2189,4,2189,5],[2190,4,2190,5],[2191,4,2191,5],[2192,4,2192,5],[2193,4,2193,5],[2194,4,2194,5],[2195,4,2195,5],[2197,7,2197,8],[2200,4,2200,5],[2201,4,2201,5],[2202,4,2202,5],[2203,4,2203,5],[2204,4,2204,5],[2205,4,2205,5],[2206,4,2206,5],[2207,4,2207,5],[2208,4,2208,5],[2210,7,2210,8],[2213,4,2213,5],[2214,4,2214,5],[2215,4,2215,5],[2216,4,2216,5],[2217,4,2217,5],[2218,4,2218,5],[2219,4,2219,5],[2221,7,2221,8],[2224,5,2224,6],[2225,4,2225,5],[2226,4,2226,5],[2227,4,2227,5],[2228,4,2228,5],[2229,4,2229,5],[2230,4,2230,5],[2231,4,2231,5],[2232,4,2232,5],[2233,4,2233,5],[2234,4,2234,5],[2235,4,2235,5],[2236,4,2236,5],[2238,7,2238,8],[2241,4,2241,5],[2242,4,2242,5],[2243,4,2243,5],[2244,4,2244,5],[2245,4,2245,5],[2246,4,2246,5],[2247,4,2247,5],[2249,7,2249,8],[2252,4,2252,5],[2253,4,2253,5],[2254,4,2254,5],[2255,4,2255,5],[2256,4,2256,5],[2257,4,2257,5],[2258,4,2258,5],[2259,4,2259,5],[2261,7,2261,8],[2264,4,2264,5],[2265,4,2265,5],[2266,4,2266,5],[2267,4,2267,5],[2269,7,2269,8],[2272,4,2272,5],[2273,4,2273,5],[2274,4,2274,5],[2275,4,2275,5],[2277,7,2277,8],[2280,4,2280,5],[2281,4,2281,5],[2282,4,2282,5],[2283,4,2283,5],[2284,4,2284,5],[2285,4,2285,5],[2286,4,2286,5],[2287,4,2287,5],[2288,4,2288,5],[2289,4,2289,5],[2291,7,2291,8],[2294,4,2294,5],[2295,4,2295,5],[2296,4,2296,5],[2297,4,2297,5],[2298,4,2298,5],[2299,4,2299,5],[2300,4,2300,5],[2302,7,2302,8],[2305,4,2305,5],[2306,4,2306,5],[2307,4,2307,5],[2308,4,2308,5],[2309,4,2309,5],[2310,4,2310,5],[2311,4,2311,5],[2313,7,2313,8],[2316,4,2316,5],[2317,4,2317,5],[2318,4,2318,5],[2319,4,2319,5],[2320,4,2320,5],[2321,4,2321,5],[2322,4,2322,5],[2323,4,2323,5],[2324,4,2324,5],[2326,7,2326,8],[2329,4,2329,5],[2330,4,2330,5],[2331,4,2331,5],[2332,4,2332,5],[2333,4,2333,5],[2334,4,2334,5],[2335,4,2335,5],[2337,7,2337,8],[2340,5,2340,6],[2341,4,2341,5],[2342,4,2342,5],[2343,4,2343,5],[2344,4,2344,5],[2345,4,2345,5],[2346,4,2346,5],[2347,4,2347,5],[2348,4,2348,5],[2349,4,2349,5],[2350,4,2350,5],[2351,4,2351,5],[2353,7,2353,8],[2356,4,2356,5],[2357,4,2357,5],[2358,4,2358,5],[2359,4,2359,5],[2360,4,2360,5],[2361,4,2361,5],[2362,4,2362,5],[2363,4,2363,5],[2364,4,2364,5],[2365,4,2365,5],[2367,7,2367,8],[2370,4,2370,5],[2371,4,2371,5],[2372,4,2372,5],[2373,4,2373,5],[2374,4,2374,5],[2375,4,2375,5],[2376,4,2376,5],[2377,4,2377,5],[2379,7,2379,8],[2382,4,2382,5],[2383,4,2383,5],[2384,4,2384,5],[2385,4,2385,5],[2386,4,2386,5],[2387,4,2387,5],[2388,4,2388,5],[2389,4,2389,5],[2390,4,2390,5],[2391,4,2391,5],[2392,4,2392,5],[2393,4,2393,5],[2395,7,2395,8],[2398,4,2398,5],[2399,4,2399,5],[2400,4,2400,5],[2401,4,2401,5],[2402,4,2402,5],[2403,4,2403,5],[2404,4,2404,5],[2406,7,2406,8],[2409,4,2409,5],[2410,4,2410,5],[2411,4,2411,5],[2412,4,2412,5],[2413,4,2413,5],[2414,4,2414,5],[2415,4,2415,5],[2416,4,2416,5],[2418,7,2418,8],[2421,4,2421,5],[2422,4,2422,5],[2423,4,2423,5],[2424,4,2424,5],[2426,7,2426,8],[2429,4,2429,5],[2430,4,2430,5],[2431,4,2431,5],[2432,4,2432,5],[2434,7,2434,8],[2437,5,2437,6],[2438,4,2438,5],[2439,4,2439,5],[2440,4,2440,5],[2441,4,2441,5],[2442,4,2442,5],[2443,4,2443,5],[2444,4,2444,5],[2445,4,2445,5],[2446,4,2446,5],[2447,4,2447,5],[2448,4,2448,5],[2449,4,2449,5],[2451,7,2451,8],[2454,4,2454,5],[2455,4,2455,5],[2456,4,2456,5],[2457,4,2457,5],[2458,4,2458,5],[2459,4,2459,5],[2460,4,2460,5],[2462,7,2462,8],[2465,4,2465,5],[2466,4,2466,5],[2467,4,2467,5],[2468,4,2468,5],[2469,4,2469,5],[2470,4,2470,5],[2471,4,2471,5],[2472,4,2472,5],[2474,7,2474,8],[2477,5,2477,6],[2478,4,2478,5],[2479,4,2479,5],[2480,4,2480,5],[2481,4,2481,5],[2482,4,2482,5],[2483,4,2483,5],[2484,4,2484,5],[2485,4,2485,5],[2486,4,2486,5],[2487,4,2487,5],[2488,4,2488,5],[2490,7,2490,8],[2493,5,2493,6],[2494,5,2494,6],[2495,4,2495,5],[2496,4,2496,5],[2497,4,2497,5],[2498,4,2498,5],[2499,4,2499,5],[2501,7,2501,8],[2504,4,2504,5],[2505,4,2505,5],[2506,4,2506,5],[2507,4,2507,5],[2508,4,2508,5],[2510,7,2510,8],[2513,4,2513,5],[2514,4,2514,5],[2515,4,2515,5],[2516,4,2516,5],[2517,4,2517,5],[2519,7,2519,8],[2522,4,2522,5],[2523,4,2523,5],[2524,4,2524,5],[2525,4,2525,5],[2526,4,2526,5],[2528,7,2528,8],[2531,5,2531,6],[2532,4,2532,5],[2533,4,2533,5],[2534,4,2534,5],[2535,4,2535,5],[2536,4,2536,5],[2537,4,2537,5],[2538,4,2538,5],[2539,4,2539,5],[2540,4,2540,5],[2542,7,2542,8],[2545,5,2545,6],[2546,5,2546,6],[2547,4,2547,5],[2548,4,2548,5],[2549,4,2549,5],[2550,4,2550,5],[2551,4,2551,5],[2553,7,2553,8],[2556,4,2556,5],[2557,4,2557,5],[2558,4,2558,5],[2559,4,2559,5],[2560,4,2560,5],[2561,4,2561,5],[2562,4,2562,5],[2564,7,2564,8],[2567,5,2567,6],[2568,4,2568,5],[2569,4,2569,5],[2570,4,2570,5],[2571,4,2571,5],[2572,4,2572,5],[2573,4,2573,5],[2574,4,2574,5],[2576,7,2576,8],[2579,5,2579,6],[2580,4,2580,5],[2581,4,2581,5],[2582,4,2582,5],[2583,4,2583,5],[2584,4,2584,5],[2585,4,2585,5],[2586,4,2586,5],[2588,7,2588,8],[2591,5,2591,6],[2592,4,2592,5],[2593,4,2593,5],[2594,4,2594,5],[2595,4,2595,5],[2596,4,2596,5],[2597,4,2597,5],[2598,4,2598,5],[2599,4,2599,5],[2600,4,2600,5],[2601,4,2601,5],[2602,4,2602,5],[2604,7,2604,8],[2607,4,2607,5],[2608,4,2608,5],[2609,4,2609,5],[2610,4,2610,5],[2611,4,2611,5],[2612,4,2612,5],[2613,4,2613,5],[2615,7,2615,8],[2618,5,2618,6],[2619,5,2619,6],[2620,4,2620,5],[2621,4,2621,5],[2622,4,2622,5],[2623,4,2623,5],[2624,4,2624,5],[2625,4,2625,5],[2627,7,2627,8],[2630,5,2630,6],[2631,4,2631,5],[2632,4,2632,5],[2633,4,2633,5],[2634,4,2634,5],[2635,4,2635,5],[2636,4,2636,5],[2637,4,2637,5],[2639,7,2639,8],[2642,5,2642,6],[2643,5,2643,6],[2644,4,2644,5],[2645,4,2645,5],[2646,4,2646,5],[2647,4,2647,5],[2648,4,2648,5],[2650,7,2650,8],[2653,4,2653,5],[2654,4,2654,5],[2655,4,2655,5],[2656,4,2656,5],[2657,4,2657,5],[2659,7,2659,8],[2662,5,2662,6],[2663,4,2663,5],[2664,4,2664,5],[2665,4,2665,5],[2666,4,2666,5],[2667,4,2667,5],[2669,7,2669,8],[2672,5,2672,6],[2673,5,2673,6],[2674,4,2674,5],[2675,4,2675,5],[2676,4,2676,5],[2677,4,2677,5],[2678,4,2678,5],[2679,4,2679,5],[2680,4,2680,5],[2681,4,2681,5],[2682,4,2682,5],[2683,4,2683,5],[2685,7,2685,8],[2688,5,2688,6],[2689,4,2689,5],[2690,4,2690,5],[2691,4,2691,5],[2692,4,2692,5],[2693,4,2693,5],[2694,4,2694,5],[2695,4,2695,5],[2696,4,2696,5],[2698,7,2698,8],[2701,4,2701,5],[2702,4,2702,5],[2703,4,2703,5],[2704,4,2704,5],[2705,4,2705,5],[2706,4,2706,5],[2707,4,2707,5],[2708,4,2708,5],[2710,7,2710,8],[2713,4,2713,5],[2714,4,2714,5],[2715,4,2715,5],[2716,4,2716,5],[2717,4,2717,5],[2718,4,2718,5],[2719,4,2719,5],[2720,4,2720,5],[2722,7,2722,8],[2725,4,2725,5],[2726,4,2726,5],[2727,4,2727,5],[2728,4,2728,5],[2729,4,2729,5],[2730,4,2730,5],[2731,4,2731,5],[2732,4,2732,5],[2734,7,2734,8],[2737,4,2737,5],[2738,4,2738,5],[2739,4,2739,5],[2740,4,2740,5],[2741,4,2741,5],[2743,7,2743,8],[2746,4,2746,5],[2747,4,2747,5],[2748,4,2748,5],[2749,4,2749,5],[2750,4,2750,5],[2751,4,2751,5],[2752,4,2752,5],[2753,4,2753,5],[2755,7,2755,8],[2758,5,2758,6],[2759,4,2759,5],[2760,4,2760,5],[2761,4,2761,5],[2762,4,2762,5],[2763,4,2763,5],[2764,4,2764,5],[2765,4,2765,5],[2766,4,2766,5],[2767,4,2767,5],[2768,4,2768,5],[2769,4,2769,5],[2770,4,2770,5],[2771,4,2771,5],[2772,4,2772,5],[2773,4,2773,5],[2775,7,2775,8],[2778,4,2778,5],[2779,4,2779,5],[2780,4,2780,5],[2781,4,2781,5],[2782,4,2782,5],[2783,4,2783,5],[2784,4,2784,5],[2785,4,2785,5],[2786,4,2786,5],[2787,4,2787,5],[2788,4,2788,5],[2789,4,2789,5],[2790,4,2790,5],[2791,4,2791,5],[2792,4,2792,5],[2794,7,2794,8],[2797,4,2797,5],[2798,4,2798,5],[2799,4,2799,5],[2800,4,2800,5],[2801,4,2801,5],[2802,4,2802,5],[2803,4,2803,5],[2804,4,2804,5],[2806,7,2806,8],[2809,5,2809,6],[2810,4,2810,5],[2811,4,2811,5],[2812,4,2812,5],[2813,4,2813,5],[2814,4,2814,5],[2816,7,2816,8],[2819,5,2819,6],[2820,4,2820,5],[2821,4,2821,5],[2822,4,2822,5],[2823,4,2823,5],[2824,4,2824,5],[2826,7,2826,8],[2829,4,2829,5],[2830,4,2830,5],[2831,4,2831,5],[2832,4,2832,5],[2833,4,2833,5],[2834,4,2834,5],[2836,7,2836,8],[2839,4,2839,5],[2840,4,2840,5],[2841,4,2841,5],[2842,4,2842,5],[2843,4,2843,5],[2845,7,2845,8],[2848,4,2848,5],[2849,4,2849,5],[2850,4,2850,5],[2851,4,2851,5],[2852,4,2852,5],[2854,7,2854,8],[2857,5,2857,6],[2858,4,2858,5],[2859,4,2859,5],[2860,4,2860,5],[2861,4,2861,5],[2862,4,2862,5],[2863,4,2863,5],[2864,4,2864,5],[2866,7,2866,8],[2869,5,2869,6],[2870,4,2870,5],[2871,4,2871,5],[2872,4,2872,5],[2873,4,2873,5],[2874,4,2874,5],[2875,4,2875,5],[2876,4,2876,5],[2878,7,2878,8],[2881,4,2881,5],[2882,4,2882,5],[2883,4,2883,5],[2884,4,2884,5],[2885,4,2885,5],[2886,4,2886,5],[2887,4,2887,5],[2889,7,2889,8],[2892,4,2892,5],[2893,4,2893,5],[2894,4,2894,5],[2895,4,2895,5],[2896,4,2896,5],[2897,4,2897,5],[2898,4,2898,5],[2899,4,2899,5],[2901,7,2901,8],[2904,4,2904,5],[2905,4,2905,5],[2906,4,2906,5],[2907,4,2907,5],[2908,4,2908,5],[2909,4,2909,5],[2910,4,2910,5],[2911,4,2911,5],[2913,7,2913,8],[2916,4,2916,5],[2917,4,2917,5],[2918,4,2918,5],[2919,4,2919,5],[2920,4,2920,5],[2921,4,2921,5],[2922,4,2922,5],[2923,4,2923,5],[2925,7,2925,8],[2928,4,2928,5],[2929,4,2929,5],[2930,4,2930,5],[2931,4,2931,5],[2932,4,2932,5],[2933,4,2933,5],[2934,4,2934,5],[2935,4,2935,5],[2937,7,2937,8],[2940,4,2940,5],[2941,4,2941,5],[2942,4,2942,5],[2943,4,2943,5],[2944,4,2944,5],[2946,7,2946,8],[2949,4,2949,5],[2950,4,2950,5],[2951,4,2951,5],[2952,4,2952,5],[2953,4,2953,5],[2954,4,2954,5],[2956,7,2956,8],[2959,4,2959,5],[2960,4,2960,5],[2962,7,2962,8],[2965,4,2965,5],[2966,4,2966,5],[2967,4,2967,5],[2968,4,2968,5],[2969,4,2969,5],[2971,7,2971,8],[2974,4,2974,5],[2975,4,2975,5],[2976,4,2976,5],[2977,4,2977,5],[2978,4,2978,5],[2979,4,2979,5],[2980,4,2980,5],[2982,7,2982,8],[2985,5,2985,6],[2986,5,2986,6],[2987,4,2987,5],[2988,4,2988,5],[2989,4,2989,5],[2990,4,2990,5],[2991,4,2991,5],[2993,7,2993,8],[2996,5,2996,6],[2997,4,2997,5],[2998,4,2998,5],[2999,4,2999,5],[3000,4,3000,5],[3001,4,3001,5],[3002,4,3002,5],[3003,4,3003,5],[3004,4,3004,5],[3005,4,3005,5],[3006,4,3006,5],[3008,7,3008,8],[3011,4,3011,5],[3012,4,3012,5],[3013,4,3013,5],[3014,4,3014,5],[3016,7,3016,8],[3019,4,3019,5],[3020,4,3020,5],[3021,4,3021,5],[3022,4,3022,5],[3023,4,3023,5],[3024,4,3024,5],[3025,4,3025,5],[3026,4,3026,5],[3028,7,3028,8],[3031,4,3031,5],[3032,4,3032,5],[3033,4,3033,5],[3034,4,3034,5],[3035,4,3035,5],[3036,4,3036,5],[3037,4,3037,5],[3038,4,3038,5],[3039,4,3039,5],[3040,4,3040,5],[3041,4,3041,5],[3042,4,3042,5],[3043,4,3043,5],[3044,4,3044,5],[3045,4,3045,5],[3047,7,3047,8],[3051,0,3051,2],[3051,5,3051,6],[3051,7,3051,9],[3052,0,3052,2],[3052,5,3052,6],[3052,7,3052,9],[3053,0,3053,2],[3053,5,3053,6],[3053,7,3053,9]],"merged_total":2322,"flags":["merged_cut"]}
[null,null,"Obra",null,"Bancos",null,"B.D.I.",null,"Encargos Sociais"]
[null,null,"CONCLUSÃO DA OBRA DE CONSTRUÇÃO DE UNIDADE ESCOLAR, MODELO ESCOLA 6 SALAS - PADRÃO FNDE, NO MUNICÍPIO DE DUAS ESTRADAS/PB (ID SIMEC: 1010865).",null,"SINAPI - 09/2025 - Paraíba\nORSE - 09/2025 - Sergipe\nSEDOP - 10/2025 - Pará\nSEINFRA - 028 - Ceará\nSETOP - 07/2025 - Minas Gerais\nCAERN - 07/2025 - Rio Grande do Norte\n",null,"20,34%",null,"Não Desonerado: \nHorista: 113,60%\nMensalista: 69,85%"]
["Planilha Orçamentária Analítica"]
[" 1 ",null,null,"SERVIÇOS PRELIMINARES",{"$nulls":5},{"v":7084.73,"d":"7,084.73"}]
[" 1.1 ","Código","Banco","Descrição","Tipo",null,"Und","Quant.","Valor Unit","Total"]
["Composição"," 103689 ","SINAPI","FORNECIMENTO E INSTALAÇÃO DE PLACA DE OBRA COM CHAPA GALVANIZADA E ESTRUTURA DE MADEIRA. AF_03/2022_PS","Sinalização Vertical Viária",null,"m²",{"v":1,"d":"1.0000000"},403.61,403.61]
["Composição Auxiliar"," 102234 ","SINAPI","PINTURA IMUNIZANTE PARA MADEIRA, 2 DEMÃOS. AF_01/2021","Pintura em Madeira",null,"m²",{"v":0.5,"d":"0.5000000"},{"v":22.4,"d":"22.40"},{"v":11.2,"d":"11.20"}]
["Composição Auxiliar"," 88262 ","SINAPI","CARPINTEIRO DE FORMAS COM ENCARGOS COMPLEMENTARES","Livro SINAPI: Cálculos e Parâmetros",null,"H",{"v":0.3729,"d":"0.3729000"},25.77,{"v":9.6,"d":"9.60"}]
["Composição Auxiliar"," 88316 ","SINAPI","SERVENTE COM ENCARGOS COMPLEMENTARES","Livro SINAPI: Cálculos e Parâmetros",null,"H",{"v":1.1186,"d":"1.1186000"},20.58,23.02]
["Insumo"," 00004509 ","SINAPI","SARRAFO *2,5 X 10* CM EM PINUS, MISTA OU EQUIVALENTE DA REGIAO - BRUTA","Material",null,"M",{"v":3.2083,"d":"3.2083000"},5.12,16.42]
["Insumo"," 00004813 ","SINAPI","PLACA DE OBRA (PARA CONSTRUCAO CIVIL) EM CHAPA GALVANIZADA *N. 22*, ADESIVADA, DE *2,4 X 1,2* M (SEM POSTES PARA FIXACAO)","Material",null,"m²",{"v":1,"d":"1.0000000"},342.74,342.74]
["Insumo"," 00005065 ","SINAPI","PREGO DE ACO POLIDO COM CABECA 10 X 10 (7/8 X 17)","Material",null,"KG",{"v":0.0113,"d":"0.0113000"},34.81,0.39]
["Insumo"," 00005069 ","SINAPI","PREGO DE ACO POLIDO COM CABECA 17 X 27 (2 1/2 X 11)","Material",null,"KG",{"v":0.0132,"d":"0.0132000"},18.65,0.24]
[{"$nulls":4},"MO sem LS =>",{"v":14.424157303370787,"d":"14.42"},"LS =>",16.39,"MO com LS =>",30.81]
[{"$nulls":4},"Valor do BDI =>",82.09,null,"Valor com BDI =>",null,{"v":485.7,"d":"485.70"}]
[{"$nulls":6},"Quant. =>",{"v":6,"d":"6.0000000"},"Preço Total =>",{"v":2914.2,"d":"2,914.20"}]
[]
[" 1.2 ","Código","Banco","Descrição","Tipo",null,"Und","Quant.","Valor Unit","Total"]
["Composição"," 95648 ","SINAPI","KIT CAVALETE PARA MEDIÇÃO DE ÁGUA - ENTRADA INDIVIDUALIZADA, EM CPVC DN 28 MM (1\"), PARA 1 MEDIDOR - FORNECIMENTO E INSTALAÇÃO (EXCLUSIVE HIDRÔMETRO). AF_03/2024","Sistemas de Medição",null,"UN",{"v":1,"d":"1.0000000"},518.59,518.59]
["Composição Auxiliar"," 88248 ","SINAPI","AUXILIAR DE ENCANADOR OU BOMBEIRO HIDRÁULICO COM ENCARGOS COMPLEMENTARES","Livro SINAPI: Cálculos e Parâmetros",null,"H",{"v":1.6421,"d":"1.6421000"},20.97,34.43]
["Composição Auxiliar"," 88267 ","SINAPI","ENCANADOR OU BOMBEIRO HIDRÁULICO COM ENCARGOS COMPLEMENTARES","Livro SINAPI: Cálculos e Parâmetros",null,"H",{"v":1.6421,"d":"1.6421000"},25.54,41.93]
["Insumo"," 00003148 ","SINAPI","FITA VEDA ROSCA, EM PTFE, ROLO DE 18 MM X 50 M (L X C)","Material",null,"UN",{"v":0.0132,"d":"0.0132000"},6.31,0.08]
["Insumo"," 00006019 ","SINAPI","REGISTRO GAVETA BRUTO EM LATAO FORJADO, BITOLA 1\"","Material",null,"UN",{"v":1,"d":"1.0000000"},49.62,49.62]
["Insumo"," 00021114 ","SINAPI","ADESIVO PARA TUBOS CPVC, *75* G","Material",null,"UN",{"v":0.98,"d":"0.9800000"},21.97,21.53]
["Insumo"," 00021125 ","SINAPI","TUBO CPVC, SOLDAVEL, 28 MM, AGUA QUENTE PREDIAL (NBR 15884)","Material",null,"M",{"v":2.9905,"d":"2.9905000"},29.16,{"v":87.2,"d":"87.20"}]
["Insumo"," 00037957 ","SINAPI","JOELHO CPVC, SOLDAVEL, 90 GRAUS, 28 MM, PARA AGUA QUENTE","Material",null,"UN",{"v":2,"d":"2.0000000"},8.24,16.48]
["Insumo"," 00037960 ","SINAPI","JOELHO CPVC, SOLDAVEL, 90 GRAUS, 54 MM, PARA AGUA QUENTE","Material",null,"UN",{"v":2,"d":"2.0000000"},58.63,117.26]
["Insumo"," 00038007 ","SINAPI","CONECTOR, CPVC, SOLDAVEL, 28 MM X 1\", PARA AGUA QUENTE","Material",null,"UN",{"v":2,"d":"2.0000000"},25.65,{"v":51.3,"d":"51.30"}]
["Insumo"," 00038029 ","SINAPI","TUBO CPVC, SOLDAVEL, 54 MM, AGUA QUENTE PREDIAL (NBR 15884)","Material",null,"M",{"v":0.9444,"d":"0.9444000"},74.63,70.48]
["Insumo"," 00044400 ","SINAPI","BUCHA DE REDUCAO CPVC, SOLDAVEL, 54 X 28 MM, PARA AGUA QUENTE","Material",null,"UN",{"v":1,"d":"1.0000000"},28.28,28.28]
[{"$nulls":4},"MO sem LS =>",{"v":29.56928838951311,"d":"29.57"},"LS =>",33.59,"MO com LS =>",63.16]
[{"$nulls":4},"Valor do BDI =>",105.48,null,"Valor com BDI =>",null,624.07]
[{"$nulls":6},"Quant. =>",{"v":1,"d":"1.0000000"},"Preço Total =>",624.07]
[]
[" 1.3 ","Código","Banco","Descrição","Tipo",null,"Und","Quant.","Valor Unit","Total"]
["Composição"," 95673 ","SINAPI","HIDRÔMETRO DN 1/2\", 1,5 M3/H - FORNECIMENTO E INSTALAÇÃO. AF_03/2024","Sistemas de Medição",null,"UN",{"v":1,"d":"1.0000000"},114.37,114.37]
["Composição Auxiliar"," 88248 ","SINAPI","AUXILIAR DE ENCANADOR OU BOMBEIRO HIDRÁULICO COM ENCARGOS COMPLEMENTARES","Livro SINAPI: Cálculos e Parâmetros",null,"H",{"v":0.4315,"d":"0.4315000"},20.97,9.04]
["Composição Auxiliar"," 88267 ","SINAPI","ENCANADOR OU BOMBEIRO HIDRÁULICO COM ENCARGOS COMPLEMENTARES","Livro SINAPI: Cálculos e Parâmetros",null,"H",{"v":0.4315,"d":"0.4315000"},25.54,11.02]
["Insumo"," 00003148 ","SINAPI","FITA VEDA ROSCA, EM PTFE, ROLO DE 18 MM X 50 M (L X C)","Material",null,"UN",{"v":0.0106,"d":"0.0106000"},6.31,0.06]
["Insumo"," 00012769 ","SINAPI","HIDROMETRO UNIJATO / MEDIDOR DE AGUA, DN 1/2\", VAZAO MAXIMA DE 1,5 M3/H, PARA AGUA POTAVEL FRIA, RELOJOARIA PLANA, CLASSE B, HORIZONTAL (SEM CONEXOES)","Material",null,"UN",{"v":1,"d":"1.0000000"},94.25,94.25]
[{"$nulls":4},"MO sem LS =>",{"v":7.76685393258427,"d":"7.77"},"LS =>",8.82,"MO com LS =>",16.59]
[{"$nulls":4},"Valor do BDI =>",23.26,null,"Valor com BDI =>",null,137.63]
[{"$nulls":6},"Quant. =>",{"v":1,"d":"1.0000000"},"Preço Total =>",137.63]
[]
[" 1.4 ","Código","Banco","Descrição","Tipo",null,"Und","Quant.","Valor Unit","Total"]
["Composição"," 101509 ","SINAPI","ENTRADA DE ENERGIA ELÉTRICA, AÉREA, TRIFÁSICA, COM CAIXA DE EMBUTIR, CABO DE 10 MM2 E DISJUNTOR DIN 50A (NÃO INCLUSO O POSTE DE CONCRETO). AF_07/2020","Instalações Elétricas - Rede de Distribuição",null,"UN",{"v":1,"d":"1.0000000"},{"v":1732.1,"d":"1,732.10"},{"v":1732.1,"d":"1,732.10"}]
["Composição Auxiliar"," 100578 ","SINAPI","ASSENTAMENTO DE POSTE DE CONCRETO COM COMPRIMENTO NOMINAL DE 9 M, CARGA NOMINAL MENOR OU IGUAL A 1000 DAN, ENGASTAMENTO SIMPLES COM 1,5 M DE SOLO (NÃO INCLUI FORNECIMENTO). AF_04/2025","Postes de Concreto e Metálicos",null,"UN",{"v":1,"d":"1.0000000"},543.42,543.42]
["Composição Auxiliar"," 104749 ","SINAPI","CONECTOR GRAMPO METÁLICO TIPO OLHAL, PARA SPDA, PARA HASTE DE ATERRAMENTO DE 3/4'' E CABOS DE 10 A 50 MM2 - FORNECIMENTO E INSTALAÇÃO. AF_08/2023","Sistema de Proteção contra Descargas Atmosféricas - SPDA",null,"UN",{"v":1,"d":"1.0000000"},18.75,18.75]
["Composição Auxiliar"," 87367 ","SINAPI","ARGAMASSA TRAÇO 1:1:6 (EM VOLUME DE CIMENTO, CAL E AREIA MÉDIA ÚMIDA) PARA EMBOÇO/MASSA ÚNICA/ASSENTAMENTO DE ALVENARIA DE VEDAÇÃO, PREPARO MANUAL. AF_08/2019","Argamassas",null,"m³",{"v":0.0194,"d":"0.0194000"},{"v":647,"d":"647.00"},12.55]
["Composição Auxiliar"," 88247 ","SINAPI","AUXILIAR DE ELETRICISTA COM ENCARGOS COMPLEMENTARES","Livro SINAPI: Cálculos e Parâmetros",null,"H",{"v":0.3233,"d":"0.3233000"},21.88,7.07]
["Composição Auxiliar"," 88264 ","SINAPI","ELETRICISTA COM ENCARGOS COMPLEMENTARES","Livro SINAPI: Cálculos e Parâmetros",null,"H",{"v":2.9102,"d":"2.9102000"},26.52,77.17]
["Composição Auxiliar"," 91872 ","SINAPI","ELETRODUTO RÍGIDO ROSCÁVEL, PVC, DN 32 MM (1\"), PARA CIRCUITOS TERMINAIS, INSTALADO EM PAREDE - FORNECIMENTO E INSTALAÇÃO. AF_03/2023","Instalações Elétricas - Eletrodutos Embutidos, Cabos, Caixas, Tomadas e Interruptores",null,"M",{"v":6.05,"d":"6.0500000"},16.59,100.36]
["Composição Auxiliar"," 91885 ","SINAPI","LUVA PARA ELETRODUTO, PVC, ROSCÁVEL, DN 32 MM (1\"), PARA CIRCUITOS TERMINAIS, INSTALADA EM PAREDE - FORNECIMENTO E INSTALAÇÃO. AF_03/2023","Instalações Elétricas - Eletrodutos Embutidos, Cabos, Caixas, Tomadas e Interruptores",null,"UN",{"v":1,"d":"1.0000000"},{"v":11.4,"d":"11.40"},{"v":11.4,"d":"11.40"}]
["Composição Auxiliar"," 91917 ","SINAPI","CURVA 90 GRAUS PARA ELETRODUTO, PVC, ROSCÁVEL, DN 32 MM (1\"), PARA CIRCUITOS TERMINAIS, INSTALADA EM PAREDE - FORNECIMENTO E INSTALAÇÃO. AF_03/2023","Instalações Elétricas - Eletrodutos Embutidos, Cabos, Caixas, Tomadas e Interruptores",null,"UN",{"v":1,"d":"1.0000000"},17.88,17.88]
["Composição Auxiliar"," 91919 ","SINAPI","CURVA 180 GRAUS PARA ELETRODUTO, PVC, ROSCÁVEL, DN 32 MM (1\"), PARA CIRCUITOS TERMINAIS, INSTALADA EM PAREDE - FORNECIMENTO E INSTALAÇÃO. AF_03/2023","Instalações Elétricas - Eletrodutos Embutidos, Cabos, Caixas, Tomadas e Interruptores",null,"UN",{"v":1,"d":"1.0000000"},18.85,18.85]
["Composição Auxiliar"," 91933 ","SINAPI","CABO DE COBRE FLEXÍVEL ISOLADO, 10 MM², ANTI-CHAMA 0,6/1,0 KV, PARA CIRCUITOS TERMINAIS - FORNECIMENTO E INSTALAÇÃO. AF_03/2023","Instalações Elétricas - Eletrodutos Embutidos, Cabos, Caixas, Tomadas e Interruptores",null,"M",{"v":22.2,"d":"22.2000000"},15.82,{"v":351.2,"d":"351.20"}]
["Composição Auxiliar"," 93673 ","SINAPI","DISJUNTOR TRIPOLAR TIPO DIN, CORRENTE NOMINAL DE 50A - FORNECIMENTO E INSTALAÇÃO. AF_07/2025","Instalações Elétricas - Quadros, Cabos, Disjuntores, Contatores e Barramentos Blindados",null,"UN",{"v":1,"d":"1.0000000"},{"v":76.4,"d":"76.40"},{"v":76.4,"d":"76.40"}]
["Composição Auxiliar"," 96977 ","SINAPI","CORDOALHA DE COBRE NU 50 MM², ENTERRADA - FORNECIMENTO E INSTALAÇÃO. AF_08/2023","Sistema de Proteção contra Descargas Atmosféricas - SPDA",null,"M",{"v":1.95,"d":"1.9500000"},{"v":57.2,"d":"57.20"},111.54]
["Composição Auxiliar"," 96986 ","SINAPI","HASTE DE ATERRAMENTO, DIÂMETRO 3/4\", COM 3 METROS - FORNECIMENTO E INSTALAÇÃO. AF_08/2023","Sistema de Proteção contra Descargas Atmosféricas - SPDA",null,"UN",{"v":1,"d":"1.0000000"},112.96,112.96]
["Insumo"," 00001062 ","SINAPI","CAIXA INTERNA/EXTERNA DE MEDICAO PARA 1 MEDIDOR TRIFASICO, COM VISOR, EM CHAPA DE ACO 18 USG (PADRAO DA CONCESSIONARIA LOCAL)","Material",null,"UN",{"v":1,"d":"1.0000000"},186.28,186.28]
["Insumo"," 00001094 ","SINAPI","ARMACAO VERTICAL COM HASTE E CONTRA-PINO, EM CHAPA DE ACO GALVANIZADO 3/16\", COM 1 ESTRIBO, SEM ISOLADOR","Material",null,"UN",{"v":1,"d":"1.0000000"},21.08,21.08]
["Insumo"," 00003398 ","SINAPI","ISOLADOR DE PORCELANA, TIPO ROLDANA, DIMENSOES DE *72* X *72* MM, PARA USO EM BAIXA TENSAO","Material",null,"UN",{"v":1,"d":"1.0000000"},4.64,4.64]
["Insumo"," 00004346 ","SINAPI","PARAFUSO DE FERRO POLIDO, SEXTAVADO, COM ROSCA PARCIAL, DIAMETRO 5/8\", COMPRIMENTO 6\", COM PORCA E ARRUELA DE PRESSAO MEDIA","Material",null,"UN",{"v":3,"d":"3.0000000"},8.03,24.09]
["Insumo"," 00011267 ","SINAPI","ARRUELA LISA, REDONDA, DE LATAO POLIDO, DIAMETRO NOMINAL 5/8\", DIAMETRO EXTERNO = 34 MM, DIAMETRO DO FURO = 17 MM, ESPESSURA = *2,5* MM","Material",null,"UN",{"v":2,"d":"2.0000000"},1.23,2.46]
["Insumo"," 00014153 ","SINAPI","FITA METALICA PERFURADA, L = *18* MM, ROLO DE 30 M, CARGA RECOMENDADA = *30* KGF","Material",null,"UN",{"v":0.06,"d":"0.0600000"},49.42,2.96]
["Insumo"," 00034643 ","SINAPI","CAIXA DE INSPECAO PARA ATERRAMENTO E PARA RAIOS, EM POLIPROPILENO, DIAMETRO = 300 MM X ALTURA = 400 MM (INCLUIDA TAMPA SEM ESCOTILHA)","Material",null,"UN",{"v":1,"d":"1.0000000"},29.95,29.95]
["Insumo"," 00039996 ","SINAPI","VERGALHAO ZINCADO ROSCA TOTAL, 1/4\" (6,3 MM)","Material",null,"M",{"v":0.1664,"d":"0.1664000"},3.68,0.61]
["Insumo"," 00039997 ","SINAPI","PORCA ZINCADA, SEXTAVADA, DIAMETRO 1/4\"","Material",null,"UN",{"v":2,"d":"2.0000000"},0.24,0.48]
[{"$nulls":4},"MO sem LS =>",{"v":185.97846441947564,"d":"185.98"},"LS =>",211.27,"MO com LS =>",397.25]
[{"$nulls":4},"Valor do BDI =>",{"v":352.3,"d":"352.30"},null,"Valor com BDI =>",null,{"v":2084.4,"d":"2,084.40"}]
[{"$nulls":6},"Quant. =>",{"v":1,"d":"1.0000000"},"Preço Total =>",{"v":2084.4,"d":"2,084.40"}]
[]
[" 1.5 ","Código","Banco","Descrição","Tipo",null,"Und","Quant.","Valor Unit","Total"]
["Insumo"," 00041196 ","SINAPI","POSTE DE CONCRETO ARMADO DE SECAO DUPLO T, EXTENSAO DE 9,00 M, RESISTENCIA DE 150 DAN, TIPO D","Material",null,"UN",{"v":1,"d":"1.0000000"},533.83,533.83]
[{"$nulls":4},"MO sem LS =>",{"v":0,"d":"0.00"},"LS =>",{"v":0,"d":"0.00"},"MO com LS =>",{"v":0,"d":"0.00"}]
[{"$nulls":4},"Valor do BDI =>",108.58,null,"Valor com BDI =>",null,642.41]
[{"$nulls":6},"Quant. =>",{"v":1,"d":"1.0000000"},"Preço Total =>",642.41]
[]
[" 1.6 ","Código","Banco","Descrição","Tipo",null,"Und","Quant.","Valor Unit","Total"]
["Composição"," 100599 ","SINAPI","ASSENTAMENTO DE POSTE DE CONCRETO COM COMPRIMENTO NOMINAL DE 9 M, CARGA NOMINAL DE 150 DAN, ENGASTAMENTO BASE CONCRETADA COM 1 M DE CONCRETO E 0,5 M DE SOLO (NÃO INCLUI FORNECIMENTO). AF_04/2025","Postes de Concreto e Metálicos",null,"UN",{"v":1,"d":"1.0000000"},566.75,566.75]
["Composição Auxiliar"," 5928 ","SINAPI","GUINDAUTO HIDRÁULICO, CAPACIDADE MÁXIMA DE CARGA 6200 KG, MOMENTO MÁXIMO DE CARGA 11,7 TM, ALCANCE MÁXIMO HORIZONTAL 9,70 M, INCLUSIVE CAMINHÃO TOCO PBT 16.000 KG, POTÊNCIA DE 189 CV - CHP DIURNO. AF_06/2014","Custos Horários Produtivo e Improdutivo dos Equipamentos",null,"CHP",{"v":0.06686,"d":"0.0668600"},230.68,15.42]
["Composição Auxiliar"," 5930 ","SINAPI","GUINDAUTO HIDRÁULICO, CAPACIDADE MÁXIMA DE CARGA 6200 KG, MOMENTO MÁXIMO DE CARGA 11,7 TM, ALCANCE MÁXIMO HORIZONTAL 9,70 M, INCLUSIVE CAMINHÃO TOCO PBT 16.000 KG, POTÊNCIA DE 189 CV - CHI DIURNO. AF_06/2014","Custos Horários Produtivo e Improdutivo dos Equipamentos",null,"CHI",0.9865201,{"v":63.6,"d":"63.60"},62.74]
["Composição Auxiliar"," 88247 ","SINAPI","AUXILIAR DE ELETRICISTA COM ENCARGOS COMPLEMENTARES","Livro SINAPI: Cálculos e Parâmetros",null,"H",0.7184182,21.88,15.71]
["Composição Auxiliar"," 88264 ","SINAPI","ELETRICISTA COM ENCARGOS COMPLEMENTARES","Livro SINAPI: Cálculos e Parâmetros",null,"H",3.2328818,26.52,85.73]
["Composição Auxiliar"," 94962 ","SINAPI","CONCRETO MAGRO PARA LASTRO, TRAÇO 1:4,5:4,5 (EM MASSA SECA DE CIMENTO/ AREIA MÉDIA/ BRITA 1) - PREPARO MECÂNICO COM BETONEIRA 400 L. AF_05/2021","Produção de Concreto",null,"m³",0.1461895,359.38,52.53]
["Insumo"," 00000863 ","SINAPI","CABO DE COBRE NU 35 MM2 MEIO-DURO","Material",null,"M",{"v":9,"d":"9.0000000"},37.18,334.62]
[{"$nulls":4},"MO sem LS =>",{"v":54.995318352059925,"d":"55.00"},"LS =>",62.47,"MO com LS =>",117.47]
[{"$nulls":4},"Valor do BDI =>",115.27,null,"Valor com BDI =>",null,682.02]
[{"$nulls":6},"Quant. =>",{"v":1,"d":"1.0000000"},"Preço Total =>",682.02]
[]
[" 2 ",null,null,"MOVIMENTO DE TERRAS",{"$nulls":5},{"v":5285.15,"d":"5,285.15"}]
[" 2.1 ",null,null,"PASSARELAS",{"$nulls":5},{"v":528.9,"d":"528.90"}]
[" 2.1.1 ","Código","Banco","Descrição","Tipo",null,"Und","Quant.","Valor Unit","Total"]
["Composição"," 93358 ","SINAPI","ESCAVAÇÃO MANUAL DE VALA. AF_09/2024","Escavação de Valas",null,"m³",{"v":1,"d":"1.0000000"},{"v":81.4,"d":"81.40"},{"v":81.4,"d":"81.40"}]
["Composição Auxiliar"," 88316 ","SINAPI","SERVENTE COM ENCARGOS COMPLEMENTARES","Livro SINAPI: Cálculos e Parâmetros",null,"H",3.9557667,20.58,{"v":81.4,"d":"81.40"}]
[{"$nulls":4},"MO sem LS =>",{"v":29.794007490636705,"d":"29.79"},"LS =>",33.85,"MO com LS =>",63.64]
[{"$nulls":4},"Valor do BDI =>",16.55,null,"Valor com BDI =>",null,97.95]
[{"$nulls":6},"Quant. =>",{"v":4.25,"d":"4.2500000"},"Preço Total =>",416.28]
[]
[" 2.1.2 ","Código","Banco","Descrição","Tipo",null,"Und","Quant.","Valor Unit","Total"]
["Composição"," 101616 ","SINAPI","PREPARO DE FUNDO DE VALA COM LARGURA MENOR QUE 1,5 M (ACERTO DO SOLO NATURAL). AF_08/2020","Escoramento e Preparo de Fundo de Valas",null,"m²",{"v":1,"d":"1.0000000"},6.01,6.01]
["Composição Auxiliar"," 88309 ","SINAPI","PEDREIRO COM ENCARGOS COMPLEMENTARES","Livro SINAPI: Cálculos e Parâmetros",null,"H",{"v":0.102,"d":"0.1020000"},26.15,2.66]
["Composição Auxiliar"," 88316 ","SINAPI","SERVENTE COM ENCARGOS COMPLEMENTARES","Livro SINAPI: Cálculos e Parâmetros",null,"H",{"v":0.1531,"d":"0.1531000"},20.58,3.15]
["Composição Auxiliar"," 91533 ","SINAPI","COMPACTADOR DE SOLOS DE PERCUSSÃO (SOQUETE) COM MOTOR A GASOLINA 4 TEMPOS, POTÊNCIA 4 CV - CHP DIURNO. AF_08/2015","Custos Horários Produtivo e Improdutivo dos Equipamentos",null,"CHP",{"v":0.0036,"d":"0.0036000"},{"v":33.2,"d":"33.20"},0.11]
["Composição Auxiliar"," 91534 ","SINAPI","COMPACTADOR DE SOLOS DE PERCUSSÃO (SOQUETE) COM MOTOR A GASOLINA 4 TEMPOS, POTÊNCIA 4 CV - CHI DIURNO. AF_08/2015","Custos Horários Produtivo e Improdutivo dos Equipamentos",null,"CHI",{"v":0.0036,"d":"0.0036000"},26.99,0.09]
[{"$nulls":4},"MO sem LS =>",{"v":2.256554307116105,"d":"2.26"},"LS =>",2.56,"MO com LS =>",4.82]
[{"$nulls":4},"Valor do BDI =>",1.22,null,"Valor com BDI =>",null,7.23]
[{"$nulls":6},"Quant. =>",{"v":7.14,"d":"7.1400000"},"Preço Total =>",51.62]
[]
[" 2.1.3 ","Código","Banco","Descrição","Tipo",null,"Und","Quant.","Valor Unit","Total"]
["Composição"," 93382 ","SINAPI","REATERRO MANUAL DE VALAS, COM COMPACTADOR DE SOLOS DE PERCUSSÃO. AF_08/2023","Aterro e Reaterro de Valas",null,"m³",{"v":1,"d":"1.0000000"},24.14,24.14]
["Composição Auxiliar"," 5901 ","SINAPI","CAMINHÃO PIPA 10.000 L TRUCADO, PESO BRUTO TOTAL 23.000 KG, CARGA ÚTIL MÁXIMA 15.935 KG, DISTÂNCIA ENTRE EIXOS 4,8 M, POTÊNCIA 230 CV, INCLUSIVE TANQUE DE AÇO PARA TRANSPORTE DE ÁGUA - CHP DIURNO. AF_06/2014","Custos Horários Produtivo e Improdutivo dos Equipamentos",null,"CHP",{"v":0.0054,"d":"0.0054000"},263.31,1.42]
["Composição Auxiliar"," 5903 ","SINAPI","CAMINHÃO PIPA 10.000 L TRUCADO, PESO BRUTO TOTAL 23.000 KG, CARGA ÚTIL MÁXIMA 15.935 KG, DISTÂNCIA ENTRE EIXOS 4,8 M, POTÊNCIA 230 CV, INCLUSIVE TANQUE DE AÇO PARA TRANSPORTE DE ÁGUA - CHI DIURNO. AF_06/2014","Custos Horários Produtivo e Improdutivo dos Equipamentos",null,"CHI",{"v":0.0006,"d":"0.0006000"},63.88,0.03]
["Composição Auxiliar"," 88316 ","SINAPI","SERVENTE COM ENCARGOS COMPLEMENTARES","Livro SINAPI: Cálculos e Parâmetros",null,"H",{"v":0.7866,"d":"0.7866000"},20.58,16.18]
["Composição Auxiliar"," 91533 ","SINAPI","COMPACTADOR DE SOLOS DE PERCUSSÃO (SOQUETE) COM MOTOR A GASOLINA 4 TEMPOS, POTÊNCIA 4 CV - CHP DIURNO. AF_08/2015","Custos Horários Produtivo e Improdutivo dos Equipamentos",null,"CHP",{"v":0.1962,"d":"0.1962000"},{"v":33.2,"d":"33.20"},6.51]
[{"$nulls":4},"MO sem LS =>",{"v":8.038389513108614,"d":"8.04"},"LS =>",9.13,"MO com LS =>",17.17]
[{"$nulls":4},"Valor do BDI =>",4.91,null,"Valor com BDI =>",null,29.05]
[{"$nulls":6},"Quant. =>",{"v":2.1,"d":"2.1000000"},"Preço Total =>",{"v":61,"d":"61.00"}]
[]
[" 2.2 ",null,null,"CASTELO D'ÁGUA",{"$nulls":5},{"v":2228.23,"d":"2,228.23"}]
[" 2.2.1 ","Código","Banco","Descrição","Tipo",null,"Und","Quant.","Valor Unit","Total"]
["Composição"," 93358 ","SINAPI","ESCAVAÇÃO MANUAL DE VALA. AF_09/2024","Escavação de Valas",null,"m³",{"v":1,"d":"1.0000000"},{"v":81.4,"d":"81.40"},{"v":81.4,"d":"81.40"}]
["Composição Auxiliar"," 88316 ","SINAPI","SERVENTE COM ENCARGOS COMPLEMENTARES","Livro SINAPI: Cálculos e Parâmetros",null,"H",3.9557667,20.58,{"v":81.4,"d":"81.40"}]
[{"$nulls":4},"MO sem LS =>",{"v":29.794007490636705,"d":"29.79"},"LS =>",33.85,"MO com LS =>",63.64]
[{"$nulls":4},"Valor do BDI =>",16.55,null,"Valor com BDI =>",null,97.95]
[{"$nulls":6},"Quant. =>",{"v":21.3,"d":"21.3000000"},"Preço Total =>",{"v":2086.33,"d":"2,086.33"}]
[]
[" 2.2.2 ","Código","Banco","Descrição","Tipo",null,"Und","Quant.","Valor Unit","Total"]
["Composição"," 101616 ","SINAPI","PREPARO DE FUNDO DE VALA COM LARGURA MENOR QUE 1,5 M (ACERTO DO SOLO NATURAL). AF_08/2020","Escoramento e Preparo de Fundo de Valas",null,"m²",{"v":1,"d":"1.0000000"},6.01,6.01]
["Composição Auxiliar"," 88309 ","SINAPI","PEDREIRO COM ENCARGOS COMPLEMENTARES","Livro SINAPI: Cálculos e Parâmetros",null,"H",{"v":0.102,"d":"0.1020000"},26.15,2.66]
["Composição Auxiliar"," 88316 ","SINAPI","SERVENTE COM ENCARGOS COMPLEMENTARES","Livro SINAPI: Cálculos e Parâmetros",null,"H",{"v":0.1531,"d":"0.1531000"},20.58,3.15]
["Composição Auxiliar"," 91533 ","SINAPI","COMPACTADOR DE SOLOS DE PERCUSSÃO (SOQUETE) COM MOTOR A GASOLINA 4 TEMPOS, POTÊNCIA 4 CV - CHP DIURNO. AF_08/2015","Custos Horários Produtivo e Improdutivo dos Equipamentos",null,"CHP",{"v":0.0036,"d":"0.0036000"},{"v":33.2,"d":"33.20"},0.11]
["Composição Auxiliar"," 91534 ","SINAPI","COMPACTADOR DE SOLOS DE PERCUSSÃO (SOQUETE) COM MOTOR A GASOLINA 4 TEMPOS, POTÊNCIA 4 CV - CHI DIURNO. AF_08/2015","Custos Horários Produtivo e Improdutivo dos Equipamentos",null,"CHI",{"v":0.0036,"d":"0.0036000"},26.99,0.09]
[{"$nulls":4},"MO sem LS =>",{"v":2.256554307116105,"d":"2.26"},"LS =>",2.56,"MO com LS =>",4.82]
[{"$nulls":4},"Valor do BDI =>",1.22,null,"Valor com BDI =>",null,7.23]
[{"$nulls":6},"Quant. =>",{"v":13.28,"d":"13.2800000"},"Preço Total =>",96.01]
[]
[" 2.2.3 ","Código","Banco","Descrição","Tipo",null,"Und","Quant.","Valor Unit","Total"]
["Composição"," 93382 ","SINAPI","REATERRO MANUAL DE VALAS, COM COMPACTADOR DE SOLOS DE PERCUSSÃO. AF_08/2023","Aterro e Reaterro de Valas",null,"m³",{"v":1,"d":"1.0000000"},24.14,24.14]
["Composição Auxiliar"," 5901 ","SINAPI","CAMINHÃO PIPA 10.000 L TRUCADO, PESO BRUTO TOTAL 23.000 KG, CARGA ÚTIL MÁXIMA 15.935 KG, DISTÂNCIA ENTRE EIXOS 4,8 M, POTÊNCIA 230 CV, INCLUSIVE TANQUE DE AÇO PARA TRANSPORTE DE ÁGUA - CHP DIURNO. AF_06/2014","Custos Horários Produtivo e Improdutivo dos Equipamentos",null,"CHP",{"v":0.0054,"d":"0.0054000"},263.31,1.42]
["Composição Auxiliar"," 5903 ","SINAPI","CAMINHÃO PIPA 10.000 L TRUCADO, PESO BRUTO TOTAL 23.000 KG, CARGA ÚTIL MÁXIMA 15.935 KG, DISTÂNCIA ENTRE EIXOS 4,8 M, POTÊNCIA 230 CV, INCLUSIVE TANQUE DE AÇO PARA TRANSPORTE DE ÁGUA - CHI DIURNO. AF_06/2014","Custos Horários Produtivo e Improdutivo dos Equipamentos",null,"CHI",{"v":0.0006,"d":"0.0006000"},63.88,0.03]
["Composição Auxiliar"," 88316 ","SINAPI","SERVENTE COM ENCARGOS COMPLEMENTARES","Livro SINAPI: Cálculos e Parâmetros",null,"H",{"v":0.7866,"d":"0.7866000"},20.58,16.18]
["Composição Auxiliar"," 91533 ","SINAPI","COMPACTADOR DE SOLOS DE PERCUSSÃO (SOQUETE) COM MOTOR A GASOLINA 4 TEMPOS, POTÊNCIA 4 CV - CHP DIURNO. AF_08/2015","Custos Horários Produtivo e Improdutivo dos Equipamentos",null,"CHP",{"v":0.1962,"d":"0.1962000"},{"v":33.2,"d":"33.20"},6.51]
[{"$nulls":4},"MO sem LS =>",{"v":8.038389513108614,"d":"8.04"},"LS =>",9.13,"MO com LS =>",17.17]
[{"$nulls":4},"Valor do BDI =>",4.91,null,"Valor com BDI =>",null,29.05]
[{"$nulls":6},"Quant. =>",{"v":1.58,"d":"1.5800000"},"Preço Total =>",45.89]
[]
[" 2.3 ",null,null,"CALÇADAS PROTEÇÃO DA EDIFICAÇÃO",{"$nulls":5},{"v":2528.02,"d":"2,528.02"}]
[" 2.3.1 ","Código","Banco","Descrição","Tipo",null,"Und","Quant.","Valor Unit","Total"]
["Composição"," 93358 ","SINAPI","ESCAVAÇÃO MANUAL DE VALA. AF_09/2024","Escavação de Valas",null,"m³",{"v":1,"d":"1.0000000"},{"v":81.4,"d":"81.40"},{"v":81.4,"d":"81.40"}]
["Composição Auxiliar"," 88316 ","SINAPI","SERVENTE COM ENCARGOS COMPLEMENTARES","Livro SINAPI: Cálculos e Parâmetros",null,"H",3.9557667,20.58,{"v":81.4,"d":"81.40"}]
[{"$nulls":4},"MO sem LS =>",{"v":29.794007490636705,"d":"29.79"},"LS =>",33.85,"MO com LS =>",63.64]
[{"$nulls":4},"Valor do BDI =>",16.55,null,"Valor com BDI =>",null,97.95]
[{"$nulls":6},"Quant. =>",{"v":8.23,"d":"8.2300000"},"Preço Total =>",806.12]
[]
[" 2.3.2 ","Código","Banco","Descrição","Tipo",null,"Und","Quant.","Valor Unit","Total"]
["Composição"," 101616 ","SINAPI","PREPARO DE FUNDO DE VALA COM LARGURA MENOR QUE 1,5 M (ACERTO DO SOLO NATURAL). AF_08/2020","Escoramento e Preparo de Fundo de Valas",null,"m²",{"v":1,"d":"1.0000000"},6.01,6.01]
["Composição Auxiliar"," 88309 ","SINAPI","PEDREIRO COM ENCARGOS COMPLEMENTARES","Livro SINAPI: Cálculos e Parâmetros",null,"H",{"v":0.102,"d":"0.1020000"},26.15,2.66]
["Composição Auxiliar"," 88316 ","SINAPI","SERVENTE COM ENCARGOS COMPLEMENTARES","Livro SINAPI: Cálculos e Parâmetros",null,"H",{"v":0.1531,"d":"0.1531000"},20.58,3.15]
["Composição Auxiliar"," 91533 ","SINAPI","COMPACTADOR DE SOLOS DE PERCUSSÃO (SOQUETE) COM MOTOR A GASOLINA 4 TEMPOS, POTÊNCIA 4 CV - CHP DIURNO. AF_08/2015","Custos Horários Produtivo e Improdutivo dos Equipamentos",null,"CHP",{"v":0.0036,"d":"0.0036000"},{"v":33.2,"d":"33.20"},0.11]
["Composição Auxiliar"," 91534 ","SINAPI","COMPACTADOR DE SOLOS DE PERCUSSÃO (SOQUETE) COM MOTOR A GASOLINA 4 TEMPOS, POTÊNCIA 4 CV - CHI DIURNO. AF_08/2015","Custos Horários Produtivo e Improdutivo dos Equipamentos",null,"CHI",{"v":0.0036,"d":"0.0036000"},26.99,0.09]
[{"$nulls":4},"MO sem LS =>",{"v":2.256554307116105,"d":"2.26"},"LS =>",2.56,"MO com LS =>",4.82]
[{"$nulls":4},"Valor do BDI =>",1.22,null,"Valor com BDI =>",null,7.23]
[{"$nulls":6},"Quant. =>",{"v":164.65,"d":"164.6500000"},"Preço Total =>",{"v":1190.41,"d":"1,190.41"}]
[]
[" 2.3.3 ","Código","Banco","Descrição","Tipo",null,"Und","Quant.","Valor Unit","Total"]
["Composição"," 71 ","ORSE","Aterro manual de áreas, sem aquisição de material, com espalhamento e compactação","Aterros / Reaterros / Compactações",null,"m³",{"v":1,"d":"1.0000000"},53.67,53.67]
["Composição Auxiliar"," 10549 ","ORSE","Encargos Complementares - Servente","Provisórios",null,"h",{"v":3,"d":"3.0000000"},3.31,9.93]
["Insumo"," 00006111/SINAPI ","ORSE","Servente de obras (horista)","Mão de Obra",null,"h",{"v":3,"d":"3.0000000"},14.58,43.74]
[{"$nulls":4},"MO sem LS =>",{"v":20.4775281,"d":"20.48"},"LS =>",23.26,"MO com LS =>",43.74]
[{"$nulls":4},"Valor do BDI =>",10.91,null,"Valor com BDI =>",null,64.58]
[{"$nulls":6},"Quant. =>",{"v":8.23,"d":"8.2300000"},"Preço Total =>",531.49]
[]
[" 3 ",null,null,"INFRAESTRUTURA",{"$nulls":5},{"v":13660.15,"d":"13,660.15"}]
[" 3.1 ",null,null,"RECUPERAÇÃO VIGAS BALDRAMES EXISTENTES",{"$nulls":5},{"v":1886.89,"d":"1,886.89"}]
[" 3.1.1 ","Código","Banco","Descrição","Tipo",null,"Und","Quant.","Valor Unit","Total"]
["Composição"," 040227 ","SBC","RECUPERACAO DE ELEMENTOS ESTRUTURAIS EM CONCRETO 15Mpa","ESTRUTURA",null,"m³",{"v":1,"d":"1.0000000"},{"v":3824.33,"d":"3,824.33"},{"v":3824.33,"d":"3,824.33"}]
["Composição Auxiliar"," 88238 ","SINAPI","AJUDANTE DE ARMADOR COM ENCARGOS COMPLEMENTARES","Livro SINAPI: Cálculos e Parâmetros",null,"H",{"v":11.601,"d":"11.6010000"},21.42,248.49]
["Composição Auxiliar"," 88239 ","SINAPI","AJUDANTE DE CARPINTEIRO COM ENCARGOS COMPLEMENTARES","Livro SINAPI: Cálculos e Parâmetros",null,"H",{"v":22.673,"d":"22.6730000"},21.29,{"v":482.7,"d":"482.70"}]
["Composição Auxiliar"," 88245 ","SINAPI","ARMADOR COM ENCARGOS COMPLEMENTARES","Livro SINAPI: Cálculos e Parâmetros",null,"H",{"v":11.601,"d":"11.6010000"},25.95,301.04]
["Composição Auxiliar"," 88262 ","SINAPI","CARPINTEIRO DE FORMAS COM ENCARGOS COMPLEMENTARES","Livro SINAPI: Cálculos e Parâmetros",null,"H",{"v":16.155,"d":"16.1550000"},25.77,416.31]
["Composição Auxiliar"," 88309 ","SINAPI","PEDREIRO COM ENCARGOS COMPLEMENTARES","Livro SINAPI: Cálculos e Parâmetros",null,"H",{"v":4.5464,"d":"4.5464000"},26.15,118.88]
["Composição Auxiliar"," 88316 ","SINAPI","SERVENTE COM ENCARGOS COMPLEMENTARES","Livro SINAPI: Cálculos e Parâmetros",null,"H",{"v":18.257,"d":"18.2570000"},20.58,375.72]
["Insumo"," 000050 ","SBC","CIMENTO PORTLAND CP III 32RS NBR 11578 (quilo)","Material",null,"KG",{"v":362,"d":"362.0000000"},0.45,{"v":162.9,"d":"162.90"}]
["Insumo"," 000100 ","SBC","AREIA GROSSA LAVADA","Material",null,"m³",{"v":0.654,"d":"0.6540000"},77.12,50.43]
["Insumo"," 000200 ","SBC","PEDRA BRITADA #1 E 2","Material",null,"m³",{"v":0.766,"d":"0.7660000"},62.12,47.58]
["Insumo"," 000343 ","SBC","ACO CA 60 MEDIO (4,2mm a 9,5mm)","Material",null,"KG",{"v":25,"d":"25.0000000"},10.01,250.25]
["Insumo"," 000344 ","SBC","ACO CA 50 MEDIO (6,0mm a 25,0mm) (3/16\" a 1\")","Material",null,"KG",{"v":85,"d":"85.0000000"},{"v":11.2,"d":"11.20"},{"v":952,"d":"952.00"}]
["Insumo"," 000400 ","SBC","ARAME RECOZIDO ISGW #16 (0,032kg/m) (55 AMARRAS/pm3)","Material",null,"KG",{"v":2.2,"d":"2.2000000"},15.28,33.61]
["Insumo"," 001250 ","SBC","TABUA TERCEIRA QUALIDADE NAO APARELHADA","Material",null,"M",{"v":24,"d":"24.0000000"},6.42,154.08]
["Insumo"," 001350 ","SBC","PONTALETE 7,5x7,5cm (3x3\") PERNA/BARROTE/ESTRONCA","Material",null,"M",{"v":42,"d":"42.0000000"},4.51,189.42]
["Insumo"," 001450 ","SBC","PREGO FERRO GALVANIZADO 16x24 (285 un/kg)","Material",null,"KG",{"v":2.4,"d":"2.4000000"},17.05,40.92]
[{"$nulls":4},"MO sem LS =>",{"v":732.1676029962547,"d":"732.17"},"LS =>",831.74,"MO com LS =>",{"v":1563.91,"d":"1,563.91"}]
[{"$nulls":4},"Valor do BDI =>",777.86,null,"Valor com BDI =>",null,{"v":4602.19,"d":"4,602.19"}]
[{"$nulls":6},"Quant. =>",{"v":0.41,"d":"0.4100000"},"Preço Total =>",{"v":1886.89,"d":"1,886.89"}]
[]
[" 3.2 ",null,null,"PASSARELAS",{"$nulls":5},{"v":7974.46,"d":"7,974.46"}]
[" 3.2.1 ",null,null,"BLOCOS DE FUNDAÇÃO E PESCOÇO DE PILARES",{"$nulls":5},{"v":3468.32,"d":"3,468.32"}]
[" 3.2.1.1 ","Código","Banco","Descrição","Tipo",null,"Und","Quant.","Valor Unit","Total"]
["Composição"," 96534 ","SINAPI","FABRICAÇÃO, MONTAGEM E DESMONTAGEM DE FÔRMA PARA BLOCO DE COROAMENTO, EM MADEIRA SERRADA, E=25 MM, 4 UTILIZAÇÕES. AF_01/2024","Fundações Rasas (Blocos, Sapatas, Vigas Baldrame)",null,"m²",{"v":1,"d":"1.0000000"},78.65,78.65]
["Composição Auxiliar"," 88239 ","SINAPI","AJUDANTE DE CARPINTEIRO COM ENCARGOS COMPLEMENTARES","Livro SINAPI: Cálculos e Parâmetros",null,"H",{"v":0.588,"d":"0.5880000"},21.29,12.51]
["Composição Auxiliar"," 88262 ","SINAPI","CARPINTEIRO DE FORMAS COM ENCARGOS COMPLEMENTARES","Livro SINAPI: Cálculos e Parâmetros",null,"H",{"v":1.334,"d":"1.3340000"},25.77,34.37]
["Composição Auxiliar"," 91692 ","SINAPI","SERRA CIRCULAR DE BANCADA COM MOTOR ELÉTRICO POTÊNCIA DE 5HP, COM COIFA PARA DISCO 10\" - CHP DIURNO. AF_08/2015","Custos Horários Produtivo e Improdutivo dos Equipamentos",null,"CHP",{"v":0.011,"d":"0.0110000"},27.05,0.29]
["Composição Auxiliar"," 91693 ","SINAPI","SERRA CIRCULAR DE BANCADA COM MOTOR ELÉTRICO POTÊNCIA DE 5HP, COM COIFA PARA DISCO 10\" - CHI DIURNO. AF_08/2015","Custos Horários Produtivo e Improdutivo dos Equipamentos",null,"CHI",{"v":0.044,"d":"0.0440000"},26.11,1.14]
["Insumo"," 00002692 ","SINAPI","DESMOLDANTE PROTETOR PARA FORMAS DE MADEIRA, DE BASE OLEOSA EMULSIONADA EM AGUA","Material",null,"L",{"v":0.0167,"d":"0.0167000"},{"v":7.4,"d":"7.40"},0.12]
["Insumo"," 00004491 ","SINAPI","PONTALETE *7,5 X 7,5* CM EM PINUS, MISTA OU EQUIVALENTE DA REGIAO - BRUTA","Material",null,"M",{"v":0.675,"d":"0.6750000"},10.08,{"v":6.8,"d":"6.80"}]
["Insumo"," 00004517 ","SINAPI","SARRAFO *2,5 X 7,5* CM EM PINUS, MISTA OU EQUIVALENTE DA REGIAO - BRUTA","Material",null,"M",{"v":0.924,"d":"0.9240000"},3.52,3.25]
["Insumo"," 00005074 ","SINAPI","PREGO DE ACO POLIDO COM CABECA 15 X 18 (1 1/2 X 13)","Material",null,"KG",{"v":0.011,"d":"0.0110000"},{"v":20.5,"d":"20.50"},0.22]
["Insumo"," 00006212 ","SINAPI","TABUA *2,5 X 30 CM EM PINUS, MISTA OU EQUIVALENTE DA REGIAO - BRUTA","Material",null,"M",{"v":1.155,"d":"1.1550000"},16.71,{"v":19.3,"d":"19.30"}]
["Insumo"," 00040304 ","SINAPI","PREGO DE ACO POLIDO COM CABECA DUPLA 17 X 27 (2 1/2 X 11)","Material",null,"KG",{"v":0.029,"d":"0.0290000"},22.59,0.65]
[{"$nulls":4},"MO sem LS =>",{"v":18.572097378277153,"d":"18.57"},"LS =>",{"v":21.1,"d":"21.10"},"MO com LS =>",39.67]
[{"$nulls":4},"Valor do BDI =>",15.99,null,"Valor com BDI =>",null,94.64]
[{"$nulls":6},"Quant. =>",{"v":13.68,"d":"13.6800000"},"Preço Total =>",{"v":1294.67,"d":"1,294.67"}]
[]
[" 3.2.1.2 ","Código","Banco","Descrição","Tipo",null,"Und","Quant.","Valor Unit","Total"]
["Composição"," 96546 ","SINAPI","ARMAÇÃO DE BLOCO UTILIZANDO AÇO CA-50 DE 10 MM - MONTAGEM. AF_01/2024","Fundações Rasas (Blocos, Sapatas, Vigas Baldrame)",null,"KG",{"v":1,"d":"1.0000000"},11.42,11.42]
["Composição Auxiliar"," 88238 ","SINAPI","AJUDANTE DE ARMADOR COM ENCARGOS COMPLEMENTARES","Livro SINAPI: Cálculos e Parâmetros",null,"H",{"v":0.044,"d":"0.0440000"},21.42,0.94]
["Composição Auxiliar"," 88245 ","SINAPI","ARMADOR COM ENCARGOS COMPLEMENTARES","Livro SINAPI: Cálculos e Parâmetros",null,"H",{"v":0.116,"d":"0.1160000"},25.95,3.01]
["Composição Auxiliar"," 92803 ","SINAPI","CORTE E DOBRA DE AÇO CA-50, DIÂMETRO DE 10,0 MM. AF_06/2022","Armação para Estruturas de Concreto Armado",null,"KG",{"v":1,"d":"1.0000000"},6.87,6.87]
["Insumo"," 00039017 ","SINAPI","ESPACADOR / DISTANCIADOR CIRCULAR COM ENTRADA LATERAL, EM PLASTICO, PARA VERGALHAO *4,2 A 12,5* MM, COBRIMENTO 20 MM","Material",null,"UN",{"v":0.48,"d":"0.4800000"},0.19,0.09]
["Insumo"," 00043132 ","SINAPI","ARAME RECOZIDO 16 BWG, D = 1,65 MM (0,016 KG/M) OU 18 BWG, D = 1,25 MM (0,01 KG/M)","Material",null,"KG",{"v":0.025,"d":"0.0250000"},20.56,0.51]
[{"$nulls":4},"MO sem LS =>",{"v":1.601123595505618,"d":"1.60"},"LS =>",1.82,"MO com LS =>",3.42]
[{"$nulls":4},"Valor do BDI =>",2.32,null,"Valor com BDI =>",null,13.74]
[{"$nulls":6},"Quant. =>",{"v":25.5,"d":"25.5000000"},"Preço Total =>",350.37]
[]
[" 3.2.1.3 ","Código","Banco","Descrição","Tipo",null,"Und","Quant.","Valor Unit","Total"]
["Composição"," 96543 ","SINAPI","ARMAÇÃO DE BLOCO UTILIZANDO AÇO CA-60 DE 5 MM - MONTAGEM. AF_01/2024","Fundações Rasas (Blocos, Sapatas, Vigas Baldrame)",null,"KG",{"v":1,"d":"1.0000000"},17.07,17.07]
["Composição Auxiliar"," 88238 ","SINAPI","AJUDANTE DE ARMADOR COM ENCARGOS COMPLEMENTARES","Livro SINAPI: Cálculos e Parâmetros",null,"H",{"v":0.097,"d":"0.0970000"},21.42,2.07]
["Composição Auxiliar"," 88245 ","SINAPI","ARMADOR COM ENCARGOS COMPLEMENTARES","Livro SINAPI: Cálculos e Parâmetros",null,"H",{"v":0.252,"d":"0.2520000"},25.95,6.53]
["Composição Auxiliar"," 92800 ","SINAPI","CORTE E DOBRA DE AÇO CA-60, DIÂMETRO DE 5,0 MM. AF_06/2022","Armação para Estruturas de Concreto Armado",null,"KG",{"v":1,"d":"1.0000000"},7.75,7.75]
["Insumo"," 00039017 ","SINAPI","ESPACADOR / DISTANCIADOR CIRCULAR COM ENTRADA LATERAL, EM PLASTICO, PARA VERGALHAO *4,2 A 12,5* MM, COBRIMENTO 20 MM","Material",null,"UN",{"v":1.143,"d":"1.1430000"},0.19,0.21]
["Insumo"," 00043132 ","SINAPI","ARAME RECOZIDO 16 BWG, D = 1,65 MM (0,016 KG/M) OU 18 BWG, D = 1,25 MM (0,01 KG/M)","Material",null,"KG",{"v":0.025,"d":"0.0250000"},20.56,0.51]
[{"$nulls":4},"MO sem LS =>",{"v":3.9372659176029963,"d":"3.94"},"LS =>",4.47,"MO com LS =>",8.41]
[{"$nulls":4},"Valor do BDI =>",3.47,null,"Valor com BDI =>",null,20.54]
[{"$nulls":6},"Quant. =>",{"v":27.9,"d":"27.9000000"},"Preço Total =>",573.06]
[]
[" 3.2.1.4 ","Código","Banco","Descrição","Tipo",null,"Und","Quant.","Valor Unit","Total"]
["Composição"," 94965 ","SINAPI","CONCRETO FCK = 25MPA, TRAÇO 1:2,3:2,7 (EM MASSA SECA DE CIMENTO/ AREIA MÉDIA/ BRITA 1) - PREPARO MECÂNICO COM BETONEIRA 400 L. AF_05/2021","Produção de Concreto",null,"m³",{"v":1,"d":"1.0000000"},440.17,440.17]
["Composição Auxiliar"," 88316 ","SINAPI","SERVENTE COM ENCARGOS COMPLEMENTARES","Livro SINAPI: Cálculos e Parâmetros",null,"H",{"v":2.3117,"d":"2.3117000"},20.58,47.57]
["Composição Auxiliar"," 88377 ","SINAPI","OPERADOR DE BETONEIRA ESTACIONÁRIA/MISTURADOR COM ENCARGOS COMPLEMENTARES","Livro SINAPI: Cálculos e Parâmetros",null,"H",{"v":1.4637,"d":"1.4637000"},17.82,26.08]
["Composição Auxiliar"," 88830 ","SINAPI","BETONEIRA CAPACIDADE NOMINAL DE 400 L, CAPACIDADE DE MISTURA 280 L, MOTOR ELÉTRICO TRIFÁSICO POTÊNCIA DE 2 CV, SEM CARREGADOR - CHP DIURNO. AF_05/2023","Custos Horários Produtivo e Improdutivo dos Equipamentos",null,"CHP",{"v":0.7534,"d":"0.7534000"},1.43,1.07]
["Composição Auxiliar"," 88831 ","SINAPI","BETONEIRA CAPACIDADE NOMINAL DE 400 L, CAPACIDADE DE MISTURA 280 L, MOTOR ELÉTRICO TRIFÁSICO POTÊNCIA DE 2 CV, SEM CARREGADOR - CHI DIURNO. AF_05/2023","Custos Horários Produtivo e Improdutivo dos Equipamentos",null,"CHI",{"v":0.7103,"d":"0.7103000"},0.33,0.23]
["Insumo"," 00000370 ","SINAPI","AREIA MEDIA - POSTO JAZIDA/FORNECEDOR (RETIRADO NA JAZIDA, SEM TRANSPORTE)","Material",null,"m³",{"v":0.7229,"d":"0.7229000"},124.24,89.81]
["Insumo"," 00001379 ","SINAPI","CIMENTO PORTLAND COMPOSTO CP II-32","Material",null,"KG",{"v":362.6579,"d":"362.6579000"},0.62,224.84]
["Insumo"," 00004721 ","SINAPI","PEDRA BRITADA N. 1 (9,5 A 19 MM) POSTO PEDREIRA/FORNECEDOR, SEM FRETE","Material",null,"m³",{"v":0.5934,"d":"0.5934000"},85.23,50.57]
[{"$nulls":4},"MO sem LS =>",{"v":27.18632958801498,"d":"27.19"},"LS =>",30.88,"MO com LS =>",58.07]
[{"$nulls":4},"Valor do BDI =>",89.53,null,"Valor com BDI =>",null,{"v":529.7,"d":"529.70"}]
[{"$nulls":6},"Quant. =>",{"v":1.44,"d":"1.4400000"},"Preço Total =>",762.76]
[]
[" 3.2.1.5 ","Código","Banco","Descrição","Tipo",null,"Und","Quant.","Valor Unit","Total"]
["Composição"," 103670 ","SINAPI","LANÇAMENTO COM USO DE BALDES, ADENSAMENTO E ACABAMENTO DE CONCRETO EM ESTRUTURAS. AF_02/2022","Concretagem para Estruturas de Concreto Armado",null,"m³",{"v":1,"d":"1.0000000"},281.31,281.31]
["Composição Auxiliar"," 88262 ","SINAPI","CARPINTEIRO DE FORMAS COM ENCARGOS COMPLEMENTARES","Livro SINAPI: Cálculos e Parâmetros",null,"H",{"v":2.459,"d":"2.4590000"},25.77,63.36]
["Composição Auxiliar"," 88309 ","SINAPI","PEDREIRO COM ENCARGOS COMPLEMENTARES","Livro SINAPI: Cálculos e Parâmetros",null,"H",{"v":2.459,"d":"2.4590000"},26.15,{"v":64.3,"d":"64.30"}]
["Composição Auxiliar"," 88316 ","SINAPI","SERVENTE COM ENCARGOS COMPLEMENTARES","Livro SINAPI: Cálculos e Parâmetros",null,"H",{"v":7.377,"d":"7.3770000"},20.58,151.81]
["Composição Auxiliar"," 90586 ","SINAPI","VIBRADOR DE IMERSÃO, DIÂMETRO DE PONTEIRA 45MM, MOTOR ELÉTRICO TRIFÁSICO POTÊNCIA DE 2 CV - CHP DIURNO. AF_06/2015","Custos Horários Produtivo e Improdutivo dos Equipamentos",null,"CHP",{"v":1.042,"d":"1.0420000"},1.12,1.16]
["Composição Auxiliar"," 90587 ","SINAPI","VIBRADOR DE IMERSÃO, DIÂMETRO DE PONTEIRA 45MM, MOTOR ELÉTRICO TRIFÁSICO POTÊNCIA DE 2 CV - CHI DIURNO. AF_06/2015","Custos Horários Produtivo e Improdutivo dos Equipamentos",null,"CHI",{"v":1.417,"d":"1.4170000"},0.48,0.68]
[{"$nulls":4},"MO sem LS =>",{"v":105.0187265917603,"d":"105.02"},"LS =>",{"v":119.3,"d":"119.30"},"MO com LS =>",224.32]
[{"$nulls":4},"Valor do BDI =>",57.21,null,"Valor com BDI =>",null,338.52]
[{"$nulls":6},"Quant. =>",{"v":1.44,"d":"1.4400000"},"Preço Total =>",487.46]
[]
[" 3.2.2 ",null,null,"VIGAS BALDRAMES",{"$nulls":5},{"v":4506.14,"d":"4,506.14"}]
[" 3.2.2.1 ","Código","Banco","Descrição","Tipo",null,"Und","Quant.","Valor Unit","Total"]
["Composição"," 96536 ","SINAPI","FABRICAÇÃO, MONTAGEM E DESMONTAGEM DE FÔRMA PARA VIGA BALDRAME, EM MADEIRA SERRADA, E=25 MM, 4 UTILIZAÇÕES. AF_01/2024","Fundações Rasas (Blocos, Sapatas, Vigas Baldrame)",null,"m²",{"v":1,"d":"1.0000000"},68.65,68.65]
["Composição Auxiliar"," 88239 ","SINAPI","AJUDANTE DE CARPINTEIRO COM ENCARGOS COMPLEMENTARES","Livro SINAPI: Cálculos e Parâmetros",null,"H",{"v":0.477,"d":"0.4770000"},21.29,10.15]
["Composição Auxiliar"," 88262 ","SINAPI","CARPINTEIRO DE FORMAS COM ENCARGOS COMPLEMENTARES","Livro SINAPI: Cálculos e Parâmetros",null,"H",{"v":1.088,"d":"1.0880000"},25.77,28.03]
["Composição Auxiliar"," 91692 ","SINAPI","SERRA CIRCULAR DE BANCADA COM MOTOR ELÉTRICO POTÊNCIA DE 5HP, COM COIFA PARA DISCO 10\" - CHP DIURNO. AF_08/2015","Custos Horários Produtivo e Improdutivo dos Equipamentos",null,"CHP",{"v":0.013,"d":"0.0130000"},27.05,0.35]
["Composição Auxiliar"," 91693 ","SINAPI","SERRA CIRCULAR DE BANCADA COM MOTOR ELÉTRICO POTÊNCIA DE 5HP, COM COIFA PARA DISCO 10\" - CHI DIURNO. AF_08/2015","Custos Horários Produtivo e Improdutivo dos Equipamentos",null,"CHI",{"v":0.053,"d":"0.0530000"},26.11,1.38]
["Insumo"," 00002692 ","SINAPI","DESMOLDANTE PROTETOR PARA FORMAS DE MADEIRA, DE BASE OLEOSA EMULSIONADA EM AGUA","Material",null,"L",{"v":0.0167,"d":"0.0167000"},{"v":7.4,"d":"7.40"},0.12]
["Insumo"," 00004491 ","SINAPI","PONTALETE *7,5 X 7,5* CM EM PINUS, MISTA OU EQUIVALENTE DA REGIAO - BRUTA","Material",null,"M",{"v":0.605,"d":"0.6050000"},10.08,6.09]
["Insumo"," 00004517 ","SINAPI","SARRAFO *2,5 X 7,5* CM EM PINUS, MISTA OU EQUIVALENTE DA REGIAO - BRUTA","Material",null,"M",{"v":0.547,"d":"0.5470000"},3.52,1.92]
["Insumo"," 00005073 ","SINAPI","PREGO DE ACO POLIDO COM CABECA 17 X 24 (2 1/4 X 11)","Material",null,"KG",{"v":0.026,"d":"0.0260000"},18.65,0.48]
["Insumo"," 00006212 ","SINAPI","TABUA *2,5 X 30 CM EM PINUS, MISTA OU EQUIVALENTE DA REGIAO - BRUTA","Material",null,"M",{"v":1.134,"d":"1.1340000"},16.71,18.94]
["Insumo"," 00040304 ","SINAPI","PREGO DE ACO POLIDO COM CABECA DUPLA 17 X 27 (2 1/2 X 11)","Material",null,"KG",{"v":0.053,"d":"0.0530000"},22.59,1.19]
[{"$nulls":4},"MO sem LS =>",{"v":15.351123595505618,"d":"15.35"},"LS =>",17.44,"MO com LS =>",32.79]
[{"$nulls":4},"Valor do BDI =>",13.96,null,"Valor com BDI =>",null,82.61]
[{"$nulls":6},"Quant. =>",{"v":26.73,"d":"26.7300000"},"Preço Total =>",{"v":2208.16,"d":"2,208.16"}]
[]
[" 3.2.2.2 ","Código","Banco","Descrição","Tipo",null,"Und","Quant.","Valor Unit","Total"]
["Composição"," 92761 ","SINAPI","ARMAÇÃO DE PILAR OU VIGA DE ESTRUTURA CONVENCIONAL DE CONCRETO ARMADO UTILIZANDO AÇO CA-50 DE 8,0 MM - MONTAGEM. AF_06/2022","Armação para Estruturas de Concreto Armado",null,"KG",{"v":1,"d":"1.0000000"},{"v":9.8,"d":"9.80"},{"v":9.8,"d":"9.80"}]
["Composição Auxiliar"," 88238 ","SINAPI","AJUDANTE DE ARMADOR COM ENCARGOS COMPLEMENTARES","Livro SINAPI: Cálculos e Parâmetros",null,"H",{"v":0.0092,"d":"0.0092000"},21.42,0.19]
["Composição Auxiliar"," 88245 ","SINAPI","ARMADOR COM ENCARGOS COMPLEMENTARES","Livro SINAPI: Cálculos e Parâmetros",null,"H",{"v":0.0561,"d":"0.0561000"},25.95,1.45]
["Composição Auxiliar"," 92802 ","SINAPI","CORTE E DOBRA DE AÇO CA-50, DIÂMETRO DE 8,0 MM. AF_06/2022","Armação para Estruturas de Concreto Armado",null,"KG",{"v":1,"d":"1.0000000"},7.51,7.51]
["Insumo"," 00039017 ","SINAPI","ESPACADOR / DISTANCIADOR CIRCULAR COM ENTRADA LATERAL, EM PLASTICO, PARA VERGALHAO *4,2 A 12,5* MM, COBRIMENTO 20 MM","Material",null,"UN",{"v":0.743,"d":"0.7430000"},0.19,0.14]
["Insumo"," 00043132 ","SINAPI","ARAME RECOZIDO 16 BWG, D = 1,65 MM (0,016 KG/M) OU 18 BWG, D = 1,25 MM (0,01 KG/M)","Material",null,"KG",{"v":0.025,"d":"0.0250000"},20.56,0.51]
[{"$nulls":4},"MO sem LS =>",{"v":0.8052434456928839,"d":"0.81"},"LS =>",0.91,"MO com LS =>",1.72]
[{"$nulls":4},"Valor do BDI =>",1.99,null,"Valor com BDI =>",null,11.79]
[{"$nulls":6},"Quant. =>",{"v":59.7,"d":"59.7000000"},"Preço Total =>",703.86]
[]
[" 3.2.2.3 ","Código","Banco","Descrição","Tipo",null,"Und","Quant.","Valor Unit","Total"]
["Composição"," 92759 ","SINAPI","ARMAÇÃO DE PILAR OU VIGA DE ESTRUTURA CONVENCIONAL DE CONCRETO ARMADO UTILIZANDO AÇO CA-60 DE 5,0 MM - MONTAGEM. AF_06/2022","Armação para Estruturas de Concreto Armado",null,"KG",{"v":1,"d":"1.0000000"},11.62,11.62]
["Composição Auxiliar"," 88238 ","SINAPI","AJUDANTE DE ARMADOR COM ENCARGOS COMPLEMENTARES","Livro SINAPI: Cálculos e Parâmetros",null,"H",{"v":0.0175,"d":"0.0175000"},21.42,0.37]
["Composição Auxiliar"," 88245 ","SINAPI","ARMADOR COM ENCARGOS COMPLEMENTARES","Livro SINAPI: Cálculos e Parâmetros",null,"H",{"v":0.1069,"d":"0.1069000"},25.95,2.77]
["Composição Auxiliar"," 92800 ","SINAPI","CORTE E DOBRA DE AÇO CA-60, DIÂMETRO DE 5,0 MM. AF_06/2022","Armação para Estruturas de Concreto Armado",null,"KG",{"v":1,"d":"1.0000000"},7.75,7.75]
["Insumo"," 00039017 ","SINAPI","ESPACADOR / DISTANCIADOR CIRCULAR COM ENTRADA LATERAL, EM PLASTICO, PARA VERGALHAO *4,2 A 12,5* MM, COBRIMENTO 20 MM","Material",null,"UN",{"v":1.19,"d":"1.1900000"},0.19,0.22]
["Insumo"," 00043132 ","SINAPI","ARAME RECOZIDO 16 BWG, D = 1,65 MM (0,016 KG/M) OU 18 BWG, D = 1,25 MM (0,01 KG/M)","Material",null,"KG",{"v":0.025,"d":"0.0250000"},20.56,0.51]
[{"$nulls":4},"MO sem LS =>",{"v":1.8586142322097379,"d":"1.86"},"LS =>",2.11,"MO com LS =>",3.97]
[{"$nulls":4},"Valor do BDI =>",2.36,null,"Valor com BDI =>",null,13.98]
[{"$nulls":6},"Quant. =>",{"v":24.6,"d":"24.6000000"},"Preço Total =>",{"v":343.9,"d":"343.90"}]
[]
[" 3.2.2.4 ","Código","Banco","Descrição","Tipo",null,"Und","Quant.","Valor Unit","Total"]
["Composição"," 94965 ","SINAPI","CONCRETO FCK = 25MPA, TRAÇO 1:2,3:2,7 (EM MASSA SECA DE CIMENTO/ AREIA MÉDIA/ BRITA 1) - PREPARO MECÂNICO COM BETONEIRA 400 L. AF_05/2021","Produção de Concreto",null,"m³",{"v":1,"d":"1.0000000"},440.17,440.17]
["Composição Auxiliar"," 88316 ","SINAPI","SERVENTE COM ENCARGOS COMPLEMENTARES","Livro SINAPI: Cálculos e Parâmetros",null,"H",{"v":2.3117,"d":"2.3117000"},20.58,47.57]
["Composição Auxiliar"," 88377 ","SINAPI","OPERADOR DE BETONEIRA ESTACIONÁRIA/MISTURADOR COM ENCARGOS COMPLEMENTARES","Livro SINAPI: Cálculos e Parâmetros",null,"H",{"v":1.4637,"d":"1.4637000"},17.82,26.08]
["Composição Auxiliar"," 88830 ","SINAPI","BETONEIRA CAPACIDADE NOMINAL DE 400 L, CAPACIDADE DE MISTURA 280 L, MOTOR ELÉTRICO TRIFÁSICO POTÊNCIA DE 2 CV, SEM CARREGADOR - CHP DIURNO. AF_05/2023","Custos Horários Produtivo e Improdutivo dos Equipamentos",null,"CHP",{"v":0.7534,"d":"0.7534000"},1.43,1.07]
["Composição Auxiliar"," 88831 ","SINAPI","BETONEIRA CAPACIDADE NOMINAL DE 400 L, CAPACIDADE DE MISTURA 280 L, MOTOR ELÉTRICO TRIFÁSICO POTÊNCIA DE 2 CV, SEM CARREGADOR - CHI DIURNO. AF_05/2023","Custos Horários Produtivo e Improdutivo dos Equipamentos",null,"CHI",{"v":0.7103,"d":"0.7103000"},0.33,0.23]
["Insumo"," 00000370 ","SINAPI","AREIA MEDIA - POSTO JAZIDA/FORNECEDOR (RETIRADO NA JAZIDA, SEM TRANSPORTE)","Material",null,"m³",{"v":0.7229,"d":"0.7229000"},124.24,89.81]
["Insumo"," 00001379 ","SINAPI","CIMENTO PORTLAND COMPOSTO CP II-32","Material",null,"KG",{"v":362.6579,"d":"362.6579000"},0.62,224.84]
["Insumo"," 00004721 ","SINAPI","PEDRA BRITADA N. 1 (9,5 A 19 MM) POSTO PEDREIRA/FORNECEDOR, SEM FRETE","Material",null,"m³",{"v":0.5934,"d":"0.5934000"},85.23,50.57]
[{"$nulls":4},"MO sem LS =>",{"v":27.18632958801498,"d":"27.19"},"LS =>",30.88,"MO com LS =>",58.07]
[{"$nulls":4},"Valor do BDI =>",89.53,null,"Valor com BDI =>",null,{"v":529.7,"d":"529.70"}]
[{"$nulls":6},"Quant. =>",{"v":1.44,"d":"1.4400000"},"Preço Total =>",762.76]
[]
[" 3.2.2.5 ","Código","Banco","Descrição","Tipo",null,"Und","Quant.","Valor Unit","Total"]
["Composição"," 103670 ","SINAPI","LANÇAMENTO COM USO DE BALDES, ADENSAMENTO E ACABAMENTO DE CONCRETO EM ESTRUTURAS. AF_02/2022","Concretagem para Estruturas de Concreto Armado",null,"m³",{"v":1,"d":"1.0000000"},281.31,281.31]
["Composição Auxiliar"," 88262 ","SINAPI","CARPINTEIRO DE FORMAS COM ENCARGOS COMPLEMENTARES","Livro SINAPI: Cálculos e Parâmetros",null,"H",{"v":2.459,"d":"2.4590000"},25.77,63.36]
["Composição Auxiliar"," 88309 ","SINAPI","PEDREIRO COM ENCARGOS COMPLEMENTARES","Livro SINAPI: Cálculos e Parâmetros",null,"H",{"v":2.459,"d":"2.4590000"},26.15,{"v":64.3,"d":"64.30"}]
["Composição Auxiliar"," 88316 ","SINAPI","SERVENTE COM ENCARGOS COMPLEMENTARES","Livro SINAPI: Cálculos e Parâmetros",null,"H",{"v":7.377,"d":"7.3770000"},20.58,151.81]
["Composição Auxiliar"," 90586 ","SINAPI","VIBRADOR DE IMERSÃO, DIÂMETRO DE PONTEIRA 45MM, MOTOR ELÉTRICO TRIFÁSICO POTÊNCIA DE 2 CV - CHP DIURNO. AF_06/2015","Custos Horários Produtivo e Improdutivo dos Equipamentos",null,"CHP",{"v":1.042,"d":"1.0420000"},1.12,1.16]
["Composição Auxiliar"," 90587 ","SINAPI","VIBRADOR DE IMERSÃO, DIÂMETRO DE PONTEIRA 45MM, MOTOR ELÉTRICO TRIFÁSICO POTÊNCIA DE 2 CV - CHI DIURNO. AF_06/2015","Custos Horários Produtivo e Improdutivo dos Equipamentos",null,"CHI",{"v":1.417,"d":"1.4170000"},0.48,0.68]
[{"$nulls":4},"MO sem LS =>",{"v":105.0187265917603,"d":"105.02"},"LS =>",{"v":119.3,"d":"119.30"},"MO com LS =>",224.32]
[{"$nulls":4},"Valor do BDI =>",57.21,null,"Valor com BDI =>",null,338.52]
[{"$nulls":6},"Quant. =>",{"v":1.44,"d":"1.4400000"},"Preço Total =>",487.46]
[]
[" 3.3 ",null,null,"CASTELO D'ÁGUA",{"$nulls":5},{"v":3798.8,"d":"3,798.80"}]
[" 3.3.1 ",null,null,"BLOCOS DE FUNDAÇÃO E PESCOÇO DE PILARES",{"$nulls":5},{"v":1937.7,"d":"1,937.70"}]
[" 3.3.1.1 ","Código","Banco","Descrição","Tipo",null,"Und","Quant.","Valor Unit","Total"]
["Composição"," 96534 ","SINAPI","FABRICAÇÃO, MONTAGEM E DESMONTAGEM DE FÔRMA PARA BLOCO DE COROAMENTO, EM MADEIRA SERRADA, E=25 MM, 4 UTILIZAÇÕES. AF_01/2024","Fundações Rasas (Blocos, Sapatas, Vigas Baldrame)",null,"m²",{"v":1,"d":"1.0000000"},78.65,78.65]
["Composição Auxiliar"," 88239 ","SINAPI","AJUDANTE DE CARPINTEIRO COM ENCARGOS COMPLEMENTARES","Livro SINAPI: Cálculos e Parâmetros",null,"H",{"v":0.588,"d":"0.5880000"},21.29,12.51]
["Composição Auxiliar"," 88262 ","SINAPI","CARPINTEIRO DE FORMAS COM ENCARGOS COMPLEMENTARES","Livro SINAPI: Cálculos e Parâmetros",null,"H",{"v":1.334,"d":"1.3340000"},25.77,34.37]
["Composição Auxiliar"," 91692 ","SINAPI","SERRA CIRCULAR DE BANCADA COM MOTOR ELÉTRICO POTÊNCIA DE 5HP, COM COIFA PARA DISCO 10\" - CHP DIURNO. AF_08/2015","Custos Horários Produtivo e Improdutivo dos Equipamentos",null,"CHP",{"v":0.011,"d":"0.0110000"},27.05,0.29]
["Composição Auxiliar"," 91693 ","SINAPI","SERRA CIRCULAR DE BANCADA COM MOTOR ELÉTRICO POTÊNCIA DE 5HP, COM COIFA PARA DISCO 10\" - CHI DIURNO. AF_08/2015","Custos Horários Produtivo e Improdutivo dos Equipamentos",null,"CHI",{"v":0.044,"d":"0.0440000"},26.11,1.14]
["Insumo"," 00002692 ","SINAPI","DESMOLDANTE PROTETOR PARA FORMAS DE MADEIRA, DE BASE OLEOSA EMULSIONADA EM AGUA","Material",null,"L",{"v":0.0167,"d":"0.0167000"},{"v":7.4,"d":"7.40"},0.12]
["Insumo"," 00004491 ","SINAPI","PONTALETE *7,5 X 7,5* CM EM PINUS, MISTA OU EQUIVALENTE DA REGIAO - BRUTA","Material",null,"M",{"v":0.675,"d":"0.6750000"},10.08,{"v":6.8,"d":"6.80"}]
["Insumo"," 00004517 ","SINAPI","SARRAFO *2,5 X 7,5* CM EM PINUS, MISTA OU EQUIVALENTE DA REGIAO - BRUTA","Material",null,"M",{"v":0.924,"d":"0.9240000"},3.52,3.25]
["Insumo"," 00005074 ","SINAPI","PREGO DE ACO POLIDO COM CABECA 15 X 18 (1 1/2 X 13)","Material",null,"KG",{"v":0.011,"d":"0.0110000"},{"v":20.5,"d":"20.50"},0.22]
["Insumo"," 00006212 ","SINAPI","TABUA *2,5 X 30 CM EM PINUS, MISTA OU EQUIVALENTE DA REGIAO - BRUTA","Material",null,"M",{"v":1.155,"d":"1.1550000"},16.71,{"v":19.3,"d":"19.30"}]
["Insumo"," 00040304 ","SINAPI","PREGO DE ACO POLIDO COM CABECA DUPLA 17 X 27 (2 1/2 X 11)","Material",null,"KG",{"v":0.029,"d":"0.0290000"},22.59,0.65]
[{"$nulls":4},"MO sem LS =>",{"v":18.572097378277153,"d":"18.57"},"LS =>",{"v":21.1,"d":"21.10"},"MO com LS =>",39.67]
[{"$nulls":4},"Valor do BDI =>",15.99,null,"Valor com BDI =>",null,94.64]
[{"$nulls":6},"Quant. =>",{"v":3.84,"d":"3.8400000"},"Preço Total =>",363.41]
[]
[" 3.3.1.2 ","Código","Banco","Descrição","Tipo",null,"Und","Quant.","Valor Unit","Total"]
["Composição"," 96543 ","SINAPI","ARMAÇÃO DE BLOCO UTILIZANDO AÇO CA-60 DE 5 MM - MONTAGEM. AF_01/2024","Fundações Rasas (Blocos, Sapatas, Vigas Baldrame)",null,"KG",{"v":1,"d":"1.0000000"},17.07,17.07]
["Composição Auxiliar"," 88238 ","SINAPI","AJUDANTE DE ARMADOR COM ENCARGOS COMPLEMENTARES","Livro SINAPI: Cálculos e Parâmetros",null,"H",{"v":0.097,"d":"0.0970000"},21.42,2.07]
["Composição Auxiliar"," 88245 ","SINAPI","ARMADOR COM ENCARGOS COMPLEMENTARES","Livro SINAPI: Cálculos e Parâmetros",null,"H",{"v":0.252,"d":"0.2520000"},25.95,6.53]
["Composição Auxiliar"," 92800 ","SINAPI","CORTE E DOBRA DE AÇO CA-60, DIÂMETRO DE 5,0 MM. AF_06/2022","Armação para Estruturas de Concreto Armado",null,"KG",{"v":1,"d":"1.0000000"},7.75,7.75]
["Insumo"," 00039017 ","SINAPI","ESPACADOR / DISTANCIADOR CIRCULAR COM ENTRADA LATERAL, EM PLASTICO, PARA VERGALHAO *4,2 A 12,5* MM, COBRIMENTO 20 MM","Material",null,"UN",{"v":1.143,"d":"1.1430000"},0.19,0.21]
["Insumo"," 00043132 ","SINAPI","ARAME RECOZIDO 16 BWG, D = 1,65 MM (0,016 KG/M) OU 18 BWG, D = 1,25 MM (0,01 KG/M)","Material",null,"KG",{"v":0.025,"d":"0.0250000"},20.56,0.51]
[{"$nulls":4},"MO sem LS =>",{"v":3.9372659176029963,"d":"3.94"},"LS =>",4.47,"MO com LS =>",8.41]
[{"$nulls":4},"Valor do BDI =>",3.47,null,"Valor com BDI =>",null,20.54]
[{"$nulls":6},"Quant. =>",{"v":30.99,"d":"30.9900000"},"Preço Total =>",636.53]
[]
[" 3.3.1.3 ","Código","Banco","Descrição","Tipo",null,"Und","Quant.","Valor Unit","Total"]
["Composição"," 104921 ","SINAPI","ARMAÇÃO DE BLOCO, SAPATA ISOLADA, VIGA BALDRAME E SAPATA CORRIDA UTILIZANDO AÇO CA-50 DE 16 MM - MONTAGEM. AF_01/2024","Fundações Rasas (Blocos, Sapatas, Vigas Baldrame)",null,"KG",{"v":1,"d":"1.0000000"},8.02,8.02]
["Composição Auxiliar"," 88238 ","SINAPI","AJUDANTE DE ARMADOR COM ENCARGOS COMPLEMENTARES","Livro SINAPI: Cálculos e Parâmetros",null,"H",{"v":0.019,"d":"0.0190000"},21.42,{"v":0.4,"d":"0.40"}]
["Composição Auxiliar"," 88245 ","SINAPI","ARMADOR COM ENCARGOS COMPLEMENTARES","Livro SINAPI: Cálculos e Parâmetros",null,"H",{"v":0.049,"d":"0.0490000"},25.95,1.27]
["Composição Auxiliar"," 92805 ","SINAPI","CORTE E DOBRA DE AÇO CA-50, DIÂMETRO DE 16,0 MM. AF_06/2022","Armação para Estruturas de Concreto Armado",null,"KG",{"v":1,"d":"1.0000000"},{"v":5.8,"d":"5.80"},{"v":5.8,"d":"5.80"}]
["Insumo"," 00039017 ","SINAPI","ESPACADOR / DISTANCIADOR CIRCULAR COM ENTRADA LATERAL, EM PLASTICO, PARA VERGALHAO *4,2 A 12,5* MM, COBRIMENTO 20 MM","Material",null,"UN",{"v":0.245,"d":"0.2450000"},0.19,0.04]
["Insumo"," 00043132 ","SINAPI","ARAME RECOZIDO 16 BWG, D = 1,65 MM (0,016 KG/M) OU 18 BWG, D = 1,25 MM (0,01 KG/M)","Material",null,"KG",{"v":0.025,"d":"0.0250000"},20.56,0.51]
[{"$nulls":4},"MO sem LS =>",{"v":0.6601123595505618,"d":"0.66"},"LS =>",0.75,"MO com LS =>",1.41]
[{"$nulls":4},"Valor do BDI =>",1.63,null,"Valor com BDI =>",null,9.65]
[{"$nulls":6},"Quant. =>",{"v":28.8,"d":"28.8000000"},"Preço Total =>",277.92]
[]
[" 3.3.1.4 ","Código","Banco","Descrição","Tipo",null,"Und","Quant.","Valor Unit","Total"]
["Composição"," 94965 ","SINAPI","CONCRETO FCK = 25MPA, TRAÇO 1:2,3:2,7 (EM MASSA SECA DE CIMENTO/ AREIA MÉDIA/ BRITA 1) - PREPARO MECÂNICO COM BETONEIRA 400 L. AF_05/2021","Produção de Concreto",null,"m³",{"v":1,"d":"1.0000000"},440.17,440.17]
["Composição Auxiliar"," 88316 ","SINAPI","SERVENTE COM ENCARGOS COMPLEMENTARES","Livro SINAPI: Cálculos e Parâmetros",null,"H",{"v":2.3117,"d":"2.3117000"},20.58,47.57]
["Composição Auxiliar"," 88377 ","SINAPI","OPERADOR DE BETONEIRA ESTACIONÁRIA/MISTURADOR COM ENCARGOS COMPLEMENTARES","Livro SINAPI: Cálculos e Parâmetros",null,"H",{"v":1.4637,"d":"1.4637000"},17.82,26.08]
["Composição Auxiliar"," 88830 ","SINAPI","BETONEIRA CAPACIDADE NOMINAL DE 400 L, CAPACIDADE DE MISTURA 280 L, MOTOR ELÉTRICO TRIFÁSICO POTÊNCIA DE 2 CV, SEM CARREGADOR - CHP DIURNO. AF_05/2023","Custos Horários Produtivo e Improdutivo dos Equipamentos",null,"CHP",{"v":0.7534,"d":"0.7534000"},1.43,1.07]
["Composição Auxiliar"," 88831 ","SINAPI","BETONEIRA CAPACIDADE NOMINAL DE 400 L, CAPACIDADE DE MISTURA 280 L, MOTOR ELÉTRICO TRIFÁSICO POTÊNCIA DE 2 CV, SEM CARREGADOR - CHI DIURNO. AF_05/2023","Custos Horários Produtivo e Improdutivo dos Equipamentos",null,"CHI",{"v":0.7103,"d":"0.7103000"},0.33,0.23]
["Insumo"," 00000370 ","SINAPI","AREIA MEDIA - POSTO JAZIDA/FORNECEDOR (RETIRADO NA JAZIDA, SEM TRANSPORTE)","Material",null,"m³",{"v":0.7229,"d":"0.7229000"},124.24,89.81]
["Insumo"," 00001379 ","SINAPI","CIMENTO PORTLAND COMPOSTO CP II-32","Material",null,"KG",{"v":362.6579,"d":"362.6579000"},0.62,224.84]
["Insumo"," 00004721 ","SINAPI","PEDRA BRITADA N. 1 (9,5 A 19 MM) POSTO PEDREIRA/FORNECEDOR, SEM FRETE","Material",null,"m³",{"v":0.5934,"d":"0.5934000"},85.23,50.57]
[{"$nulls":4},"MO sem LS =>",{"v":27.18632958801498,"d":"27.19"},"LS =>",30.88,"MO com LS =>",58.07]
[{"$nulls":4},"Valor do BDI =>",89.53,null,"Valor com BDI =>",null,{"v":529.7,"d":"529.70"}]
[{"$nulls":6},"Quant. =>",{"v":0.76,"d":"0.7600000"},"Preço Total =>",402.57]
[]
[" 3.3.1.5 ","Código","Banco","Descrição","Tipo",null,"Und","Quant.","Valor Unit","Total"]
["Composição"," 103670 ","SINAPI","LANÇAMENTO COM USO DE BALDES, ADENSAMENTO E ACABAMENTO DE CONCRETO EM ESTRUTURAS. AF_02/2022","Concretagem para Estruturas de Concreto Armado",null,"m³",{"v":1,"d":"1.0000000"},281.31,281.31]
["Composição Auxiliar"," 88262 ","SINAPI","CARPINTEIRO DE FORMAS COM ENCARGOS COMPLEMENTARES","Livro SINAPI: Cálculos e Parâmetros",null,"H",{"v":2.459,"d":"2.4590000"},25.77,63.36]
["Composição Auxiliar"," 88309 ","SINAPI","PEDREIRO COM ENCARGOS COMPLEMENTARES","Livro SINAPI: Cálculos e Parâmetros",null,"H",{"v":2.459,"d":"2.4590000"},26.15,{"v":64.3,"d":"64.30"}]
["Composição Auxiliar"," 88316 ","SINAPI","SERVENTE COM ENCARGOS COMPLEMENTARES","Livro SINAPI: Cálculos e Parâmetros",null,"H",{"v":7.377,"d":"7.3770000"},20.58,151.81]
["Composição Auxiliar"," 90586 ","SINAPI","VIBRADOR DE IMERSÃO, DIÂMETRO DE PONTEIRA 45MM, MOTOR ELÉTRICO TRIFÁSICO POTÊNCIA DE 2 CV - CHP DIURNO. AF_06/2015","Custos Horários Produtivo e Improdutivo dos Equipamentos",null,"CHP",{"v":1.042,"d":"1.0420000"},1.12,1.16]
["Composição Auxiliar"," 90587 ","SINAPI","VIBRADOR DE IMERSÃO, DIÂMETRO DE PONTEIRA 45MM, MOTOR ELÉTRICO TRIFÁSICO POTÊNCIA DE 2 CV - CHI DIURNO. AF_06/2015","Custos Horários Produtivo e Improdutivo dos Equipamentos",null,"CHI",{"v":1.417,"d":"1.4170000"},0.48,0.68]
[{"$nulls":4},"MO sem LS =>",{"v":105.0187265917603,"d":"105.02"},"LS =>",{"v":119.3,"d":"119.30"},"MO com LS =>",224.32]
[{"$nulls":4},"Valor do BDI =>",57.21,null,"Valor com BDI =>",null,338.52]
[{"$nulls":6},"Quant. =>",{"v":0.76,"d":"0.7600000"},"Preço Total =>",257.27]
[]
[" 3.3.2 ",null,null,"VIGAS BALDRAMES",{"$nulls":5},{"v":1861.1,"d":"1,861.10"}]
[" 3.3.2.1 ","Código","Banco","Descrição","Tipo",null,"Und","Quant.","Valor Unit","Total"]
["Composição"," 96536 ","SINAPI","FABRICAÇÃO, MONTAGEM E DESMONTAGEM DE FÔRMA PARA VIGA BALDRAME, EM MADEIRA SERRADA, E=25 MM, 4 UTILIZAÇÕES. AF_01/2024","Fundações Rasas (Blocos, Sapatas, Vigas Baldrame)",null,"m²",{"v":1,"d":"1.0000000"},68.65,68.65]
["Composição Auxiliar"," 88239 ","SINAPI","AJUDANTE DE CARPINTEIRO COM ENCARGOS COMPLEMENTARES","Livro SINAPI: Cálculos e Parâmetros",null,"H",{"v":0.477,"d":"0.4770000"},21.29,10.15]
["Composição Auxiliar"," 88262 ","SINAPI","CARPINTEIRO DE FORMAS COM ENCARGOS COMPLEMENTARES","Livro SINAPI: Cálculos e Parâmetros",null,"H",{"v":1.088,"d":"1.0880000"},25.77,28.03]
["Composição Auxiliar"," 91692 ","SINAPI","SERRA CIRCULAR DE BANCADA COM MOTOR ELÉTRICO POTÊNCIA DE 5HP, COM COIFA PARA DISCO 10\" - CHP DIURNO. AF_08/2015","Custos Horários Produtivo e Improdutivo dos Equipamentos",null,"CHP",{"v":0.013,"d":"0.0130000"},27.05,0.35]
["Composição Auxiliar"," 91693 ","SINAPI","SERRA CIRCULAR DE BANCADA COM MOTOR ELÉTRICO POTÊNCIA DE 5HP, COM COIFA PARA DISCO 10\" - CHI DIURNO. AF_08/2015","Custos Horários Produtivo e Improdutivo dos Equipamentos",null,"CHI",{"v":0.053,"d":"0.0530000"},26.11,1.38]
["Insumo"," 00002692 ","SINAPI","DESMOLDANTE PROTETOR PARA FORMAS DE MADEIRA, DE BASE OLEOSA EMULSIONADA EM AGUA","Material",null,"L",{"v":0.0167,"d":"0.0167000"},{"v":7.4,"d":"7.40"},0.12]
["Insumo"," 00004491 ","SINAPI","PONTALETE *7,5 X 7,5* CM EM PINUS, MISTA OU EQUIVALENTE DA REGIAO - BRUTA","Material",null,"M",{"v":0.605,"d":"0.6050000"},10.08,6.09]
["Insumo"," 00004517 ","SINAPI","SARRAFO *2,5 X 7,5* CM EM PINUS, MISTA OU EQUIVALENTE DA REGIAO - BRUTA","Material",null,"M",{"v":0.547,"d":"0.5470000"},3.52,1.92]
["Insumo"," 00005073 ","SINAPI","PREGO DE ACO POLIDO COM CABECA 17 X 24 (2 1/4 X 11)","Material",null,"KG",{"v":0.026,"d":"0.0260000"},18.65,0.48]
["Insumo"," 00006212 ","SINAPI","TABUA *2,5 X 30 CM EM PINUS, MISTA OU EQUIVALENTE DA REGIAO - BRUTA","Material",null,"M",{"v":1.134,"d":"1.1340000"},16.71,18.94]
["Insumo"," 00040304 ","SINAPI","PREGO DE ACO POLIDO COM CABECA DUPLA 17 X 27 (2 1/2 X 11)","Material",null,"KG",{"v":0.053,"d":"0.0530000"},22.59,1.19]
[{"$nulls":4},"MO sem LS =>",{"v":15.351123595505618,"d":"15.35"},"LS =>",17.44,"MO com LS =>",32.79]
[{"$nulls":4},"Valor do BDI =>",13.96,null,"Valor com BDI =>",null,82.61]
[{"$nulls":6},"Quant. =>",{"v":8.32,"d":"8.3200000"},"Preço Total =>",687.31]
[]
[" 3.3.2.2 ","Código","Banco","Descrição","Tipo",null,"Und","Quant.","Valor Unit","Total"]
["Composição"," 92759 ","SINAPI","ARMAÇÃO DE PILAR OU VIGA DE ESTRUTURA CONVENCIONAL DE CONCRETO ARMADO UTILIZANDO AÇO CA-60 DE 5,0 MM - MONTAGEM. AF_06/2022","Armação para Estruturas de Concreto Armado",null,"KG",{"v":1,"d":"1.0000000"},11.62,11.62]
["Composição Auxiliar"," 88238 ","SINAPI","AJUDANTE DE ARMADOR COM ENCARGOS COMPLEMENTARES","Livro SINAPI: Cálculos e Parâmetros",null,"H",{"v":0.0175,"d":"0.0175000"},21.42,0.37]
["Composição Auxiliar"," 88245 ","SINAPI","ARMADOR COM ENCARGOS COMPLEMENTARES","Livro SINAPI: Cálculos e Parâmetros",null,"H",{"v":0.1069,"d":"0.1069000"},25.95,2.77]
["Composição Auxiliar"," 92800 ","SINAPI","CORTE E DOBRA DE AÇO CA-60, DIÂMETRO DE 5,0 MM. AF_06/2022","Armação para Estruturas de Concreto Armado",null,"KG",{"v":1,"d":"1.0000000"},7.75,7.75]
["Insumo"," 00039017 ","SINAPI","ESPACADOR / DISTANCIADOR CIRCULAR COM ENTRADA LATERAL, EM PLASTICO, PARA VERGALHAO *4,2 A 12,5* MM, COBRIMENTO 20 MM","Material",null,"UN",{"v":1.19,"d":"1.1900000"},0.19,0.22]
["Insumo"," 00043132 ","SINAPI","ARAME RECOZIDO 16 BWG, D = 1,65 MM (0,016 KG/M) OU 18 BWG, D = 1,25 MM (0,01 KG/M)","Material",null,"KG",{"v":0.025,"d":"0.0250000"},20.56,0.51]
[{"$nulls":4},"MO sem LS =>",{"v":1.8586142322097379,"d":"1.86"},"LS =>",2.11,"MO com LS =>",3.97]
[{"$nulls":4},"Valor do BDI =>",2.36,null,"Valor com BDI =>",null,13.98]
[{"$nulls":6},"Quant. =>",{"v":16.36,"d":"16.3600000"},"Preço Total =>",228.71]
[]
[" 3.3.2.3 ","Código","Banco","Descrição","Tipo",null,"Und","Quant.","Valor Unit","Total"]
["Composição"," 92761 ","SINAPI","ARMAÇÃO DE PILAR OU VIGA DE ESTRUTURA CONVENCIONAL DE CONCRETO ARMADO UTILIZANDO AÇO CA-50 DE 8,0 MM - MONTAGEM. AF_06/2022","Armação para Estruturas de Concreto Armado",null,"KG",{"v":1,"d":"1.0000000"},{"v":9.8,"d":"9.80"},{"v":9.8,"d":"9.80"}]
["Composição Auxiliar"," 88238 ","SINAPI","AJUDANTE DE ARMADOR COM ENCARGOS COMPLEMENTARES","Livro SINAPI: Cálculos e Parâmetros",null,"H",{"v":0.0092,"d":"0.0092000"},21.42,0.19]
["Composição Auxiliar"," 88245 ","SINAPI","ARMADOR COM ENCARGOS COMPLEMENTARES","Livro SINAPI: Cálculos e Parâmetros",null,"H",{"v":0.0561,"d":"0.0561000"},25.95,1.45]
["Composição Auxiliar"," 92802 ","SINAPI","CORTE E DOBRA DE AÇO CA-50, DIÂMETRO DE 8,0 MM. AF_06/2022","Armação para Estruturas de Concreto Armado",null,"KG",{"v":1,"d":"1.0000000"},7.51,7.51]
["Insumo"," 00039017 ","SINAPI","ESPACADOR / DISTANCIADOR CIRCULAR COM ENTRADA LATERAL, EM PLASTICO, PARA VERGALHAO *4,2 A 12,5* MM, COBRIMENTO 20 MM","Material",null,"UN",{"v":0.743,"d":"0.7430000"},0.19,0.14]
["Insumo"," 00043132 ","SINAPI","ARAME RECOZIDO 16 BWG, D = 1,65 MM (0,016 KG/M) OU 18 BWG, D = 1,25 MM (0,01 KG/M)","Material",null,"KG",{"v":0.025,"d":"0.0250000"},20.56,0.51]
[{"$nulls":4},"MO sem LS =>",{"v":0.8052434456928839,"d":"0.81"},"LS =>",0.91,"MO com LS =>",1.72]
[{"$nulls":4},"Valor do BDI =>",1.99,null,"Valor com BDI =>",null,11.79]
[{"$nulls":6},"Quant. =>",{"v":5.45,"d":"5.4500000"},"Preço Total =>",64.25]
[]
[" 3.3.2.4 ","Código","Banco","Descrição","Tipo",null,"Und","Quant.","Valor Unit","Total"]
["Composição"," 92762 ","SINAPI","ARMAÇÃO DE PILAR OU VIGA DE ESTRUTURA CONVENCIONAL DE CONCRETO ARMADO UTILIZANDO AÇO CA-50 DE 10,0 MM - MONTAGEM. AF_06/2022","Armação para Estruturas de Concreto Armado",null,"KG",{"v":1,"d":"1.0000000"},8.62,8.62]
["Composição Auxiliar"," 88238 ","SINAPI","AJUDANTE DE ARMADOR COM ENCARGOS COMPLEMENTARES","Livro SINAPI: Cálculos e Parâmetros",null,"H",{"v":0.0064,"d":"0.0064000"},21.42,0.13]
["Composição Auxiliar"," 88245 ","SINAPI","ARMADOR COM ENCARGOS COMPLEMENTARES","Livro SINAPI: Cálculos e Parâmetros",null,"H",{"v":0.0392,"d":"0.0392000"},25.95,1.01]
["Composição Auxiliar"," 92803 ","SINAPI","CORTE E DOBRA DE AÇO CA-50, DIÂMETRO DE 10,0 MM. AF_06/2022","Armação para Estruturas de Concreto Armado",null,"KG",{"v":1,"d":"1.0000000"},6.87,6.87]
["Insumo"," 00039017 ","SINAPI","ESPACADOR / DISTANCIADOR CIRCULAR COM ENTRADA LATERAL, EM PLASTICO, PARA VERGALHAO *4,2 A 12,5* MM, COBRIMENTO 20 MM","Material",null,"UN",{"v":0.543,"d":"0.5430000"},0.19,{"v":0.1,"d":"0.10"}]
["Insumo"," 00043132 ","SINAPI","ARAME RECOZIDO 16 BWG, D = 1,65 MM (0,016 KG/M) OU 18 BWG, D = 1,25 MM (0,01 KG/M)","Material",null,"KG",{"v":0.025,"d":"0.0250000"},20.56,0.51]
[{"$nulls":4},"MO sem LS =>",{"v":0.5290262172284644,"d":"0.53"},"LS =>",{"v":0.6,"d":"0.60"},"MO com LS =>",1.13]
[{"$nulls":4},"Valor do BDI =>",1.75,null,"Valor com BDI =>",null,10.37]
[{"$nulls":6},"Quant. =>",{"v":15.45,"d":"15.4500000"},"Preço Total =>",160.21]
[]
[" 3.3.2.5 ","Código","Banco","Descrição","Tipo",null,"Und","Quant.","Valor Unit","Total"]
["Composição"," 94965 ","SINAPI","CONCRETO FCK = 25MPA, TRAÇO 1:2,3:2,7 (EM MASSA SECA DE CIMENTO/ AREIA MÉDIA/ BRITA 1) - PREPARO MECÂNICO COM BETONEIRA 400 L. AF_05/2021","Produção de Concreto",null,"m³",{"v":1,"d":"1.0000000"},440.17,440.17]
["Composição Auxiliar"," 88316 ","SINAPI","SERVENTE COM ENCARGOS COMPLEMENTARES","Livro SINAPI: Cálculos e Parâmetros",null,"H",{"v":2.3117,"d":"2.3117000"},20.58,47.57]
["Composição Auxiliar"," 88377 ","SINAPI","OPERADOR DE BETONEIRA ESTACIONÁRIA/MISTURADOR COM ENCARGOS COMPLEMENTARES","Livro SINAPI: Cálculos e Parâmetros",null,"H",{"v":1.4637,"d":"1.4637000"},17.82,26.08]
["Composição Auxiliar"," 88830 ","SINAPI","BETONEIRA CAPACIDADE NOMINAL DE 400 L, CAPACIDADE DE MISTURA 280 L, MOTOR ELÉTRICO TRIFÁSICO POTÊNCIA DE 2 CV, SEM CARREGADOR - CHP DIURNO. AF_05/2023","Custos Horários Produtivo e Improdutivo dos Equipamentos",null,"CHP",{"v":0.7534,"d":"0.7534000"},1.43,1.07]
["Composição Auxiliar"," 88831 ","SINAPI","BETONEIRA CAPACIDADE NOMINAL DE 400 L, CAPACIDADE DE MISTURA 280 L, MOTOR ELÉTRICO TRIFÁSICO POTÊNCIA DE 2 CV, SEM CARREGADOR - CHI DIURNO. AF_05/2023","Custos Horários Produtivo e Improdutivo dos Equipamentos",null,"CHI",{"v":0.7103,"d":"0.7103000"},0.33,0.23]
["Insumo"," 00000370 ","SINAPI","AREIA MEDIA - POSTO JAZIDA/FORNECEDOR (RETIRADO NA JAZIDA, SEM TRANSPORTE)","Material",null,"m³",{"v":0.7229,"d":"0.7229000"},124.24,89.81]
["Insumo"," 00001379 ","SINAPI","CIMENTO PORTLAND COMPOSTO CP II-32","Material",null,"KG",{"v":362.6579,"d":"362.6579000"},0.62,224.84]
["Insumo"," 00004721 ","SINAPI","PEDRA BRITADA N. 1 (9,5 A 19 MM) POSTO PEDREIRA/FORNECEDOR, SEM FRETE","Material",null,"m³",{"v":0.5934,"d":"0.5934000"},85.23,50.57]
[{"$nulls":4},"MO sem LS =>",{"v":27.18632958801498,"d":"27.19"},"LS =>",30.88,"MO com LS =>",58.07]
[{"$nulls":4},"Valor do BDI =>",89.53,null,"Valor com BDI =>",null,{"v":529.7,"d":"529.70"}]
[{"$nulls":6},"Quant. =>",{"v":0.83,"d":"0.8300000"},"Preço Total =>",439.65]
[]
[" 3.3.2.6 ","Código","Banco","Descrição","Tipo",null,"Und","Quant.","Valor Unit","Total"]
["Composição"," 103670 ","SINAPI","LANÇAMENTO COM USO DE BALDES, ADENSAMENTO E ACABAMENTO DE CONCRETO EM ESTRUTURAS. AF_02/2022","Concretagem para Estruturas de Concreto Armado",null,"m³",{"v":1,"d":"1.0000000"},281.31,281.31]
["Composição Auxiliar"," 88262 ","SINAPI","CARPINTEIRO DE FORMAS COM ENCARGOS COMPLEMENTARES","Livro SINAPI: Cálculos e Parâmetros",null,"H",{"v":2.459,"d":"2.4590000"},25.77,63.36]
["Composição Auxiliar"," 88309 ","SINAPI","PEDREIRO COM ENCARGOS COMPLEMENTARES","Livro SINAPI: Cálculos e Parâmetros",null,"H",{"v":2.459,"d":"2.4590000"},26.15,{"v":64.3,"d":"64.30"}]
["Composição Auxiliar"," 88316 ","SINAPI","SERVENTE COM ENCARGOS COMPLEMENTARES","Livro SINAPI: Cálculos e Parâmetros",null,"H",{"v":7.377,"d":"7.3770000"},20.58,151.81]
["Composição Auxiliar"," 90586 ","SINAPI","VIBRADOR DE IMERSÃO, DIÂMETRO DE PONTEIRA 45MM, MOTOR ELÉTRICO TRIFÁSICO POTÊNCIA DE 2 CV - CHP DIURNO. AF_06/2015","Custos Horários Produtivo e Improdutivo dos Equipamentos",null,"CHP",{"v":1.042,"d":"1.0420000"},1.12,1.16]
["Composição Auxiliar"," 90587 ","SINAPI","VIBRADOR DE IMERSÃO, DIÂMETRO DE PONTEIRA 45MM, MOTOR ELÉTRICO TRIFÁSICO POTÊNCIA DE 2 CV - CHI DIURNO. AF_06/2015","Custos Horários Produtivo e Improdutivo dos Equipamentos",null,"CHI",{"v":1.417,"d":"1.4170000"},0.48,0.68]
[{"$nulls":4},"MO sem LS =>",{"v":105.0187265917603,"d":"105.02"},"LS =>",{"v":119.3,"d":"119.30"},"MO com LS =>",224.32]
[{"$nulls":4},"Valor do BDI =>",57.21,null,"Valor com BDI =>",null,338.52]
[{"$nulls":6},"Quant. =>",{"v":0.83,"d":"0.8300000"},"Preço Total =>",280.97]
[]
[" 4 ",null,null,"SUPERESTRUTURA",{"$nulls":5},{"v":145220.88,"d":"145,220.88"}]
[" 4.1 ",null,null,"BLOCOS (ADMINISTRATIVO + SERVIÇOS + PEDAGÓGICO) + PÁTIO CENTRAL",{"$nulls":5},{"v":117200.2,"d":"117,200.20"}]
[" 4.1.1 ","Código","Banco","Descrição","Tipo",null,"Und","Quant.","Valor Unit","Total"]
["Composição"," 1200037 ","CAERN","DEMOLIÇÃO DE LAJE PRÉ-FABRICADA COMUM OU EM TRELIÇA, INCLUSIVE CAPEAMENTO. R_05/2016",12000,null,"m²",{"v":1,"d":"1.0000000"},27.49,27.49]
["Composição Auxiliar"," 5795 ","SINAPI","MARTELETE OU ROMPEDOR PNEUMÁTICO MANUAL, 28 KG, COM SILENCIADOR - CHP DIURNO. AF_07/2016","Custos Horários Produtivo e Improdutivo dos Equipamentos",null,"CHP",{"v":0.18,"d":"0.1800000"},18.36,{"v":3.3,"d":"3.30"}]
["Composição Auxiliar"," 88309 ","SINAPI","PEDREIRO COM ENCARGOS COMPLEMENTARES","Livro SINAPI: Cálculos e Parâmetros",null,"H",{"v":0.1,"d":"0.1000000"},26.15,2.61]
["Composição Auxiliar"," 88316 ","SINAPI","SERVENTE COM ENCARGOS COMPLEMENTARES","Livro SINAPI: Cálculos e Parâmetros",null,"H",{"v":0.8,"d":"0.8000000"},20.58,16.46]
["Composição Auxiliar"," 90972 ","SINAPI","COMPRESSOR DE AR REBOCAVEL, VAZÃO 250 PCM, PRESSAO DE TRABALHO 102 PSI, MOTOR A DIESEL POTÊNCIA 81 CV - CHP DIURNO. AF_06/2015","Custos Horários Produtivo e Improdutivo dos Equipamentos",null,"CHP",{"v":0.08,"d":"0.0800000"},63.92,5.11]
["Insumo"," 4720 ","ORSE","Ponteiro de aço","Material",null,"un",{"v":1E-3,"d":"0.0010000"},18.95,0.01]
[{"$nulls":4},"MO sem LS =>",{"v":8.183520599250937,"d":"8.18"},"LS =>",{"v":9.3,"d":"9.30"},"MO com LS =>",17.48]
[{"$nulls":4},"Valor do BDI =>",5.59,null,"Valor com BDI =>",null,33.08]
[{"$nulls":6},"Quant. =>",{"v":436.43,"d":"436.4300000"},"Preço Total =>",{"v":14437.1,"d":"14,437.10"}]
[]
[" 4.1.2 ","Código","Banco","Descrição","Tipo",null,"Und","Quant.","Valor Unit","Total"]
["Composição"," 9182 ","ORSE","Demolição de concreto com martelete e compressor","Demolições / Remoções",null,"m³",{"v":1,"d":"1.0000000"},379.29,379.29]
["Insumo"," 2463 ","ORSE","Compressor 250 pcm (atlas copco - xa-120dd - 94,0 hp ou equivalente)","Equipamento",null,"h",{"v":2.5,"d":"2.5000000"},105.67,264.17]
["Insumo"," 2490 ","ORSE","Rompedor 56,0 pcm / 1150 ipm (atlas copco -tex 11 ou equivalente)","Equipamento",null,"h",{"v":7.5,"d":"7.5000000"},15.35,115.12]
[{"$nulls":4},"MO sem LS =>",{"v":0,"d":"0.00"},"LS =>",{"v":0,"d":"0.00"},"MO com LS =>",{"v":0,"d":"0.00"}]
[{"$nulls":4},"Valor do BDI =>",77.14,null,"Valor com BDI =>",null,456.43]
[{"$nulls":6},"Quant. =>",{"v":3.52,"d":"3.5200000"},"Preço Total =>",{"v":1606.63,"d":"1,606.63"}]
[]
[" 4.1.3 ","Código","Banco","Descrição","Tipo",null,"Und","Quant.","Valor Unit","Total"]
["Composição"," 040227 ","SBC","RECUPERACAO DE ELEMENTOS ESTRUTURAIS EM CONCRETO 15Mpa","ESTRUTURA",null,"m³",{"v":1,"d":"1.0000000"},{"v":3824.33,"d":"3,824.33"},{"v":3824.33,"d":"3,824.33"}]
["Composição Auxiliar"," 88238 ","SINAPI","AJUDANTE DE ARMADOR COM ENCARGOS COMPLEMENTARES","Livro SINAPI: Cálculos e Parâmetros",null,"H",{"v":11.601,"d":"11.6010000"},21.42,248.49]
["Composição Auxiliar"," 88239 ","SINAPI","AJUDANTE DE CARPINTEIRO COM ENCARGOS COMPLEMENTARES","Livro SINAPI: Cálculos e Parâmetros",null,"H",{"v":22.673,"d":"22.6730000"},21.29,{"v":482.7,"d":"482.70"}]
["Composição Auxiliar"," 88245 ","SINAPI","ARMADOR COM ENCARGOS COMPLEMENTARES","Livro SINAPI: Cálculos e Parâmetros",null,"H",{"v":11.601,"d":"11.6010000"},25.95,301.04]
["Composição Auxiliar"," 88262 ","SINAPI","CARPINTEIRO DE FORMAS COM ENCARGOS COMPLEMENTARES","Livro SINAPI: Cálculos e Parâmetros",null,"H",{"v":16.155,"d":"16.1550000"},25.77,416.31]
["Composição Auxiliar"," 88309 ","SINAPI","PEDREIRO COM ENCARGOS COMPLEMENTARES","Livro SINAPI: Cálculos e Parâmetros",null,"H",{"v":4.5464,"d":"4.5464000"},26.15,118.88]
["Composição Auxiliar"," 88316 ","SINAPI","SERVENTE COM ENCARGOS COMPLEMENTARES","Livro SINAPI: Cálculos e Parâmetros",null,"H",{"v":18.257,"d":"18.2570000"},20.58,375.72]
["Insumo"," 000050 ","SBC","CIMENTO PORTLAND CP III 32RS NBR 11578 (quilo)","Material",null,"KG",{"v":362,"d":"362.0000000"},0.45,{"v":162.9,"d":"162.90"}]
["Insumo"," 000100 ","SBC","AREIA GROSSA LAVADA","Material",null,"m³",{"v":0.654,"d":"0.6540000"},77.12,50.43]
["Insumo"," 000200 ","SBC","PEDRA BRITADA #1 E 2","Material",null,"m³",{"v":0.766,"d":"0.7660000"},62.12,47.58]
["Insumo"," 000343 ","SBC","ACO CA 60 MEDIO (4,2mm a 9,5mm)","Material",null,"KG",{"v":25,"d":"25.0000000"},10.01,250.25]
["Insumo"," 000344 ","SBC","ACO CA 50 MEDIO (6,0mm a 25,0mm) (3/16\" a 1\")","Material",null,"KG",{"v":85,"d":"85.0000000"},{"v":11.2,"d":"11.20"},{"v":952,"d":"952.00"}]
["Insumo"," 000400 ","SBC","ARAME RECOZIDO ISGW #16 (0,032kg/m) (55 AMARRAS/pm3)","Material",null,"KG",{"v":2.2,"d":"2.2000000"},15.28,33.61]
["Insumo"," 001250 ","SBC","TABUA TERCEIRA QUALIDADE NAO APARELHADA","Material",null,"M",{"v":24,"d":"24.0000000"},6.42,154.08]
["Insumo"," 001350 ","SBC","PONTALETE 7,5x7,5cm (3x3\") PERNA/BARROTE/ESTRONCA","Material",null,"M",{"v":42,"d":"42.0000000"},4.51,189.42]
["Insumo"," 001450 ","SBC","PREGO FERRO GALVANIZADO 16x24 (285 un/kg)","Material",null,"KG",{"v":2.4,"d":"2.4000000"},17.05,40.92]
[{"$nulls":4},"MO sem LS =>",{"v":732.1676029962547,"d":"732.17"},"LS =>",831.74,"MO com LS =>",{"v":1563.91,"d":"1,563.91"}]
[{"$nulls":4},"Valor do BDI =>",777.86,null,"Valor com BDI =>",null,{"v":4602.19,"d":"4,602.19"}]
[{"$nulls":6},"Quant. =>",{"v":2.14,"d":"2.1400000"},"Preço Total =>",{"v":9848.68,"d":"9,848.68"}]
[]
[" 4.1.4 ","Código","Banco","Descrição","Tipo",null,"Und","Quant.","Valor Unit","Total"]
["Composição"," 106060 ","SINAPI","LAJE PRÉ-MOLDADA UNIDIRECIONAL, BIAPOIADA, PARA FORRO, ENCHIMENTO EM EPS, VIGOTA TRELIÇADA, ALTURA TOTAL DA LAJE \"LT\" = 12 CM (ENCHIMENTO+CAPA) = (8+4). AF_08/2025","Lajes Pré-Moldadas",null,"m²",{"v":1,"d":"1.0000000"},169.05,169.05]
["Composição Auxiliar"," 103674 ","SINAPI","CONCRETAGEM DE VIGAS E LAJES, FCK=25 MPA, PARA LAJES PREMOLDADAS COM USO DE BOMBA - LANÇAMENTO, ADENSAMENTO E ACABAMENTO. AF_02/2022_PS","Concretagem para Estruturas de Concreto Armado",null,"m³",{"v":0.051,"d":"0.0510000"},611.53,31.18]
["Composição Auxiliar"," 88262 ","SINAPI","CARPINTEIRO DE FORMAS COM ENCARGOS COMPLEMENTARES","Livro SINAPI: Cálculos e Parâmetros",null,"H",{"v":0.393,"d":"0.3930000"},25.77,10.12]
["Composição Auxiliar"," 88316 ","SINAPI","SERVENTE COM ENCARGOS COMPLEMENTARES","Livro SINAPI: Cálculos e Parâmetros",null,"H",{"v":0.295,"d":"0.2950000"},20.58,6.07]
["Composição Auxiliar"," 92273 ","SINAPI","FABRICAÇÃO DE ESCORAS DO TIPO PONTALETE, EM MADEIRA, PARA PÉ-DIREITO SIMPLES. AF_09/2020","Fôrmas para Estruturas de Concreto Armado",null,"M",{"v":1.16,"d":"1.1600000"},17.36,20.13]
["Composição Auxiliar"," 92767 ","SINAPI","ARMAÇÃO DE LAJE DE ESTRUTURA CONVENCIONAL DE CONCRETO ARMADO UTILIZANDO AÇO CA-60 DE 4,2 MM - MONTAGEM. AF_06/2022","Armação para Estruturas de Concreto Armado",null,"KG",{"v":0.991,"d":"0.9910000"},12.92,{"v":12.8,"d":"12.80"}]
["Insumo"," 00003742 ","SINAPI","LAJE PRE-MOLDADA TRELICADA (LAJOTAS + VIGOTAS) PARA FORRO, UNIDIRECIONAL, SOBRECARGA DE 100 KG/M2, VAO ATE 6,00 M (SEM COLOCACAO)","Material",null,"m²",{"v":1,"d":"1.0000000"},62.01,62.01]
["Insumo"," 00006193 ","SINAPI","TABUA NAO APARELHADA *2,5 X 20* CM, EM MACARANDUBA/MASSARANDUBA, ANGELIM OU EQUIVALENTE DA REGIAO - BRUTA","Material",null,"M",{"v":1.87,"d":"1.8700000"},13.82,25.84]
["Insumo"," 00040304 ","SINAPI","PREGO DE ACO POLIDO COM CABECA DUPLA 17 X 27 (2 1/2 X 11)","Material",null,"KG",{"v":0.04,"d":"0.0400000"},22.59,{"v":0.9,"d":"0.90"}]
[{"$nulls":4},"MO sem LS =>",{"v":11.175093632958802,"d":"11.18"},"LS =>",12.69,"MO com LS =>",23.87]
[{"$nulls":4},"Valor do BDI =>",34.38,null,"Valor com BDI =>",null,203.43]
[{"$nulls":6},"Quant. =>",{"v":436.43,"d":"436.4300000"},"Preço Total =>",{"v":88782.95,"d":"88,782.95"}]
[]
[" 4.1.5 ","Código","Banco","Descrição","Tipo",null,"Und","Quant.","Valor Unit","Total"]
["Composição"," 92464 ","SINAPI","MONTAGEM E DESMONTAGEM DE FÔRMA DE VIGA, ESCORAMENTO METÁLICO, PÉ-DIREITO SIMPLES, EM CHAPA DE MADEIRA RESINADA, 8 UTILIZAÇÕES. AF_09/2020","Fôrmas para Estruturas de Concreto Armado",null,"m²",{"v":1,"d":"1.0000000"},97.23,97.23]
["Composição Auxiliar"," 88239 ","SINAPI","AJUDANTE DE CARPINTEIRO COM ENCARGOS COMPLEMENTARES","Livro SINAPI: Cálculos e Parâmetros",null,"H",{"v":0.256,"d":"0.2560000"},21.29,5.45]
["Composição Auxiliar"," 88262 ","SINAPI","CARPINTEIRO DE FORMAS COM ENCARGOS COMPLEMENTARES","Livro SINAPI: Cálculos e Parâmetros",null,"H",{"v":1.397,"d":"1.3970000"},25.77,{"v":36,"d":"36.00"}]
["Composição Auxiliar"," 92265 ","SINAPI","FABRICAÇÃO DE FÔRMA PARA VIGAS, EM CHAPA DE MADEIRA COMPENSADA RESINADA, E = 17 MM. AF_09/2020","Fôrmas para Estruturas de Concreto Armado",null,"m²",{"v":0.236,"d":"0.2360000"},91.37,21.56]
["Insumo"," 00002692 ","SINAPI","DESMOLDANTE PROTETOR PARA FORMAS DE MADEIRA, DE BASE OLEOSA EMULSIONADA EM AGUA","Material",null,"L",{"v":0.01,"d":"0.0100000"},{"v":7.4,"d":"7.40"},0.07]
["Insumo"," 00004491 ","SINAPI","PONTALETE *7,5 X 7,5* CM EM PINUS, MISTA OU EQUIVALENTE DA REGIAO - BRUTA","Material",null,"M",{"v":0.296,"d":"0.2960000"},10.08,2.98]
["Insumo"," 00010749 ","SINAPI","LOCACAO DE ESCORA METALICA TELESCOPICA, COM ALTURA REGULAVEL DE *1,80* A *3,20* M, COM CAPACIDADE DE CARGA DE NO MINIMO 1000 KGF (10 KN), INCLUSO TRIPE E FORCADO","Equipamento",null,"UNXMES",{"v":1.186,"d":"1.1860000"},15.05,17.84]
["Insumo"," 00040275 ","SINAPI","LOCACAO DE VIGA SANDUICHE METALICA VAZADA PARA TRAVAMENTO DE PILARES, ALTURA DE *8* CM, LARGURA DE *6* CM E EXTENSAO DE 2 M","Equipamento",null,"UNXMES",{"v":0.356,"d":"0.3560000"},13.57,4.83]
["Insumo"," 00040287 ","SINAPI","LOCACAO DE BARRA DE ANCORAGEM DE 0,80 A 1,20 M DE EXTENSAO, COM ROSCA DE 5/8\", INCLUINDO PORCA E FLANGE","Equipamento",null,"MES",{"v":0.474,"d":"0.4740000"},{"v":5,"d":"5.00"},2.37]
["Insumo"," 00040304 ","SINAPI","PREGO DE ACO POLIDO COM CABECA DUPLA 17 X 27 (2 1/2 X 11)","Material",null,"KG",{"v":0.033,"d":"0.0330000"},22.59,0.74]
["Insumo"," 00040339 ","SINAPI","LOCACAO DE CRUZETA, SIMPLES, PARA ESCORA METALICA, COMPRIMENTO ENTRE 50 A 60 CM, PARA ESCORA DE 1,80 A 3,20 METROS E TUBO EXTERNO ATE 48 MM DE DIAMETRO","Equipamento",null,"UNXMES",{"v":1.186,"d":"1.1860000"},4.55,5.39]
[{"$nulls":4},"MO sem LS =>",{"v":19.23689138576779,"d":"19.24"},"LS =>",21.85,"MO com LS =>",41.09]
[{"$nulls":4},"Valor do BDI =>",19.77,null,"Valor com BDI =>",null,{"v":117,"d":"117.00"}]
[{"$nulls":6},"Quant. =>",{"v":8.64,"d":"8.6400000"},"Preço Total =>",{"v":1010.88,"d":"1,010.88"}]
[]
[" 4.1.6 ","Código","Banco","Descrição","Tipo",null,"Und","Quant.","Valor Unit","Total"]
["Composição"," 92762 ","SINAPI","ARMAÇÃO DE PILAR OU VIGA DE ESTRUTURA CONVENCIONAL DE CONCRETO ARMADO UTILIZANDO AÇO CA-50 DE 10,0 MM - MONTAGEM. AF_06/2022","Armação para Estruturas de Concreto Armado",null,"KG",{"v":1,"d":"1.0000000"},8.62,8.62]
["Composição Auxiliar"," 88238 ","SINAPI","AJUDANTE DE ARMADOR COM ENCARGOS COMPLEMENTARES","Livro SINAPI: Cálculos e Parâmetros",null,"H",{"v":0.0064,"d":"0.0064000"},21.42,0.13]
["Composição Auxiliar"," 88245 ","SINAPI","ARMADOR COM ENCARGOS COMPLEMENTARES","Livro SINAPI: Cálculos e Parâmetros",null,"H",{"v":0.0392,"d":"0.0392000"},25.95,1.01]
["Composição Auxiliar"," 92803 ","SINAPI","CORTE E DOBRA DE AÇO CA-50, DIÂMETRO DE 10,0 MM. AF_06/2022","Armação para Estruturas de Concreto Armado",null,"KG",{"v":1,"d":"1.0000000"},6.87,6.87]
["Insumo"," 00039017 ","SINAPI","ESPACADOR / DISTANCIADOR CIRCULAR COM ENTRADA LATERAL, EM PLASTICO, PARA VERGALHAO *4,2 A 12,5* MM, COBRIMENTO 20 MM","Material",null,"UN",{"v":0.543,"d":"0.5430000"},0.19,{"v":0.1,"d":"0.10"}]
["Insumo"," 00043132 ","SINAPI","ARAME RECOZIDO 16 BWG, D = 1,65 MM (0,016 KG/M) OU 18 BWG, D = 1,25 MM (0,01 KG/M)","Material",null,"KG",{"v":0.025,"d":"0.0250000"},20.56,0.51]
[{"$nulls":4},"MO sem LS =>",{"v":0.5290262172284644,"d":"0.53"},"LS =>",{"v":0.6,"d":"0.60"},"MO com LS =>",1.13]
[{"$nulls":4},"Valor do BDI =>",1.75,null,"Valor com BDI =>",null,10.37]
[{"$nulls":6},"Quant. =>",{"v":74.63,"d":"74.6300000"},"Preço Total =>",773.91]
[]
[" 4.1.7 ","Código","Banco","Descrição","Tipo",null,"Und","Quant.","Valor Unit","Total"]
["Composição"," 92759 ","SINAPI","ARMAÇÃO DE PILAR OU VIGA DE ESTRUTURA CONVENCIONAL DE CONCRETO ARMADO UTILIZANDO AÇO CA-60 DE 5,0 MM - MONTAGEM. AF_06/2022","Armação para Estruturas de Concreto Armado",null,"KG",{"v":1,"d":"1.0000000"},11.62,11.62]
["Composição Auxiliar"," 88238 ","SINAPI","AJUDANTE DE ARMADOR COM ENCARGOS COMPLEMENTARES","Livro SINAPI: Cálculos e Parâmetros",null,"H",{"v":0.0175,"d":"0.0175000"},21.42,0.37]
["Composição Auxiliar"," 88245 ","SINAPI","ARMADOR COM ENCARGOS COMPLEMENTARES","Livro SINAPI: Cálculos e Parâmetros",null,"H",{"v":0.1069,"d":"0.1069000"},25.95,2.77]
["Composição Auxiliar"," 92800 ","SINAPI","CORTE E DOBRA DE AÇO CA-60, DIÂMETRO DE 5,0 MM. AF_06/2022","Armação para Estruturas de Concreto Armado",null,"KG",{"v":1,"d":"1.0000000"},7.75,7.75]
["Insumo"," 00039017 ","SINAPI","ESPACADOR / DISTANCIADOR CIRCULAR COM ENTRADA LATERAL, EM PLASTICO, PARA VERGALHAO *4,2 A 12,5* MM, COBRIMENTO 20 MM","Material",null,"UN",{"v":1.19,"d":"1.1900000"},0.19,0.22]
["Insumo"," 00043132 ","SINAPI","ARAME RECOZIDO 16 BWG, D = 1,65 MM (0,016 KG/M) OU 18 BWG, D = 1,25 MM (0,01 KG/M)","Material",null,"KG",{"v":0.025,"d":"0.0250000"},20.56,0.51]
[{"$nulls":4},"MO sem LS =>",{"v":1.8586142322097379,"d":"1.86"},"LS =>",2.11,"MO com LS =>",3.97]
[{"$nulls":4},"Valor do BDI =>",2.36,null,"Valor com BDI =>",null,13.98]
[{"$nulls":6},"Quant. =>",{"v":12.57,"d":"12.5700000"},"Preço Total =>",175.72]
[]
[" 4.1.8 ","Código","Banco","Descrição","Tipo",null,"Und","Quant.","Valor Unit","Total"]
["Composição"," 94965 ","SINAPI","CONCRETO FCK = 25MPA, TRAÇO 1:2,3:2,7 (EM MASSA SECA DE CIMENTO/ AREIA MÉDIA/ BRITA 1) - PREPARO MECÂNICO COM BETONEIRA 400 L. AF_05/2021","Produção de Concreto",null,"m³",{"v":1,"d":"1.0000000"},440.17,440.17]
["Composição Auxiliar"," 88316 ","SINAPI","SERVENTE COM ENCARGOS COMPLEMENTARES","Livro SINAPI: Cálculos e Parâmetros",null,"H",{"v":2.3117,"d":"2.3117000"},20.58,47.57]
["Composição Auxiliar"," 88377 ","SINAPI","OPERADOR DE BETONEIRA ESTACIONÁRIA/MISTURADOR COM ENCARGOS COMPLEMENTARES","Livro SINAPI: Cálculos e Parâmetros",null,"H",{"v":1.4637,"d":"1.4637000"},17.82,26.08]
["Composição Auxiliar"," 88830 ","SINAPI","BETONEIRA CAPACIDADE NOMINAL DE 400 L, CAPACIDADE DE MISTURA 280 L, MOTOR ELÉTRICO TRIFÁSICO POTÊNCIA DE 2 CV, SEM CARREGADOR - CHP DIURNO. AF_05/2023","Custos Horários Produtivo e Improdutivo dos Equipamentos",null,"CHP",{"v":0.7534,"d":"0.7534000"},1.43,1.07]
["Composição Auxiliar"," 88831 ","SINAPI","BETONEIRA CAPACIDADE NOMINAL DE 400 L, CAPACIDADE DE MISTURA 280 L, MOTOR ELÉTRICO TRIFÁSICO POTÊNCIA DE 2 CV, SEM CARREGADOR - CHI DIURNO. AF_05/2023","Custos Horários Produtivo e Improdutivo dos Equipamentos",null,"CHI",{"v":0.7103,"d":"0.7103000"},0.33,0.23]
["Insumo"," 00000370 ","SINAPI","AREIA MEDIA - POSTO JAZIDA/FORNECEDOR (RETIRADO NA JAZIDA, SEM TRANSPORTE)","Material",null,"m³",{"v":0.7229,"d":"0.7229000"},124.24,89.81]
["Insumo"," 00001379 ","SINAPI","CIMENTO PORTLAND COMPOSTO CP II-32","Material",null,"KG",{"v":362.6579,"d":"362.6579000"},0.62,224.84]
["Insumo"," 00004721 ","SINAPI","PEDRA BRITADA N. 1 (9,5 A 19 MM) POSTO PEDREIRA/FORNECEDOR, SEM FRETE","Material",null,"m³",{"v":0.5934,"d":"0.5934000"},85.23,50.57]
[{"$nulls":4},"MO sem LS =>",{"v":27.18632958801498,"d":"27.19"},"LS =>",30.88,"MO com LS =>",58.07]
[{"$nulls":4},"Valor do BDI =>",89.53,null,"Valor com BDI =>",null,{"v":529.7,"d":"529.70"}]
[{"$nulls":6},"Quant. =>",{"v":0.65,"d":"0.6500000"},"Preço Total =>",{"v":344.3,"d":"344.30"}]
[]
[" 4.1.9 ","Código","Banco","Descrição","Tipo",null,"Und","Quant.","Valor Unit","Total"]
["Composição"," 103670 ","SINAPI","LANÇAMENTO COM USO DE BALDES, ADENSAMENTO E ACABAMENTO DE CONCRETO EM ESTRUTURAS. AF_02/2022","Concretagem para Estruturas de Concreto Armado",null,"m³",{"v":1,"d":"1.0000000"},281.31,281.31]
["Composição Auxiliar"," 88262 ","SINAPI","CARPINTEIRO DE FORMAS COM ENCARGOS COMPLEMENTARES","Livro SINAPI: Cálculos e Parâmetros",null,"H",{"v":2.459,"d":"2.4590000"},25.77,63.36]
["Composição Auxiliar"," 88309 ","SINAPI","PEDREIRO COM ENCARGOS COMPLEMENTARES","Livro SINAPI: Cálculos e Parâmetros",null,"H",{"v":2.459,"d":"2.4590000"},26.15,{"v":64.3,"d":"64.30"}]
["Composição Auxiliar"," 88316 ","SINAPI","SERVENTE COM ENCARGOS COMPLEMENTARES","Livro SINAPI: Cálculos e Parâmetros",null,"H",{"v":7.377,"d":"7.3770000"},20.58,151.81]
["Composição Auxiliar"," 90586 ","SINAPI","VIBRADOR DE IMERSÃO, DIÂMETRO DE PONTEIRA 45MM, MOTOR ELÉTRICO TRIFÁSICO POTÊNCIA DE 2 CV - CHP DIURNO. AF_06/2015","Custos Horários Produtivo e Improdutivo dos Equipamentos",null,"CHP",{"v":1.042,"d":"1.0420000"},1.12,1.16]
["Composição Auxiliar"," 90587 ","SINAPI","VIBRADOR DE IMERSÃO, DIÂMETRO DE PONTEIRA 45MM, MOTOR ELÉTRICO TRIFÁSICO POTÊNCIA DE 2 CV - CHI DIURNO. AF_06/2015","Custos Horários Produtivo e Improdutivo dos Equipamentos",null,"CHI",{"v":1.417,"d":"1.4170000"},0.48,0.68]
[{"$nulls":4},"MO sem LS =>",{"v":105.0187265917603,"d":"105.02"},"LS =>",{"v":119.3,"d":"119.30"},"MO com LS =>",224.32]
[{"$nulls":4},"Valor do BDI =>",57.21,null,"Valor com BDI =>",null,338.52]
[{"$nulls":6},"Quant. =>",{"v":0.65,"d":"0.6500000"},"Preço Total =>",220.03]
[]
[" 4.2 ",null,null,"PASSARELAS",{"$nulls":5},{"v":3127.51,"d":"3,127.51"}]
[" 4.2.1 ","Código","Banco","Descrição","Tipo",null,"Und","Quant.","Valor Unit","Total"]
["Composição"," 92427 ","SINAPI","MONTAGEM E DESMONTAGEM DE FÔRMA DE PILARES RETANGULARES E ESTRUTURAS SIMILARES, PÉ-DIREITO SIMPLES, EM CHAPA DE MADEIRA COMPENSADA RESINADA, 8 UTILIZAÇÕES. AF_09/2020","Fôrmas para Estruturas de Concreto Armado",null,"m²",{"v":1,"d":"1.0000000"},53.16,53.16]
["Composição Auxiliar"," 88239 ","SINAPI","AJUDANTE DE CARPINTEIRO COM ENCARGOS COMPLEMENTARES","Livro SINAPI: Cálculos e Parâmetros",null,"H",{"v":0.127,"d":"0.1270000"},21.29,{"v":2.7,"d":"2.70"}]
["Composição Auxiliar"," 88262 ","SINAPI","CARPINTEIRO DE FORMAS COM ENCARGOS COMPLEMENTARES","Livro SINAPI: Cálculos e Parâmetros",null,"H",{"v":0.695,"d":"0.6950000"},25.77,17.91]
["Composição Auxiliar"," 92263 ","SINAPI","FABRICAÇÃO DE FÔRMA PARA PILARES E ESTRUTURAS SIMILARES, EM CHAPA DE MADEIRA COMPENSADA RESINADA, E = 17 MM. AF_09/2020","Fôrmas para Estruturas de Concreto Armado",null,"m²",{"v":0.15,"d":"0.1500000"},135.15,20.27]
["Insumo"," 00002692 ","SINAPI","DESMOLDANTE PROTETOR PARA FORMAS DE MADEIRA, DE BASE OLEOSA EMULSIONADA EM AGUA","Material",null,"L",{"v":0.01,"d":"0.0100000"},{"v":7.4,"d":"7.40"},0.07]
["Insumo"," 00040271 ","SINAPI","LOCACAO DE APRUMADOR METALICO DE PILAR, COM ALTURA E ANGULO REGULAVEIS, EXTENSAO DE *1,50* A *2,80* M","Equipamento",null,"UNXMES",{"v":0.196,"d":"0.1960000"},12.98,2.54]
["Insumo"," 00040275 ","SINAPI","LOCACAO DE VIGA SANDUICHE METALICA VAZADA PARA TRAVAMENTO DE PILARES, ALTURA DE *8* CM, LARGURA DE *6* CM E EXTENSAO DE 2 M","Equipamento",null,"UNXMES",{"v":0.393,"d":"0.3930000"},13.57,5.33]
["Insumo"," 00040287 ","SINAPI","LOCACAO DE BARRA DE ANCORAGEM DE 0,80 A 1,20 M DE EXTENSAO, COM ROSCA DE 5/8\", INCLUINDO PORCA E FLANGE","Equipamento",null,"MES",{"v":0.785,"d":"0.7850000"},{"v":5,"d":"5.00"},3.92]
["Insumo"," 00040304 ","SINAPI","PREGO DE ACO POLIDO COM CABECA DUPLA 17 X 27 (2 1/2 X 11)","Material",null,"KG",{"v":0.019,"d":"0.0190000"},22.59,0.42]
[{"$nulls":4},"MO sem LS =>",{"v":10.519662921348315,"d":"10.52"},"LS =>",11.95,"MO com LS =>",22.47]
[{"$nulls":4},"Valor do BDI =>",10.81,null,"Valor com BDI =>",null,63.97]
[{"$nulls":6},"Quant. =>",{"v":20.16,"d":"20.1600000"},"Preço Total =>",{"v":1289.63,"d":"1,289.63"}]
[]
[" 4.2.2 ","Código","Banco","Descrição","Tipo",null,"Und","Quant.","Valor Unit","Total"]
["Composição"," 92762 ","SINAPI","ARMAÇÃO DE PILAR OU VIGA DE ESTRUTURA CONVENCIONAL DE CONCRETO ARMADO UTILIZANDO AÇO CA-50 DE 10,0 MM - MONTAGEM. AF_06/2022","Armação para Estruturas de Concreto Armado",null,"KG",{"v":1,"d":"1.0000000"},8.62,8.62]
["Composição Auxiliar"," 88238 ","SINAPI","AJUDANTE DE ARMADOR COM ENCARGOS COMPLEMENTARES","Livro SINAPI: Cálculos e Parâmetros",null,"H",{"v":0.0064,"d":"0.0064000"},21.42,0.13]
["Composição Auxiliar"," 88245 ","SINAPI","ARMADOR COM ENCARGOS COMPLEMENTARES","Livro SINAPI: Cálculos e Parâmetros",null,"H",{"v":0.0392,"d":"0.0392000"},25.95,1.01]
["Composição Auxiliar"," 92803 ","SINAPI","CORTE E DOBRA DE AÇO CA-50, DIÂMETRO DE 10,0 MM. AF_06/2022","Armação para Estruturas de Concreto Armado",null,"KG",{"v":1,"d":"1.0000000"},6.87,6.87]
["Insumo"," 00039017 ","SINAPI","ESPACADOR / DISTANCIADOR CIRCULAR COM ENTRADA LATERAL, EM PLASTICO, PARA VERGALHAO *4,2 A 12,5* MM, COBRIMENTO 20 MM","Material",null,"UN",{"v":0.543,"d":"0.5430000"},0.19,{"v":0.1,"d":"0.10"}]
["Insumo"," 00043132 ","SINAPI","ARAME RECOZIDO 16 BWG, D = 1,65 MM (0,016 KG/M) OU 18 BWG, D = 1,25 MM (0,01 KG/M)","Material",null,"KG",{"v":0.025,"d":"0.0250000"},20.56,0.51]
[{"$nulls":4},"MO sem LS =>",{"v":0.5290262172284644,"d":"0.53"},"LS =>",{"v":0.6,"d":"0.60"},"MO com LS =>",1.13]
[{"$nulls":4},"Valor do BDI =>",1.75,null,"Valor com BDI =>",null,10.37]
[{"$nulls":6},"Quant. =>",{"v":61.5,"d":"61.5000000"},"Preço Total =>",637.75]
[]
[" 4.2.3 ","Código","Banco","Descrição","Tipo",null,"Und","Quant.","Valor Unit","Total"]
["Composição"," 92759 ","SINAPI","ARMAÇÃO DE PILAR OU VIGA DE ESTRUTURA CONVENCIONAL DE CONCRETO ARMADO UTILIZANDO AÇO CA-60 DE 5,0 MM - MONTAGEM. AF_06/2022","Armação para Estruturas de Concreto Armado",null,"KG",{"v":1,"d":"1.0000000"},11.62,11.62]
["Composição Auxiliar"," 88238 ","SINAPI","AJUDANTE DE ARMADOR COM ENCARGOS COMPLEMENTARES","Livro SINAPI: Cálculos e Parâmetros",null,"H",{"v":0.0175,"d":"0.0175000"},21.42,0.37]
["Composição Auxiliar"," 88245 ","SINAPI","ARMADOR COM ENCARGOS COMPLEMENTARES","Livro SINAPI: Cálculos e Parâmetros",null,"H",{"v":0.1069,"d":"0.1069000"},25.95,2.77]
["Composição Auxiliar"," 92800 ","SINAPI","CORTE E DOBRA DE AÇO CA-60, DIÂMETRO DE 5,0 MM. AF_06/2022","Armação para Estruturas de Concreto Armado",null,"KG",{"v":1,"d":"1.0000000"},7.75,7.75]
["Insumo"," 00039017 ","SINAPI","ESPACADOR / DISTANCIADOR CIRCULAR COM ENTRADA LATERAL, EM PLASTICO, PARA VERGALHAO *4,2 A 12,5* MM, COBRIMENTO 20 MM","Material",null,"UN",{"v":1.19,"d":"1.1900000"},0.19,0.22]
["Insumo"," 00043132 ","SINAPI","ARAME RECOZIDO 16 BWG, D = 1,65 MM (0,016 KG/M) OU 18 BWG, D = 1,25 MM (0,01 KG/M)","Material",null,"KG",{"v":0.025,"d":"0.0250000"},20.56,0.51]
[{"$nulls":4},"MO sem LS =>",{"v":1.8586142322097379,"d":"1.86"},"LS =>",2.11,"MO com LS =>",3.97]
[{"$nulls":4},"Valor do BDI =>",2.36,null,"Valor com BDI =>",null,13.98]
[{"$nulls":6},"Quant. =>",{"v":22.5,"d":"22.5000000"},"Preço Total =>",314.55]
[]
[" 4.2.4 ","Código","Banco","Descrição","Tipo",null,"Und","Quant.","Valor Unit","Total"]
["Composição"," 94965 ","SINAPI","CONCRETO FCK = 25MPA, TRAÇO 1:2,3:2,7 (EM MASSA SECA DE CIMENTO/ AREIA MÉDIA/ BRITA 1) - PREPARO MECÂNICO COM BETONEIRA 400 L. AF_05/2021","Produção de Concreto",null,"m³",{"v":1,"d":"1.0000000"},440.17,440.17]
["Composição Auxiliar"," 88316 ","SINAPI","SERVENTE COM ENCARGOS COMPLEMENTARES","Livro SINAPI: Cálculos e Parâmetros",null,"H",{"v":2.3117,"d":"2.3117000"},20.58,47.57]
["Composição Auxiliar"," 88377 ","SINAPI","OPERADOR DE BETONEIRA ESTACIONÁRIA/MISTURADOR COM ENCARGOS COMPLEMENTARES","Livro SINAPI: Cálculos e Parâmetros",null,"H",{"v":1.4637,"d":"1.4637000"},17.82,26.08]
["Composição Auxiliar"," 88830 ","SINAPI","BETONEIRA CAPACIDADE NOMINAL DE 400 L, CAPACIDADE DE MISTURA 280 L, MOTOR ELÉTRICO TRIFÁSICO POTÊNCIA DE 2 CV, SEM CARREGADOR - CHP DIURNO. AF_05/2023","Custos Horários Produtivo e Improdutivo dos Equipamentos",null,"CHP",{"v":0.7534,"d":"0.7534000"},1.43,1.07]
["Composição Auxiliar"," 88831 ","SINAPI","BETONEIRA CAPACIDADE NOMINAL DE 400 L, CAPACIDADE DE MISTURA 280 L, MOTOR ELÉTRICO TRIFÁSICO POTÊNCIA DE 2 CV, SEM CARREGADOR - CHI DIURNO. AF_05/2023","Custos Horários Produtivo e Improdutivo dos Equipamentos",null,"CHI",{"v":0.7103,"d":"0.7103000"},0.33,0.23]
["Insumo"," 00000370 ","SINAPI","AREIA MEDIA - POSTO JAZIDA/FORNECEDOR (RETIRADO NA JAZIDA, SEM TRANSPORTE)","Material",null,"m³",{"v":0.7229,"d":"0.7229000"},124.24,89.81]
["Insumo"," 00001379 ","SINAPI","CIMENTO PORTLAND COMPOSTO CP II-32","Material",null,"KG",{"v":362.6579,"d":"362.6579000"},0.62,224.84]
["Insumo"," 00004721 ","SINAPI","PEDRA BRITADA N. 1 (9,5 A 19 MM) POSTO PEDREIRA/FORNECEDOR, SEM FRETE","Material",null,"m³",{"v":0.5934,"d":"0.5934000"},85.23,50.57]
[{"$nulls":4},"MO sem LS =>",{"v":27.18632958801498,"d":"27.19"},"LS =>",30.88,"MO com LS =>",58.07]
[{"$nulls":4},"Valor do BDI =>",89.53,null,"Valor com BDI =>",null,{"v":529.7,"d":"529.70"}]
[{"$nulls":6},"Quant. =>",{"v":1.02,"d":"1.0200000"},"Preço Total =>",540.29]
[]
[" 4.2.5 ","Código","Banco","Descrição","Tipo",null,"Und","Quant.","Valor Unit","Total"]
["Composição"," 103670 ","SINAPI","LANÇAMENTO COM USO DE BALDES, ADENSAMENTO E ACABAMENTO DE CONCRETO EM ESTRUTURAS. AF_02/2022","Concretagem para Estruturas de Concreto Armado",null,"m³",{"v":1,"d":"1.0000000"},281.31,281.31]
["Composição Auxiliar"," 88262 ","SINAPI","CARPINTEIRO DE FORMAS COM ENCARGOS COMPLEMENTARES","Livro SINAPI: Cálculos e Parâmetros",null,"H",{"v":2.459,"d":"2.4590000"},25.77,63.36]
["Composição Auxiliar"," 88309 ","SINAPI","PEDREIRO COM ENCARGOS COMPLEMENTARES","Livro SINAPI: Cálculos e Parâmetros",null,"H",{"v":2.459,"d":"2.4590000"},26.15,{"v":64.3,"d":"64.30"}]
["Composição Auxiliar"," 88316 ","SINAPI","SERVENTE COM ENCARGOS COMPLEMENTARES","Livro SINAPI: Cálculos e Parâmetros",null,"H",{"v":7.377,"d":"7.3770000"},20.58,151.81]
["Composição Auxiliar"," 90586 ","SINAPI","VIBRADOR DE IMERSÃO, DIÂMETRO DE PONTEIRA 45MM, MOTOR ELÉTRICO TRIFÁSICO POTÊNCIA DE 2 CV - CHP DIURNO. AF_06/2015","Custos Horários Produtivo e Improdutivo dos Equipamentos",null,"CHP",{"v":1.042,"d":"1.0420000"},1.12,1.16]
["Composição Auxiliar"," 90587 ","SINAPI","VIBRADOR DE IMERSÃO, DIÂMETRO DE PONTEIRA 45MM, MOTOR ELÉTRICO TRIFÁSICO POTÊNCIA DE 2 CV - CHI DIURNO. AF_06/2015","Custos Horários Produtivo e Improdutivo dos Equipamentos",null,"CHI",{"v":1.417,"d":"1.4170000"},0.48,0.68]
[{"$nulls":4},"MO sem LS =>",{"v":105.0187265917603,"d":"105.02"},"LS =>",{"v":119.3,"d":"119.30"},"MO com LS =>",224.32]
[{"$nulls":4},"Valor do BDI =>",57.21,null,"Valor com BDI =>",null,338.52]
[{"$nulls":6},"Quant. =>",{"v":1.02,"d":"1.0200000"},"Preço Total =>",345.29]
[]
[" 4.3 ",null,null,"CASTELO D'ÁGUA + RESERVATÓRIO INFERIOR",{"$nulls":5},{"v":24893.17,"d":"24,893.17"}]
[" 4.3.1 ","Código","Banco","Descrição","Tipo",null,"Und","Quant.","Valor Unit","Total"]
["Composição"," 92427 ","SINAPI","MONTAGEM E DESMONTAGEM DE FÔRMA DE PILARES RETANGULARES E ESTRUTURAS SIMILARES, PÉ-DIREITO SIMPLES, EM CHAPA DE MADEIRA COMPENSADA RESINADA, 8 UTILIZAÇÕES. AF_09/2020","Fôrmas para Estruturas de Concreto Armado",null,"m²",{"v":1,"d":"1.0000000"},53.16,53.16]
["Composição Auxiliar"," 88239 ","SINAPI","AJUDANTE DE CARPINTEIRO COM ENCARGOS COMPLEMENTARES","Livro SINAPI: Cálculos e Parâmetros",null,"H",{"v":0.127,"d":"0.1270000"},21.29,{"v":2.7,"d":"2.70"}]
["Composição Auxiliar"," 88262 ","SINAPI","CARPINTEIRO DE FORMAS COM ENCARGOS COMPLEMENTARES","Livro SINAPI: Cálculos e Parâmetros",null,"H",{"v":0.695,"d":"0.6950000"},25.77,17.91]
["Composição Auxiliar"," 92263 ","SINAPI","FABRICAÇÃO DE FÔRMA PARA PILARES E ESTRUTURAS SIMILARES, EM CHAPA DE MADEIRA COMPENSADA RESINADA, E = 17 MM. AF_09/2020","Fôrmas para Estruturas de Concreto Armado",null,"m²",{"v":0.15,"d":"0.1500000"},135.15,20.27]
["Insumo"," 00002692 ","SINAPI","DESMOLDANTE PROTETOR PARA FORMAS DE MADEIRA, DE BASE OLEOSA EMULSIONADA EM AGUA","Material",null,"L",{"v":0.01,"d":"0.0100000"},{"v":7.4,"d":"7.40"},0.07]
["Insumo"," 00040271 ","SINAPI","LOCACAO DE APRUMADOR METALICO DE PILAR, COM ALTURA E ANGULO REGULAVEIS, EXTENSAO DE *1,50* A *2,80* M","Equipamento",null,"UNXMES",{"v":0.196,"d":"0.1960000"},12.98,2.54]
["Insumo"," 00040275 ","SINAPI","LOCACAO DE VIGA SANDUICHE METALICA VAZADA PARA TRAVAMENTO DE PILARES, ALTURA DE *8* CM, LARGURA DE *6* CM E EXTENSAO DE 2 M","Equipamento",null,"UNXMES",{"v":0.393,"d":"0.3930000"},13.57,5.33]
["Insumo"," 00040287 ","SINAPI","LOCACAO DE BARRA DE ANCORAGEM DE 0,80 A 1,20 M DE EXTENSAO, COM ROSCA DE 5/8\", INCLUINDO PORCA E FLANGE","Equipamento",null,"MES",{"v":0.785,"d":"0.7850000"},{"v":5,"d":"5.00"},3.92]
["Insumo"," 00040304 ","SINAPI","PREGO DE ACO POLIDO COM CABECA DUPLA 17 X 27 (2 1/2 X 11)","Material",null,"KG",{"v":0.019,"d":"0.0190000"},22.59,0.42]
[{"$nulls":4},"MO sem LS =>",{"v":10.519662921348315,"d":"10.52"},"LS =>",11.95,"MO com LS =>",22.47]
[{"$nulls":4},"Valor do BDI =>",10.81,null,"Valor com BDI =>",null,63.97]
[{"$nulls":6},"Quant. =>",{"v":17.28,"d":"17.2800000"},"Preço Total =>",{"v":1105.4,"d":"1,105.40"}]
[]
[" 4.3.2 ","Código","Banco","Descrição","Tipo",null,"Und","Quant.","Valor Unit","Total"]
["Composição"," 92464 ","SINAPI","MONTAGEM E DESMONTAGEM DE FÔRMA DE VIGA, ESCORAMENTO METÁLICO, PÉ-DIREITO SIMPLES, EM CHAPA DE MADEIRA RESINADA, 8 UTILIZAÇÕES. AF_09/2020","Fôrmas para Estruturas de Concreto Armado",null,"m²",{"v":1,"d":"1.0000000"},97.23,97.23]
["Composição Auxiliar"," 88239 ","SINAPI","AJUDANTE DE CARPINTEIRO COM ENCARGOS COMPLEMENTARES","Livro SINAPI: Cálculos e Parâmetros",null,"H",{"v":0.256,"d":"0.2560000"},21.29,5.45]
["Composição Auxiliar"," 88262 ","SINAPI","CARPINTEIRO DE FORMAS COM ENCARGOS COMPLEMENTARES","Livro SINAPI: Cálculos e Parâmetros",null,"H",{"v":1.397,"d":"1.3970000"},25.77,{"v":36,"d":"36.00"}]
["Composição Auxiliar"," 92265 ","SINAPI","FABRICAÇÃO DE FÔRMA PARA VIGAS, EM CHAPA DE MADEIRA COMPENSADA RESINADA, E = 17 MM. AF_09/2020","Fôrmas para Estruturas de Concreto Armado",null,"m²",{"v":0.236,"d":"0.2360000"},91.37,21.56]
["Insumo"," 00002692 ","SINAPI","DESMOLDANTE PROTETOR PARA FORMAS DE MADEIRA, DE BASE OLEOSA EMULSIONADA EM AGUA","Material",null,"L",{"v":0.01,"d":"0.0100000"},{"v":7.4,"d":"7.40"},0.07]
["Insumo"," 00004491 ","SINAPI","PONTALETE *7,5 X 7,5* CM EM PINUS, MISTA OU EQUIVALENTE DA REGIAO - BRUTA","Material",null,"M",{"v":0.296,"d":"0.2960000"},10.08,2.98]
["Insumo"," 00010749 ","SINAPI","LOCACAO DE ESCORA METALICA TELESCOPICA, COM ALTURA REGULAVEL DE *1,80* A *3,20* M, COM CAPACIDADE DE CARGA DE NO MINIMO 1000 KGF (10 KN), INCLUSO TRIPE E FORCADO","Equipamento",null,"UNXMES",{"v":1.186,"d":"1.1860000"},15.05,17.84]
["Insumo"," 00040275 ","SINAPI","LOCACAO DE VIGA SANDUICHE METALICA VAZADA PARA TRAVAMENTO DE PILARES, ALTURA DE *8* CM, LARGURA DE *6* CM E EXTENSAO DE 2 M","Equipamento",null,"UNXMES",{"v":0.356,"d":"0.3560000"},13.57,4.83]
["Insumo"," 00040287 ","SINAPI","LOCACAO DE BARRA DE ANCORAGEM DE 0,80 A 1,20 M DE EXTENSAO, COM ROSCA DE 5/8\", INCLUINDO PORCA E FLANGE","Equipamento",null,"MES",{"v":0.474,"d":"0.4740000"},{"v":5,"d":"5.00"},2.37]
["Insumo"," 00040304 ","SINAPI","PREGO DE ACO POLIDO COM CABECA DUPLA 17 X 27 (2 1/2 X 11)","Material",null,"KG",{"v":0.033,"d":"0.0330000"},22.59,0.74]
["Insumo"," 00040339 ","SINAPI","LOCACAO DE CRUZETA, SIMPLES, PARA ESCORA METALICA, COMPRIMENTO ENTRE 50 A 60 CM, PARA ESCORA DE 1,80 A 3,20 METROS E TUBO EXTERNO ATE 48 MM DE DIAMETRO","Equipamento",null,"UNXMES",{"v":1.186,"d":"1.1860000"},4.55,5.39]
[{"$nulls":4},"MO sem LS =>",{"v":19.23689138576779,"d":"19.24"},"LS =>",21.85,"MO com LS =>",41.09]
[{"$nulls":4},"Valor do BDI =>",19.77,null,"Valor com BDI =>",null,{"v":117,"d":"117.00"}]
[{"$nulls":6},"Quant. =>",{"v":31.79,"d":"31.7900000"},"Preço Total =>",{"v":3719.43,"d":"3,719.43"}]
[]
[" 4.3.3 ","Código","Banco","Descrição","Tipo",null,"Und","Quant.","Valor Unit","Total"]
["Composição"," 92759 ","SINAPI","ARMAÇÃO DE PILAR OU VIGA DE ESTRUTURA CONVENCIONAL DE CONCRETO ARMADO UTILIZANDO AÇO CA-60 DE 5,0 MM - MONTAGEM. AF_06/2022","Armação para Estruturas de Concreto Armado",null,"KG",{"v":1,"d":"1.0000000"},11.62,11.62]
["Composição Auxiliar"," 88238 ","SINAPI","AJUDANTE DE ARMADOR COM ENCARGOS COMPLEMENTARES","Livro SINAPI: Cálculos e Parâmetros",null,"H",{"v":0.0175,"d":"0.0175000"},21.42,0.37]
["Composição Auxiliar"," 88245 ","SINAPI","ARMADOR COM ENCARGOS COMPLEMENTARES","Livro SINAPI: Cálculos e Parâmetros",null,"H",{"v":0.1069,"d":"0.1069000"},25.95,2.77]
["Composição Auxiliar"," 92800 ","SINAPI","CORTE E DOBRA DE AÇO CA-60, DIÂMETRO DE 5,0 MM. AF_06/2022","Armação para Estruturas de Concreto Armado",null,"KG",{"v":1,"d":"1.0000000"},7.75,7.75]
["Insumo"," 00039017 ","SINAPI","ESPACADOR / DISTANCIADOR CIRCULAR COM ENTRADA LATERAL, EM PLASTICO, PARA VERGALHAO *4,2 A 12,5* MM, COBRIMENTO 20 MM","Material",null,"UN",{"v":1.19,"d":"1.1900000"},0.19,0.22]
["Insumo"," 00043132 ","SINAPI","ARAME RECOZIDO 16 BWG, D = 1,65 MM (0,016 KG/M) OU 18 BWG, D = 1,25 MM (0,01 KG/M)","Material",null,"KG",{"v":0.025,"d":"0.0250000"},20.56,0.51]
[{"$nulls":4},"MO sem LS =>",{"v":1.8586142322097379,"d":"1.86"},"LS =>",2.11,"MO com LS =>",3.97]
[{"$nulls":4},"Valor do BDI =>",2.36,null,"Valor com BDI =>",null,13.98]
[{"$nulls":6},"Quant. =>",{"v":66.36,"d":"66.3600000"},"Preço Total =>",927.71]
[]
[" 4.3.4 ","Código","Banco","Descrição","Tipo",null,"Und","Quant.","Valor Unit","Total"]
["Composição"," 92761 ","SINAPI","ARMAÇÃO DE PILAR OU VIGA DE ESTRUTURA CONVENCIONAL DE CONCRETO ARMADO UTILIZANDO AÇO CA-50 DE 8,0 MM - MONTAGEM. AF_06/2022","Armação para Estruturas de Concreto Armado",null,"KG",{"v":1,"d":"1.0000000"},{"v":9.8,"d":"9.80"},{"v":9.8,"d":"9.80"}]
["Composição Auxiliar"," 88238 ","SINAPI","AJUDANTE DE ARMADOR COM ENCARGOS COMPLEMENTARES","Livro SINAPI: Cálculos e Parâmetros",null,"H",{"v":0.0092,"d":"0.0092000"},21.42,0.19]
["Composição Auxiliar"," 88245 ","SINAPI","ARMADOR COM ENCARGOS COMPLEMENTARES","Livro SINAPI: Cálculos e Parâmetros",null,"H",{"v":0.0561,"d":"0.0561000"},25.95,1.45]
["Composição Auxiliar"," 92802 ","SINAPI","CORTE E DOBRA DE AÇO CA-50, DIÂMETRO DE 8,0 MM. AF_06/2022","Armação para Estruturas de Concreto Armado",null,"KG",{"v":1,"d":"1.0000000"},7.51,7.51]
["Insumo"," 00039017 ","SINAPI","ESPACADOR / DISTANCIADOR CIRCULAR COM ENTRADA LATERAL, EM PLASTICO, PARA VERGALHAO *4,2 A 12,5* MM, COBRIMENTO 20 MM","Material",null,"UN",{"v":0.743,"d":"0.7430000"},0.19,0.14]
["Insumo"," 00043132 ","SINAPI","ARAME RECOZIDO 16 BWG, D = 1,65 MM (0,016 KG/M) OU 18 BWG, D = 1,25 MM (0,01 KG/M)","Material",null,"KG",{"v":0.025,"d":"0.0250000"},20.56,0.51]
[{"$nulls":4},"MO sem LS =>",{"v":0.8052434456928839,"d":"0.81"},"LS =>",0.91,"MO com LS =>",1.72]
[{"$nulls":4},"Valor do BDI =>",1.99,null,"Valor com BDI =>",null,11.79]
[{"$nulls":6},"Quant. =>",{"v":38.18,"d":"38.1800000"},"Preço Total =>",450.14]
[]
[" 4.3.5 ","Código","Banco","Descrição","Tipo",null,"Und","Quant.","Valor Unit","Total"]
["Composição"," 92762 ","SINAPI","ARMAÇÃO DE PILAR OU VIGA DE ESTRUTURA CONVENCIONAL DE CONCRETO ARMADO UTILIZANDO AÇO CA-50 DE 10,0 MM - MONTAGEM. AF_06/2022","Armação para Estruturas de Concreto Armado",null,"KG",{"v":1,"d":"1.0000000"},8.62,8.62]
["Composição Auxiliar"," 88238 ","SINAPI","AJUDANTE DE ARMADOR COM ENCARGOS COMPLEMENTARES","Livro SINAPI: Cálculos e Parâmetros",null,"H",{"v":0.0064,"d":"0.0064000"},21.42,0.13]
["Composição Auxiliar"," 88245 ","SINAPI","ARMADOR COM ENCARGOS COMPLEMENTARES","Livro SINAPI: Cálculos e Parâmetros",null,"H",{"v":0.0392,"d":"0.0392000"},25.95,1.01]
["Composição Auxiliar"," 92803 ","SINAPI","CORTE E DOBRA DE AÇO CA-50, DIÂMETRO DE 10,0 MM. AF_06/2022","Armação para Estruturas de Concreto Armado",null,"KG",{"v":1,"d":"1.0000000"},6.87,6.87]
["Insumo"," 00039017 ","SINAPI","ESPACADOR / DISTANCIADOR CIRCULAR COM ENTRADA LATERAL, EM PLASTICO, PARA VERGALHAO *4,2 A 12,5* MM, COBRIMENTO 20 MM","Material",null,"UN",{"v":0.543,"d":"0.5430000"},0.19,{"v":0.1,"d":"0.10"}]
["Insumo"," 00043132 ","SINAPI","ARAME RECOZIDO 16 BWG, D = 1,65 MM (0,016 KG/M) OU 18 BWG, D = 1,25 MM (0,01 KG/M)","Material",null,"KG",{"v":0.025,"d":"0.0250000"},20.56,0.51]
[{"$nulls":4},"MO sem LS =>",{"v":0.5290262172284644,"d":"0.53"},"LS =>",{"v":0.6,"d":"0.60"},"MO com LS =>",1.13]
[{"$nulls":4},"Valor do BDI =>",1.75,null,"Valor com BDI =>",null,10.37]
[{"$nulls":6},"Quant. =>",{"v":46.36,"d":"46.3600000"},"Preço Total =>",480.75]
[]
[" 4.3.6 ","Código","Banco","Descrição","Tipo",null,"Und","Quant.","Valor Unit","Total"]
["Composição"," 92763 ","SINAPI","ARMAÇÃO DE PILAR OU VIGA DE ESTRUTURA CONVENCIONAL DE CONCRETO ARMADO UTILIZANDO AÇO CA-50 DE 12,5 MM - MONTAGEM. AF_06/2022","Armação para Estruturas de Concreto Armado",null,"KG",{"v":1,"d":"1.0000000"},7.18,7.18]
["Composição Auxiliar"," 88238 ","SINAPI","AJUDANTE DE ARMADOR COM ENCARGOS COMPLEMENTARES","Livro SINAPI: Cálculos e Parâmetros",null,"H",{"v":0.0042,"d":"0.0042000"},21.42,0.08]
["Composição Auxiliar"," 88245 ","SINAPI","ARMADOR COM ENCARGOS COMPLEMENTARES","Livro SINAPI: Cálculos e Parâmetros",null,"H",{"v":0.0257,"d":"0.0257000"},25.95,0.66]
["Composição Auxiliar"," 92804 ","SINAPI","CORTE E DOBRA DE AÇO CA-50, DIÂMETRO DE 12,5 MM. AF_06/2022","Armação para Estruturas de Concreto Armado",null,"KG",{"v":1,"d":"1.0000000"},5.87,5.87]
["Insumo"," 00039017 ","SINAPI","ESPACADOR / DISTANCIADOR CIRCULAR COM ENTRADA LATERAL, EM PLASTICO, PARA VERGALHAO *4,2 A 12,5* MM, COBRIMENTO 20 MM","Material",null,"UN",{"v":0.367,"d":"0.3670000"},0.19,0.06]
["Insumo"," 00043132 ","SINAPI","ARAME RECOZIDO 16 BWG, D = 1,65 MM (0,016 KG/M) OU 18 BWG, D = 1,25 MM (0,01 KG/M)","Material",null,"KG",{"v":0.025,"d":"0.0250000"},20.56,0.51]
[{"$nulls":4},"MO sem LS =>",{"v":0.33707865168539325,"d":"0.34"},"LS =>",0.38,"MO com LS =>",0.72]
[{"$nulls":4},"Valor do BDI =>",1.46,null,"Valor com BDI =>",null,8.64]
[{"$nulls":6},"Quant. =>",{"v":42.73,"d":"42.7300000"},"Preço Total =>",369.18]
[]
[" 4.3.7 ","Código","Banco","Descrição","Tipo",null,"Und","Quant.","Valor Unit","Total"]
["Composição"," 92764 ","SINAPI","ARMAÇÃO DE PILAR OU VIGA DE ESTRUTURA CONVENCIONAL DE CONCRETO ARMADO UTILIZANDO AÇO CA-50 DE 16,0 MM - MONTAGEM. AF_06/2022","Armação para Estruturas de Concreto Armado",null,"KG",{"v":1,"d":"1.0000000"},6.91,6.91]
["Composição Auxiliar"," 88238 ","SINAPI","AJUDANTE DE ARMADOR COM ENCARGOS COMPLEMENTARES","Livro SINAPI: Cálculos e Parâmetros",null,"H",{"v":0.0032,"d":"0.0032000"},21.42,0.06]
["Composição Auxiliar"," 88245 ","SINAPI","ARMADOR COM ENCARGOS COMPLEMENTARES","Livro SINAPI: Cálculos e Parâmetros",null,"H",{"v":0.0194,"d":"0.0194000"},25.95,{"v":0.5,"d":"0.50"}]
["Composição Auxiliar"," 92805 ","SINAPI","CORTE E DOBRA DE AÇO CA-50, DIÂMETRO DE 16,0 MM. AF_06/2022","Armação para Estruturas de Concreto Armado",null,"KG",{"v":1,"d":"1.0000000"},{"v":5.8,"d":"5.80"},{"v":5.8,"d":"5.80"}]
["Insumo"," 00039017 ","SINAPI","ESPACADOR / DISTANCIADOR CIRCULAR COM ENTRADA LATERAL, EM PLASTICO, PARA VERGALHAO *4,2 A 12,5* MM, COBRIMENTO 20 MM","Material",null,"UN",{"v":0.212,"d":"0.2120000"},0.19,0.04]
["Insumo"," 00043132 ","SINAPI","ARAME RECOZIDO 16 BWG, D = 1,65 MM (0,016 KG/M) OU 18 BWG, D = 1,25 MM (0,01 KG/M)","Material",null,"KG",{"v":0.025,"d":"0.0250000"},20.56,0.51]
[{"$nulls":4},"MO sem LS =>",{"v":0.23876404494382023,"d":"0.24"},"LS =>",0.27,"MO com LS =>",0.51]
[{"$nulls":4},"Valor do BDI =>",{"v":1.4,"d":"1.40"},null,"Valor com BDI =>",null,8.31]
[{"$nulls":6},"Quant. =>",{"v":71.82,"d":"71.8200000"},"Preço Total =>",596.82]
[]
[" 4.3.8 ","Código","Banco","Descrição","Tipo",null,"Und","Quant.","Valor Unit","Total"]
["Composição"," 92768 ","SINAPI","ARMAÇÃO DE LAJE DE ESTRUTURA CONVENCIONAL DE CONCRETO ARMADO UTILIZANDO AÇO CA-60 DE 5,0 MM - MONTAGEM. AF_06/2022","Armação para Estruturas de Concreto Armado",null,"KG",{"v":1,"d":"1.0000000"},11.11,11.11]
["Composição Auxiliar"," 88238 ","SINAPI","AJUDANTE DE ARMADOR COM ENCARGOS COMPLEMENTARES","Livro SINAPI: Cálculos e Parâmetros",null,"H",{"v":0.0136,"d":"0.0136000"},21.42,0.29]
["Composição Auxiliar"," 88245 ","SINAPI","ARMADOR COM ENCARGOS COMPLEMENTARES","Livro SINAPI: Cálculos e Parâmetros",null,"H",{"v":0.0836,"d":"0.0836000"},25.95,2.16]
["Composição Auxiliar"," 92800 ","SINAPI","CORTE E DOBRA DE AÇO CA-60, DIÂMETRO DE 5,0 MM. AF_06/2022","Armação para Estruturas de Concreto Armado",null,"KG",{"v":1,"d":"1.0000000"},7.75,7.75]
["Insumo"," 00039017 ","SINAPI","ESPACADOR / DISTANCIADOR CIRCULAR COM ENTRADA LATERAL, EM PLASTICO, PARA VERGALHAO *4,2 A 12,5* MM, COBRIMENTO 20 MM","Material",null,"UN",{"v":2.118,"d":"2.1180000"},0.19,{"v":0.4,"d":"0.40"}]
["Insumo"," 00043132 ","SINAPI","ARAME RECOZIDO 16 BWG, D = 1,65 MM (0,016 KG/M) OU 18 BWG, D = 1,25 MM (0,01 KG/M)","Material",null,"KG",{"v":0.025,"d":"0.0250000"},20.56,0.51]
[{"$nulls":4},"MO sem LS =>",{"v":1.591760299625468,"d":"1.59"},"LS =>",1.81,"MO com LS =>",{"v":3.4,"d":"3.40"}]
[{"$nulls":4},"Valor do BDI =>",2.25,null,"Valor com BDI =>",null,13.36]
[{"$nulls":6},"Quant. =>",{"v":27,"d":"27.0000000"},"Preço Total =>",360.72]
[]
[" 4.3.9 ","Código","Banco","Descrição","Tipo",null,"Und","Quant.","Valor Unit","Total"]
["Composição"," 92768 ","SINAPI","ARMAÇÃO DE LAJE DE ESTRUTURA CONVENCIONAL DE CONCRETO ARMADO UTILIZANDO AÇO CA-60 DE 5,0 MM - MONTAGEM. AF_06/2022","Armação para Estruturas de Concreto Armado",null,"KG",{"v":1,"d":"1.0000000"},11.11,11.11]
["Composição Auxiliar"," 88238 ","SINAPI","AJUDANTE DE ARMADOR COM ENCARGOS COMPLEMENTARES","Livro SINAPI: Cálculos e Parâmetros",null,"H",{"v":0.0136,"d":"0.0136000"},21.42,0.29]
["Composição Auxiliar"," 88245 ","SINAPI","ARMADOR COM ENCARGOS COMPLEMENTARES","Livro SINAPI: Cálculos e Parâmetros",null,"H",{"v":0.0836,"d":"0.0836000"},25.95,2.16]
["Composição Auxiliar"," 92800 ","SINAPI","CORTE E DOBRA DE AÇO CA-60, DIÂMETRO DE 5,0 MM. AF_06/2022","Armação para Estruturas de Concreto Armado",null,"KG",{"v":1,"d":"1.0000000"},7.75,7.75]
["Insumo"," 00039017 ","SINAPI","ESPACADOR / DISTANCIADOR CIRCULAR COM ENTRADA LATERAL, EM PLASTICO, PARA VERGALHAO *4,2 A 12,5* MM, COBRIMENTO 20 MM","Material",null,"UN",{"v":2.118,"d":"2.1180000"},0.19,{"v":0.4,"d":"0.40"}]
["Insumo"," 00043132 ","SINAPI","ARAME RECOZIDO 16 BWG, D = 1,65 MM (0,016 KG/M) OU 18 BWG, D = 1,25 MM (0,01 KG/M)","Material",null,"KG",{"v":0.025,"d":"0.0250000"},20.56,0.51]
[{"$nulls":4},"MO sem LS =>",{"v":1.591760299625468,"d":"1.59"},"LS =>",1.81,"MO com LS =>",{"v":3.4,"d":"3.40"}]
[{"$nulls":4},"Valor do BDI =>",2.25,null,"Valor com BDI =>",null,13.36]
[{"$nulls":6},"Quant. =>",{"v":336,"d":"336.0000000"},"Preço Total =>",{"v":4488.96,"d":"4,488.96"}]
[]
[" 4.3.10 ","Código","Banco","Descrição","Tipo",null,"Und","Quant.","Valor Unit","Total"]
["Composição"," 92769 ","SINAPI","ARMAÇÃO DE LAJE DE ESTRUTURA CONVENCIONAL DE CONCRETO ARMADO UTILIZANDO AÇO CA-50 DE 6,3 MM - MONTAGEM. AF_06/2022","Armação para Estruturas de Concreto Armado",null,"KG",{"v":1,"d":"1.0000000"},10.15,10.15]
["Composição Auxiliar"," 88238 ","SINAPI","AJUDANTE DE ARMADOR COM ENCARGOS COMPLEMENTARES","Livro SINAPI: Cálculos e Parâmetros",null,"H",{"v":0.0098,"d":"0.0098000"},21.42,{"v":0.2,"d":"0.20"}]
["Composição Auxiliar"," 88245 ","SINAPI","ARMADOR COM ENCARGOS COMPLEMENTARES","Livro SINAPI: Cálculos e Parâmetros",null,"H",{"v":0.0597,"d":"0.0597000"},25.95,1.54]
["Composição Auxiliar"," 92801 ","SINAPI","CORTE E DOBRA DE AÇO CA-50, DIÂMETRO DE 6,3 MM. AF_06/2022","Armação para Estruturas de Concreto Armado",null,"KG",{"v":1,"d":"1.0000000"},7.65,7.65]
["Insumo"," 00039017 ","SINAPI","ESPACADOR / DISTANCIADOR CIRCULAR COM ENTRADA LATERAL, EM PLASTICO, PARA VERGALHAO *4,2 A 12,5* MM, COBRIMENTO 20 MM","Material",null,"UN",{"v":1.333,"d":"1.3330000"},0.19,0.25]
["Insumo"," 00043132 ","SINAPI","ARAME RECOZIDO 16 BWG, D = 1,65 MM (0,016 KG/M) OU 18 BWG, D = 1,25 MM (0,01 KG/M)","Material",null,"KG",{"v":0.025,"d":"0.0250000"},20.56,0.51]
[{"$nulls":4},"MO sem LS =>",{"v":1.0159176029962547,"d":"1.02"},"LS =>",1.15,"MO com LS =>",2.17]
[{"$nulls":4},"Valor do BDI =>",2.06,null,"Valor com BDI =>",null,12.21]
[{"$nulls":6},"Quant. =>",{"v":55,"d":"55.0000000"},"Preço Total =>",671.55]
[]
[" 4.3.11 ","Código","Banco","Descrição","Tipo",null,"Und","Quant.","Valor Unit","Total"]
["Composição"," 92771 ","SINAPI","ARMAÇÃO DE LAJE DE ESTRUTURA CONVENCIONAL DE CONCRETO ARMADO UTILIZANDO AÇO CA-50 DE 10,0 MM - MONTAGEM. AF_06/2022","Armação para Estruturas de Concreto Armado",null,"KG",{"v":1,"d":"1.0000000"},8.19,8.19]
["Composição Auxiliar"," 88238 ","SINAPI","AJUDANTE DE ARMADOR COM ENCARGOS COMPLEMENTARES","Livro SINAPI: Cálculos e Parâmetros",null,"H",{"v":0.0042,"d":"0.0042000"},21.42,0.08]
["Composição Auxiliar"," 88245 ","SINAPI","ARMADOR COM ENCARGOS COMPLEMENTARES","Livro SINAPI: Cálculos e Parâmetros",null,"H",{"v":0.0259,"d":"0.0259000"},25.95,0.67]
["Composição Auxiliar"," 92803 ","SINAPI","CORTE E DOBRA DE AÇO CA-50, DIÂMETRO DE 10,0 MM. AF_06/2022","Armação para Estruturas de Concreto Armado",null,"KG",{"v":1,"d":"1.0000000"},6.87,6.87]
["Insumo"," 00039017 ","SINAPI","ESPACADOR / DISTANCIADOR CIRCULAR COM ENTRADA LATERAL, EM PLASTICO, PARA VERGALHAO *4,2 A 12,5* MM, COBRIMENTO 20 MM","Material",null,"UN",{"v":0.357,"d":"0.3570000"},0.19,0.06]
["Insumo"," 00043132 ","SINAPI","ARAME RECOZIDO 16 BWG, D = 1,65 MM (0,016 KG/M) OU 18 BWG, D = 1,25 MM (0,01 KG/M)","Material",null,"KG",{"v":0.025,"d":"0.0250000"},20.56,0.51]
[{"$nulls":4},"MO sem LS =>",{"v":0.3838951310861423,"d":"0.38"},"LS =>",0.44,"MO com LS =>",0.82]
[{"$nulls":4},"Valor do BDI =>",1.66,null,"Valor com BDI =>",null,9.85]
[{"$nulls":6},"Quant. =>",{"v":22,"d":"22.0000000"},"Preço Total =>",{"v":216.7,"d":"216.70"}]
[]
[" 4.3.12 ","Código","Banco","Descrição","Tipo",null,"Und","Quant.","Valor Unit","Total"]
["Composição"," 94965 ","SINAPI","CONCRETO FCK = 25MPA, TRAÇO 1:2,3:2,7 (EM MASSA SECA DE CIMENTO/ AREIA MÉDIA/ BRITA 1) - PREPARO MECÂNICO COM BETONEIRA 400 L. AF_05/2021","Produção de Concreto",null,"m³",{"v":1,"d":"1.0000000"},440.17,440.17]
["Composição Auxiliar"," 88316 ","SINAPI","SERVENTE COM ENCARGOS COMPLEMENTARES","Livro SINAPI: Cálculos e Parâmetros",null,"H",{"v":2.3117,"d":"2.3117000"},20.58,47.57]
["Composição Auxiliar"," 88377 ","SINAPI","OPERADOR DE BETONEIRA ESTACIONÁRIA/MISTURADOR COM ENCARGOS COMPLEMENTARES","Livro SINAPI: Cálculos e Parâmetros",null,"H",{"v":1.4637,"d":"1.4637000"},17.82,26.08]
["Composição Auxiliar"," 88830 ","SINAPI","BETONEIRA CAPACIDADE NOMINAL DE 400 L, CAPACIDADE DE MISTURA 280 L, MOTOR ELÉTRICO TRIFÁSICO POTÊNCIA DE 2 CV, SEM CARREGADOR - CHP DIURNO. AF_05/2023","Custos Horários Produtivo e Improdutivo dos Equipamentos",null,"CHP",{"v":0.7534,"d":"0.7534000"},1.43,1.07]
["Composição Auxiliar"," 88831 ","SINAPI","BETONEIRA CAPACIDADE NOMINAL DE 400 L, CAPACIDADE DE MISTURA 280 L, MOTOR ELÉTRICO TRIFÁSICO POTÊNCIA DE 2 CV, SEM CARREGADOR - CHI DIURNO. AF_05/2023","Custos Horários Produtivo e Improdutivo dos Equipamentos",null,"CHI",{"v":0.7103,"d":"0.7103000"},0.33,0.23]
["Insumo"," 00000370 ","SINAPI","AREIA MEDIA - POSTO JAZIDA/FORNECEDOR (RETIRADO NA JAZIDA, SEM TRANSPORTE)","Material",null,"m³",{"v":0.7229,"d":"0.7229000"},124.24,89.81]
["Insumo"," 00001379 ","SINAPI","CIMENTO PORTLAND COMPOSTO CP II-32","Material",null,"KG",{"v":362.6579,"d":"362.6579000"},0.62,224.84]
["Insumo"," 00004721 ","SINAPI","PEDRA BRITADA N. 1 (9,5 A 19 MM) POSTO PEDREIRA/FORNECEDOR, SEM FRETE","Material",null,"m³",{"v":0.5934,"d":"0.5934000"},85.23,50.57]
[{"$nulls":4},"MO sem LS =>",{"v":27.18632958801498,"d":"27.19"},"LS =>",30.88,"MO com LS =>",58.07]
[{"$nulls":4},"Valor do BDI =>",89.53,null,"Valor com BDI =>",null,{"v":529.7,"d":"529.70"}]
[{"$nulls":6},"Quant. =>",{"v":8.81,"d":"8.8100000"},"Preço Total =>",{"v":4666.65,"d":"4,666.65"}]
[]
[" 4.3.13 ","Código","Banco","Descrição","Tipo",null,"Und","Quant.","Valor Unit","Total"]
["Composição"," 103670 ","SINAPI","LANÇAMENTO COM USO DE BALDES, ADENSAMENTO E ACABAMENTO DE CONCRETO EM ESTRUTURAS. AF_02/2022","Concretagem para Estruturas de Concreto Armado",null,"m³",{"v":1,"d":"1.0000000"},281.31,281.31]
["Composição Auxiliar"," 88262 ","SINAPI","CARPINTEIRO DE FORMAS COM ENCARGOS COMPLEMENTARES","Livro SINAPI: Cálculos e Parâmetros",null,"H",{"v":2.459,"d":"2.4590000"},25.77,63.36]
["Composição Auxiliar"," 88309 ","SINAPI","PEDREIRO COM ENCARGOS COMPLEMENTARES","Livro SINAPI: Cálculos e Parâmetros",null,"H",{"v":2.459,"d":"2.4590000"},26.15,{"v":64.3,"d":"64.30"}]
["Composição Auxiliar"," 88316 ","SINAPI","SERVENTE COM ENCARGOS COMPLEMENTARES","Livro SINAPI: Cálculos e Parâmetros",null,"H",{"v":7.377,"d":"7.3770000"},20.58,151.81]
["Composição Auxiliar"," 90586 ","SINAPI","VIBRADOR DE IMERSÃO, DIÂMETRO DE PONTEIRA 45MM, MOTOR ELÉTRICO TRIFÁSICO POTÊNCIA DE 2 CV - CHP DIURNO. AF_06/2015","Custos Horários Produtivo e Improdutivo dos Equipamentos",null,"CHP",{"v":1.042,"d":"1.0420000"},1.12,1.16]
["Composição Auxiliar"," 90587 ","SINAPI","VIBRADOR DE IMERSÃO, DIÂMETRO DE PONTEIRA 45MM, MOTOR ELÉTRICO TRIFÁSICO POTÊNCIA DE 2 CV - CHI DIURNO. AF_06/2015","Custos Horários Produtivo e Improdutivo dos Equipamentos",null,"CHI",{"v":1.417,"d":"1.4170000"},0.48,0.68]
[{"$nulls":4},"MO sem LS =>",{"v":105.0187265917603,"d":"105.02"},"LS =>",{"v":119.3,"d":"119.30"},"MO com LS =>",224.32]
[{"$nulls":4},"Valor do BDI =>",57.21,null,"Valor com BDI =>",null,338.52]
[{"$nulls":6},"Quant. =>",{"v":8.81,"d":"8.8100000"},"Preço Total =>",{"v":2982.36,"d":"2,982.36"}]
[]
[" 4.3.14 ","Código","Banco","Descrição","Tipo",null,"Und","Quant.","Valor Unit","Total"]
["Composição"," 98562 ","SINAPI","IMPERMEABILIZAÇÃO DE SUPERFÍCIE COM ARGAMASSA DE CIMENTO E AREIA, COM ADITIVO IMPERMEABILIZANTE, E = 1,5CM. AF_09/2023","Impermeabilização, Proteção Mecânica e Tratamento de Junta",null,"m²",{"v":1,"d":"1.0000000"},45.75,45.75]
["Composição Auxiliar"," 87298 ","SINAPI","ARGAMASSA TRAÇO 1:3 (EM VOLUME DE CIMENTO E AREIA MÉDIA ÚMIDA) PARA CONTRAPISO, PREPARO MECÂNICO COM BETONEIRA 400 L. AF_08/2019","Argamassas",null,"m³",{"v":0.02,"d":"0.0200000"},594.75,11.89]
["Composição Auxiliar"," 88309 ","SINAPI","PEDREIRO COM ENCARGOS COMPLEMENTARES","Livro SINAPI: Cálculos e Parâmetros",null,"H",{"v":0.9897,"d":"0.9897000"},26.15,25.88]
["Composição Auxiliar"," 88316 ","SINAPI","SERVENTE COM ENCARGOS COMPLEMENTARES","Livro SINAPI: Cálculos e Parâmetros",null,"H",{"v":0.2232,"d":"0.2232000"},20.58,4.59]
["Insumo"," 00000123 ","SINAPI","ADITIVO IMPERMEABILIZANTE DE PEGA NORMAL PARA ARGAMASSAS E CONCRETOS SEM ARMACAO, LIQUIDO E ISENTO DE CLORETOS","Material",null,"L",{"v":0.4405,"d":"0.4405000"},{"v":7.7,"d":"7.70"},3.39]
[{"$nulls":4},"MO sem LS =>",{"v":12.265917602996256,"d":"12.27"},"LS =>",13.93,"MO com LS =>",{"v":26.2,"d":"26.20"}]
[{"$nulls":4},"Valor do BDI =>",{"v":9.3,"d":"9.30"},null,"Valor com BDI =>",null,55.05]
[{"$nulls":6},"Quant. =>",{"v":70.06,"d":"70.0600000"},"Preço Total =>",{"v":3856.8,"d":"3,856.80"}]
[]
[" 5 ",null,null,"INSTALAÇÕES HIDROSSANITÁRIAS",{"$nulls":5},{"v":104902.13,"d":"104,902.13"}]
[" 5.1 ",null,null,"TUBO PVC SOLDÁVEL PARA ÁGUA POTÁVEL",{"$nulls":5},{"v":13551.9,"d":"13,551.90"}]
[" 5.1.1 ","Código","Banco","Descrição","Tipo",null,"Und","Quant.","Valor Unit","Total"]
["Composição"," 91788 ","SINAPI","(COMPOSIÇÃO REPRESENTATIVA) DO SERVIÇO DE INSTALAÇÃO DE TUBOS DE PVC, SOLDÁVEL, ÁGUA FRIA, DN 50 MM (INSTALADO EM PRUMADA), INCLUSIVE CONEXÕES, CORTES E FIXAÇÕES, PARA PRÉDIOS. AF_10/2015","INHI - INSTALAÇÕES HIDROS SANITÁRIAS",null,"M",{"v":1,"d":"1.0000000"},44.52,44.52]
["Composição Auxiliar"," 89449 ","SINAPI","TUBO, PVC, SOLDÁVEL, DE 50MM, INSTALADO EM PRUMADA DE ÁGUA - FORNECIMENTO E INSTALAÇÃO. AF_06/2022","Instalações Prediais de Água Fria em PVC",null,"M",{"v":1,"d":"1.0000000"},15.35,15.35]
["Composição Auxiliar"," 89501 ","SINAPI","JOELHO 90 GRAUS, PVC, SOLDÁVEL, DN 50MM, INSTALADO EM PRUMADA DE ÁGUA - FORNECIMENTO E INSTALAÇÃO. AF_06/2022","Instalações Prediais de Água Fria em PVC",null,"UN",{"v":0.2851,"d":"0.2851000"},11.92,3.39]
["Composição Auxiliar"," 89502 ","SINAPI","JOELHO 45 GRAUS, PVC, SOLDÁVEL, DN 50MM, INSTALADO EM PRUMADA DE ÁGUA - FORNECIMENTO E INSTALAÇÃO. AF_06/2022","Instalações Prediais de Água Fria em PVC",null,"UN",{"v":0.1948,"d":"0.1948000"},14.05,2.73]
["Composição Auxiliar"," 89575 ","SINAPI","LUVA, PVC, SOLDÁVEL, DN 50MM, INSTALADO EM PRUMADA DE ÁGUA - FORNECIMENTO E INSTALAÇÃO. AF_06/2022","Instalações Prediais de Água Fria em PVC",null,"UN",{"v":0.2146,"d":"0.2146000"},9.42,2.02]
["Composição Auxiliar"," 89594 ","SINAPI","UNIÃO, PVC, SOLDÁVEL, DN 50MM, INSTALADO EM PRUMADA DE ÁGUA - FORNECIMENTO E INSTALAÇÃO. AF_06/2022","Instalações Prediais de Água Fria em PVC",null,"UN",{"v":0.227,"d":"0.2270000"},{"v":29.2,"d":"29.20"},6.62]
["Composição Auxiliar"," 89596 ","SINAPI","ADAPTADOR CURTO COM BOLSA E ROSCA PARA REGISTRO, PVC, SOLDÁVEL, DN 50MM X 1.1/2, INSTALADO EM PRUMADA DE ÁGUA - FORNECIMENTO E INSTALAÇÃO. AF_06/2022","Instalações Prediais de Água Fria em PVC",null,"UN",{"v":0.0751,"d":"0.0751000"},8.57,0.64]
["Composição Auxiliar"," 89625 ","SINAPI","TE, PVC, SOLDÁVEL, DN 50MM, INSTALADO EM PRUMADA DE ÁGUA - FORNECIMENTO E INSTALAÇÃO. AF_06/2022","Instalações Prediais de Água Fria em PVC",null,"UN",{"v":0.0046,"d":"0.0046000"},18.76,0.08]
["Composição Auxiliar"," 90437 ","SINAPI","FURO MANUAL EM ALVENARIA, PARA INSTALAÇÕES HIDRÁULICAS, DIÂMETROS MAIORES QUE 40 MM E MENORES OU IGUAIS A 75 MM. AF_09/2023","Rasgos e Fixações",null,"UN",{"v":0.0418,"d":"0.0418000"},{"v":36.6,"d":"36.60"},1.52]
["Composição Auxiliar"," 90454 ","SINAPI","PASSANTE TIPO TUBO COM DIÂMETRO DE 75 MM, FIXADO EM LAJE, PARA PASSAGEM DE TUBULAÇÕES COM NO MÁXIMO 50 MM DE DIÂMETRO. AF_09/2023","Rasgos e Fixações",null,"UN",{"v":0.1023,"d":"0.1023000"},{"v":5.7,"d":"5.70"},0.58]
["Composição Auxiliar"," 91186 ","SINAPI","FIXAÇÃO DE TUBOS HORIZONTAIS DE PVC ÁGUA, PVC ESGOTO, PVC ÁGUA PLUVIAL, CPVC, PPR, COBRE OU AÇO, DIÂMETROS MAIORES QUE 40 MM E MENORES OU IGUAIS A 75 MM, COM ABRAÇADEIRA METÁLICA FLEXÍVEL 18 MM, FIXADA DIRETAMENTE NA LAJE. AF_09/2023","Rasgos e Fixações",null,"M",{"v":0.4457,"d":"0.4457000"},24.75,11.03]
["Composição Auxiliar"," 91191 ","SINAPI","CHUMBAMENTO PONTUAL EM PASSAGEM DE TUBO COM DIÂMETROS ENTRE 40 MM E 75 MM. AF_09/2023","Rasgos e Fixações",null,"UN",{"v":0.0418,"d":"0.0418000"},13.42,0.56]
[{"$nulls":4},"MO sem LS =>",{"v":7.181647940074907,"d":"7.18"},"LS =>",8.16,"MO com LS =>",15.34]
[{"$nulls":4},"Valor do BDI =>",9.05,null,"Valor com BDI =>",null,53.57]
[{"$nulls":6},"Quant. =>",{"v":52,"d":"52.0000000"},"Preço Total =>",{"v":2785.64,"d":"2,785.64"}]
[]
[" 5.1.2 ","Código","Banco","Descrição","Tipo",null,"Und","Quant.","Valor Unit","Total"]
["Composição"," 91787 ","SINAPI","(COMPOSIÇÃO REPRESENTATIVA) DO SERVIÇO DE INSTALAÇÃO DE TUBOS DE PVC, SOLDÁVEL, ÁGUA FRIA, DN 40 MM (INSTALADO EM PRUMADA), INCLUSIVE CONEXÕES, CORTES E FIXAÇÕES, PARA PRÉDIOS. AF_10/2015","INHI - INSTALAÇÕES HIDROS SANITÁRIAS",null,"M",{"v":1,"d":"1.0000000"},29.39,29.39]
["Composição Auxiliar"," 89436 ","SINAPI","ADAPTADOR CURTO COM BOLSA E ROSCA PARA REGISTRO, PVC, SOLDÁVEL, DN 32MM X 1, INSTALADO EM RAMAL DE DISTRIBUIÇÃO DE ÁGUA - FORNECIMENTO E INSTALAÇÃO. AF_06/2022","Instalações Prediais de Água Fria em PVC",null,"UN",{"v":0.0027,"d":"0.0027000"},{"v":7,"d":"7.00"},0.01]
["Composição Auxiliar"," 89448 ","SINAPI","TUBO, PVC, SOLDÁVEL, DE 40MM, INSTALADO EM PRUMADA DE ÁGUA - FORNECIMENTO E INSTALAÇÃO. AF_06/2022","Instalações Prediais de Água Fria em PVC",null,"M",{"v":1,"d":"1.0000000"},13.86,13.86]
["Composição Auxiliar"," 89497 ","SINAPI","JOELHO 90 GRAUS, PVC, SOLDÁVEL, DN 40MM, INSTALADO EM PRUMADA DE ÁGUA - FORNECIMENTO E INSTALAÇÃO. AF_06/2022","Instalações Prediais de Água Fria em PVC",null,"UN",{"v":0.1743,"d":"0.1743000"},11.06,1.92]
["Composição Auxiliar"," 89498 ","SINAPI","JOELHO 45 GRAUS, PVC, SOLDÁVEL, DN 40MM, INSTALADO EM PRUMADA DE ÁGUA - FORNECIMENTO E INSTALAÇÃO. AF_06/2022","Instalações Prediais de Água Fria em PVC",null,"UN",{"v":0.0451,"d":"0.0451000"},11.11,{"v":0.5,"d":"0.50"}]
["Composição Auxiliar"," 89558 ","SINAPI","LUVA, PVC, SOLDÁVEL, DN 40MM, INSTALADO EM PRUMADA DE ÁGUA - FORNECIMENTO E INSTALAÇÃO. AF_06/2022","Instalações Prediais de Água Fria em PVC",null,"UN",{"v":0.124,"d":"0.1240000"},8.03,0.99]
["Composição Auxiliar"," 89568 ","SINAPI","UNIÃO, PVC, SOLDÁVEL, DN 40MM, INSTALADO EM PRUMADA DE ÁGUA - FORNECIMENTO E INSTALAÇÃO. AF_06/2022","Instalações Prediais de Água Fria em PVC",null,"UN",{"v":0.1156,"d":"0.1156000"},26.41,3.05]
["Composição Auxiliar"," 89570 ","SINAPI","ADAPTADOR CURTO COM BOLSA E ROSCA PARA REGISTRO, PVC, SOLDÁVEL, DN 40MM X 1.1/2, INSTALADO EM PRUMADA DE ÁGUA - FORNECIMENTO E INSTALAÇÃO. AF_06/2022","Instalações Prediais de Água Fria em PVC",null,"UN",{"v":0.0567,"d":"0.0567000"},9.42,0.53]
["Composição Auxiliar"," 89572 ","SINAPI","ADAPTADOR CURTO COM BOLSA E ROSCA PARA REGISTRO, PVC, SOLDÁVEL, DN 40MM X 1.1/4, INSTALADO EM PRUMADA DE ÁGUA - FORNECIMENTO E INSTALAÇÃO. AF_06/2022","Instalações Prediais de Água Fria em PVC",null,"UN",{"v":0.0289,"d":"0.0289000"},7.16,{"v":0.2,"d":"0.20"}]
["Composição Auxiliar"," 89623 ","SINAPI","TE, PVC, SOLDÁVEL, DN 40MM, INSTALADO EM PRUMADA DE ÁGUA - FORNECIMENTO E INSTALAÇÃO. AF_06/2022","Instalações Prediais de Água Fria em PVC",null,"UN",{"v":0.3853,"d":"0.3853000"},16.13,6.21]
["Composição Auxiliar"," 89626 ","SINAPI","TÊ DE REDUÇÃO, PVC, SOLDÁVEL, DN 50MM X 40MM, INSTALADO EM PRUMADA DE ÁGUA - FORNECIMENTO E INSTALAÇÃO. AF_06/2022","Instalações Prediais de Água Fria em PVC",null,"UN",{"v":0.0393,"d":"0.0393000"},24.81,0.97]
["Composição Auxiliar"," 90453 ","SINAPI","PASSANTE TIPO TUBO COM DIÂMETRO DE 40 MM, FIXADO EM LAJE, PARA PASSAGEM DE TUBULAÇÕES COM NO MÁXIMO 32 MM DE DIÂMETRO. AF_09/2023","Rasgos e Fixações",null,"UN",{"v":0.0365,"d":"0.0365000"},3.62,0.13]
["Composição Auxiliar"," 91185 ","SINAPI","FIXAÇÃO DE TUBOS HORIZONTAIS DE PVC ÁGUA, PVC ESGOTO, PVC ÁGUA PLUVIAL, CPVC, PPR, COBRE OU AÇO, DIÂMETROS MENORES OU IGUAIS A 40 MM, COM ABRAÇADEIRA METÁLICA FLEXÍVEL 18 MM, FIXADA DIRETAMENTE NA LAJE. AF_09/2023","Rasgos e Fixações",null,"M",{"v":0.0448,"d":"0.0448000"},22.44,{"v":1,"d":"1.00"}]
["Composição Auxiliar"," 91190 ","SINAPI","CHUMBAMENTO PONTUAL EM PASSAGEM DE TUBO COM DIÂMETRO MENOR OU IGUAL A 40 MM. AF_09/2023","Rasgos e Fixações",null,"UN",{"v":0.003,"d":"0.0030000"},9.71,0.02]
[{"$nulls":4},"MO sem LS =>",{"v":2.762172284644195,"d":"2.76"},"LS =>",3.14,"MO com LS =>",{"v":5.9,"d":"5.90"}]
[{"$nulls":4},"Valor do BDI =>",5.97,null,"Valor com BDI =>",null,35.36]
[{"$nulls":6},"Quant. =>",{"v":6,"d":"6.0000000"},"Preço Total =>",212.16]
[]
[" 5.1.3 ","Código","Banco","Descrição","Tipo",null,"Und","Quant.","Valor Unit","Total"]
["Composição"," 91786 ","SINAPI","(COMPOSIÇÃO REPRESENTATIVA) DO SERVIÇO DE INSTALAÇÃO TUBOS DE PVC, SOLDÁVEL, ÁGUA FRIA, DN 32 MM (INSTALADO EM RAMAL, SUB-RAMAL, RAMAL DE DISTRIBUIÇÃO OU PRUMADA), INCLUSIVE CONEXÕES, CORTES E FIXAÇÕES, PARA PRÉDIOS. AF_10/2015","INHI - INSTALAÇÕES HIDROS SANITÁRIAS",null,"M",{"v":1,"d":"1.0000000"},27.28,27.28]
["Composição Auxiliar"," 89357 ","SINAPI","TUBO, PVC, SOLDÁVEL, DE 32MM, INSTALADO EM RAMAL OU SUB-RAMAL DE ÁGUA - FORNECIMENTO E INSTALAÇÃO. AF_06/2022","Instalações Prediais de Água Fria em PVC",null,"M",{"v":0.0765,"d":"0.0765000"},{"v":29.2,"d":"29.20"},2.23]
["Composição Auxiliar"," 89386 ","SINAPI","LUVA, PVC, SOLDÁVEL, DN 32MM, INSTALADO EM RAMAL OU SUB-RAMAL DE ÁGUA - FORNECIMENTO E INSTALAÇÃO. AF_06/2022","Instalações Prediais de Água Fria em PVC",null,"UN",{"v":0.097,"d":"0.0970000"},{"v":8.3,"d":"8.30"},{"v":0.8,"d":"0.80"}]
["Composição Auxiliar"," 89398 ","SINAPI","TE, PVC, SOLDÁVEL, DN 32MM, INSTALADO EM RAMAL OU SUB-RAMAL DE ÁGUA - FORNECIMENTO E INSTALAÇÃO. AF_06/2022","Instalações Prediais de Água Fria em PVC",null,"UN",{"v":0.2847,"d":"0.2847000"},15.92,4.53]
["Composição Auxiliar"," 89403 ","SINAPI","TUBO, PVC, SOLDÁVEL, DE 32MM, INSTALADO EM RAMAL DE DISTRIBUIÇÃO DE ÁGUA - FORNECIMENTO E INSTALAÇÃO. AF_06/2022","Instalações Prediais de Água Fria em PVC",null,"M",{"v":0.367,"d":"0.3670000"},16.83,6.17]
["Composição Auxiliar"," 89413 ","SINAPI","JOELHO 90 GRAUS, PVC, SOLDÁVEL, DN 32MM, INSTALADO EM RAMAL DE DISTRIBUIÇÃO DE ÁGUA - FORNECIMENTO E INSTALAÇÃO. AF_06/2022","Instalações Prediais de Água Fria em PVC",null,"UN",{"v":0.0599,"d":"0.0599000"},10.57,0.63]
["Composição Auxiliar"," 89414 ","SINAPI","JOELHO 45 GRAUS, PVC, SOLDÁVEL, DN 32MM, INSTALADO EM RAMAL DE DISTRIBUIÇÃO DE ÁGUA - FORNECIMENTO E INSTALAÇÃO. AF_06/2022","Instalações Prediais de Água Fria em PVC",null,"UN",{"v":0.0242,"d":"0.0242000"},12.03,0.29]
["Composição Auxiliar"," 89431 ","SINAPI","LUVA, PVC, SOLDÁVEL, DN 32MM, INSTALADO EM RAMAL DE DISTRIBUIÇÃO DE ÁGUA - FORNECIMENTO E INSTALAÇÃO. AF_06/2022","Instalações Prediais de Água Fria em PVC",null,"UN",{"v":0.0555,"d":"0.0555000"},{"v":7.7,"d":"7.70"},0.42]
["Composição Auxiliar"," 89435 ","SINAPI","UNIÃO, PVC, SOLDÁVEL, DN 32MM, INSTALADO EM RAMAL DE DISTRIBUIÇÃO DE ÁGUA - FORNECIMENTO E INSTALAÇÃO. AF_06/2022","Instalações Prediais de Água Fria em PVC",null,"UN",{"v":0.0178,"d":"0.0178000"},17.44,0.31]
["Composição Auxiliar"," 89436 ","SINAPI","ADAPTADOR CURTO COM BOLSA E ROSCA PARA REGISTRO, PVC, SOLDÁVEL, DN 32MM X 1, INSTALADO EM RAMAL DE DISTRIBUIÇÃO DE ÁGUA - FORNECIMENTO E INSTALAÇÃO. AF_06/2022","Instalações Prediais de Água Fria em PVC",null,"UN",{"v":0.0584,"d":"0.0584000"},{"v":7,"d":"7.00"},{"v":0.4,"d":"0.40"}]
["Composição Auxiliar"," 89443 ","SINAPI","TE, PVC, SOLDÁVEL, DN 32MM, INSTALADO EM RAMAL DE DISTRIBUIÇÃO DE ÁGUA - FORNECIMENTO E INSTALAÇÃO. AF_06/2022","Instalações Prediais de Água Fria em PVC",null,"UN",{"v":0.0406,"d":"0.0406000"},14.72,0.59]
["Composição Auxiliar"," 89447 ","SINAPI","TUBO, PVC, SOLDÁVEL, DE 32MM, INSTALADO EM PRUMADA DE ÁGUA - FORNECIMENTO E INSTALAÇÃO. AF_06/2022","Instalações Prediais de Água Fria em PVC",null,"M",{"v":0.5565,"d":"0.5565000"},9.08,5.05]
["Composição Auxiliar"," 89492 ","SINAPI","JOELHO 90 GRAUS, PVC, SOLDÁVEL, DN 32MM, INSTALADO EM PRUMADA DE ÁGUA - FORNECIMENTO E INSTALAÇÃO. AF_06/2022","Instalações Prediais de Água Fria em PVC",null,"UN",{"v":0.1564,"d":"0.1564000"},{"v":7,"d":"7.00"},1.09]
["Composição Auxiliar"," 89541 ","SINAPI","LUVA, PVC, SOLDÁVEL, DN 32MM, INSTALADO EM PRUMADA DE ÁGUA - FORNECIMENTO E INSTALAÇÃO. AF_06/2022","Instalações Prediais de Água Fria em PVC",null,"UN",{"v":0.2108,"d":"0.2108000"},5.32,1.12]
["Composição Auxiliar"," 89553 ","SINAPI","ADAPTADOR CURTO COM BOLSA E ROSCA PARA REGISTRO, PVC, SOLDÁVEL, DN 32MM X 1, INSTALADO EM PRUMADA DE ÁGUA - FORNECIMENTO E INSTALAÇÃO. AF_06/2022","Instalações Prediais de Água Fria em PVC",null,"UN",{"v":0.0985,"d":"0.0985000"},4.77,0.46]
["Composição Auxiliar"," 89562 ","SINAPI","LUVA DE REDUÇÃO, PVC, SOLDÁVEL, DN 40MM X 32MM, INSTALADO EM PRUMADA DE ÁGUA - FORNECIMENTO E INSTALAÇÃO. AF_06/2022","Instalações Prediais de Água Fria em PVC",null,"UN",{"v":0.0258,"d":"0.0258000"},8.53,0.22]
["Composição Auxiliar"," 89620 ","SINAPI","TE, PVC, SOLDÁVEL, DN 32MM, INSTALADO EM PRUMADA DE ÁGUA - FORNECIMENTO E INSTALAÇÃO. AF_06/2022","Instalações Prediais de Água Fria em PVC",null,"UN",{"v":0.1312,"d":"0.1312000"},9.98,{"v":1.3,"d":"1.30"}]
["Composição Auxiliar"," 89622 ","SINAPI","TÊ DE REDUÇÃO, PVC, SOLDÁVEL, DN 32MM X 25MM, INSTALADO EM PRUMADA DE ÁGUA - FORNECIMENTO E INSTALAÇÃO. AF_06/2022","Instalações Prediais de Água Fria em PVC",null,"UN",{"v":0.0641,"d":"0.0641000"},11.78,0.75]
["Composição Auxiliar"," 89624 ","SINAPI","TÊ DE REDUÇÃO, PVC, SOLDÁVEL, DN 40MM X 32MM, INSTALADO EM PRUMADA DE ÁGUA - FORNECIMENTO E INSTALAÇÃO. AF_06/2022","Instalações Prediais de Água Fria em PVC",null,"UN",{"v":0.0152,"d":"0.0152000"},14.92,0.22]
["Composição Auxiliar"," 90436 ","SINAPI","FURO MANUAL EM ALVENARIA, PARA INSTALAÇÕES HIDRÁULICAS, DIÂMETROS MENORES OU IGUAIS A 40 MM. AF_09/2023","Rasgos e Fixações",null,"UN",{"v":0.0106,"d":"0.0106000"},13.73,0.14]
["Composição Auxiliar"," 90439 ","SINAPI","FURO MECANIZADO EM CONCRETO, COM MARTELO DEMOLIDOR, PARA INSTALAÇÕES HIDRÁULICAS, DIÂMETROS MENORES OU IGUAIS A 40 MM. AF_09/2023","Rasgos e Fixações",null,"UN",{"v":0.003,"d":"0.0030000"},7.24,0.02]
["Composição Auxiliar"," 90443 ","SINAPI","RASGO LINEAR MANUAL EM ALVENARIA, PARA RAMAIS/ DISTRIBUIÇÃO DE INSTALAÇÕES HIDRÁULICAS, DIÂMETROS MENORES OU IGUAIS A 40 MM. AF_09/2023","Rasgos e Fixações",null,"M",{"v":0.015,"d":"0.0150000"},7.37,0.11]
["Composição Auxiliar"," 90453 ","SINAPI","PASSANTE TIPO TUBO COM DIÂMETRO DE 40 MM, FIXADO EM LAJE, PARA PASSAGEM DE TUBULAÇÕES COM NO MÁXIMO 32 MM DE DIÂMETRO. AF_09/2023","Rasgos e Fixações",null,"UN",{"v":0.0412,"d":"0.0412000"},3.62,0.14]
["Composição Auxiliar"," 90466 ","SINAPI","CHUMBAMENTO LINEAR EM ALVENARIA PARA RAMAIS/DISTRIBUIÇÃO DE INSTALAÇÕES HIDRÁULICAS COM DIÂMETROS MENORES OU IGUAIS A 40 MM. AF_09/2023","Rasgos e Fixações",null,"M",{"v":0.015,"d":"0.0150000"},14.16,0.21]
["Composição Auxiliar"," 91190 ","SINAPI","CHUMBAMENTO PONTUAL EM PASSAGEM DE TUBO COM DIÂMETRO MENOR OU IGUAL A 40 MM. AF_09/2023","Rasgos e Fixações",null,"UN",{"v":0.0091,"d":"0.0091000"},9.71,0.08]
[{"$nulls":4},"MO sem LS =>",{"v":5.397940074906367,"d":"5.40"},"LS =>",6.13,"MO com LS =>",11.53]
[{"$nulls":4},"Valor do BDI =>",5.54,null,"Valor com BDI =>",null,32.82]
[{"$nulls":6},"Quant. =>",{"v":26,"d":"26.0000000"},"Preço Total =>",853.32]
[]
[" 5.1.4 ","Código","Banco","Descrição","Tipo",null,"Und","Quant.","Valor Unit","Total"]
["Composição"," 91785 ","SINAPI","(COMPOSIÇÃO REPRESENTATIVA) DO SERVIÇO DE INSTALAÇÃO DE TUBOS DE PVC, SOLDÁVEL, ÁGUA FRIA, DN 25 MM (INSTALADO EM RAMAL, SUB-RAMAL, RAMAL DE DISTRIBUIÇÃO OU PRUMADA), INCLUSIVE CONEXÕES, CORTES E FIXAÇÕES, PARA PRÉDIOS. AF_10/2015","INHI - INSTALAÇÕES HIDROS SANITÁRIAS",null,"M",{"v":1,"d":"1.0000000"},40.59,40.59]
["Composição Auxiliar"," 89356 ","SINAPI","TUBO, PVC, SOLDÁVEL, DE 25MM, INSTALADO EM RAMAL OU SUB-RAMAL DE ÁGUA - FORNECIMENTO E INSTALAÇÃO. AF_06/2022","Instalações Prediais de Água Fria em PVC",null,"M",{"v":0.794,"d":"0.7940000"},21.49,17.06]
["Composição Auxiliar"," 89362 ","SINAPI","JOELHO 90 GRAUS, PVC, SOLDÁVEL, DN 25MM, INSTALADO EM RAMAL OU SUB-RAMAL DE ÁGUA - FORNECIMENTO E INSTALAÇÃO. AF_06/2022","Instalações Prediais de Água Fria em PVC",null,"UN",{"v":0.6543,"d":"0.6543000"},8.41,{"v":5.5,"d":"5.50"}]
["Composição Auxiliar"," 89366 ","SINAPI","JOELHO 90 GRAUS COM BUCHA DE LATÃO, PVC, SOLDÁVEL, DN 25MM, X 3/4 INSTALADO EM RAMAL OU SUB-RAMAL DE ÁGUA - FORNECIMENTO E INSTALAÇÃO. AF_06/2022","Instalações Prediais de Água Fria em PVC",null,"UN",{"v":0.1694,"d":"0.1694000"},14.05,2.38]
["Composição Auxiliar"," 89378 ","SINAPI","LUVA, PVC, SOLDÁVEL, DN 25MM, INSTALADO EM RAMAL OU SUB-RAMAL DE ÁGUA - FORNECIMENTO E INSTALAÇÃO. AF_06/2022","Instalações Prediais de Água Fria em PVC",null,"UN",{"v":0.0773,"d":"0.0773000"},6.12,0.47]
["Composição Auxiliar"," 89383 ","SINAPI","ADAPTADOR CURTO COM BOLSA E ROSCA PARA REGISTRO, PVC, SOLDÁVEL, DN 25MM X 3/4, INSTALADO EM RAMAL OU SUB-RAMAL DE ÁGUA - FORNECIMENTO E INSTALAÇÃO. AF_06/2022","Instalações Prediais de Água Fria em PVC",null,"UN",{"v":0.6522,"d":"0.6522000"},5.75,3.75]
["Composição Auxiliar"," 89395 ","SINAPI","TE, PVC, SOLDÁVEL, DN 25MM, INSTALADO EM RAMAL OU SUB-RAMAL DE ÁGUA - FORNECIMENTO E INSTALAÇÃO. AF_06/2022","Instalações Prediais de Água Fria em PVC",null,"UN",{"v":0.3037,"d":"0.3037000"},11.53,{"v":3.5,"d":"3.50"}]
["Composição Auxiliar"," 89396 ","SINAPI","TÊ COM BUCHA DE LATÃO NA BOLSA CENTRAL, PVC, SOLDÁVEL, DN 25MM X 1/2, INSTALADO EM RAMAL OU SUB-RAMAL DE ÁGUA - FORNECIMENTO E INSTALAÇÃO. AF_06/2022","Instalações Prediais de Água Fria em PVC",null,"UN",{"v":0.0168,"d":"0.0168000"},17.57,0.29]
["Composição Auxiliar"," 89400 ","SINAPI","TÊ DE REDUÇÃO, PVC, SOLDÁVEL, DN 32MM X 25MM, INSTALADO EM RAMAL OU SUB-RAMAL DE ÁGUA - FORNECIMENTO E INSTALAÇÃO. AF_06/2022","Instalações Prediais de Água Fria em PVC",null,"UN",{"v":0.0115,"d":"0.0115000"},{"v":17.3,"d":"17.30"},0.19]
["Composição Auxiliar"," 89402 ","SINAPI","TUBO, PVC, SOLDÁVEL, DE 25MM, INSTALADO EM RAMAL DE DISTRIBUIÇÃO DE ÁGUA - FORNECIMENTO E INSTALAÇÃO. AF_06/2022","Instalações Prediais de Água Fria em PVC",null,"M",{"v":0.078,"d":"0.0780000"},11.12,0.86]
["Composição Auxiliar"," 89408 ","SINAPI","JOELHO 90 GRAUS, PVC, SOLDÁVEL, DN 25MM, INSTALADO EM RAMAL DE DISTRIBUIÇÃO DE ÁGUA - FORNECIMENTO E INSTALAÇÃO. AF_06/2022","Instalações Prediais de Água Fria em PVC",null,"UN",{"v":7.6E-3,"d":"0.0076000"},7.65,0.05]
["Composição Auxiliar"," 89424 ","SINAPI","LUVA, PVC, SOLDÁVEL, DN 25MM, INSTALADO EM RAMAL DE DISTRIBUIÇÃO DE ÁGUA - FORNECIMENTO E INSTALAÇÃO. AF_06/2022","Instalações Prediais de Água Fria em PVC",null,"UN",{"v":0.0135,"d":"0.0135000"},5.61,0.07]
["Composição Auxiliar"," 89440 ","SINAPI","TE, PVC, SOLDÁVEL, DN 25MM, INSTALADO EM RAMAL DE DISTRIBUIÇÃO DE ÁGUA - FORNECIMENTO E INSTALAÇÃO. AF_06/2022","Instalações Prediais de Água Fria em PVC",null,"UN",{"v":0.0017,"d":"0.0017000"},10.52,0.01]
["Composição Auxiliar"," 89445 ","SINAPI","TÊ DE REDUÇÃO, PVC, SOLDÁVEL, DN 32MM X 25MM, INSTALADO EM RAMAL DE DISTRIBUIÇÃO DE ÁGUA - FORNECIMENTO E INSTALAÇÃO. AF_06/2022","Instalações Prediais de Água Fria em PVC",null,"UN",{"v":0.0034,"d":"0.0034000"},{"v":16.2,"d":"16.20"},0.05]
["Composição Auxiliar"," 89446 ","SINAPI","TUBO, PVC, SOLDÁVEL, DE 25MM, INSTALADO EM PRUMADA DE ÁGUA - FORNECIMENTO E INSTALAÇÃO. AF_06/2022","Instalações Prediais de Água Fria em PVC",null,"M",{"v":0.128,"d":"0.1280000"},4.59,0.58]
["Composição Auxiliar"," 89481 ","SINAPI","JOELHO 90 GRAUS, PVC, SOLDÁVEL, DN 25MM, INSTALADO EM PRUMADA DE ÁGUA - FORNECIMENTO E INSTALAÇÃO. AF_06/2022","Instalações Prediais de Água Fria em PVC",null,"UN",{"v":0.067,"d":"0.0670000"},4.59,{"v":0.3,"d":"0.30"}]
["Composição Auxiliar"," 89528 ","SINAPI","LUVA, PVC, SOLDÁVEL, DN 25MM, INSTALADO EM PRUMADA DE ÁGUA - FORNECIMENTO E INSTALAÇÃO. AF_06/2022","Instalações Prediais de Água Fria em PVC",null,"UN",{"v":0.0135,"d":"0.0135000"},3.56,0.04]
["Composição Auxiliar"," 89532 ","SINAPI","LUVA DE REDUÇÃO, PVC, SOLDÁVEL, DN 32MM X 25MM, INSTALADO EM PRUMADA DE ÁGUA - FORNECIMENTO E INSTALAÇÃO. AF_06/2022","Instalações Prediais de Água Fria em PVC",null,"UN",{"v":0.0461,"d":"0.0461000"},5.88,0.27]
["Composição Auxiliar"," 89622 ","SINAPI","TÊ DE REDUÇÃO, PVC, SOLDÁVEL, DN 32MM X 25MM, INSTALADO EM PRUMADA DE ÁGUA - FORNECIMENTO E INSTALAÇÃO. AF_06/2022","Instalações Prediais de Água Fria em PVC",null,"UN",{"v":0.0385,"d":"0.0385000"},11.78,0.45]
["Composição Auxiliar"," 89627 ","SINAPI","TÊ DE REDUÇÃO, PVC, SOLDÁVEL, DN 50MM X 25MM, INSTALADO EM PRUMADA DE ÁGUA - FORNECIMENTO E INSTALAÇÃO. AF_06/2022","Instalações Prediais de Água Fria em PVC",null,"UN",{"v":0.0031,"d":"0.0031000"},16.64,0.05]
["Composição Auxiliar"," 90436 ","SINAPI","FURO MANUAL EM ALVENARIA, PARA INSTALAÇÕES HIDRÁULICAS, DIÂMETROS MENORES OU IGUAIS A 40 MM. AF_09/2023","Rasgos e Fixações",null,"UN",{"v":0.0083,"d":"0.0083000"},13.73,0.11]
["Composição Auxiliar"," 90443 ","SINAPI","RASGO LINEAR MANUAL EM ALVENARIA, PARA RAMAIS/ DISTRIBUIÇÃO DE INSTALAÇÕES HIDRÁULICAS, DIÂMETROS MENORES OU IGUAIS A 40 MM. AF_09/2023","Rasgos e Fixações",null,"M",{"v":0.2006,"d":"0.2006000"},7.37,1.47]
["Composição Auxiliar"," 90453 ","SINAPI","PASSANTE TIPO TUBO COM DIÂMETRO DE 40 MM, FIXADO EM LAJE, PARA PASSAGEM DE TUBULAÇÕES COM NO MÁXIMO 32 MM DE DIÂMETRO. AF_09/2023","Rasgos e Fixações",null,"UN",{"v":0.0071,"d":"0.0071000"},3.62,0.02]
["Composição Auxiliar"," 90466 ","SINAPI","CHUMBAMENTO LINEAR EM ALVENARIA PARA RAMAIS/DISTRIBUIÇÃO DE INSTALAÇÕES HIDRÁULICAS COM DIÂMETROS MENORES OU IGUAIS A 40 MM. AF_09/2023","Rasgos e Fixações",null,"M",{"v":0.2006,"d":"0.2006000"},14.16,2.84]
["Composição Auxiliar"," 91185 ","SINAPI","FIXAÇÃO DE TUBOS HORIZONTAIS DE PVC ÁGUA, PVC ESGOTO, PVC ÁGUA PLUVIAL, CPVC, PPR, COBRE OU AÇO, DIÂMETROS MENORES OU IGUAIS A 40 MM, COM ABRAÇADEIRA METÁLICA FLEXÍVEL 18 MM, FIXADA DIRETAMENTE NA LAJE. AF_09/2023","Rasgos e Fixações",null,"M",{"v":0.0092,"d":"0.0092000"},22.44,{"v":0.2,"d":"0.20"}]
["Composição Auxiliar"," 91190 ","SINAPI","CHUMBAMENTO PONTUAL EM PASSAGEM DE TUBO COM DIÂMETRO MENOR OU IGUAL A 40 MM. AF_09/2023","Rasgos e Fixações",null,"UN",{"v":0.0083,"d":"0.0083000"},9.71,0.08]
[{"$nulls":4},"MO sem LS =>",{"v":12.25187265917603,"d":"12.25"},"LS =>",13.92,"MO com LS =>",26.17]
[{"$nulls":4},"Valor do BDI =>",8.25,null,"Valor com BDI =>",null,48.84]
[{"$nulls":6},"Quant. =>",{"v":75,"d":"75.0000000"},"Preço Total =>",{"v":3663,"d":"3,663.00"}]
[]
[" 5.1.5 ","Código","Banco","Descrição","Tipo",null,"Und","Quant.","Valor Unit","Total"]
["Composição"," 91784 ","SINAPI","(COMPOSIÇÃO REPRESENTATIVA) DO SERVIÇO DE INSTALAÇÃO DE TUBOS DE PVC, SOLDÁVEL, ÁGUA FRIA, DN 20 MM (INSTALADO EM RAMAL, SUB-RAMAL OU RAMAL DE DISTRIBUIÇÃO), INCLUSIVE CONEXÕES, CORTES E FIXAÇÕES, PARA PRÉDIOS. AF_10/2015","INHI - INSTALAÇÕES HIDROS SANITÁRIAS",null,"M",{"v":1,"d":"1.0000000"},41.13,41.13]
["Composição Auxiliar"," 89355 ","SINAPI","TUBO, PVC, SOLDÁVEL, DE 20MM, INSTALADO EM RAMAL OU SUB-RAMAL DE ÁGUA - FORNECIMENTO E INSTALAÇÃO. AF_06/2022","Instalações Prediais de Água Fria em PVC",null,"M",{"v":0.8245,"d":"0.8245000"},18.63,15.36]
["Composição Auxiliar"," 89358 ","SINAPI","JOELHO 90 GRAUS, PVC, SOLDÁVEL, DN 20MM, INSTALADO EM RAMAL OU SUB-RAMAL DE ÁGUA - FORNECIMENTO E INSTALAÇÃO. AF_06/2022","Instalações Prediais de Água Fria em PVC",null,"UN",{"v":0.5774,"d":"0.5774000"},7.12,4.11]
["Composição Auxiliar"," 89371 ","SINAPI","LUVA, PVC, SOLDÁVEL, DN 20MM, INSTALADO EM RAMAL OU SUB-RAMAL DE ÁGUA - FORNECIMENTO E INSTALAÇÃO. AF_06/2022","Instalações Prediais de Água Fria em PVC",null,"UN",{"v":0.0697,"d":"0.0697000"},5.24,0.36]
["Composição Auxiliar"," 89373 ","SINAPI","LUVA DE REDUÇÃO, PVC, SOLDÁVEL, DN 25MM X 20MM, INSTALADO EM RAMAL OU SUB-RAMAL DE ÁGUA - FORNECIMENTO E INSTALAÇÃO. AF_06/2022","Instalações Prediais de Água Fria em PVC",null,"UN",{"v":0.1451,"d":"0.1451000"},6.19,0.89]
["Composição Auxiliar"," 89374 ","SINAPI","LUVA COM BUCHA DE LATÃO, PVC, SOLDÁVEL, DN 20MM X 1/2\", INSTALADO EM RAMAL OU SUB-RAMAL DE ÁGUA - FORNECIMENTO E INSTALAÇÃO. AF_06/2022","Instalações Prediais de Água Fria em PVC",null,"UN",{"v":0.2984,"d":"0.2984000"},8.65,2.58]
["Composição Auxiliar"," 89376 ","SINAPI","ADAPTADOR CURTO COM BOLSA E ROSCA PARA REGISTRO, PVC, SOLDÁVEL, DN 20MM X 1/2, INSTALADO EM RAMAL OU SUB-RAMAL DE ÁGUA - FORNECIMENTO E INSTALAÇÃO. AF_06/2022","Instalações Prediais de Água Fria em PVC",null,"UN",{"v":0.8896,"d":"0.8896000"},4.95,{"v":4.4,"d":"4.40"}]
["Composição Auxiliar"," 89393 ","SINAPI","TE, PVC, SOLDÁVEL, DN 20MM, INSTALADO EM RAMAL OU SUB-RAMAL DE ÁGUA - FORNECIMENTO E INSTALAÇÃO. AF_06/2022","Instalações Prediais de Água Fria em PVC",null,"UN",{"v":0.0776,"d":"0.0776000"},9.81,0.76]
["Composição Auxiliar"," 89397 ","SINAPI","TÊ DE REDUÇÃO, PVC, SOLDÁVEL, DN 25MM X 20MM, INSTALADO EM RAMAL OU SUB-RAMAL DE ÁGUA - FORNECIMENTO E INSTALAÇÃO. AF_06/2022","Instalações Prediais de Água Fria em PVC",null,"UN",{"v":0.3302,"d":"0.3302000"},12.96,4.27]
["Composição Auxiliar"," 89401 ","SINAPI","TUBO, PVC, SOLDÁVEL, DE 20MM, INSTALADO EM RAMAL DE DISTRIBUIÇÃO DE ÁGUA - FORNECIMENTO E INSTALAÇÃO. AF_06/2022","Instalações Prediais de Água Fria em PVC",null,"M",{"v":0.1755,"d":"0.1755000"},9.67,1.69]
["Composição Auxiliar"," 89404 ","SINAPI","JOELHO 90 GRAUS, PVC, SOLDÁVEL, DN 20MM, INSTALADO EM RAMAL DE DISTRIBUIÇÃO DE ÁGUA - FORNECIMENTO E INSTALAÇÃO. AF_06/2022","Instalações Prediais de Água Fria em PVC",null,"UN",{"v":0.0169,"d":"0.0169000"},6.48,{"v":0.1,"d":"0.10"}]
["Composição Auxiliar"," 89405 ","SINAPI","JOELHO 45 GRAUS, PVC, SOLDÁVEL, DN 20MM, INSTALADO EM RAMAL DE DISTRIBUIÇÃO DE ÁGUA - FORNECIMENTO E INSTALAÇÃO. AF_06/2022","Instalações Prediais de Água Fria em PVC",null,"UN",{"v":0.0083,"d":"0.0083000"},6.93,0.05]
["Composição Auxiliar"," 89417 ","SINAPI","LUVA, PVC, SOLDÁVEL, DN 20MM, INSTALADO EM RAMAL DE DISTRIBUIÇÃO DE ÁGUA - FORNECIMENTO E INSTALAÇÃO. AF_06/2022","Instalações Prediais de Água Fria em PVC",null,"UN",{"v":0.0247,"d":"0.0247000"},{"v":4.8,"d":"4.80"},0.11]
["Composição Auxiliar"," 89438 ","SINAPI","TE, PVC, SOLDÁVEL, DN 20MM, INSTALADO EM RAMAL DE DISTRIBUIÇÃO DE ÁGUA - FORNECIMENTO E INSTALAÇÃO. AF_06/2022","Instalações Prediais de Água Fria em PVC",null,"UN",{"v":0.0025,"d":"0.0025000"},8.95,0.02]
["Composição Auxiliar"," 89442 ","SINAPI","TÊ DE REDUÇÃO, PVC, SOLDÁVEL, DN 25MM X 20MM, INSTALADO EM RAMAL DE DISTRIBUIÇÃO DE ÁGUA - FORNECIMENTO E INSTALAÇÃO. AF_06/2022","Instalações Prediais de Água Fria em PVC",null,"UN",{"v":2.3E-3,"d":"0.0023000"},12.03,0.02]
["Composição Auxiliar"," 90436 ","SINAPI","FURO MANUAL EM ALVENARIA, PARA INSTALAÇÕES HIDRÁULICAS, DIÂMETROS MENORES OU IGUAIS A 40 MM. AF_09/2023","Rasgos e Fixações",null,"UN",{"v":0.0056,"d":"0.0056000"},13.73,0.07]
["Composição Auxiliar"," 90443 ","SINAPI","RASGO LINEAR MANUAL EM ALVENARIA, PARA RAMAIS/ DISTRIBUIÇÃO DE INSTALAÇÕES HIDRÁULICAS, DIÂMETROS MENORES OU IGUAIS A 40 MM. AF_09/2023","Rasgos e Fixações",null,"M",{"v":0.2924,"d":"0.2924000"},7.37,2.15]
["Composição Auxiliar"," 90466 ","SINAPI","CHUMBAMENTO LINEAR EM ALVENARIA PARA RAMAIS/DISTRIBUIÇÃO DE INSTALAÇÕES HIDRÁULICAS COM DIÂMETROS MENORES OU IGUAIS A 40 MM. AF_09/2023","Rasgos e Fixações",null,"M",{"v":0.2924,"d":"0.2924000"},14.16,4.14]
["Composição Auxiliar"," 91190 ","SINAPI","CHUMBAMENTO PONTUAL EM PASSAGEM DE TUBO COM DIÂMETRO MENOR OU IGUAL A 40 MM. AF_09/2023","Rasgos e Fixações",null,"UN",{"v":0.0056,"d":"0.0056000"},9.71,0.05]
[{"$nulls":4},"MO sem LS =>",{"v":12.411048689138577,"d":"12.41"},"LS =>",{"v":14.1,"d":"14.10"},"MO com LS =>",26.51]
[{"$nulls":4},"Valor do BDI =>",8.36,null,"Valor com BDI =>",null,49.49]
[{"$nulls":6},"Quant. =>",{"v":122,"d":"122.0000000"},"Preço Total =>",{"v":6037.78,"d":"6,037.78"}]
[]
[" 5.2 ",null,null,"ADAPTADOR CURTO DE PVC PARA REGISTRO",{"$nulls":5},170.86]
[" 5.2.1 ","Código","Banco","Descrição","Tipo",null,"Und","Quant.","Valor Unit","Total"]
["Composição"," 89595 ","SINAPI","ADAPTADOR CURTO COM BOLSA E ROSCA PARA REGISTRO, PVC, SOLDÁVEL, DN 50MM X 1.1/4, INSTALADO EM PRUMADA DE ÁGUA - FORNECIMENTO E INSTALAÇÃO. AF_06/2022","Instalações Prediais de Água Fria em PVC",null,"UN",{"v":1,"d":"1.0000000"},11.82,11.82]
["Composição Auxiliar"," 88248 ","SINAPI","AUXILIAR DE ENCANADOR OU BOMBEIRO HIDRÁULICO COM ENCARGOS COMPLEMENTARES","Livro SINAPI: Cálculos e Parâmetros",null,"H",{"v":0.0712,"d":"0.0712000"},20.97,1.49]
["Composição Auxiliar"," 88267 ","SINAPI","ENCANADOR OU BOMBEIRO HIDRÁULICO COM ENCARGOS COMPLEMENTARES","Livro SINAPI: Cálculos e Parâmetros",null,"H",{"v":0.0712,"d":"0.0712000"},25.54,1.81]
["Insumo"," 00000111 ","SINAPI","ADAPTADOR PVC SOLDAVEL CURTO COM BOLSA E ROSCA, 50 MM X 1 1/4\", PARA AGUA FRIA","Material",null,"UN",{"v":1,"d":"1.0000000"},7.15,7.15]
["Insumo"," 00000122 ","SINAPI","ADESIVO PLASTICO PARA PVC, FRASCO COM *850* GR","Material",null,"UN",{"v":0.0129,"d":"0.0129000"},42.85,0.55]
["Insumo"," 00020083 ","SINAPI","SOLUCAO PREPARADORA / LIMPADORA PARA PVC, FRASCO COM 1000 CM3","Material",null,"UN",{"v":0.0165,"d":"0.0165000"},48.55,{"v":0.8,"d":"0.80"}]
["Insumo"," 00038383 ","SINAPI","LIXA D'AGUA EM FOLHA, COR PRETA, GRAO 100","Material",null,"UN",{"v":0.0161,"d":"0.0161000"},1.54,0.02]
[{"$nulls":4},"MO sem LS =>",{"v":1.2780898876404494,"d":"1.28"},"LS =>",1.45,"MO com LS =>",2.73]
[{"$nulls":4},"Valor do BDI =>",{"v":2.4,"d":"2.40"},null,"Valor com BDI =>",null,14.22]
[{"$nulls":6},"Quant. =>",{"v":2,"d":"2.0000000"},"Preço Total =>",28.44]
[]
[" 5.2.2 ","Código","Banco","Descrição","Tipo",null,"Und","Quant.","Valor Unit","Total"]
["Composição"," 89383 ","SINAPI","ADAPTADOR CURTO COM BOLSA E ROSCA PARA REGISTRO, PVC, SOLDÁVEL, DN 25MM X 3/4, INSTALADO EM RAMAL OU SUB-RAMAL DE ÁGUA - FORNECIMENTO E INSTALAÇÃO. AF_06/2022","Instalações Prediais de Água Fria em PVC",null,"UN",{"v":1,"d":"1.0000000"},5.75,5.75]
["Composição Auxiliar"," 88248 ","SINAPI","AUXILIAR DE ENCANADOR OU BOMBEIRO HIDRÁULICO COM ENCARGOS COMPLEMENTARES","Livro SINAPI: Cálculos e Parâmetros",null,"H",{"v":0.0944,"d":"0.0944000"},20.97,1.97]
["Composição Auxiliar"," 88267 ","SINAPI","ENCANADOR OU BOMBEIRO HIDRÁULICO COM ENCARGOS COMPLEMENTARES","Livro SINAPI: Cálculos e Parâmetros",null,"H",{"v":0.0944,"d":"0.0944000"},25.54,2.41]
["Insumo"," 00000065 ","SINAPI","ADAPTADOR PVC SOLDAVEL CURTO COM BOLSA E ROSCA, 25 MM X 3/4\", PARA AGUA FRIA","Material",null,"UN",{"v":1,"d":"1.0000000"},0.75,0.75]
["Insumo"," 00000122 ","SINAPI","ADESIVO PLASTICO PARA PVC, FRASCO COM *850* GR","Material",null,"UN",{"v":0.0059,"d":"0.0059000"},42.85,0.25]
["Insumo"," 00020083 ","SINAPI","SOLUCAO PREPARADORA / LIMPADORA PARA PVC, FRASCO COM 1000 CM3","Material",null,"UN",{"v":0.007,"d":"0.0070000"},48.55,0.33]
["Insumo"," 00038383 ","SINAPI","LIXA D'AGUA EM FOLHA, COR PRETA, GRAO 100","Material",null,"UN",{"v":0.0315,"d":"0.0315000"},1.54,0.04]
[{"$nulls":4},"MO sem LS =>",{"v":1.699438202247191,"d":"1.70"},"LS =>",1.93,"MO com LS =>",3.63]
[{"$nulls":4},"Valor do BDI =>",1.16,null,"Valor com BDI =>",null,6.91]
[{"$nulls":6},"Quant. =>",{"v":12,"d":"12.0000000"},"Preço Total =>",82.92]
[]
[" 5.2.3 ","Código","Banco","Descrição","Tipo",null,"Und","Quant.","Valor Unit","Total"]
["Composição"," 89376 ","SINAPI","ADAPTADOR CURTO COM BOLSA E ROSCA PARA REGISTRO, PVC, SOLDÁVEL, DN 20MM X 1/2, INSTALADO EM RAMAL OU SUB-RAMAL DE ÁGUA - FORNECIMENTO E INSTALAÇÃO. AF_06/2022","Instalações Prediais de Água Fria em PVC",null,"UN",{"v":1,"d":"1.0000000"},4.95,4.95]
["Composição Auxiliar"," 88248 ","SINAPI","AUXILIAR DE ENCANADOR OU BOMBEIRO HIDRÁULICO COM ENCARGOS COMPLEMENTARES","Livro SINAPI: Cálculos e Parâmetros",null,"H",{"v":0.0805,"d":"0.0805000"},20.97,1.68]
["Composição Auxiliar"," 88267 ","SINAPI","ENCANADOR OU BOMBEIRO HIDRÁULICO COM ENCARGOS COMPLEMENTARES","Livro SINAPI: Cálculos e Parâmetros",null,"H",{"v":0.0805,"d":"0.0805000"},25.54,2.05]
["Insumo"," 00000107 ","SINAPI","ADAPTADOR PVC SOLDAVEL CURTO COM BOLSA E ROSCA, 20 MM X 1/2\", PARA AGUA FRIA","Material",null,"UN",{"v":1,"d":"1.0000000"},0.69,0.69]
["Insumo"," 00000122 ","SINAPI","ADESIVO PLASTICO PARA PVC, FRASCO COM *850* GR","Material",null,"UN",{"v":0.0047,"d":"0.0047000"},42.85,{"v":0.2,"d":"0.20"}]
["Insumo"," 00020083 ","SINAPI","SOLUCAO PREPARADORA / LIMPADORA PARA PVC, FRASCO COM 1000 CM3","Material",null,"UN",{"v":0.006,"d":"0.0060000"},48.55,0.29]
["Insumo"," 00038383 ","SINAPI","LIXA D'AGUA EM FOLHA, COR PRETA, GRAO 100","Material",null,"UN",{"v":0.0291,"d":"0.0291000"},1.54,0.04]
[{"$nulls":4},"MO sem LS =>",{"v":1.446629213483146,"d":"1.45"},"LS =>",1.64,"MO com LS =>",3.09]
[{"$nulls":4},"Valor do BDI =>",{"v":1,"d":"1.00"},null,"Valor com BDI =>",null,5.95]
[{"$nulls":6},"Quant. =>",{"v":10,"d":"10.0000000"},"Preço Total =>",{"v":59.5,"d":"59.50"}]
[]
[" 5.3 ",null,null,"REGISTRO DE GAVETA BRUTO",{"$nulls":5},764.61]
[" 5.3.1 ","Código","Banco","Descrição","Tipo",null,"Und","Quant.","Valor Unit","Total"]
["Composição"," 94497 ","SINAPI","REGISTRO DE GAVETA BRUTO, LATÃO, ROSCÁVEL, 1 1/2\" - FORNECIMENTO E INSTALAÇÃO. AF_08/2021","Válvulas e Registros para Sistemas Prediais",null,"UN",{"v":1,"d":"1.0000000"},97.74,97.74]
["Composição Auxiliar"," 88248 ","SINAPI","AUXILIAR DE ENCANADOR OU BOMBEIRO HIDRÁULICO COM ENCARGOS COMPLEMENTARES","Livro SINAPI: Cálculos e Parâmetros",null,"H",{"v":0.2633,"d":"0.2633000"},20.97,5.52]
["Composição Auxiliar"," 88267 ","SINAPI","ENCANADOR OU BOMBEIRO HIDRÁULICO COM ENCARGOS COMPLEMENTARES","Livro SINAPI: Cálculos e Parâmetros",null,"H",{"v":0.2633,"d":"0.2633000"},25.54,6.72]
["Insumo"," 00003148 ","SINAPI","FITA VEDA ROSCA, EM PTFE, ROLO DE 18 MM X 50 M (L X C)","Material",null,"UN",{"v":0.0192,"d":"0.0192000"},6.31,0.12]
["Insumo"," 00006010 ","SINAPI","REGISTRO GAVETA BRUTO EM LATAO FORJADO, BITOLA 1 1/2\"","Material",null,"UN",{"v":1,"d":"1.0000000"},85.38,85.38]
[{"$nulls":4},"MO sem LS =>",{"v":4.737827715355805,"d":"4.74"},"LS =>",5.38,"MO com LS =>",10.12]
[{"$nulls":4},"Valor do BDI =>",19.88,null,"Valor com BDI =>",null,117.62]
[{"$nulls":6},"Quant. =>",{"v":1,"d":"1.0000000"},"Preço Total =>",117.62]
[]
[" 5.3.2 ","Código","Banco","Descrição","Tipo",null,"Und","Quant.","Valor Unit","Total"]
["Composição"," 94498 ","SINAPI","REGISTRO DE GAVETA BRUTO, LATÃO, ROSCÁVEL, 2\" - FORNECIMENTO E INSTALAÇÃO. AF_08/2021","Válvulas e Registros para Sistemas Prediais",null,"UN",{"v":1,"d":"1.0000000"},134.85,134.85]
["Composição Auxiliar"," 88248 ","SINAPI","AUXILIAR DE ENCANADOR OU BOMBEIRO HIDRÁULICO COM ENCARGOS COMPLEMENTARES","Livro SINAPI: Cálculos e Parâmetros",null,"H",{"v":0.3398,"d":"0.3398000"},20.97,7.12]
["Composição Auxiliar"," 88267 ","SINAPI","ENCANADOR OU BOMBEIRO HIDRÁULICO COM ENCARGOS COMPLEMENTARES","Livro SINAPI: Cálculos e Parâmetros",null,"H",{"v":0.3398,"d":"0.3398000"},25.54,8.67]
["Insumo"," 00003148 ","SINAPI","FITA VEDA ROSCA, EM PTFE, ROLO DE 18 MM X 50 M (L X C)","Material",null,"UN",{"v":0.024,"d":"0.0240000"},6.31,0.15]
["Insumo"," 00006028 ","SINAPI","REGISTRO GAVETA BRUTO EM LATAO FORJADO, BITOLA 2\"","Material",null,"UN",{"v":1,"d":"1.0000000"},118.91,118.91]
[{"$nulls":4},"MO sem LS =>",{"v":6.114232209737827,"d":"6.11"},"LS =>",6.95,"MO com LS =>",13.06]
[{"$nulls":4},"Valor do BDI =>",27.42,null,"Valor com BDI =>",null,162.27]
[{"$nulls":6},"Quant. =>",{"v":2,"d":"2.0000000"},"Preço Total =>",324.54]
[]
[" 5.3.3 ","Código","Banco","Descrição","Tipo",null,"Und","Quant.","Valor Unit","Total"]
["Composição"," 94499 ","SINAPI","REGISTRO DE GAVETA BRUTO, LATÃO, ROSCÁVEL, 2 1/2\" - FORNECIMENTO E INSTALAÇÃO. AF_08/2021","Válvulas e Registros para Sistemas Prediais",null,"UN",{"v":1,"d":"1.0000000"},267.95,267.95]
["Composição Auxiliar"," 88248 ","SINAPI","AUXILIAR DE ENCANADOR OU BOMBEIRO HIDRÁULICO COM ENCARGOS COMPLEMENTARES","Livro SINAPI: Cálculos e Parâmetros",null,"H",{"v":0.4546,"d":"0.4546000"},20.97,9.53]
["Composição Auxiliar"," 88267 ","SINAPI","ENCANADOR OU BOMBEIRO HIDRÁULICO COM ENCARGOS COMPLEMENTARES","Livro SINAPI: Cálculos e Parâmetros",null,"H",{"v":0.4546,"d":"0.4546000"},25.54,11.61]
["Insumo"," 00003148 ","SINAPI","FITA VEDA ROSCA, EM PTFE, ROLO DE 18 MM X 50 M (L X C)","Material",null,"UN",{"v":0.0302,"d":"0.0302000"},6.31,0.19]
["Insumo"," 00006011 ","SINAPI","REGISTRO GAVETA BRUTO EM LATAO FORJADO, BITOLA 2 1/2\"","Material",null,"UN",{"v":1,"d":"1.0000000"},246.62,246.62]
[{"$nulls":4},"MO sem LS =>",{"v":8.183520599250937,"d":"8.18"},"LS =>",{"v":9.3,"d":"9.30"},"MO com LS =>",17.48]
[{"$nulls":4},"Valor do BDI =>",{"v":54.5,"d":"54.50"},null,"Valor com BDI =>",null,322.45]
[{"$nulls":6},"Quant. =>",{"v":1,"d":"1.0000000"},"Preço Total =>",322.45]
[]
[" 5.4 ",null,null,"REGISTRO DE GAVETA COM ACABAMENTO",{"$nulls":5},686.36]
[" 5.4.1 ","Código","Banco","Descrição","Tipo",null,"Und","Quant.","Valor Unit","Total"]
["Composição"," 89987 ","SINAPI","REGISTRO DE GAVETA BRUTO, LATÃO, ROSCÁVEL, 3/4\", COM ACABAMENTO E CANOPLA CROMADOS - FORNECIMENTO E INSTALAÇÃO. AF_08/2021","Válvulas e Registros para Sistemas Prediais",null,"UN",{"v":1,"d":"1.0000000"},87.02,87.02]
["Composição Auxiliar"," 88248 ","SINAPI","AUXILIAR DE ENCANADOR OU BOMBEIRO HIDRÁULICO COM ENCARGOS COMPLEMENTARES","Livro SINAPI: Cálculos e Parâmetros",null,"H",{"v":0.2212,"d":"0.2212000"},20.97,4.63]
["Composição Auxiliar"," 88267 ","SINAPI","ENCANADOR OU BOMBEIRO HIDRÁULICO COM ENCARGOS COMPLEMENTARES","Livro SINAPI: Cálculos e Parâmetros",null,"H",{"v":0.2212,"d":"0.2212000"},25.54,5.64]
["Insumo"," 00003148 ","SINAPI","FITA VEDA ROSCA, EM PTFE, ROLO DE 18 MM X 50 M (L X C)","Material",null,"UN",{"v":0.0106,"d":"0.0106000"},6.31,0.06]
["Insumo"," 00006005 ","SINAPI","REGISTRO GAVETA COM ACABAMENTO E CANOPLA CROMADOS, SIMPLES, BITOLA 3/4\"","Material",null,"UN",{"v":1,"d":"1.0000000"},76.69,76.69]
[{"$nulls":4},"MO sem LS =>",{"v":3.9794007490636703,"d":"3.98"},"LS =>",4.52,"MO com LS =>",{"v":8.5,"d":"8.50"}]
[{"$nulls":4},"Valor do BDI =>",17.69,null,"Valor com BDI =>",null,104.71]
[{"$nulls":6},"Quant. =>",{"v":2,"d":"2.0000000"},"Preço Total =>",209.42]
[]
[" 5.4.2 ","Código","Banco","Descrição","Tipo",null,"Und","Quant.","Valor Unit","Total"]
["Composição"," 94792 ","SINAPI","REGISTRO DE GAVETA BRUTO, LATÃO, ROSCÁVEL, 1\", COM ACABAMENTO E CANOPLA CROMADOS - FORNECIMENTO E INSTALAÇÃO. AF_08/2021","Válvulas e Registros para Sistemas Prediais",null,"UN",{"v":1,"d":"1.0000000"},106.02,106.02]
["Composição Auxiliar"," 88248 ","SINAPI","AUXILIAR DE ENCANADOR OU BOMBEIRO HIDRÁULICO COM ENCARGOS COMPLEMENTARES","Livro SINAPI: Cálculos e Parâmetros",null,"H",{"v":0.2595,"d":"0.2595000"},20.97,5.44]
["Composição Auxiliar"," 88267 ","SINAPI","ENCANADOR OU BOMBEIRO HIDRÁULICO COM ENCARGOS COMPLEMENTARES","Livro SINAPI: Cálculos e Parâmetros",null,"H",{"v":0.2595,"d":"0.2595000"},25.54,6.62]
["Insumo"," 00003148 ","SINAPI","FITA VEDA ROSCA, EM PTFE, ROLO DE 18 MM X 50 M (L X C)","Material",null,"UN",{"v":0.0132,"d":"0.0132000"},6.31,0.08]
["Insumo"," 00006013 ","SINAPI","REGISTRO GAVETA COM ACABAMENTO E CANOPLA CROMADOS, SIMPLES, BITOLA 1\"","Material",null,"UN",{"v":1,"d":"1.0000000"},93.88,93.88]
[{"$nulls":4},"MO sem LS =>",{"v":4.667602996254682,"d":"4.67"},"LS =>",{"v":5.3,"d":"5.30"},"MO com LS =>",9.97]
[{"$nulls":4},"Valor do BDI =>",21.56,null,"Valor com BDI =>",null,127.58]
[{"$nulls":6},"Quant. =>",{"v":1,"d":"1.0000000"},"Preço Total =>",127.58]
[]
[" 5.4.3 ","Código","Banco","Descrição","Tipo",null,"Und","Quant.","Valor Unit","Total"]
["Composição"," 94793 ","SINAPI","REGISTRO DE GAVETA BRUTO, LATÃO, ROSCÁVEL, 1 1/4\", COM ACABAMENTO E CANOPLA CROMADOS - FORNECIMENTO E INSTALAÇÃO. AF_08/2021","Válvulas e Registros para Sistemas Prediais",null,"UN",{"v":1,"d":"1.0000000"},145.16,145.16]
["Composição Auxiliar"," 88248 ","SINAPI","AUXILIAR DE ENCANADOR OU BOMBEIRO HIDRÁULICO COM ENCARGOS COMPLEMENTARES","Livro SINAPI: Cálculos e Parâmetros",null,"H",{"v":0.3131,"d":"0.3131000"},20.97,6.56]
["Composição Auxiliar"," 88267 ","SINAPI","ENCANADOR OU BOMBEIRO HIDRÁULICO COM ENCARGOS COMPLEMENTARES","Livro SINAPI: Cálculos e Parâmetros",null,"H",{"v":0.3131,"d":"0.3131000"},25.54,7.99]
["Insumo"," 00003148 ","SINAPI","FITA VEDA ROSCA, EM PTFE, ROLO DE 18 MM X 50 M (L X C)","Material",null,"UN",{"v":0.0168,"d":"0.0168000"},6.31,{"v":0.1,"d":"0.10"}]
["Insumo"," 00006014 ","SINAPI","REGISTRO GAVETA COM ACABAMENTO E CANOPLA CROMADOS, SIMPLES, BITOLA 1 1/4\"","Material",null,"UN",{"v":1,"d":"1.0000000"},130.51,130.51]
[{"$nulls":4},"MO sem LS =>",{"v":5.632022471910112,"d":"5.63"},"LS =>",{"v":6.4,"d":"6.40"},"MO com LS =>",12.03]
[{"$nulls":4},"Valor do BDI =>",29.52,null,"Valor com BDI =>",null,174.68]
[{"$nulls":6},"Quant. =>",{"v":2,"d":"2.0000000"},"Preço Total =>",349.36]
[]
[" 5.5 ",null,null,"REGISTRO DE PRESSÃO COM ACABAMENTO",{"$nulls":5},99.47]
[" 5.5.1 ","Código","Banco","Descrição","Tipo",null,"Und","Quant.","Valor Unit","Total"]
["Composição"," 89985 ","SINAPI","REGISTRO DE PRESSÃO BRUTO, LATÃO, ROSCÁVEL, 3/4\", COM ACABAMENTO E CANOPLA CROMADOS - FORNECIMENTO E INSTALAÇÃO. AF_08/2021","Válvulas e Registros para Sistemas Prediais",null,"UN",{"v":1,"d":"1.0000000"},82.66,82.66]
["Composição Auxiliar"," 88248 ","SINAPI","AUXILIAR DE ENCANADOR OU BOMBEIRO HIDRÁULICO COM ENCARGOS COMPLEMENTARES","Livro SINAPI: Cálculos e Parâmetros",null,"H",{"v":0.2212,"d":"0.2212000"},20.97,4.63]
["Composição Auxiliar"," 88267 ","SINAPI","ENCANADOR OU BOMBEIRO HIDRÁULICO COM ENCARGOS COMPLEMENTARES","Livro SINAPI: Cálculos e Parâmetros",null,"H",{"v":0.2212,"d":"0.2212000"},25.54,5.64]
["Insumo"," 00003148 ","SINAPI","FITA VEDA ROSCA, EM PTFE, ROLO DE 18 MM X 50 M (L X C)","Material",null,"UN",{"v":0.0106,"d":"0.0106000"},6.31,0.06]
["Insumo"," 00006024 ","SINAPI","REGISTRO PRESSAO COM ACABAMENTO E CANOPLA CROMADA, SIMPLES, BITOLA 3/4\"","Material",null,"UN",{"v":1,"d":"1.0000000"},72.33,72.33]
[{"$nulls":4},"MO sem LS =>",{"v":3.9794007490636703,"d":"3.98"},"LS =>",4.52,"MO com LS =>",{"v":8.5,"d":"8.50"}]
[{"$nulls":4},"Valor do BDI =>",16.81,null,"Valor com BDI =>",null,99.47]
[{"$nulls":6},"Quant. =>",{"v":1,"d":"1.0000000"},"Preço Total =>",99.47]
[]
[" 5.6 ",null,null,"DIVERSOS",{"$nulls":5},{"v":8582.09,"d":"8,582.09"}]
[" 5.6.1 ","Código","Banco","Descrição","Tipo",null,"Und","Quant.","Valor Unit","Total"]
["Composição"," 102617 ","SINAPI","CAIXA D´ÁGUA EM POLIÉSTER REFORÇADO COM FIBRA DE VIDRO, 5000 LITROS - FORNECIMENTO E INSTALAÇÃO. AF_06/2021","Caixas de Água para Edificações",null,"UN",{"v":1,"d":"1.0000000"},{"v":3033.13,"d":"3,033.13"},{"v":3033.13,"d":"3,033.13"}]
["Composição Auxiliar"," 88248 ","SINAPI","AUXILIAR DE ENCANADOR OU BOMBEIRO HIDRÁULICO COM ENCARGOS COMPLEMENTARES","Livro SINAPI: Cálculos e Parâmetros",null,"H",{"v":1.4821,"d":"1.4821000"},20.97,31.07]
["Composição Auxiliar"," 88267 ","SINAPI","ENCANADOR OU BOMBEIRO HIDRÁULICO COM ENCARGOS COMPLEMENTARES","Livro SINAPI: Cálculos e Parâmetros",null,"H",{"v":1.4821,"d":"1.4821000"},25.54,37.85]
["Composição Auxiliar"," 93287 ","SINAPI","GUINDASTE HIDRÁULICO AUTOPROPELIDO, COM LANÇA TELESCÓPICA 40 M, CAPACIDADE MÁXIMA 60 T, POTÊNCIA 260 KW - CHP DIURNO. AF_03/2016","Custos Horários Produtivo e Improdutivo dos Equipamentos",null,"CHP",{"v":0.2634,"d":"0.2634000"},305.55,80.48]
["Composição Auxiliar"," 93288 ","SINAPI","GUINDASTE HIDRÁULICO AUTOPROPELIDO, COM LANÇA TELESCÓPICA 40 M, CAPACIDADE MÁXIMA 60 T, POTÊNCIA 260 KW - CHI DIURNO. AF_03/2016","Custos Horários Produtivo e Improdutivo dos Equipamentos",null,"CHI",{"v":2.3611,"d":"2.3611000"},159.99,377.75]
["Insumo"," 00037105 ","SINAPI","CAIXA D'AGUA / RESERVATORIO EM POLIESTER REFORCADO COM FIBRA DE VIDRO, 5000 LITROS, COM TAMPA","Material",null,"UN",{"v":1,"d":"1.0000000"},{"v":2505.98,"d":"2,505.98"},{"v":2505.98,"d":"2,505.98"}]
[{"$nulls":4},"MO sem LS =>",{"v":62.09737827715356,"d":"62.10"},"LS =>",70.54,"MO com LS =>",132.64]
[{"$nulls":4},"Valor do BDI =>",616.93,null,"Valor com BDI =>",null,{"v":3650.06,"d":"3,650.06"}]
[{"$nulls":6},"Quant. =>",{"v":1,"d":"1.0000000"},"Preço Total =>",{"v":3650.06,"d":"3,650.06"}]
[]
[" 5.6.2 ","Código","Banco","Descrição","Tipo",null,"Und","Quant.","Valor Unit","Total"]
["Composição"," 86914 ","SINAPI","TORNEIRA CROMADA 1/2\" OU 3/4\" PARA TANQUE, PADRÃO MÉDIO - FORNECIMENTO E INSTALAÇÃO. AF_01/2020","Louças e Metais",null,"UN",{"v":1,"d":"1.0000000"},{"v":93,"d":"93.00"},{"v":93,"d":"93.00"}]
["Composição Auxiliar"," 88267 ","SINAPI","ENCANADOR OU BOMBEIRO HIDRÁULICO COM ENCARGOS COMPLEMENTARES","Livro SINAPI: Cálculos e Parâmetros",null,"H",{"v":0.1525,"d":"0.1525000"},25.54,3.89]
["Composição Auxiliar"," 88316 ","SINAPI","SERVENTE COM ENCARGOS COMPLEMENTARES","Livro SINAPI: Cálculos e Parâmetros",null,"H",{"v":0.0481,"d":"0.0481000"},20.58,0.98]
["Insumo"," 00003146 ","SINAPI","FITA VEDA ROSCA, EM PTFE, ROLO DE 18 MM X 10 M (L X C)","Material",null,"UN",{"v":0.021,"d":"0.0210000"},1.71,0.03]
["Insumo"," 00013417 ","SINAPI","TORNEIRA METALICA CROMADA CANO CURTO, SEM BICO, SEM AREJADOR, DE PAREDE, PARA TANQUE E USO GERAL, 1/2\" OU 3/4\"","Material",null,"UN",{"v":1,"d":"1.0000000"},{"v":88.1,"d":"88.10"},{"v":88.1,"d":"88.10"}]
[{"$nulls":4},"MO sem LS =>",{"v":1.896067415730337,"d":"1.90"},"LS =>",2.15,"MO com LS =>",4.05]
[{"$nulls":4},"Valor do BDI =>",18.91,null,"Valor com BDI =>",null,111.91]
[{"$nulls":6},"Quant. =>",{"v":5,"d":"5.0000000"},"Preço Total =>",559.55]
[]
[" 5.6.3 ","Código","Banco","Descrição","Tipo",null,"Und","Quant.","Valor Unit","Total"]
["Composição"," 9712 ","ORSE","Escada marinheiro sem guarda corpo, L=40cm, executada em barras chata ferro galvanizado 1 1/4\" x 1/4\", sendo os degraus barra redonda ferro galvanizado d=5/8\", espaçados de 30cm, pintada, inclusive instalação","Diversos",null,"m",{"v":1,"d":"1.0000000"},{"v":1038.13,"d":"1,038.13"},{"v":1038.13,"d":"1,038.13"}]
["Composição Auxiliar"," 10549 ","ORSE","Encargos Complementares - Servente","Provisórios",null,"h",{"v":1,"d":"1.0000000"},3.31,3.31]
["Composição Auxiliar"," 10550 ","ORSE","Encargos Complementares - Pedreiro","Provisórios",null,"h",{"v":1,"d":"1.0000000"},3.19,3.19]
["Composição Auxiliar"," 1903 ","ORSE","Argamassa cimento e areia traço t-1 (1:3) - 1 saco cimento 50kg / 3 padiolas areia dim. 0.35 x 0.45 x 0.23 m - Confecção mecânica e transporte","Argamassas",null,"m³",{"v":0.007,"d":"0.0070000"},467.06,3.26]
["Insumo"," 00004750/SINAPI ","ORSE","Pedreiro (horista)","Mão de Obra",null,"h",{"v":1,"d":"1.0000000"},20.44,20.44]
["Insumo"," 00006111/SINAPI ","ORSE","Servente de obras (horista)","Mão de Obra",null,"h",{"v":1,"d":"1.0000000"},14.58,14.58]
["Insumo"," 10083 ","ORSE","Escada marinheiro sem guarda gorpo, L=40cm, executada em barras chata ferro galvanizado 1 1/4\" x 1/4\", sendo os degraus barra redonda ferro galvanizado d=5/8\", espaçados de 30cm, inclusive lixamento e pintura","Material",null,"m",{"v":1,"d":"1.0000000"},993.35,993.35]
[{"$nulls":4},"MO sem LS =>",{"v":16.582397003745317,"d":"16.58"},"LS =>",18.84,"MO com LS =>",35.42]
[{"$nulls":4},"Valor do BDI =>",211.15,null,"Valor com BDI =>",null,{"v":1249.28,"d":"1,249.28"}]
[{"$nulls":6},"Quant. =>",{"v":3.5,"d":"3.5000000"},"Preço Total =>",{"v":4372.48,"d":"4,372.48"}]
[]
[" 5.7 ",null,null,"TUBO PVC SOLDÁVEL PARA ESGOTO",{"$nulls":5},{"v":15482.43,"d":"15,482.43"}]
[" 5.7.1 ","Código","Banco","Descrição","Tipo",null,"Und","Quant.","Valor Unit","Total"]
["Composição"," 91792 ","SINAPI","(COMPOSIÇÃO REPRESENTATIVA) DO SERVIÇO DE INSTALAÇÃO DE TUBO DE PVC, SÉRIE NORMAL, ESGOTO PREDIAL, DN 40 MM (INSTALADO EM RAMAL DE DESCARGA OU RAMAL DE ESGOTO SANITÁRIO), INCLUSIVE CONEXÕES, CORTES E FIXAÇÕES, PARA PRÉDIOS. AF_10/2015","INHI - INSTALAÇÕES HIDROS SANITÁRIAS",null,"M",{"v":1,"d":"1.0000000"},70.15,70.15]
["Composição Auxiliar"," 89711 ","SINAPI","TUBO PVC, SERIE NORMAL, ESGOTO PREDIAL, DN 40 MM, FORNECIDO E INSTALADO EM RAMAL DE DESCARGA OU RAMAL DE ESGOTO SANITÁRIO. AF_08/2022","Instalações Prediais de Esgoto - Tubos e Conexões",null,"M",{"v":1,"d":"1.0000000"},19.35,19.35]
["Composição Auxiliar"," 89724 ","SINAPI","JOELHO 90 GRAUS, PVC, SERIE NORMAL, ESGOTO PREDIAL, DN 40 MM, JUNTA SOLDÁVEL, FORNECIDO E INSTALADO EM RAMAL DE DESCARGA OU RAMAL DE ESGOTO SANITÁRIO. AF_08/2022","Instalações Prediais de Esgoto - Tubos e Conexões",null,"UN",{"v":0.8584,"d":"0.8584000"},8.81,7.56]
["Composição Auxiliar"," 89726 ","SINAPI","JOELHO 45 GRAUS, PVC, SERIE NORMAL, ESGOTO PREDIAL, DN 40 MM, JUNTA SOLDÁVEL, FORNECIDO E INSTALADO EM RAMAL DE DESCARGA OU RAMAL DE ESGOTO SANITÁRIO. AF_08/2022","Instalações Prediais de Esgoto - Tubos e Conexões",null,"UN",{"v":0.7691,"d":"0.7691000"},{"v":9,"d":"9.00"},6.92]
["Composição Auxiliar"," 89752 ","SINAPI","LUVA SIMPLES, PVC, SERIE NORMAL, ESGOTO PREDIAL, DN 40 MM, JUNTA SOLDÁVEL, FORNECIDO E INSTALADO EM RAMAL DE DESCARGA OU RAMAL DE ESGOTO SANITÁRIO. AF_08/2022","Instalações Prediais de Esgoto - Tubos e Conexões",null,"UN",{"v":0.2924,"d":"0.2924000"},6.41,1.87]
["Composição Auxiliar"," 89783 ","SINAPI","JUNÇÃO SIMPLES, PVC, SERIE NORMAL, ESGOTO PREDIAL, DN 40 MM, JUNTA SOLDÁVEL, FORNECIDO E INSTALADO EM RAMAL DE DESCARGA OU RAMAL DE ESGOTO SANITÁRIO. AF_08/2022","Instalações Prediais de Esgoto - Tubos e Conexões",null,"UN",{"v":0.3116,"d":"0.3116000"},12.74,3.96]
["Composição Auxiliar"," 90436 ","SINAPI","FURO MANUAL EM ALVENARIA, PARA INSTALAÇÕES HIDRÁULICAS, DIÂMETROS MENORES OU IGUAIS A 40 MM. AF_09/2023","Rasgos e Fixações",null,"UN",{"v":0.2596,"d":"0.2596000"},13.73,3.56]
["Composição Auxiliar"," 90443 ","SINAPI","RASGO LINEAR MANUAL EM ALVENARIA, PARA RAMAIS/ DISTRIBUIÇÃO DE INSTALAÇÕES HIDRÁULICAS, DIÂMETROS MENORES OU IGUAIS A 40 MM. AF_09/2023","Rasgos e Fixações",null,"M",{"v":0.2609,"d":"0.2609000"},7.37,1.92]
["Composição Auxiliar"," 90453 ","SINAPI","PASSANTE TIPO TUBO COM DIÂMETRO DE 40 MM, FIXADO EM LAJE, PARA PASSAGEM DE TUBULAÇÕES COM NO MÁXIMO 32 MM DE DIÂMETRO. AF_09/2023","Rasgos e Fixações",null,"UN",{"v":0.2222,"d":"0.2222000"},3.62,{"v":0.8,"d":"0.80"}]
["Composição Auxiliar"," 90466 ","SINAPI","CHUMBAMENTO LINEAR EM ALVENARIA PARA RAMAIS/DISTRIBUIÇÃO DE INSTALAÇÕES HIDRÁULICAS COM DIÂMETROS MENORES OU IGUAIS A 40 MM. AF_09/2023","Rasgos e Fixações",null,"M",{"v":0.2609,"d":"0.2609000"},14.16,3.69]
["Composição Auxiliar"," 91185 ","SINAPI","FIXAÇÃO DE TUBOS HORIZONTAIS DE PVC ÁGUA, PVC ESGOTO, PVC ÁGUA PLUVIAL, CPVC, PPR, COBRE OU AÇO, DIÂMETROS MENORES OU IGUAIS A 40 MM, COM ABRAÇADEIRA METÁLICA FLEXÍVEL 18 MM, FIXADA DIRETAMENTE NA LAJE. AF_09/2023","Rasgos e Fixações",null,"M",{"v":0.8022,"d":"0.8022000"},22.44,{"v":18,"d":"18.00"}]
["Composição Auxiliar"," 91190 ","SINAPI","CHUMBAMENTO PONTUAL EM PASSAGEM DE TUBO COM DIÂMETRO MENOR OU IGUAL A 40 MM. AF_09/2023","Rasgos e Fixações",null,"UN",{"v":0.2596,"d":"0.2596000"},9.71,2.52]
[{"$nulls":4},"MO sem LS =>",{"v":20.852059925093634,"d":"20.85"},"LS =>",23.69,"MO com LS =>",44.54]
[{"$nulls":4},"Valor do BDI =>",14.26,null,"Valor com BDI =>",null,84.41]
[{"$nulls":6},"Quant. =>",{"v":24,"d":"24.0000000"},"Preço Total =>",{"v":2025.84,"d":"2,025.84"}]
[]
[" 5.7.2 ","Código","Banco","Descrição","Tipo",null,"Und","Quant.","Valor Unit","Total"]
["Composição"," 91793 ","SINAPI","(COMPOSIÇÃO REPRESENTATIVA) DO SERVIÇO DE INSTALAÇÃO DE TUBO DE PVC, SÉRIE NORMAL, ESGOTO PREDIAL, DN 50 MM (INSTALADO EM RAMAL DE DESCARGA OU RAMAL DE ESGOTO SANITÁRIO), INCLUSIVE CONEXÕES, CORTES E FIXAÇÕES PARA, PRÉDIOS. AF_10/2015","INHI - INSTALAÇÕES HIDROS SANITÁRIAS",null,"M",{"v":1,"d":"1.0000000"},88.44,88.44]
["Composição Auxiliar"," 89712 ","SINAPI","TUBO PVC, SERIE NORMAL, ESGOTO PREDIAL, DN 50 MM, FORNECIDO E INSTALADO EM RAMAL DE DESCARGA OU RAMAL DE ESGOTO SANITÁRIO. AF_08/2022","Instalações Prediais de Esgoto - Tubos e Conexões",null,"M",{"v":1,"d":"1.0000000"},24.25,24.25]
["Composição Auxiliar"," 89731 ","SINAPI","JOELHO 90 GRAUS, PVC, SERIE NORMAL, ESGOTO PREDIAL, DN 50 MM, JUNTA ELÁSTICA, FORNECIDO E INSTALADO EM RAMAL DE DESCARGA OU RAMAL DE ESGOTO SANITÁRIO. AF_08/2022","Instalações Prediais de Esgoto - Tubos e Conexões",null,"UN",{"v":1.4223,"d":"1.4223000"},13.23,18.81]
["Composição Auxiliar"," 89732 ","SINAPI","JOELHO 45 GRAUS, PVC, SERIE NORMAL, ESGOTO PREDIAL, DN 50 MM, JUNTA ELÁSTICA, FORNECIDO E INSTALADO EM RAMAL DE DESCARGA OU RAMAL DE ESGOTO SANITÁRIO. AF_08/2022","Instalações Prediais de Esgoto - Tubos e Conexões",null,"UN",{"v":1.4991,"d":"1.4991000"},13.84,20.74]
["Composição Auxiliar"," 89753 ","SINAPI","LUVA SIMPLES, PVC, SERIE NORMAL, ESGOTO PREDIAL, DN 50 MM, JUNTA ELÁSTICA, FORNECIDO E INSTALADO EM RAMAL DE DESCARGA OU RAMAL DE ESGOTO SANITÁRIO. AF_08/2022","Instalações Prediais de Esgoto - Tubos e Conexões",null,"UN",{"v":1.2919,"d":"1.2919000"},7.91,10.21]
["Composição Auxiliar"," 89784 ","SINAPI","TE, PVC, SERIE NORMAL, ESGOTO PREDIAL, DN 50 X 50 MM, JUNTA ELÁSTICA, FORNECIDO E INSTALADO EM RAMAL DE DESCARGA OU RAMAL DE ESGOTO SANITÁRIO. AF_08/2022","Instalações Prediais de Esgoto - Tubos e Conexões",null,"UN",{"v":0.07,"d":"0.0700000"},21.21,1.48]
["Composição Auxiliar"," 89813 ","SINAPI","LUVA SIMPLES, PVC, SERIE NORMAL, ESGOTO PREDIAL, DN 50 MM, JUNTA ELÁSTICA, FORNECIDO E INSTALADO EM PRUMADA DE ESGOTO SANITÁRIO OU VENTILAÇÃO. AF_08/2022","Instalações Prediais de Esgoto - Tubos e Conexões",null,"UN",{"v":0.0278,"d":"0.0278000"},4.65,0.12]
["Composição Auxiliar"," 90437 ","SINAPI","FURO MANUAL EM ALVENARIA, PARA INSTALAÇÕES HIDRÁULICAS, DIÂMETROS MAIORES QUE 40 MM E MENORES OU IGUAIS A 75 MM. AF_09/2023","Rasgos e Fixações",null,"UN",{"v":0.1718,"d":"0.1718000"},{"v":36.6,"d":"36.60"},6.28]
["Composição Auxiliar"," 90454 ","SINAPI","PASSANTE TIPO TUBO COM DIÂMETRO DE 75 MM, FIXADO EM LAJE, PARA PASSAGEM DE TUBULAÇÕES COM NO MÁXIMO 50 MM DE DIÂMETRO. AF_09/2023","Rasgos e Fixações",null,"UN",{"v":0.0421,"d":"0.0421000"},{"v":5.7,"d":"5.70"},0.23]
["Composição Auxiliar"," 90467 ","SINAPI","CHUMBAMENTO LINEAR EM ALVENARIA PARA RAMAIS/DISTRIBUIÇÃO DE INSTALAÇÕES HIDRÁULICAS COM DIÂMETROS MAIORES QUE 40 MM E MENORES OU IGUAIS A 75 MM. AF_09/2023","Rasgos e Fixações",null,"M",{"v":0.1074,"d":"0.1074000"},21.28,2.28]
["Composição Auxiliar"," 91186 ","SINAPI","FIXAÇÃO DE TUBOS HORIZONTAIS DE PVC ÁGUA, PVC ESGOTO, PVC ÁGUA PLUVIAL, CPVC, PPR, COBRE OU AÇO, DIÂMETROS MAIORES QUE 40 MM E MENORES OU IGUAIS A 75 MM, COM ABRAÇADEIRA METÁLICA FLEXÍVEL 18 MM, FIXADA DIRETAMENTE NA LAJE. AF_09/2023","Rasgos e Fixações",null,"M",{"v":0.0353,"d":"0.0353000"},24.75,0.87]
["Composição Auxiliar"," 91191 ","SINAPI","CHUMBAMENTO PONTUAL EM PASSAGEM DE TUBO COM DIÂMETROS ENTRE 40 MM E 75 MM. AF_09/2023","Rasgos e Fixações",null,"UN",{"v":0.1718,"d":"0.1718000"},13.42,{"v":2.3,"d":"2.30"}]
["Composição Auxiliar"," 91222 ","SINAPI","RASGO LINEAR MANUAL EM ALVENARIA, PARA RAMAIS/ DISTRIBUIÇÃO DE INSTALAÇÕES HIDRÁULICAS, DIÂMETROS MAIORES QUE 40 MM E MENORES OU IGUAIS A 75 MM. AF_09/2023","Rasgos e Fixações",null,"M",{"v":0.1074,"d":"0.1074000"},8.19,0.87]
[{"$nulls":4},"MO sem LS =>",{"v":19.779962546816478,"d":"19.78"},"LS =>",22.47,"MO com LS =>",42.25]
[{"$nulls":4},"Valor do BDI =>",17.98,null,"Valor com BDI =>",null,106.42]
[{"$nulls":6},"Quant. =>",{"v":50,"d":"50.0000000"},"Preço Total =>",{"v":5321,"d":"5,321.00"}]
[]
[" 5.7.3 ","Código","Banco","Descrição","Tipo",null,"Und","Quant.","Valor Unit","Total"]
["Composição"," 91794 ","SINAPI","(COMPOSIÇÃO REPRESENTATIVA) DO SERVIÇO DE INST. TUBO PVC, SÉRIE N, ESGOTO PREDIAL, DN 75 MM, (INST. EM RAMAL DE DESCARGA, RAMAL DE ESG. SANITÁRIO, PRUMADA DE ESG. SANITÁRIO OU VENTILAÇÃO), INCL. CONEXÕES, CORTES E FIXAÇÕES, P/ PRÉDIOS. AF_10/2015","INHI - INSTALAÇÕES HIDROS SANITÁRIAS",null,"M",{"v":1,"d":"1.0000000"},41.05,41.05]
["Composição Auxiliar"," 89713 ","SINAPI","TUBO PVC, SERIE NORMAL, ESGOTO PREDIAL, DN 75 MM, FORNECIDO E INSTALADO EM RAMAL DE DESCARGA OU RAMAL DE ESGOTO SANITÁRIO. AF_08/2022","Instalações Prediais de Esgoto - Tubos e Conexões",null,"M",{"v":0.1099,"d":"0.1099000"},30.15,3.31]
["Composição Auxiliar"," 89737 ","SINAPI","JOELHO 90 GRAUS, PVC, SERIE NORMAL, ESGOTO PREDIAL, DN 75 MM, JUNTA ELÁSTICA, FORNECIDO E INSTALADO EM RAMAL DE DESCARGA OU RAMAL DE ESGOTO SANITÁRIO. AF_08/2022","Instalações Prediais de Esgoto - Tubos e Conexões",null,"UN",{"v":0.0635,"d":"0.0635000"},19.76,1.25]
["Composição Auxiliar"," 89739 ","SINAPI","JOELHO 45 GRAUS, PVC, SERIE NORMAL, ESGOTO PREDIAL, DN 75 MM, JUNTA ELÁSTICA, FORNECIDO E INSTALADO EM RAMAL DE DESCARGA OU RAMAL DE ESGOTO SANITÁRIO. AF_08/2022","Instalações Prediais de Esgoto - Tubos e Conexões",null,"UN",{"v":0.0721,"d":"0.0721000"},20.58,1.48]
["Composição Auxiliar"," 89774 ","SINAPI","LUVA SIMPLES, PVC, SERIE NORMAL, ESGOTO PREDIAL, DN 75 MM, JUNTA ELÁSTICA, FORNECIDO E INSTALADO EM RAMAL DE DESCARGA OU RAMAL DE ESGOTO SANITÁRIO. AF_08/2022","Instalações Prediais de Esgoto - Tubos e Conexões",null,"UN",{"v":0.0422,"d":"0.0422000"},12.75,0.53]
["Composição Auxiliar"," 89786 ","SINAPI","TE, PVC, SERIE NORMAL, ESGOTO PREDIAL, DN 75 X 75 MM, JUNTA ELÁSTICA, FORNECIDO E INSTALADO EM RAMAL DE DESCARGA OU RAMAL DE ESGOTO SANITÁRIO. AF_08/2022","Instalações Prediais de Esgoto - Tubos e Conexões",null,"UN",{"v":0.0204,"d":"0.0204000"},33.52,0.68]
["Composição Auxiliar"," 89795 ","SINAPI","JUNÇÃO SIMPLES, PVC, SERIE NORMAL, ESGOTO PREDIAL, DN 75 X 75 MM, JUNTA ELÁSTICA, FORNECIDO E INSTALADO EM RAMAL DE DESCARGA OU RAMAL DE ESGOTO SANITÁRIO. AF_08/2022","Instalações Prediais de Esgoto - Tubos e Conexões",null,"UN",{"v":0.0278,"d":"0.0278000"},35.25,0.97]
["Composição Auxiliar"," 89799 ","SINAPI","TUBO PVC, SERIE NORMAL, ESGOTO PREDIAL, DN 75 MM, FORNECIDO E INSTALADO EM PRUMADA DE ESGOTO SANITÁRIO OU VENTILAÇÃO. AF_08/2022","Instalações Prediais de Esgoto - Tubos e Conexões",null,"M",{"v":0.8901,"d":"0.8901000"},19.49,17.34]
["Composição Auxiliar"," 89806 ","SINAPI","JOELHO 45 GRAUS, PVC, SERIE NORMAL, ESGOTO PREDIAL, DN 75 MM, JUNTA ELÁSTICA, FORNECIDO E INSTALADO EM PRUMADA DE ESGOTO SANITÁRIO OU VENTILAÇÃO. AF_08/2022","Instalações Prediais de Esgoto - Tubos e Conexões",null,"UN",{"v":0.0242,"d":"0.0242000"},18.75,0.45]
["Composição Auxiliar"," 89807 ","SINAPI","CURVA CURTA 90 GRAUS, PVC, SERIE NORMAL, ESGOTO PREDIAL, DN 75 MM, JUNTA ELÁSTICA, FORNECIDO E INSTALADO EM PRUMADA DE ESGOTO SANITÁRIO OU VENTILAÇÃO. AF_08/2022","Instalações Prediais de Esgoto - Tubos e Conexões",null,"UN",{"v":0.0065,"d":"0.0065000"},32.12,{"v":0.2,"d":"0.20"}]
["Composição Auxiliar"," 89817 ","SINAPI","LUVA SIMPLES, PVC, SERIE NORMAL, ESGOTO PREDIAL, DN 75 MM, JUNTA ELÁSTICA, FORNECIDO E INSTALADO EM PRUMADA DE ESGOTO SANITÁRIO OU VENTILAÇÃO. AF_08/2022","Instalações Prediais de Esgoto - Tubos e Conexões",null,"UN",{"v":0.2329,"d":"0.2329000"},11.49,2.67]
["Composição Auxiliar"," 89829 ","SINAPI","TE, PVC, SERIE NORMAL, ESGOTO PREDIAL, DN 75 X 75 MM, JUNTA ELÁSTICA, FORNECIDO E INSTALADO EM PRUMADA DE ESGOTO SANITÁRIO OU VENTILAÇÃO. AF_08/2022","Instalações Prediais de Esgoto - Tubos e Conexões",null,"UN",{"v":0.0399,"d":"0.0399000"},31.08,1.24]
["Composição Auxiliar"," 89830 ","SINAPI","JUNÇÃO SIMPLES, PVC, SERIE NORMAL, ESGOTO PREDIAL, DN 75 X 75 MM, JUNTA ELÁSTICA, FORNECIDO E INSTALADO EM PRUMADA DE ESGOTO SANITÁRIO OU VENTILAÇÃO. AF_08/2022","Instalações Prediais de Esgoto - Tubos e Conexões",null,"UN",{"v":0.126,"d":"0.1260000"},32.81,4.13]
["Composição Auxiliar"," 90437 ","SINAPI","FURO MANUAL EM ALVENARIA, PARA INSTALAÇÕES HIDRÁULICAS, DIÂMETROS MAIORES QUE 40 MM E MENORES OU IGUAIS A 75 MM. AF_09/2023","Rasgos e Fixações",null,"UN",{"v":0.0984,"d":"0.0984000"},{"v":36.6,"d":"36.60"},{"v":3.6,"d":"3.60"}]
["Composição Auxiliar"," 90454 ","SINAPI","PASSANTE TIPO TUBO COM DIÂMETRO DE 75 MM, FIXADO EM LAJE, PARA PASSAGEM DE TUBULAÇÕES COM NO MÁXIMO 50 MM DE DIÂMETRO. AF_09/2023","Rasgos e Fixações",null,"UN",{"v":0.1661,"d":"0.1661000"},{"v":5.7,"d":"5.70"},0.94]
["Composição Auxiliar"," 91186 ","SINAPI","FIXAÇÃO DE TUBOS HORIZONTAIS DE PVC ÁGUA, PVC ESGOTO, PVC ÁGUA PLUVIAL, CPVC, PPR, COBRE OU AÇO, DIÂMETROS MAIORES QUE 40 MM E MENORES OU IGUAIS A 75 MM, COM ABRAÇADEIRA METÁLICA FLEXÍVEL 18 MM, FIXADA DIRETAMENTE NA LAJE. AF_09/2023","Rasgos e Fixações",null,"M",{"v":0.0382,"d":"0.0382000"},24.75,0.94]
["Composição Auxiliar"," 91191 ","SINAPI","CHUMBAMENTO PONTUAL EM PASSAGEM DE TUBO COM DIÂMETROS ENTRE 40 MM E 75 MM. AF_09/2023","Rasgos e Fixações",null,"UN",{"v":0.0984,"d":"0.0984000"},13.42,1.32]
[{"$nulls":4},"MO sem LS =>",{"v":7.027153558052435,"d":"7.03"},"LS =>",7.98,"MO com LS =>",15.01]
[{"$nulls":4},"Valor do BDI =>",8.34,null,"Valor com BDI =>",null,49.39]
[{"$nulls":6},"Quant. =>",{"v":25,"d":"25.0000000"},"Preço Total =>",{"v":1234.75,"d":"1,234.75"}]
[]
[" 5.7.4 ","Código","Banco","Descrição","Tipo",null,"Und","Quant.","Valor Unit","Total"]
["Composição"," 91795 ","SINAPI","(COMPOSIÇÃO REPRESENTATIVA) DO SERVIÇO DE INST. TUBO PVC, SÉRIE N, ESGOTO PREDIAL, 100 MM (INST. RAMAL DESCARGA, RAMAL DE ESG. SANIT., PRUMADA ESG. SANIT., VENTILAÇÃO OU SUB-COLETOR AÉREO), INCL. CONEXÕES E CORTES, FIXAÇÕES, P/ PRÉDIOS. AF_10/2015","INHI - INSTALAÇÕES HIDROS SANITÁRIAS",null,"M",{"v":1,"d":"1.0000000"},65.92,65.92]
["Composição Auxiliar"," 89714 ","SINAPI","TUBO PVC, SERIE NORMAL, ESGOTO PREDIAL, DN 100 MM, FORNECIDO E INSTALADO EM RAMAL DE DESCARGA OU RAMAL DE ESGOTO SANITÁRIO. AF_08/2022","Instalações Prediais de Esgoto - Tubos e Conexões",null,"M",{"v":0.1846,"d":"0.1846000"},33.78,6.23]
["Composição Auxiliar"," 89746 ","SINAPI","JOELHO 45 GRAUS, PVC, SERIE NORMAL, ESGOTO PREDIAL, DN 100 MM, JUNTA ELÁSTICA, FORNECIDO E INSTALADO EM RAMAL DE DESCARGA OU RAMAL DE ESGOTO SANITÁRIO. AF_08/2022","Instalações Prediais de Esgoto - Tubos e Conexões",null,"UN",{"v":0.0653,"d":"0.0653000"},24.59,{"v":1.6,"d":"1.60"}]
["Composição Auxiliar"," 89748 ","SINAPI","CURVA CURTA 90 GRAUS, PVC, SERIE NORMAL, ESGOTO PREDIAL, DN 100 MM, JUNTA ELÁSTICA, FORNECIDO E INSTALADO EM RAMAL DE DESCARGA OU RAMAL DE ESGOTO SANITÁRIO. AF_08/2022","Instalações Prediais de Esgoto - Tubos e Conexões",null,"UN",{"v":0.2122,"d":"0.2122000"},36.39,7.72]
["Composição Auxiliar"," 89778 ","SINAPI","LUVA SIMPLES, PVC, SERIE NORMAL, ESGOTO PREDIAL, DN 100 MM, JUNTA ELÁSTICA, FORNECIDO E INSTALADO EM RAMAL DE DESCARGA OU RAMAL DE ESGOTO SANITÁRIO. AF_08/2022","Instalações Prediais de Esgoto - Tubos e Conexões",null,"UN",{"v":0.0982,"d":"0.0982000"},{"v":14.4,"d":"14.40"},1.41]
["Composição Auxiliar"," 89796 ","SINAPI","TE, PVC, SERIE NORMAL, ESGOTO PREDIAL, DN 100 X 100 MM, JUNTA ELÁSTICA, FORNECIDO E INSTALADO EM RAMAL DE DESCARGA OU RAMAL DE ESGOTO SANITÁRIO. AF_08/2022","Instalações Prediais de Esgoto - Tubos e Conexões",null,"UN",{"v":0.0478,"d":"0.0478000"},{"v":37.3,"d":"37.30"},1.78]
["Composição Auxiliar"," 89797 ","SINAPI","JUNÇÃO SIMPLES, PVC, SERIE NORMAL, ESGOTO PREDIAL, DN 100 X 100 MM, JUNTA ELÁSTICA, FORNECIDO E INSTALADO EM RAMAL DE DESCARGA OU RAMAL DE ESGOTO SANITÁRIO. AF_08/2022","Instalações Prediais de Esgoto - Tubos e Conexões",null,"UN",{"v":0.1086,"d":"0.1086000"},43.99,4.77]
["Composição Auxiliar"," 89800 ","SINAPI","TUBO PVC, SERIE NORMAL, ESGOTO PREDIAL, DN 100 MM, FORNECIDO E INSTALADO EM PRUMADA DE ESGOTO SANITÁRIO OU VENTILAÇÃO. AF_08/2022","Instalações Prediais de Esgoto - Tubos e Conexões",null,"M",{"v":0.561,"d":"0.5610000"},25.35,14.22]
["Composição Auxiliar"," 89810 ","SINAPI","JOELHO 45 GRAUS, PVC, SERIE NORMAL, ESGOTO PREDIAL, DN 100 MM, JUNTA ELÁSTICA, FORNECIDO E INSTALADO EM PRUMADA DE ESGOTO SANITÁRIO OU VENTILAÇÃO. AF_08/2022","Instalações Prediais de Esgoto - Tubos e Conexões",null,"UN",{"v":0.0085,"d":"0.0085000"},25.74,0.21]
["Composição Auxiliar"," 89821 ","SINAPI","LUVA SIMPLES, PVC, SERIE NORMAL, ESGOTO PREDIAL, DN 100 MM, JUNTA ELÁSTICA, FORNECIDO E INSTALADO EM PRUMADA DE ESGOTO SANITÁRIO OU VENTILAÇÃO. AF_08/2022","Instalações Prediais de Esgoto - Tubos e Conexões",null,"UN",{"v":0.2392,"d":"0.2392000"},15.16,3.62]
["Composição Auxiliar"," 89833 ","SINAPI","TE, PVC, SERIE NORMAL, ESGOTO PREDIAL, DN 100 X 100 MM, JUNTA ELÁSTICA, FORNECIDO E INSTALADO EM PRUMADA DE ESGOTO SANITÁRIO OU VENTILAÇÃO. AF_08/2022","Instalações Prediais de Esgoto - Tubos e Conexões",null,"UN",{"v":0.0598,"d":"0.0598000"},38.83,2.32]
["Composição Auxiliar"," 89834 ","SINAPI","JUNÇÃO SIMPLES, PVC, SERIE NORMAL, ESGOTO PREDIAL, DN 100 X 100 MM, JUNTA ELÁSTICA, FORNECIDO E INSTALADO EM PRUMADA DE ESGOTO SANITÁRIO OU VENTILAÇÃO. AF_08/2022","Instalações Prediais de Esgoto - Tubos e Conexões",null,"UN",{"v":0.0311,"d":"0.0311000"},45.52,1.41]
["Composição Auxiliar"," 89848 ","SINAPI","TUBO PVC, SERIE NORMAL, ESGOTO PREDIAL, DN 100 MM, FORNECIDO E INSTALADO EM SUBCOLETOR AÉREO DE ESGOTO SANITÁRIO. AF_08/2022","Instalações Prediais de Esgoto - Tubos e Conexões",null,"M",{"v":0.2544,"d":"0.2544000"},24.25,6.16]
["Composição Auxiliar"," 89851 ","SINAPI","JOELHO 45 GRAUS, PVC, SERIE NORMAL, ESGOTO PREDIAL, DN 100 MM, JUNTA ELÁSTICA, FORNECIDO E INSTALADO EM SUBCOLETOR AÉREO DE ESGOTO SANITÁRIO. AF_08/2022","Instalações Prediais de Esgoto - Tubos e Conexões",null,"UN",{"v":0.0178,"d":"0.0178000"},28.54,{"v":0.5,"d":"0.50"}]
["Composição Auxiliar"," 89856 ","SINAPI","LUVA SIMPLES, PVC, SERIE NORMAL, ESGOTO PREDIAL, DN 100 MM, JUNTA ELÁSTICA, FORNECIDO E INSTALADO EM SUBCOLETOR AÉREO DE ESGOTO SANITÁRIO. AF_08/2022","Instalações Prediais de Esgoto - Tubos e Conexões",null,"UN",{"v":0.1267,"d":"0.1267000"},17.04,2.15]
["Composição Auxiliar"," 89861 ","SINAPI","JUNÇÃO SIMPLES, PVC, SERIE NORMAL, ESGOTO PREDIAL, DN 100 X 100 MM, JUNTA ELÁSTICA, FORNECIDO E INSTALADO EM SUBCOLETOR AÉREO DE ESGOTO SANITÁRIO. AF_08/2022","Instalações Prediais de Esgoto - Tubos e Conexões",null,"UN",{"v":0.0008,"d":"0.0008000"},49.25,0.03]
["Composição Auxiliar"," 90438 ","SINAPI","FURO MANUAL EM ALVENARIA, PARA INSTALAÇÕES HIDRÁULICAS, DIÂMETROS MAIORES QUE 75 MM E MENORES OU IGUAIS A 100 MM. AF_09/2023","Rasgos e Fixações",null,"UN",{"v":0.09995,"d":"0.0999500"},53.45,5.34]
["Composição Auxiliar"," 90455 ","SINAPI","PASSANTE TIPO TUBO COM DIÂMETRO DE 100 MM, FIXADO EM LAJE, PARA PASSAGEM DE TUBULAÇÕES COM NO MÁXIMO 75 MM DE DIÂMETRO. AF_09/2023","Rasgos e Fixações",null,"UN",{"v":0.2323,"d":"0.2323000"},7.32,{"v":1.7,"d":"1.70"}]
["Composição Auxiliar"," 91187 ","SINAPI","FIXAÇÃO DE TUBOS HORIZONTAIS DE PVC ÁGUA, PVC ESGOTO, PVC ÁGUA PLUVIAL, CPVC, PPR, COBRE OU AÇO, DIÂMETROS MAIORES QUE 75 MM E MENORES OU IGUAIS A 100 MM, COM ABRAÇADEIRA METÁLICA FLEXÍVEL 18 MM, FIXADA DIRETAMENTE NA LAJE. AF_09/2023","Rasgos e Fixações",null,"M",{"v":0.1239,"d":"0.1239000"},22.29,2.76]
["Composição Auxiliar"," 91192 ","SINAPI","CHUMBAMENTO PONTUAL EM PASSAGEM DE TUBO COM DIÂMETRO MAIOR QUE 75 MM E MENORES OU IGUAIS A 150 MM. AF_09/2023","Rasgos e Fixações",null,"UN",{"v":0.0995,"d":"0.0995000"},20.04,1.99]
[{"$nulls":4},"MO sem LS =>",{"v":12.659176029962547,"d":"12.66"},"LS =>",14.38,"MO com LS =>",27.04]
[{"$nulls":4},"Valor do BDI =>",{"v":13.4,"d":"13.40"},null,"Valor com BDI =>",null,79.32]
[{"$nulls":6},"Quant. =>",{"v":87,"d":"87.0000000"},"Preço Total =>",{"v":6900.84,"d":"6,900.84"}]
[]
[" 5.8 ",null,null,"DIVERSOS",{"$nulls":5},{"v":7191.53,"d":"7,191.53"}]
[" 5.8.1 ","Código","Banco","Descrição","Tipo",null,"Und","Quant.","Valor Unit","Total"]
["Composição"," 89707 ","SINAPI","CAIXA SIFONADA, PVC, DN 100 X 100 X 50 MM, JUNTA ELÁSTICA, FORNECIDA E INSTALADA EM RAMAL DE DESCARGA OU EM RAMAL DE ESGOTO SANITÁRIO. AF_08/2022","Instalações Prediais de Esgoto - Caixas e Ralos",null,"UN",{"v":1,"d":"1.0000000"},{"v":38.4,"d":"38.40"},{"v":38.4,"d":"38.40"}]
["Composição Auxiliar"," 88248 ","SINAPI","AUXILIAR DE ENCANADOR OU BOMBEIRO HIDRÁULICO COM ENCARGOS COMPLEMENTARES","Livro SINAPI: Cálculos e Parâmetros",null,"H",{"v":0.3987,"d":"0.3987000"},20.97,8.36]
["Composição Auxiliar"," 88267 ","SINAPI","ENCANADOR OU BOMBEIRO HIDRÁULICO COM ENCARGOS COMPLEMENTARES","Livro SINAPI: Cálculos e Parâmetros",null,"H",{"v":0.3987,"d":"0.3987000"},25.54,10.18]
["Insumo"," 00000122 ","SINAPI","ADESIVO PLASTICO PARA PVC, FRASCO COM *850* GR","Material",null,"UN",{"v":0.0292,"d":"0.0292000"},42.85,1.25]
["Insumo"," 00005103 ","SINAPI","CAIXA SIFONADA PVC, 100 X 100 X 50 MM, COM GRELHA REDONDA, BRANCA","Material",null,"UN",{"v":1,"d":"1.0000000"},16.46,16.46]
["Insumo"," 00020083 ","SINAPI","SOLUCAO PREPARADORA / LIMPADORA PARA PVC, FRASCO COM 1000 CM3","Material",null,"UN",{"v":0.044,"d":"0.0440000"},48.55,2.13]
["Insumo"," 00038383 ","SINAPI","LIXA D'AGUA EM FOLHA, COR PRETA, GRAO 100","Material",null,"UN",{"v":0.0154,"d":"0.0154000"},1.54,0.02]
[{"$nulls":4},"MO sem LS =>",{"v":7.176966292134831,"d":"7.18"},"LS =>",8.15,"MO com LS =>",15.33]
[{"$nulls":4},"Valor do BDI =>",7.81,null,"Valor com BDI =>",null,46.21]
[{"$nulls":6},"Quant. =>",{"v":6,"d":"6.0000000"},"Preço Total =>",277.26]
[]
[" 5.8.2 ","Código","Banco","Descrição","Tipo",null,"Und","Quant.","Valor Unit","Total"]
["Composição"," 89709 ","SINAPI","RALO SIFONADO, PVC, DN 100 X 40 MM, JUNTA SOLDÁVEL, FORNECIDO E INSTALADO EM RAMAL DE DESCARGA OU EM RAMAL DE ESGOTO SANITÁRIO. AF_08/2022","Instalações Prediais de Esgoto - Caixas e Ralos",null,"UN",{"v":1,"d":"1.0000000"},16.53,16.53]
["Composição Auxiliar"," 88248 ","SINAPI","AUXILIAR DE ENCANADOR OU BOMBEIRO HIDRÁULICO COM ENCARGOS COMPLEMENTARES","Livro SINAPI: Cálculos e Parâmetros",null,"H",{"v":0.1652,"d":"0.1652000"},20.97,3.46]
["Composição Auxiliar"," 88267 ","SINAPI","ENCANADOR OU BOMBEIRO HIDRÁULICO COM ENCARGOS COMPLEMENTARES","Livro SINAPI: Cálculos e Parâmetros",null,"H",{"v":0.1652,"d":"0.1652000"},25.54,4.21]
["Insumo"," 00000122 ","SINAPI","ADESIVO PLASTICO PARA PVC, FRASCO COM *850* GR","Material",null,"UN",{"v":0.0049,"d":"0.0049000"},42.85,{"v":0.2,"d":"0.20"}]
["Insumo"," 00011741 ","SINAPI","RALO SIFONADO CILINDRICO, PVC, 100 X 40 MM, COM GRELHA REDONDA BRANCA","Material",null,"UN",{"v":1,"d":"1.0000000"},8.25,8.25]
["Insumo"," 00020083 ","SINAPI","SOLUCAO PREPARADORA / LIMPADORA PARA PVC, FRASCO COM 1000 CM3","Material",null,"UN",{"v":0.0075,"d":"0.0075000"},48.55,0.36]
["Insumo"," 00038383 ","SINAPI","LIXA D'AGUA EM FOLHA, COR PRETA, GRAO 100","Material",null,"UN",{"v":0.036,"d":"0.0360000"},1.54,0.05]
[{"$nulls":4},"MO sem LS =>",{"v":2.9728464419475658,"d":"2.97"},"LS =>",3.38,"MO com LS =>",6.35]
[{"$nulls":4},"Valor do BDI =>",3.36,null,"Valor com BDI =>",null,19.89]
[{"$nulls":6},"Quant. =>",{"v":1,"d":"1.0000000"},"Preço Total =>",19.89]
[]
[" 5.8.3 ","Código","Banco","Descrição","Tipo",null,"Und","Quant.","Valor Unit","Total"]
["Composição"," 98110 ","SINAPI","CAIXA DE GORDURA PEQUENA (CAPACIDADE: 19 L), CIRCULAR, EM PVC, DIÂMETRO INTERNO= 0,3 M. AF_12/2020","Caixas Enterradas",null,"UN",{"v":1,"d":"1.0000000"},275.67,275.67]
["Composição Auxiliar"," 101618 ","SINAPI","PREPARO DE FUNDO DE VALA COM LARGURA MENOR QUE 1,5 M, COM CAMADA DE AREIA, LANÇAMENTO MANUAL. AF_08/2020","Escoramento e Preparo de Fundo de Valas",null,"m³",{"v":0.0141,"d":"0.0141000"},256.11,3.61]
["Composição Auxiliar"," 88309 ","SINAPI","PEDREIRO COM ENCARGOS COMPLEMENTARES","Livro SINAPI: Cálculos e Parâmetros",null,"H",{"v":0.284,"d":"0.2840000"},26.15,7.42]
["Composição Auxiliar"," 88316 ","SINAPI","SERVENTE COM ENCARGOS COMPLEMENTARES","Livro SINAPI: Cálculos e Parâmetros",null,"H",{"v":0.2231,"d":"0.2231000"},20.58,4.59]
["Insumo"," 00035277 ","SINAPI","CAIXA DE GORDURA EM PVC, DIAMETRO MINIMO 300 MM, DIAMETRO DE SAIDA 100 MM, CAPACIDADE APROXIMADA 18 LITROS, COM TAMPA E CESTO","Material",null,"UN",{"v":1,"d":"1.0000000"},260.05,260.05]
[{"$nulls":4},"MO sem LS =>",{"v":5.168539325842697,"d":"5.17"},"LS =>",5.87,"MO com LS =>",11.04]
[{"$nulls":4},"Valor do BDI =>",56.07,null,"Valor com BDI =>",null,331.74]
[{"$nulls":6},"Quant. =>",{"v":1,"d":"1.0000000"},"Preço Total =>",331.74]
[]
[" 5.8.4 ","Código","Banco","Descrição","Tipo",null,"Und","Quant.","Valor Unit","Total"]
["Composição"," COMP-72290 ","Próprio","Caixa de inspeção em alvenaria (90 x 90 x 120 cm) [ADAPTADO DE SINAPI 72290]","INHI - INSTALAÇÕES HIDROS SANITÁRIAS",null,"UN",{"v":1,"d":"1.0000000"},779.06,779.06]
["Composição Auxiliar"," 88309 ","SINAPI","PEDREIRO COM ENCARGOS COMPLEMENTARES","Livro SINAPI: Cálculos e Parâmetros",null,"H",{"v":4.1,"d":"4.1000000"},26.15,107.21]
["Composição Auxiliar"," 88316 ","SINAPI","SERVENTE COM ENCARGOS COMPLEMENTARES","Livro SINAPI: Cálculos e Parâmetros",null,"H",{"v":12,"d":"12.0000000"},20.58,246.96]
["Composição Auxiliar"," C2976 ","SEINFRA","TAMPA DE INSPEÇÃO REMOVÍVEL EM CHAPA DE AÇO GALVANIZADO E=1/16\", 90 X 70CM PADRÃO CAGECE",0,null,"UN",{"v":1,"d":"1.0000000"},232.28,232.28]
["Insumo"," 00000370 ","SINAPI","AREIA MEDIA - POSTO JAZIDA/FORNECEDOR (RETIRADO NA JAZIDA, SEM TRANSPORTE)","Material",null,"m³",{"v":0.295,"d":"0.2950000"},124.24,36.65]
["Insumo"," 00004721 ","SINAPI","PEDRA BRITADA N. 1 (9,5 A 19 MM) POSTO PEDREIRA/FORNECEDOR, SEM FRETE","Material",null,"m³",{"v":0.158,"d":"0.1580000"},85.23,13.46]
["Insumo"," 00007271 ","SINAPI","BLOCO CERAMICO / TIJOLO VAZADO PARA ALVENARIA DE VEDACAO, 8 FUROS NA HORIZONTAL DE 9 X 19 X 19 CM (L X A X C)","Material",null,"UN",{"v":80,"d":"80.0000000"},0.75,{"v":60,"d":"60.00"}]
["Insumo"," 00043055 ","SINAPI","ACO CA-50, 12,5 MM OU 16,0 MM, VERGALHAO","Material",null,"KG",{"v":3.3,"d":"3.3000000"},5.18,17.09]
["Insumo"," 00001379 ","SINAPI","CIMENTO PORTLAND COMPOSTO CP II-32","Material",null,"KG",{"v":105.5,"d":"105.5000000"},0.62,65.41]
[{"$nulls":4},"MO sem LS =>",{"v":181.7181647940075,"d":"181.72"},"LS =>",206.43,"MO com LS =>",388.15]
[{"$nulls":4},"Valor do BDI =>",158.46,null,"Valor com BDI =>",null,937.52]
[{"$nulls":6},"Quant. =>",{"v":7,"d":"7.0000000"},"Preço Total =>",{"v":6562.64,"d":"6,562.64"}]
[]
[" 5.9 ",null,null,"FOSSA SÉPTICA E SUMIDOURO",{"$nulls":5},{"v":37439.6,"d":"37,439.60"}]
[" 5.9.1 ","Código","Banco","Descrição","Tipo",null,"Und","Quant.","Valor Unit","Total"]
["Composição"," 98087 ","SINAPI","TANQUE SÉPTICO RETANGULAR, EM ALVENARIA COM BLOCOS DE CONCRETO, DIMENSÕES INTERNAS: 1,6 X 4,6 X H=2,4 M, VOLUME ÚTIL: 14720 L (PARA 105 CONTRIBUINTES). AF_12/2020","Fossas e Sumidouros",null,"UN",{"v":1,"d":"1.0000000"},{"v":10170.19,"d":"10,170.19"},{"v":10170.19,"d":"10,170.19"}]
["Composição Auxiliar"," 101624 ","SINAPI","PREPARO DE FUNDO DE VALA COM LARGURA MAIOR OU IGUAL A 1,5 M E MENOR QUE 2,5 M, COM CAMADA DE BRITA, LANÇAMENTO MECANIZADO. AF_08/2020","Escoramento e Preparo de Fundo de Valas",null,"m³",{"v":0.931,"d":"0.9310000"},174.84,162.77]
["Composição Auxiliar"," 5678 ","SINAPI","RETROESCAVADEIRA SOBRE RODAS COM CARREGADEIRA, TRAÇÃO 4X4, POTÊNCIA LÍQ. 88 HP, CAÇAMBA CARREG. CAP. MÍN. 1 M3, CAÇAMBA RETRO CAP. 0,26 M3, PESO OPERACIONAL MÍN. 6.674 KG, PROFUNDIDADE ESCAVAÇÃO MÁX. 4,37 M - CHP DIURNO. AF_06/2014","Custos Horários Produtivo e Improdutivo dos Equipamentos",null,"CHP",{"v":0.2,"d":"0.2000000"},124.88,24.97]
["Composição Auxiliar"," 5679 ","SINAPI","RETROESCAVADEIRA SOBRE RODAS COM CARREGADEIRA, TRAÇÃO 4X4, POTÊNCIA LÍQ. 88 HP, CAÇAMBA CARREG. CAP. MÍN. 1 M3, CAÇAMBA RETRO CAP. 0,26 M3, PESO OPERACIONAL MÍN. 6.674 KG, PROFUNDIDADE ESCAVAÇÃO MÁX. 4,37 M - CHI DIURNO. AF_06/2014","Custos Horários Produtivo e Improdutivo dos Equipamentos",null,"CHI",{"v":0.4076,"d":"0.4076000"},55.92,22.79]
["Composição Auxiliar"," 87316 ","SINAPI","ARGAMASSA TRAÇO 1:4 (EM VOLUME DE CIMENTO E AREIA GROSSA ÚMIDA) PARA CHAPISCO CONVENCIONAL, PREPARO MECÂNICO COM BETONEIRA 400 L. AF_08/2019","Argamassas",null,"m³",{"v":0.2969,"d":"0.2969000"},426.74,126.69]
["Composição Auxiliar"," 88309 ","SINAPI","PEDREIRO COM ENCARGOS COMPLEMENTARES","Livro SINAPI: Cálculos e Parâmetros",null,"H",{"v":73.5753,"d":"73.5753000"},26.15,{"v":1923.99,"d":"1,923.99"}]
["Composição Auxiliar"," 88316 ","SINAPI","SERVENTE COM ENCARGOS COMPLEMENTARES","Livro SINAPI: Cálculos e Parâmetros",null,"H",{"v":57.8092,"d":"57.8092000"},20.58,{"v":1189.71,"d":"1,189.71"}]
["Composição Auxiliar"," 88628 ","SINAPI","ARGAMASSA TRAÇO 1:3 (EM VOLUME DE CIMENTO E AREIA MÉDIA ÚMIDA), PREPARO MECÂNICO COM BETONEIRA 400 L. AF_08/2019","Argamassas",null,"m³",{"v":1.6464,"d":"1.6464000"},495.76,816.21]
["Composição Auxiliar"," 89993 ","SINAPI","GRAUTEAMENTO VERTICAL EM ALVENARIA ESTRUTURAL. AF_09/2021","Graute e Armação",null,"m³",{"v":0.1793,"d":"0.1793000"},925.94,166.02]
["Composição Auxiliar"," 89995 ","SINAPI","GRAUTEAMENTO DE CINTA SUPERIOR OU DE VERGA EM ALVENARIA ESTRUTURAL. AF_09/2021","Graute e Armação",null,"m³",{"v":0.203,"d":"0.2030000"},890.76,180.82]
["Composição Auxiliar"," 89996 ","SINAPI","ARMAÇÃO VERTICAL DE ALVENARIA ESTRUTURAL; DIÂMETRO DE 10,0 MM. AF_09/2021","Graute e Armação",null,"KG",{"v":5.9232,"d":"5.9232000"},8.44,49.99]
["Composição Auxiliar"," 89998 ","SINAPI","ARMAÇÃO DE CINTA DE ALVENARIA ESTRUTURAL; DIÂMETRO DE 10,0 MM. AF_09/2021","Graute e Armação",null,"KG",{"v":8.1444,"d":"8.1444000"},7.93,64.58]
["Composição Auxiliar"," 92767 ","SINAPI","ARMAÇÃO DE LAJE DE ESTRUTURA CONVENCIONAL DE CONCRETO ARMADO UTILIZANDO AÇO CA-60 DE 4,2 MM - MONTAGEM. AF_06/2022","Armação para Estruturas de Concreto Armado",null,"KG",{"v":53.1484,"d":"53.1484000"},12.92,686.67]
["Composição Auxiliar"," 94970 ","SINAPI","CONCRETO FCK = 20MPA, TRAÇO 1:2,7:3 (EM MASSA SECA DE CIMENTO/ AREIA MÉDIA/ BRITA 1) - PREPARO MECÂNICO COM BETONEIRA 600 L. AF_05/2021","Produção de Concreto",null,"m³",{"v":2.0022,"d":"2.0022000"},414.56,830.03]
["Composição Auxiliar"," 97735 ","SINAPI","PEÇA RETANGULAR PRÉ-MOLDADA, VOLUME DE CONCRETO DE 30 A 100 LITROS, TAXA DE AÇO APROXIMADA DE 30KG/M³. AF_03/2024","Estruturas Pré-Fabricadas e Pré-Moldadas",null,"m³",{"v":0.7,"d":"0.7000000"},{"v":2152.3,"d":"2,152.30"},{"v":1506.61,"d":"1,506.61"}]
["Insumo"," 00000660 ","SINAPI","CANALETA DE CONCRETO 19 X 19 X 19 CM (CLASSE C - NBR 6136)","Material",null,"UN",{"v":69.3,"d":"69.3000000"},3.46,239.77]
["Insumo"," 00002692 ","SINAPI","DESMOLDANTE PROTETOR PARA FORMAS DE MADEIRA, DE BASE OLEOSA EMULSIONADA EM AGUA","Material",null,"L",{"v":0.0357,"d":"0.0357000"},{"v":7.4,"d":"7.40"},0.26]
["Insumo"," 00004491 ","SINAPI","PONTALETE *7,5 X 7,5* CM EM PINUS, MISTA OU EQUIVALENTE DA REGIAO - BRUTA","Material",null,"M",{"v":0.777,"d":"0.7770000"},10.08,7.83]
["Insumo"," 00004517 ","SINAPI","SARRAFO *2,5 X 7,5* CM EM PINUS, MISTA OU EQUIVALENTE DA REGIAO - BRUTA","Material",null,"M",{"v":0.924,"d":"0.9240000"},3.52,3.25]
["Insumo"," 00005069 ","SINAPI","PREGO DE ACO POLIDO COM CABECA 17 X 27 (2 1/2 X 11)","Material",null,"KG",{"v":0.0819,"d":"0.0819000"},18.65,1.52]
["Insumo"," 00006193 ","SINAPI","TABUA NAO APARELHADA *2,5 X 20* CM, EM MACARANDUBA/MASSARANDUBA, ANGELIM OU EQUIVALENTE DA REGIAO - BRUTA","Material",null,"M",{"v":2.898,"d":"2.8980000"},13.82,40.05]
["Insumo"," 00025067 ","SINAPI","BLOCO DE CONCRETO ESTRUTURAL 19 X 19 X 39 CM, FBK 4,5 MPA (NBR 6136)","Material",null,"UN",{"v":380.9438,"d":"380.9438000"},5.58,{"v":2125.66,"d":"2,125.66"}]
[{"$nulls":4},"MO sem LS =>",{"v":1862.8043071161048,"d":"1,862.80"},"LS =>",{"v":2116.15,"d":"2,116.15"},"MO com LS =>",{"v":3978.95,"d":"3,978.95"}]
[{"$nulls":4},"Valor do BDI =>",{"v":2068.61,"d":"2,068.61"},null,"Valor com BDI =>",null,{"v":12238.8,"d":"12,238.80"}]
[{"$nulls":6},"Quant. =>",{"v":1,"d":"1.0000000"},"Preço Total =>",{"v":12238.8,"d":"12,238.80"}]
[]
[" 5.9.2 ","Código","Banco","Descrição","Tipo",null,"Und","Quant.","Valor Unit","Total"]
["Composição"," 98093 ","SINAPI","FILTRO ANAERÓBIO RETANGULAR, EM ALVENARIA COM BLOCOS DE CONCRETO, DIMENSÕES INTERNAS: 1,6 X 5,6 X H=1,67 M, VOLUME ÚTIL: 10752 L (PARA 103 CONTRIBUINTES). AF_12/2020","Fossas e Sumidouros",null,"UN",{"v":1,"d":"1.0000000"},{"v":12747.13,"d":"12,747.13"},{"v":12747.13,"d":"12,747.13"}]
["Composição Auxiliar"," 101624 ","SINAPI","PREPARO DE FUNDO DE VALA COM LARGURA MAIOR OU IGUAL A 1,5 M E MENOR QUE 2,5 M, COM CAMADA DE BRITA, LANÇAMENTO MECANIZADO. AF_08/2020","Escoramento e Preparo de Fundo de Valas",null,"m³",{"v":1.121,"d":"1.1210000"},174.84,195.99]
["Composição Auxiliar"," 5678 ","SINAPI","RETROESCAVADEIRA SOBRE RODAS COM CARREGADEIRA, TRAÇÃO 4X4, POTÊNCIA LÍQ. 88 HP, CAÇAMBA CARREG. CAP. MÍN. 1 M3, CAÇAMBA RETRO CAP. 0,26 M3, PESO OPERACIONAL MÍN. 6.674 KG, PROFUNDIDADE ESCAVAÇÃO MÁX. 4,37 M - CHP DIURNO. AF_06/2014","Custos Horários Produtivo e Improdutivo dos Equipamentos",null,"CHP",{"v":1.541,"d":"1.5410000"},124.88,192.44]
["Composição Auxiliar"," 5679 ","SINAPI","RETROESCAVADEIRA SOBRE RODAS COM CARREGADEIRA, TRAÇÃO 4X4, POTÊNCIA LÍQ. 88 HP, CAÇAMBA CARREG. CAP. MÍN. 1 M3, CAÇAMBA RETRO CAP. 0,26 M3, PESO OPERACIONAL MÍN. 6.674 KG, PROFUNDIDADE ESCAVAÇÃO MÁX. 4,37 M - CHI DIURNO. AF_06/2014","Custos Horários Produtivo e Improdutivo dos Equipamentos",null,"CHI",{"v":3.1404,"d":"3.1404000"},55.92,175.61]
["Composição Auxiliar"," 87316 ","SINAPI","ARGAMASSA TRAÇO 1:4 (EM VOLUME DE CIMENTO E AREIA GROSSA ÚMIDA) PARA CHAPISCO CONVENCIONAL, PREPARO MECÂNICO COM BETONEIRA 400 L. AF_08/2019","Argamassas",null,"m³",{"v":0.2418,"d":"0.2418000"},426.74,103.18]
["Composição Auxiliar"," 88309 ","SINAPI","PEDREIRO COM ENCARGOS COMPLEMENTARES","Livro SINAPI: Cálculos e Parâmetros",null,"H",{"v":63.5911,"d":"63.5911000"},26.15,{"v":1662.9,"d":"1,662.90"}]
["Composição Auxiliar"," 88316 ","SINAPI","SERVENTE COM ENCARGOS COMPLEMENTARES","Livro SINAPI: Cálculos e Parâmetros",null,"H",{"v":49.9645,"d":"49.9645000"},20.58,{"v":1028.26,"d":"1,028.26"}]
["Composição Auxiliar"," 88628 ","SINAPI","ARGAMASSA TRAÇO 1:3 (EM VOLUME DE CIMENTO E AREIA MÉDIA ÚMIDA), PREPARO MECÂNICO COM BETONEIRA 400 L. AF_08/2019","Argamassas",null,"m³",{"v":1.4025,"d":"1.4025000"},495.76,{"v":695.3,"d":"695.30"}]
["Composição Auxiliar"," 89993 ","SINAPI","GRAUTEAMENTO VERTICAL EM ALVENARIA ESTRUTURAL. AF_09/2021","Graute e Armação",null,"m³",{"v":0.1196,"d":"0.1196000"},925.94,110.74]
["Composição Auxiliar"," 89995 ","SINAPI","GRAUTEAMENTO DE CINTA SUPERIOR OU DE VERGA EM ALVENARIA ESTRUTURAL. AF_09/2021","Graute e Armação",null,"m³",{"v":0.4676,"d":"0.4676000"},890.76,416.51]
["Composição Auxiliar"," 89996 ","SINAPI","ARMAÇÃO VERTICAL DE ALVENARIA ESTRUTURAL; DIÂMETRO DE 10,0 MM. AF_09/2021","Graute e Armação",null,"KG",{"v":3.9488,"d":"3.9488000"},8.44,33.32]
["Composição Auxiliar"," 89998 ","SINAPI","ARMAÇÃO DE CINTA DE ALVENARIA ESTRUTURAL; DIÂMETRO DE 10,0 MM. AF_09/2021","Graute e Armação",null,"KG",{"v":18.7568,"d":"18.7568000"},7.93,148.74]
["Composição Auxiliar"," 92767 ","SINAPI","ARMAÇÃO DE LAJE DE ESTRUTURA CONVENCIONAL DE CONCRETO ARMADO UTILIZANDO AÇO CA-60 DE 4,2 MM - MONTAGEM. AF_06/2022","Armação para Estruturas de Concreto Armado",null,"KG",{"v":63.1764,"d":"63.1764000"},12.92,816.23]
["Composição Auxiliar"," 94970 ","SINAPI","CONCRETO FCK = 20MPA, TRAÇO 1:2,7:3 (EM MASSA SECA DE CIMENTO/ AREIA MÉDIA/ BRITA 1) - PREPARO MECÂNICO COM BETONEIRA 600 L. AF_05/2021","Produção de Concreto",null,"m³",{"v":2.38,"d":"2.3800000"},414.56,986.65]
["Composição Auxiliar"," 97735 ","SINAPI","PEÇA RETANGULAR PRÉ-MOLDADA, VOLUME DE CONCRETO DE 30 A 100 LITROS, TAXA DE AÇO APROXIMADA DE 30KG/M³. AF_03/2024","Estruturas Pré-Fabricadas e Pré-Moldadas",null,"m³",{"v":1.6617,"d":"1.6617000"},{"v":2152.3,"d":"2,152.30"},{"v":3576.47,"d":"3,576.47"}]
["Insumo"," 00000660 ","SINAPI","CANALETA DE CONCRETO 19 X 19 X 19 CM (CLASSE C - NBR 6136)","Material",null,"UN",{"v":159.6,"d":"159.6000000"},3.46,552.21]
["Insumo"," 00002692 ","SINAPI","DESMOLDANTE PROTETOR PARA FORMAS DE MADEIRA, DE BASE OLEOSA EMULSIONADA EM AGUA","Material",null,"L",{"v":0.0408,"d":"0.0408000"},{"v":7.4,"d":"7.40"},{"v":0.3,"d":"0.30"}]
["Insumo"," 00004491 ","SINAPI","PONTALETE *7,5 X 7,5* CM EM PINUS, MISTA OU EQUIVALENTE DA REGIAO - BRUTA","Material",null,"M",{"v":0.888,"d":"0.8880000"},10.08,8.95]
["Insumo"," 00004517 ","SINAPI","SARRAFO *2,5 X 7,5* CM EM PINUS, MISTA OU EQUIVALENTE DA REGIAO - BRUTA","Material",null,"M",{"v":1.056,"d":"1.0560000"},3.52,3.71]
["Insumo"," 00004720 ","SINAPI","PEDRA BRITADA N. 0, OU PEDRISCO (4,8 A 9,5 MM) POSTO PEDREIRA/FORNECEDOR, SEM FRETE","Material",null,"m³",{"v":6.681,"d":"6.6810000"},{"v":98.4,"d":"98.40"},657.41]
["Insumo"," 00005069 ","SINAPI","PREGO DE ACO POLIDO COM CABECA 17 X 27 (2 1/2 X 11)","Material",null,"KG",{"v":0.0936,"d":"0.0936000"},18.65,1.74]
["Insumo"," 00006193 ","SINAPI","TABUA NAO APARELHADA *2,5 X 20* CM, EM MACARANDUBA/MASSARANDUBA, ANGELIM OU EQUIVALENTE DA REGIAO - BRUTA","Material",null,"M",{"v":3.312,"d":"3.3120000"},13.82,45.77]
["Insumo"," 00025067 ","SINAPI","BLOCO DE CONCRETO ESTRUTURAL 19 X 19 X 39 CM, FBK 4,5 MPA (NBR 6136)","Material",null,"UN",{"v":239.1938,"d":"239.1938000"},5.58,{"v":1334.7,"d":"1,334.70"}]
[{"$nulls":4},"MO sem LS =>",{"v":2329.1479400749063,"d":"2,329.15"},"LS =>",{"v":2645.91,"d":"2,645.91"},"MO com LS =>",{"v":4975.06,"d":"4,975.06"}]
[{"$nulls":4},"Valor do BDI =>",{"v":2592.76,"d":"2,592.76"},null,"Valor com BDI =>",null,{"v":15339.89,"d":"15,339.89"}]
[{"$nulls":6},"Quant. =>",{"v":1,"d":"1.0000000"},"Preço Total =>",{"v":15339.89,"d":"15,339.89"}]
[]
[" 5.9.3 ","Código","Banco","Descrição","Tipo",null,"Und","Quant.","Valor Unit","Total"]
["Composição"," 98101 ","SINAPI","SUMIDOURO RETANGULAR, EM ALVENARIA COM BLOCOS DE CONCRETO, DIMENSÕES INTERNAS: 1,6 X 5,8 X H=3,0 M, ÁREA DE INFILTRAÇÃO: 50 M² (PARA 20 CONTRIBUINTES). . AF_12/2020","Fossas e Sumidouros",null,"UN",{"v":1,"d":"1.0000000"},{"v":8194.21,"d":"8,194.21"},{"v":8194.21,"d":"8,194.21"}]
["Composição Auxiliar"," 100475 ","SINAPI","ARGAMASSA TRAÇO 1:3 (EM VOLUME DE CIMENTO E AREIA MÉDIA ÚMIDA) COM ADIÇÃO DE IMPERMEABILIZANTE, PREPARO MECÂNICO COM BETONEIRA 400 L. AF_08/2019","Argamassas",null,"m³",{"v":0.705,"d":"0.7050000"},654.18,461.19]
["Composição Auxiliar"," 101625 ","SINAPI","PREPARO DE FUNDO DE VALA COM LARGURA MAIOR OU IGUAL A 1,5 M E MENOR QUE 2,5 M, COM CAMADA DE AREIA, LANÇAMENTO MECANIZADO. AF_08/2020","Escoramento e Preparo de Fundo de Valas",null,"m³",{"v":1.159,"d":"1.1590000"},188.79,{"v":218.8,"d":"218.80"}]
["Composição Auxiliar"," 5678 ","SINAPI","RETROESCAVADEIRA SOBRE RODAS COM CARREGADEIRA, TRAÇÃO 4X4, POTÊNCIA LÍQ. 88 HP, CAÇAMBA CARREG. CAP. MÍN. 1 M3, CAÇAMBA RETRO CAP. 0,26 M3, PESO OPERACIONAL MÍN. 6.674 KG, PROFUNDIDADE ESCAVAÇÃO MÁX. 4,37 M - CHP DIURNO. AF_06/2014","Custos Horários Produtivo e Improdutivo dos Equipamentos",null,"CHP",{"v":0.8409,"d":"0.8409000"},124.88,105.01]
["Composição Auxiliar"," 5679 ","SINAPI","RETROESCAVADEIRA SOBRE RODAS COM CARREGADEIRA, TRAÇÃO 4X4, POTÊNCIA LÍQ. 88 HP, CAÇAMBA CARREG. CAP. MÍN. 1 M3, CAÇAMBA RETRO CAP. 0,26 M3, PESO OPERACIONAL MÍN. 6.674 KG, PROFUNDIDADE ESCAVAÇÃO MÁX. 4,37 M - CHI DIURNO. AF_06/2014","Custos Horários Produtivo e Improdutivo dos Equipamentos",null,"CHI",{"v":1.7137,"d":"1.7137000"},55.92,95.83]
["Composição Auxiliar"," 88309 ","SINAPI","PEDREIRO COM ENCARGOS COMPLEMENTARES","Livro SINAPI: Cálculos e Parâmetros",null,"H",{"v":48.378,"d":"48.3780000"},26.15,{"v":1265.08,"d":"1,265.08"}]
["Composição Auxiliar"," 88316 ","SINAPI","SERVENTE COM ENCARGOS COMPLEMENTARES","Livro SINAPI: Cálculos e Parâmetros",null,"H",{"v":38.0113,"d":"38.0113000"},20.58,782.27]
["Composição Auxiliar"," 89993 ","SINAPI","GRAUTEAMENTO VERTICAL EM ALVENARIA ESTRUTURAL. AF_09/2021","Graute e Armação",null,"m³",{"v":0.2242,"d":"0.2242000"},925.94,207.59]
["Composição Auxiliar"," 89995 ","SINAPI","GRAUTEAMENTO DE CINTA SUPERIOR OU DE VERGA EM ALVENARIA ESTRUTURAL. AF_09/2021","Graute e Armação",null,"m³",{"v":0.2277,"d":"0.2277000"},890.76,202.82]
["Composição Auxiliar"," 89996 ","SINAPI","ARMAÇÃO VERTICAL DE ALVENARIA ESTRUTURAL; DIÂMETRO DE 10,0 MM. AF_09/2021","Graute e Armação",null,"KG",{"v":7.404,"d":"7.4040000"},8.44,62.48]
["Composição Auxiliar"," 89998 ","SINAPI","ARMAÇÃO DE CINTA DE ALVENARIA ESTRUTURAL; DIÂMETRO DE 10,0 MM. AF_09/2021","Graute e Armação",null,"KG",{"v":9.1316,"d":"9.1316000"},7.93,72.41]
["Composição Auxiliar"," 97735 ","SINAPI","PEÇA RETANGULAR PRÉ-MOLDADA, VOLUME DE CONCRETO DE 30 A 100 LITROS, TAXA DE AÇO APROXIMADA DE 30KG/M³. AF_03/2024","Estruturas Pré-Fabricadas e Pré-Moldadas",null,"m³",{"v":0.868,"d":"0.8680000"},{"v":2152.3,"d":"2,152.30"},{"v":1868.19,"d":"1,868.19"}]
["Insumo"," 00000660 ","SINAPI","CANALETA DE CONCRETO 19 X 19 X 19 CM (CLASSE C - NBR 6136)","Material",null,"UN",{"v":77.7,"d":"77.7000000"},3.46,268.84]
["Insumo"," 00004720 ","SINAPI","PEDRA BRITADA N. 0, OU PEDRISCO (4,8 A 9,5 MM) POSTO PEDREIRA/FORNECEDOR, SEM FRETE","Material",null,"m³",{"v":3.0624,"d":"3.0624000"},{"v":98.4,"d":"98.40"},301.34]
["Insumo"," 00025067 ","SINAPI","BLOCO DE CONCRETO ESTRUTURAL 19 X 19 X 39 CM, FBK 4,5 MPA (NBR 6136)","Material",null,"UN",{"v":409.0267,"d":"409.0267000"},5.58,{"v":2282.36,"d":"2,282.36"}]
[{"$nulls":4},"MO sem LS =>",{"v":1388.5908239700375,"d":"1,388.59"},"LS =>",{"v":1577.44,"d":"1,577.44"},"MO com LS =>",{"v":2966.03,"d":"2,966.03"}]
[{"$nulls":4},"Valor do BDI =>",{"v":1666.7,"d":"1,666.70"},null,"Valor com BDI =>",null,{"v":9860.91,"d":"9,860.91"}]
[{"$nulls":6},"Quant. =>",{"v":1,"d":"1.0000000"},"Preço Total =>",{"v":9860.91,"d":"9,860.91"}]
[]
[" 5.10 ",null,null,"LOUÇAS",{"$nulls":5},{"v":13890.32,"d":"13,890.32"}]
[" 5.10.1 ","Código","Banco","Descrição","Tipo",null,"Und","Quant.","Valor Unit","Total"]
["Composição"," 3660 ","ORSE","Vaso sanitário convencional, linha versato 07303, CELITE ou similar, inclusive assento CELITE versato 07983 ou similar, conjunto de fixação DECA SP13 ou similar, anel de vedação, tubo de ligação cromado e engate plástico, exceto cxdescarga","Louças e Metais Sanitários",null,"un",{"v":1,"d":"1.0000000"},536.39,536.39]
["Composição Auxiliar"," 10549 ","ORSE","Encargos Complementares - Servente","Provisórios",null,"h",{"v":2,"d":"2.0000000"},3.31,6.62]
["Composição Auxiliar"," 10554 ","ORSE","Encargos Complementares - Encanador","Provisórios",null,"h",{"v":2,"d":"2.0000000"},3.26,6.52]
["Insumo"," 00002696/SINAPI ","ORSE","Encanador ou bombeiro hidraulico (horista)","Mão de Obra",null,"h",{"v":2,"d":"2.0000000"},20.44,40.88]
["Insumo"," 00006111/SINAPI ","ORSE","Servente de obras (horista)","Mão de Obra",null,"h",{"v":2,"d":"2.0000000"},14.58,29.16]
["Insumo"," 00006138/SINAPI ","ORSE","Anel de vedacao, pvc flexivel, 100 mm, para saida de bacia / vaso sanitario","Material",null,"un",{"v":1,"d":"1.0000000"},8.16,8.16]
["Insumo"," 00006141/SINAPI ","ORSE","Engate/rabicho flexivel plastico (pvc ou abs) branco 1/2\" x 30 cm","Material",null,"un",{"v":1,"d":"1.0000000"},4.15,4.15]
["Insumo"," 2305 ","ORSE","Tubo de ligação em PVC para vaso sanitário, acabamento cromado, CIPLA ou similar","Material",null,"un",{"v":1,"d":"1.0000000"},7.82,7.82]
["Insumo"," 2882 ","ORSE","Vaso sanitário convencional, linha versato 07303, CELITE ou similar","Material",null,"un",{"v":1,"d":"1.0000000"},308.38,308.38]
["Insumo"," 2886 ","ORSE","Assento para vaso sanitário, linha versato 7987, CELITE ou similar","Material",null,"un",{"v":1,"d":"1.0000000"},{"v":101.8,"d":"101.80"},{"v":101.8,"d":"101.80"}]
["Insumo"," 669 ","ORSE","Fixação para vaso sanitário, DECA SP13 ou similar","Material",null,"cj",{"v":1,"d":"1.0000000"},22.75,22.75]
["Insumo"," 981 ","ORSE","Fita veda rosca 18mm","Material",null,"m",{"v":0.6,"d":"0.6000000"},0.26,0.15]
[{"$nulls":4},"MO sem LS =>",{"v":32.7902622,"d":"32.79"},"LS =>",37.25,"MO com LS =>",70.04]
[{"$nulls":4},"Valor do BDI =>",{"v":109.1,"d":"109.10"},null,"Valor com BDI =>",null,645.49]
[{"$nulls":6},"Quant. =>",{"v":5,"d":"5.0000000"},"Preço Total =>",{"v":3227.45,"d":"3,227.45"}]
[]
[" 5.10.2 ","Código","Banco","Descrição","Tipo",null,"Und","Quant.","Valor Unit","Total"]
["Composição"," 9017 ","ORSE","Vaso sanitario c/caixa de descarga acoplada, c/saída horizontal, linha ravena, DECA ou similar, inclusive assento ASTRA TPK ou similar, conj. de fixação DECA SP13 ou similar, anel de vedação e engate plástico","Louças e Metais Sanitários",null,"un",{"v":1,"d":"1.0000000"},418.94,418.94]
["Composição Auxiliar"," 10549 ","ORSE","Encargos Complementares - Servente","Provisórios",null,"h",{"v":2.5,"d":"2.5000000"},3.31,8.27]
["Composição Auxiliar"," 10554 ","ORSE","Encargos Complementares - Encanador","Provisórios",null,"h",{"v":2.5,"d":"2.5000000"},3.26,8.15]
["Insumo"," 00002696/SINAPI ","ORSE","Encanador ou bombeiro hidraulico (horista)","Mão de Obra",null,"h",{"v":2.5,"d":"2.5000000"},20.44,{"v":51.1,"d":"51.10"}]
["Insumo"," 00006111/SINAPI ","ORSE","Servente de obras (horista)","Mão de Obra",null,"h",{"v":2.5,"d":"2.5000000"},14.58,36.45]
["Insumo"," 00006138/SINAPI ","ORSE","Anel de vedacao, pvc flexivel, 100 mm, para saida de bacia / vaso sanitario","Material",null,"un",{"v":1,"d":"1.0000000"},8.16,8.16]
["Insumo"," 00006141/SINAPI ","ORSE","Engate/rabicho flexivel plastico (pvc ou abs) branco 1/2\" x 30 cm","Material",null,"un",{"v":1,"d":"1.0000000"},4.15,4.15]
["Insumo"," 4325 ","ORSE","Assento para vaso sanitário, almofadado, TPK, ASTRA ou similar","Material",null,"un",{"v":1,"d":"1.0000000"},84.73,84.73]
["Insumo"," 669 ","ORSE","Fixação para vaso sanitário, DECA SP13 ou similar","Material",null,"cj",{"v":1,"d":"1.0000000"},22.75,22.75]
["Insumo"," 9304 ","ORSE","Vaso sanitário com saída horizontal p/ caixa de descarga acoplada, linha ravena  DECA ou similar","Material",null,"un",{"v":1,"d":"1.0000000"},195.04,195.04]
["Insumo"," 981 ","ORSE","Fita veda rosca 18mm","Material",null,"m",{"v":0.56,"d":"0.5600000"},0.26,0.14]
[{"$nulls":4},"MO sem LS =>",{"v":40.9878277,"d":"40.99"},"LS =>",46.56,"MO com LS =>",87.55]
[{"$nulls":4},"Valor do BDI =>",85.21,null,"Valor com BDI =>",null,504.15]
[{"$nulls":6},"Quant. =>",{"v":3,"d":"3.0000000"},"Preço Total =>",{"v":1512.45,"d":"1,512.45"}]
[]
[" 5.10.3 ","Código","Banco","Descrição","Tipo",null,"Und","Quant.","Valor Unit","Total"]
["Composição"," 100858 ","SINAPI","MICTÓRIO SIFONADO LOUÇA BRANCA - PADRÃO MÉDIO - FORNECIMENTO E INSTALAÇÃO. AF_01/2020","Louças e Metais",null,"UN",{"v":1,"d":"1.0000000"},607.28,607.28]
["Composição Auxiliar"," 88267 ","SINAPI","ENCANADOR OU BOMBEIRO HIDRÁULICO COM ENCARGOS COMPLEMENTARES","Livro SINAPI: Cálculos e Parâmetros",null,"H",{"v":1.009,"d":"1.0090000"},25.54,25.76]
["Composição Auxiliar"," 88316 ","SINAPI","SERVENTE COM ENCARGOS COMPLEMENTARES","Livro SINAPI: Cálculos e Parâmetros",null,"H",{"v":0.3179,"d":"0.3179000"},20.58,6.54]
["Insumo"," 00003146 ","SINAPI","FITA VEDA ROSCA, EM PTFE, ROLO DE 18 MM X 10 M (L X C)","Material",null,"UN",{"v":0.0365,"d":"0.0365000"},1.71,0.06]
["Insumo"," 00004351 ","SINAPI","PARAFUSO NIQUELADO 3 1/2\" COM ACABAMENTO CROMADO PARA FIXAR PECA SANITARIA, INCLUI PORCA CEGA, ARRUELA E BUCHA DE NYLON TAMANHO S-8","Material",null,"UN",{"v":2,"d":"2.0000000"},{"v":13.2,"d":"13.20"},{"v":26.4,"d":"26.40"}]
["Insumo"," 00006142 ","SINAPI","CONJUNTO DE LIGACAO AJUSTAVEL, PARA VASO / BACIA SANITARIA, EM PLASTICO BRANCO, COM TUBO, CANOPLA E ESPUDE","Material",null,"UN",{"v":1,"d":"1.0000000"},8.11,8.11]
["Insumo"," 00010432 ","SINAPI","MICTORIO INDIVIDUAL, SIFONADO, DE LOUCA BRANCA, SEM COMPLEMENTOS","Material",null,"UN",{"v":1,"d":"1.0000000"},331.19,331.19]
["Insumo"," 00021112 ","SINAPI","VALVULA DE DESCARGA EM METAL CROMADO PARA MICTORIO COM ACIONAMENTO POR PRESSAO E FECHAMENTO AUTOMATICO","Material",null,"UN",{"v":1,"d":"1.0000000"},209.22,209.22]
[{"$nulls":4},"MO sem LS =>",{"v":12.5561797752809,"d":"12.56"},"LS =>",14.26,"MO com LS =>",26.82]
[{"$nulls":4},"Valor do BDI =>",123.52,null,"Valor com BDI =>",null,{"v":730.8,"d":"730.80"}]
[{"$nulls":6},"Quant. =>",{"v":1,"d":"1.0000000"},"Preço Total =>",{"v":730.8,"d":"730.80"}]
[]
[" 5.10.4 ","Código","Banco","Descrição","Tipo",null,"Und","Quant.","Valor Unit","Total"]
["Composição"," 86941 ","SINAPI","LAVATÓRIO LOUÇA BRANCA COM COLUNA, 45 X 55CM OU EQUIVALENTE, PADRÃO MÉDIO, INCLUSO SIFÃO TIPO GARRAFA, VÁLVULA E ENGATE FLEXÍVEL DE 40CM EM METAL CROMADO, COM TORNEIRA CROMADA DE MESA, PADRÃO MÉDIO - FORNECIMENTO E INSTALAÇÃO. AF_01/2020","Louças e Metais",null,"UN",{"v":1,"d":"1.0000000"},729.33,729.33]
["Composição Auxiliar"," 86877 ","SINAPI","VÁLVULA EM METAL CROMADO 1.1/2\" X 1.1/2\" PARA TANQUE OU LAVATÓRIO, COM OU SEM LADRÃO - FORNECIMENTO E INSTALAÇÃO. AF_01/2020","Louças e Metais",null,"UN",{"v":1,"d":"1.0000000"},59.28,59.28]
["Composição Auxiliar"," 86881 ","SINAPI","SIFÃO DO TIPO GARRAFA EM METAL CROMADO 1 X 1.1/2\" - FORNECIMENTO E INSTALAÇÃO. AF_01/2020","Louças e Metais",null,"UN",{"v":1,"d":"1.0000000"},179.31,179.31]
["Composição Auxiliar"," 86887 ","SINAPI","ENGATE FLEXÍVEL EM INOX, 1/2 X 40CM - FORNECIMENTO E INSTALAÇÃO. AF_01/2020","Louças e Metais",null,"UN",{"v":1,"d":"1.0000000"},{"v":47.7,"d":"47.70"},{"v":47.7,"d":"47.70"}]
["Composição Auxiliar"," 86903 ","SINAPI","LAVATÓRIO LOUÇA BRANCA COM COLUNA, 45 X 55CM OU EQUIVALENTE, PADRÃO MÉDIO - FORNECIMENTO E INSTALAÇÃO. AF_01/2020","Louças e Metais",null,"UN",{"v":1,"d":"1.0000000"},307.71,307.71]
["Composição Auxiliar"," 86915 ","SINAPI","TORNEIRA CROMADA DE MESA, 1/2\" OU 3/4\", PARA LAVATÓRIO, PADRÃO MÉDIO - FORNECIMENTO E INSTALAÇÃO. AF_01/2020","Louças e Metais",null,"UN",{"v":1,"d":"1.0000000"},135.33,135.33]
[{"$nulls":4},"MO sem LS =>",{"v":28.3286517,"d":"28.33"},"LS =>",32.18,"MO com LS =>",60.51]
[{"$nulls":4},"Valor do BDI =>",148.34,null,"Valor com BDI =>",null,877.67]
[{"$nulls":6},"Quant. =>",{"v":3,"d":"3.0000000"},"Preço Total =>",{"v":2633.01,"d":"2,633.01"}]
[]
[" 5.10.5 ","Código","Banco","Descrição","Tipo",null,"Und","Quant.","Valor Unit","Total"]
["Composição"," 86943 ","SINAPI","LAVATÓRIO LOUÇA BRANCA SUSPENSO, 29,5 X 39CM OU EQUIVALENTE, PADRÃO POPULAR, INCLUSO SIFÃO FLEXÍVEL EM PVC, VÁLVULA E ENGATE FLEXÍVEL 30CM EM PLÁSTICO E TORNEIRA CROMADA DE MESA, PADRÃO POPULAR - FORNECIMENTO E INSTALAÇÃO. AF_01/2020","Louças e Metais",null,"UN",{"v":1,"d":"1.0000000"},228.14,228.14]
["Composição Auxiliar"," 86879 ","SINAPI","VÁLVULA EM PLÁSTICO 1\" PARA PIA, TANQUE OU LAVATÓRIO, COM OU SEM LADRÃO - FORNECIMENTO E INSTALAÇÃO. AF_01/2020","Louças e Metais",null,"UN",{"v":1,"d":"1.0000000"},8.46,8.46]
["Composição Auxiliar"," 86883 ","SINAPI","SIFÃO DO TIPO FLEXÍVEL EM PVC 1 X 1.1/2 - FORNECIMENTO E INSTALAÇÃO. AF_01/2020","Louças e Metais",null,"UN",{"v":1,"d":"1.0000000"},10.37,10.37]
["Composição Auxiliar"," 86884 ","SINAPI","ENGATE FLEXÍVEL EM PLÁSTICO BRANCO, 1/2\" X 30CM - FORNECIMENTO E INSTALAÇÃO. AF_01/2020","Louças e Metais",null,"UN",{"v":1,"d":"1.0000000"},9.51,9.51]
["Composição Auxiliar"," 86904 ","SINAPI","LAVATÓRIO LOUÇA BRANCA SUSPENSO, 29,5 X 39CM OU EQUIVALENTE, PADRÃO POPULAR - FORNECIMENTO E INSTALAÇÃO. AF_01/2020","Louças e Metais",null,"UN",{"v":1,"d":"1.0000000"},129.05,129.05]
["Composição Auxiliar"," 86906 ","SINAPI","TORNEIRA CROMADA DE MESA, 1/2\" OU 3/4\", PARA LAVATÓRIO, PADRÃO POPULAR - FORNECIMENTO E INSTALAÇÃO. AF_01/2020","Louças e Metais",null,"UN",{"v":1,"d":"1.0000000"},70.75,70.75]
[{"$nulls":4},"MO sem LS =>",{"v":10.9737828,"d":"10.97"},"LS =>",12.47,"MO com LS =>",23.44]
[{"$nulls":4},"Valor do BDI =>",{"v":46.4,"d":"46.40"},null,"Valor com BDI =>",null,274.54]
[{"$nulls":6},"Quant. =>",{"v":2,"d":"2.0000000"},"Preço Total =>",549.08]
[]
[" 5.10.6 ","Código","Banco","Descrição","Tipo",null,"Und","Quant.","Valor Unit","Total"]
["Composição"," 2010 ","ORSE","Cuba de embutir oval (deca linha ref l37)  p/ instalação em bancadas, c/ sifão cromado (deca ref c1680) , engate cromado (deca) ou similares","Louças e Metais Sanitários",null,"un",{"v":1,"d":"1.0000000"},{"v":491.9,"d":"491.90"},{"v":491.9,"d":"491.90"}]
["Composição Auxiliar"," 10549 ","ORSE","Encargos Complementares - Servente","Provisórios",null,"h",{"v":1.5,"d":"1.5000000"},3.31,4.96]
["Composição Auxiliar"," 10554 ","ORSE","Encargos Complementares - Encanador","Provisórios",null,"h",{"v":1.5,"d":"1.5000000"},3.26,4.89]
["Insumo"," 00002696/SINAPI ","ORSE","Encanador ou bombeiro hidraulico (horista)","Mão de Obra",null,"h",{"v":1.5,"d":"1.5000000"},20.44,30.66]
["Insumo"," 00006111/SINAPI ","ORSE","Servente de obras (horista)","Mão de Obra",null,"h",{"v":1.5,"d":"1.5000000"},14.58,21.87]
["Insumo"," 00006136/SINAPI ","ORSE","Sifao em metal cromado para pia ou lavatorio, 1 x 1.1/2\"","Material",null,"un",{"v":1,"d":"1.0000000"},192.36,192.36]
["Insumo"," 00011683/SINAPI ","ORSE","Engate / rabicho flexivel inox 1/2\" x 30 cm","Material",null,"un",{"v":1,"d":"1.0000000"},44.11,44.11]
["Insumo"," 2257 ","ORSE","Torneira para lavatório cromada, DECA, linha targa 1190C40 ou similar","Material",null,"un",{"v":1,"d":"1.0000000"},93.24,93.24]
["Insumo"," 2384 ","ORSE","Válvula de escoamento para lavatório, DECA 1602C ou similar","Material",null,"un",{"v":1,"d":"1.0000000"},36.66,36.66]
["Insumo"," 718 ","ORSE","Cuba de embutir oval branca (Deca  -  ref. L-37 ou similar)","Material",null,"un",{"v":1,"d":"1.0000000"},62.94,62.94]
["Insumo"," 981 ","ORSE","Fita veda rosca 18mm","Material",null,"m",{"v":0.84,"d":"0.8400000"},0.26,0.21]
[{"$nulls":4},"MO sem LS =>",{"v":24.5926966,"d":"24.59"},"LS =>",27.94,"MO com LS =>",52.53]
[{"$nulls":4},"Valor do BDI =>",100.05,null,"Valor com BDI =>",null,591.95]
[{"$nulls":6},"Quant. =>",{"v":6,"d":"6.0000000"},"Preço Total =>",{"v":3551.7,"d":"3,551.70"}]
[]
[" 5.10.7 ","Código","Banco","Descrição","Tipo",null,"Und","Quant.","Valor Unit","Total"]
["Composição"," 86919 ","SINAPI","TANQUE DE LOUÇA BRANCA COM COLUNA, 30L OU EQUIVALENTE, INCLUSO SIFÃO FLEXÍVEL EM PVC, VÁLVULA METÁLICA E TORNEIRA DE METAL CROMADO PADRÃO MÉDIO - FORNECIMENTO E INSTALAÇÃO. AF_01/2020","Louças e Metais",null,"UN",{"v":1,"d":"1.0000000"},804.25,804.25]
["Composição Auxiliar"," 86872 ","SINAPI","TANQUE DE LOUÇA BRANCA COM COLUNA, 30L OU EQUIVALENTE - FORNECIMENTO E INSTALAÇÃO. AF_01/2020","Louças e Metais",null,"UN",{"v":1,"d":"1.0000000"},{"v":641.6,"d":"641.60"},{"v":641.6,"d":"641.60"}]
["Composição Auxiliar"," 86877 ","SINAPI","VÁLVULA EM METAL CROMADO 1.1/2\" X 1.1/2\" PARA TANQUE OU LAVATÓRIO, COM OU SEM LADRÃO - FORNECIMENTO E INSTALAÇÃO. AF_01/2020","Louças e Metais",null,"UN",{"v":1,"d":"1.0000000"},59.28,59.28]
["Composição Auxiliar"," 86883 ","SINAPI","SIFÃO DO TIPO FLEXÍVEL EM PVC 1 X 1.1/2 - FORNECIMENTO E INSTALAÇÃO. AF_01/2020","Louças e Metais",null,"UN",{"v":1,"d":"1.0000000"},10.37,10.37]
["Composição Auxiliar"," 86914 ","SINAPI","TORNEIRA CROMADA 1/2\" OU 3/4\" PARA TANQUE, PADRÃO MÉDIO - FORNECIMENTO E INSTALAÇÃO. AF_01/2020","Louças e Metais",null,"UN",{"v":1,"d":"1.0000000"},{"v":93,"d":"93.00"},{"v":93,"d":"93.00"}]
[{"$nulls":4},"MO sem LS =>",{"v":28.2771536,"d":"28.28"},"LS =>",32.12,"MO com LS =>",{"v":60.4,"d":"60.40"}]
[{"$nulls":4},"Valor do BDI =>",163.58,null,"Valor com BDI =>",null,967.83]
[{"$nulls":6},"Quant. =>",{"v":1,"d":"1.0000000"},"Preço Total =>",967.83]
[]
[" 5.10.8 ","Código","Banco","Descrição","Tipo",null,"Und","Quant.","Valor Unit","Total"]
["Composição"," 95544 ","SINAPI","PAPELEIRA DE PAREDE EM METAL CROMADO SEM TAMPA, INCLUSO FIXAÇÃO. AF_01/2020","Louças e Metais",null,"UN",{"v":1,"d":"1.0000000"},32.08,32.08]
["Composição Auxiliar"," 88267 ","SINAPI","ENCANADOR OU BOMBEIRO HIDRÁULICO COM ENCARGOS COMPLEMENTARES","Livro SINAPI: Cálculos e Parâmetros",null,"H",{"v":0.3162,"d":"0.3162000"},25.54,8.07]
["Composição Auxiliar"," 88316 ","SINAPI","SERVENTE COM ENCARGOS COMPLEMENTARES","Livro SINAPI: Cálculos e Parâmetros",null,"H",{"v":0.0996,"d":"0.0996000"},20.58,2.04]
["Insumo"," 00011703 ","SINAPI","PAPELEIRA DE PAREDE EM METAL CROMADO SEM TAMPA","Material",null,"UN",{"v":1,"d":"1.0000000"},21.97,21.97]
[{"$nulls":4},"MO sem LS =>",{"v":3.932584269662921,"d":"3.93"},"LS =>",4.47,"MO com LS =>",{"v":8.4,"d":"8.40"}]
[{"$nulls":4},"Valor do BDI =>",6.52,null,"Valor com BDI =>",null,{"v":38.6,"d":"38.60"}]
[{"$nulls":6},"Quant. =>",{"v":8,"d":"8.0000000"},"Preço Total =>",{"v":308.8,"d":"308.80"}]
[]
[" 5.10.9 ","Código","Banco","Descrição","Tipo",null,"Und","Quant.","Valor Unit","Total"]
["Composição"," 13379 ","ORSE","Cabide de louça, DECA A.680.17 ou similar","Louças e Metais Sanitários",null,"un",{"v":1,"d":"1.0000000"},81.47,81.47]
["Composição Auxiliar"," 10550 ","ORSE","Encargos Complementares - Pedreiro","Provisórios",null,"h",{"v":0.7,"d":"0.7000000"},3.19,2.23]
["Composição Auxiliar"," 1906 ","ORSE","Argamassa cimento e areia traço t-4 (1:5) - 1 saco cimento 50kg / 5 padiolas areia dim. 0,35z0,45x0,23m - Confecção mecânica e transporte","Argamassas",null,"m³",{"v":1E-3,"d":"0.0010000"},365.09,0.36]
["Insumo"," 00004750/SINAPI ","ORSE","Pedreiro (horista)","Mão de Obra",null,"h",{"v":0.7,"d":"0.7000000"},20.44,{"v":14.3,"d":"14.30"}]
["Insumo"," 14102 ","ORSE","Cabide de louça, DECA A.680.17 ou similar","Material",null,"un",{"v":1,"d":"1.0000000"},64.58,64.58]
[{"$nulls":4},"MO sem LS =>",{"v":6.718164794007491,"d":"6.72"},"LS =>",7.63,"MO com LS =>",14.35]
[{"$nulls":4},"Valor do BDI =>",16.57,null,"Valor com BDI =>",null,98.04]
[{"$nulls":6},"Quant. =>",{"v":3,"d":"3.0000000"},"Preço Total =>",294.12]
[]
[" 5.10.10 ","Código","Banco","Descrição","Tipo",null,"Und","Quant.","Valor Unit","Total"]
["Composição"," 100860 ","SINAPI","CHUVEIRO ELÉTRICO COMUM CORPO PLÁSTICO, TIPO DUCHA - FORNECIMENTO E INSTALAÇÃO. AF_01/2020","Louças e Metais",null,"UN",{"v":1,"d":"1.0000000"},95.63,95.63]
["Composição Auxiliar"," 88267 ","SINAPI","ENCANADOR OU BOMBEIRO HIDRÁULICO COM ENCARGOS COMPLEMENTARES","Livro SINAPI: Cálculos e Parâmetros",null,"H",{"v":0.4467,"d":"0.4467000"},25.54,{"v":11.4,"d":"11.40"}]
["Composição Auxiliar"," 88316 ","SINAPI","SERVENTE COM ENCARGOS COMPLEMENTARES","Livro SINAPI: Cálculos e Parâmetros",null,"H",{"v":0.1407,"d":"0.1407000"},20.58,2.89]
["Insumo"," 00001368 ","SINAPI","CHUVEIRO COMUM EM PLASTICO BRANCO, COM CANO, 3 TEMPERATURAS, 5500 W (110/220 V)","Material",null,"UN",{"v":1,"d":"1.0000000"},81.31,81.31]
["Insumo"," 00003146 ","SINAPI","FITA VEDA ROSCA, EM PTFE, ROLO DE 18 MM X 10 M (L X C)","Material",null,"UN",{"v":0.021,"d":"0.0210000"},1.71,0.03]
[{"$nulls":4},"MO sem LS =>",{"v":5.557116104868914,"d":"5.56"},"LS =>",6.31,"MO com LS =>",11.87]
[{"$nulls":4},"Valor do BDI =>",19.45,null,"Valor com BDI =>",null,115.08]
[{"$nulls":6},"Quant. =>",{"v":1,"d":"1.0000000"},"Preço Total =>",115.08]
[]
[" 5.11 ",null,null,"METAIS",{"$nulls":5},{"v":7042.96,"d":"7,042.96"}]
[" 5.11.1 ","Código","Banco","Descrição","Tipo",null,"Und","Quant.","Valor Unit","Total"]
["Composição"," 3696 ","ORSE","Torneira cromada para pia de cozinha, de mesa, com articulador, 1/2\", ref. 1167, da Deca ou similar","Louças e Metais Sanitários",null,"un",{"v":1,"d":"1.0000000"},131.08,131.08]
["Composição Auxiliar"," 10549 ","ORSE","Encargos Complementares - Servente","Provisórios",null,"h",{"v":0.5,"d":"0.5000000"},3.31,1.65]
["Composição Auxiliar"," 10554 ","ORSE","Encargos Complementares - Encanador","Provisórios",null,"h",{"v":0.5,"d":"0.5000000"},3.26,1.63]
["Insumo"," 00002696/SINAPI ","ORSE","Encanador ou bombeiro hidraulico (horista)","Mão de Obra",null,"h",{"v":0.5,"d":"0.5000000"},20.44,10.22]
["Insumo"," 00006111/SINAPI ","ORSE","Servente de obras (horista)","Mão de Obra",null,"h",{"v":0.5,"d":"0.5000000"},14.58,7.29]
["Insumo"," 00011772/SINAPI ","ORSE","Torneira metalica cromada, de mesa/bancada, para cozinha, bica movel, com arejador, 1/2\" ou 3/4\"","Material",null,"un",{"v":1,"d":"1.0000000"},110.16,110.16]
["Insumo"," 981 ","ORSE","Fita veda rosca 18mm","Material",null,"m",{"v":0.5,"d":"0.5000000"},0.26,0.13]
[{"$nulls":4},"MO sem LS =>",{"v":8.1975655,"d":"8.20"},"LS =>",9.31,"MO com LS =>",17.51]
[{"$nulls":4},"Valor do BDI =>",26.66,null,"Valor com BDI =>",null,157.74]
[{"$nulls":6},"Quant. =>",{"v":2,"d":"2.0000000"},"Preço Total =>",315.48]
[]
[" 5.11.2 ","Código","Banco","Descrição","Tipo",null,"Und","Quant.","Valor Unit","Total"]
["Composição"," 99635 ","SINAPI","VÁLVULA DE DESCARGA METÁLICA, BASE 1 1/2\", ACABAMENTO METALICO CROMADO - FORNECIMENTO E INSTALAÇÃO. AF_08/2021","Válvulas e Registros para Sistemas Prediais",null,"UN",{"v":1,"d":"1.0000000"},286.18,286.18]
["Composição Auxiliar"," 88248 ","SINAPI","AUXILIAR DE ENCANADOR OU BOMBEIRO HIDRÁULICO COM ENCARGOS COMPLEMENTARES","Livro SINAPI: Cálculos e Parâmetros",null,"H",{"v":0.9249,"d":"0.9249000"},20.97,19.39]
["Composição Auxiliar"," 88267 ","SINAPI","ENCANADOR OU BOMBEIRO HIDRÁULICO COM ENCARGOS COMPLEMENTARES","Livro SINAPI: Cálculos e Parâmetros",null,"H",{"v":0.9249,"d":"0.9249000"},25.54,23.62]
["Insumo"," 00003148 ","SINAPI","FITA VEDA ROSCA, EM PTFE, ROLO DE 18 MM X 50 M (L X C)","Material",null,"UN",{"v":0.0192,"d":"0.0192000"},6.31,0.12]
["Insumo"," 00010228 ","SINAPI","VALVULA DE DESCARGA METALICA, BASE 1 1/2\" E ACABAMENTO METALICO CROMADO","Material",null,"UN",{"v":1,"d":"1.0000000"},243.05,243.05]
[{"$nulls":4},"MO sem LS =>",{"v":16.65262172284644,"d":"16.65"},"LS =>",18.92,"MO com LS =>",35.57]
[{"$nulls":4},"Valor do BDI =>",{"v":58.2,"d":"58.20"},null,"Valor com BDI =>",null,344.38]
[{"$nulls":6},"Quant. =>",{"v":5,"d":"5.0000000"},"Preço Total =>",{"v":1721.9,"d":"1,721.90"}]
[]
[" 5.11.3 ","Código","Banco","Descrição","Tipo",null,"Und","Quant.","Valor Unit","Total"]
["Composição"," 95547 ","SINAPI","SABONETEIRA PLASTICA TIPO DISPENSER PARA SABONETE LIQUIDO COM RESERVATORIO 800 A 1500 ML, INCLUSO FIXAÇÃO. AF_01/2020","Louças e Metais",null,"UN",{"v":1,"d":"1.0000000"},82.94,82.94]
["Composição Auxiliar"," 88267 ","SINAPI","ENCANADOR OU BOMBEIRO HIDRÁULICO COM ENCARGOS COMPLEMENTARES","Livro SINAPI: Cálculos e Parâmetros",null,"H",{"v":0.3162,"d":"0.3162000"},25.54,8.07]
["Composição Auxiliar"," 88316 ","SINAPI","SERVENTE COM ENCARGOS COMPLEMENTARES","Livro SINAPI: Cálculos e Parâmetros",null,"H",{"v":0.0996,"d":"0.0996000"},20.58,2.04]
["Insumo"," 00011758 ","SINAPI","SABONETEIRA PLASTICA TIPO DISPENSER PARA SABONETE LIQUIDO COM RESERVATORIO 800 A 1500 ML","Material",null,"UN",{"v":1,"d":"1.0000000"},72.83,72.83]
[{"$nulls":4},"MO sem LS =>",{"v":3.932584269662921,"d":"3.93"},"LS =>",4.47,"MO com LS =>",{"v":8.4,"d":"8.40"}]
[{"$nulls":4},"Valor do BDI =>",16.86,null,"Valor com BDI =>",null,{"v":99.8,"d":"99.80"}]
[{"$nulls":6},"Quant. =>",{"v":9,"d":"9.0000000"},"Preço Total =>",{"v":898.2,"d":"898.20"}]
[]
[" 5.11.4 ","Código","Banco","Descrição","Tipo",null,"Und","Quant.","Valor Unit","Total"]
["Composição"," 86936 ","SINAPI","CUBA DE EMBUTIR DE AÇO INOXIDÁVEL MÉDIA, INCLUSO VÁLVULA TIPO AMERICANA E SIFÃO TIPO GARRAFA EM METAL CROMADO - FORNECIMENTO E INSTALAÇÃO. AF_01/2020","Louças e Metais",null,"UN",{"v":1,"d":"1.0000000"},441.46,441.46]
["Composição Auxiliar"," 86878 ","SINAPI","VÁLVULA EM METAL CROMADO TIPO AMERICANA 3.1/2\" X 1.1/2\" PARA PIA - FORNECIMENTO E INSTALAÇÃO. AF_01/2020","Louças e Metais",null,"UN",{"v":1,"d":"1.0000000"},63.87,63.87]
["Composição Auxiliar"," 86881 ","SINAPI","SIFÃO DO TIPO GARRAFA EM METAL CROMADO 1 X 1.1/2\" - FORNECIMENTO E INSTALAÇÃO. AF_01/2020","Louças e Metais",null,"UN",{"v":1,"d":"1.0000000"},179.31,179.31]
["Composição Auxiliar"," 86900 ","SINAPI","CUBA DE EMBUTIR RETANGULAR DE AÇO INOXIDÁVEL, 46 X 30 X 12 CM - FORNECIMENTO E INSTALAÇÃO. AF_01/2020","Louças e Metais",null,"UN",{"v":1,"d":"1.0000000"},198.28,198.28]
[{"$nulls":4},"MO sem LS =>",{"v":11.4840824,"d":"11.48"},"LS =>",13.05,"MO com LS =>",24.53]
[{"$nulls":4},"Valor do BDI =>",89.79,null,"Valor com BDI =>",null,531.25]
[{"$nulls":6},"Quant. =>",{"v":2,"d":"2.0000000"},"Preço Total =>",{"v":1062.5,"d":"1,062.50"}]
[]
[" 5.11.5 ","Código","Banco","Descrição","Tipo",null,"Und","Quant.","Valor Unit","Total"]
["Composição"," 100868 ","SINAPI","BARRA DE APOIO RETA, EM ACO INOX POLIDO, COMPRIMENTO 80 CM, FIXADA NA PAREDE - FORNECIMENTO E INSTALAÇÃO. AF_01/2020","Louças e Metais",null,"UN",{"v":1,"d":"1.0000000"},283.88,283.88]
["Composição Auxiliar"," 88267 ","SINAPI","ENCANADOR OU BOMBEIRO HIDRÁULICO COM ENCARGOS COMPLEMENTARES","Livro SINAPI: Cálculos e Parâmetros",null,"H",{"v":0.9485,"d":"0.9485000"},25.54,24.22]
["Composição Auxiliar"," 88316 ","SINAPI","SERVENTE COM ENCARGOS COMPLEMENTARES","Livro SINAPI: Cálculos e Parâmetros",null,"H",{"v":0.2988,"d":"0.2988000"},20.58,6.14]
["Insumo"," 00004351 ","SINAPI","PARAFUSO NIQUELADO 3 1/2\" COM ACABAMENTO CROMADO PARA FIXAR PECA SANITARIA, INCLUI PORCA CEGA, ARRUELA E BUCHA DE NYLON TAMANHO S-8","Material",null,"UN",{"v":6,"d":"6.0000000"},{"v":13.2,"d":"13.20"},{"v":79.2,"d":"79.20"}]
["Insumo"," 00036081 ","SINAPI","BARRA DE APOIO RETA, EM ACO INOX POLIDO, COMPRIMENTO 80CM, DIAMETRO MINIMO 3 CM","Material",null,"UN",{"v":1,"d":"1.0000000"},174.32,174.32]
[{"$nulls":4},"MO sem LS =>",{"v":11.80243445692884,"d":"11.80"},"LS =>",13.41,"MO com LS =>",25.21]
[{"$nulls":4},"Valor do BDI =>",57.74,null,"Valor com BDI =>",null,341.62]
[{"$nulls":6},"Quant. =>",{"v":6,"d":"6.0000000"},"Preço Total =>",{"v":2049.72,"d":"2,049.72"}]
[]
[" 5.11.6 ","Código","Banco","Descrição","Tipo",null,"Und","Quant.","Valor Unit","Total"]
["Composição"," 12127 ","ORSE","Barra de apoio, para lavatório, tres lados, fixa, em aço inox, l= 40x 60cm, d=1 1/4\", Jackwal ou similar","Alambrados e Gradis",null,"un",{"v":1,"d":"1.0000000"},413.48,413.48]
["Composição Auxiliar"," 10550 ","ORSE","Encargos Complementares - Pedreiro","Provisórios",null,"h",{"v":0.3,"d":"0.3000000"},3.19,0.95]
["Insumo"," 00004750/SINAPI ","ORSE","Pedreiro (horista)","Mão de Obra",null,"h",{"v":0.3,"d":"0.3000000"},20.44,6.13]
["Insumo"," 9408 ","ORSE","Barra de apoio para lavatório em meio de vão, três lados, em aço inox, L=40 x60cm, d=1 1/4\"","Material",null,"un",{"v":1,"d":"1.0000000"},{"v":406.4,"d":"406.40"},{"v":406.4,"d":"406.40"}]
[{"$nulls":4},"MO sem LS =>",{"v":2.8698502,"d":"2.87"},"LS =>",3.26,"MO com LS =>",6.13]
[{"$nulls":4},"Valor do BDI =>",{"v":84.1,"d":"84.10"},null,"Valor com BDI =>",null,497.58]
[{"$nulls":6},"Quant. =>",{"v":2,"d":"2.0000000"},"Preço Total =>",995.16]
[]
[" 6 ",null,null,"INSTALAÇÕES ELÉTRICAS E TELEFÔNICAS (220V)",{"$nulls":5},{"v":80303.72,"d":"80,303.72"}]
[" 6.1 ",null,null,"ELETRODUTO DE PVC RÍGIDO",{"$nulls":5},{"v":9588.2,"d":"9,588.20"}]
[" 6.1.1 ","Código","Banco","Descrição","Tipo",null,"Und","Quant.","Valor Unit","Total"]
["Composição"," 91865 ","SINAPI","ELETRODUTO RÍGIDO ROSCÁVEL, PVC, DN 40 MM (1 1/4\"), PARA CIRCUITOS TERMINAIS, INSTALADO EM FORRO - FORNECIMENTO E INSTALAÇÃO. AF_03/2023","Instalações Elétricas - Eletrodutos Embutidos, Cabos, Caixas, Tomadas e Interruptores",null,"M",{"v":1,"d":"1.0000000"},17.23,17.23]
["Composição Auxiliar"," 88247 ","SINAPI","AUXILIAR DE ELETRICISTA COM ENCARGOS COMPLEMENTARES","Livro SINAPI: Cálculos e Parâmetros",null,"H",{"v":0.162,"d":"0.1620000"},21.88,3.54]
["Composição Auxiliar"," 88264 ","SINAPI","ELETRICISTA COM ENCARGOS COMPLEMENTARES","Livro SINAPI: Cálculos e Parâmetros",null,"H",{"v":0.162,"d":"0.1620000"},26.52,4.29]
["Insumo"," 00002684 ","SINAPI","ELETRODUTO DE PVC RIGIDO ROSCAVEL DE 1 1/4\", SEM LUVA","Material",null,"M",{"v":1.017,"d":"1.0170000"},9.25,{"v":9.4,"d":"9.40"}]
[{"$nulls":4},"MO sem LS =>",{"v":2.9681647940074907,"d":"2.97"},"LS =>",3.37,"MO com LS =>",6.34]
[{"$nulls":4},"Valor do BDI =>",{"v":3.5,"d":"3.50"},null,"Valor com BDI =>",null,20.73]
[{"$nulls":6},"Quant. =>",{"v":400,"d":"400.0000000"},"Preço Total =>",{"v":8292,"d":"8,292.00"}]
[]
[" 6.1.2 ","Código","Banco","Descrição","Tipo",null,"Und","Quant.","Valor Unit","Total"]
["Composição"," 91864 ","SINAPI","ELETRODUTO RÍGIDO ROSCÁVEL, PVC, DN 32 MM (1\"), PARA CIRCUITOS TERMINAIS, INSTALADO EM FORRO - FORNECIMENTO E INSTALAÇÃO. AF_03/2023","Instalações Elétricas - Eletrodutos Embutidos, Cabos, Caixas, Tomadas e Interruptores",null,"M",{"v":1,"d":"1.0000000"},13.78,13.78]
["Composição Auxiliar"," 88247 ","SINAPI","AUXILIAR DE ELETRICISTA COM ENCARGOS COMPLEMENTARES","Livro SINAPI: Cálculos e Parâmetros",null,"H",{"v":0.139,"d":"0.1390000"},21.88,3.04]
["Composição Auxiliar"," 88264 ","SINAPI","ELETRICISTA COM ENCARGOS COMPLEMENTARES","Livro SINAPI: Cálculos e Parâmetros",null,"H",{"v":0.139,"d":"0.1390000"},26.52,3.68]
["Insumo"," 00002685 ","SINAPI","ELETRODUTO DE PVC RIGIDO ROSCAVEL DE 1\", SEM LUVA","Material",null,"M",{"v":1.017,"d":"1.0170000"},6.95,7.06]
[{"$nulls":4},"MO sem LS =>",{"v":2.546816479400749,"d":"2.55"},"LS =>",2.89,"MO com LS =>",5.44]
[{"$nulls":4},"Valor do BDI =>",{"v":2.8,"d":"2.80"},null,"Valor com BDI =>",null,16.58]
[{"$nulls":6},"Quant. =>",{"v":30,"d":"30.0000000"},"Preço Total =>",{"v":497.4,"d":"497.40"}]
[]
[" 6.1.3 ","Código","Banco","Descrição","Tipo",null,"Und","Quant.","Valor Unit","Total"]
["Composição"," 93008 ","SINAPI","ELETRODUTO RÍGIDO ROSCÁVEL, PVC, DN 50 MM (1 1/2\"), PARA REDE ENTERRADA DE DISTRIBUIÇÃO DE ENERGIA ELÉTRICA - FORNECIMENTO E INSTALAÇÃO. AF_12/2021","Redes Enterradas de Distribuição Elétrica",null,"M",{"v":1,"d":"1.0000000"},{"v":16.6,"d":"16.60"},{"v":16.6,"d":"16.60"}]
["Composição Auxiliar"," 88247 ","SINAPI","AUXILIAR DE ELETRICISTA COM ENCARGOS COMPLEMENTARES","Livro SINAPI: Cálculos e Parâmetros",null,"H",{"v":0.1122,"d":"0.1122000"},21.88,2.45]
["Composição Auxiliar"," 88264 ","SINAPI","ELETRICISTA COM ENCARGOS COMPLEMENTARES","Livro SINAPI: Cálculos e Parâmetros",null,"H",{"v":0.1122,"d":"0.1122000"},26.52,2.97]
["Insumo"," 00002680 ","SINAPI","ELETRODUTO DE PVC RIGIDO ROSCAVEL DE 1 1/2\", SEM LUVA","Material",null,"M",{"v":1.1,"d":"1.1000000"},10.17,11.18]
[{"$nulls":4},"MO sem LS =>",{"v":2.050561797752809,"d":"2.05"},"LS =>",2.33,"MO com LS =>",4.38]
[{"$nulls":4},"Valor do BDI =>",3.37,null,"Valor com BDI =>",null,19.97]
[{"$nulls":6},"Quant. =>",{"v":40,"d":"40.0000000"},"Preço Total =>",{"v":798.8,"d":"798.80"}]
[]
[" 6.2 ",null,null,"FIOS E CABOS",{"$nulls":5},{"v":31566,"d":"31,566.00"}]
[" 6.2.1 ","Código","Banco","Descrição","Tipo",null,"Und","Quant.","Valor Unit","Total"]
["Composição"," 91924 ","SINAPI","CABO DE COBRE FLEXÍVEL ISOLADO, 1,5 MM², ANTI-CHAMA 450/750 V, PARA CIRCUITOS TERMINAIS - FORNECIMENTO E INSTALAÇÃO. AF_03/2023","Instalações Elétricas - Eletrodutos Embutidos, Cabos, Caixas, Tomadas e Interruptores",null,"M",{"v":1,"d":"1.0000000"},2.88,2.88]
["Composição Auxiliar"," 88247 ","SINAPI","AUXILIAR DE ELETRICISTA COM ENCARGOS COMPLEMENTARES","Livro SINAPI: Cálculos e Parâmetros",null,"H",{"v":0.023,"d":"0.0230000"},21.88,{"v":0.5,"d":"0.50"}]
["Composição Auxiliar"," 88264 ","SINAPI","ELETRICISTA COM ENCARGOS COMPLEMENTARES","Livro SINAPI: Cálculos e Parâmetros",null,"H",{"v":0.023,"d":"0.0230000"},26.52,{"v":0.6,"d":"0.60"}]
["Insumo"," 00001013 ","SINAPI","CABO DE COBRE, FLEXIVEL, CLASSE 4 OU 5, ISOLACAO EM PVC/A, ANTICHAMA BWF-B, 1 CONDUTOR, 450/750 V, SECAO NOMINAL 1,5 MM2","Material",null,"M",{"v":1.2434,"d":"1.2434000"},1.42,1.76]
["Insumo"," 00021127 ","SINAPI","FITA ISOLANTE ADESIVA ANTICHAMA, USO ATE 750 V, EM ROLO DE 19 MM X 5 M","Material",null,"UN",{"v":0.0094,"d":"0.0094000"},2.75,0.02]
[{"$nulls":4},"MO sem LS =>",{"v":0.4166666666666667,"d":"0.42"},"LS =>",0.47,"MO com LS =>",0.89]
[{"$nulls":4},"Valor do BDI =>",0.58,null,"Valor com BDI =>",null,3.46]
[{"$nulls":6},"Quant. =>",{"v":1800,"d":"1,800.0000000"},"Preço Total =>",{"v":6228,"d":"6,228.00"}]
[]
[" 6.2.2 ","Código","Banco","Descrição","Tipo",null,"Und","Quant.","Valor Unit","Total"]
["Composição"," 91926 ","SINAPI","CABO DE COBRE FLEXÍVEL ISOLADO, 2,5 MM², ANTI-CHAMA 450/750 V, PARA CIRCUITOS TERMINAIS - FORNECIMENTO E INSTALAÇÃO. AF_03/2023","Instalações Elétricas - Eletrodutos Embutidos, Cabos, Caixas, Tomadas e Interruptores",null,"M",{"v":1,"d":"1.0000000"},4.19,4.19]
["Composição Auxiliar"," 88247 ","SINAPI","AUXILIAR DE ELETRICISTA COM ENCARGOS COMPLEMENTARES","Livro SINAPI: Cálculos e Parâmetros",null,"H",{"v":0.029,"d":"0.0290000"},21.88,0.63]
["Composição Auxiliar"," 88264 ","SINAPI","ELETRICISTA COM ENCARGOS COMPLEMENTARES","Livro SINAPI: Cálculos e Parâmetros",null,"H",{"v":0.029,"d":"0.0290000"},26.52,0.76]
["Insumo"," 00001014 ","SINAPI","CABO DE COBRE, FLEXIVEL, CLASSE 4 OU 5, ISOLACAO EM PVC/A, ANTICHAMA BWF-B, 1 CONDUTOR, 450/750 V, SECAO NOMINAL 2,5 MM2","Material",null,"M",{"v":1.2434,"d":"1.2434000"},2.24,2.78]
["Insumo"," 00021127 ","SINAPI","FITA ISOLANTE ADESIVA ANTICHAMA, USO ATE 750 V, EM ROLO DE 19 MM X 5 M","Material",null,"UN",{"v":0.0094,"d":"0.0094000"},2.75,0.02]
[{"$nulls":4},"MO sem LS =>",{"v":0.5290262172284644,"d":"0.53"},"LS =>",{"v":0.6,"d":"0.60"},"MO com LS =>",1.13]
[{"$nulls":4},"Valor do BDI =>",0.85,null,"Valor com BDI =>",null,5.04]
[{"$nulls":6},"Quant. =>",{"v":3000,"d":"3,000.0000000"},"Preço Total =>",{"v":15120,"d":"15,120.00"}]
[]
[" 6.2.3 ","Código","Banco","Descrição","Tipo",null,"Und","Quant.","Valor Unit","Total"]
["Composição"," 91928 ","SINAPI","CABO DE COBRE FLEXÍVEL ISOLADO, 4 MM², ANTI-CHAMA 450/750 V, PARA CIRCUITOS TERMINAIS - FORNECIMENTO E INSTALAÇÃO. AF_03/2023","Instalações Elétricas - Eletrodutos Embutidos, Cabos, Caixas, Tomadas e Interruptores",null,"M",{"v":1,"d":"1.0000000"},6.53,6.53]
["Composição Auxiliar"," 88247 ","SINAPI","AUXILIAR DE ELETRICISTA COM ENCARGOS COMPLEMENTARES","Livro SINAPI: Cálculos e Parâmetros",null,"H",{"v":0.039,"d":"0.0390000"},21.88,0.85]
["Composição Auxiliar"," 88264 ","SINAPI","ELETRICISTA COM ENCARGOS COMPLEMENTARES","Livro SINAPI: Cálculos e Parâmetros",null,"H",{"v":0.039,"d":"0.0390000"},26.52,1.03]
["Insumo"," 00000981 ","SINAPI","CABO DE COBRE, FLEXIVEL, CLASSE 4 OU 5, ISOLACAO EM PVC/A, ANTICHAMA BWF-B, 1 CONDUTOR, 450/750 V, SECAO NOMINAL 4 MM2","Material",null,"M",{"v":1.2434,"d":"1.2434000"},3.73,4.63]
["Insumo"," 00021127 ","SINAPI","FITA ISOLANTE ADESIVA ANTICHAMA, USO ATE 750 V, EM ROLO DE 19 MM X 5 M","Material",null,"UN",{"v":0.0094,"d":"0.0094000"},2.75,0.02]
[{"$nulls":4},"MO sem LS =>",{"v":0.7116104868913857,"d":"0.71"},"LS =>",0.81,"MO com LS =>",1.52]
[{"$nulls":4},"Valor do BDI =>",1.32,null,"Valor com BDI =>",null,7.85]
[{"$nulls":6},"Quant. =>",{"v":150,"d":"150.0000000"},"Preço Total =>",{"v":1177.5,"d":"1,177.50"}]
[]
[" 6.2.4 ","Código","Banco","Descrição","Tipo",null,"Und","Quant.","Valor Unit","Total"]
["Composição"," 91930 ","SINAPI","CABO DE COBRE FLEXÍVEL ISOLADO, 6 MM², ANTI-CHAMA 450/750 V, PARA CIRCUITOS TERMINAIS - FORNECIMENTO E INSTALAÇÃO. AF_03/2023","Instalações Elétricas - Eletrodutos Embutidos, Cabos, Caixas, Tomadas e Interruptores",null,"M",{"v":1,"d":"1.0000000"},9.14,9.14]
["Composição Auxiliar"," 88247 ","SINAPI","AUXILIAR DE ELETRICISTA COM ENCARGOS COMPLEMENTARES","Livro SINAPI: Cálculos e Parâmetros",null,"H",{"v":0.051,"d":"0.0510000"},21.88,1.11]
["Composição Auxiliar"," 88264 ","SINAPI","ELETRICISTA COM ENCARGOS COMPLEMENTARES","Livro SINAPI: Cálculos e Parâmetros",null,"H",{"v":0.051,"d":"0.0510000"},26.52,1.35]
["Insumo"," 00000982 ","SINAPI","CABO DE COBRE, FLEXIVEL, CLASSE 4 OU 5, ISOLACAO EM PVC/A, ANTICHAMA BWF-B, 1 CONDUTOR, 450/750 V, SECAO NOMINAL 6 MM2","Material",null,"M",{"v":1.2434,"d":"1.2434000"},5.36,6.66]
["Insumo"," 00021127 ","SINAPI","FITA ISOLANTE ADESIVA ANTICHAMA, USO ATE 750 V, EM ROLO DE 19 MM X 5 M","Material",null,"UN",{"v":0.0094,"d":"0.0094000"},2.75,0.02]
[{"$nulls":4},"MO sem LS =>",{"v":0.9316479400749064,"d":"0.93"},"LS =>",1.06,"MO com LS =>",1.99]
[{"$nulls":4},"Valor do BDI =>",1.85,null,"Valor com BDI =>",null,10.99]
[{"$nulls":6},"Quant. =>",{"v":300,"d":"300.0000000"},"Preço Total =>",{"v":3297,"d":"3,297.00"}]
[]
[" 6.2.5 ","Código","Banco","Descrição","Tipo",null,"Und","Quant.","Valor Unit","Total"]
["Composição"," 92979 ","SINAPI","CABO DE COBRE FLEXÍVEL ISOLADO, 10 MM², ANTI-CHAMA 450/750 V, PARA DISTRIBUIÇÃO - FORNECIMENTO E INSTALAÇÃO. AF_10/2020","Instalações Elétricas - Quadros, Cabos, Disjuntores, Contatores e Barramentos Blindados",null,"M",{"v":1,"d":"1.0000000"},10.95,10.95]
["Composição Auxiliar"," 88247 ","SINAPI","AUXILIAR DE ELETRICISTA COM ENCARGOS COMPLEMENTARES","Livro SINAPI: Cálculos e Parâmetros",null,"H",{"v":0.009,"d":"0.0090000"},21.88,0.19]
["Composição Auxiliar"," 88264 ","SINAPI","ELETRICISTA COM ENCARGOS COMPLEMENTARES","Livro SINAPI: Cálculos e Parâmetros",null,"H",{"v":0.009,"d":"0.0090000"},26.52,0.23]
["Insumo"," 00000980 ","SINAPI","CABO DE COBRE, FLEXIVEL, CLASSE 4 OU 5, ISOLACAO EM PVC/A, ANTICHAMA BWF-B, 1 CONDUTOR, 450/750 V, SECAO NOMINAL 10 MM2","Material",null,"M",{"v":1.027,"d":"1.0270000"},10.24,10.51]
["Insumo"," 00021127 ","SINAPI","FITA ISOLANTE ADESIVA ANTICHAMA, USO ATE 750 V, EM ROLO DE 19 MM X 5 M","Material",null,"UN",{"v":0.01,"d":"0.0100000"},2.75,0.02]
[{"$nulls":4},"MO sem LS =>",{"v":0.15917602996254682,"d":"0.16"},"LS =>",0.18,"MO com LS =>",0.34]
[{"$nulls":4},"Valor do BDI =>",2.22,null,"Valor com BDI =>",null,13.17]
[{"$nulls":6},"Quant. =>",{"v":150,"d":"150.0000000"},"Preço Total =>",{"v":1975.5,"d":"1,975.50"}]
[]
[" 6.2.6 ","Código","Banco","Descrição","Tipo",null,"Und","Quant.","Valor Unit","Total"]
["Composição"," 92981 ","SINAPI","CABO DE COBRE FLEXÍVEL ISOLADO, 16 MM², ANTI-CHAMA 450/750 V, PARA DISTRIBUIÇÃO - FORNECIMENTO E INSTALAÇÃO. AF_10/2020","Instalações Elétricas - Quadros, Cabos, Disjuntores, Contatores e Barramentos Blindados",null,"M",{"v":1,"d":"1.0000000"},15.66,15.66]
["Composição Auxiliar"," 88247 ","SINAPI","AUXILIAR DE ELETRICISTA COM ENCARGOS COMPLEMENTARES","Livro SINAPI: Cálculos e Parâmetros",null,"H",{"v":0.013,"d":"0.0130000"},21.88,0.28]
["Composição Auxiliar"," 88264 ","SINAPI","ELETRICISTA COM ENCARGOS COMPLEMENTARES","Livro SINAPI: Cálculos e Parâmetros",null,"H",{"v":0.013,"d":"0.0130000"},26.52,0.34]
["Insumo"," 00000979 ","SINAPI","CABO DE COBRE, FLEXIVEL, CLASSE 4 OU 5, ISOLACAO EM PVC/A, ANTICHAMA BWF-B, 1 CONDUTOR, 450/750 V, SECAO NOMINAL 16 MM2","Material",null,"M",{"v":1.027,"d":"1.0270000"},14.63,15.02]
["Insumo"," 00021127 ","SINAPI","FITA ISOLANTE ADESIVA ANTICHAMA, USO ATE 750 V, EM ROLO DE 19 MM X 5 M","Material",null,"UN",{"v":0.01,"d":"0.0100000"},2.75,0.02]
[{"$nulls":4},"MO sem LS =>",{"v":0.2340823970037453,"d":"0.23"},"LS =>",0.27,"MO com LS =>",{"v":0.5,"d":"0.50"}]
[{"$nulls":4},"Valor do BDI =>",3.18,null,"Valor com BDI =>",null,18.84]
[{"$nulls":6},"Quant. =>",{"v":200,"d":"200.0000000"},"Preço Total =>",{"v":3768,"d":"3,768.00"}]
[]
[" 6.3 ",null,null,"CABO TELEFÔNICO",{"$nulls":5},{"v":1200.5,"d":"1,200.50"}]
[" 6.3.1 ","Código","Banco","Descrição","Tipo",null,"Und","Quant.","Valor Unit","Total"]
["Composição"," C0560 ","SEINFRA","CABO TELEFÔNICO CCE - 2",0,null,"M",{"v":1,"d":"1.0000000"},10.86,10.86]
["Insumo"," I0042 ","SEINFRA","AJUDANTE DE ELETRICISTA","Mão de Obra",null,"H",{"v":0.15,"d":"0.1500000"},{"v":21.1,"d":"21.10"},3.16]
["Insumo"," I0379 ","SEINFRA","CABO TELEFONICO CCE - 2","Material",null,"M",{"v":1.02,"d":"1.0200000"},3.61,3.68]
["Insumo"," I2312 ","SEINFRA","ELETRICISTA","Mão de Obra",null,"H",{"v":0.15,"d":"0.1500000"},26.85,4.02]
[{"$nulls":4},"MO sem LS =>",{"v":3.3614232,"d":"3.36"},"LS =>",3.82,"MO com LS =>",7.18]
[{"$nulls":4},"Valor do BDI =>",{"v":2.2,"d":"2.20"},null,"Valor com BDI =>",null,13.06]
[{"$nulls":6},"Quant. =>",{"v":70,"d":"70.0000000"},"Preço Total =>",{"v":914.2,"d":"914.20"}]
[]
[" 6.3.2 ","Código","Banco","Descrição","Tipo",null,"Und","Quant.","Valor Unit","Total"]
["Composição"," 98281 ","SINAPI","CABO TELEFÔNICO CCI-50 2 PARES, SEM BLINDAGEM, INSTALADO EM DISTRIBUIÇÃO DE EDIFICAÇÃO RESIDENCIAL - FORNECIMENTO E INSTALAÇÃO. AF_08/2025","Redes de Lógica, Telefonia e Imagem",null,"M",{"v":1,"d":"1.0000000"},{"v":6.8,"d":"6.80"},{"v":6.8,"d":"6.80"}]
["Composição Auxiliar"," 88247 ","SINAPI","AUXILIAR DE ELETRICISTA COM ENCARGOS COMPLEMENTARES","Livro SINAPI: Cálculos e Parâmetros",null,"H",{"v":0.094425,"d":"0.0944250"},21.88,2.06]
["Composição Auxiliar"," 88264 ","SINAPI","ELETRICISTA COM ENCARGOS COMPLEMENTARES","Livro SINAPI: Cálculos e Parâmetros",null,"H",{"v":0.1259,"d":"0.1259000"},26.52,3.33]
["Insumo"," 00011902 ","SINAPI","CABO TELEFONICO CCI 50, 2 PARES, USO INTERNO, SEM BLINDAGEM","Material",null,"M",{"v":1.05,"d":"1.0500000"},1.35,1.41]
[{"$nulls":4},"MO sem LS =>",{"v":2.050561797752809,"d":"2.05"},"LS =>",2.33,"MO com LS =>",4.38]
[{"$nulls":4},"Valor do BDI =>",1.38,null,"Valor com BDI =>",null,8.18]
[{"$nulls":6},"Quant. =>",{"v":35,"d":"35.0000000"},"Preço Total =>",{"v":286.3,"d":"286.30"}]
[]
[" 6.4 ",null,null,"INTERRUPTOR",{"$nulls":5},{"v":1194.24,"d":"1,194.24"}]
[" 6.4.1 ","Código","Banco","Descrição","Tipo",null,"Und","Quant.","Valor Unit","Total"]
["Composição"," 91953 ","SINAPI","INTERRUPTOR SIMPLES (1 MÓDULO), 10A/250V, INCLUINDO SUPORTE E PLACA - FORNECIMENTO E INSTALAÇÃO. AF_03/2023","Instalações Elétricas - Eletrodutos Embutidos, Cabos, Caixas, Tomadas e Interruptores",null,"UN",{"v":1,"d":"1.0000000"},26.35,26.35]
["Composição Auxiliar"," 91946 ","SINAPI","SUPORTE PARAFUSADO COM PLACA DE ENCAIXE 4\" X 2\" MÉDIO (1,30 M DO PISO) PARA PONTO ELÉTRICO - FORNECIMENTO E INSTALAÇÃO. AF_03/2023","Instalações Elétricas - Eletrodutos Embutidos, Cabos, Caixas, Tomadas e Interruptores",null,"UN",{"v":1,"d":"1.0000000"},9.69,9.69]
["Composição Auxiliar"," 91952 ","SINAPI","INTERRUPTOR SIMPLES (1 MÓDULO), 10A/250V, SEM SUPORTE E SEM PLACA - FORNECIMENTO E INSTALAÇÃO. AF_03/2023","Instalações Elétricas - Eletrodutos Embutidos, Cabos, Caixas, Tomadas e Interruptores",null,"UN",{"v":1,"d":"1.0000000"},16.66,16.66]
[{"$nulls":4},"MO sem LS =>",{"v":6.5964419,"d":"6.60"},"LS =>",7.49,"MO com LS =>",14.09]
[{"$nulls":4},"Valor do BDI =>",5.35,null,"Valor com BDI =>",null,{"v":31.7,"d":"31.70"}]
[{"$nulls":6},"Quant. =>",{"v":24,"d":"24.0000000"},"Preço Total =>",{"v":760.8,"d":"760.80"}]
[]
[" 6.4.2 ","Código","Banco","Descrição","Tipo",null,"Und","Quant.","Valor Unit","Total"]
["Composição"," 91959 ","SINAPI","INTERRUPTOR SIMPLES (2 MÓDULOS), 10A/250V, INCLUINDO SUPORTE E PLACA - FORNECIMENTO E INSTALAÇÃO. AF_03/2023","Instalações Elétricas - Eletrodutos Embutidos, Cabos, Caixas, Tomadas e Interruptores",null,"UN",{"v":1,"d":"1.0000000"},40.02,40.02]
["Composição Auxiliar"," 91946 ","SINAPI","SUPORTE PARAFUSADO COM PLACA DE ENCAIXE 4\" X 2\" MÉDIO (1,30 M DO PISO) PARA PONTO ELÉTRICO - FORNECIMENTO E INSTALAÇÃO. AF_03/2023","Instalações Elétricas - Eletrodutos Embutidos, Cabos, Caixas, Tomadas e Interruptores",null,"UN",{"v":1,"d":"1.0000000"},9.69,9.69]
["Composição Auxiliar"," 91958 ","SINAPI","INTERRUPTOR SIMPLES (2 MÓDULOS), 10A/250V, SEM SUPORTE E SEM PLACA - FORNECIMENTO E INSTALAÇÃO. AF_03/2023","Instalações Elétricas - Eletrodutos Embutidos, Cabos, Caixas, Tomadas e Interruptores",null,"UN",{"v":1,"d":"1.0000000"},30.33,30.33]
[{"$nulls":4},"MO sem LS =>",{"v":9.7191011,"d":"9.72"},"LS =>",11.04,"MO com LS =>",20.76]
[{"$nulls":4},"Valor do BDI =>",8.14,null,"Valor com BDI =>",null,48.16]
[{"$nulls":6},"Quant. =>",{"v":9,"d":"9.0000000"},"Preço Total =>",433.44]
[]
[" 6.5 ",null,null,"TOMADAS DE TELEFONE DE EMBUTIR",{"$nulls":5},{"v":301,"d":"301.00"}]
[" 6.5.1 ","Código","Banco","Descrição","Tipo",null,"Und","Quant.","Valor Unit","Total"]
["Composição"," 788 ","ORSE","Tomada para telefone, com caixa pvc, embutida","Tomadas para Telefone",null,"un",{"v":1,"d":"1.0000000"},35.74,35.74]
["Composição Auxiliar"," 10549 ","ORSE","Encargos Complementares - Servente","Provisórios",null,"h",{"v":0.7,"d":"0.7000000"},3.31,2.31]
["Composição Auxiliar"," 10552 ","ORSE","Encargos Complementares - Eletricista","Provisórios",null,"h",{"v":0.7,"d":"0.7000000"},3.18,2.22]
["Insumo"," 00001872/SINAPI ","ORSE","Caixa de passagem, em pvc, de 4\" x 2\", para eletroduto flexivel corrugado","Material",null,"un",{"v":1,"d":"1.0000000"},1.57,1.57]
["Insumo"," 00002436/SINAPI ","ORSE","Eletricista (horista)","Mão de Obra",null,"h",{"v":0.7,"d":"0.7000000"},20.44,{"v":14.3,"d":"14.30"}]
["Insumo"," 00006111/SINAPI ","ORSE","Servente de obras (horista)","Mão de Obra",null,"h",{"v":0.7,"d":"0.7000000"},14.58,{"v":10.2,"d":"10.20"}]
["Insumo"," 2244 ","ORSE","Tomada telefone embutir padrão telebrás c/ placa","Material",null,"un",{"v":1,"d":"1.0000000"},5.14,5.14]
[{"$nulls":4},"MO sem LS =>",{"v":11.4700375,"d":"11.47"},"LS =>",13.03,"MO com LS =>",{"v":24.5,"d":"24.50"}]
[{"$nulls":4},"Valor do BDI =>",7.26,null,"Valor com BDI =>",null,{"v":43,"d":"43.00"}]
[{"$nulls":6},"Quant. =>",{"v":7,"d":"7.0000000"},"Preço Total =>",{"v":301,"d":"301.00"}]
[]
[" 6.6 ",null,null,"TOMADAS ELÉTRICAS DE EMBUTIR",{"$nulls":5},{"v":2146.61,"d":"2,146.61"}]
[" 6.6.1 ","Código","Banco","Descrição","Tipo",null,"Und","Quant.","Valor Unit","Total"]
["Composição"," 92000 ","SINAPI","TOMADA BAIXA DE EMBUTIR (1 MÓDULO), 2P+T 10 A, INCLUINDO SUPORTE E PLACA - FORNECIMENTO E INSTALAÇÃO. AF_03/2023","Instalações Elétricas - Eletrodutos Embutidos, Cabos, Caixas, Tomadas e Interruptores",null,"UN",{"v":1,"d":"1.0000000"},27.58,27.58]
["Composição Auxiliar"," 91946 ","SINAPI","SUPORTE PARAFUSADO COM PLACA DE ENCAIXE 4\" X 2\" MÉDIO (1,30 M DO PISO) PARA PONTO ELÉTRICO - FORNECIMENTO E INSTALAÇÃO. AF_03/2023","Instalações Elétricas - Eletrodutos Embutidos, Cabos, Caixas, Tomadas e Interruptores",null,"UN",{"v":1,"d":"1.0000000"},9.69,9.69]
["Composição Auxiliar"," 91998 ","SINAPI","TOMADA BAIXA DE EMBUTIR (1 MÓDULO), 2P+T 10 A, SEM SUPORTE E SEM PLACA - FORNECIMENTO E INSTALAÇÃO. AF_03/2023","Instalações Elétricas - Eletrodutos Embutidos, Cabos, Caixas, Tomadas e Interruptores",null,"UN",{"v":1,"d":"1.0000000"},17.89,17.89]
[{"$nulls":4},"MO sem LS =>",{"v":6.7837079,"d":"6.78"},"LS =>",7.71,"MO com LS =>",14.49]
[{"$nulls":4},"Valor do BDI =>",{"v":5.6,"d":"5.60"},null,"Valor com BDI =>",null,33.18]
[{"$nulls":6},"Quant. =>",{"v":57,"d":"57.0000000"},"Preço Total =>",{"v":1891.26,"d":"1,891.26"}]
[]
[" 6.6.2 ","Código","Banco","Descrição","Tipo",null,"Und","Quant.","Valor Unit","Total"]
["Composição"," 92008 ","SINAPI","TOMADA BAIXA DE EMBUTIR (2 MÓDULOS), 2P+T 10 A, INCLUINDO SUPORTE E PLACA - FORNECIMENTO E INSTALAÇÃO. AF_03/2023","Instalações Elétricas - Eletrodutos Embutidos, Cabos, Caixas, Tomadas e Interruptores",null,"UN",{"v":1,"d":"1.0000000"},42.44,42.44]
["Composição Auxiliar"," 91946 ","SINAPI","SUPORTE PARAFUSADO COM PLACA DE ENCAIXE 4\" X 2\" MÉDIO (1,30 M DO PISO) PARA PONTO ELÉTRICO - FORNECIMENTO E INSTALAÇÃO. AF_03/2023","Instalações Elétricas - Eletrodutos Embutidos, Cabos, Caixas, Tomadas e Interruptores",null,"UN",{"v":1,"d":"1.0000000"},9.69,9.69]
["Composição Auxiliar"," 92006 ","SINAPI","TOMADA BAIXA DE EMBUTIR (2 MÓDULOS), 2P+T 10 A, SEM SUPORTE E SEM PLACA - FORNECIMENTO E INSTALAÇÃO. AF_03/2023","Instalações Elétricas - Eletrodutos Embutidos, Cabos, Caixas, Tomadas e Interruptores",null,"UN",{"v":1,"d":"1.0000000"},32.75,32.75]
[{"$nulls":4},"MO sem LS =>",{"v":10.0655431,"d":"10.07"},"LS =>",11.43,"MO com LS =>",{"v":21.5,"d":"21.50"}]
[{"$nulls":4},"Valor do BDI =>",8.63,null,"Valor com BDI =>",null,51.07]
[{"$nulls":6},"Quant. =>",{"v":5,"d":"5.0000000"},"Preço Total =>",255.35]
[]
[" 6.7 ",null,null,"CAIXA DE EMBUTIR DE PVC",{"$nulls":5},{"v":1856.36,"d":"1,856.36"}]
[" 6.7.1 ","Código","Banco","Descrição","Tipo",null,"Und","Quant.","Valor Unit","Total"]
["Composição"," 91940 ","SINAPI","CAIXA RETANGULAR 4\" X 2\" MÉDIA (1,30 M DO PISO), PVC, INSTALADA EM PAREDE - FORNECIMENTO E INSTALAÇÃO. AF_03/2023","Instalações Elétricas - Eletrodutos Embutidos, Cabos, Caixas, Tomadas e Interruptores",null,"UN",{"v":1,"d":"1.0000000"},15.76,15.76]
["Composição Auxiliar"," 88247 ","SINAPI","AUXILIAR DE ELETRICISTA COM ENCARGOS COMPLEMENTARES","Livro SINAPI: Cálculos e Parâmetros",null,"H",{"v":0.291,"d":"0.2910000"},21.88,6.36]
["Composição Auxiliar"," 88264 ","SINAPI","ELETRICISTA COM ENCARGOS COMPLEMENTARES","Livro SINAPI: Cálculos e Parâmetros",null,"H",{"v":0.291,"d":"0.2910000"},26.52,7.71]
["Composição Auxiliar"," 88629 ","SINAPI","ARGAMASSA TRAÇO 1:3 (EM VOLUME DE CIMENTO E AREIA MÉDIA ÚMIDA), PREPARO MANUAL. AF_08/2019","Argamassas",null,"m³",{"v":0.0009,"d":"0.0009000"},608.73,0.54]
["Insumo"," 00001872 ","SINAPI","CAIXA DE PASSAGEM, EM PVC, DE 4\" X 2\", PARA ELETRODUTO FLEXIVEL CORRUGADO","Material",null,"UN",{"v":1,"d":"1.0000000"},1.15,1.15]
[{"$nulls":4},"MO sem LS =>",{"v":5.388576779026217,"d":"5.39"},"LS =>",6.12,"MO com LS =>",11.51]
[{"$nulls":4},"Valor do BDI =>",{"v":3.2,"d":"3.20"},null,"Valor com BDI =>",null,18.96]
[{"$nulls":6},"Quant. =>",{"v":30,"d":"30.0000000"},"Preço Total =>",{"v":568.8,"d":"568.80"}]
[]
[" 6.7.2 ","Código","Banco","Descrição","Tipo",null,"Und","Quant.","Valor Unit","Total"]
["Composição"," 91944 ","SINAPI","CAIXA RETANGULAR 4\" X 4\" BAIXA (0,30 M DO PISO), PVC, INSTALADA EM PAREDE - FORNECIMENTO E INSTALAÇÃO. AF_03/2023","Instalações Elétricas - Eletrodutos Embutidos, Cabos, Caixas, Tomadas e Interruptores",null,"UN",{"v":1,"d":"1.0000000"},11.19,11.19]
["Composição Auxiliar"," 88247 ","SINAPI","AUXILIAR DE ELETRICISTA COM ENCARGOS COMPLEMENTARES","Livro SINAPI: Cálculos e Parâmetros",null,"H",{"v":0.169,"d":"0.1690000"},21.88,3.69]
["Composição Auxiliar"," 88264 ","SINAPI","ELETRICISTA COM ENCARGOS COMPLEMENTARES","Livro SINAPI: Cálculos e Parâmetros",null,"H",{"v":0.169,"d":"0.1690000"},26.52,4.48]
["Composição Auxiliar"," 88629 ","SINAPI","ARGAMASSA TRAÇO 1:3 (EM VOLUME DE CIMENTO E AREIA MÉDIA ÚMIDA), PREPARO MANUAL. AF_08/2019","Argamassas",null,"m³",{"v":0.0012,"d":"0.0012000"},608.73,0.73]
["Insumo"," 00001873 ","SINAPI","CAIXA DE PASSAGEM, EM PVC, DE 4\" X 4\", PARA ELETRODUTO FLEXIVEL CORRUGADO","Material",null,"UN",{"v":1,"d":"1.0000000"},2.29,2.29]
[{"$nulls":4},"MO sem LS =>",{"v":3.1741573033707864,"d":"3.17"},"LS =>",3.61,"MO com LS =>",6.78]
[{"$nulls":4},"Valor do BDI =>",2.27,null,"Valor com BDI =>",null,13.46]
[{"$nulls":6},"Quant. =>",{"v":5,"d":"5.0000000"},"Preço Total =>",{"v":67.3,"d":"67.30"}]
[]
[" 6.7.3 ","Código","Banco","Descrição","Tipo",null,"Und","Quant.","Valor Unit","Total"]
["Composição"," 91936 ","SINAPI","CAIXA OCTOGONAL 4\" X 4\", PVC, INSTALADA EM LAJE - FORNECIMENTO E INSTALAÇÃO. AF_03/2023","Instalações Elétricas - Eletrodutos Embutidos, Cabos, Caixas, Tomadas e Interruptores",null,"UN",{"v":1,"d":"1.0000000"},13.71,13.71]
["Composição Auxiliar"," 88247 ","SINAPI","AUXILIAR DE ELETRICISTA COM ENCARGOS COMPLEMENTARES","Livro SINAPI: Cálculos e Parâmetros",null,"H",{"v":0.222,"d":"0.2220000"},21.88,4.85]
["Composição Auxiliar"," 88264 ","SINAPI","ELETRICISTA COM ENCARGOS COMPLEMENTARES","Livro SINAPI: Cálculos e Parâmetros",null,"H",{"v":0.222,"d":"0.2220000"},26.52,5.88]
["Insumo"," 00012001 ","SINAPI","CAIXA OCTOGONAL DE FUNDO MOVEL, EM PVC, DE 4\" X 4\", PARA ELETRODUTO FLEXIVEL CORRUGADO","Material",null,"UN",{"v":1,"d":"1.0000000"},2.98,2.98]
[{"$nulls":4},"MO sem LS =>",{"v":4.068352059925093,"d":"4.07"},"LS =>",4.62,"MO com LS =>",8.69]
[{"$nulls":4},"Valor do BDI =>",2.78,null,"Valor com BDI =>",null,16.49]
[{"$nulls":6},"Quant. =>",{"v":74,"d":"74.0000000"},"Preço Total =>",{"v":1220.26,"d":"1,220.26"}]
[]
[" 6.8 ",null,null,"QDL - BLOCO ADMINISTRATIVO - 380 / 220 VOLTS",{"$nulls":5},{"v":1357.65,"d":"1,357.65"}]
[" 6.8.1 ","Código","Banco","Descrição","Tipo",null,"Und","Quant.","Valor Unit","Total"]
["Composição"," 101883 ","SINAPI","QUADRO DE DISTRIBUIÇÃO DE ENERGIA EM CHAPA DE AÇO GALVANIZADO, DE EMBUTIR, COM BARRAMENTO TRIFÁSICO, PARA 18 DISJUNTORES DIN 100A - FORNECIMENTO E INSTALAÇÃO. AF_07/2025","Instalações Elétricas - Quadros, Cabos, Disjuntores, Contatores e Barramentos Blindados",null,"UN",{"v":1,"d":"1.0000000"},{"v":437.5,"d":"437.50"},{"v":437.5,"d":"437.50"}]
["Composição Auxiliar"," 87367 ","SINAPI","ARGAMASSA TRAÇO 1:1:6 (EM VOLUME DE CIMENTO, CAL E AREIA MÉDIA ÚMIDA) PARA EMBOÇO/MASSA ÚNICA/ASSENTAMENTO DE ALVENARIA DE VEDAÇÃO, PREPARO MANUAL. AF_08/2019","Argamassas",null,"m³",{"v":0.0134,"d":"0.0134000"},{"v":647,"d":"647.00"},8.66]
["Composição Auxiliar"," 88247 ","SINAPI","AUXILIAR DE ELETRICISTA COM ENCARGOS COMPLEMENTARES","Livro SINAPI: Cálculos e Parâmetros",null,"H",{"v":1.653,"d":"1.6530000"},21.88,36.16]
["Composição Auxiliar"," 88264 ","SINAPI","ELETRICISTA COM ENCARGOS COMPLEMENTARES","Livro SINAPI: Cálculos e Parâmetros",null,"H",{"v":1.653,"d":"1.6530000"},26.52,43.83]
["Insumo"," 00013395 ","SINAPI","QUADRO DE DISTRIBUICAO COM BARRAMENTO TRIFASICO, DE EMBUTIR, EM CHAPA DE ACO GALVANIZADO, PARA 18 DISJUNTORES DIN, 100 A","Material",null,"UN",{"v":1,"d":"1.0000000"},348.85,348.85]
[{"$nulls":4},"MO sem LS =>",{"v":31.465355805243444,"d":"31.47"},"LS =>",35.74,"MO com LS =>",67.21]
[{"$nulls":4},"Valor do BDI =>",88.98,null,"Valor com BDI =>",null,526.48]
[{"$nulls":6},"Quant. =>",{"v":1,"d":"1.0000000"},"Preço Total =>",526.48]
[]
[" 6.8.2 ","Código","Banco","Descrição","Tipo",null,"Und","Quant.","Valor Unit","Total"]
["Composição"," 101894 ","SINAPI","DISJUNTOR TRIPOLAR TIPO NEMA, CORRENTE NOMINAL DE 60 ATÉ 100A - FORNECIMENTO E INSTALAÇÃO. AF_07/2025","Instalações Elétricas - Quadros, Cabos, Disjuntores, Contatores e Barramentos Blindados",null,"UN",{"v":1,"d":"1.0000000"},122.04,122.04]
["Composição Auxiliar"," 88247 ","SINAPI","AUXILIAR DE ELETRICISTA COM ENCARGOS COMPLEMENTARES","Livro SINAPI: Cálculos e Parâmetros",null,"H",{"v":0.727135,"d":"0.7271350"},21.88,{"v":15.9,"d":"15.90"}]
["Composição Auxiliar"," 88264 ","SINAPI","ELETRICISTA COM ENCARGOS COMPLEMENTARES","Livro SINAPI: Cálculos e Parâmetros",null,"H",{"v":0.727135,"d":"0.7271350"},26.52,19.28]
["Insumo"," 00001576 ","SINAPI","TERMINAL A COMPRESSAO EM COBRE ESTANHADO PARA CABO 25 MM2, 1 FURO E 1 COMPRESSAO, PARA PARAFUSO DE FIXACAO M8","Material",null,"UN",{"v":3,"d":"3.0000000"},2.21,6.63]
["Insumo"," 00002373 ","SINAPI","DISJUNTOR TIPO NEMA, TRIPOLAR 60 ATE 100 A, TENSAO MAXIMA DE 415 V","Material",null,"UN",{"v":1,"d":"1.0000000"},80.23,80.23]
[{"$nulls":4},"MO sem LS =>",{"v":13.338014981273409,"d":"13.34"},"LS =>",15.15,"MO com LS =>",28.49]
[{"$nulls":4},"Valor do BDI =>",24.82,null,"Valor com BDI =>",null,146.86]
[{"$nulls":6},"Quant. =>",{"v":1,"d":"1.0000000"},"Preço Total =>",146.86]
[]
[" 6.8.3 ","Código","Banco","Descrição","Tipo",null,"Und","Quant.","Valor Unit","Total"]
["Composição"," 93654 ","SINAPI","DISJUNTOR MONOPOLAR TIPO DIN, CORRENTE NOMINAL DE 16A - FORNECIMENTO E INSTALAÇÃO. AF_07/2025","Instalações Elétricas - Quadros, Cabos, Disjuntores, Contatores e Barramentos Blindados",null,"UN",{"v":1,"d":"1.0000000"},9.05,9.05]
["Composição Auxiliar"," 88247 ","SINAPI","AUXILIAR DE ELETRICISTA COM ENCARGOS COMPLEMENTARES","Livro SINAPI: Cálculos e Parâmetros",null,"H",{"v":0.035428,"d":"0.0354280"},21.88,0.77]
["Composição Auxiliar"," 88264 ","SINAPI","ELETRICISTA COM ENCARGOS COMPLEMENTARES","Livro SINAPI: Cálculos e Parâmetros",null,"H",{"v":0.035428,"d":"0.0354280"},26.52,0.93]
["Insumo"," 00001570 ","SINAPI","TERMINAL A COMPRESSAO EM COBRE ESTANHADO PARA CABO 2,5 MM2, 1 FURO E 1 COMPRESSAO, PARA PARAFUSO DE FIXACAO M5","Material",null,"UN",{"v":1,"d":"1.0000000"},{"v":0.8,"d":"0.80"},{"v":0.8,"d":"0.80"}]
["Insumo"," 00034653 ","SINAPI","DISJUNTOR TERMOMAGNETICO PARA TRILHO DIN (IEC), MONOPOLAR, 6 - 32 A","Material",null,"UN",{"v":1,"d":"1.0000000"},6.55,6.55]
[{"$nulls":4},"MO sem LS =>",{"v":0.6460674157303371,"d":"0.65"},"LS =>",0.73,"MO com LS =>",1.38]
[{"$nulls":4},"Valor do BDI =>",1.84,null,"Valor com BDI =>",null,10.89]
[{"$nulls":6},"Quant. =>",{"v":3,"d":"3.0000000"},"Preço Total =>",32.67]
[]
[" 6.8.4 ","Código","Banco","Descrição","Tipo",null,"Und","Quant.","Valor Unit","Total"]
["Composição"," 93655 ","SINAPI","DISJUNTOR MONOPOLAR TIPO DIN, CORRENTE NOMINAL DE 20A - FORNECIMENTO E INSTALAÇÃO. AF_07/2025","Instalações Elétricas - Quadros, Cabos, Disjuntores, Contatores e Barramentos Blindados",null,"UN",{"v":1,"d":"1.0000000"},9.86,9.86]
["Composição Auxiliar"," 88247 ","SINAPI","AUXILIAR DE ELETRICISTA COM ENCARGOS COMPLEMENTARES","Livro SINAPI: Cálculos e Parâmetros",null,"H",{"v":0.046843,"d":"0.0468430"},21.88,1.02]
["Composição Auxiliar"," 88264 ","SINAPI","ELETRICISTA COM ENCARGOS COMPLEMENTARES","Livro SINAPI: Cálculos e Parâmetros",null,"H",{"v":0.046843,"d":"0.0468430"},26.52,1.24]
["Insumo"," 00001571 ","SINAPI","TERMINAL A COMPRESSAO EM COBRE ESTANHADO PARA CABO 4 MM2, 1 FURO E 1 COMPRESSAO, PARA PARAFUSO DE FIXACAO M5","Material",null,"UN",{"v":1,"d":"1.0000000"},1.05,1.05]
["Insumo"," 00034653 ","SINAPI","DISJUNTOR TERMOMAGNETICO PARA TRILHO DIN (IEC), MONOPOLAR, 6 - 32 A","Material",null,"UN",{"v":1,"d":"1.0000000"},6.55,6.55]
[{"$nulls":4},"MO sem LS =>",{"v":0.8520599250936329,"d":"0.85"},"LS =>",0.97,"MO com LS =>",1.82]
[{"$nulls":4},"Valor do BDI =>",{"v":2,"d":"2.00"},null,"Valor com BDI =>",null,11.86]
[{"$nulls":6},"Quant. =>",{"v":3,"d":"3.0000000"},"Preço Total =>",35.58]
[]
[" 6.8.5 ","Código","Banco","Descrição","Tipo",null,"Und","Quant.","Valor Unit","Total"]
["Composição"," 93671 ","SINAPI","DISJUNTOR TRIPOLAR TIPO DIN, CORRENTE NOMINAL DE 32A - FORNECIMENTO E INSTALAÇÃO. AF_07/2025","Instalações Elétricas - Quadros, Cabos, Disjuntores, Contatores e Barramentos Blindados",null,"UN",{"v":1,"d":"1.0000000"},62.31,62.31]
["Composição Auxiliar"," 88247 ","SINAPI","AUXILIAR DE ELETRICISTA COM ENCARGOS COMPLEMENTARES","Livro SINAPI: Cálculos e Parâmetros",null,"H",{"v":0.260377,"d":"0.2603770"},21.88,5.69]
["Composição Auxiliar"," 88264 ","SINAPI","ELETRICISTA COM ENCARGOS COMPLEMENTARES","Livro SINAPI: Cálculos e Parâmetros",null,"H",{"v":0.260377,"d":"0.2603770"},26.52,{"v":6.9,"d":"6.90"}]
["Insumo"," 00001573 ","SINAPI","TERMINAL A COMPRESSAO EM COBRE ESTANHADO PARA CABO 6 MM2, 1 FURO E 1 COMPRESSAO, PARA PARAFUSO DE FIXACAO M6","Material",null,"UN",{"v":3,"d":"3.0000000"},1.24,3.72]
["Insumo"," 00034709 ","SINAPI","DISJUNTOR TERMOMAGNETICO PARA TRILHO DIN (IEC), TRIPOLAR, 10 - 50 A","Material",null,"UN",{"v":1,"d":"1.0000000"},{"v":46,"d":"46.00"},{"v":46,"d":"46.00"}]
[{"$nulls":4},"MO sem LS =>",{"v":4.770599250936329,"d":"4.77"},"LS =>",5.42,"MO com LS =>",10.19]
[{"$nulls":4},"Valor do BDI =>",12.67,null,"Valor com BDI =>",null,74.98]
[{"$nulls":6},"Quant. =>",{"v":1,"d":"1.0000000"},"Preço Total =>",74.98]
[]
[" 6.8.6 ","Código","Banco","Descrição","Tipo",null,"Und","Quant.","Valor Unit","Total"]
["Composição"," 93673 ","SINAPI","DISJUNTOR TRIPOLAR TIPO DIN, CORRENTE NOMINAL DE 50A - FORNECIMENTO E INSTALAÇÃO. AF_07/2025","Instalações Elétricas - Quadros, Cabos, Disjuntores, Contatores e Barramentos Blindados",null,"UN",{"v":1,"d":"1.0000000"},{"v":76.4,"d":"76.40"},{"v":76.4,"d":"76.40"}]
["Composição Auxiliar"," 88247 ","SINAPI","AUXILIAR DE ELETRICISTA COM ENCARGOS COMPLEMENTARES","Livro SINAPI: Cálculos e Parâmetros",null,"H",{"v":0.529745,"d":"0.5297450"},21.88,11.59]
["Composição Auxiliar"," 88264 ","SINAPI","ELETRICISTA COM ENCARGOS COMPLEMENTARES","Livro SINAPI: Cálculos e Parâmetros",null,"H",{"v":0.529745,"d":"0.5297450"},26.52,14.04]
["Insumo"," 00001575 ","SINAPI","TERMINAL A COMPRESSAO EM COBRE ESTANHADO PARA CABO 16 MM2, 1 FURO E 1 COMPRESSAO, PARA PARAFUSO DE FIXACAO M6","Material",null,"UN",{"v":3,"d":"3.0000000"},1.59,4.77]
["Insumo"," 00034709 ","SINAPI","DISJUNTOR TERMOMAGNETICO PARA TRILHO DIN (IEC), TRIPOLAR, 10 - 50 A","Material",null,"UN",{"v":1,"d":"1.0000000"},{"v":46,"d":"46.00"},{"v":46,"d":"46.00"}]
[{"$nulls":4},"MO sem LS =>",{"v":9.719101123595506,"d":"9.72"},"LS =>",11.04,"MO com LS =>",20.76]
[{"$nulls":4},"Valor do BDI =>",15.53,null,"Valor com BDI =>",null,91.93]
[{"$nulls":6},"Quant. =>",{"v":1,"d":"1.0000000"},"Preço Total =>",91.93]
[]
[" 6.8.7 ","Código","Banco","Descrição","Tipo",null,"Und","Quant.","Valor Unit","Total"]
["Insumo"," 00039463 ","SINAPI","DISPOSITIVO DR, 4 POLOS, SENSIBILIDADE DE 300 MA, CORRENTE DE 80 A, TIPO AC","Material",null,"UN",{"v":1,"d":"1.0000000"},373.24,373.24]
[{"$nulls":4},"MO sem LS =>",{"v":0,"d":"0.00"},"LS =>",{"v":0,"d":"0.00"},"MO com LS =>",{"v":0,"d":"0.00"}]
[{"$nulls":4},"Valor do BDI =>",75.91,null,"Valor com BDI =>",null,449.15]
[{"$nulls":6},"Quant. =>",{"v":1,"d":"1.0000000"},"Preço Total =>",449.15]
[]
[" 6.9 ",null,null,"QDL - BLOCO PEDAGÓGICO - 380 / 220 VOLTS",{"$nulls":5},723.21]
[" 6.9.1 ","Código","Banco","Descrição","Tipo",null,"Und","Quant.","Valor Unit","Total"]
["Composição"," 101883 ","SINAPI","QUADRO DE DISTRIBUIÇÃO DE ENERGIA EM CHAPA DE AÇO GALVANIZADO, DE EMBUTIR, COM BARRAMENTO TRIFÁSICO, PARA 18 DISJUNTORES DIN 100A - FORNECIMENTO E INSTALAÇÃO. AF_07/2025","Instalações Elétricas - Quadros, Cabos, Disjuntores, Contatores e Barramentos Blindados",null,"UN",{"v":1,"d":"1.0000000"},{"v":437.5,"d":"437.50"},{"v":437.5,"d":"437.50"}]
["Composição Auxiliar"," 87367 ","SINAPI","ARGAMASSA TRAÇO 1:1:6 (EM VOLUME DE CIMENTO, CAL E AREIA MÉDIA ÚMIDA) PARA EMBOÇO/MASSA ÚNICA/ASSENTAMENTO DE ALVENARIA DE VEDAÇÃO, PREPARO MANUAL. AF_08/2019","Argamassas",null,"m³",{"v":0.0134,"d":"0.0134000"},{"v":647,"d":"647.00"},8.66]
["Composição Auxiliar"," 88247 ","SINAPI","AUXILIAR DE ELETRICISTA COM ENCARGOS COMPLEMENTARES","Livro SINAPI: Cálculos e Parâmetros",null,"H",{"v":1.653,"d":"1.6530000"},21.88,36.16]
["Composição Auxiliar"," 88264 ","SINAPI","ELETRICISTA COM ENCARGOS COMPLEMENTARES","Livro SINAPI: Cálculos e Parâmetros",null,"H",{"v":1.653,"d":"1.6530000"},26.52,43.83]
["Insumo"," 00013395 ","SINAPI","QUADRO DE DISTRIBUICAO COM BARRAMENTO TRIFASICO, DE EMBUTIR, EM CHAPA DE ACO GALVANIZADO, PARA 18 DISJUNTORES DIN, 100 A","Material",null,"UN",{"v":1,"d":"1.0000000"},348.85,348.85]
[{"$nulls":4},"MO sem LS =>",{"v":31.465355805243444,"d":"31.47"},"LS =>",35.74,"MO com LS =>",67.21]
[{"$nulls":4},"Valor do BDI =>",88.98,null,"Valor com BDI =>",null,526.48]
[{"$nulls":6},"Quant. =>",{"v":1,"d":"1.0000000"},"Preço Total =>",526.48]
[]
[" 6.9.2 ","Código","Banco","Descrição","Tipo",null,"Und","Quant.","Valor Unit","Total"]
["Composição"," 93673 ","SINAPI","DISJUNTOR TRIPOLAR TIPO DIN, CORRENTE NOMINAL DE 50A - FORNECIMENTO E INSTALAÇÃO. AF_07/2025","Instalações Elétricas - Quadros, Cabos, Disjuntores, Contatores e Barramentos Blindados",null,"UN",{"v":1,"d":"1.0000000"},{"v":76.4,"d":"76.40"},{"v":76.4,"d":"76.40"}]
["Composição Auxiliar"," 88247 ","SINAPI","AUXILIAR DE ELETRICISTA COM ENCARGOS COMPLEMENTARES","Livro SINAPI: Cálculos e Parâmetros",null,"H",{"v":0.529745,"d":"0.5297450"},21.88,11.59]
["Composição Auxiliar"," 88264 ","SINAPI","ELETRICISTA COM ENCARGOS COMPLEMENTARES","Livro SINAPI: Cálculos e Parâmetros",null,"H",{"v":0.529745,"d":"0.5297450"},26.52,14.04]
["Insumo"," 00001575 ","SINAPI","TERMINAL A COMPRESSAO EM COBRE ESTANHADO PARA CABO 16 MM2, 1 FURO E 1 COMPRESSAO, PARA PARAFUSO DE FIXACAO M6","Material",null,"UN",{"v":3,"d":"3.0000000"},1.59,4.77]
["Insumo"," 00034709 ","SINAPI","DISJUNTOR TERMOMAGNETICO PARA TRILHO DIN (IEC), TRIPOLAR, 10 - 50 A","Material",null,"UN",{"v":1,"d":"1.0000000"},{"v":46,"d":"46.00"},{"v":46,"d":"46.00"}]
[{"$nulls":4},"MO sem LS =>",{"v":9.719101123595506,"d":"9.72"},"LS =>",11.04,"MO com LS =>",20.76]
[{"$nulls":4},"Valor do BDI =>",15.53,null,"Valor com BDI =>",null,91.93]
[{"$nulls":6},"Quant. =>",{"v":1,"d":"1.0000000"},"Preço Total =>",91.93]
[]
[" 6.9.3 ","Código","Banco","Descrição","Tipo",null,"Und","Quant.","Valor Unit","Total"]
["Composição"," 93654 ","SINAPI","DISJUNTOR MONOPOLAR TIPO DIN, CORRENTE NOMINAL DE 16A - FORNECIMENTO E INSTALAÇÃO. AF_07/2025","Instalações Elétricas - Quadros, Cabos, Disjuntores, Contatores e Barramentos Blindados",null,"UN",{"v":1,"d":"1.0000000"},9.05,9.05]
["Composição Auxiliar"," 88247 ","SINAPI","AUXILIAR DE ELETRICISTA COM ENCARGOS COMPLEMENTARES","Livro SINAPI: Cálculos e Parâmetros",null,"H",{"v":0.035428,"d":"0.0354280"},21.88,0.77]
["Composição Auxiliar"," 88264 ","SINAPI","ELETRICISTA COM ENCARGOS COMPLEMENTARES","Livro SINAPI: Cálculos e Parâmetros",null,"H",{"v":0.035428,"d":"0.0354280"},26.52,0.93]
["Insumo"," 00001570 ","SINAPI","TERMINAL A COMPRESSAO EM COBRE ESTANHADO PARA CABO 2,5 MM2, 1 FURO E 1 COMPRESSAO, PARA PARAFUSO DE FIXACAO M5","Material",null,"UN",{"v":1,"d":"1.0000000"},{"v":0.8,"d":"0.80"},{"v":0.8,"d":"0.80"}]
["Insumo"," 00034653 ","SINAPI","DISJUNTOR TERMOMAGNETICO PARA TRILHO DIN (IEC), MONOPOLAR, 6 - 32 A","Material",null,"UN",{"v":1,"d":"1.0000000"},6.55,6.55]
[{"$nulls":4},"MO sem LS =>",{"v":0.6460674157303371,"d":"0.65"},"LS =>",0.73,"MO com LS =>",1.38]
[{"$nulls":4},"Valor do BDI =>",1.84,null,"Valor com BDI =>",null,10.89]
[{"$nulls":6},"Quant. =>",{"v":2,"d":"2.0000000"},"Preço Total =>",21.78]
[]
[" 6.9.4 ","Código","Banco","Descrição","Tipo",null,"Und","Quant.","Valor Unit","Total"]
["Composição"," 93655 ","SINAPI","DISJUNTOR MONOPOLAR TIPO DIN, CORRENTE NOMINAL DE 20A - FORNECIMENTO E INSTALAÇÃO. AF_07/2025","Instalações Elétricas - Quadros, Cabos, Disjuntores, Contatores e Barramentos Blindados",null,"UN",{"v":1,"d":"1.0000000"},9.86,9.86]
["Composição Auxiliar"," 88247 ","SINAPI","AUXILIAR DE ELETRICISTA COM ENCARGOS COMPLEMENTARES","Livro SINAPI: Cálculos e Parâmetros",null,"H",{"v":0.046843,"d":"0.0468430"},21.88,1.02]
["Composição Auxiliar"," 88264 ","SINAPI","ELETRICISTA COM ENCARGOS COMPLEMENTARES","Livro SINAPI: Cálculos e Parâmetros",null,"H",{"v":0.046843,"d":"0.0468430"},26.52,1.24]
["Insumo"," 00001571 ","SINAPI","TERMINAL A COMPRESSAO EM COBRE ESTANHADO PARA CABO 4 MM2, 1 FURO E 1 COMPRESSAO, PARA PARAFUSO DE FIXACAO M5","Material",null,"UN",{"v":1,"d":"1.0000000"},1.05,1.05]
["Insumo"," 00034653 ","SINAPI","DISJUNTOR TERMOMAGNETICO PARA TRILHO DIN (IEC), MONOPOLAR, 6 - 32 A","Material",null,"UN",{"v":1,"d":"1.0000000"},6.55,6.55]
[{"$nulls":4},"MO sem LS =>",{"v":0.8520599250936329,"d":"0.85"},"LS =>",0.97,"MO com LS =>",1.82]
[{"$nulls":4},"Valor do BDI =>",{"v":2,"d":"2.00"},null,"Valor com BDI =>",null,11.86]
[{"$nulls":6},"Quant. =>",{"v":7,"d":"7.0000000"},"Preço Total =>",83.02]
[]
[" 6.10 ",null,null,"QDL - BLOCO DE SERVIÇO - 380 / 220 VOLTS",{"$nulls":5},515.62]
[" 6.10.1 ","Código","Banco","Descrição","Tipo",null,"Und","Quant.","Valor Unit","Total"]
["Composição"," 101875 ","SINAPI","QUADRO DE DISTRIBUIÇÃO DE ENERGIA EM CHAPA DE AÇO GALVANIZADO, DE EMBUTIR, COM BARRAMENTO TRIFÁSICO, PARA 12 DISJUNTORES DIN 100A - FORNECIMENTO E INSTALAÇÃO. AF_07/2025","Instalações Elétricas - Quadros, Cabos, Disjuntores, Contatores e Barramentos Blindados",null,"UN",{"v":1,"d":"1.0000000"},326.73,326.73]
["Composição Auxiliar"," 87367 ","SINAPI","ARGAMASSA TRAÇO 1:1:6 (EM VOLUME DE CIMENTO, CAL E AREIA MÉDIA ÚMIDA) PARA EMBOÇO/MASSA ÚNICA/ASSENTAMENTO DE ALVENARIA DE VEDAÇÃO, PREPARO MANUAL. AF_08/2019","Argamassas",null,"m³",{"v":0.0117,"d":"0.0117000"},{"v":647,"d":"647.00"},7.56]
["Composição Auxiliar"," 88247 ","SINAPI","AUXILIAR DE ELETRICISTA COM ENCARGOS COMPLEMENTARES","Livro SINAPI: Cálculos e Parâmetros",null,"H",{"v":1.4514,"d":"1.4514000"},21.88,31.75]
["Composição Auxiliar"," 88264 ","SINAPI","ELETRICISTA COM ENCARGOS COMPLEMENTARES","Livro SINAPI: Cálculos e Parâmetros",null,"H",{"v":1.4514,"d":"1.4514000"},26.52,38.49]
["Insumo"," 00013393 ","SINAPI","QUADRO DE DISTRIBUICAO COM BARRAMENTO TRIFASICO, DE EMBUTIR, EM CHAPA DE ACO GALVANIZADO, PARA 12 DISJUNTORES DIN, 100 A","Material",null,"UN",{"v":1,"d":"1.0000000"},248.93,248.93]
[{"$nulls":4},"MO sem LS =>",{"v":27.621722846441948,"d":"27.62"},"LS =>",31.38,"MO com LS =>",{"v":59,"d":"59.00"}]
[{"$nulls":4},"Valor do BDI =>",66.45,null,"Valor com BDI =>",null,393.18]
[{"$nulls":6},"Quant. =>",{"v":1,"d":"1.0000000"},"Preço Total =>",393.18]
[]
[" 6.10.2 ","Código","Banco","Descrição","Tipo",null,"Und","Quant.","Valor Unit","Total"]
["Composição"," 93671 ","SINAPI","DISJUNTOR TRIPOLAR TIPO DIN, CORRENTE NOMINAL DE 32A - FORNECIMENTO E INSTALAÇÃO. AF_07/2025","Instalações Elétricas - Quadros, Cabos, Disjuntores, Contatores e Barramentos Blindados",null,"UN",{"v":1,"d":"1.0000000"},62.31,62.31]
["Composição Auxiliar"," 88247 ","SINAPI","AUXILIAR DE ELETRICISTA COM ENCARGOS COMPLEMENTARES","Livro SINAPI: Cálculos e Parâmetros",null,"H",{"v":0.260377,"d":"0.2603770"},21.88,5.69]
["Composição Auxiliar"," 88264 ","SINAPI","ELETRICISTA COM ENCARGOS COMPLEMENTARES","Livro SINAPI: Cálculos e Parâmetros",null,"H",{"v":0.260377,"d":"0.2603770"},26.52,{"v":6.9,"d":"6.90"}]
["Insumo"," 00001573 ","SINAPI","TERMINAL A COMPRESSAO EM COBRE ESTANHADO PARA CABO 6 MM2, 1 FURO E 1 COMPRESSAO, PARA PARAFUSO DE FIXACAO M6","Material",null,"UN",{"v":3,"d":"3.0000000"},1.24,3.72]
["Insumo"," 00034709 ","SINAPI","DISJUNTOR TERMOMAGNETICO PARA TRILHO DIN (IEC), TRIPOLAR, 10 - 50 A","Material",null,"UN",{"v":1,"d":"1.0000000"},{"v":46,"d":"46.00"},{"v":46,"d":"46.00"}]
[{"$nulls":4},"MO sem LS =>",{"v":4.770599250936329,"d":"4.77"},"LS =>",5.42,"MO com LS =>",10.19]
[{"$nulls":4},"Valor do BDI =>",12.67,null,"Valor com BDI =>",null,74.98]
[{"$nulls":6},"Quant. =>",{"v":1,"d":"1.0000000"},"Preço Total =>",74.98]
[]
[" 6.10.3 ","Código","Banco","Descrição","Tipo",null,"Und","Quant.","Valor Unit","Total"]
["Composição"," 93654 ","SINAPI","DISJUNTOR MONOPOLAR TIPO DIN, CORRENTE NOMINAL DE 16A - FORNECIMENTO E INSTALAÇÃO. AF_07/2025","Instalações Elétricas - Quadros, Cabos, Disjuntores, Contatores e Barramentos Blindados",null,"UN",{"v":1,"d":"1.0000000"},9.05,9.05]
["Composição Auxiliar"," 88247 ","SINAPI","AUXILIAR DE ELETRICISTA COM ENCARGOS COMPLEMENTARES","Livro SINAPI: Cálculos e Parâmetros",null,"H",{"v":0.035428,"d":"0.0354280"},21.88,0.77]
["Composição Auxiliar"," 88264 ","SINAPI","ELETRICISTA COM ENCARGOS COMPLEMENTARES","Livro SINAPI: Cálculos e Parâmetros",null,"H",{"v":0.035428,"d":"0.0354280"},26.52,0.93]
["Insumo"," 00001570 ","SINAPI","TERMINAL A COMPRESSAO EM COBRE ESTANHADO PARA CABO 2,5 MM2, 1 FURO E 1 COMPRESSAO, PARA PARAFUSO DE FIXACAO M5","Material",null,"UN",{"v":1,"d":"1.0000000"},{"v":0.8,"d":"0.80"},{"v":0.8,"d":"0.80"}]
["Insumo"," 00034653 ","SINAPI","DISJUNTOR TERMOMAGNETICO PARA TRILHO DIN (IEC), MONOPOLAR, 6 - 32 A","Material",null,"UN",{"v":1,"d":"1.0000000"},6.55,6.55]
[{"$nulls":4},"MO sem LS =>",{"v":0.6460674157303371,"d":"0.65"},"LS =>",0.73,"MO com LS =>",1.38]
[{"$nulls":4},"Valor do BDI =>",1.84,null,"Valor com BDI =>",null,10.89]
[{"$nulls":6},"Quant. =>",{"v":1,"d":"1.0000000"},"Preço Total =>",10.89]
[]
[" 6.10.4 ","Código","Banco","Descrição","Tipo",null,"Und","Quant.","Valor Unit","Total"]
["Composição"," 93655 ","SINAPI","DISJUNTOR MONOPOLAR TIPO DIN, CORRENTE NOMINAL DE 20A - FORNECIMENTO E INSTALAÇÃO. AF_07/2025","Instalações Elétricas - Quadros, Cabos, Disjuntores, Contatores e Barramentos Blindados",null,"UN",{"v":1,"d":"1.0000000"},9.86,9.86]
["Composição Auxiliar"," 88247 ","SINAPI","AUXILIAR DE ELETRICISTA COM ENCARGOS COMPLEMENTARES","Livro SINAPI: Cálculos e Parâmetros",null,"H",{"v":0.046843,"d":"0.0468430"},21.88,1.02]
["Composição Auxiliar"," 88264 ","SINAPI","ELETRICISTA COM ENCARGOS COMPLEMENTARES","Livro SINAPI: Cálculos e Parâmetros",null,"H",{"v":0.046843,"d":"0.0468430"},26.52,1.24]
["Insumo"," 00001571 ","SINAPI","TERMINAL A COMPRESSAO EM COBRE ESTANHADO PARA CABO 4 MM2, 1 FURO E 1 COMPRESSAO, PARA PARAFUSO DE FIXACAO M5","Material",null,"UN",{"v":1,"d":"1.0000000"},1.05,1.05]
["Insumo"," 00034653 ","SINAPI","DISJUNTOR TERMOMAGNETICO PARA TRILHO DIN (IEC), MONOPOLAR, 6 - 32 A","Material",null,"UN",{"v":1,"d":"1.0000000"},6.55,6.55]
[{"$nulls":4},"MO sem LS =>",{"v":0.8520599250936329,"d":"0.85"},"LS =>",0.97,"MO com LS =>",1.82]
[{"$nulls":4},"Valor do BDI =>",{"v":2,"d":"2.00"},null,"Valor com BDI =>",null,11.86]
[{"$nulls":6},"Quant. =>",{"v":2,"d":"2.0000000"},"Preço Total =>",23.72]
[]
[" 6.10.5 ","Código","Banco","Descrição","Tipo",null,"Und","Quant.","Valor Unit","Total"]
["Composição"," 93656 ","SINAPI","DISJUNTOR MONOPOLAR TIPO DIN, CORRENTE NOMINAL DE 25A - FORNECIMENTO E INSTALAÇÃO. AF_07/2025","Instalações Elétricas - Quadros, Cabos, Disjuntores, Contatores e Barramentos Blindados",null,"UN",{"v":1,"d":"1.0000000"},10.68,10.68]
["Composição Auxiliar"," 88247 ","SINAPI","AUXILIAR DE ELETRICISTA COM ENCARGOS COMPLEMENTARES","Livro SINAPI: Cálculos e Parâmetros",null,"H",{"v":0.063964,"d":"0.0639640"},21.88,1.39]
["Composição Auxiliar"," 88264 ","SINAPI","ELETRICISTA COM ENCARGOS COMPLEMENTARES","Livro SINAPI: Cálculos e Parâmetros",null,"H",{"v":0.063964,"d":"0.0639640"},26.52,1.69]
["Insumo"," 00001571 ","SINAPI","TERMINAL A COMPRESSAO EM COBRE ESTANHADO PARA CABO 4 MM2, 1 FURO E 1 COMPRESSAO, PARA PARAFUSO DE FIXACAO M5","Material",null,"UN",{"v":1,"d":"1.0000000"},1.05,1.05]
["Insumo"," 00034653 ","SINAPI","DISJUNTOR TERMOMAGNETICO PARA TRILHO DIN (IEC), MONOPOLAR, 6 - 32 A","Material",null,"UN",{"v":1,"d":"1.0000000"},6.55,6.55]
[{"$nulls":4},"MO sem LS =>",{"v":1.1704119850187267,"d":"1.17"},"LS =>",1.33,"MO com LS =>",{"v":2.5,"d":"2.50"}]
[{"$nulls":4},"Valor do BDI =>",2.17,null,"Valor com BDI =>",null,12.85]
[{"$nulls":6},"Quant. =>",{"v":1,"d":"1.0000000"},"Preço Total =>",12.85]
[]
[" 6.11 ",null,null,"CAIXA DE PASSAGEM EM ALVENARIA",{"$nulls":5},{"v":2590.7,"d":"2,590.70"}]
[" 6.11.1 ","Código","Banco","Descrição","Tipo",null,"Und","Quant.","Valor Unit","Total"]
["Composição"," 2797 ","ORSE","Caixa de passagem em alvenaria de tijolos maciços esp. = 0,12m,  dim. int. = 0.60 x 0.60 x 0.60m","Caixas de Passagem em alvenaria de tijolos maciços",null,"un",{"v":1,"d":"1.0000000"},430.57,430.57]
["Composição Auxiliar"," 126 ","ORSE","Concreto simples fabricado na obra, fck=15 mpa, lançado e adensado","Concreto Simples",null,"m³",{"v":0.109,"d":"0.1090000"},532.16,{"v":58,"d":"58.00"}]
["Composição Auxiliar"," 140 ","ORSE","Aço CA - 50 Ø 6,3 a 12,5mm, inclusive corte, dobragem, montagem e colocacao de ferragens nas formas, para superestruturas e fundações - R1","Armaduras Convencionais",null,"kg",{"v":3.2,"d":"3.2000000"},11.34,36.28]
["Composição Auxiliar"," 155 ","ORSE","Alvenaria tijolo cerâmico maciço (5x9x19), esp = 0,09m (singela), com argamassa traço t5 - 1:2:8 (cimento / cal / areia) c/ junta de 2,0cm - R1","Alvenarias de Vedação",null,"m²",{"v":1.68,"d":"1.6800000"},{"v":109,"d":"109.00"},183.12]
["Composição Auxiliar"," 1908 ","ORSE","Reboco ou emboço externo, de parede, com argamassa traço t5 - 1:2:8 (cimento / cal / areia), espessura 2,0 cm","Argamassas",null,"m²",{"v":1.44,"d":"1.4400000"},34.91,50.27]
["Composição Auxiliar"," 2497 ","ORSE","Escavação manual de vala ou cava em material de 1ª categoria, profundidade até 1,50m","Escavação Manual em Área Urbana",null,"m³",{"v":0.448,"d":"0.4480000"},53.67,24.04]
["Composição Auxiliar"," 3310 ","ORSE","Chapisco em parede com argamassa traço t1 - 1:3 (cimento / areia) - Revisado 08/2015","Conversão InfoWOrca",null,"m²",{"v":1.44,"d":"1.4400000"},6.46,{"v":9.3,"d":"9.30"}]
["Composição Auxiliar"," 85 ","ORSE","Forma plana para fundações, em compensado resinado 12mm, 03 usos","Formas para Fundações",null,"m²",{"v":0.78,"d":"0.7800000"},89.19,69.56]
[{"$nulls":4},"MO sem LS =>",{"v":91.65730337078652,"d":"91.66"},"LS =>",104.12,"MO com LS =>",195.78]
[{"$nulls":4},"Valor do BDI =>",87.57,null,"Valor com BDI =>",null,518.14]
[{"$nulls":6},"Quant. =>",{"v":5,"d":"5.0000000"},"Preço Total =>",{"v":2590.7,"d":"2,590.70"}]
[]
[" 6.12 ",null,null,"CAIXA DE DISTRIBUIÇÃO GERAL DE TELEFONE",{"$nulls":5},76.53]
[" 6.12.1 ","Código","Banco","Descrição","Tipo",null,"Und","Quant.","Valor Unit","Total"]
["Composição"," 100560 ","SINAPI","QUADRO DE DISTRIBUIÇÃO PARA TELEFONE N.2, 20X20X12CM EM CHAPA METÁLICA, DE EMBUTIR, SEM ACESSÓRIOS, PADRÃO TELEBRAS - FORNECIMENTO E INSTALAÇÃO. AF_08/2025","Redes de Lógica, Telefonia e Imagem",null,"UN",{"v":1,"d":"1.0000000"},{"v":63.6,"d":"63.60"},{"v":63.6,"d":"63.60"}]
["Composição Auxiliar"," 87367 ","SINAPI","ARGAMASSA TRAÇO 1:1:6 (EM VOLUME DE CIMENTO, CAL E AREIA MÉDIA ÚMIDA) PARA EMBOÇO/MASSA ÚNICA/ASSENTAMENTO DE ALVENARIA DE VEDAÇÃO, PREPARO MANUAL. AF_08/2019","Argamassas",null,"m³",{"v":4.3E-3,"d":"0.0043000"},{"v":647,"d":"647.00"},2.78]
["Composição Auxiliar"," 88247 ","SINAPI","AUXILIAR DE ELETRICISTA COM ENCARGOS COMPLEMENTARES","Livro SINAPI: Cálculos e Parâmetros",null,"H",0.3194438,21.88,6.98]
["Composição Auxiliar"," 88264 ","SINAPI","ELETRICISTA COM ENCARGOS COMPLEMENTARES","Livro SINAPI: Cálculos e Parâmetros",null,"H",0.4259251,26.52,11.29]
["Insumo"," 00011250 ","SINAPI","CAIXA DE PASSAGEM/ LUZ / TELEFONIA, DE EMBUTIR, EM CHAPA DE ACO GALVANIZADO, DIMENSOES 20 X 20 X *12* CM (PADRAO CONCESSIONARIA LOCAL)","Material",null,"UN",{"v":1,"d":"1.0000000"},42.55,42.55]
[{"$nulls":4},"MO sem LS =>",{"v":7.308052434456929,"d":"7.31"},"LS =>",{"v":8.3,"d":"8.30"},"MO com LS =>",15.61]
[{"$nulls":4},"Valor do BDI =>",12.93,null,"Valor com BDI =>",null,76.53]
[{"$nulls":6},"Quant. =>",{"v":1,"d":"1.0000000"},"Preço Total =>",76.53]
[]
[" 6.13 ",null,null,"LUMINÁRIAS",{"$nulls":5},{"v":7161.86,"d":"7,161.86"}]
[" 6.13.1 ","Código","Banco","Descrição","Tipo",null,"Und","Quant.","Valor Unit","Total"]
["Composição"," 13598 ","ORSE","Painel slim Led quadrado de sobrepor autovolt, potência 24W, 4000K, ângulo de120°","Luminárias Internas",null,"un",{"v":1,"d":"1.0000000"},63.32,63.32]
["Composição Auxiliar"," 10549 ","ORSE","Encargos Complementares - Servente","Provisórios",null,"h",{"v":1,"d":"1.0000000"},3.31,3.31]
["Composição Auxiliar"," 10552 ","ORSE","Encargos Complementares - Eletricista","Provisórios",null,"h",{"v":1,"d":"1.0000000"},3.18,3.18]
["Insumo"," 00002436/SINAPI ","ORSE","Eletricista (horista)","Mão de Obra",null,"h",{"v":1,"d":"1.0000000"},20.44,20.44]
["Insumo"," 00006111/SINAPI ","ORSE","Servente de obras (horista)","Mão de Obra",null,"h",{"v":1,"d":"1.0000000"},14.58,14.58]
["Insumo"," 14382 ","ORSE","Luminária sobrepor quadrada  Led 24W*, 4000K  120° G- Light ou similar","Material",null,"un",{"v":1,"d":"1.0000000"},21.81,21.81]
[{"$nulls":4},"MO sem LS =>",{"v":16.3951311,"d":"16.40"},"LS =>",18.62,"MO com LS =>",35.02]
[{"$nulls":4},"Valor do BDI =>",12.87,null,"Valor com BDI =>",null,76.19]
[{"$nulls":6},"Quant. =>",{"v":94,"d":"94.0000000"},"Preço Total =>",{"v":7161.86,"d":"7,161.86"}]
[]
[" 6.14 ",null,null,"SISTEMA DE PROTEÇÃO CONTRA DESCARGA ATMOSFÉRICAS",{"$nulls":5},{"v":20025.24,"d":"20,025.24"}]
[" 6.14.1 ","Código","Banco","Descrição","Tipo",null,"Und","Quant.","Valor Unit","Total"]
["Composição"," 104743 ","SINAPI","CORDOALHA DE COBRE NU 35 MM², NÃO ENTERRADA, COM PRESILHA - FORNECIMENTO E INSTALAÇÃO. AF_08/2023","Sistema de Proteção contra Descargas Atmosféricas - SPDA",null,"M",{"v":1,"d":"1.0000000"},{"v":48.3,"d":"48.30"},{"v":48.3,"d":"48.30"}]
["Composição Auxiliar"," 88247 ","SINAPI","AUXILIAR DE ELETRICISTA COM ENCARGOS COMPLEMENTARES","Livro SINAPI: Cálculos e Parâmetros",null,"H",{"v":0.1582,"d":"0.1582000"},21.88,3.46]
["Composição Auxiliar"," 88264 ","SINAPI","ELETRICISTA COM ENCARGOS COMPLEMENTARES","Livro SINAPI: Cálculos e Parâmetros",null,"H",{"v":0.1582,"d":"0.1582000"},26.52,4.19]
["Insumo"," 00000863 ","SINAPI","CABO DE COBRE NU 35 MM2 MEIO-DURO","Material",null,"M",{"v":1.05,"d":"1.0500000"},37.18,39.03]
["Insumo"," 00007583 ","SINAPI","BUCHA DE NYLON SEM ABA S8, COM PARAFUSO DE 4,80 X 50 MM EM ACO ZINCADO COM ROSCA SOBERBA, CABECA CHATA E FENDA PHILLIPS","Material",null,"UN",{"v":1,"d":"1.0000000"},0.39,0.39]
["Insumo"," 00011267 ","SINAPI","ARRUELA LISA, REDONDA, DE LATAO POLIDO, DIAMETRO NOMINAL 5/8\", DIAMETRO EXTERNO = 34 MM, DIAMETRO DO FURO = 17 MM, ESPESSURA = *2,5* MM","Material",null,"UN",{"v":1,"d":"1.0000000"},1.23,1.23]
[{"$nulls":4},"MO sem LS =>",{"v":2.897940074906367,"d":"2.90"},"LS =>",3.29,"MO com LS =>",6.19]
[{"$nulls":4},"Valor do BDI =>",9.82,null,"Valor com BDI =>",null,58.12]
[{"$nulls":6},"Quant. =>",{"v":327.95,"d":"327.9500000"},"Preço Total =>",{"v":19060.45,"d":"19,060.45"}]
[]
[" 6.14.2 ","Código","Banco","Descrição","Tipo",null,"Und","Quant.","Valor Unit","Total"]
["Composição"," 10272 ","ORSE","Terminal aéreo base dupla galvanizada 25mm - fornecimento","Pára-raios",null,"un",{"v":1,"d":"1.0000000"},11.64,11.64]
["Insumo"," 11052 ","ORSE","Terminal aéreo base dupla galvanizada 25mm","Material",null,"un",{"v":1,"d":"1.0000000"},11.64,11.64]
[{"$nulls":4},"MO sem LS =>",{"v":0,"d":"0.00"},"LS =>",{"v":0,"d":"0.00"},"MO com LS =>",{"v":0,"d":"0.00"}]
[{"$nulls":4},"Valor do BDI =>",2.36,null,"Valor com BDI =>",null,{"v":14,"d":"14.00"}]
[{"$nulls":6},"Quant. =>",{"v":42,"d":"42.0000000"},"Preço Total =>",{"v":588,"d":"588.00"}]
[]
[" 6.14.3 ","Código","Banco","Descrição","Tipo",null,"Und","Quant.","Valor Unit","Total"]
["Composição"," 10907 ","ORSE","Conector cabo-haste em bronze natural para 2 cabos cobre de 16mm² a 70mm² comgrampo \"U\" e porcas de aço galv.Ref:TEL-583 ou similar - fornecimento e instalação","Entrada em Baixa Tensão",null,"un",{"v":1,"d":"1.0000000"},8.23,8.23]
["Composição Auxiliar"," 10549 ","ORSE","Encargos Complementares - Servente","Provisórios",null,"h",{"v":0.1,"d":"0.1000000"},3.31,0.33]
["Composição Auxiliar"," 10552 ","ORSE","Encargos Complementares - Eletricista","Provisórios",null,"h",{"v":0.1,"d":"0.1000000"},3.18,0.31]
["Insumo"," 00002436/SINAPI ","ORSE","Eletricista (horista)","Mão de Obra",null,"h",{"v":0.1,"d":"0.1000000"},20.44,2.04]
["Insumo"," 00006111/SINAPI ","ORSE","Servente de obras (horista)","Mão de Obra",null,"h",{"v":0.1,"d":"0.1000000"},14.58,1.45]
["Insumo"," 11848 ","ORSE","Conector cabo-haste em bronze natural para 2 cabos cobre de 16mm² a 70mm² comgrampo \"U\" e porcas de aço galv.Ref:TEL-583 ou similar","Material",null,"un",{"v":1,"d":"1.0000000"},{"v":4.1,"d":"4.10"},{"v":4.1,"d":"4.10"}]
[{"$nulls":4},"MO sem LS =>",{"v":1.6338951,"d":"1.63"},"LS =>",1.86,"MO com LS =>",3.49]
[{"$nulls":4},"Valor do BDI =>",1.67,null,"Valor com BDI =>",null,{"v":9.9,"d":"9.90"}]
[{"$nulls":6},"Quant. =>",{"v":28,"d":"28.0000000"},"Preço Total =>",{"v":277.2,"d":"277.20"}]
[]
[" 6.14.4 ","Código","Banco","Descrição","Tipo",null,"Und","Quant.","Valor Unit","Total"]
["Composição"," 96989 ","SINAPI","CAPTOR TIPO FRANKLIN PARA SPDA - FORNECIMENTO E INSTALAÇÃO. AF_08/2023","Sistema de Proteção contra Descargas Atmosféricas - SPDA",null,"UN",{"v":1,"d":"1.0000000"},82.76,82.76]
["Composição Auxiliar"," 88247 ","SINAPI","AUXILIAR DE ELETRICISTA COM ENCARGOS COMPLEMENTARES","Livro SINAPI: Cálculos e Parâmetros",null,"H",{"v":0.1346,"d":"0.1346000"},21.88,2.94]
["Composição Auxiliar"," 88264 ","SINAPI","ELETRICISTA COM ENCARGOS COMPLEMENTARES","Livro SINAPI: Cálculos e Parâmetros",null,"H",{"v":0.1346,"d":"0.1346000"},26.52,3.56]
["Insumo"," 00004274 ","SINAPI","PARA-RAIOS TIPO FRANKLIN 350 MM, EM LATAO CROMADO, DUAS DESCIDAS, PARA PROTECAO DE EDIFICACOES CONTRA DESCARGAS ATMOSFERICAS","Material",null,"UN",{"v":1,"d":"1.0000000"},76.26,76.26]
[{"$nulls":4},"MO sem LS =>",{"v":2.4672284644194757,"d":"2.47"},"LS =>",{"v":2.8,"d":"2.80"},"MO com LS =>",5.27]
[{"$nulls":4},"Valor do BDI =>",16.83,null,"Valor com BDI =>",null,99.59]
[{"$nulls":6},"Quant. =>",{"v":1,"d":"1.0000000"},"Preço Total =>",99.59]
[]
[" 7 ",null,null,"PAREDES E PAINÉIS",{"$nulls":5},{"v":43113.17,"d":"43,113.17"}]
[" 7.1 ",null,null,"ALVENARIA",{"$nulls":5},{"v":23181.29,"d":"23,181.29"}]
[" 7.1.1 ","Código","Banco","Descrição","Tipo",null,"Und","Quant.","Valor Unit","Total"]
["Composição"," 103328 ","SINAPI","ALVENARIA DE VEDAÇÃO DE BLOCOS CERÂMICOS FURADOS NA HORIZONTAL DE 9X19X19 CM (ESPESSURA 9 CM) E ARGAMASSA DE ASSENTAMENTO COM PREPARO EM BETONEIRA. AF_12/2021","Alvenaria de Vedação",null,"m²",{"v":1,"d":"1.0000000"},85.41,85.41]
["Composição Auxiliar"," 87292 ","SINAPI","ARGAMASSA TRAÇO 1:2:8 (EM VOLUME DE CIMENTO, CAL E AREIA MÉDIA ÚMIDA) PARA EMBOÇO/MASSA ÚNICA/ASSENTAMENTO DE ALVENARIA DE VEDAÇÃO, PREPARO MECÂNICO COM BETONEIRA 400 L. AF_08/2019","Argamassas",null,"m³",{"v":0.0091,"d":"0.0091000"},512.01,4.65]
["Composição Auxiliar"," 88309 ","SINAPI","PEDREIRO COM ENCARGOS COMPLEMENTARES","Livro SINAPI: Cálculos e Parâmetros",null,"H",{"v":1.61,"d":"1.6100000"},26.15,{"v":42.1,"d":"42.10"}]
["Composição Auxiliar"," 88316 ","SINAPI","SERVENTE COM ENCARGOS COMPLEMENTARES","Livro SINAPI: Cálculos e Parâmetros",null,"H",{"v":0.805,"d":"0.8050000"},20.58,16.56]
["Insumo"," 00007271 ","SINAPI","BLOCO CERAMICO / TIJOLO VAZADO PARA ALVENARIA DE VEDACAO, 8 FUROS NA HORIZONTAL DE 9 X 19 X 19 CM (L X A X C)","Material",null,"UN",{"v":28.31,"d":"28.3100000"},0.75,21.23]
["Insumo"," 00034557 ","SINAPI","TELA DE ACO SOLDADA GALVANIZADA/ZINCADA PARA ALVENARIA, FIO D = *1,20 A 1,70* MM, MALHA 15 X 15 MM, (C X L) *50 X 7,5* CM","Material",null,"M",{"v":0.42,"d":"0.4200000"},1.68,{"v":0.7,"d":"0.70"}]
["Insumo"," 00037395 ","SINAPI","PINO DE ACO COM FURO, HASTE = 27 MM (ACAO DIRETA)","Material",null,"CENTO",{"v":0.005,"d":"0.0050000"},35.93,0.17]
[{"$nulls":4},"MO sem LS =>",{"v":22.598314606741575,"d":"22.60"},"LS =>",25.67,"MO com LS =>",48.27]
[{"$nulls":4},"Valor do BDI =>",17.37,null,"Valor com BDI =>",null,102.78]
[{"$nulls":6},"Quant. =>",{"v":86.62,"d":"86.6200000"},"Preço Total =>",{"v":8902.8,"d":"8,902.80"}]
[]
[" 7.1.2 ","Código","Banco","Descrição","Tipo",null,"Und","Quant.","Valor Unit","Total"]
["Composição"," 93183 ","SINAPI","VERGA PRÉ-MOLDADA PARA JANELAS COM MAIS DE 1,5 M DE VÃO. AF_03/2016","FUES - FUNDAÇÕES E ESTRUTURAS",null,"M",{"v":1,"d":"1.0000000"},51.75,51.75]
["Composição Auxiliar"," 87294 ","SINAPI","ARGAMASSA TRAÇO 1:2:9 (EM VOLUME DE CIMENTO, CAL E AREIA MÉDIA ÚMIDA) PARA EMBOÇO/MASSA ÚNICA/ASSENTAMENTO DE ALVENARIA DE VEDAÇÃO, PREPARO MECÂNICO COM BETONEIRA 600 L. AF_08/2019","Argamassas",null,"m³",{"v":1.9E-3,"d":"0.0019000"},493.12,0.93]
["Composição Auxiliar"," 88309 ","SINAPI","PEDREIRO COM ENCARGOS COMPLEMENTARES","Livro SINAPI: Cálculos e Parâmetros",null,"H",{"v":0.068,"d":"0.0680000"},26.15,1.77]
["Composição Auxiliar"," 88316 ","SINAPI","SERVENTE COM ENCARGOS COMPLEMENTARES","Livro SINAPI: Cálculos e Parâmetros",null,"H",{"v":0.094,"d":"0.0940000"},20.58,1.93]
["Composição Auxiliar"," 92270 ","SINAPI","FABRICAÇÃO DE FÔRMA PARA VIGAS, COM MADEIRA SERRADA, E = 25 MM. AF_09/2020","Fôrmas para Estruturas de Concreto Armado",null,"m²",{"v":0.217,"d":"0.2170000"},138.54,30.06]
["Composição Auxiliar"," 92802 ","SINAPI","CORTE E DOBRA DE AÇO CA-50, DIÂMETRO DE 8,0 MM. AF_06/2022","Armação para Estruturas de Concreto Armado",null,"KG",{"v":0.79,"d":"0.7900000"},7.51,5.93]
["Composição Auxiliar"," 94970 ","SINAPI","CONCRETO FCK = 20MPA, TRAÇO 1:2,7:3 (EM MASSA SECA DE CIMENTO/ AREIA MÉDIA/ BRITA 1) - PREPARO MECÂNICO COM BETONEIRA 600 L. AF_05/2021","Produção de Concreto",null,"m³",{"v":0.024,"d":"0.0240000"},414.56,9.94]
["Insumo"," 00002692 ","SINAPI","DESMOLDANTE PROTETOR PARA FORMAS DE MADEIRA, DE BASE OLEOSA EMULSIONADA EM AGUA","Material",null,"L",{"v":0.007,"d":"0.0070000"},{"v":7.4,"d":"7.40"},0.05]
["Insumo"," 00039017 ","SINAPI","ESPACADOR / DISTANCIADOR CIRCULAR COM ENTRADA LATERAL, EM PLASTICO, PARA VERGALHAO *4,2 A 12,5* MM, COBRIMENTO 20 MM","Material",null,"UN",{"v":6,"d":"6.0000000"},0.19,1.14]
[{"$nulls":4},"MO sem LS =>",{"v":4.812734082397004,"d":"4.81"},"LS =>",5.47,"MO com LS =>",10.28]
[{"$nulls":4},"Valor do BDI =>",10.52,null,"Valor com BDI =>",null,62.27]
[{"$nulls":6},"Quant. =>",{"v":108.82,"d":"108.8200000"},"Preço Total =>",{"v":6776.22,"d":"6,776.22"}]
[]
[" 7.1.3 ","Código","Banco","Descrição","Tipo",null,"Und","Quant.","Valor Unit","Total"]
["Composição"," 97622 ","SINAPI","DEMOLIÇÃO DE ALVENARIA DE BLOCO FURADO, DE FORMA MANUAL, SEM REAPROVEITAMENTO. AF_09/2023","Demolições e Remoções",null,"m³",{"v":1,"d":"1.0000000"},54.43,54.43]
["Composição Auxiliar"," 88309 ","SINAPI","PEDREIRO COM ENCARGOS COMPLEMENTARES","Livro SINAPI: Cálculos e Parâmetros",null,"H",{"v":0.3541,"d":"0.3541000"},26.15,9.25]
["Composição Auxiliar"," 88316 ","SINAPI","SERVENTE COM ENCARGOS COMPLEMENTARES","Livro SINAPI: Cálculos e Parâmetros",null,"H",{"v":2.1957,"d":"2.1957000"},20.58,45.18]
[{"$nulls":4},"MO sem LS =>",{"v":20.1123595505618,"d":"20.11"},"LS =>",22.85,"MO com LS =>",42.96]
[{"$nulls":4},"Valor do BDI =>",11.07,null,"Valor com BDI =>",null,{"v":65.5,"d":"65.50"}]
[{"$nulls":6},"Quant. =>",{"v":80.14,"d":"80.1400000"},"Preço Total =>",{"v":5249.17,"d":"5,249.17"}]
[]
[" 7.1.4 ","Código","Banco","Descrição","Tipo",null,"Und","Quant.","Valor Unit","Total"]
["Composição"," C1247 ","SEINFRA","ENTELAMENTO PREVENTIVO DE SUPERFÍCIE SUJEITA A TRINCAS P/RETRAÇÃO OU DILATAÇÃO TELA LARG.= 25cm",0,null,"M",{"v":1,"d":"1.0000000"},5.77,5.77]
["Insumo"," I2033 ","SEINFRA","TELA ADESIVA DE POLIESTER 15CM","Material",null,"M",{"v":1.05,"d":"1.0500000"},4.22,4.43]
["Insumo"," I2391 ","SEINFRA","PEDREIRO","Mão de Obra",null,"H",{"v":0.05,"d":"0.0500000"},26.86,1.34]
[{"$nulls":4},"MO sem LS =>",{"v":0.6273408,"d":"0.63"},"LS =>",0.71,"MO com LS =>",1.34]
[{"$nulls":4},"Valor do BDI =>",1.17,null,"Valor com BDI =>",null,6.94]
[{"$nulls":6},"Quant. =>",{"v":135.36,"d":"135.3600000"},"Preço Total =>",939.39]
[]
[" 7.1.5 ","Código","Banco","Descrição","Tipo",null,"Und","Quant.","Valor Unit","Total"]
["Composição"," ED-50234 ","SETOP","COSTURA DE TRINCA COM GRAMPO, BARRA DE AÇO CA 60 Ø4,2MM, COMPRIMENTO TOTAL 40CM, ESPAÇAMENTO DE 30CM, INCLUSIVE CORTE, DOBRA E ARGAMASSA, TRAÇO 1:4 (CIMENTO E AREIA), COM PREPARO MECANIZADO","ED-",null,"m",{"v":1,"d":"1.0000000"},17.34,17.34]
["A","Código","Banco","Equipamentos","Utilização",null,"Custo Operacional",null,"Consumo","Custo Horário"]
[{"$nulls":4},"Operativa","Improdutiva","Operativa","Improdutiva"]
[{"$nulls":5},"(A) Total:",{"$nulls":3},{"v":0,"d":"0.00"}]
["B","Código","Banco","Mão de Obra",null,null,"Unidade","Custo Unitário","Consumo","Custo Horário"]
[{"$nulls":5},"(B) Total:",{"$nulls":3},{"v":0,"d":"0.00"}]
[{"$nulls":5},"Custo Horário de Execução (A) + (B):",{"$nulls":3},{"v":0,"d":"0.00"}]
[{"$nulls":5},"(D) Produção da Equipe:",{"$nulls":3},{"v":1,"d":"1.00"}]
[{"$nulls":5},"Custo Unitário de Execução [(A) + (B)] / (D):",{"$nulls":3},{"v":0,"d":"0.00"}]
["F","Banco","Código","Material",null,null,"Unidade","Custo Unitário","Quantidade","Custo Horário"]
["Insumo","SETOP","MATED-11284","BARRA AÇO (TIPO: CA-60|BITOLA: 4,2MM|MASSA LINEAR: 0,109KG/M)",null," X1:0.0\n X2: 0.0 \n X3: 0.0","Kg",7.22,0.1453333,1.04]
[{"$nulls":5},"(F)Total:",{"$nulls":3},1.04]
["G","Banco","Código","Serviços",null,null,"Unidade","Custo Unitário","Quantidade","Custo Horário"]
["Atividade Auxiliar","SETOP","ED-48303","ARGAMASSA, TRAÇO 1:4 (CIMENTO E AREIA), COM PREPARO MECANIZADO",null," X1:0.0\n X2: 0.0 \n X3: 0.0","m³",494.46,0.0021333,1.05]
["Atividade Auxiliar","SETOP","ED-50367","SERVENTE COM ENCARGOS COMPLEMENTARES",null," X1:0.0\n X2: 0.0 \n X3: 0.0","hora",21.73,0.2933333,6.37]
["Atividade Auxiliar","SETOP","ED-50381","PEDREIRO COM ENCARGOS COMPLEMENTARES",null," X1:0.0\n X2: 0.0 \n X3: 0.0","hora",30.29,0.2933333,8.88]
[{"$nulls":5},"(G) Total:",{"$nulls":3},{"v":16.3,"d":"16.30"}]
["H","Banco","Código","Momento Transporte","Formula","X1, X2, X3","Unidade","Custo Unitário","Quantidade","Custo Horário"]
[{"$nulls":5},"(H) Total:",{"$nulls":3},{"v":0,"d":"0.00"}]
[{"$nulls":4},"MO sem LS =>",{"v":5.706874625468164,"d":"5.71"},"LS =>",6.48,"MO com LS =>",{"v":12.189884270442294,"d":"12.19"}]
[{"$nulls":4},"Valor do BDI =>",3.52,null,"Valor com BDI =>",null,20.86]
[{"$nulls":6},"Quant. =>",{"v":12.6,"d":"12.6000000"},"Preço Total =>",262.83]
[]
[" 7.1.6 ","Código","Banco","Descrição","Tipo",null,"Und","Quant.","Valor Unit","Total"]
["Composição"," 98575 ","SINAPI","TRATAMENTO DE JUNTA DE DILATAÇÃO, COM TARUGO DE POLIETILENO E SELANTE PU, INCLUSO PREENCHIMENTO COM ESPUMA EXPANSIVA PU. AF_09/2023","Impermeabilização, Proteção Mecânica e Tratamento de Junta",null,"M",{"v":1,"d":"1.0000000"},68.23,68.23]
["Composição Auxiliar"," 88309 ","SINAPI","PEDREIRO COM ENCARGOS COMPLEMENTARES","Livro SINAPI: Cálculos e Parâmetros",null,"H",{"v":1.3276,"d":"1.3276000"},26.15,34.71]
["Composição Auxiliar"," 88316 ","SINAPI","SERVENTE COM ENCARGOS COMPLEMENTARES","Livro SINAPI: Cálculos e Parâmetros",null,"H",{"v":0.2687,"d":"0.2687000"},20.58,5.52]
["Insumo"," 00000142 ","SINAPI","SELANTE ELASTICO MONOCOMPONENTE A BASE DE POLIURETANO (PU) PARA JUNTAS DIVERSAS","Material",null,"310ML",{"v":0.6452,"d":"0.6452000"},36.94,23.83]
["Insumo"," 00044073 ","SINAPI","TARUGO DELIMITADOR DE PROFUNDIDADE EM ESPUMA DE POLIETILENO DE BAIXA DENSIDADE 10 MM, CINZA","Material",null,"M",{"v":1,"d":"1.0000000"},0.58,0.58]
["Insumo"," 00044074 ","SINAPI","PRIMER DE POLIURETANO","Material",null,"L",{"v":0.006,"d":"0.0060000"},599.22,3.59]
[{"$nulls":4},"MO sem LS =>",{"v":15.430711610486892,"d":"15.43"},"LS =>",17.53,"MO com LS =>",32.96]
[{"$nulls":4},"Valor do BDI =>",13.87,null,"Valor com BDI =>",null,{"v":82.1,"d":"82.10"}]
[{"$nulls":6},"Quant. =>",{"v":12.8,"d":"12.8000000"},"Preço Total =>",{"v":1050.88,"d":"1,050.88"}]
[]
[" 7.2 ",null,null,"DIVISÓRIA",{"$nulls":5},{"v":6003.22,"d":"6,003.22"}]
[" 7.2.1 ","Código","Banco","Descrição","Tipo",null,"Und","Quant.","Valor Unit","Total"]
["Composição"," C4070 ","SEINFRA","DIVISÓRIA DE GRANITO CINZA E=2cm",0,null,"m²",{"v":1,"d":"1.0000000"},440.69,440.69]
["Composição Auxiliar"," 88309 ","SINAPI","PEDREIRO COM ENCARGOS COMPLEMENTARES","Livro SINAPI: Cálculos e Parâmetros",null,"H",{"v":2.4,"d":"2.4000000"},26.15,62.76]
["Composição Auxiliar"," 88316 ","SINAPI","SERVENTE COM ENCARGOS COMPLEMENTARES","Livro SINAPI: Cálculos e Parâmetros",null,"H",{"v":4.8,"d":"4.8000000"},20.58,98.78]
["Insumo"," I0108 ","SEINFRA","AREIA GROSSA","Material",null,"m³",{"v":0.004,"d":"0.0040000"},102.46,{"v":0.4,"d":"0.40"}]
["Insumo"," I0799 ","SEINFRA","CIMENTO BRANCO","Material",null,"KG",{"v":0.7,"d":"0.7000000"},3.58,{"v":2.5,"d":"2.50"}]
["Insumo"," I0805 ","SEINFRA","CIMENTO PORTLAND","Material",null,"KG",{"v":1.6,"d":"1.6000000"},0.61,0.97]
["Insumo"," I1621 ","SEINFRA","PERFIL BATENTE DE AÇO (14/24)X44MM CHAPA 20 (DIVISÓRIA)","Material",null,"KG",{"v":1.3,"d":"1.3000000"},3.45,4.48]
["Insumo"," I7895 ","SEINFRA","DIVISÓRIA DE GRANITO CINZA E=2cm","Material",null,"m²",{"v":1,"d":"1.0000000"},{"v":270.8,"d":"270.80"},{"v":270.8,"d":"270.80"}]
[{"$nulls":4},"MO sem LS =>",{"v":60.40262172284644,"d":"60.40"},"LS =>",68.62,"MO com LS =>",129.02]
[{"$nulls":4},"Valor do BDI =>",89.63,null,"Valor com BDI =>",null,530.32]
[{"$nulls":6},"Quant. =>",{"v":11.32,"d":"11.3200000"},"Preço Total =>",{"v":6003.22,"d":"6,003.22"}]
[]
[" 7.3 ",null,null,"ELEMENTO VAZADO",{"$nulls":5},{"v":6665.61,"d":"6,665.61"}]
[" 7.3.1 ","Código","Banco","Descrição","Tipo",null,"Und","Quant.","Valor Unit","Total"]
["Composição"," 101161 ","SINAPI","ALVENARIA DE VEDAÇÃO COM ELEMENTO VAZADO DE CONCRETO (COBOGÓ) DE 7X50X50CM E ARGAMASSA DE ASSENTAMENTO COM PREPARO EM BETONEIRA. AF_05/2020","Alvenarias Diversas",null,"m²",{"v":1,"d":"1.0000000"},{"v":224.8,"d":"224.80"},{"v":224.8,"d":"224.80"}]
["Composição Auxiliar"," 100489 ","SINAPI","ARGAMASSA TRAÇO 1:3 (EM VOLUME DE CIMENTO E AREIA MÉDIA ÚMIDA), PREPARO MECÂNICO COM BETONEIRA 600 L. AF_08/2019","Argamassas",null,"m³",{"v":0.01,"d":"0.0100000"},496.71,4.96]
["Composição Auxiliar"," 88309 ","SINAPI","PEDREIRO COM ENCARGOS COMPLEMENTARES","Livro SINAPI: Cálculos e Parâmetros",null,"H",{"v":2.055,"d":"2.0550000"},26.15,53.73]
["Composição Auxiliar"," 88316 ","SINAPI","SERVENTE COM ENCARGOS COMPLEMENTARES","Livro SINAPI: Cálculos e Parâmetros",null,"H",{"v":1.028,"d":"1.0280000"},20.58,21.15]
["Insumo"," 00000665 ","SINAPI","ELEMENTO VAZADO DE CONCRETO, QUADRICULADO, 16 FUROS *50 X 50 X 7* CM","Material",null,"UN",{"v":3.95,"d":"3.9500000"},{"v":36.7,"d":"36.70"},144.96]
[{"$nulls":4},"MO sem LS =>",{"v":28.717228464419474,"d":"28.72"},"LS =>",32.62,"MO com LS =>",61.34]
[{"$nulls":4},"Valor do BDI =>",45.72,null,"Valor com BDI =>",null,270.52]
[{"$nulls":6},"Quant. =>",{"v":24.64,"d":"24.6400000"},"Preço Total =>",{"v":6665.61,"d":"6,665.61"}]
[]
[" 7.4 ",null,null,"PEITORIS DE GRANITO",{"$nulls":5},{"v":7263.05,"d":"7,263.05"}]
[" 7.4.1 ","Código","Banco","Descrição","Tipo",null,"Und","Quant.","Valor Unit","Total"]
["Composição"," 101965 ","SINAPI","PEITORIL LINEAR EM GRANITO OU MÁRMORE, L = 15CM, ASSENTADO COM ARGAMASSA 1:6 COM ADITIVO. AF_11/2020","Peitoris e Chapins",null,"M",{"v":1,"d":"1.0000000"},123.34,123.34]
["Composição Auxiliar"," 87283 ","SINAPI","ARGAMASSA TRAÇO 1:6 (EM VOLUME DE CIMENTO E AREIA MÉDIA ÚMIDA) COM ADIÇÃO DE PLASTIFICANTE PARA EMBOÇO/MASSA ÚNICA/ASSENTAMENTO DE ALVENARIA DE VEDAÇÃO, PREPARO MECÂNICO COM BETONEIRA 400 L. AF_08/2019","Argamassas",null,"m³",{"v":0.006,"d":"0.0060000"},{"v":415.1,"d":"415.10"},2.49]
["Composição Auxiliar"," 88274 ","SINAPI","MARMORISTA/GRANITEIRO COM ENCARGOS COMPLEMENTARES","Livro SINAPI: Cálculos e Parâmetros",null,"H",{"v":0.419,"d":"0.4190000"},26.02,{"v":10.9,"d":"10.90"}]
["Composição Auxiliar"," 88316 ","SINAPI","SERVENTE COM ENCARGOS COMPLEMENTARES","Livro SINAPI: Cálculos e Parâmetros",null,"H",{"v":0.209,"d":"0.2090000"},20.58,{"v":4.3,"d":"4.30"}]
["Composição Auxiliar"," 91692 ","SINAPI","SERRA CIRCULAR DE BANCADA COM MOTOR ELÉTRICO POTÊNCIA DE 5HP, COM COIFA PARA DISCO 10\" - CHP DIURNO. AF_08/2015","Custos Horários Produtivo e Improdutivo dos Equipamentos",null,"CHP",{"v":0.021,"d":"0.0210000"},27.05,0.56]
["Composição Auxiliar"," 91693 ","SINAPI","SERRA CIRCULAR DE BANCADA COM MOTOR ELÉTRICO POTÊNCIA DE 5HP, COM COIFA PARA DISCO 10\" - CHI DIURNO. AF_08/2015","Custos Horários Produtivo e Improdutivo dos Equipamentos",null,"CHI",{"v":0.398,"d":"0.3980000"},26.11,10.39]
["Insumo"," 00034747 ","SINAPI","PEITORIL EM MARMORE, POLIDO, BRANCO COMUM, L= *15* CM, E= *2,0* CM, COM PINGADEIRA","Material",null,"M",{"v":1.04,"d":"1.0400000"},91.06,{"v":94.7,"d":"94.70"}]
[{"$nulls":4},"MO sem LS =>",{"v":10.351123595505618,"d":"10.35"},"LS =>",11.76,"MO com LS =>",22.11]
[{"$nulls":4},"Valor do BDI =>",25.08,null,"Valor com BDI =>",null,148.42]
[{"$nulls":6},"Quant. =>",{"v":47,"d":"47.0000000"},"Preço Total =>",{"v":6975.74,"d":"6,975.74"}]
[]
[" 7.4.2 ","Código","Banco","Descrição","Tipo",null,"Und","Quant.","Valor Unit","Total"]
["Composição"," 8228 ","ORSE","Peitoril granito cinza polido, esp = 2 cm","Peitoris e Tampos de Balcões",null,"m²",{"v":1,"d":"1.0000000"},265.29,265.29]
["Composição Auxiliar"," 10550 ","ORSE","Encargos Complementares - Pedreiro","Provisórios",null,"h",{"v":0.7,"d":"0.7000000"},3.19,2.23]
["Composição Auxiliar"," 1903 ","ORSE","Argamassa cimento e areia traço t-1 (1:3) - 1 saco cimento 50kg / 3 padiolas areia dim. 0.35 x 0.45 x 0.23 m - Confecção mecânica e transporte","Argamassas",null,"m³",{"v":2E-3,"d":"0.0020000"},467.06,0.93]
["Insumo"," 00004750/SINAPI ","ORSE","Pedreiro (horista)","Mão de Obra",null,"h",{"v":0.7,"d":"0.7000000"},20.44,{"v":14.3,"d":"14.30"}]
["Insumo"," 00010841/SINAPI ","ORSE","Piso em granito, polido, tipo andorinha/ quartz/ castelo/ corumba ou outros equivalentes da regiao, formato menor ou igual a 3025 cm2, e= *2* cm","Material",null,"m²",{"v":1.05,"d":"1.0500000"},236.03,247.83]
[{"$nulls":4},"MO sem LS =>",{"v":6.74625468164794,"d":"6.75"},"LS =>",7.66,"MO com LS =>",14.41]
[{"$nulls":4},"Valor do BDI =>",53.95,null,"Valor com BDI =>",null,319.24]
[{"$nulls":6},"Quant. =>",{"v":0.9,"d":"0.9000000"},"Preço Total =>",287.31]
[]
[" 8 ",null,null,"ESQUADRIAS",{"$nulls":5},{"v":81779.38,"d":"81,779.38"}]
[" 8.1 ",null,null,"MADEIRA",{"$nulls":5},{"v":31216.24,"d":"31,216.24"}]
[" 8.1.1 ","Código","Banco","Descrição","Tipo",null,"Und","Quant.","Valor Unit","Total"]
["Composição"," 90842 ","SINAPI","KIT DE PORTA DE MADEIRA PARA PINTURA, SEMI-OCA (LEVE OU MÉDIA), PADRÃO MÉDIO, 70X210CM, ESPESSURA DE 3,5CM, ITENS INCLUSOS: DOBRADIÇAS, MONTAGEM E INSTALAÇÃO DO BATENTE, FECHADURA COM EXECUÇÃO DO FURO - FORNECIMENTO E INSTALAÇÃO. AF_12/2019","Esquadrias - Portas",null,"UN",{"v":1,"d":"1.0000000"},900.99,900.99]
["Composição Auxiliar"," 100659 ","SINAPI","ALIZAR DE 5X1,5CM PARA PORTA FIXADO COM PREGOS, PADRÃO MÉDIO - FORNECIMENTO E INSTALAÇÃO. AF_12/2019","Esquadrias - Portas",null,"M",{"v":9.8,"d":"9.8000000"},9.73,95.35]
["Composição Auxiliar"," 90806 ","SINAPI","BATENTE PARA PORTA DE MADEIRA, FIXAÇÃO COM ARGAMASSA, PADRÃO MÉDIO - FORNECIMENTO E INSTALAÇÃO. AF_12/2019","Esquadrias - Portas",null,"UN",{"v":1,"d":"1.0000000"},356.37,356.37]
["Composição Auxiliar"," 90821 ","SINAPI","PORTA DE MADEIRA PARA PINTURA, SEMI-OCA (LEVE OU MÉDIA), 70X210CM, ESPESSURA DE 3,5CM, INCLUSO DOBRADIÇAS - FORNECIMENTO E INSTALAÇÃO. AF_12/2019","Esquadrias - Portas",null,"UN",{"v":1,"d":"1.0000000"},325.21,325.21]
["Composição Auxiliar"," 91306 ","SINAPI","FECHADURA DE EMBUTIR PARA PORTAS INTERNAS, COMPLETA, ACABAMENTO PADRÃO MÉDIO, COM EXECUÇÃO DE FURO - FORNECIMENTO E INSTALAÇÃO. AF_12/2019","Esquadrias - Portas",null,"UN",{"v":1,"d":"1.0000000"},124.06,124.06]
[{"$nulls":4},"MO sem LS =>",{"v":101.98033707865169,"d":"101.98"},"LS =>",115.85,"MO com LS =>",217.83]
[{"$nulls":4},"Valor do BDI =>",183.26,null,"Valor com BDI =>",null,{"v":1084.25,"d":"1,084.25"}]
[{"$nulls":6},"Quant. =>",{"v":6,"d":"6.0000000"},"Preço Total =>",{"v":6505.5,"d":"6,505.50"}]
[]
[" 8.1.2 ","Código","Banco","Descrição","Tipo",null,"Und","Quant.","Valor Unit","Total"]
["Composição"," 90843 ","SINAPI","KIT DE PORTA DE MADEIRA PARA PINTURA, SEMI-OCA (LEVE OU MÉDIA), PADRÃO MÉDIO, 80X210CM, ESPESSURA DE 3,5CM, ITENS INCLUSOS: DOBRADIÇAS, MONTAGEM E INSTALAÇÃO DO BATENTE, FECHADURA COM EXECUÇÃO DO FURO - FORNECIMENTO E INSTALAÇÃO. AF_12/2019","Esquadrias - Portas",null,"UN",{"v":1,"d":"1.0000000"},943.38,943.38]
["Composição Auxiliar"," 100659 ","SINAPI","ALIZAR DE 5X1,5CM PARA PORTA FIXADO COM PREGOS, PADRÃO MÉDIO - FORNECIMENTO E INSTALAÇÃO. AF_12/2019","Esquadrias - Portas",null,"M",{"v":10,"d":"10.0000000"},9.73,{"v":97.3,"d":"97.30"}]
["Composição Auxiliar"," 90806 ","SINAPI","BATENTE PARA PORTA DE MADEIRA, FIXAÇÃO COM ARGAMASSA, PADRÃO MÉDIO - FORNECIMENTO E INSTALAÇÃO. AF_12/2019","Esquadrias - Portas",null,"UN",{"v":1,"d":"1.0000000"},356.37,356.37]
["Composição Auxiliar"," 90822 ","SINAPI","PORTA DE MADEIRA PARA PINTURA, SEMI-OCA (LEVE OU MÉDIA), 80X210CM, ESPESSURA DE 3,5CM, INCLUSO DOBRADIÇAS - FORNECIMENTO E INSTALAÇÃO. AF_12/2019","Esquadrias - Portas",null,"UN",{"v":1,"d":"1.0000000"},347.35,347.35]
["Composição Auxiliar"," 90830 ","SINAPI","FECHADURA DE EMBUTIR COM CILINDRO, EXTERNA, COMPLETA, ACABAMENTO PADRÃO MÉDIO, INCLUSO EXECUÇÃO DE FURO - FORNECIMENTO E INSTALAÇÃO. AF_12/2019","Esquadrias - Portas",null,"UN",{"v":1,"d":"1.0000000"},142.36,142.36]
[{"$nulls":4},"MO sem LS =>",{"v":107.0599251,"d":"107.06"},"LS =>",121.62,"MO com LS =>",228.68]
[{"$nulls":4},"Valor do BDI =>",191.88,null,"Valor com BDI =>",null,{"v":1135.26,"d":"1,135.26"}]
[{"$nulls":6},"Quant. =>",{"v":6,"d":"6.0000000"},"Preço Total =>",{"v":6811.56,"d":"6,811.56"}]
[]
[" 8.1.3 ","Código","Banco","Descrição","Tipo",null,"Und","Quant.","Valor Unit","Total"]
["Composição"," 90844 ","SINAPI","KIT DE PORTA DE MADEIRA PARA PINTURA, SEMI-OCA (LEVE OU MÉDIA), PADRÃO MÉDIO, 90X210CM, ESPESSURA DE 3,5CM, ITENS INCLUSOS: DOBRADIÇAS, MONTAGEM E INSTALAÇÃO DO BATENTE, FECHADURA COM EXECUÇÃO DO FURO - FORNECIMENTO E INSTALAÇÃO. AF_12/2019","Esquadrias - Portas",null,"UN",{"v":1,"d":"1.0000000"},{"v":1239.43,"d":"1,239.43"},{"v":1239.43,"d":"1,239.43"}]
["Composição Auxiliar"," 100659 ","SINAPI","ALIZAR DE 5X1,5CM PARA PORTA FIXADO COM PREGOS, PADRÃO MÉDIO - FORNECIMENTO E INSTALAÇÃO. AF_12/2019","Esquadrias - Portas",null,"M",{"v":10.2,"d":"10.2000000"},9.73,99.24]
["Composição Auxiliar"," 90806 ","SINAPI","BATENTE PARA PORTA DE MADEIRA, FIXAÇÃO COM ARGAMASSA, PADRÃO MÉDIO - FORNECIMENTO E INSTALAÇÃO. AF_12/2019","Esquadrias - Portas",null,"UN",{"v":1,"d":"1.0000000"},356.37,356.37]
["Composição Auxiliar"," 90823 ","SINAPI","PORTA DE MADEIRA PARA PINTURA, SEMI-OCA (LEVE OU MÉDIA), 90X210CM, ESPESSURA DE 3,5CM, INCLUSO DOBRADIÇAS - FORNECIMENTO E INSTALAÇÃO. AF_12/2019","Esquadrias - Portas",null,"UN",{"v":1,"d":"1.0000000"},421.52,421.52]
["Composição Auxiliar"," 90830 ","SINAPI","FECHADURA DE EMBUTIR COM CILINDRO, EXTERNA, COMPLETA, ACABAMENTO PADRÃO MÉDIO, INCLUSO EXECUÇÃO DE FURO - FORNECIMENTO E INSTALAÇÃO. AF_12/2019","Esquadrias - Portas",null,"UN",{"v":1,"d":"1.0000000"},142.36,142.36]
["Insumo"," 6641 ","ORSE","Chapa de alumínio 1mm - dimensão 2,00 x 1,00 m","Material",null,"m²",{"v":0.72,"d":"0.7200000"},99.29,71.48]
["Insumo"," 00036218 ","SINAPI","BARRA DE APOIO RETA, EM ALUMINIO, COMPRIMENTO 60CM, DIAMETRO MINIMO 3 CM","Material",null,"UN",{"v":1,"d":"1.0000000"},148.46,148.46]
[{"$nulls":4},"MO sem LS =>",{"v":108.99812734082397,"d":"109.00"},"LS =>",123.82,"MO com LS =>",232.82]
[{"$nulls":4},"Valor do BDI =>",{"v":252.1,"d":"252.10"},null,"Valor com BDI =>",null,{"v":1491.53,"d":"1,491.53"}]
[{"$nulls":6},"Quant. =>",{"v":8,"d":"8.0000000"},"Preço Total =>",{"v":11932.24,"d":"11,932.24"}]
[]
[" 8.1.4 ","Código","Banco","Descrição","Tipo",null,"Und","Quant.","Valor Unit","Total"]
["Composição"," 9692 ","ORSE","Porta em madeira compensada (canela), lisa, semi-ôca, (0,60 x 1,60 a 1,80m), p/pintura, inclusive ferragens (livre/ocupado), exclusive batente, para uso em divisórias granito ou marmore","Esquadrias de Madeira",null,"un",{"v":1,"d":"1.0000000"},{"v":1101.9,"d":"1,101.90"},{"v":1101.9,"d":"1,101.90"}]
["Composição Auxiliar"," 88262 ","SINAPI","CARPINTEIRO DE FORMAS COM ENCARGOS COMPLEMENTARES","Livro SINAPI: Cálculos e Parâmetros",null,"H",{"v":3.75,"d":"3.7500000"},25.77,96.63]
["Composição Auxiliar"," 88316 ","SINAPI","SERVENTE COM ENCARGOS COMPLEMENTARES","Livro SINAPI: Cálculos e Parâmetros",null,"H",{"v":3.75,"d":"3.7500000"},20.58,77.17]
["Insumo"," 00005020/SINAPI ","ORSE","Porta de madeira, folha media (nbr 15930) de 600 x 2100 mm, de 35 mm a 40 mm de espessura, nucleo semi-solido (sarrafeado), capa lisa em hdf, acabamento laminado natural para verniz","Material",null,"un",{"v":1,"d":"1.0000000"},194.96,194.96]
["Insumo"," 3378 ","ORSE","Dobradiça para divisória mármore ou granito com mola, incluisve parafuso latão, imab ref. DO0825G00 ou similar","Material",null,"un",{"v":2,"d":"2.0000000"},{"v":256.2,"d":"256.20"},{"v":512.4,"d":"512.40"}]
["Insumo"," 3379 ","ORSE","Fechadura (tarjeta) livre-ocupado p/divisória em mármore ou granito, ref. TG0819 - IMAB ou similar, inclusive batente c/amortecedor ref.BT0830000-Imab e parafusos","Material",null,"un",{"v":1,"d":"1.0000000"},115.58,115.58]
["Insumo"," 3380 ","ORSE","Batedor p/fechadura (tarjeta) livre-ocupado p/div.marmore ou granito, ref. BT0830 - IMAB ou similar","Material",null,"un",{"v":1,"d":"1.0000000"},81.16,81.16]
["Insumo"," 3381 ","ORSE","Parafuso em aço inox p/ batedor de fechadura (tarjeta) livre-ocupado p/div.marmore ou granito ref. PF0860 - IMAB ou similar","Material",null,"un",{"v":2,"d":"2.0000000"},{"v":12,"d":"12.00"},{"v":24,"d":"24.00"}]
[{"$nulls":4},"MO sem LS =>",{"v":65.77715355805243,"d":"65.78"},"LS =>",74.72,"MO com LS =>",{"v":140.5,"d":"140.50"}]
[{"$nulls":4},"Valor do BDI =>",224.12,null,"Valor com BDI =>",null,{"v":1326.02,"d":"1,326.02"}]
[{"$nulls":6},"Quant. =>",{"v":3,"d":"3.0000000"},"Preço Total =>",{"v":3978.06,"d":"3,978.06"}]
[]
[" 8.1.5 ","Código","Banco","Descrição","Tipo",null,"Und","Quant.","Valor Unit","Total"]
["Composição"," 13034 ","ORSE","Porta em madeira compensada (canela), lisa, semi-ôca, (0.80 x 1,60 a 2.10 m),revestida c/fórmica, inclusive ferragens (livre/ocupado), para uso em divisórias granito ou mármore","Esquadrias de Madeira",null,"un",{"v":1,"d":"1.0000000"},826.36,826.36]
["Composição Auxiliar"," 8957 ","ORSE","Dobradiça de ferro cromado 3\" x 2 1/2\" com aneis e  parafusos","Ferragens",null,"un",{"v":3,"d":"3.0000000"},79.73,239.19]
["Composição Auxiliar"," 100705 ","SINAPI","TARJETA TIPO LIVRE/OCUPADO PARA PORTA DE BANHEIRO. AF_12/2019","Esquadrias - Portas",null,"UN",{"v":1,"d":"1.0000000"},78.62,78.62]
["Composição Auxiliar"," 88262 ","SINAPI","CARPINTEIRO DE FORMAS COM ENCARGOS COMPLEMENTARES","Livro SINAPI: Cálculos e Parâmetros",null,"H",{"v":6.15,"d":"6.1500000"},25.77,158.48]
["Insumo"," 00001339/SINAPI ","ORSE","Cola a base de resina sintetica para chapa de laminado melaminico e outros","Material",null,"kg",{"v":0.67,"d":"0.6700000"},33.25,22.27]
["Insumo"," 00001341/SINAPI ","ORSE","Chapa de laminado melaminico, texturizado, de 1,25 x 3,08 metros, espessura =0,8 milimetros","Material",null,"m²",{"v":3.36,"d":"3.3600000"},36.93,124.08]
["Insumo"," 00005075/SINAPI ","ORSE","Prego de aco polido com cabeca 18 x 30 (2 3/4 x 10)","Material",null,"kg",{"v":0.02,"d":"0.0200000"},14.25,0.28]
["Insumo"," 1807 ","ORSE","Porta em madeira compensada canela, lisa, semi-oca -  80 x (160 a 210) x 3,5cm","Material",null,"un",{"v":1,"d":"1.0000000"},203.44,203.44]
[{"$nulls":4},"MO sem LS =>",{"v":98.32865168539325,"d":"98.33"},"LS =>",{"v":111.7,"d":"111.70"},"MO com LS =>",210.03]
[{"$nulls":4},"Valor do BDI =>",168.08,null,"Valor com BDI =>",null,994.44]
[{"$nulls":6},"Quant. =>",{"v":2,"d":"2.0000000"},"Preço Total =>",{"v":1988.88,"d":"1,988.88"}]
[]
[" 8.2 ",null,null,"METÁLICAS",{"$nulls":5},{"v":50563.14,"d":"50,563.14"}]
[" 8.2.1 ","Código","Banco","Descrição","Tipo",null,"Und","Quant.","Valor Unit","Total"]
["Composição"," 94569 ","SINAPI","JANELA DE ALUMÍNIO TIPO MAXIM-AR, BATENTE/ REQUADRO 3 A 14 CM, VIDRO INCLUSO, FIXAÇÃO COM PARAFUSO, SEM GUARNIÇÃO/ ALIZAR, DIMENSÕES 60X80 (A X L) CM, SEM ACABAMENTO, VEDAÇÃO COM SILICONE, EXCLUSIVE CONTRAMARCO - FORNECIMENTO E INSTALAÇÃO. AF_11/2024","Esquadrias - Janelas",null,"m²",{"v":1,"d":"1.0000000"},568.37,568.37]
["Composição Auxiliar"," 88309 ","SINAPI","PEDREIRO COM ENCARGOS COMPLEMENTARES","Livro SINAPI: Cálculos e Parâmetros",null,"H",1.0104139,26.15,26.42]
["Composição Auxiliar"," 88316 ","SINAPI","SERVENTE COM ENCARGOS COMPLEMENTARES","Livro SINAPI: Cálculos e Parâmetros",null,"H",0.5052069,20.58,10.39]
["Insumo"," 00004377 ","SINAPI","PARAFUSO DE ACO ZINCADO COM ROSCA SOBERBA, CABECA CHATA E FENDA SIMPLES, DIAMETRO 4,2 MM, COMPRIMENTO * 32 * MM","Material",null,"UN",{"v":24.4,"d":"24.4000000"},0.15,3.66]
["Insumo"," 00034381 ","SINAPI","JANELA MAXIM-AR, EM ALUMINIO PERFIL 25, 60 X 80 CM (A X L), ACABAMENTO BRANCO OU BRILHANTE, BATENTE DE 4 A 5 CM, COM VIDRO 4 MM, SEM GUARNICAO/ALIZAR","Material",null,"UN",{"v":2.0833,"d":"2.0833000"},239.71,499.38]
["Insumo"," 00039961 ","SINAPI","SILICONE ACETICO USO GERAL INCOLOR 280 G","Material",null,"UN",{"v":1.16875,"d":"1.1687500"},24.41,28.52]
[{"$nulls":4},"MO sem LS =>",{"v":14.00749063670412,"d":"14.01"},"LS =>",15.91,"MO com LS =>",29.92]
[{"$nulls":4},"Valor do BDI =>",{"v":115.6,"d":"115.60"},null,"Valor com BDI =>",null,683.97]
[{"$nulls":6},"Quant. =>",{"v":62.58,"d":"62.5800000"},"Preço Total =>",{"v":42802.84,"d":"42,802.84"}]
[]
[" 8.2.2 ","Código","Banco","Descrição","Tipo",null,"Und","Quant.","Valor Unit","Total"]
["Composição"," 94580 ","SINAPI","JANELA DE ALUMÍNIO DE CORRER COM 6 FOLHAS (2 VENEZIANAS FIXAS, 2 VENEZIANAS DE CORRER E 2 PARA VIDRO), COM VIDROS, BATENTE, ACABAMENTO COM ACETATO OU BRILHANTE E FERRAGENS. EXCLUSIVE ALIZAR E CONTRAMARCO. FORNECIMENTO E INSTALAÇÃO. AF_12/2019","ESQV - ESQUADRIAS/FERRAGENS/VIDROS",null,"m²",{"v":1,"d":"1.0000000"},486.75,486.75]
["Composição Auxiliar"," 88309 ","SINAPI","PEDREIRO COM ENCARGOS COMPLEMENTARES","Livro SINAPI: Cálculos e Parâmetros",null,"H",{"v":1.12,"d":"1.1200000"},26.15,29.28]
["Composição Auxiliar"," 88316 ","SINAPI","SERVENTE COM ENCARGOS COMPLEMENTARES","Livro SINAPI: Cálculos e Parâmetros",null,"H",{"v":0.56,"d":"0.5600000"},20.58,11.52]
["Insumo"," 00011950 ","SINAPI","BUCHA DE NYLON SEM ABA S6, COM PARAFUSO DE 4,20 X 40 MM EM ACO ZINCADO COM ROSCA SOBERBA, CABECA CHATA E FENDA PHILLIPS","Material",null,"UN",{"v":7.3,"d":"7.3000000"},0.19,1.38]
["Insumo"," 00039961 ","SINAPI","SILICONE ACETICO USO GERAL INCOLOR 280 G","Material",null,"UN",{"v":0.56,"d":"0.5600000"},24.41,13.66]
["Insumo"," 00044399 ","SINAPI","JANELA VENEZIANA DE CORRER, EM ALUMINIO PERFIL 25, 100 X 150 CM (A X L), 6 FLS (4 VENEZIANAS E 2 VIDROS), SEM BANDEIRA, ACABAMENTO BRANCO OU BRILHANTE, BATENTE DE 8 A 9 CM, COM VIDRO 4 MM, SEM GUARNICAO / ALIZAR","Material",null,"UN",{"v":0.6672,"d":"0.6672000"},645.85,430.91]
[{"$nulls":4},"MO sem LS =>",{"v":15.529026217228465,"d":"15.53"},"LS =>",17.64,"MO com LS =>",33.17]
[{"$nulls":4},"Valor do BDI =>",{"v":99,"d":"99.00"},null,"Valor com BDI =>",null,585.75]
[{"$nulls":6},"Quant. =>",{"v":10.08,"d":"10.0800000"},"Preço Total =>",{"v":5904.36,"d":"5,904.36"}]
[]
[" 8.2.3 ","Código","Banco","Descrição","Tipo",null,"Und","Quant.","Valor Unit","Total"]
["Composição"," 91341 ","SINAPI","PORTA EM ALUMÍNIO DE ABRIR TIPO VENEZIANA COM GUARNIÇÃO, FIXAÇÃO COM PARAFUSOS - FORNECIMENTO E INSTALAÇÃO. AF_12/2019","Esquadrias - Portas",null,"m²",{"v":1,"d":"1.0000000"},602.45,602.45]
["Composição Auxiliar"," 88309 ","SINAPI","PEDREIRO COM ENCARGOS COMPLEMENTARES","Livro SINAPI: Cálculos e Parâmetros",null,"H",{"v":0.3826,"d":"0.3826000"},26.15,{"v":10,"d":"10.00"}]
["Composição Auxiliar"," 88316 ","SINAPI","SERVENTE COM ENCARGOS COMPLEMENTARES","Livro SINAPI: Cálculos e Parâmetros",null,"H",{"v":0.191,"d":"0.1910000"},20.58,3.93]
["Insumo"," 00000142 ","SINAPI","SELANTE ELASTICO MONOCOMPONENTE A BASE DE POLIURETANO (PU) PARA JUNTAS DIVERSAS","Material",null,"310ML",{"v":0.8829,"d":"0.8829000"},36.94,32.61]
["Insumo"," 00007568 ","SINAPI","BUCHA DE NYLON SEM ABA S10, COM PARAFUSO DE 6,10 X 65 MM EM ACO ZINCADO COM ROSCA SOBERBA, CABECA CHATA E FENDA PHILLIPS","Material",null,"UN",{"v":4.8166,"d":"4.8166000"},0.57,2.74]
["Insumo"," 00036888 ","SINAPI","GUARNICAO / MOLDURA / ARREMATE DE ACABAMENTO PARA ESQUADRIA, EM ALUMINIO PERFIL 25, ACABAMENTO ANODIZADO BRANCO OU BRILHANTE, PARA 1 FACE","Material",null,"M",{"v":6.8504,"d":"6.8504000"},23.86,163.45]
["Insumo"," 00039025 ","SINAPI","PORTA DE ABRIR, TIPO VENEZIANA, EM ALUMINIO, ACABAMENTO ANODIZADO NATURAL, 90 CM X 210 CM (LARGURA X ALTURA), SEM GUARNICAO/ALIZAR/VISTA","Material",null,"UN",{"v":0.5473,"d":"0.5473000"},712.08,389.72]
[{"$nulls":4},"MO sem LS =>",{"v":5.299625468164794,"d":"5.30"},"LS =>",6.02,"MO com LS =>",11.32]
[{"$nulls":4},"Valor do BDI =>",122.53,null,"Valor com BDI =>",null,724.98]
[{"$nulls":6},"Quant. =>",{"v":2.56,"d":"2.5600000"},"Preço Total =>",{"v":1855.94,"d":"1,855.94"}]
[]
[" 9 ",null,null,"COBERTURA",{"$nulls":5},{"v":224865.9,"d":"224,865.90"}]
[" 9.1 ",null,null,"TELHAS E ESTRUTURA EM MADEIRA",{"$nulls":5},{"v":223522.99,"d":"223,522.99"}]
[" 9.1.1 ",null,null,"BLOCO ADMINISTRATIVO E BLOCO DE SERVIÇOS",{"$nulls":5},{"v":52694.26,"d":"52,694.26"}]
[" 9.1.1.1 ","Código","Banco","Descrição","Tipo",null,"Und","Quant.","Valor Unit","Total"]
["Composição"," CP-92542 ","Próprio","TRAMA DE MADEIRA COMPOSTA POR RIPAS, CAIBROS E TERÇAS (6X16 CM) PARA TELHADOS DE MAIS QUE 2 ÁGUAS PARA TELHA CERÂMICA CAPA-CANAL, INCLUSO TRANSPORTE VERTICAL. AF_07/2019 [ADAPTADO DE SINAPI 92542]","Estrutura e Trama para Cobertura",null,"m²",{"v":1,"d":"1.0000000"},87.34,87.34]
["Composição Auxiliar"," 93282 ","SINAPI","GUINCHO ELÉTRICO DE COLUNA, CAPACIDADE 400 KG, COM MOTO FREIO, MOTOR TRIFÁSICO DE 1,25 CV - CHI DIURNO. AF_03/2016","Custos Horários Produtivo e Improdutivo dos Equipamentos",null,"CHI",{"v":0.0604,"d":"0.0604000"},22.43,1.35]
["Composição Auxiliar"," 93281 ","SINAPI","GUINCHO ELÉTRICO DE COLUNA, CAPACIDADE 400 KG, COM MOTO FREIO, MOTOR TRIFÁSICO DE 1,25 CV - CHP DIURNO. AF_03/2016","Custos Horários Produtivo e Improdutivo dos Equipamentos",null,"CHP",{"v":0.0435,"d":"0.0435000"},23.13,{"v":1,"d":"1.00"}]
["Composição Auxiliar"," 88262 ","SINAPI","CARPINTEIRO DE FORMAS COM ENCARGOS COMPLEMENTARES","Livro SINAPI: Cálculos e Parâmetros",null,"H",{"v":0.676,"d":"0.6760000"},25.77,17.42]
["Composição Auxiliar"," 88239 ","SINAPI","AJUDANTE DE CARPINTEIRO COM ENCARGOS COMPLEMENTARES","Livro SINAPI: Cálculos e Parâmetros",null,"H",{"v":0.494,"d":"0.4940000"},21.29,10.51]
["Insumo"," 00040568 ","SINAPI","PREGO DE ACO POLIDO COM CABECA 22 X 48 (4 1/4 X 5)","Material",null,"KG",{"v":0.03,"d":"0.0300000"},18.44,0.55]
["Insumo"," 00039027 ","SINAPI","PREGO DE ACO POLIDO COM CABECA 19 X 36 (3 1/4 X 9)","Material",null,"KG",{"v":0.05,"d":"0.0500000"},18.28,0.91]
["Insumo"," 00020247 ","SINAPI","PREGO DE ACO POLIDO COM CABECA 15 X 15 (1 1/4 X 13)","Material",null,"KG",{"v":0.07,"d":"0.0700000"},20.26,1.41]
["Insumo"," 00004430 ","SINAPI","CAIBRO NAO APARELHADO *5 X 6* CM, EM MACARANDUBA/MASSARANDUBA, ANGELIM OU EQUIVALENTE DA REGIAO - BRUTA","Material",null,"M",{"v":2.36,"d":"2.3600000"},9.79,{"v":23.1,"d":"23.10"}]
["Insumo"," 00004408 ","SINAPI","RIPA NAO APARELHADA, *1,5 X 5* CM, EM MACARANDUBA/MASSARANDUBA, ANGELIM OU EQUIVALENTE DA REGIAO - BRUTA","Material",null,"M",{"v":2.589,"d":"2.5890000"},1.86,4.81]
["Insumo"," 00004472 ","SINAPI","VIGA NAO APARELHADA *6 X 16* CM, EM MACARANDUBA/MASSARANDUBA, ANGELIM OU EQUIVALENTE DA REGIAO - BRUTA","Material",null,"M",{"v":1.017,"d":"1.0170000"},25.85,26.28]
[{"$nulls":4},"MO sem LS =>",{"v":11.568352059925093,"d":"11.57"},"LS =>",13.14,"MO com LS =>",24.71]
[{"$nulls":4},"Valor do BDI =>",17.76,null,"Valor com BDI =>",null,{"v":105.1,"d":"105.10"}]
[{"$nulls":6},"Quant. =>",{"v":278.08,"d":"278.0800000"},"Preço Total =>",{"v":29226.2,"d":"29,226.20"}]
[]
[" 9.1.1.2 ","Código","Banco","Descrição","Tipo",null,"Und","Quant.","Valor Unit","Total"]
["Composição"," 94204 ","SINAPI","TELHAMENTO COM TELHA CERÂMICA CAPA-CANAL, TIPO COLONIAL, COM MAIS DE 2 ÁGUAS, INCLUSO TRANSPORTE VERTICAL. AF_07/2019","Telhamento para Cobertura",null,"m²",{"v":1,"d":"1.0000000"},41.83,41.83]
["Composição Auxiliar"," 88316 ","SINAPI","SERVENTE COM ENCARGOS COMPLEMENTARES","Livro SINAPI: Cálculos e Parâmetros",null,"H",{"v":0.521,"d":"0.5210000"},20.58,10.72]
["Composição Auxiliar"," 88323 ","SINAPI","TELHADISTA COM ENCARGOS COMPLEMENTARES","Livro SINAPI: Cálculos e Parâmetros",null,"H",{"v":0.254,"d":"0.2540000"},25.52,6.48]
["Composição Auxiliar"," 93281 ","SINAPI","GUINCHO ELÉTRICO DE COLUNA, CAPACIDADE 400 KG, COM MOTO FREIO, MOTOR TRIFÁSICO DE 1,25 CV - CHP DIURNO. AF_03/2016","Custos Horários Produtivo e Improdutivo dos Equipamentos",null,"CHP",{"v":0.0372,"d":"0.0372000"},23.13,0.86]
["Composição Auxiliar"," 93282 ","SINAPI","GUINCHO ELÉTRICO DE COLUNA, CAPACIDADE 400 KG, COM MOTO FREIO, MOTOR TRIFÁSICO DE 1,25 CV - CHI DIURNO. AF_03/2016","Custos Horários Produtivo e Improdutivo dos Equipamentos",null,"CHI",{"v":0.0516,"d":"0.0516000"},22.43,1.15]
["Insumo"," 00007173 ","SINAPI","TELHA DE BARRO / CERAMICA, NAO ESMALTADA, TIPO COLONIAL, CANAL, PLAN, PAULISTA, COMPRIMENTO DE *44 A 50* CM, RENDIMENTO DE COBERTURA DE *26* TELHAS/M2","Material",null,"MIL",{"v":0.0275,"d":"0.0275000"},822.57,22.62]
[{"$nulls":4},"MO sem LS =>",{"v":7.205056179775281,"d":"7.21"},"LS =>",8.18,"MO com LS =>",15.39]
[{"$nulls":4},"Valor do BDI =>",{"v":8.5,"d":"8.50"},null,"Valor com BDI =>",null,50.33]
[{"$nulls":6},"Quant. =>",{"v":278.08,"d":"278.0800000"},"Preço Total =>",{"v":13995.76,"d":"13,995.76"}]
[]
[" 9.1.1.3 ","Código","Banco","Descrição","Tipo",null,"Und","Quant.","Valor Unit","Total"]
["Composição"," 94219 ","SINAPI","CUMEEIRA E ESPIGÃO PARA TELHA CERÂMICA EMBOÇADA COM ARGAMASSA TRAÇO 1:2:9 (CIMENTO, CAL E AREIA), PARA TELHADOS COM MAIS DE 2 ÁGUAS, INCLUSO TRANSPORTE VERTICAL. AF_07/2019","Telhamento para Cobertura",null,"M",{"v":1,"d":"1.0000000"},27.42,27.42]
["Composição Auxiliar"," 87337 ","SINAPI","ARGAMASSA TRAÇO 1:2:9 (EM VOLUME DE CIMENTO, CAL E AREIA MÉDIA ÚMIDA) PARA EMBOÇO/MASSA ÚNICA/ASSENTAMENTO DE ALVENARIA DE VEDAÇÃO, PREPARO MECÂNICO COM MISTURADOR DE EIXO HORIZONTAL DE 300 KG. AF_08/2019","Argamassas",null,"m³",{"v":0.0117,"d":"0.0117000"},491.56,5.75]
["Composição Auxiliar"," 88316 ","SINAPI","SERVENTE COM ENCARGOS COMPLEMENTARES","Livro SINAPI: Cálculos e Parâmetros",null,"H",{"v":0.35,"d":"0.3500000"},20.58,{"v":7.2,"d":"7.20"}]
["Composição Auxiliar"," 88323 ","SINAPI","TELHADISTA COM ENCARGOS COMPLEMENTARES","Livro SINAPI: Cálculos e Parâmetros",null,"H",{"v":0.305,"d":"0.3050000"},25.52,7.78]
["Composição Auxiliar"," 93281 ","SINAPI","GUINCHO ELÉTRICO DE COLUNA, CAPACIDADE 400 KG, COM MOTO FREIO, MOTOR TRIFÁSICO DE 1,25 CV - CHP DIURNO. AF_03/2016","Custos Horários Produtivo e Improdutivo dos Equipamentos",null,"CHP",{"v":6.3E-3,"d":"0.0063000"},23.13,0.14]
["Composição Auxiliar"," 93282 ","SINAPI","GUINCHO ELÉTRICO DE COLUNA, CAPACIDADE 400 KG, COM MOTO FREIO, MOTOR TRIFÁSICO DE 1,25 CV - CHI DIURNO. AF_03/2016","Custos Horários Produtivo e Improdutivo dos Equipamentos",null,"CHI",{"v":0.0087,"d":"0.0087000"},22.43,0.19]
["Insumo"," 00007181 ","SINAPI","CUMEEIRA PARA TELHA CERAMICA, COMPRIMENTO DE *41* CM, RENDIMENTO DE *3* TELHAS/M","Material",null,"UN",{"v":3,"d":"3.0000000"},2.12,6.36]
[{"$nulls":4},"MO sem LS =>",{"v":6.156367041198502,"d":"6.16"},"LS =>",6.99,"MO com LS =>",13.15]
[{"$nulls":4},"Valor do BDI =>",5.57,null,"Valor com BDI =>",null,32.99]
[{"$nulls":6},"Quant. =>",{"v":64.6,"d":"64.6000000"},"Preço Total =>",{"v":2131.15,"d":"2,131.15"}]
[]
[" 9.1.1.4 ","Código","Banco","Descrição","Tipo",null,"Und","Quant.","Valor Unit","Total"]
["Composição"," 97647 ","SINAPI","REMOÇÃO DE TELHAS DE FIBROCIMENTO METÁLICA E CERÂMICA, DE FORMA MANUAL, SEM REAPROVEITAMENTO. AF_09/2023","Demolições e Remoções",null,"m²",{"v":1,"d":"1.0000000"},3.41,3.41]
["Composição Auxiliar"," 88316 ","SINAPI","SERVENTE COM ENCARGOS COMPLEMENTARES","Livro SINAPI: Cálculos e Parâmetros",null,"H",{"v":0.1153,"d":"0.1153000"},20.58,2.37]
["Composição Auxiliar"," 88323 ","SINAPI","TELHADISTA COM ENCARGOS COMPLEMENTARES","Livro SINAPI: Cálculos e Parâmetros",null,"H",{"v":0.0408,"d":"0.0408000"},25.52,1.04]
[{"$nulls":4},"MO sem LS =>",{"v":1.2687265917602997,"d":"1.27"},"LS =>",1.44,"MO com LS =>",2.71]
[{"$nulls":4},"Valor do BDI =>",0.69,null,"Valor com BDI =>",null,{"v":4.1,"d":"4.10"}]
[{"$nulls":6},"Quant. =>",{"v":278.08,"d":"278.0800000"},"Preço Total =>",{"v":1140.12,"d":"1,140.12"}]
[]
[" 9.1.1.5 ","Código","Banco","Descrição","Tipo",null,"Und","Quant.","Valor Unit","Total"]
["Composição"," 97650 ","SINAPI","REMOÇÃO DE TRAMA DE MADEIRA PARA COBERTURA, DE FORMA MANUAL, SEM REAPROVEITAMENTO. AF_09/2023","Demolições e Remoções",null,"m²",{"v":1,"d":"1.0000000"},7.35,7.35]
["Composição Auxiliar"," 88316 ","SINAPI","SERVENTE COM ENCARGOS COMPLEMENTARES","Livro SINAPI: Cálculos e Parâmetros",null,"H",{"v":0.2487,"d":"0.2487000"},20.58,5.11]
["Composição Auxiliar"," 88323 ","SINAPI","TELHADISTA COM ENCARGOS COMPLEMENTARES","Livro SINAPI: Cálculos e Parâmetros",null,"H",{"v":0.0879,"d":"0.0879000"},25.52,2.24]
[{"$nulls":4},"MO sem LS =>",{"v":2.7387640449438204,"d":"2.74"},"LS =>",3.11,"MO com LS =>",5.85]
[{"$nulls":4},"Valor do BDI =>",1.49,null,"Valor com BDI =>",null,8.84]
[{"$nulls":6},"Quant. =>",{"v":278.08,"d":"278.0800000"},"Preço Total =>",{"v":2458.22,"d":"2,458.22"}]
[]
[" 9.1.1.6 ","Código","Banco","Descrição","Tipo",null,"Und","Quant.","Valor Unit","Total"]
["Composição"," 92427 ","SINAPI","MONTAGEM E DESMONTAGEM DE FÔRMA DE PILARES RETANGULARES E ESTRUTURAS SIMILARES, PÉ-DIREITO SIMPLES, EM CHAPA DE MADEIRA COMPENSADA RESINADA, 8 UTILIZAÇÕES. AF_09/2020","Fôrmas para Estruturas de Concreto Armado",null,"m²",{"v":1,"d":"1.0000000"},53.16,53.16]
["Composição Auxiliar"," 88239 ","SINAPI","AJUDANTE DE CARPINTEIRO COM ENCARGOS COMPLEMENTARES","Livro SINAPI: Cálculos e Parâmetros",null,"H",{"v":0.127,"d":"0.1270000"},21.29,{"v":2.7,"d":"2.70"}]
["Composição Auxiliar"," 88262 ","SINAPI","CARPINTEIRO DE FORMAS COM ENCARGOS COMPLEMENTARES","Livro SINAPI: Cálculos e Parâmetros",null,"H",{"v":0.695,"d":"0.6950000"},25.77,17.91]
["Composição Auxiliar"," 92263 ","SINAPI","FABRICAÇÃO DE FÔRMA PARA PILARES E ESTRUTURAS SIMILARES, EM CHAPA DE MADEIRA COMPENSADA RESINADA, E = 17 MM. AF_09/2020","Fôrmas para Estruturas de Concreto Armado",null,"m²",{"v":0.15,"d":"0.1500000"},135.15,20.27]
["Insumo"," 00002692 ","SINAPI","DESMOLDANTE PROTETOR PARA FORMAS DE MADEIRA, DE BASE OLEOSA EMULSIONADA EM AGUA","Material",null,"L",{"v":0.01,"d":"0.0100000"},{"v":7.4,"d":"7.40"},0.07]
["Insumo"," 00040271 ","SINAPI","LOCACAO DE APRUMADOR METALICO DE PILAR, COM ALTURA E ANGULO REGULAVEIS, EXTENSAO DE *1,50* A *2,80* M","Equipamento",null,"UNXMES",{"v":0.196,"d":"0.1960000"},12.98,2.54]
["Insumo"," 00040275 ","SINAPI","LOCACAO DE VIGA SANDUICHE METALICA VAZADA PARA TRAVAMENTO DE PILARES, ALTURA DE *8* CM, LARGURA DE *6* CM E EXTENSAO DE 2 M","Equipamento",null,"UNXMES",{"v":0.393,"d":"0.3930000"},13.57,5.33]
["Insumo"," 00040287 ","SINAPI","LOCACAO DE BARRA DE ANCORAGEM DE 0,80 A 1,20 M DE EXTENSAO, COM ROSCA DE 5/8\", INCLUINDO PORCA E FLANGE","Equipamento",null,"MES",{"v":0.785,"d":"0.7850000"},{"v":5,"d":"5.00"},3.92]
["Insumo"," 00040304 ","SINAPI","PREGO DE ACO POLIDO COM CABECA DUPLA 17 X 27 (2 1/2 X 11)","Material",null,"KG",{"v":0.019,"d":"0.0190000"},22.59,0.42]
[{"$nulls":4},"MO sem LS =>",{"v":10.519662921348315,"d":"10.52"},"LS =>",11.95,"MO com LS =>",22.47]
[{"$nulls":4},"Valor do BDI =>",10.81,null,"Valor com BDI =>",null,63.97]
[{"$nulls":6},"Quant. =>",{"v":24.7,"d":"24.7000000"},"Preço Total =>",{"v":1580.05,"d":"1,580.05"}]
[]
[" 9.1.1.7 ","Código","Banco","Descrição","Tipo",null,"Und","Quant.","Valor Unit","Total"]
["Composição"," 92762 ","SINAPI","ARMAÇÃO DE PILAR OU VIGA DE ESTRUTURA CONVENCIONAL DE CONCRETO ARMADO UTILIZANDO AÇO CA-50 DE 10,0 MM - MONTAGEM. AF_06/2022","Armação para Estruturas de Concreto Armado",null,"KG",{"v":1,"d":"1.0000000"},8.62,8.62]
["Composição Auxiliar"," 88238 ","SINAPI","AJUDANTE DE ARMADOR COM ENCARGOS COMPLEMENTARES","Livro SINAPI: Cálculos e Parâmetros",null,"H",{"v":0.0064,"d":"0.0064000"},21.42,0.13]
["Composição Auxiliar"," 88245 ","SINAPI","ARMADOR COM ENCARGOS COMPLEMENTARES","Livro SINAPI: Cálculos e Parâmetros",null,"H",{"v":0.0392,"d":"0.0392000"},25.95,1.01]
["Composição Auxiliar"," 92803 ","SINAPI","CORTE E DOBRA DE AÇO CA-50, DIÂMETRO DE 10,0 MM. AF_06/2022","Armação para Estruturas de Concreto Armado",null,"KG",{"v":1,"d":"1.0000000"},6.87,6.87]
["Insumo"," 00039017 ","SINAPI","ESPACADOR / DISTANCIADOR CIRCULAR COM ENTRADA LATERAL, EM PLASTICO, PARA VERGALHAO *4,2 A 12,5* MM, COBRIMENTO 20 MM","Material",null,"UN",{"v":0.543,"d":"0.5430000"},0.19,{"v":0.1,"d":"0.10"}]
["Insumo"," 00043132 ","SINAPI","ARAME RECOZIDO 16 BWG, D = 1,65 MM (0,016 KG/M) OU 18 BWG, D = 1,25 MM (0,01 KG/M)","Material",null,"KG",{"v":0.025,"d":"0.0250000"},20.56,0.51]
[{"$nulls":4},"MO sem LS =>",{"v":0.5290262172284644,"d":"0.53"},"LS =>",{"v":0.6,"d":"0.60"},"MO com LS =>",1.13]
[{"$nulls":4},"Valor do BDI =>",1.75,null,"Valor com BDI =>",null,10.37]
[{"$nulls":6},"Quant. =>",{"v":88.86,"d":"88.8600000"},"Preço Total =>",921.47]
[]
[" 9.1.1.8 ","Código","Banco","Descrição","Tipo",null,"Und","Quant.","Valor Unit","Total"]
["Composição"," 92759 ","SINAPI","ARMAÇÃO DE PILAR OU VIGA DE ESTRUTURA CONVENCIONAL DE CONCRETO ARMADO UTILIZANDO AÇO CA-60 DE 5,0 MM - MONTAGEM. AF_06/2022","Armação para Estruturas de Concreto Armado",null,"KG",{"v":1,"d":"1.0000000"},11.62,11.62]
["Composição Auxiliar"," 88238 ","SINAPI","AJUDANTE DE ARMADOR COM ENCARGOS COMPLEMENTARES","Livro SINAPI: Cálculos e Parâmetros",null,"H",{"v":0.0175,"d":"0.0175000"},21.42,0.37]
["Composição Auxiliar"," 88245 ","SINAPI","ARMADOR COM ENCARGOS COMPLEMENTARES","Livro SINAPI: Cálculos e Parâmetros",null,"H",{"v":0.1069,"d":"0.1069000"},25.95,2.77]
["Composição Auxiliar"," 92800 ","SINAPI","CORTE E DOBRA DE AÇO CA-60, DIÂMETRO DE 5,0 MM. AF_06/2022","Armação para Estruturas de Concreto Armado",null,"KG",{"v":1,"d":"1.0000000"},7.75,7.75]
["Insumo"," 00039017 ","SINAPI","ESPACADOR / DISTANCIADOR CIRCULAR COM ENTRADA LATERAL, EM PLASTICO, PARA VERGALHAO *4,2 A 12,5* MM, COBRIMENTO 20 MM","Material",null,"UN",{"v":1.19,"d":"1.1900000"},0.19,0.22]
["Insumo"," 00043132 ","SINAPI","ARAME RECOZIDO 16 BWG, D = 1,65 MM (0,016 KG/M) OU 18 BWG, D = 1,25 MM (0,01 KG/M)","Material",null,"KG",{"v":0.025,"d":"0.0250000"},20.56,0.51]
[{"$nulls":4},"MO sem LS =>",{"v":1.8586142322097379,"d":"1.86"},"LS =>",2.11,"MO com LS =>",3.97]
[{"$nulls":4},"Valor do BDI =>",2.36,null,"Valor com BDI =>",null,13.98]
[{"$nulls":6},"Quant. =>",{"v":22.96,"d":"22.9600000"},"Preço Total =>",320.98]
[]
[" 9.1.1.9 ","Código","Banco","Descrição","Tipo",null,"Und","Quant.","Valor Unit","Total"]
["Composição"," 94965 ","SINAPI","CONCRETO FCK = 25MPA, TRAÇO 1:2,3:2,7 (EM MASSA SECA DE CIMENTO/ AREIA MÉDIA/ BRITA 1) - PREPARO MECÂNICO COM BETONEIRA 400 L. AF_05/2021","Produção de Concreto",null,"m³",{"v":1,"d":"1.0000000"},440.17,440.17]
["Composição Auxiliar"," 88316 ","SINAPI","SERVENTE COM ENCARGOS COMPLEMENTARES","Livro SINAPI: Cálculos e Parâmetros",null,"H",{"v":2.3117,"d":"2.3117000"},20.58,47.57]
["Composição Auxiliar"," 88377 ","SINAPI","OPERADOR DE BETONEIRA ESTACIONÁRIA/MISTURADOR COM ENCARGOS COMPLEMENTARES","Livro SINAPI: Cálculos e Parâmetros",null,"H",{"v":1.4637,"d":"1.4637000"},17.82,26.08]
["Composição Auxiliar"," 88830 ","SINAPI","BETONEIRA CAPACIDADE NOMINAL DE 400 L, CAPACIDADE DE MISTURA 280 L, MOTOR ELÉTRICO TRIFÁSICO POTÊNCIA DE 2 CV, SEM CARREGADOR - CHP DIURNO. AF_05/2023","Custos Horários Produtivo e Improdutivo dos Equipamentos",null,"CHP",{"v":0.7534,"d":"0.7534000"},1.43,1.07]
["Composição Auxiliar"," 88831 ","SINAPI","BETONEIRA CAPACIDADE NOMINAL DE 400 L, CAPACIDADE DE MISTURA 280 L, MOTOR ELÉTRICO TRIFÁSICO POTÊNCIA DE 2 CV, SEM CARREGADOR - CHI DIURNO. AF_05/2023","Custos Horários Produtivo e Improdutivo dos Equipamentos",null,"CHI",{"v":0.7103,"d":"0.7103000"},0.33,0.23]
["Insumo"," 00000370 ","SINAPI","AREIA MEDIA - POSTO JAZIDA/FORNECEDOR (RETIRADO NA JAZIDA, SEM TRANSPORTE)","Material",null,"m³",{"v":0.7229,"d":"0.7229000"},124.24,89.81]
["Insumo"," 00001379 ","SINAPI","CIMENTO PORTLAND COMPOSTO CP II-32","Material",null,"KG",{"v":362.6579,"d":"362.6579000"},0.62,224.84]
["Insumo"," 00004721 ","SINAPI","PEDRA BRITADA N. 1 (9,5 A 19 MM) POSTO PEDREIRA/FORNECEDOR, SEM FRETE","Material",null,"m³",{"v":0.5934,"d":"0.5934000"},85.23,50.57]
[{"$nulls":4},"MO sem LS =>",{"v":27.18632958801498,"d":"27.19"},"LS =>",30.88,"MO com LS =>",58.07]
[{"$nulls":4},"Valor do BDI =>",89.53,null,"Valor com BDI =>",null,{"v":529.7,"d":"529.70"}]
[{"$nulls":6},"Quant. =>",{"v":1.06,"d":"1.0600000"},"Preço Total =>",561.48]
[]
[" 9.1.1.10 ","Código","Banco","Descrição","Tipo",null,"Und","Quant.","Valor Unit","Total"]
["Composição"," 103670 ","SINAPI","LANÇAMENTO COM USO DE BALDES, ADENSAMENTO E ACABAMENTO DE CONCRETO EM ESTRUTURAS. AF_02/2022","Concretagem para Estruturas de Concreto Armado",null,"m³",{"v":1,"d":"1.0000000"},281.31,281.31]
["Composição Auxiliar"," 88262 ","SINAPI","CARPINTEIRO DE FORMAS COM ENCARGOS COMPLEMENTARES","Livro SINAPI: Cálculos e Parâmetros",null,"H",{"v":2.459,"d":"2.4590000"},25.77,63.36]
["Composição Auxiliar"," 88309 ","SINAPI","PEDREIRO COM ENCARGOS COMPLEMENTARES","Livro SINAPI: Cálculos e Parâmetros",null,"H",{"v":2.459,"d":"2.4590000"},26.15,{"v":64.3,"d":"64.30"}]
["Composição Auxiliar"," 88316 ","SINAPI","SERVENTE COM ENCARGOS COMPLEMENTARES","Livro SINAPI: Cálculos e Parâmetros",null,"H",{"v":7.377,"d":"7.3770000"},20.58,151.81]
["Composição Auxiliar"," 90586 ","SINAPI","VIBRADOR DE IMERSÃO, DIÂMETRO DE PONTEIRA 45MM, MOTOR ELÉTRICO TRIFÁSICO POTÊNCIA DE 2 CV - CHP DIURNO. AF_06/2015","Custos Horários Produtivo e Improdutivo dos Equipamentos",null,"CHP",{"v":1.042,"d":"1.0420000"},1.12,1.16]
["Composição Auxiliar"," 90587 ","SINAPI","VIBRADOR DE IMERSÃO, DIÂMETRO DE PONTEIRA 45MM, MOTOR ELÉTRICO TRIFÁSICO POTÊNCIA DE 2 CV - CHI DIURNO. AF_06/2015","Custos Horários Produtivo e Improdutivo dos Equipamentos",null,"CHI",{"v":1.417,"d":"1.4170000"},0.48,0.68]
[{"$nulls":4},"MO sem LS =>",{"v":105.0187265917603,"d":"105.02"},"LS =>",{"v":119.3,"d":"119.30"},"MO com LS =>",224.32]
[{"$nulls":4},"Valor do BDI =>",57.21,null,"Valor com BDI =>",null,338.52]
[{"$nulls":6},"Quant. =>",{"v":1.06,"d":"1.0600000"},"Preço Total =>",358.83]
[]
[" 9.1.2 ",null,null,"BLOCO PEDAGÓGICO",{"$nulls":5},{"v":103246.05,"d":"103,246.05"}]
[" 9.1.2.1 ","Código","Banco","Descrição","Tipo",null,"Und","Quant.","Valor Unit","Total"]
["Composição"," CP-92542 ","Próprio","TRAMA DE MADEIRA COMPOSTA POR RIPAS, CAIBROS E TERÇAS (6X16 CM) PARA TELHADOS DE MAIS QUE 2 ÁGUAS PARA TELHA CERÂMICA CAPA-CANAL, INCLUSO TRANSPORTE VERTICAL. AF_07/2019 [ADAPTADO DE SINAPI 92542]","Estrutura e Trama para Cobertura",null,"m²",{"v":1,"d":"1.0000000"},87.34,87.34]
["Composição Auxiliar"," 93282 ","SINAPI","GUINCHO ELÉTRICO DE COLUNA, CAPACIDADE 400 KG, COM MOTO FREIO, MOTOR TRIFÁSICO DE 1,25 CV - CHI DIURNO. AF_03/2016","Custos Horários Produtivo e Improdutivo dos Equipamentos",null,"CHI",{"v":0.0604,"d":"0.0604000"},22.43,1.35]
["Composição Auxiliar"," 93281 ","SINAPI","GUINCHO ELÉTRICO DE COLUNA, CAPACIDADE 400 KG, COM MOTO FREIO, MOTOR TRIFÁSICO DE 1,25 CV - CHP DIURNO. AF_03/2016","Custos Horários Produtivo e Improdutivo dos Equipamentos",null,"CHP",{"v":0.0435,"d":"0.0435000"},23.13,{"v":1,"d":"1.00"}]
["Composição Auxiliar"," 88262 ","SINAPI","CARPINTEIRO DE FORMAS COM ENCARGOS COMPLEMENTARES","Livro SINAPI: Cálculos e Parâmetros",null,"H",{"v":0.676,"d":"0.6760000"},25.77,17.42]
["Composição Auxiliar"," 88239 ","SINAPI","AJUDANTE DE CARPINTEIRO COM ENCARGOS COMPLEMENTARES","Livro SINAPI: Cálculos e Parâmetros",null,"H",{"v":0.494,"d":"0.4940000"},21.29,10.51]
["Insumo"," 00040568 ","SINAPI","PREGO DE ACO POLIDO COM CABECA 22 X 48 (4 1/4 X 5)","Material",null,"KG",{"v":0.03,"d":"0.0300000"},18.44,0.55]
["Insumo"," 00039027 ","SINAPI","PREGO DE ACO POLIDO COM CABECA 19 X 36 (3 1/4 X 9)","Material",null,"KG",{"v":0.05,"d":"0.0500000"},18.28,0.91]
["Insumo"," 00020247 ","SINAPI","PREGO DE ACO POLIDO COM CABECA 15 X 15 (1 1/4 X 13)","Material",null,"KG",{"v":0.07,"d":"0.0700000"},20.26,1.41]
["Insumo"," 00004430 ","SINAPI","CAIBRO NAO APARELHADO *5 X 6* CM, EM MACARANDUBA/MASSARANDUBA, ANGELIM OU EQUIVALENTE DA REGIAO - BRUTA","Material",null,"M",{"v":2.36,"d":"2.3600000"},9.79,{"v":23.1,"d":"23.10"}]
["Insumo"," 00004408 ","SINAPI","RIPA NAO APARELHADA, *1,5 X 5* CM, EM MACARANDUBA/MASSARANDUBA, ANGELIM OU EQUIVALENTE DA REGIAO - BRUTA","Material",null,"M",{"v":2.589,"d":"2.5890000"},1.86,4.81]
["Insumo"," 00004472 ","SINAPI","VIGA NAO APARELHADA *6 X 16* CM, EM MACARANDUBA/MASSARANDUBA, ANGELIM OU EQUIVALENTE DA REGIAO - BRUTA","Material",null,"M",{"v":1.017,"d":"1.0170000"},25.85,26.28]
[{"$nulls":4},"MO sem LS =>",{"v":11.568352059925093,"d":"11.57"},"LS =>",13.14,"MO com LS =>",24.71]
[{"$nulls":4},"Valor do BDI =>",17.76,null,"Valor com BDI =>",null,{"v":105.1,"d":"105.10"}]
[{"$nulls":6},"Quant. =>",{"v":567.58,"d":"567.5800000"},"Preço Total =>",{"v":59652.65,"d":"59,652.65"}]
[]
[" 9.1.2.2 ","Código","Banco","Descrição","Tipo",null,"Und","Quant.","Valor Unit","Total"]
["Composição"," 94204 ","SINAPI","TELHAMENTO COM TELHA CERÂMICA CAPA-CANAL, TIPO COLONIAL, COM MAIS DE 2 ÁGUAS, INCLUSO TRANSPORTE VERTICAL. AF_07/2019","Telhamento para Cobertura",null,"m²",{"v":1,"d":"1.0000000"},41.83,41.83]
["Composição Auxiliar"," 88316 ","SINAPI","SERVENTE COM ENCARGOS COMPLEMENTARES","Livro SINAPI: Cálculos e Parâmetros",null,"H",{"v":0.521,"d":"0.5210000"},20.58,10.72]
["Composição Auxiliar"," 88323 ","SINAPI","TELHADISTA COM ENCARGOS COMPLEMENTARES","Livro SINAPI: Cálculos e Parâmetros",null,"H",{"v":0.254,"d":"0.2540000"},25.52,6.48]
["Composição Auxiliar"," 93281 ","SINAPI","GUINCHO ELÉTRICO DE COLUNA, CAPACIDADE 400 KG, COM MOTO FREIO, MOTOR TRIFÁSICO DE 1,25 CV - CHP DIURNO. AF_03/2016","Custos Horários Produtivo e Improdutivo dos Equipamentos",null,"CHP",{"v":0.0372,"d":"0.0372000"},23.13,0.86]
["Composição Auxiliar"," 93282 ","SINAPI","GUINCHO ELÉTRICO DE COLUNA, CAPACIDADE 400 KG, COM MOTO FREIO, MOTOR TRIFÁSICO DE 1,25 CV - CHI DIURNO. AF_03/2016","Custos Horários Produtivo e Improdutivo dos Equipamentos",null,"CHI",{"v":0.0516,"d":"0.0516000"},22.43,1.15]
["Insumo"," 00007173 ","SINAPI","TELHA DE BARRO / CERAMICA, NAO ESMALTADA, TIPO COLONIAL, CANAL, PLAN, PAULISTA, COMPRIMENTO DE *44 A 50* CM, RENDIMENTO DE COBERTURA DE *26* TELHAS/M2","Material",null,"MIL",{"v":0.0275,"d":"0.0275000"},822.57,22.62]
[{"$nulls":4},"MO sem LS =>",{"v":7.205056179775281,"d":"7.21"},"LS =>",8.18,"MO com LS =>",15.39]
[{"$nulls":4},"Valor do BDI =>",{"v":8.5,"d":"8.50"},null,"Valor com BDI =>",null,50.33]
[{"$nulls":6},"Quant. =>",{"v":567.58,"d":"567.5800000"},"Preço Total =>",{"v":28566.3,"d":"28,566.30"}]
[]
[" 9.1.2.3 ","Código","Banco","Descrição","Tipo",null,"Und","Quant.","Valor Unit","Total"]
["Composição"," 94219 ","SINAPI","CUMEEIRA E ESPIGÃO PARA TELHA CERÂMICA EMBOÇADA COM ARGAMASSA TRAÇO 1:2:9 (CIMENTO, CAL E AREIA), PARA TELHADOS COM MAIS DE 2 ÁGUAS, INCLUSO TRANSPORTE VERTICAL. AF_07/2019","Telhamento para Cobertura",null,"M",{"v":1,"d":"1.0000000"},27.42,27.42]
["Composição Auxiliar"," 87337 ","SINAPI","ARGAMASSA TRAÇO 1:2:9 (EM VOLUME DE CIMENTO, CAL E AREIA MÉDIA ÚMIDA) PARA EMBOÇO/MASSA ÚNICA/ASSENTAMENTO DE ALVENARIA DE VEDAÇÃO, PREPARO MECÂNICO COM MISTURADOR DE EIXO HORIZONTAL DE 300 KG. AF_08/2019","Argamassas",null,"m³",{"v":0.0117,"d":"0.0117000"},491.56,5.75]
["Composição Auxiliar"," 88316 ","SINAPI","SERVENTE COM ENCARGOS COMPLEMENTARES","Livro SINAPI: Cálculos e Parâmetros",null,"H",{"v":0.35,"d":"0.3500000"},20.58,{"v":7.2,"d":"7.20"}]
["Composição Auxiliar"," 88323 ","SINAPI","TELHADISTA COM ENCARGOS COMPLEMENTARES","Livro SINAPI: Cálculos e Parâmetros",null,"H",{"v":0.305,"d":"0.3050000"},25.52,7.78]
["Composição Auxiliar"," 93281 ","SINAPI","GUINCHO ELÉTRICO DE COLUNA, CAPACIDADE 400 KG, COM MOTO FREIO, MOTOR TRIFÁSICO DE 1,25 CV - CHP DIURNO. AF_03/2016","Custos Horários Produtivo e Improdutivo dos Equipamentos",null,"CHP",{"v":6.3E-3,"d":"0.0063000"},23.13,0.14]
["Composição Auxiliar"," 93282 ","SINAPI","GUINCHO ELÉTRICO DE COLUNA, CAPACIDADE 400 KG, COM MOTO FREIO, MOTOR TRIFÁSICO DE 1,25 CV - CHI DIURNO. AF_03/2016","Custos Horários Produtivo e Improdutivo dos Equipamentos",null,"CHI",{"v":0.0087,"d":"0.0087000"},22.43,0.19]
["Insumo"," 00007181 ","SINAPI","CUMEEIRA PARA TELHA CERAMICA, COMPRIMENTO DE *41* CM, RENDIMENTO DE *3* TELHAS/M","Material",null,"UN",{"v":3,"d":"3.0000000"},2.12,6.36]
[{"$nulls":4},"MO sem LS =>",{"v":6.156367041198502,"d":"6.16"},"LS =>",6.99,"MO com LS =>",13.15]
[{"$nulls":4},"Valor do BDI =>",5.57,null,"Valor com BDI =>",null,32.99]
[{"$nulls":6},"Quant. =>",{"v":76.66,"d":"76.6600000"},"Preço Total =>",{"v":2529.01,"d":"2,529.01"}]
[]
[" 9.1.2.4 ","Código","Banco","Descrição","Tipo",null,"Und","Quant.","Valor Unit","Total"]
["Composição"," 97650 ","SINAPI","REMOÇÃO DE TRAMA DE MADEIRA PARA COBERTURA, DE FORMA MANUAL, SEM REAPROVEITAMENTO. AF_09/2023","Demolições e Remoções",null,"m²",{"v":1,"d":"1.0000000"},7.35,7.35]
["Composição Auxiliar"," 88316 ","SINAPI","SERVENTE COM ENCARGOS COMPLEMENTARES","Livro SINAPI: Cálculos e Parâmetros",null,"H",{"v":0.2487,"d":"0.2487000"},20.58,5.11]
["Composição Auxiliar"," 88323 ","SINAPI","TELHADISTA COM ENCARGOS COMPLEMENTARES","Livro SINAPI: Cálculos e Parâmetros",null,"H",{"v":0.0879,"d":"0.0879000"},25.52,2.24]
[{"$nulls":4},"MO sem LS =>",{"v":2.7387640449438204,"d":"2.74"},"LS =>",3.11,"MO com LS =>",5.85]
[{"$nulls":4},"Valor do BDI =>",1.49,null,"Valor com BDI =>",null,8.84]
[{"$nulls":6},"Quant. =>",{"v":567.58,"d":"567.5800000"},"Preço Total =>",{"v":5017.4,"d":"5,017.40"}]
[]
[" 9.1.2.5 ","Código","Banco","Descrição","Tipo",null,"Und","Quant.","Valor Unit","Total"]
["Composição"," 97647 ","SINAPI","REMOÇÃO DE TELHAS DE FIBROCIMENTO METÁLICA E CERÂMICA, DE FORMA MANUAL, SEM REAPROVEITAMENTO. AF_09/2023","Demolições e Remoções",null,"m²",{"v":1,"d":"1.0000000"},3.41,3.41]
["Composição Auxiliar"," 88316 ","SINAPI","SERVENTE COM ENCARGOS COMPLEMENTARES","Livro SINAPI: Cálculos e Parâmetros",null,"H",{"v":0.1153,"d":"0.1153000"},20.58,2.37]
["Composição Auxiliar"," 88323 ","SINAPI","TELHADISTA COM ENCARGOS COMPLEMENTARES","Livro SINAPI: Cálculos e Parâmetros",null,"H",{"v":0.0408,"d":"0.0408000"},25.52,1.04]
[{"$nulls":4},"MO sem LS =>",{"v":1.2687265917602997,"d":"1.27"},"LS =>",1.44,"MO com LS =>",2.71]
[{"$nulls":4},"Valor do BDI =>",0.69,null,"Valor com BDI =>",null,{"v":4.1,"d":"4.10"}]
[{"$nulls":6},"Quant. =>",{"v":567.58,"d":"567.5800000"},"Preço Total =>",{"v":2327.07,"d":"2,327.07"}]
[]
[" 9.1.2.6 ","Código","Banco","Descrição","Tipo",null,"Und","Quant.","Valor Unit","Total"]
["Composição"," 92427 ","SINAPI","MONTAGEM E DESMONTAGEM DE FÔRMA DE PILARES RETANGULARES E ESTRUTURAS SIMILARES, PÉ-DIREITO SIMPLES, EM CHAPA DE MADEIRA COMPENSADA RESINADA, 8 UTILIZAÇÕES. AF_09/2020","Fôrmas para Estruturas de Concreto Armado",null,"m²",{"v":1,"d":"1.0000000"},53.16,53.16]
["Composição Auxiliar"," 88239 ","SINAPI","AJUDANTE DE CARPINTEIRO COM ENCARGOS COMPLEMENTARES","Livro SINAPI: Cálculos e Parâmetros",null,"H",{"v":0.127,"d":"0.1270000"},21.29,{"v":2.7,"d":"2.70"}]
["Composição Auxiliar"," 88262 ","SINAPI","CARPINTEIRO DE FORMAS COM ENCARGOS COMPLEMENTARES","Livro SINAPI: Cálculos e Parâmetros",null,"H",{"v":0.695,"d":"0.6950000"},25.77,17.91]
["Composição Auxiliar"," 92263 ","SINAPI","FABRICAÇÃO DE FÔRMA PARA PILARES E ESTRUTURAS SIMILARES, EM CHAPA DE MADEIRA COMPENSADA RESINADA, E = 17 MM. AF_09/2020","Fôrmas para Estruturas de Concreto Armado",null,"m²",{"v":0.15,"d":"0.1500000"},135.15,20.27]
["Insumo"," 00002692 ","SINAPI","DESMOLDANTE PROTETOR PARA FORMAS DE MADEIRA, DE BASE OLEOSA EMULSIONADA EM AGUA","Material",null,"L",{"v":0.01,"d":"0.0100000"},{"v":7.4,"d":"7.40"},0.07]
["Insumo"," 00040271 ","SINAPI","LOCACAO DE APRUMADOR METALICO DE PILAR, COM ALTURA E ANGULO REGULAVEIS, EXTENSAO DE *1,50* A *2,80* M","Equipamento",null,"UNXMES",{"v":0.196,"d":"0.1960000"},12.98,2.54]
["Insumo"," 00040275 ","SINAPI","LOCACAO DE VIGA SANDUICHE METALICA VAZADA PARA TRAVAMENTO DE PILARES, ALTURA DE *8* CM, LARGURA DE *6* CM E EXTENSAO DE 2 M","Equipamento",null,"UNXMES",{"v":0.393,"d":"0.3930000"},13.57,5.33]
["Insumo"," 00040287 ","SINAPI","LOCACAO DE BARRA DE ANCORAGEM DE 0,80 A 1,20 M DE EXTENSAO, COM ROSCA DE 5/8\", INCLUINDO PORCA E FLANGE","Equipamento",null,"MES",{"v":0.785,"d":"0.7850000"},{"v":5,"d":"5.00"},3.92]
["Insumo"," 00040304 ","SINAPI","PREGO DE ACO POLIDO COM CABECA DUPLA 17 X 27 (2 1/2 X 11)","Material",null,"KG",{"v":0.019,"d":"0.0190000"},22.59,0.42]
[{"$nulls":4},"MO sem LS =>",{"v":10.519662921348315,"d":"10.52"},"LS =>",11.95,"MO com LS =>",22.47]
[{"$nulls":4},"Valor do BDI =>",10.81,null,"Valor com BDI =>",null,63.97]
[{"$nulls":6},"Quant. =>",{"v":34.02,"d":"34.0200000"},"Preço Total =>",{"v":2176.25,"d":"2,176.25"}]
[]
[" 9.1.2.7 ","Código","Banco","Descrição","Tipo",null,"Und","Quant.","Valor Unit","Total"]
["Composição"," 92762 ","SINAPI","ARMAÇÃO DE PILAR OU VIGA DE ESTRUTURA CONVENCIONAL DE CONCRETO ARMADO UTILIZANDO AÇO CA-50 DE 10,0 MM - MONTAGEM. AF_06/2022","Armação para Estruturas de Concreto Armado",null,"KG",{"v":1,"d":"1.0000000"},8.62,8.62]
["Composição Auxiliar"," 88238 ","SINAPI","AJUDANTE DE ARMADOR COM ENCARGOS COMPLEMENTARES","Livro SINAPI: Cálculos e Parâmetros",null,"H",{"v":0.0064,"d":"0.0064000"},21.42,0.13]
["Composição Auxiliar"," 88245 ","SINAPI","ARMADOR COM ENCARGOS COMPLEMENTARES","Livro SINAPI: Cálculos e Parâmetros",null,"H",{"v":0.0392,"d":"0.0392000"},25.95,1.01]
["Composição Auxiliar"," 92803 ","SINAPI","CORTE E DOBRA DE AÇO CA-50, DIÂMETRO DE 10,0 MM. AF_06/2022","Armação para Estruturas de Concreto Armado",null,"KG",{"v":1,"d":"1.0000000"},6.87,6.87]
["Insumo"," 00039017 ","SINAPI","ESPACADOR / DISTANCIADOR CIRCULAR COM ENTRADA LATERAL, EM PLASTICO, PARA VERGALHAO *4,2 A 12,5* MM, COBRIMENTO 20 MM","Material",null,"UN",{"v":0.543,"d":"0.5430000"},0.19,{"v":0.1,"d":"0.10"}]
["Insumo"," 00043132 ","SINAPI","ARAME RECOZIDO 16 BWG, D = 1,65 MM (0,016 KG/M) OU 18 BWG, D = 1,25 MM (0,01 KG/M)","Material",null,"KG",{"v":0.025,"d":"0.0250000"},20.56,0.51]
[{"$nulls":4},"MO sem LS =>",{"v":0.5290262172284644,"d":"0.53"},"LS =>",{"v":0.6,"d":"0.60"},"MO com LS =>",1.13]
[{"$nulls":4},"Valor do BDI =>",1.75,null,"Valor com BDI =>",null,10.37]
[{"$nulls":6},"Quant. =>",{"v":122.17,"d":"122.1700000"},"Preço Total =>",{"v":1266.9,"d":"1,266.90"}]
[]
[" 9.1.2.8 ","Código","Banco","Descrição","Tipo",null,"Und","Quant.","Valor Unit","Total"]
["Composição"," 92759 ","SINAPI","ARMAÇÃO DE PILAR OU VIGA DE ESTRUTURA CONVENCIONAL DE CONCRETO ARMADO UTILIZANDO AÇO CA-60 DE 5,0 MM - MONTAGEM. AF_06/2022","Armação para Estruturas de Concreto Armado",null,"KG",{"v":1,"d":"1.0000000"},11.62,11.62]
["Composição Auxiliar"," 88238 ","SINAPI","AJUDANTE DE ARMADOR COM ENCARGOS COMPLEMENTARES","Livro SINAPI: Cálculos e Parâmetros",null,"H",{"v":0.0175,"d":"0.0175000"},21.42,0.37]
["Composição Auxiliar"," 88245 ","SINAPI","ARMADOR COM ENCARGOS COMPLEMENTARES","Livro SINAPI: Cálculos e Parâmetros",null,"H",{"v":0.1069,"d":"0.1069000"},25.95,2.77]
["Composição Auxiliar"," 92800 ","SINAPI","CORTE E DOBRA DE AÇO CA-60, DIÂMETRO DE 5,0 MM. AF_06/2022","Armação para Estruturas de Concreto Armado",null,"KG",{"v":1,"d":"1.0000000"},7.75,7.75]
["Insumo"," 00039017 ","SINAPI","ESPACADOR / DISTANCIADOR CIRCULAR COM ENTRADA LATERAL, EM PLASTICO, PARA VERGALHAO *4,2 A 12,5* MM, COBRIMENTO 20 MM","Material",null,"UN",{"v":1.19,"d":"1.1900000"},0.19,0.22]
["Insumo"," 00043132 ","SINAPI","ARAME RECOZIDO 16 BWG, D = 1,65 MM (0,016 KG/M) OU 18 BWG, D = 1,25 MM (0,01 KG/M)","Material",null,"KG",{"v":0.025,"d":"0.0250000"},20.56,0.51]
[{"$nulls":4},"MO sem LS =>",{"v":1.8586142322097379,"d":"1.86"},"LS =>",2.11,"MO com LS =>",3.97]
[{"$nulls":4},"Valor do BDI =>",2.36,null,"Valor com BDI =>",null,13.98]
[{"$nulls":6},"Quant. =>",{"v":31.68,"d":"31.6800000"},"Preço Total =>",442.88]
[]
[" 9.1.2.9 ","Código","Banco","Descrição","Tipo",null,"Und","Quant.","Valor Unit","Total"]
["Composição"," 94965 ","SINAPI","CONCRETO FCK = 25MPA, TRAÇO 1:2,3:2,7 (EM MASSA SECA DE CIMENTO/ AREIA MÉDIA/ BRITA 1) - PREPARO MECÂNICO COM BETONEIRA 400 L. AF_05/2021","Produção de Concreto",null,"m³",{"v":1,"d":"1.0000000"},440.17,440.17]
["Composição Auxiliar"," 88316 ","SINAPI","SERVENTE COM ENCARGOS COMPLEMENTARES","Livro SINAPI: Cálculos e Parâmetros",null,"H",{"v":2.3117,"d":"2.3117000"},20.58,47.57]
["Composição Auxiliar"," 88377 ","SINAPI","OPERADOR DE BETONEIRA ESTACIONÁRIA/MISTURADOR COM ENCARGOS COMPLEMENTARES","Livro SINAPI: Cálculos e Parâmetros",null,"H",{"v":1.4637,"d":"1.4637000"},17.82,26.08]
["Composição Auxiliar"," 88830 ","SINAPI","BETONEIRA CAPACIDADE NOMINAL DE 400 L, CAPACIDADE DE MISTURA 280 L, MOTOR ELÉTRICO TRIFÁSICO POTÊNCIA DE 2 CV, SEM CARREGADOR - CHP DIURNO. AF_05/2023","Custos Horários Produtivo e Improdutivo dos Equipamentos",null,"CHP",{"v":0.7534,"d":"0.7534000"},1.43,1.07]
["Composição Auxiliar"," 88831 ","SINAPI","BETONEIRA CAPACIDADE NOMINAL DE 400 L, CAPACIDADE DE MISTURA 280 L, MOTOR ELÉTRICO TRIFÁSICO POTÊNCIA DE 2 CV, SEM CARREGADOR - CHI DIURNO. AF_05/2023","Custos Horários Produtivo e Improdutivo dos Equipamentos",null,"CHI",{"v":0.7103,"d":"0.7103000"},0.33,0.23]
["Insumo"," 00000370 ","SINAPI","AREIA MEDIA - POSTO JAZIDA/FORNECEDOR (RETIRADO NA JAZIDA, SEM TRANSPORTE)","Material",null,"m³",{"v":0.7229,"d":"0.7229000"},124.24,89.81]
["Insumo"," 00001379 ","SINAPI","CIMENTO PORTLAND COMPOSTO CP II-32","Material",null,"KG",{"v":362.6579,"d":"362.6579000"},0.62,224.84]
["Insumo"," 00004721 ","SINAPI","PEDRA BRITADA N. 1 (9,5 A 19 MM) POSTO PEDREIRA/FORNECEDOR, SEM FRETE","Material",null,"m³",{"v":0.5934,"d":"0.5934000"},85.23,50.57]
[{"$nulls":4},"MO sem LS =>",{"v":27.18632958801498,"d":"27.19"},"LS =>",30.88,"MO com LS =>",58.07]
[{"$nulls":4},"Valor do BDI =>",89.53,null,"Valor com BDI =>",null,{"v":529.7,"d":"529.70"}]
[{"$nulls":6},"Quant. =>",{"v":1.46,"d":"1.4600000"},"Preço Total =>",773.36]
[]
[" 9.1.2.10 ","Código","Banco","Descrição","Tipo",null,"Und","Quant.","Valor Unit","Total"]
["Composição"," 103670 ","SINAPI","LANÇAMENTO COM USO DE BALDES, ADENSAMENTO E ACABAMENTO DE CONCRETO EM ESTRUTURAS. AF_02/2022","Concretagem para Estruturas de Concreto Armado",null,"m³",{"v":1,"d":"1.0000000"},281.31,281.31]
["Composição Auxiliar"," 88262 ","SINAPI","CARPINTEIRO DE FORMAS COM ENCARGOS COMPLEMENTARES","Livro SINAPI: Cálculos e Parâmetros",null,"H",{"v":2.459,"d":"2.4590000"},25.77,63.36]
["Composição Auxiliar"," 88309 ","SINAPI","PEDREIRO COM ENCARGOS COMPLEMENTARES","Livro SINAPI: Cálculos e Parâmetros",null,"H",{"v":2.459,"d":"2.4590000"},26.15,{"v":64.3,"d":"64.30"}]
["Composição Auxiliar"," 88316 ","SINAPI","SERVENTE COM ENCARGOS COMPLEMENTARES","Livro SINAPI: Cálculos e Parâmetros",null,"H",{"v":7.377,"d":"7.3770000"},20.58,151.81]
["Composição Auxiliar"," 90586 ","SINAPI","VIBRADOR DE IMERSÃO, DIÂMETRO DE PONTEIRA 45MM, MOTOR ELÉTRICO TRIFÁSICO POTÊNCIA DE 2 CV - CHP DIURNO. AF_06/2015","Custos Horários Produtivo e Improdutivo dos Equipamentos",null,"CHP",{"v":1.042,"d":"1.0420000"},1.12,1.16]
["Composição Auxiliar"," 90587 ","SINAPI","VIBRADOR DE IMERSÃO, DIÂMETRO DE PONTEIRA 45MM, MOTOR ELÉTRICO TRIFÁSICO POTÊNCIA DE 2 CV - CHI DIURNO. AF_06/2015","Custos Horários Produtivo e Improdutivo dos Equipamentos",null,"CHI",{"v":1.417,"d":"1.4170000"},0.48,0.68]
[{"$nulls":4},"MO sem LS =>",{"v":105.0187265917603,"d":"105.02"},"LS =>",{"v":119.3,"d":"119.30"},"MO com LS =>",224.32]
[{"$nulls":4},"Valor do BDI =>",57.21,null,"Valor com BDI =>",null,338.52]
[{"$nulls":6},"Quant. =>",{"v":1.46,"d":"1.4600000"},"Preço Total =>",494.23]
[]
[" 9.1.3 ",null,null,"PÁTIO CENTRAL",{"$nulls":5},{"v":60366.74,"d":"60,366.74"}]
[" 9.1.3.1 ","Código","Banco","Descrição","Tipo",null,"Und","Quant.","Valor Unit","Total"]
["Composição"," 100359 ","SINAPI","FABRICAÇÃO E INSTALAÇÃO DE MEIA TESOURA DE MADEIRA NÃO APARELHADA, COM VÃO DE 5 M, PARA TELHA CERÂMICA OU DE CONCRETO, INCLUSO IÇAMENTO. AF_07/2019","Estrutura e Trama para Cobertura",null,"UN",{"v":1,"d":"1.0000000"},{"v":1280.04,"d":"1,280.04"},{"v":1280.04,"d":"1,280.04"}]
["Composição Auxiliar"," 88239 ","SINAPI","AJUDANTE DE CARPINTEIRO COM ENCARGOS COMPLEMENTARES","Livro SINAPI: Cálculos e Parâmetros",null,"H",{"v":3.459,"d":"3.4590000"},21.29,73.64]
["Composição Auxiliar"," 88262 ","SINAPI","CARPINTEIRO DE FORMAS COM ENCARGOS COMPLEMENTARES","Livro SINAPI: Cálculos e Parâmetros",null,"H",{"v":14.988,"d":"14.9880000"},25.77,386.24]
["Composição Auxiliar"," 92259 ","SINAPI","INSTALAÇÃO DE TESOURA (INTEIRA OU MEIA), BIAPOIADA, EM MADEIRA NÃO APARELHADA, PARA VÃOS MAIORES OU IGUAIS A 3,0 M E MENORES QUE 6,0 M, INCLUSO IÇAMENTO. AF_07/2019","Estrutura e Trama para Cobertura",null,"UN",{"v":1,"d":"1.0000000"},387.86,387.86]
["Insumo"," 00004400 ","SINAPI","CAIBRO NAO APARELHADO, *6 X 8* CM, EM MACARANDUBA/MASSARANDUBA, ANGELIM OU EQUIVALENTE DA REGIAO - BRUTA","Material",null,"M",{"v":4.5,"d":"4.5000000"},15.57,70.06]
["Insumo"," 00004415 ","SINAPI","SARRAFO NAO APARELHADO *2,5 X 5* CM, EM MACARANDUBA/MASSARANDUBA, ANGELIM, PEROBA-ROSA OU EQUIVALENTE DA REGIAO - BRUTA","Material",null,"M",{"v":4.5,"d":"4.5000000"},3.69,{"v":16.6,"d":"16.60"}]
["Insumo"," 00004425 ","SINAPI","VIGA NAO APARELHADA *6 X 12* CM, EM MACARANDUBA/MASSARANDUBA, ANGELIM OU EQUIVALENTE DA REGIAO - BRUTA","Material",null,"M",{"v":12,"d":"12.0000000"},20.69,248.28]
["Insumo"," 00006193 ","SINAPI","TABUA NAO APARELHADA *2,5 X 20* CM, EM MACARANDUBA/MASSARANDUBA, ANGELIM OU EQUIVALENTE DA REGIAO - BRUTA","Material",null,"M",{"v":3,"d":"3.0000000"},13.82,41.46]
["Insumo"," 00021142 ","SINAPI","ESTRIBO COM PARAFUSO EM CHAPA DE FERRO FUNDIDO DE 2\" X 3/16\" X 35 CM, SECAO \"U\", PARA MADEIRAMENTO DE TELHADO","Material",null,"UN",{"v":1,"d":"1.0000000"},35.34,35.34]
["Insumo"," 00039027 ","SINAPI","PREGO DE ACO POLIDO COM CABECA 19 X 36 (3 1/4 X 9)","Material",null,"KG",{"v":1.125,"d":"1.1250000"},18.28,20.56]
[{"$nulls":4},"MO sem LS =>",{"v":227.0177902621723,"d":"227.02"},"LS =>",257.89,"MO com LS =>",484.91]
[{"$nulls":4},"Valor do BDI =>",260.36,null,"Valor com BDI =>",null,{"v":1540.4,"d":"1,540.40"}]
[{"$nulls":6},"Quant. =>",{"v":6,"d":"6.0000000"},"Preço Total =>",{"v":9242.4,"d":"9,242.40"}]
[]
[" 9.1.3.2 ","Código","Banco","Descrição","Tipo",null,"Und","Quant.","Valor Unit","Total"]
["Composição"," 92547 ","SINAPI","FABRICAÇÃO E INSTALAÇÃO DE TESOURA INTEIRA EM MADEIRA NÃO APARELHADA, VÃO DE 5 M, PARA TELHA CERÂMICA OU DE CONCRETO, INCLUSO IÇAMENTO. AF_07/2019","Estrutura e Trama para Cobertura",null,"UN",{"v":1,"d":"1.0000000"},{"v":1119.33,"d":"1,119.33"},{"v":1119.33,"d":"1,119.33"}]
["Composição Auxiliar"," 88239 ","SINAPI","AJUDANTE DE CARPINTEIRO COM ENCARGOS COMPLEMENTARES","Livro SINAPI: Cálculos e Parâmetros",null,"H",{"v":2.594,"d":"2.5940000"},21.29,55.22]
["Composição Auxiliar"," 88262 ","SINAPI","CARPINTEIRO DE FORMAS COM ENCARGOS COMPLEMENTARES","Livro SINAPI: Cálculos e Parâmetros",null,"H",{"v":11.241,"d":"11.2410000"},25.77,289.68]
["Composição Auxiliar"," 92259 ","SINAPI","INSTALAÇÃO DE TESOURA (INTEIRA OU MEIA), BIAPOIADA, EM MADEIRA NÃO APARELHADA, PARA VÃOS MAIORES OU IGUAIS A 3,0 M E MENORES QUE 6,0 M, INCLUSO IÇAMENTO. AF_07/2019","Estrutura e Trama para Cobertura",null,"UN",{"v":1,"d":"1.0000000"},387.86,387.86]
["Insumo"," 00004400 ","SINAPI","CAIBRO NAO APARELHADO, *6 X 8* CM, EM MACARANDUBA/MASSARANDUBA, ANGELIM OU EQUIVALENTE DA REGIAO - BRUTA","Material",null,"M",{"v":3,"d":"3.0000000"},15.57,46.71]
["Insumo"," 00004425 ","SINAPI","VIGA NAO APARELHADA *6 X 12* CM, EM MACARANDUBA/MASSARANDUBA, ANGELIM OU EQUIVALENTE DA REGIAO - BRUTA","Material",null,"M",{"v":11.5,"d":"11.5000000"},20.69,237.93]
["Insumo"," 00006193 ","SINAPI","TABUA NAO APARELHADA *2,5 X 20* CM, EM MACARANDUBA/MASSARANDUBA, ANGELIM OU EQUIVALENTE DA REGIAO - BRUTA","Material",null,"M",{"v":3,"d":"3.0000000"},13.82,41.46]
["Insumo"," 00021142 ","SINAPI","ESTRIBO COM PARAFUSO EM CHAPA DE FERRO FUNDIDO DE 2\" X 3/16\" X 35 CM, SECAO \"U\", PARA MADEIRAMENTO DE TELHADO","Material",null,"UN",{"v":1,"d":"1.0000000"},35.34,35.34]
["Insumo"," 00039027 ","SINAPI","PREGO DE ACO POLIDO COM CABECA 19 X 36 (3 1/4 X 9)","Material",null,"KG",{"v":1.375,"d":"1.3750000"},18.28,25.13]
[{"$nulls":4},"MO sem LS =>",{"v":182.6685393258427,"d":"182.67"},"LS =>",207.51,"MO com LS =>",390.18]
[{"$nulls":4},"Valor do BDI =>",227.67,null,"Valor com BDI =>",null,{"v":1347,"d":"1,347.00"}]
[{"$nulls":6},"Quant. =>",{"v":3,"d":"3.0000000"},"Preço Total =>",{"v":4041,"d":"4,041.00"}]
[]
[" 9.1.3.3 ","Código","Banco","Descrição","Tipo",null,"Und","Quant.","Valor Unit","Total"]
["Composição"," 105081 ","SINAPI","VIGA DE MADEIRA SERRADA, MAÇARANDUBA OU EQUIVALENTE DA REGIÃO, APARELHADA, SEÇÃO RETANGULAR 6 X 16 CM. AF_03/2024","Estruturas de Madeira",null,"M",{"v":1,"d":"1.0000000"},57.44,57.44]
["Composição Auxiliar"," 88239 ","SINAPI","AJUDANTE DE CARPINTEIRO COM ENCARGOS COMPLEMENTARES","Livro SINAPI: Cálculos e Parâmetros",null,"H",{"v":0.315663,"d":"0.3156630"},21.29,6.72]
["Composição Auxiliar"," 88262 ","SINAPI","CARPINTEIRO DE FORMAS COM ENCARGOS COMPLEMENTARES","Livro SINAPI: Cálculos e Parâmetros",null,"H",{"v":0.44192,"d":"0.4419200"},25.77,11.38]
["Composição Auxiliar"," 95140 ","SINAPI","TALHA MANUAL DE CORRENTE, CAPACIDADE DE 2 TON. COM ELEVAÇÃO DE 3 M - CHI DIURNO. AF_07/2016","Custos Horários Produtivo e Improdutivo dos Equipamentos",null,"CHI",{"v":0.290798,"d":"0.2907980"},0.03,{"v":0,"d":"0.00"}]
["Insumo"," 00004335 ","SINAPI","PARAFUSO FRANCES ZINCADO, DIAMETRO 1/2\", COMPRIMENTO 12\", COM PORCA E ARRUELA LISA MEDIA","Material",null,"UN",{"v":1.1,"d":"1.1000000"},10.91,{"v":12,"d":"12.00"}]
["Insumo"," 00010527 ","SINAPI","LOCACAO DE ANDAIME METALICO TUBULAR DE ENCAIXE, TIPO DE TORRE, CADA PAINEL COM LARGURA DE 1 ATE 1,5 M E ALTURA DE *1,00* M, INCLUINDO DIAGONAL, BARRAS DE LIGACAO, SAPATAS OU RODIZIOS E DEMAIS ITENS NECESSARIOS A MONTAGEM (NAO INCLUI INSTALACAO)","Equipamento",null,"MXMES",{"v":0.000755,"d":"0.0007550"},16.97,0.01]
["Insumo"," 00020211 ","SINAPI","VIGA APARELHADA *6 X 16* CM, EM MACARANDUBA/MASSARANDUBA, ANGELIM OU EQUIVALENTE DA REGIAO","Material",null,"M",{"v":1.091594,"d":"1.0915940"},25.04,27.33]
[{"$nulls":4},"MO sem LS =>",{"v":6.914794007490637,"d":"6.91"},"LS =>",7.86,"MO com LS =>",14.77]
[{"$nulls":4},"Valor do BDI =>",11.68,null,"Valor com BDI =>",null,69.12]
[{"$nulls":6},"Quant. =>",{"v":66,"d":"66.0000000"},"Preço Total =>",{"v":4561.92,"d":"4,561.92"}]
[]
[" 9.1.3.4 ","Código","Banco","Descrição","Tipo",null,"Und","Quant.","Valor Unit","Total"]
["Composição"," CP-92542 ","Próprio","TRAMA DE MADEIRA COMPOSTA POR RIPAS, CAIBROS E TERÇAS (6X16 CM) PARA TELHADOS DE MAIS QUE 2 ÁGUAS PARA TELHA CERÂMICA CAPA-CANAL, INCLUSO TRANSPORTE VERTICAL. AF_07/2019 [ADAPTADO DE SINAPI 92542]","Estrutura e Trama para Cobertura",null,"m²",{"v":1,"d":"1.0000000"},87.34,87.34]
["Composição Auxiliar"," 93282 ","SINAPI","GUINCHO ELÉTRICO DE COLUNA, CAPACIDADE 400 KG, COM MOTO FREIO, MOTOR TRIFÁSICO DE 1,25 CV - CHI DIURNO. AF_03/2016","Custos Horários Produtivo e Improdutivo dos Equipamentos",null,"CHI",{"v":0.0604,"d":"0.0604000"},22.43,1.35]
["Composição Auxiliar"," 93281 ","SINAPI","GUINCHO ELÉTRICO DE COLUNA, CAPACIDADE 400 KG, COM MOTO FREIO, MOTOR TRIFÁSICO DE 1,25 CV - CHP DIURNO. AF_03/2016","Custos Horários Produtivo e Improdutivo dos Equipamentos",null,"CHP",{"v":0.0435,"d":"0.0435000"},23.13,{"v":1,"d":"1.00"}]
["Composição Auxiliar"," 88262 ","SINAPI","CARPINTEIRO DE FORMAS COM ENCARGOS COMPLEMENTARES","Livro SINAPI: Cálculos e Parâmetros",null,"H",{"v":0.676,"d":"0.6760000"},25.77,17.42]
["Composição Auxiliar"," 88239 ","SINAPI","AJUDANTE DE CARPINTEIRO COM ENCARGOS COMPLEMENTARES","Livro SINAPI: Cálculos e Parâmetros",null,"H",{"v":0.494,"d":"0.4940000"},21.29,10.51]
["Insumo"," 00040568 ","SINAPI","PREGO DE ACO POLIDO COM CABECA 22 X 48 (4 1/4 X 5)","Material",null,"KG",{"v":0.03,"d":"0.0300000"},18.44,0.55]
["Insumo"," 00039027 ","SINAPI","PREGO DE ACO POLIDO COM CABECA 19 X 36 (3 1/4 X 9)","Material",null,"KG",{"v":0.05,"d":"0.0500000"},18.28,0.91]
["Insumo"," 00020247 ","SINAPI","PREGO DE ACO POLIDO COM CABECA 15 X 15 (1 1/4 X 13)","Material",null,"KG",{"v":0.07,"d":"0.0700000"},20.26,1.41]
["Insumo"," 00004430 ","SINAPI","CAIBRO NAO APARELHADO *5 X 6* CM, EM MACARANDUBA/MASSARANDUBA, ANGELIM OU EQUIVALENTE DA REGIAO - BRUTA","Material",null,"M",{"v":2.36,"d":"2.3600000"},9.79,{"v":23.1,"d":"23.10"}]
["Insumo"," 00004408 ","SINAPI","RIPA NAO APARELHADA, *1,5 X 5* CM, EM MACARANDUBA/MASSARANDUBA, ANGELIM OU EQUIVALENTE DA REGIAO - BRUTA","Material",null,"M",{"v":2.589,"d":"2.5890000"},1.86,4.81]
["Insumo"," 00004472 ","SINAPI","VIGA NAO APARELHADA *6 X 16* CM, EM MACARANDUBA/MASSARANDUBA, ANGELIM OU EQUIVALENTE DA REGIAO - BRUTA","Material",null,"M",{"v":1.017,"d":"1.0170000"},25.85,26.28]
[{"$nulls":4},"MO sem LS =>",{"v":11.568352059925093,"d":"11.57"},"LS =>",13.14,"MO com LS =>",24.71]
[{"$nulls":4},"Valor do BDI =>",17.76,null,"Valor com BDI =>",null,{"v":105.1,"d":"105.10"}]
[{"$nulls":6},"Quant. =>",{"v":240.38,"d":"240.3800000"},"Preço Total =>",{"v":25263.93,"d":"25,263.93"}]
[]
[" 9.1.3.5 ","Código","Banco","Descrição","Tipo",null,"Und","Quant.","Valor Unit","Total"]
["Composição"," 94204 ","SINAPI","TELHAMENTO COM TELHA CERÂMICA CAPA-CANAL, TIPO COLONIAL, COM MAIS DE 2 ÁGUAS, INCLUSO TRANSPORTE VERTICAL. AF_07/2019","Telhamento para Cobertura",null,"m²",{"v":1,"d":"1.0000000"},41.83,41.83]
["Composição Auxiliar"," 88316 ","SINAPI","SERVENTE COM ENCARGOS COMPLEMENTARES","Livro SINAPI: Cálculos e Parâmetros",null,"H",{"v":0.521,"d":"0.5210000"},20.58,10.72]
["Composição Auxiliar"," 88323 ","SINAPI","TELHADISTA COM ENCARGOS COMPLEMENTARES","Livro SINAPI: Cálculos e Parâmetros",null,"H",{"v":0.254,"d":"0.2540000"},25.52,6.48]
["Composição Auxiliar"," 93281 ","SINAPI","GUINCHO ELÉTRICO DE COLUNA, CAPACIDADE 400 KG, COM MOTO FREIO, MOTOR TRIFÁSICO DE 1,25 CV - CHP DIURNO. AF_03/2016","Custos Horários Produtivo e Improdutivo dos Equipamentos",null,"CHP",{"v":0.0372,"d":"0.0372000"},23.13,0.86]
["Composição Auxiliar"," 93282 ","SINAPI","GUINCHO ELÉTRICO DE COLUNA, CAPACIDADE 400 KG, COM MOTO FREIO, MOTOR TRIFÁSICO DE 1,25 CV - CHI DIURNO. AF_03/2016","Custos Horários Produtivo e Improdutivo dos Equipamentos",null,"CHI",{"v":0.0516,"d":"0.0516000"},22.43,1.15]
["Insumo"," 00007173 ","SINAPI","TELHA DE BARRO / CERAMICA, NAO ESMALTADA, TIPO COLONIAL, CANAL, PLAN, PAULISTA, COMPRIMENTO DE *44 A 50* CM, RENDIMENTO DE COBERTURA DE *26* TELHAS/M2","Material",null,"MIL",{"v":0.0275,"d":"0.0275000"},822.57,22.62]
[{"$nulls":4},"MO sem LS =>",{"v":7.205056179775281,"d":"7.21"},"LS =>",8.18,"MO com LS =>",15.39]
[{"$nulls":4},"Valor do BDI =>",{"v":8.5,"d":"8.50"},null,"Valor com BDI =>",null,50.33]
[{"$nulls":6},"Quant. =>",{"v":240.38,"d":"240.3800000"},"Preço Total =>",{"v":12098.32,"d":"12,098.32"}]
[]
[" 9.1.3.6 ","Código","Banco","Descrição","Tipo",null,"Und","Quant.","Valor Unit","Total"]
["Composição"," 94219 ","SINAPI","CUMEEIRA E ESPIGÃO PARA TELHA CERÂMICA EMBOÇADA COM ARGAMASSA TRAÇO 1:2:9 (CIMENTO, CAL E AREIA), PARA TELHADOS COM MAIS DE 2 ÁGUAS, INCLUSO TRANSPORTE VERTICAL. AF_07/2019","Telhamento para Cobertura",null,"M",{"v":1,"d":"1.0000000"},27.42,27.42]
["Composição Auxiliar"," 87337 ","SINAPI","ARGAMASSA TRAÇO 1:2:9 (EM VOLUME DE CIMENTO, CAL E AREIA MÉDIA ÚMIDA) PARA EMBOÇO/MASSA ÚNICA/ASSENTAMENTO DE ALVENARIA DE VEDAÇÃO, PREPARO MECÂNICO COM MISTURADOR DE EIXO HORIZONTAL DE 300 KG. AF_08/2019","Argamassas",null,"m³",{"v":0.0117,"d":"0.0117000"},491.56,5.75]
["Composição Auxiliar"," 88316 ","SINAPI","SERVENTE COM ENCARGOS COMPLEMENTARES","Livro SINAPI: Cálculos e Parâmetros",null,"H",{"v":0.35,"d":"0.3500000"},20.58,{"v":7.2,"d":"7.20"}]
["Composição Auxiliar"," 88323 ","SINAPI","TELHADISTA COM ENCARGOS COMPLEMENTARES","Livro SINAPI: Cálculos e Parâmetros",null,"H",{"v":0.305,"d":"0.3050000"},25.52,7.78]
["Composição Auxiliar"," 93281 ","SINAPI","GUINCHO ELÉTRICO DE COLUNA, CAPACIDADE 400 KG, COM MOTO FREIO, MOTOR TRIFÁSICO DE 1,25 CV - CHP DIURNO. AF_03/2016","Custos Horários Produtivo e Improdutivo dos Equipamentos",null,"CHP",{"v":6.3E-3,"d":"0.0063000"},23.13,0.14]
["Composição Auxiliar"," 93282 ","SINAPI","GUINCHO ELÉTRICO DE COLUNA, CAPACIDADE 400 KG, COM MOTO FREIO, MOTOR TRIFÁSICO DE 1,25 CV - CHI DIURNO. AF_03/2016","Custos Horários Produtivo e Improdutivo dos Equipamentos",null,"CHI",{"v":0.0087,"d":"0.0087000"},22.43,0.19]
["Insumo"," 00007181 ","SINAPI","CUMEEIRA PARA TELHA CERAMICA, COMPRIMENTO DE *41* CM, RENDIMENTO DE *3* TELHAS/M","Material",null,"UN",{"v":3,"d":"3.0000000"},2.12,6.36]
[{"$nulls":4},"MO sem LS =>",{"v":6.156367041198502,"d":"6.16"},"LS =>",6.99,"MO com LS =>",13.15]
[{"$nulls":4},"Valor do BDI =>",5.57,null,"Valor com BDI =>",null,32.99]
[{"$nulls":6},"Quant. =>",{"v":62.1,"d":"62.1000000"},"Preço Total =>",{"v":2048.67,"d":"2,048.67"}]
[]
[" 9.1.3.7 ","Código","Banco","Descrição","Tipo",null,"Und","Quant.","Valor Unit","Total"]
["Composição"," 97650 ","SINAPI","REMOÇÃO DE TRAMA DE MADEIRA PARA COBERTURA, DE FORMA MANUAL, SEM REAPROVEITAMENTO. AF_09/2023","Demolições e Remoções",null,"m²",{"v":1,"d":"1.0000000"},7.35,7.35]
["Composição Auxiliar"," 88316 ","SINAPI","SERVENTE COM ENCARGOS COMPLEMENTARES","Livro SINAPI: Cálculos e Parâmetros",null,"H",{"v":0.2487,"d":"0.2487000"},20.58,5.11]
["Composição Auxiliar"," 88323 ","SINAPI","TELHADISTA COM ENCARGOS COMPLEMENTARES","Livro SINAPI: Cálculos e Parâmetros",null,"H",{"v":0.0879,"d":"0.0879000"},25.52,2.24]
[{"$nulls":4},"MO sem LS =>",{"v":2.7387640449438204,"d":"2.74"},"LS =>",3.11,"MO com LS =>",5.85]
[{"$nulls":4},"Valor do BDI =>",1.49,null,"Valor com BDI =>",null,8.84]
[{"$nulls":6},"Quant. =>",{"v":240.38,"d":"240.3800000"},"Preço Total =>",{"v":2124.95,"d":"2,124.95"}]
[]
[" 9.1.3.8 ","Código","Banco","Descrição","Tipo",null,"Und","Quant.","Valor Unit","Total"]
["Composição"," 97647 ","SINAPI","REMOÇÃO DE TELHAS DE FIBROCIMENTO METÁLICA E CERÂMICA, DE FORMA MANUAL, SEM REAPROVEITAMENTO. AF_09/2023","Demolições e Remoções",null,"m²",{"v":1,"d":"1.0000000"},3.41,3.41]
["Composição Auxiliar"," 88316 ","SINAPI","SERVENTE COM ENCARGOS COMPLEMENTARES","Livro SINAPI: Cálculos e Parâmetros",null,"H",{"v":0.1153,"d":"0.1153000"},20.58,2.37]
["Composição Auxiliar"," 88323 ","SINAPI","TELHADISTA COM ENCARGOS COMPLEMENTARES","Livro SINAPI: Cálculos e Parâmetros",null,"H",{"v":0.0408,"d":"0.0408000"},25.52,1.04]
[{"$nulls":4},"MO sem LS =>",{"v":1.2687265917602997,"d":"1.27"},"LS =>",1.44,"MO com LS =>",2.71]
[{"$nulls":4},"Valor do BDI =>",0.69,null,"Valor com BDI =>",null,{"v":4.1,"d":"4.10"}]
[{"$nulls":6},"Quant. =>",{"v":240.38,"d":"240.3800000"},"Preço Total =>",985.55]
[]
[" 9.1.4 ",null,null,"PASSARELAS",{"$nulls":5},{"v":7215.94,"d":"7,215.94"}]
[" 9.1.4.1 ","Código","Banco","Descrição","Tipo",null,"Und","Quant.","Valor Unit","Total"]
["Composição"," 92542 ","SINAPI","TRAMA DE MADEIRA COMPOSTA POR RIPAS, CAIBROS E TERÇAS PARA TELHADOS DE MAIS QUE 2 ÁGUAS PARA TELHA CERÂMICA CAPA-CANAL, INCLUSO TRANSPORTE VERTICAL. AF_07/2019","Estrutura e Trama para Cobertura",null,"m²",{"v":1,"d":"1.0000000"},{"v":82.1,"d":"82.10"},{"v":82.1,"d":"82.10"}]
["Composição Auxiliar"," 88239 ","SINAPI","AJUDANTE DE CARPINTEIRO COM ENCARGOS COMPLEMENTARES","Livro SINAPI: Cálculos e Parâmetros",null,"H",{"v":0.494,"d":"0.4940000"},21.29,10.51]
["Composição Auxiliar"," 88262 ","SINAPI","CARPINTEIRO DE FORMAS COM ENCARGOS COMPLEMENTARES","Livro SINAPI: Cálculos e Parâmetros",null,"H",{"v":0.676,"d":"0.6760000"},25.77,17.42]
["Composição Auxiliar"," 93281 ","SINAPI","GUINCHO ELÉTRICO DE COLUNA, CAPACIDADE 400 KG, COM MOTO FREIO, MOTOR TRIFÁSICO DE 1,25 CV - CHP DIURNO. AF_03/2016","Custos Horários Produtivo e Improdutivo dos Equipamentos",null,"CHP",{"v":0.0435,"d":"0.0435000"},23.13,{"v":1,"d":"1.00"}]
["Composição Auxiliar"," 93282 ","SINAPI","GUINCHO ELÉTRICO DE COLUNA, CAPACIDADE 400 KG, COM MOTO FREIO, MOTOR TRIFÁSICO DE 1,25 CV - CHI DIURNO. AF_03/2016","Custos Horários Produtivo e Improdutivo dos Equipamentos",null,"CHI",{"v":0.0604,"d":"0.0604000"},22.43,1.35]
["Insumo"," 00004408 ","SINAPI","RIPA NAO APARELHADA, *1,5 X 5* CM, EM MACARANDUBA/MASSARANDUBA, ANGELIM OU EQUIVALENTE DA REGIAO - BRUTA","Material",null,"M",{"v":2.589,"d":"2.5890000"},1.86,4.81]
["Insumo"," 00004425 ","SINAPI","VIGA NAO APARELHADA *6 X 12* CM, EM MACARANDUBA/MASSARANDUBA, ANGELIM OU EQUIVALENTE DA REGIAO - BRUTA","Material",null,"M",{"v":1.017,"d":"1.0170000"},20.69,21.04]
["Insumo"," 00004430 ","SINAPI","CAIBRO NAO APARELHADO *5 X 6* CM, EM MACARANDUBA/MASSARANDUBA, ANGELIM OU EQUIVALENTE DA REGIAO - BRUTA","Material",null,"M",{"v":2.36,"d":"2.3600000"},9.79,{"v":23.1,"d":"23.10"}]
["Insumo"," 00020247 ","SINAPI","PREGO DE ACO POLIDO COM CABECA 15 X 15 (1 1/4 X 13)","Material",null,"KG",{"v":0.07,"d":"0.0700000"},20.26,1.41]
["Insumo"," 00039027 ","SINAPI","PREGO DE ACO POLIDO COM CABECA 19 X 36 (3 1/4 X 9)","Material",null,"KG",{"v":0.05,"d":"0.0500000"},18.28,0.91]
["Insumo"," 00040568 ","SINAPI","PREGO DE ACO POLIDO COM CABECA 22 X 48 (4 1/4 X 5)","Material",null,"KG",{"v":0.03,"d":"0.0300000"},18.44,0.55]
[{"$nulls":4},"MO sem LS =>",{"v":11.568352059925093,"d":"11.57"},"LS =>",13.14,"MO com LS =>",24.71]
[{"$nulls":4},"Valor do BDI =>",16.69,null,"Valor com BDI =>",null,98.79]
[{"$nulls":6},"Quant. =>",{"v":47.97,"d":"47.9700000"},"Preço Total =>",{"v":4738.95,"d":"4,738.95"}]
[]
[" 9.1.4.2 ","Código","Banco","Descrição","Tipo",null,"Und","Quant.","Valor Unit","Total"]
["Composição"," 94201 ","SINAPI","TELHAMENTO COM TELHA CERÂMICA CAPA-CANAL, TIPO COLONIAL, COM ATÉ 2 ÁGUAS, INCLUSO TRANSPORTE VERTICAL. AF_07/2019","Telhamento para Cobertura",null,"m²",{"v":1,"d":"1.0000000"},36.23,36.23]
["Composição Auxiliar"," 88316 ","SINAPI","SERVENTE COM ENCARGOS COMPLEMENTARES","Livro SINAPI: Cálculos e Parâmetros",null,"H",{"v":0.399,"d":"0.3990000"},20.58,8.21]
["Composição Auxiliar"," 88323 ","SINAPI","TELHADISTA COM ENCARGOS COMPLEMENTARES","Livro SINAPI: Cálculos e Parâmetros",null,"H",{"v":0.133,"d":"0.1330000"},25.52,3.39]
["Composição Auxiliar"," 93281 ","SINAPI","GUINCHO ELÉTRICO DE COLUNA, CAPACIDADE 400 KG, COM MOTO FREIO, MOTOR TRIFÁSICO DE 1,25 CV - CHP DIURNO. AF_03/2016","Custos Horários Produtivo e Improdutivo dos Equipamentos",null,"CHP",{"v":0.0372,"d":"0.0372000"},23.13,0.86]
["Composição Auxiliar"," 93282 ","SINAPI","GUINCHO ELÉTRICO DE COLUNA, CAPACIDADE 400 KG, COM MOTO FREIO, MOTOR TRIFÁSICO DE 1,25 CV - CHI DIURNO. AF_03/2016","Custos Horários Produtivo e Improdutivo dos Equipamentos",null,"CHI",{"v":0.0516,"d":"0.0516000"},22.43,1.15]
["Insumo"," 00007173 ","SINAPI","TELHA DE BARRO / CERAMICA, NAO ESMALTADA, TIPO COLONIAL, CANAL, PLAN, PAULISTA, COMPRIMENTO DE *44 A 50* CM, RENDIMENTO DE COBERTURA DE *26* TELHAS/M2","Material",null,"MIL",{"v":0.0275,"d":"0.0275000"},822.57,22.62]
[{"$nulls":4},"MO sem LS =>",{"v":5.0889513108614235,"d":"5.09"},"LS =>",5.78,"MO com LS =>",10.87]
[{"$nulls":4},"Valor do BDI =>",7.36,null,"Valor com BDI =>",null,43.59]
[{"$nulls":6},"Quant. =>",{"v":47.97,"d":"47.9700000"},"Preço Total =>",{"v":2091.01,"d":"2,091.01"}]
[]
[" 9.1.4.3 ","Código","Banco","Descrição","Tipo",null,"Und","Quant.","Valor Unit","Total"]
["Composição"," 94219 ","SINAPI","CUMEEIRA E ESPIGÃO PARA TELHA CERÂMICA EMBOÇADA COM ARGAMASSA TRAÇO 1:2:9 (CIMENTO, CAL E AREIA), PARA TELHADOS COM MAIS DE 2 ÁGUAS, INCLUSO TRANSPORTE VERTICAL. AF_07/2019","Telhamento para Cobertura",null,"M",{"v":1,"d":"1.0000000"},27.42,27.42]
["Composição Auxiliar"," 87337 ","SINAPI","ARGAMASSA TRAÇO 1:2:9 (EM VOLUME DE CIMENTO, CAL E AREIA MÉDIA ÚMIDA) PARA EMBOÇO/MASSA ÚNICA/ASSENTAMENTO DE ALVENARIA DE VEDAÇÃO, PREPARO MECÂNICO COM MISTURADOR DE EIXO HORIZONTAL DE 300 KG. AF_08/2019","Argamassas",null,"m³",{"v":0.0117,"d":"0.0117000"},491.56,5.75]
["Composição Auxiliar"," 88316 ","SINAPI","SERVENTE COM ENCARGOS COMPLEMENTARES","Livro SINAPI: Cálculos e Parâmetros",null,"H",{"v":0.35,"d":"0.3500000"},20.58,{"v":7.2,"d":"7.20"}]
["Composição Auxiliar"," 88323 ","SINAPI","TELHADISTA COM ENCARGOS COMPLEMENTARES","Livro SINAPI: Cálculos e Parâmetros",null,"H",{"v":0.305,"d":"0.3050000"},25.52,7.78]
["Composição Auxiliar"," 93281 ","SINAPI","GUINCHO ELÉTRICO DE COLUNA, CAPACIDADE 400 KG, COM MOTO FREIO, MOTOR TRIFÁSICO DE 1,25 CV - CHP DIURNO. AF_03/2016","Custos Horários Produtivo e Improdutivo dos Equipamentos",null,"CHP",{"v":6.3E-3,"d":"0.0063000"},23.13,0.14]
["Composição Auxiliar"," 93282 ","SINAPI","GUINCHO ELÉTRICO DE COLUNA, CAPACIDADE 400 KG, COM MOTO FREIO, MOTOR TRIFÁSICO DE 1,25 CV - CHI DIURNO. AF_03/2016","Custos Horários Produtivo e Improdutivo dos Equipamentos",null,"CHI",{"v":0.0087,"d":"0.0087000"},22.43,0.19]
["Insumo"," 00007181 ","SINAPI","CUMEEIRA PARA TELHA CERAMICA, COMPRIMENTO DE *41* CM, RENDIMENTO DE *3* TELHAS/M","Material",null,"UN",{"v":3,"d":"3.0000000"},2.12,6.36]
[{"$nulls":4},"MO sem LS =>",{"v":6.156367041198502,"d":"6.16"},"LS =>",6.99,"MO com LS =>",13.15]
[{"$nulls":4},"Valor do BDI =>",5.57,null,"Valor com BDI =>",null,32.99]
[{"$nulls":6},"Quant. =>",{"v":11.7,"d":"11.7000000"},"Preço Total =>",385.98]
[]
[" 9.2 ",null,null,"CHAPAS",{"$nulls":5},{"v":1342.91,"d":"1,342.91"}]
[" 9.2.1 ","Código","Banco","Descrição","Tipo",null,"Und","Quant.","Valor Unit","Total"]
["Composição"," 100327 ","SINAPI","RUFO EXTERNO/INTERNO EM CHAPA DE AÇO GALVANIZADO NÚMERO 26, CORTE DE 33 CM, INCLUSO IÇAMENTO. AF_07/2019","Telhamento para Cobertura",null,"M",{"v":1,"d":"1.0000000"},45.37,45.37]
["Composição Auxiliar"," 88316 ","SINAPI","SERVENTE COM ENCARGOS COMPLEMENTARES","Livro SINAPI: Cálculos e Parâmetros",null,"H",{"v":0.239,"d":"0.2390000"},20.58,4.91]
["Composição Auxiliar"," 88323 ","SINAPI","TELHADISTA COM ENCARGOS COMPLEMENTARES","Livro SINAPI: Cálculos e Parâmetros",null,"H",{"v":0.145,"d":"0.1450000"},25.52,{"v":3.7,"d":"3.70"}]
["Composição Auxiliar"," 93281 ","SINAPI","GUINCHO ELÉTRICO DE COLUNA, CAPACIDADE 400 KG, COM MOTO FREIO, MOTOR TRIFÁSICO DE 1,25 CV - CHP DIURNO. AF_03/2016","Custos Horários Produtivo e Improdutivo dos Equipamentos",null,"CHP",{"v":0.0132,"d":"0.0132000"},23.13,{"v":0.3,"d":"0.30"}]
["Composição Auxiliar"," 93282 ","SINAPI","GUINCHO ELÉTRICO DE COLUNA, CAPACIDADE 400 KG, COM MOTO FREIO, MOTOR TRIFÁSICO DE 1,25 CV - CHI DIURNO. AF_03/2016","Custos Horários Produtivo e Improdutivo dos Equipamentos",null,"CHI",{"v":0.0183,"d":"0.0183000"},22.43,0.41]
["Insumo"," 00000142 ","SINAPI","SELANTE ELASTICO MONOCOMPONENTE A BASE DE POLIURETANO (PU) PARA JUNTAS DIVERSAS","Material",null,"310ML",{"v":0.211,"d":"0.2110000"},36.94,7.79]
["Insumo"," 00001113 ","SINAPI","RUFO EXTERNO/INTERNO DE CHAPA DE ACO GALVANIZADA NUM 26, CORTE 33 CM","Material",null,"M",{"v":1.05,"d":"1.0500000"},20.03,21.03]
["Insumo"," 00005061 ","SINAPI","PREGO DE ACO POLIDO COM CABECA 18 X 27 (2 1/2 X 10)","Material",null,"KG",{"v":0.008,"d":"0.0080000"},17.99,0.14]
["Insumo"," 00005104 ","SINAPI","REBITE DE REPUXO EM ALUMINIO VAZADO, DIAMETRO 3,2 X 8 MM DE COMPRIMENTO (1KG = 1025 UNIDADES)","Material",null,"KG",{"v":0.0016,"d":"0.0016000"},{"v":60.3,"d":"60.30"},0.09]
["Insumo"," 00013388 ","SINAPI","SOLDA EM BARRA DE ESTANHO-CHUMBO 50/50","Material",null,"KG",{"v":0.059,"d":"0.0590000"},118.75,{"v":7,"d":"7.00"}]
[{"$nulls":4},"MO sem LS =>",{"v":3.50187265917603,"d":"3.50"},"LS =>",3.98,"MO com LS =>",7.48]
[{"$nulls":4},"Valor do BDI =>",9.22,null,"Valor com BDI =>",null,54.59]
[{"$nulls":6},"Quant. =>",{"v":24.6,"d":"24.6000000"},"Preço Total =>",{"v":1342.91,"d":"1,342.91"}]
[]
[" 10 ",null,null,"REVESTIMENTO",{"$nulls":5},{"v":108319.2,"d":"108,319.20"}]
[" 10.1 ",null,null,"MASSA",{"$nulls":5},{"v":40543.03,"d":"40,543.03"}]
[" 10.1.1 ","Código","Banco","Descrição","Tipo",null,"Und","Quant.","Valor Unit","Total"]
["Composição"," 87878 ","SINAPI","CHAPISCO APLICADO EM ALVENARIAS E ESTRUTURAS DE CONCRETO INTERNAS, COM COLHER DE PEDREIRO. ARGAMASSA TRAÇO 1:3 COM PREPARO MANUAL. AF_10/2022","Chapisco",null,"m²",{"v":1,"d":"1.0000000"},4.54,4.54]
["Composição Auxiliar"," 87377 ","SINAPI","ARGAMASSA TRAÇO 1:3 (EM VOLUME DE CIMENTO E AREIA GROSSA ÚMIDA) PARA CHAPISCO CONVENCIONAL, PREPARO MANUAL. AF_08/2019","Argamassas",null,"m³",{"v":0.0037,"d":"0.0037000"},607.12,2.24]
["Composição Auxiliar"," 88309 ","SINAPI","PEDREIRO COM ENCARGOS COMPLEMENTARES","Livro SINAPI: Cálculos e Parâmetros",null,"H",{"v":0.0681,"d":"0.0681000"},26.15,1.78]
["Composição Auxiliar"," 88316 ","SINAPI","SERVENTE COM ENCARGOS COMPLEMENTARES","Livro SINAPI: Cálculos e Parâmetros",null,"H",{"v":0.0255,"d":"0.0255000"},20.58,0.52]
[{"$nulls":4},"MO sem LS =>",{"v":1.1797752808988764,"d":"1.18"},"LS =>",1.34,"MO com LS =>",2.52]
[{"$nulls":4},"Valor do BDI =>",0.92,null,"Valor com BDI =>",null,5.46]
[{"$nulls":6},"Quant. =>",{"v":267.89,"d":"267.8900000"},"Preço Total =>",{"v":1462.67,"d":"1,462.67"}]
[]
[" 10.1.2 ","Código","Banco","Descrição","Tipo",null,"Und","Quant.","Valor Unit","Total"]
["Composição"," 87882 ","SINAPI","CHAPISCO APLICADO NO TETO OU EM ALVENARIA E ESTRUTURA, COM ROLO PARA TEXTURA ACRÍLICA. ARGAMASSA TRAÇO 1:4 E EMULSÃO POLIMÉRICA (ADESIVO) COM PREPARO EM BETONEIRA 400L. AF_10/2022","Chapisco",null,"m²",{"v":1,"d":"1.0000000"},6.46,6.46]
["Composição Auxiliar"," 87325 ","SINAPI","ARGAMASSA TRAÇO 1:4 (EM VOLUME DE CIMENTO E AREIA GROSSA ÚMIDA) COM ADIÇÃO DE EMULSÃO POLIMÉRICA PARA CHAPISCO ROLADO, PREPARO MECÂNICO COM BETONEIRA 400 L. AF_08/2019","Argamassas",null,"m³",{"v":1.5E-3,"d":"0.0015000"},{"v":3435.63,"d":"3,435.63"},5.15]
["Composição Auxiliar"," 88309 ","SINAPI","PEDREIRO COM ENCARGOS COMPLEMENTARES","Livro SINAPI: Cálculos e Parâmetros",null,"H",{"v":0.0389,"d":"0.0389000"},26.15,1.01]
["Composição Auxiliar"," 88316 ","SINAPI","SERVENTE COM ENCARGOS COMPLEMENTARES","Livro SINAPI: Cálculos e Parâmetros",null,"H",{"v":0.0146,"d":"0.0146000"},20.58,{"v":0.3,"d":"0.30"}]
[{"$nulls":4},"MO sem LS =>",{"v":0.5430711610486891,"d":"0.54"},"LS =>",0.62,"MO com LS =>",1.16]
[{"$nulls":4},"Valor do BDI =>",1.31,null,"Valor com BDI =>",null,7.77]
[{"$nulls":6},"Quant. =>",{"v":452.48,"d":"452.4800000"},"Preço Total =>",{"v":3515.76,"d":"3,515.76"}]
[]
[" 10.1.3 ","Código","Banco","Descrição","Tipo",null,"Und","Quant.","Valor Unit","Total"]
["Composição"," 87530 ","SINAPI","MASSA ÚNICA, EM ARGAMASSA TRAÇO 1:2:8, PREPARO MANUAL, APLICADA MANUALMENTE EM PAREDES INTERNAS DE AMBIENTES COM ÁREA ENTRE 5M² E 10M², E = 17,5MM, COM TALISCAS. AF_03/2024","Massa Única Interna",null,"m²",{"v":1,"d":"1.0000000"},36.97,36.97]
["Composição Auxiliar"," 87369 ","SINAPI","ARGAMASSA TRAÇO 1:2:8 (EM VOLUME DE CIMENTO, CAL E AREIA MÉDIA ÚMIDA) PARA EMBOÇO/MASSA ÚNICA/ASSENTAMENTO DE ALVENARIA DE VEDAÇÃO, PREPARO MANUAL. AF_08/2019","Argamassas",null,"m³",{"v":0.0304,"d":"0.0304000"},650.28,19.76]
["Composição Auxiliar"," 88309 ","SINAPI","PEDREIRO COM ENCARGOS COMPLEMENTARES","Livro SINAPI: Cálculos e Parâmetros",null,"H",{"v":0.4724,"d":"0.4724000"},26.15,12.35]
["Composição Auxiliar"," 88316 ","SINAPI","SERVENTE COM ENCARGOS COMPLEMENTARES","Livro SINAPI: Cálculos e Parâmetros",null,"H",{"v":0.2362,"d":"0.2362000"},20.58,4.86]
[{"$nulls":4},"MO sem LS =>",{"v":9.087078651685394,"d":"9.09"},"LS =>",10.32,"MO com LS =>",19.41]
[{"$nulls":4},"Valor do BDI =>",7.51,null,"Valor com BDI =>",null,44.48]
[{"$nulls":6},"Quant. =>",{"v":320.33,"d":"320.3300000"},"Preço Total =>",{"v":14248.27,"d":"14,248.27"}]
[]
[" 10.1.4 ","Código","Banco","Descrição","Tipo",null,"Und","Quant.","Valor Unit","Total"]
["Composição"," 90406 ","SINAPI","MASSA ÚNICA, EM ARGAMASSA TRAÇO 1:2:8, PREPARO MECÂNICO, APLICADA MANUALMENTE EM TETO, E = 17,5MM, COM TALISCAS. AF_03/2024","Massa Única Interna",null,"m²",{"v":1,"d":"1.0000000"},39.15,39.15]
["Composição Auxiliar"," 87292 ","SINAPI","ARGAMASSA TRAÇO 1:2:8 (EM VOLUME DE CIMENTO, CAL E AREIA MÉDIA ÚMIDA) PARA EMBOÇO/MASSA ÚNICA/ASSENTAMENTO DE ALVENARIA DE VEDAÇÃO, PREPARO MECÂNICO COM BETONEIRA 400 L. AF_08/2019","Argamassas",null,"m³",{"v":0.0304,"d":"0.0304000"},512.01,15.56]
["Composição Auxiliar"," 88309 ","SINAPI","PEDREIRO COM ENCARGOS COMPLEMENTARES","Livro SINAPI: Cálculos e Parâmetros",null,"H",{"v":0.6475,"d":"0.6475000"},26.15,16.93]
["Composição Auxiliar"," 88316 ","SINAPI","SERVENTE COM ENCARGOS COMPLEMENTARES","Livro SINAPI: Cálculos e Parâmetros",null,"H",{"v":0.3237,"d":"0.3237000"},20.58,6.66]
[{"$nulls":4},"MO sem LS =>",{"v":9.887640449438202,"d":"9.89"},"LS =>",11.23,"MO com LS =>",21.12]
[{"$nulls":4},"Valor do BDI =>",7.96,null,"Valor com BDI =>",null,47.11]
[{"$nulls":6},"Quant. =>",{"v":452.48,"d":"452.4800000"},"Preço Total =>",{"v":21316.33,"d":"21,316.33"}]
[]
[" 10.2 ",null,null,"ACABAMENTO",{"$nulls":5},{"v":67776.17,"d":"67,776.17"}]
[" 10.2.1 ","Código","Banco","Descrição","Tipo",null,"Und","Quant.","Valor Unit","Total"]
["Composição"," 11369 ","ORSE","Revestimento cerâmico para  parede, 10 x 10 cm, Eliane, linha galeria branco mesh, pei - 3, aplicado com argamassa industrializada ac-ii, rejuntado, exclusive regularização de base ou emboço - Rev 01","Azulejos e Cerâmicas",null,"m²",{"v":1,"d":"1.0000000"},73.59,73.59]
["Composição Auxiliar"," 10549 ","ORSE","Encargos Complementares - Servente","Provisórios",null,"h",{"v":0.34,"d":"0.3400000"},3.31,1.12]
["Composição Auxiliar"," 10550 ","ORSE","Encargos Complementares - Pedreiro","Provisórios",null,"h",{"v":0.4,"d":"0.4000000"},3.19,1.27]
["Composição Auxiliar"," 3407 ","ORSE","Argamassa industrializada AC-II, Votomassa ou similar","Argamassas",null,"kg",{"v":4,"d":"4.0000000"},1.36,5.44]
["Insumo"," 00004750/SINAPI ","ORSE","Pedreiro (horista)","Mão de Obra",null,"h",{"v":0.4,"d":"0.4000000"},20.44,8.17]
["Insumo"," 00006111/SINAPI ","ORSE","Servente de obras (horista)","Mão de Obra",null,"h",{"v":0.34,"d":"0.3400000"},14.58,4.95]
["Insumo"," 12223 ","ORSE","Cerâmica 10 x 10 cm, pei-3, eliane, linha galeria branco mesh ou similar","Material",null,"m²",{"v":1.05,"d":"1.0500000"},48.25,50.66]
["Insumo"," 2540 ","ORSE","Rejunte colorido flexivel  para revestimentos cerâmicos","Material",null,"kg",{"v":0.66,"d":"0.6600000"},{"v":3,"d":"3.00"},1.98]
[{"$nulls":4},"MO sem LS =>",{"v":6.329588,"d":"6.33"},"LS =>",7.19,"MO com LS =>",13.52]
[{"$nulls":4},"Valor do BDI =>",14.96,null,"Valor com BDI =>",null,88.55]
[{"$nulls":6},"Quant. =>",{"v":765.4,"d":"765.4000000"},"Preço Total =>",{"v":67776.17,"d":"67,776.17"}]
[]
[" 11 ",null,null,"PAVIMENTAÇÃO",{"$nulls":5},{"v":112184.35,"d":"112,184.35"}]
[" 11.1 ",null,null,"CAMADA IMPERMEABILIZADORA",{"$nulls":5},{"v":33977.46,"d":"33,977.46"}]
[" 11.1.1 ","Código","Banco","Descrição","Tipo",null,"Und","Quant.","Valor Unit","Total"]
["Composição"," 96620 ","SINAPI","LASTRO DE CONCRETO MAGRO, APLICADO EM PISOS, LAJES SOBRE SOLO OU RADIERS. AF_01/2024","Lastro",null,"m³",{"v":1,"d":"1.0000000"},662.28,662.28]
["Composição Auxiliar"," 88309 ","SINAPI","PEDREIRO COM ENCARGOS COMPLEMENTARES","Livro SINAPI: Cálculos e Parâmetros",null,"H",{"v":5.083,"d":"5.0830000"},26.15,132.92]
["Composição Auxiliar"," 88316 ","SINAPI","SERVENTE COM ENCARGOS COMPLEMENTARES","Livro SINAPI: Cálculos e Parâmetros",null,"H",{"v":1.838,"d":"1.8380000"},20.58,37.82]
["Composição Auxiliar"," 94968 ","SINAPI","CONCRETO MAGRO PARA LASTRO, TRAÇO 1:4,5:4,5 (EM MASSA SECA DE CIMENTO/ AREIA MÉDIA/ BRITA 1) - PREPARO MECÂNICO COM BETONEIRA 600 L. AF_05/2021","Produção de Concreto",null,"m³",{"v":1.38,"d":"1.3800000"},356.19,491.54]
[{"$nulls":4},"MO sem LS =>",{"v":99.35861423220973,"d":"99.36"},"LS =>",112.87,"MO com LS =>",212.23]
[{"$nulls":4},"Valor do BDI =>",{"v":134.7,"d":"134.70"},null,"Valor com BDI =>",null,796.98]
[{"$nulls":6},"Quant. =>",{"v":20.41,"d":"20.4100000"},"Preço Total =>",{"v":16266.36,"d":"16,266.36"}]
[]
[" 11.1.2 ","Código","Banco","Descrição","Tipo",null,"Und","Quant.","Valor Unit","Total"]
["Composição"," 87630 ","SINAPI","CONTRAPISO EM ARGAMASSA TRAÇO 1:4 (CIMENTO E AREIA), PREPARO MECÂNICO COM BETONEIRA 400 L, APLICADO EM ÁREAS SECAS SOBRE LAJE, ADERIDO, ACABAMENTO NÃO REFORÇADO, ESPESSURA 3CM. AF_07/2021","Contrapiso",null,"m²",{"v":1,"d":"1.0000000"},36.07,36.07]
["Composição Auxiliar"," 87301 ","SINAPI","ARGAMASSA TRAÇO 1:4 (EM VOLUME DE CIMENTO E AREIA MÉDIA ÚMIDA) PARA CONTRAPISO, PREPARO MECÂNICO COM BETONEIRA 400 L. AF_08/2019","Argamassas",null,"m³",{"v":0.0431,"d":"0.0431000"},543.31,23.41]
["Composição Auxiliar"," 88309 ","SINAPI","PEDREIRO COM ENCARGOS COMPLEMENTARES","Livro SINAPI: Cálculos e Parâmetros",null,"H",{"v":0.245,"d":"0.2450000"},26.15,{"v":6.4,"d":"6.40"}]
["Composição Auxiliar"," 88316 ","SINAPI","SERVENTE COM ENCARGOS COMPLEMENTARES","Livro SINAPI: Cálculos e Parâmetros",null,"H",{"v":0.123,"d":"0.1230000"},20.58,2.53]
["Insumo"," 00001379 ","SINAPI","CIMENTO PORTLAND COMPOSTO CP II-32","Material",null,"KG",{"v":0.5,"d":"0.5000000"},0.62,0.31]
["Insumo"," 00007334 ","SINAPI","ADITIVO ADESIVO LIQUIDO PARA ARGAMASSAS DE REVESTIMENTOS CIMENTICIOS","Material",null,"L",{"v":0.21,"d":"0.2100000"},{"v":16.3,"d":"16.30"},3.42]
[{"$nulls":4},"MO sem LS =>",{"v":4.78932584269663,"d":"4.79"},"LS =>",5.44,"MO com LS =>",10.23]
[{"$nulls":4},"Valor do BDI =>",7.33,null,"Valor com BDI =>",null,{"v":43.4,"d":"43.40"}]
[{"$nulls":6},"Quant. =>",{"v":408.09,"d":"408.0900000"},"Preço Total =>",{"v":17711.1,"d":"17,711.10"}]
[]
[" 11.2 ",null,null,"ACABAMENTO",{"$nulls":5},{"v":52405.9,"d":"52,405.90"}]
[" 11.2.1 ","Código","Banco","Descrição","Tipo",null,"Und","Quant.","Valor Unit","Total"]
["Composição"," 87251 ","SINAPI","REVESTIMENTO CERÂMICO PARA PISO COM PLACAS TIPO ESMALTADA DE DIMENSÕES 45X45 CM APLICADA EM AMBIENTES DE ÁREA MAIOR QUE 10 M2. AF_02/2023_PE","Revestimentos Cerâmicos Internos",null,"m²",{"v":1,"d":"1.0000000"},55.32,55.32]
["Composição Auxiliar"," 88256 ","SINAPI","AZULEJISTA OU LADRILHEIRO COM ENCARGOS COMPLEMENTARES","Livro SINAPI: Cálculos e Parâmetros",null,"H",{"v":0.2537,"d":"0.2537000"},26.02,{"v":6.6,"d":"6.60"}]
["Composição Auxiliar"," 88316 ","SINAPI","SERVENTE COM ENCARGOS COMPLEMENTARES","Livro SINAPI: Cálculos e Parâmetros",null,"H",{"v":0.1308,"d":"0.1308000"},20.58,2.69]
["Insumo"," 00001287 ","SINAPI","PISO EM CERAMICA ESMALTADA, COR LISA, PEI MAIOR OU IGUAL A 4, FORMATO MENOR OU IGUAL A 2025 CM2","Material",null,"m²",{"v":1.06,"d":"1.0600000"},{"v":36.3,"d":"36.30"},38.47]
["Insumo"," 00001381 ","SINAPI","ARGAMASSA COLANTE AC I PARA CERAMICAS","Material",null,"KG",{"v":9.1325,"d":"9.1325000"},0.74,6.75]
["Insumo"," 00034357 ","SINAPI","REJUNTE CIMENTICIO, QUALQUER COR","Material",null,"KG",{"v":0.188,"d":"0.1880000"},4.33,0.81]
[{"$nulls":4},"MO sem LS =>",{"v":3.5299625468164795,"d":"3.53"},"LS =>",4.01,"MO com LS =>",7.54]
[{"$nulls":4},"Valor do BDI =>",11.25,null,"Valor com BDI =>",null,66.57]
[{"$nulls":6},"Quant. =>",{"v":787.23,"d":"787.2300000"},"Preço Total =>",{"v":52405.9,"d":"52,405.90"}]
[]
[" 11.3 ",null,null,"CALÇADA EM CONCRETO E CIMENTADO",{"$nulls":5},{"v":15873.15,"d":"15,873.15"}]
[" 11.3.1 ","Código","Banco","Descrição","Tipo",null,"Und","Quant.","Valor Unit","Total"]
["Composição"," 101747 ","SINAPI","PISO EM CONCRETO 20 MPA PREPARO MECÂNICO, ESPESSURA 7CM. AF_09/2020","Pisos",null,"m²",{"v":1,"d":"1.0000000"},78.46,78.46]
["Composição Auxiliar"," 88309 ","SINAPI","PEDREIRO COM ENCARGOS COMPLEMENTARES","Livro SINAPI: Cálculos e Parâmetros",null,"H",{"v":0.1119,"d":"0.1119000"},26.15,2.92]
["Composição Auxiliar"," 88316 ","SINAPI","SERVENTE COM ENCARGOS COMPLEMENTARES","Livro SINAPI: Cálculos e Parâmetros",null,"H",{"v":0.0466,"d":"0.0466000"},20.58,0.95]
["Composição Auxiliar"," 95282 ","SINAPI","DESEMPENADEIRA DE CONCRETO, PESO DE 78 KG, 4 PÁS, MOTOR A GASOLINA, POTÊNCIA 5,5 HP - CHP DIURNO. AF_05/2023","Custos Horários Produtivo e Improdutivo dos Equipamentos",null,"CHP",{"v":0.007,"d":"0.0070000"},8.64,0.06]
["Insumo"," 00034492 ","SINAPI","CONCRETO USINADO BOMBEAVEL, CLASSE DE RESISTENCIA C20, COM BRITA 0 E 1, SLUMP = 100 +/- 20 MM, EXCLUI SERVICO DE BOMBEAMENTO (NBR 8953)","Material",null,"m³",{"v":0.0814,"d":"0.0814000"},449.84,36.61]
["Insumo"," 00043146 ","SINAPI","ENDURECEDOR MINERAL DE BASE CIMENTICIA PARA PISO DE CONCRETO","Material",null,"KG",{"v":4,"d":"4.0000000"},9.48,37.92]
[{"$nulls":4},"MO sem LS =>",{"v":1.4747191011235956,"d":"1.47"},"LS =>",1.68,"MO com LS =>",3.15]
[{"$nulls":4},"Valor do BDI =>",15.95,null,"Valor com BDI =>",null,94.41]
[{"$nulls":6},"Quant. =>",{"v":168.13,"d":"168.1300000"},"Preço Total =>",{"v":15873.15,"d":"15,873.15"}]
[]
[" 11.4 ",null,null,"PISO INTERTRAVADO DE ACESSO AOS BLOCOS",{"$nulls":5},{"v":9927.84,"d":"9,927.84"}]
[" 11.4.1 ","Código","Banco","Descrição","Tipo",null,"Und","Quant.","Valor Unit","Total"]
["Composição"," 92396 ","SINAPI","EXECUÇÃO DE PASSEIO EM PISO INTERTRAVADO, COM BLOCO RETANGULAR COR NATURAL DE 20 X 10 CM, ESPESSURA 6 CM. AF_10/2022","Pavimento Intertravado",null,"m²",{"v":1,"d":"1.0000000"},70.66,70.66]
["Composição Auxiliar"," 88260 ","SINAPI","CALCETEIRO COM ENCARGOS COMPLEMENTARES","Livro SINAPI: Cálculos e Parâmetros",null,"H",{"v":0.3725,"d":"0.3725000"},25.95,9.66]
["Composição Auxiliar"," 88316 ","SINAPI","SERVENTE COM ENCARGOS COMPLEMENTARES","Livro SINAPI: Cálculos e Parâmetros",null,"H",{"v":0.3725,"d":"0.3725000"},20.58,7.66]
["Composição Auxiliar"," 91277 ","SINAPI","PLACA VIBRATÓRIA REVERSÍVEL COM MOTOR 4 TEMPOS A GASOLINA, FORÇA CENTRÍFUGA DE 25 KN (2500 KGF), POTÊNCIA 5,5 CV - CHP DIURNO. AF_08/2015","Custos Horários Produtivo e Improdutivo dos Equipamentos",null,"CHP",{"v":0.0041,"d":"0.0041000"},8.64,0.03]
["Composição Auxiliar"," 91278 ","SINAPI","PLACA VIBRATÓRIA REVERSÍVEL COM MOTOR 4 TEMPOS A GASOLINA, FORÇA CENTRÍFUGA DE 25 KN (2500 KGF), POTÊNCIA 5,5 CV - CHI DIURNO. AF_08/2015","Custos Horários Produtivo e Improdutivo dos Equipamentos",null,"CHI",{"v":0.1821,"d":"0.1821000"},0.67,0.12]
["Composição Auxiliar"," 91283 ","SINAPI","CORTADORA DE PISO COM MOTOR 4 TEMPOS A GASOLINA, POTÊNCIA DE 13 HP, COM DISCO DE CORTE DIAMANTADO SEGMENTADO PARA CONCRETO, DIÂMETRO DE 350 MM, FURO DE 1\" (14 X 1\") - CHP DIURNO. AF_08/2015","Custos Horários Produtivo e Improdutivo dos Equipamentos",null,"CHP",{"v":0.0491,"d":"0.0491000"},8.45,0.41]
["Composição Auxiliar"," 91285 ","SINAPI","CORTADORA DE PISO COM MOTOR 4 TEMPOS A GASOLINA, POTÊNCIA DE 13 HP, COM DISCO DE CORTE DIAMANTADO SEGMENTADO PARA CONCRETO, DIÂMETRO DE 350 MM, FURO DE 1\" (14 X 1\") - CHI DIURNO. AF_08/2015","Custos Horários Produtivo e Improdutivo dos Equipamentos",null,"CHI",{"v":0.1371,"d":"0.1371000"},0.54,0.07]
["Insumo"," 00000370 ","SINAPI","AREIA MEDIA - POSTO JAZIDA/FORNECEDOR (RETIRADO NA JAZIDA, SEM TRANSPORTE)","Material",null,"m³",{"v":0.0568,"d":"0.0568000"},124.24,7.05]
["Insumo"," 00004741 ","SINAPI","PO DE PEDRA (POSTO PEDREIRA/FORNECEDOR, SEM FRETE)","Material",null,"m³",{"v":0.0098,"d":"0.0098000"},80.51,0.78]
["Insumo"," 00036155 ","SINAPI","BLOQUETE/PISO INTERTRAVADO DE CONCRETO - MODELO ONDA/16 FACES/RETANGULAR/TIJOLINHO/PAVER/HOLANDES/PARALELEPIPEDO, *20 X 10* CM, E = 6 CM, RESISTENCIA DE 35 MPA, COR NATURAL","Material",null,"m²",{"v":1.03,"d":"1.0300000"},43.58,44.88]
[{"$nulls":4},"MO sem LS =>",{"v":6.530898876404494,"d":"6.53"},"LS =>",7.42,"MO com LS =>",13.95]
[{"$nulls":4},"Valor do BDI =>",14.37,null,"Valor com BDI =>",null,85.03]
[{"$nulls":6},"Quant. =>",{"v":85.53,"d":"85.5300000"},"Preço Total =>",{"v":7272.61,"d":"7,272.61"}]
[]
[" 11.4.2 ","Código","Banco","Descrição","Tipo",null,"Und","Quant.","Valor Unit","Total"]
["Composição"," 94273 ","SINAPI","ASSENTAMENTO DE GUIA (MEIO-FIO) EM TRECHO RETO, CONFECCIONADA EM CONCRETO PRÉ-FABRICADO, DIMENSÕES 100X15X13X30 CM (COMPRIMENTO X BASE INFERIOR X BASE SUPERIOR X ALTURA). AF_01/2024","Guias e sarjetas",null,"M",{"v":1,"d":"1.0000000"},34.15,34.15]
["Composição Auxiliar"," 88309 ","SINAPI","PEDREIRO COM ENCARGOS COMPLEMENTARES","Livro SINAPI: Cálculos e Parâmetros",null,"H",{"v":0.2296,"d":"0.2296000"},26.15,{"v":6,"d":"6.00"}]
["Composição Auxiliar"," 88316 ","SINAPI","SERVENTE COM ENCARGOS COMPLEMENTARES","Livro SINAPI: Cálculos e Parâmetros",null,"H",{"v":0.2296,"d":"0.2296000"},20.58,4.72]
["Composição Auxiliar"," 88629 ","SINAPI","ARGAMASSA TRAÇO 1:3 (EM VOLUME DE CIMENTO E AREIA MÉDIA ÚMIDA), PREPARO MANUAL. AF_08/2019","Argamassas",null,"m³",{"v":1.8E-3,"d":"0.0018000"},608.73,1.09]
["Insumo"," 00000370 ","SINAPI","AREIA MEDIA - POSTO JAZIDA/FORNECEDOR (RETIRADO NA JAZIDA, SEM TRANSPORTE)","Material",null,"m³",{"v":6.6E-3,"d":"0.0066000"},124.24,0.81]
["Insumo"," 00004059 ","SINAPI","MEIO-FIO OU GUIA DE CONCRETO, PRE-MOLDADO, COMP 1 M, *30 X 12/15* CM (H X L1/L2)","Material",null,"M",{"v":1.005,"d":"1.0050000"},21.43,21.53]
[{"$nulls":4},"MO sem LS =>",{"v":4.157303370786517,"d":"4.16"},"LS =>",4.72,"MO com LS =>",8.88]
[{"$nulls":4},"Valor do BDI =>",6.94,null,"Valor com BDI =>",null,41.09]
[{"$nulls":6},"Quant. =>",{"v":64.62,"d":"64.6200000"},"Preço Total =>",{"v":2655.23,"d":"2,655.23"}]
[]
[" 12 ",null,null,"SOLEIRAS E RODAPÉS",{"$nulls":5},{"v":3337.62,"d":"3,337.62"}]
[" 12.1 ",null,null,"SOLEIRA",{"$nulls":5},{"v":2740.1,"d":"2,740.10"}]
[" 12.1.1 ","Código","Banco","Descrição","Tipo",null,"Und","Quant.","Valor Unit","Total"]
["Composição"," 98689 ","SINAPI","SOLEIRA EM GRANITO, LARGURA 15 CM, ESPESSURA 2,0 CM. AF_09/2020","Pisos",null,"M",{"v":1,"d":"1.0000000"},85.93,85.93]
["Composição Auxiliar"," 88274 ","SINAPI","MARMORISTA/GRANITEIRO COM ENCARGOS COMPLEMENTARES","Livro SINAPI: Cálculos e Parâmetros",null,"H",{"v":0.547,"d":"0.5470000"},26.02,14.23]
["Composição Auxiliar"," 88316 ","SINAPI","SERVENTE COM ENCARGOS COMPLEMENTARES","Livro SINAPI: Cálculos e Parâmetros",null,"H",{"v":0.273,"d":"0.2730000"},20.58,5.61]
["Insumo"," 00020232 ","SINAPI","SOLEIRA EM GRANITO, POLIDO, TIPO ANDORINHA/ QUARTZ/ CASTELO/ CORUMBA OU OUTROS EQUIVALENTES DA REGIAO, L= *15* CM, E= *2,0* CM","Material",null,"M",{"v":1,"d":"1.0000000"},63.18,63.18]
["Insumo"," 00037595 ","SINAPI","ARGAMASSA COLANTE TIPO AC III","Material",null,"KG",{"v":1.29,"d":"1.2900000"},2.26,2.91]
[{"$nulls":4},"MO sem LS =>",{"v":7.546816479400749,"d":"7.55"},"LS =>",8.57,"MO com LS =>",16.12]
[{"$nulls":4},"Valor do BDI =>",17.47,null,"Valor com BDI =>",null,{"v":103.4,"d":"103.40"}]
[{"$nulls":6},"Quant. =>",{"v":26.5,"d":"26.5000000"},"Preço Total =>",{"v":2740.1,"d":"2,740.10"}]
[]
[" 12.2 ",null,null,"RODAPÉ",{"$nulls":5},597.52]
[" 12.2.1 ","Código","Banco","Descrição","Tipo",null,"Und","Quant.","Valor Unit","Total"]
["Composição"," 88649 ","SINAPI","RODAPÉ CERÂMICO DE 7CM DE ALTURA COM PLACAS TIPO ESMALTADA DE DIMENSÕES 45X45CM. AF_02/2023","Revestimentos Cerâmicos Internos",null,"M",{"v":1,"d":"1.0000000"},8.87,8.87]
["Composição Auxiliar"," 88256 ","SINAPI","AZULEJISTA OU LADRILHEIRO COM ENCARGOS COMPLEMENTARES","Livro SINAPI: Cálculos e Parâmetros",null,"H",{"v":0.0764,"d":"0.0764000"},26.02,1.98]
["Composição Auxiliar"," 88316 ","SINAPI","SERVENTE COM ENCARGOS COMPLEMENTARES","Livro SINAPI: Cálculos e Parâmetros",null,"H",{"v":0.0296,"d":"0.0296000"},20.58,{"v":0.6,"d":"0.60"}]
["Insumo"," 00001287 ","SINAPI","PISO EM CERAMICA ESMALTADA, COR LISA, PEI MAIOR OU IGUAL A 4, FORMATO MENOR OU IGUAL A 2025 CM2","Material",null,"m²",{"v":0.15,"d":"0.1500000"},{"v":36.3,"d":"36.30"},5.44]
["Insumo"," 00001381 ","SINAPI","ARGAMASSA COLANTE AC I PARA CERAMICAS","Material",null,"KG",{"v":0.6392,"d":"0.6392000"},0.74,0.47]
["Insumo"," 00034357 ","SINAPI","REJUNTE CIMENTICIO, QUALQUER COR","Material",null,"KG",{"v":0.09,"d":"0.0900000"},4.33,0.38]
[{"$nulls":4},"MO sem LS =>",{"v":0.9831460674157303,"d":"0.98"},"LS =>",1.12,"MO com LS =>",{"v":2.1,"d":"2.10"}]
[{"$nulls":4},"Valor do BDI =>",{"v":1.8,"d":"1.80"},null,"Valor com BDI =>",null,10.67]
[{"$nulls":6},"Quant. =>",{"v":56,"d":"56.0000000"},"Preço Total =>",597.52]
[]
[" 13 ",null,null,"PINTURAS",{"$nulls":5},{"v":88233.54,"d":"88,233.54"}]
[" 13.1 ",null,null,"ACRÍLICA",{"$nulls":5},{"v":86629.45,"d":"86,629.45"}]
[" 13.1.1 ","Código","Banco","Descrição","Tipo",null,"Und","Quant.","Valor Unit","Total"]
["Composição"," 2295 ","ORSE","Pintura para exteriores, sobre paredes, com lixamento, aplicação de 01 demão de selador acrílico, 02 demãos de massa acrílica e 02 demãos de tinta acrílica convencional - Rev 03","Latex PVA",null,"m²",{"v":1,"d":"1.0000000"},46.32,46.32]
["Composição Auxiliar"," 2282 ","ORSE","Preparo de superfície com lixamento e aplicação de 01 demão de líquido selador acrílico","Latex PVA",null,"m²",{"v":1,"d":"1.0000000"},8.11,8.11]
["Composição Auxiliar"," 2288 ","ORSE","Pintura de acabamento com aplicação de 02 demaõs de tinta acrílica convencional","Latex PVA",null,"m²",{"v":1,"d":"1.0000000"},18.14,18.14]
["Composição Auxiliar"," 8624 ","ORSE","Emassamento de superfície, com aplicação de 02 demãos de massa acrílica, lixamento e retoques - Rev 01","Latex PVA",null,"m²",{"v":1,"d":"1.0000000"},20.07,20.07]
[{"$nulls":4},"MO sem LS =>",{"v":12.8277154,"d":"12.83"},"LS =>",14.57,"MO com LS =>",{"v":27.4,"d":"27.40"}]
[{"$nulls":4},"Valor do BDI =>",9.42,null,"Valor com BDI =>",null,55.74]
[{"$nulls":6},"Quant. =>",{"v":978.56,"d":"978.5600000"},"Preço Total =>",{"v":54544.93,"d":"54,544.93"}]
[]
[" 13.1.2 ","Código","Banco","Descrição","Tipo",null,"Und","Quant.","Valor Unit","Total"]
["Composição"," 2291 ","ORSE","Pintura para interiores, sobre paredes ou tetos, com lixamento, aplicação de 01 demão de líquido selador, 02 demãos de massa corrida e 02 demãos de tinta pva latex convencional para interiores. Rev 03_04/2022","Latex PVA",null,"m²",{"v":1,"d":"1.0000000"},42.46,42.46]
["Composição Auxiliar"," 2281 ","ORSE","Preparo de superfície com lixamento e aplicação de 01 demão de líquido selador","Latex PVA",null,"m²",{"v":1,"d":"1.0000000"},{"v":7.7,"d":"7.70"},{"v":7.7,"d":"7.70"}]
["Composição Auxiliar"," 2285 ","ORSE","Pintura de acabamento com aplicação de 02 demãos de tinta PVA latex para interiores - cores convencionais - Rev 03","Latex PVA",null,"m²",{"v":1,"d":"1.0000000"},16.39,16.39]
["Composição Auxiliar"," 8623 ","ORSE","Emassamento de superfície, com aplicação de 02 demãos de massa corrida - R1","Latex PVA",null,"m²",{"v":1,"d":"1.0000000"},18.37,18.37]
[{"$nulls":4},"MO sem LS =>",{"v":14.2649813,"d":"14.26"},"LS =>",16.21,"MO com LS =>",30.47]
[{"$nulls":4},"Valor do BDI =>",8.63,null,"Valor com BDI =>",null,51.09]
[{"$nulls":6},"Quant. =>",{"v":628,"d":"628.0000000"},"Preço Total =>",{"v":32084.52,"d":"32,084.52"}]
[]
[" 13.2 ",null,null,"ESMALTE",{"$nulls":5},{"v":1604.09,"d":"1,604.09"}]
[" 13.2.1 ","Código","Banco","Descrição","Tipo",null,"Und","Quant.","Valor Unit","Total"]
["Composição"," 102219 ","SINAPI","PINTURA TINTA DE ACABAMENTO (PIGMENTADA) ESMALTE SINTÉTICO ACETINADO EM MADEIRA, 2 DEMÃOS. AF_01/2021","Pintura em Madeira",null,"m²",{"v":1,"d":"1.0000000"},15.23,15.23]
["Composição Auxiliar"," 88310 ","SINAPI","PINTOR COM ENCARGOS COMPLEMENTARES","Livro SINAPI: Cálculos e Parâmetros",null,"H",{"v":0.3805,"d":"0.3805000"},27.58,10.49]
["Insumo"," 00005318 ","SINAPI","DILUENTE AGUARRAS","Material",null,"L",{"v":0.014,"d":"0.0140000"},16.61,0.23]
["Insumo"," 00007311 ","SINAPI","TINTA ESMALTE SINTETICO PREMIUM ACETINADO","Material",null,"L",{"v":0.1403,"d":"0.1403000"},32.17,4.51]
[{"$nulls":4},"MO sem LS =>",{"v":3.8202247191011236,"d":"3.82"},"LS =>",4.34,"MO com LS =>",8.16]
[{"$nulls":4},"Valor do BDI =>",3.09,null,"Valor com BDI =>",null,18.32]
[{"$nulls":6},"Quant. =>",{"v":87.56,"d":"87.5600000"},"Preço Total =>",{"v":1604.09,"d":"1,604.09"}]
[]
[" 14 ",null,null,"ELEMENTOSS DECORATIVOS E OUTROS",{"$nulls":5},{"v":35770.06,"d":"35,770.06"}]
[" 14.1 ",null,null,"CONCRETO",{"$nulls":5},{"v":2469.63,"d":"2,469.63"}]
[" 14.1.1 ","Código","Banco","Descrição","Tipo",null,"Und","Quant.","Valor Unit","Total"]
["Composição"," 3226 ","ORSE","Banco de concreto em alvenaria de tijolos, assento em concreto armado, sem encosto, pintado com tinta acrílica, 2 demãos","Conversão InfoWOrca",null,"m",{"v":1,"d":"1.0000000"},190.02,190.02]
["Composição Auxiliar"," 115 ","ORSE","Forma plana para estruturas, em compensado resinado de 12mm, 02 usos, inclusive escoramento - Rev 02_04/2022","Formas",null,"m²",{"v":0.2,"d":"0.2000000"},121.35,24.27]
["Composição Auxiliar"," 140 ","ORSE","Aço CA - 50 Ø 6,3 a 12,5mm, inclusive corte, dobragem, montagem e colocacao de ferragens nas formas, para superestruturas e fundações - R1","Armaduras Convencionais",null,"kg",{"v":1.6,"d":"1.6000000"},11.34,18.14]
["Composição Auxiliar"," 151 ","ORSE","Alvenaria bloco cerâmico vedação, 9x19x24cm, e=9cm, com argamassa t5 - 1:2:8 (cimento/cal/areia), junta=1cm - Rev.09","Alvenarias de Vedação",null,"m²",{"v":1,"d":"1.0000000"},47.62,47.62]
["Composição Auxiliar"," 1908 ","ORSE","Reboco ou emboço externo, de parede, com argamassa traço t5 - 1:2:8 (cimento / cal / areia), espessura 2,0 cm","Argamassas",null,"m²",{"v":0.8,"d":"0.8000000"},34.91,27.92]
["Composição Auxiliar"," 2295 ","ORSE","Pintura para exteriores, sobre paredes, com lixamento, aplicação de 01 demão de selador acrílico, 02 demãos de massa acrílica e 02 demãos de tinta acrílica convencional - Rev 03","Latex PVA",null,"m²",{"v":0.9,"d":"0.9000000"},46.32,41.68]
["Composição Auxiliar"," 3310 ","ORSE","Chapisco em parede com argamassa traço t1 - 1:3 (cimento / areia) - Revisado 08/2015","Conversão InfoWOrca",null,"m²",{"v":2,"d":"2.0000000"},6.46,12.92]
["Composição Auxiliar"," 77 ","ORSE","Aterro de caixão de ediificação, com fornec. de areia, adensada com água","Aterros / Reaterros / Compactações",null,"m³",{"v":0.05,"d":"0.0500000"},156.48,7.82]
["Composição Auxiliar"," 96 ","ORSE","Concreto simples usinado fck=15mpa, bombeado, lançado e adensado em superestrura","Alvenarias de Pedra e Concretos para Fundações",null,"m³",{"v":0.02,"d":"0.0200000"},482.63,9.65]
[{"$nulls":4},"MO sem LS =>",{"v":40.56647940074907,"d":"40.57"},"LS =>",46.08,"MO com LS =>",86.65]
[{"$nulls":4},"Valor do BDI =>",38.65,null,"Valor com BDI =>",null,228.67]
[{"$nulls":6},"Quant. =>",{"v":10.8,"d":"10.8000000"},"Preço Total =>",{"v":2469.63,"d":"2,469.63"}]
[]
[" 14.2 ",null,null,"BANCADA",{"$nulls":5},{"v":14212.72,"d":"14,212.72"}]
[" 14.2.1 ","Código","Banco","Descrição","Tipo",null,"Und","Quant.","Valor Unit","Total"]
["Composição"," 10759 ","ORSE","Bancada em granito cinza andorinha, e=2cm","Conversão InfoWOrca",null,"m²",{"v":1,"d":"1.0000000"},480.56,480.56]
["Composição Auxiliar"," 10549 ","ORSE","Encargos Complementares - Servente","Provisórios",null,"h",{"v":1.14,"d":"1.1400000"},3.31,3.77]
["Composição Auxiliar"," 10550 ","ORSE","Encargos Complementares - Pedreiro","Provisórios",null,"h",{"v":0.65,"d":"0.6500000"},3.19,2.07]
["Insumo"," 00004750/SINAPI ","ORSE","Pedreiro (horista)","Mão de Obra",null,"h",{"v":0.65,"d":"0.6500000"},20.44,13.28]
["Insumo"," 00006111/SINAPI ","ORSE","Servente de obras (horista)","Mão de Obra",null,"h",{"v":1.14,"d":"1.1400000"},14.58,16.62]
["Insumo"," 2585 ","ORSE","Tampo/bancada de granito cinza andorinha, e=2cm","Material",null,"m²",{"v":1,"d":"1.0000000"},437.07,437.07]
["Insumo"," 3116 ","ORSE","Cantoneira alumínio anodizado natural, 1\" x  1/8\" - vara com 6m - 0,408 kg/m","Material",null,"m",{"v":0.6,"d":"0.6000000"},12.93,7.75]
[{"$nulls":4},"MO sem LS =>",{"v":13.9981273,"d":"14.00"},"LS =>",{"v":15.9,"d":"15.90"},"MO com LS =>",{"v":29.9,"d":"29.90"}]
[{"$nulls":4},"Valor do BDI =>",97.74,null,"Valor com BDI =>",null,{"v":578.3,"d":"578.30"}]
[{"$nulls":6},"Quant. =>",{"v":3.82,"d":"3.8200000"},"Preço Total =>",{"v":2209.1,"d":"2,209.10"}]
[]
[" 14.2.2 ","Código","Banco","Descrição","Tipo",null,"Und","Quant.","Valor Unit","Total"]
["Composição"," 10759 ","ORSE","Bancada em granito cinza andorinha, e=2cm","Conversão InfoWOrca",null,"m²",{"v":1,"d":"1.0000000"},480.56,480.56]
["Composição Auxiliar"," 10549 ","ORSE","Encargos Complementares - Servente","Provisórios",null,"h",{"v":1.14,"d":"1.1400000"},3.31,3.77]
["Composição Auxiliar"," 10550 ","ORSE","Encargos Complementares - Pedreiro","Provisórios",null,"h",{"v":0.65,"d":"0.6500000"},3.19,2.07]
["Insumo"," 00004750/SINAPI ","ORSE","Pedreiro (horista)","Mão de Obra",null,"h",{"v":0.65,"d":"0.6500000"},20.44,13.28]
["Insumo"," 00006111/SINAPI ","ORSE","Servente de obras (horista)","Mão de Obra",null,"h",{"v":1.14,"d":"1.1400000"},14.58,16.62]
["Insumo"," 2585 ","ORSE","Tampo/bancada de granito cinza andorinha, e=2cm","Material",null,"m²",{"v":1,"d":"1.0000000"},437.07,437.07]
["Insumo"," 3116 ","ORSE","Cantoneira alumínio anodizado natural, 1\" x  1/8\" - vara com 6m - 0,408 kg/m","Material",null,"m",{"v":0.6,"d":"0.6000000"},12.93,7.75]
[{"$nulls":4},"MO sem LS =>",{"v":13.9981273,"d":"14.00"},"LS =>",{"v":15.9,"d":"15.90"},"MO com LS =>",{"v":29.9,"d":"29.90"}]
[{"$nulls":4},"Valor do BDI =>",97.74,null,"Valor com BDI =>",null,{"v":578.3,"d":"578.30"}]
[{"$nulls":6},"Quant. =>",{"v":2.45,"d":"2.4500000"},"Preço Total =>",{"v":1416.83,"d":"1,416.83"}]
[]
[" 14.2.3 ","Código","Banco","Descrição","Tipo",null,"Und","Quant.","Valor Unit","Total"]
["Composição"," 10759 ","ORSE","Bancada em granito cinza andorinha, e=2cm","Conversão InfoWOrca",null,"m²",{"v":1,"d":"1.0000000"},480.56,480.56]
["Composição Auxiliar"," 10549 ","ORSE","Encargos Complementares - Servente","Provisórios",null,"h",{"v":1.14,"d":"1.1400000"},3.31,3.77]
["Composição Auxiliar"," 10550 ","ORSE","Encargos Complementares - Pedreiro","Provisórios",null,"h",{"v":0.65,"d":"0.6500000"},3.19,2.07]
["Insumo"," 00004750/SINAPI ","ORSE","Pedreiro (horista)","Mão de Obra",null,"h",{"v":0.65,"d":"0.6500000"},20.44,13.28]
["Insumo"," 00006111/SINAPI ","ORSE","Servente de obras (horista)","Mão de Obra",null,"h",{"v":1.14,"d":"1.1400000"},14.58,16.62]
["Insumo"," 2585 ","ORSE","Tampo/bancada de granito cinza andorinha, e=2cm","Material",null,"m²",{"v":1,"d":"1.0000000"},437.07,437.07]
["Insumo"," 3116 ","ORSE","Cantoneira alumínio anodizado natural, 1\" x  1/8\" - vara com 6m - 0,408 kg/m","Material",null,"m",{"v":0.6,"d":"0.6000000"},12.93,7.75]
[{"$nulls":4},"MO sem LS =>",{"v":13.9981273,"d":"14.00"},"LS =>",{"v":15.9,"d":"15.90"},"MO com LS =>",{"v":29.9,"d":"29.90"}]
[{"$nulls":4},"Valor do BDI =>",97.74,null,"Valor com BDI =>",null,{"v":578.3,"d":"578.30"}]
[{"$nulls":6},"Quant. =>",{"v":2.52,"d":"2.5200000"},"Preço Total =>",{"v":1457.31,"d":"1,457.31"}]
[]
[" 14.2.4 ","Código","Banco","Descrição","Tipo",null,"Und","Quant.","Valor Unit","Total"]
["Composição"," 10759 ","ORSE","Bancada em granito cinza andorinha, e=2cm","Conversão InfoWOrca",null,"m²",{"v":1,"d":"1.0000000"},480.56,480.56]
["Composição Auxiliar"," 10549 ","ORSE","Encargos Complementares - Servente","Provisórios",null,"h",{"v":1.14,"d":"1.1400000"},3.31,3.77]
["Composição Auxiliar"," 10550 ","ORSE","Encargos Complementares - Pedreiro","Provisórios",null,"h",{"v":0.65,"d":"0.6500000"},3.19,2.07]
["Insumo"," 00004750/SINAPI ","ORSE","Pedreiro (horista)","Mão de Obra",null,"h",{"v":0.65,"d":"0.6500000"},20.44,13.28]
["Insumo"," 00006111/SINAPI ","ORSE","Servente de obras (horista)","Mão de Obra",null,"h",{"v":1.14,"d":"1.1400000"},14.58,16.62]
["Insumo"," 2585 ","ORSE","Tampo/bancada de granito cinza andorinha, e=2cm","Material",null,"m²",{"v":1,"d":"1.0000000"},437.07,437.07]
["Insumo"," 3116 ","ORSE","Cantoneira alumínio anodizado natural, 1\" x  1/8\" - vara com 6m - 0,408 kg/m","Material",null,"m",{"v":0.6,"d":"0.6000000"},12.93,7.75]
[{"$nulls":4},"MO sem LS =>",{"v":13.9981273,"d":"14.00"},"LS =>",{"v":15.9,"d":"15.90"},"MO com LS =>",{"v":29.9,"d":"29.90"}]
[{"$nulls":4},"Valor do BDI =>",97.74,null,"Valor com BDI =>",null,{"v":578.3,"d":"578.30"}]
[{"$nulls":6},"Quant. =>",{"v":2.52,"d":"2.5200000"},"Preço Total =>",{"v":1457.31,"d":"1,457.31"}]
[]
[" 14.2.5 ","Código","Banco","Descrição","Tipo",null,"Und","Quant.","Valor Unit","Total"]
["Composição"," 091464 ","SEDOP","Portas em MDF (sob bancadas)",0,null,"m²",{"v":1,"d":"1.0000000"},339.94,339.94]
["Composição Auxiliar"," 280002 ","SEDOP","AJUDANTE DE CARPINTEIRO COM ENCARGOS COMPLEMENTARES",0,null,"h",{"v":0.5,"d":"0.5000000"},24.53,12.26]
["Composição Auxiliar"," 280013 ","SEDOP","CARPINTEIRO COM ENCARGOS COMPLEMENTARES",0,null,"h",{"v":0.5,"d":"0.5000000"},30.39,15.19]
["Insumo"," D00483 ","SEDOP","Portas em MDF p/ armário debaixo de pia","Material",null,"m²",{"v":1,"d":"1.0000000"},312.49,312.49]
[{"$nulls":4},"MO sem LS =>",{"v":8.984082397003744,"d":"8.98"},"LS =>",10.21,"MO com LS =>",19.19]
[{"$nulls":4},"Valor do BDI =>",69.14,null,"Valor com BDI =>",null,409.08]
[{"$nulls":6},"Quant. =>",{"v":4.67,"d":"4.6700000"},"Preço Total =>",{"v":1910.4,"d":"1,910.40"}]
[]
[" 14.2.6 ","Código","Banco","Descrição","Tipo",null,"Und","Quant.","Valor Unit","Total"]
["Composição"," 1776 ","ORSE","Prateleira em compensado, revestida com fórmica","Esquadrias de Madeira",null,"m²",{"v":1,"d":"1.0000000"},408.18,408.18]
["Composição Auxiliar"," 10549 ","ORSE","Encargos Complementares - Servente","Provisórios",null,"h",{"v":1,"d":"1.0000000"},3.31,3.31]
["Composição Auxiliar"," 10551 ","ORSE","Encargos Complementares - Carpinteiro","Provisórios",null,"h",{"v":1,"d":"1.0000000"},3.26,3.26]
["Insumo"," 00001213/SINAPI ","ORSE","Carpinteiro de formas para concreto (horista)","Mão de Obra",null,"h",{"v":1,"d":"1.0000000"},20.44,20.44]
["Insumo"," 00006111/SINAPI ","ORSE","Servente de obras (horista)","Mão de Obra",null,"h",{"v":1,"d":"1.0000000"},14.58,14.58]
["Insumo"," 1689 ","ORSE","Parafuso de fixação com bucha plástica 8 mm","Material",null,"cj",{"v":4,"d":"4.0000000"},0.82,3.28]
["Insumo"," 1881 ","ORSE","Prateleira em compensado revestida com fórmica","Material",null,"m²",{"v":1,"d":"1.0000000"},363.31,363.31]
[{"$nulls":4},"MO sem LS =>",{"v":16.3951311,"d":"16.40"},"LS =>",18.62,"MO com LS =>",35.02]
[{"$nulls":4},"Valor do BDI =>",83.02,null,"Valor com BDI =>",null,{"v":491.2,"d":"491.20"}]
[{"$nulls":6},"Quant. =>",{"v":11.73,"d":"11.7300000"},"Preço Total =>",{"v":5761.77,"d":"5,761.77"}]
[]
[" 14.3 ",null,null,"MADEIRA",{"$nulls":5},{"v":19087.71,"d":"19,087.71"}]
[" 14.3.1 ","Código","Banco","Descrição","Tipo",null,"Und","Quant.","Valor Unit","Total"]
["Composição"," 2387 ","ORSE","Quadro escolar em fórmica branca com moldura","Alambrados e Gradis",null,"m²",{"v":1,"d":"1.0000000"},{"v":358.1,"d":"358.10"},{"v":358.1,"d":"358.10"}]
["Composição Auxiliar"," 10549 ","ORSE","Encargos Complementares - Servente","Provisórios",null,"h",{"v":2.5,"d":"2.5000000"},3.31,8.27]
["Composição Auxiliar"," 10551 ","ORSE","Encargos Complementares - Carpinteiro","Provisórios",null,"h",{"v":3,"d":"3.0000000"},3.26,9.78]
["Composição Auxiliar"," 10553 ","ORSE","Encargos Complementares - Pintor","Provisórios",null,"h",{"v":1.5,"d":"1.5000000"},3.36,5.04]
["Insumo"," 00001213/SINAPI ","ORSE","Carpinteiro de formas para concreto (horista)","Mão de Obra",null,"h",{"v":3,"d":"3.0000000"},20.44,61.32]
["Insumo"," 00001338/SINAPI ","ORSE","Chapa de laminado melaminico, liso brilhante, de 1,25 x 3,08 metros, espessura = 0,8 milimetros","Material",null,"m²",{"v":1.05,"d":"1.0500000"},33.17,34.82]
["Insumo"," 00001339/SINAPI ","ORSE","Cola a base de resina sintetica para chapa de laminado melaminico e outros","Material",null,"kg",{"v":0.1,"d":"0.1000000"},33.25,3.32]
["Insumo"," 00003767/SINAPI ","ORSE","Lixa em folha para parede ou madeira, numero 120, cor vermelha","Material",null,"un",{"v":0.6,"d":"0.6000000"},0.83,0.49]
["Insumo"," 00004783/SINAPI ","ORSE","Pintor (horista)","Mão de Obra",null,"h",{"v":1.5,"d":"1.5000000"},20.44,30.66]
["Insumo"," 00005067/SINAPI ","ORSE","Prego de aco polido com cabeca 16 x 24 (2 1/4 x 12)","Material",null,"kg",{"v":0.2,"d":"0.2000000"},15.18,3.03]
["Insumo"," 00006111/SINAPI ","ORSE","Servente de obras (horista)","Mão de Obra",null,"h",{"v":2.5,"d":"2.5000000"},14.58,36.45]
["Insumo"," 1623 ","ORSE","Moldura de madeira 10 x 1.5 cm","Material",null,"m",{"v":4,"d":"4.0000000"},23.04,92.16]
["Insumo"," 2424 ","ORSE","Verniz poliuretano","Material",null,"l",{"v":0.5,"d":"0.5000000"},30.81,{"v":15.4,"d":"15.40"}]
["Insumo"," 632 ","ORSE","Compensado resinado 20mm - Madeirit ou similar","Material",null,"m²",{"v":1.21,"d":"1.2100000"},47.41,57.36]
[{"$nulls":4},"MO sem LS =>",{"v":60.1264045,"d":"60.13"},"LS =>",{"v":68.3,"d":"68.30"},"MO com LS =>",128.43]
[{"$nulls":4},"Valor do BDI =>",72.83,null,"Valor com BDI =>",null,430.93]
[{"$nulls":6},"Quant. =>",{"v":31.92,"d":"31.9200000"},"Preço Total =>",{"v":13755.28,"d":"13,755.28"}]
[]
[" 14.3.2 ","Código","Banco","Descrição","Tipo",null,"Und","Quant.","Valor Unit","Total"]
["Composição"," 2387 ","ORSE","Quadro escolar em fórmica branca com moldura","Alambrados e Gradis",null,"m²",{"v":1,"d":"1.0000000"},{"v":358.1,"d":"358.10"},{"v":358.1,"d":"358.10"}]
["Composição Auxiliar"," 10549 ","ORSE","Encargos Complementares - Servente","Provisórios",null,"h",{"v":2.5,"d":"2.5000000"},3.31,8.27]
["Composição Auxiliar"," 10551 ","ORSE","Encargos Complementares - Carpinteiro","Provisórios",null,"h",{"v":3,"d":"3.0000000"},3.26,9.78]
["Composição Auxiliar"," 10553 ","ORSE","Encargos Complementares - Pintor","Provisórios",null,"h",{"v":1.5,"d":"1.5000000"},3.36,5.04]
["Insumo"," 00001213/SINAPI ","ORSE","Carpinteiro de formas para concreto (horista)","Mão de Obra",null,"h",{"v":3,"d":"3.0000000"},20.44,61.32]
["Insumo"," 00001338/SINAPI ","ORSE","Chapa de laminado melaminico, liso brilhante, de 1,25 x 3,08 metros, espessura = 0,8 milimetros","Material",null,"m²",{"v":1.05,"d":"1.0500000"},33.17,34.82]
["Insumo"," 00001339/SINAPI ","ORSE","Cola a base de resina sintetica para chapa de laminado melaminico e outros","Material",null,"kg",{"v":0.1,"d":"0.1000000"},33.25,3.32]
["Insumo"," 00003767/SINAPI ","ORSE","Lixa em folha para parede ou madeira, numero 120, cor vermelha","Material",null,"un",{"v":0.6,"d":"0.6000000"},0.83,0.49]
["Insumo"," 00004783/SINAPI ","ORSE","Pintor (horista)","Mão de Obra",null,"h",{"v":1.5,"d":"1.5000000"},20.44,30.66]
["Insumo"," 00005067/SINAPI ","ORSE","Prego de aco polido com cabeca 16 x 24 (2 1/4 x 12)","Material",null,"kg",{"v":0.2,"d":"0.2000000"},15.18,3.03]
["Insumo"," 00006111/SINAPI ","ORSE","Servente de obras (horista)","Mão de Obra",null,"h",{"v":2.5,"d":"2.5000000"},14.58,36.45]
["Insumo"," 1623 ","ORSE","Moldura de madeira 10 x 1.5 cm","Material",null,"m",{"v":4,"d":"4.0000000"},23.04,92.16]
["Insumo"," 2424 ","ORSE","Verniz poliuretano","Material",null,"l",{"v":0.5,"d":"0.5000000"},30.81,{"v":15.4,"d":"15.40"}]
["Insumo"," 632 ","ORSE","Compensado resinado 20mm - Madeirit ou similar","Material",null,"m²",{"v":1.21,"d":"1.2100000"},47.41,57.36]
[{"$nulls":4},"MO sem LS =>",{"v":60.1264045,"d":"60.13"},"LS =>",{"v":68.3,"d":"68.30"},"MO com LS =>",128.43]
[{"$nulls":4},"Valor do BDI =>",72.83,null,"Valor com BDI =>",null,430.93]
[{"$nulls":6},"Quant. =>",{"v":1.5,"d":"1.5000000"},"Preço Total =>",646.39]
[]
[" 14.3.3 ","Código","Banco","Descrição","Tipo",null,"Und","Quant.","Valor Unit","Total"]
["Composição"," 1777 ","ORSE","Prateleira em compensado, revestida com laminado","Esquadrias de Madeira",null,"m²",{"v":1,"d":"1.0000000"},408.18,408.18]
["Composição Auxiliar"," 10549 ","ORSE","Encargos Complementares - Servente","Provisórios",null,"h",{"v":1,"d":"1.0000000"},3.31,3.31]
["Composição Auxiliar"," 10551 ","ORSE","Encargos Complementares - Carpinteiro","Provisórios",null,"h",{"v":1,"d":"1.0000000"},3.26,3.26]
["Insumo"," 00001213/SINAPI ","ORSE","Carpinteiro de formas para concreto (horista)","Mão de Obra",null,"h",{"v":1,"d":"1.0000000"},20.44,20.44]
["Insumo"," 00006111/SINAPI ","ORSE","Servente de obras (horista)","Mão de Obra",null,"h",{"v":1,"d":"1.0000000"},14.58,14.58]
["Insumo"," 1689 ","ORSE","Parafuso de fixação com bucha plástica 8 mm","Material",null,"cj",{"v":4,"d":"4.0000000"},0.82,3.28]
["Insumo"," 1882 ","ORSE","Prateleira em compensado, revestida com laminado","Material",null,"m²",{"v":1,"d":"1.0000000"},363.31,363.31]
[{"$nulls":4},"MO sem LS =>",{"v":16.3951311,"d":"16.40"},"LS =>",18.62,"MO com LS =>",35.02]
[{"$nulls":4},"Valor do BDI =>",83.02,null,"Valor com BDI =>",null,{"v":491.2,"d":"491.20"}]
[{"$nulls":6},"Quant. =>",{"v":9.54,"d":"9.5400000"},"Preço Total =>",{"v":4686.04,"d":"4,686.04"}]
[]
[" 15 ",null,null,"INCÊNDIO",{"$nulls":5},{"v":1939.04,"d":"1,939.04"}]
[" 15.1 ","Código","Banco","Descrição","Tipo",null,"Und","Quant.","Valor Unit","Total"]
["Composição"," 1511 ","ORSE","Extintor de pó químico ABC, capacidade 6 kg, alcance médio do jato 5m , tempode descarga 12s, NBR9443, 9444, 10721","Equipamentos para Combate a Incêndio",null,"un",{"v":1,"d":"1.0000000"},201.42,201.42]
["Composição Auxiliar"," 10549 ","ORSE","Encargos Complementares - Servente","Provisórios",null,"h",{"v":0.1,"d":"0.1000000"},3.31,0.33]
["Insumo"," 00006111/SINAPI ","ORSE","Servente de obras (horista)","Mão de Obra",null,"h",{"v":0.1,"d":"0.1000000"},14.58,1.45]
["Insumo"," 00010892/SINAPI ","ORSE","Extintor de incendio portatil com carga de po quimico seco (pqs) de 6 kg, classe bc","Material",null,"un",{"v":1,"d":"1.0000000"},199.64,199.64]
[{"$nulls":4},"MO sem LS =>",{"v":0.678839,"d":"0.68"},"LS =>",0.77,"MO com LS =>",1.45]
[{"$nulls":4},"Valor do BDI =>",40.96,null,"Valor com BDI =>",null,242.38]
[{"$nulls":6},"Quant. =>",{"v":8,"d":"8.0000000"},"Preço Total =>",{"v":1939.04,"d":"1,939.04"}]
[]
[" 16 ",null,null,"GÁS",{"$nulls":5},368.94]
[" 16.1 ","Código","Banco","Descrição","Tipo",null,"Und","Quant.","Valor Unit","Total"]
["Composição"," 100800 ","SINAPI","TUBO, PEX, MULTICAMADA, COM TUBO LUVA, DN 20, INSTALADO EM IMPLANTAÇÃO DE INSTALAÇÕES DE GÁS - FORNECIMENTO E INSTALAÇÃO. AF_01/2020","Instalações de Gás em PEX Multicamadas",null,"M",{"v":1,"d":"1.0000000"},22.91,22.91]
["Composição Auxiliar"," 88248 ","SINAPI","AUXILIAR DE ENCANADOR OU BOMBEIRO HIDRÁULICO COM ENCARGOS COMPLEMENTARES","Livro SINAPI: Cálculos e Parâmetros",null,"H",{"v":0.0862,"d":"0.0862000"},20.97,{"v":1.8,"d":"1.80"}]
["Composição Auxiliar"," 88267 ","SINAPI","ENCANADOR OU BOMBEIRO HIDRÁULICO COM ENCARGOS COMPLEMENTARES","Livro SINAPI: Cálculos e Parâmetros",null,"H",{"v":0.2844,"d":"0.2844000"},25.54,7.26]
["Insumo"," 00038829 ","SINAPI","TUBO MULTICAMADA PEX GAS, DN *20* MM","Material",null,"M",{"v":1.0216,"d":"1.0216000"},13.56,13.85]
[{"$nulls":4},"MO sem LS =>",{"v":3.548689138576779,"d":"3.55"},"LS =>",4.03,"MO com LS =>",7.58]
[{"$nulls":4},"Valor do BDI =>",4.65,null,"Valor com BDI =>",null,27.56]
[{"$nulls":6},"Quant. =>",{"v":7,"d":"7.0000000"},"Preço Total =>",192.92]
[]
[" 16.2 ","Código","Banco","Descrição","Tipo",null,"Und","Quant.","Valor Unit","Total"]
["Composição"," 103029 ","SINAPI","REGISTRO OU REGULADOR DE GÁS DE COZINHA - FORNECIMENTO E INSTALAÇÃO. AF_08/2021","Válvulas e Registros para Sistemas Prediais",null,"UN",{"v":1,"d":"1.0000000"},{"v":41.8,"d":"41.80"},{"v":41.8,"d":"41.80"}]
["Composição Auxiliar"," 88248 ","SINAPI","AUXILIAR DE ENCANADOR OU BOMBEIRO HIDRÁULICO COM ENCARGOS COMPLEMENTARES","Livro SINAPI: Cálculos e Parâmetros",null,"H",{"v":0.1102,"d":"0.1102000"},20.97,2.31]
["Composição Auxiliar"," 88267 ","SINAPI","ENCANADOR OU BOMBEIRO HIDRÁULICO COM ENCARGOS COMPLEMENTARES","Livro SINAPI: Cálculos e Parâmetros",null,"H",{"v":0.1102,"d":"0.1102000"},25.54,2.81]
["Insumo"," 00003148 ","SINAPI","FITA VEDA ROSCA, EM PTFE, ROLO DE 18 MM X 50 M (L X C)","Material",null,"UN",{"v":0.0106,"d":"0.0106000"},6.31,0.06]
["Insumo"," 00011756 ","SINAPI","REGISTRO OU REGULADOR DE GAS COZINHA, VAZAO DE 2 KG/H, 2,8 KPA","Material",null,"UN",{"v":1,"d":"1.0000000"},36.62,36.62]
[{"$nulls":4},"MO sem LS =>",{"v":1.9803370786516854,"d":"1.98"},"LS =>",2.25,"MO com LS =>",4.23]
[{"$nulls":4},"Valor do BDI =>",{"v":8.5,"d":"8.50"},null,"Valor com BDI =>",null,{"v":50.3,"d":"50.30"}]
[{"$nulls":6},"Quant. =>",{"v":1,"d":"1.0000000"},"Preço Total =>",{"v":50.3,"d":"50.30"}]
[]
[" 16.3 ","Código","Banco","Descrição","Tipo",null,"Und","Quant.","Valor Unit","Total"]
["Composição"," 93008 ","SINAPI","ELETRODUTO RÍGIDO ROSCÁVEL, PVC, DN 50 MM (1 1/2\"), PARA REDE ENTERRADA DE DISTRIBUIÇÃO DE ENERGIA ELÉTRICA - FORNECIMENTO E INSTALAÇÃO. AF_12/2021","Redes Enterradas de Distribuição Elétrica",null,"M",{"v":1,"d":"1.0000000"},{"v":16.6,"d":"16.60"},{"v":16.6,"d":"16.60"}]
["Composição Auxiliar"," 88247 ","SINAPI","AUXILIAR DE ELETRICISTA COM ENCARGOS COMPLEMENTARES","Livro SINAPI: Cálculos e Parâmetros",null,"H",{"v":0.1122,"d":"0.1122000"},21.88,2.45]
["Composição Auxiliar"," 88264 ","SINAPI","ELETRICISTA COM ENCARGOS COMPLEMENTARES","Livro SINAPI: Cálculos e Parâmetros",null,"H",{"v":0.1122,"d":"0.1122000"},26.52,2.97]
["Insumo"," 00002680 ","SINAPI","ELETRODUTO DE PVC RIGIDO ROSCAVEL DE 1 1/2\", SEM LUVA","Material",null,"M",{"v":1.1,"d":"1.1000000"},10.17,11.18]
[{"$nulls":4},"MO sem LS =>",{"v":2.050561797752809,"d":"2.05"},"LS =>",2.33,"MO com LS =>",4.38]
[{"$nulls":4},"Valor do BDI =>",3.37,null,"Valor com BDI =>",null,19.97]
[{"$nulls":6},"Quant. =>",{"v":4,"d":"4.0000000"},"Preço Total =>",79.88]
[]
[" 16.4 ","Código","Banco","Descrição","Tipo",null,"Und","Quant.","Valor Unit","Total"]
["Composição"," 93018 ","SINAPI","CURVA 90 GRAUS PARA ELETRODUTO, PVC, ROSCÁVEL, DN 50 MM (1 1/2\"), PARA REDE ENTERRADA DE DISTRIBUIÇÃO DE ENERGIA ELÉTRICA - FORNECIMENTO E INSTALAÇÃO. AF_12/2021","Redes Enterradas de Distribuição Elétrica",null,"UN",{"v":1,"d":"1.0000000"},19.05,19.05]
["Composição Auxiliar"," 88247 ","SINAPI","AUXILIAR DE ELETRICISTA COM ENCARGOS COMPLEMENTARES","Livro SINAPI: Cálculos e Parâmetros",null,"H",{"v":0.3365,"d":"0.3365000"},21.88,7.36]
["Composição Auxiliar"," 88264 ","SINAPI","ELETRICISTA COM ENCARGOS COMPLEMENTARES","Livro SINAPI: Cálculos e Parâmetros",null,"H",{"v":0.3365,"d":"0.3365000"},26.52,8.92]
["Insumo"," 00001875 ","SINAPI","CURVA 90 GRAUS, LONGA, DE PVC RIGIDO ROSCAVEL, DE 1 1/2\", PARA ELETRODUTO","Material",null,"UN",{"v":1,"d":"1.0000000"},2.77,2.77]
[{"$nulls":4},"MO sem LS =>",{"v":6.170411985018727,"d":"6.17"},"LS =>",7.01,"MO com LS =>",13.18]
[{"$nulls":4},"Valor do BDI =>",3.87,null,"Valor com BDI =>",null,22.92]
[{"$nulls":6},"Quant. =>",{"v":2,"d":"2.0000000"},"Preço Total =>",45.84]
[]
[" 17 ",null,null,"VIDROS",{"$nulls":5},{"v":6552.37,"d":"6,552.37"}]
[" 17.1 ","Código","Banco","Descrição","Tipo",null,"Und","Quant.","Valor Unit","Total"]
["Composição"," 9718 ","ORSE","Espelho de cristal 4mm com moldura de alumínio","Espelhos",null,"m²",{"v":1,"d":"1.0000000"},477.63,477.63]
["Composição Auxiliar"," 10549 ","ORSE","Encargos Complementares - Servente","Provisórios",null,"h",{"v":0.3,"d":"0.3000000"},3.31,0.99]
["Composição Auxiliar"," 10550 ","ORSE","Encargos Complementares - Pedreiro","Provisórios",null,"h",{"v":0.3,"d":"0.3000000"},3.19,0.95]
["Insumo"," 00004750/SINAPI ","ORSE","Pedreiro (horista)","Mão de Obra",null,"h",{"v":0.3,"d":"0.3000000"},20.44,6.13]
["Insumo"," 00006111/SINAPI ","ORSE","Servente de obras (horista)","Mão de Obra",null,"h",{"v":0.3,"d":"0.3000000"},14.58,4.37]
["Insumo"," 10088 ","ORSE","Espelho de cristal 4mm com moldura de alumínio","Material",null,"m²",{"v":1,"d":"1.0000000"},465.19,465.19]
[{"$nulls":4},"MO sem LS =>",{"v":4.9157303,"d":"4.92"},"LS =>",5.58,"MO com LS =>",{"v":10.5,"d":"10.50"}]
[{"$nulls":4},"Valor do BDI =>",97.14,null,"Valor com BDI =>",null,574.77]
[{"$nulls":6},"Quant. =>",{"v":11.4,"d":"11.4000000"},"Preço Total =>",{"v":6552.37,"d":"6,552.37"}]
[]
[" 18 ",null,null,"INSTALAÇÃO REDE LOGICA",{"$nulls":5},{"v":7799.78,"d":"7,799.78"}]
[" 18.1 ","Código","Banco","Descrição","Tipo",null,"Und","Quant.","Valor Unit","Total"]
["Composição"," 354 ","ORSE","Eletroduto de pvc rígido roscável, diâm = 32mm (1\")","Interligações até Quadro Geral - Eletrodutos e Conexões",null,"m",{"v":1,"d":"1.0000000"},16.55,16.55]
["Composição Auxiliar"," 10549 ","ORSE","Encargos Complementares - Servente","Provisórios",null,"h",{"v":0.22,"d":"0.2200000"},3.31,0.72]
["Composição Auxiliar"," 10552 ","ORSE","Encargos Complementares - Eletricista","Provisórios",null,"h",{"v":0.22,"d":"0.2200000"},3.18,0.69]
["Insumo"," 00002436/SINAPI ","ORSE","Eletricista (horista)","Mão de Obra",null,"h",{"v":0.22,"d":"0.2200000"},20.44,4.49]
["Insumo"," 00002685/SINAPI ","ORSE","Eletroduto de pvc rigido roscavel de 1\", sem luva","Material",null,"m",{"v":1.05,"d":"1.0500000"},{"v":7.1,"d":"7.10"},7.45]
["Insumo"," 00006111/SINAPI ","ORSE","Servente de obras (horista)","Mão de Obra",null,"h",{"v":0.22,"d":"0.2200000"},14.58,{"v":3.2,"d":"3.20"}]
[{"$nulls":4},"MO sem LS =>",{"v":3.6001873,"d":"3.60"},"LS =>",4.09,"MO com LS =>",7.69]
[{"$nulls":4},"Valor do BDI =>",3.36,null,"Valor com BDI =>",null,19.91]
[{"$nulls":6},"Quant. =>",{"v":110,"d":"110.0000000"},"Preço Total =>",{"v":2190.1,"d":"2,190.10"}]
[]
[" 18.2 ","Código","Banco","Descrição","Tipo",null,"Und","Quant.","Valor Unit","Total"]
["Composição"," 363 ","ORSE","Curva para eletroduto de pvc rígido roscável, diâm = 32mm (1\")","Interligações até Quadro Geral - Eletrodutos e Conexões",null,"un",{"v":1,"d":"1.0000000"},8.14,8.14]
["Composição Auxiliar"," 10549 ","ORSE","Encargos Complementares - Servente","Provisórios",null,"h",{"v":0.13,"d":"0.1300000"},3.31,0.43]
["Composição Auxiliar"," 10552 ","ORSE","Encargos Complementares - Eletricista","Provisórios",null,"h",{"v":0.13,"d":"0.1300000"},3.18,0.41]
["Insumo"," 00001884/SINAPI ","ORSE","Curva 90 graus, longa, de pvc rigido roscavel, de 1\", para eletroduto","Material",null,"un",{"v":1,"d":"1.0000000"},2.76,2.76]
["Insumo"," 00002436/SINAPI ","ORSE","Eletricista (horista)","Mão de Obra",null,"h",{"v":0.13,"d":"0.1300000"},20.44,2.65]
["Insumo"," 00006111/SINAPI ","ORSE","Servente de obras (horista)","Mão de Obra",null,"h",{"v":0.13,"d":"0.1300000"},14.58,1.89]
[{"$nulls":4},"MO sem LS =>",{"v":2.1254682,"d":"2.13"},"LS =>",2.41,"MO com LS =>",4.54]
[{"$nulls":4},"Valor do BDI =>",1.65,null,"Valor com BDI =>",null,9.79]
[{"$nulls":6},"Quant. =>",{"v":26,"d":"26.0000000"},"Preço Total =>",254.54]
[]
[" 18.3 ","Código","Banco","Descrição","Tipo",null,"Und","Quant.","Valor Unit","Total"]
["Composição"," 1305 ","ORSE","Luva de pvc rígido roscável  diâm = 1 1/4\"  Rev.01 - 10/2022","Tubos e Conexões de PVC Rígido Roscável",null,"un",{"v":1,"d":"1.0000000"},14.34,14.34]
["Composição Auxiliar"," 10549 ","ORSE","Encargos Complementares - Servente","Provisórios",null,"h",{"v":0.17,"d":"0.1700000"},3.31,0.56]
["Composição Auxiliar"," 10554 ","ORSE","Encargos Complementares - Encanador","Provisórios",null,"h",{"v":0.17,"d":"0.1700000"},3.26,0.55]
["Insumo"," 00002696/SINAPI ","ORSE","Encanador ou bombeiro hidraulico (horista)","Mão de Obra",null,"h",{"v":0.17,"d":"0.1700000"},20.44,3.47]
["Insumo"," 00006111/SINAPI ","ORSE","Servente de obras (horista)","Mão de Obra",null,"h",{"v":0.17,"d":"0.1700000"},14.58,2.47]
["Insumo"," 1432 ","ORSE","Luva pvc rigido roscavel  d=1 1/ 4\"","Material",null,"un",{"v":1,"d":"1.0000000"},6.97,6.97]
["Insumo"," 981 ","ORSE","Fita veda rosca 18mm","Material",null,"m",{"v":1.26,"d":"1.2600000"},0.26,0.32]
[{"$nulls":4},"MO sem LS =>",{"v":2.7808989,"d":"2.78"},"LS =>",3.16,"MO com LS =>",5.94]
[{"$nulls":4},"Valor do BDI =>",2.91,null,"Valor com BDI =>",null,17.25]
[{"$nulls":6},"Quant. =>",{"v":45,"d":"45.0000000"},"Preço Total =>",776.25]
[]
[" 18.4 ","Código","Banco","Descrição","Tipo",null,"Und","Quant.","Valor Unit","Total"]
["Composição"," 9925 ","ORSE","Bucha com arruela em liga especial zamak p/eletroduto 32mm, d=1 1/4\"","Interligações até Quadro Geral - Eletrodutos e Conexões",null,"un",{"v":1,"d":"1.0000000"},1.77,1.77]
["Composição Auxiliar"," 10549 ","ORSE","Encargos Complementares - Servente","Provisórios",null,"h",{"v":0.01,"d":"0.0100000"},3.31,0.03]
["Composição Auxiliar"," 10552 ","ORSE","Encargos Complementares - Eletricista","Provisórios",null,"h",{"v":0.01,"d":"0.0100000"},3.18,0.03]
["Insumo"," 00002436/SINAPI ","ORSE","Eletricista (horista)","Mão de Obra",null,"h",{"v":0.01,"d":"0.0100000"},20.44,{"v":0.2,"d":"0.20"}]
["Insumo"," 00006111/SINAPI ","ORSE","Servente de obras (horista)","Mão de Obra",null,"h",{"v":0.01,"d":"0.0100000"},14.58,0.14]
["Insumo"," 10364 ","ORSE","Bucha em liga zamak para eletroduto 32mm, d=1 1/4\"","Material",null,"un",{"v":1,"d":"1.0000000"},0.68,0.68]
["Insumo"," 10366 ","ORSE","Arruela em liga zamak p/eletroduto 32mm, d=1 1/4 \"","Material",null,"un",{"v":1,"d":"1.0000000"},0.69,0.69]
[{"$nulls":4},"MO sem LS =>",{"v":0.159176,"d":"0.16"},"LS =>",0.18,"MO com LS =>",0.34]
[{"$nulls":4},"Valor do BDI =>",0.36,null,"Valor com BDI =>",null,2.13]
[{"$nulls":6},"Quant. =>",{"v":45,"d":"45.0000000"},"Preço Total =>",95.85]
[]
[" 18.5 ","Código","Banco","Descrição","Tipo",null,"Und","Quant.","Valor Unit","Total"]
["Composição"," 10573 ","ORSE","Instalação de cabo telefônico CCI - 50 x 2 pares","Interligações até Quadro Geral - Fios e Cabos",null,"m",{"v":1,"d":"1.0000000"},3.86,3.86]
["Composição Auxiliar"," 10549 ","ORSE","Encargos Complementares - Servente","Provisórios",null,"h",{"v":0.05,"d":"0.0500000"},3.31,0.16]
["Composição Auxiliar"," 10592 ","ORSE","Encargos Complementares - Cabista","Provisórios",null,"h",{"v":0.05,"d":"0.0500000"},3.18,0.15]
["Insumo"," 00006111/SINAPI ","ORSE","Servente de obras (horista)","Mão de Obra",null,"h",{"v":0.05,"d":"0.0500000"},14.58,0.72]
["Insumo"," 00011902/SINAPI ","ORSE","Cabo telefonico cci 50, 2 pares, uso interno, sem blindagem","Material",null,"m",{"v":1.01,"d":"1.0100000"},1.11,1.12]
["Insumo"," 00043130/SINAPI ","ORSE","Arame galvanizado 12 bwg, d = 2,76 mm (0,048 kg/m) ou 14 bwg, d = 2,11 mm (0,026 kg/m)","Material",null,"kg",{"v":0.026,"d":"0.0260000"},26.55,0.69]
["Insumo"," 49 ","ORSE","Cabista para instalação telefônica","Mão de Obra",null,"h",{"v":0.05,"d":"0.0500000"},20.44,1.02]
[{"$nulls":4},"MO sem LS =>",{"v":0.8146067,"d":"0.81"},"LS =>",0.93,"MO com LS =>",1.74]
[{"$nulls":4},"Valor do BDI =>",0.78,null,"Valor com BDI =>",null,4.64]
[{"$nulls":6},"Quant. =>",{"v":130,"d":"130.0000000"},"Preço Total =>",{"v":603.2,"d":"603.20"}]
[]
[" 18.6 ","Código","Banco","Descrição","Tipo",null,"Und","Quant.","Valor Unit","Total"]
["Composição"," 7138 ","ORSE","Fornecimento e lançamento de cabo utp 4 pares cat 6","Pontos de Suprimento de Lógica",null,"m",{"v":1,"d":"1.0000000"},11.95,11.95]
["Composição Auxiliar"," 10549 ","ORSE","Encargos Complementares - Servente","Provisórios",null,"h",{"v":0.14,"d":"0.1400000"},3.31,0.46]
["Composição Auxiliar"," 10552 ","ORSE","Encargos Complementares - Eletricista","Provisórios",null,"h",{"v":0.14,"d":"0.1400000"},3.18,0.44]
["Insumo"," 00002436/SINAPI ","ORSE","Eletricista (horista)","Mão de Obra",null,"h",{"v":0.14,"d":"0.1400000"},20.44,2.86]
["Insumo"," 00006111/SINAPI ","ORSE","Servente de obras (horista)","Mão de Obra",null,"h",{"v":0.14,"d":"0.1400000"},14.58,2.04]
["Insumo"," 00043130/SINAPI ","ORSE","Arame galvanizado 12 bwg, d = 2,76 mm (0,048 kg/m) ou 14 bwg, d = 2,11 mm (0,026 kg/m)","Material",null,"kg",{"v":0.1,"d":"0.1000000"},26.55,2.65]
["Insumo"," 6477 ","ORSE","Cabo UTP - 4 pares-categoria 6 (p/cabeam.estruturado)","Material",null,"m",{"v":1.05,"d":"1.0500000"},3.34,{"v":3.5,"d":"3.50"}]
[{"$nulls":4},"MO sem LS =>",{"v":2.2940075,"d":"2.29"},"LS =>",2.61,"MO com LS =>",{"v":4.9,"d":"4.90"}]
[{"$nulls":4},"Valor do BDI =>",2.43,null,"Valor com BDI =>",null,14.38]
[{"$nulls":6},"Quant. =>",{"v":205,"d":"205.0000000"},"Preço Total =>",{"v":2947.9,"d":"2,947.90"}]
[]
[" 18.7 ","Código","Banco","Descrição","Tipo",null,"Und","Quant.","Valor Unit","Total"]
["Composição"," 96985 ","SINAPI","HASTE DE ATERRAMENTO, DIÂMETRO 5/8\", COM 3 METROS - FORNECIMENTO E INSTALAÇÃO. AF_08/2023","Sistema de Proteção contra Descargas Atmosféricas - SPDA",null,"UN",{"v":1,"d":"1.0000000"},75.66,75.66]
["Composição Auxiliar"," 88247 ","SINAPI","AUXILIAR DE ELETRICISTA COM ENCARGOS COMPLEMENTARES","Livro SINAPI: Cálculos e Parâmetros",null,"H",{"v":0.2484,"d":"0.2484000"},21.88,5.43]
["Composição Auxiliar"," 88264 ","SINAPI","ELETRICISTA COM ENCARGOS COMPLEMENTARES","Livro SINAPI: Cálculos e Parâmetros",null,"H",{"v":0.2484,"d":"0.2484000"},26.52,6.58]
["Insumo"," 00003379 ","SINAPI","HASTE DE ATERRAMENTO EM ACO COM 3,00 M DE COMPRIMENTO E DN = 5/8\", REVESTIDA COM BAIXA CAMADA DE COBRE, SEM CONECTOR","Material",null,"UN",{"v":1,"d":"1.0000000"},63.65,63.65]
[{"$nulls":4},"MO sem LS =>",{"v":4.555243445692884,"d":"4.56"},"LS =>",5.17,"MO com LS =>",9.73]
[{"$nulls":4},"Valor do BDI =>",15.38,null,"Valor com BDI =>",null,91.04]
[{"$nulls":6},"Quant. =>",{"v":1,"d":"1.0000000"},"Preço Total =>",91.04]
[]
[" 18.8 ","Código","Banco","Descrição","Tipo",null,"Und","Quant.","Valor Unit","Total"]
["Composição"," 100561 ","SINAPI","QUADRO DE DISTRIBUICÃO PARA TELEFONE N.3, 40X40X12CM EM CHAPA METÁLICA, DE EMBUTIR, SEM ACESSÓRIOS, PADRÃO TELEBRAS - FORNECIMENTO E INSTALAÇÃO. AF_08/2025","Redes de Lógica, Telefonia e Imagem",null,"UN",{"v":1,"d":"1.0000000"},123.36,123.36]
["Composição Auxiliar"," 87367 ","SINAPI","ARGAMASSA TRAÇO 1:1:6 (EM VOLUME DE CIMENTO, CAL E AREIA MÉDIA ÚMIDA) PARA EMBOÇO/MASSA ÚNICA/ASSENTAMENTO DE ALVENARIA DE VEDAÇÃO, PREPARO MANUAL. AF_08/2019","Argamassas",null,"m³",{"v":0.014,"d":"0.0140000"},{"v":647,"d":"647.00"},9.05]
["Composição Auxiliar"," 88247 ","SINAPI","AUXILIAR DE ELETRICISTA COM ENCARGOS COMPLEMENTARES","Livro SINAPI: Cálculos e Parâmetros",null,"H",{"v":0.350283,"d":"0.3502830"},21.88,7.66]
["Composição Auxiliar"," 88264 ","SINAPI","ELETRICISTA COM ENCARGOS COMPLEMENTARES","Livro SINAPI: Cálculos e Parâmetros",null,"H",{"v":0.467044,"d":"0.4670440"},26.52,12.38]
["Insumo"," 00011251 ","SINAPI","CAIXA DE PASSAGEM/ LUZ / TELEFONIA, DE EMBUTIR, EM CHAPA DE ACO GALVANIZADO, DIMENSOES 40 X 40 X *12* CM (PADRAO CONCESSIONARIA LOCAL)","Material",null,"UN",{"v":1,"d":"1.0000000"},94.27,94.27]
[{"$nulls":4},"MO sem LS =>",{"v":8.801498127340825,"d":"8.80"},"LS =>",{"v":10,"d":"10.00"},"MO com LS =>",{"v":18.8,"d":"18.80"}]
[{"$nulls":4},"Valor do BDI =>",25.09,null,"Valor com BDI =>",null,148.45]
[{"$nulls":6},"Quant. =>",{"v":1,"d":"1.0000000"},"Preço Total =>",148.45]
[]
[" 18.9 ","Código","Banco","Descrição","Tipo",null,"Und","Quant.","Valor Unit","Total"]
["Insumo"," 908 ","ORSE","Espelho 4\" x 2\" para  2 rj-45","Material",null,"un",{"v":1,"d":"1.0000000"},3.17,3.17]
[{"$nulls":4},"MO sem LS =>",{"v":0,"d":"0.00"},"LS =>",{"v":0,"d":"0.00"},"MO com LS =>",{"v":0,"d":"0.00"}]
[{"$nulls":4},"Valor do BDI =>",0.64,null,"Valor com BDI =>",null,3.81]
[{"$nulls":6},"Quant. =>",{"v":19,"d":"19.0000000"},"Preço Total =>",72.39]
[]
[" 18.10 ","Código","Banco","Descrição","Tipo",null,"Und","Quant.","Valor Unit","Total"]
["Composição"," 98308 ","SINAPI","TOMADA PARA TELEFONE RJ11 - FORNECIMENTO E INSTALAÇÃO. AF_08/2025","Redes de Lógica, Telefonia e Imagem",null,"UN",{"v":1,"d":"1.0000000"},34.57,34.57]
["Composição Auxiliar"," 88247 ","SINAPI","AUXILIAR DE ELETRICISTA COM ENCARGOS COMPLEMENTARES","Livro SINAPI: Cálculos e Parâmetros",null,"H",0.3237912,21.88,7.08]
["Composição Auxiliar"," 88264 ","SINAPI","ELETRICISTA COM ENCARGOS COMPLEMENTARES","Livro SINAPI: Cálculos e Parâmetros",null,"H",0.4317216,26.52,11.44]
["Insumo"," 00038082 ","SINAPI","TOMADA RJ11, 2 FIOS, CONJUNTO MONTADO PARA EMBUTIR 4\" X 2\" (PLACA + SUPORTE + MODULO)","Material",null,"UN",{"v":1,"d":"1.0000000"},16.05,16.05]
[{"$nulls":4},"MO sem LS =>",{"v":7.045880149812734,"d":"7.05"},"LS =>",{"v":8,"d":"8.00"},"MO com LS =>",15.05]
[{"$nulls":4},"Valor do BDI =>",7.03,null,"Valor com BDI =>",null,{"v":41.6,"d":"41.60"}]
[{"$nulls":6},"Quant. =>",{"v":5,"d":"5.0000000"},"Preço Total =>",{"v":208,"d":"208.00"}]
[]
[" 18.11 ","Código","Banco","Descrição","Tipo",null,"Und","Quant.","Valor Unit","Total"]
["Composição"," 743 ","ORSE","Caixa de passagem pvc, 4\" x 4\" cm, embutir, p/eletroduto","Pontos de Suprimento de Lógica",null,"un",{"v":1,"d":"1.0000000"},15.57,15.57]
["Composição Auxiliar"," 10549 ","ORSE","Encargos Complementares - Servente","Provisórios",null,"h",{"v":0.3,"d":"0.3000000"},3.31,0.99]
["Composição Auxiliar"," 10552 ","ORSE","Encargos Complementares - Eletricista","Provisórios",null,"h",{"v":0.3,"d":"0.3000000"},3.18,0.95]
["Insumo"," 00001873/SINAPI ","ORSE","Caixa de passagem, em pvc, de 4\" x 4\", para eletroduto flexivel corrugado","Material",null,"un",{"v":1,"d":"1.0000000"},3.13,3.13]
["Insumo"," 00002436/SINAPI ","ORSE","Eletricista (horista)","Mão de Obra",null,"h",{"v":0.3,"d":"0.3000000"},20.44,6.13]
["Insumo"," 00006111/SINAPI ","ORSE","Servente de obras (horista)","Mão de Obra",null,"h",{"v":0.3,"d":"0.3000000"},14.58,4.37]
[{"$nulls":4},"MO sem LS =>",{"v":4.9157303,"d":"4.92"},"LS =>",5.58,"MO com LS =>",{"v":10.5,"d":"10.50"}]
[{"$nulls":4},"Valor do BDI =>",3.16,null,"Valor com BDI =>",null,18.73]
[{"$nulls":6},"Quant. =>",{"v":22,"d":"22.0000000"},"Preço Total =>",412.06]
[]
[" 19 ",null,null,"LIMPEZA DA OBRA",{"$nulls":5},{"v":2687.58,"d":"2,687.58"}]
[" 19.1 ",null,null,"LIMPEZA",{"$nulls":5},{"v":2687.58,"d":"2,687.58"}]
[" 19.1.1 ","Código","Banco","Descrição","Tipo",null,"Und","Quant.","Valor Unit","Total"]
["Composição"," 2450 ","ORSE","Limpeza geral","Limpeza",null,"m²",{"v":1,"d":"1.0000000"},2.62,2.62]
["Composição Auxiliar"," 88316 ","SINAPI","SERVENTE COM ENCARGOS COMPLEMENTARES","Livro SINAPI: Cálculos e Parâmetros",null,"H",{"v":0.1,"d":"0.1000000"},20.58,2.05]
["Insumo"," 1997 ","ORSE","Sabão em pó","Material",null,"kg",{"v":0.005,"d":"0.0050000"},9.27,0.04]
["Insumo"," 2414 ","ORSE","Vassoura piaçava","Material",null,"un",{"v":0.05,"d":"0.0500000"},10.71,0.53]
[{"$nulls":4},"MO sem LS =>",{"v":0.7490636704119851,"d":"0.75"},"LS =>",0.85,"MO com LS =>",{"v":1.6,"d":"1.60"}]
[{"$nulls":4},"Valor do BDI =>",0.53,null,"Valor com BDI =>",null,3.15]
[{"$nulls":6},"Quant. =>",{"v":853.2,"d":"853.2000000"},"Preço Total =>",{"v":2687.58,"d":"2,687.58"}]
[]
[" 20 ",null,null,"MURO DE CONTORNO E MURETA FRONTAL",{"$nulls":5},{"v":176170.71,"d":"176,170.71"}]
[" 20.1 ","Código","Banco","Descrição","Tipo",null,"Und","Quant.","Valor Unit","Total"]
["Composição"," 2373 ","ORSE","Muro em alvenaria bloco cimento, e=0,09m, c/ alv de pedra 0,35 x 0,60m, colunas concreto armado fck = 15,0 mpa cada 3,00m, cintamento superior e inferior,chapisco, reboco e pintura c/ hidracor ou similar","Muros",null,"m²",{"v":1,"d":"1.0000000"},293.85,293.85]
["Composição Auxiliar"," 115 ","ORSE","Forma plana para estruturas, em compensado resinado de 12mm, 02 usos, inclusive escoramento - Rev 02_04/2022","Formas",null,"m²",{"v":0.33,"d":"0.3300000"},121.35,40.04]
["Composição Auxiliar"," 140 ","ORSE","Aço CA - 50 Ø 6,3 a 12,5mm, inclusive corte, dobragem, montagem e colocacao de ferragens nas formas, para superestruturas e fundações - R1","Armaduras Convencionais",null,"kg",{"v":2.64,"d":"2.6400000"},11.34,29.93]
["Composição Auxiliar"," 160 ","ORSE","Alvenaria bloco concreto vedação 9x19x39cm, e= 0,09m, com argamassa traço t5 - 1:2:8 (cimento/cal/areia), junta de 1,0cm - Rev.06","Alvenarias de Vedação",null,"m²",{"v":0.867,"d":"0.8670000"},64.75,56.13]
["Composição Auxiliar"," 2322 ","ORSE","Pintura de acabamento com aplicação de 02 demãos de tinta mineral em pó (Hidracor ou similar)","Outras Pinturas",null,"m²",{"v":1.734,"d":"1.7340000"},14.08,24.41]
["Composição Auxiliar"," 3310 ","ORSE","Chapisco em parede com argamassa traço t1 - 1:3 (cimento / areia) - Revisado 08/2015","Conversão InfoWOrca",null,"m²",{"v":1.734,"d":"1.7340000"},6.46,{"v":11.2,"d":"11.20"}]
["Composição Auxiliar"," 3318 ","ORSE","Reboco especial de parede 2cm com argamassa traço t3 - 1:3 cimento / areia / vedacit","Conversão InfoWOrca",null,"m²",{"v":1.734,"d":"1.7340000"},37.25,64.59]
["Composição Auxiliar"," 91 ","ORSE","Alvenaria pedra calcárea argamassada c/ cimento e areia traço t-4 (1:5) - 1 saco cimento 50kg / 5 padiolas areia dim. 0,35z0,45x0,23m - Confecção mecânicae transporte","Alvenarias de Pedra e Concretos para Fundações",null,"m³",{"v":0.105,"d":"0.1050000"},491.76,51.63]
["Composição Auxiliar"," 96 ","ORSE","Concreto simples usinado fck=15mpa, bombeado, lançado e adensado em superestrura","Alvenarias de Pedra e Concretos para Fundações",null,"m³",{"v":0.033,"d":"0.0330000"},482.63,15.92]
[{"$nulls":4},"MO sem LS =>",{"v":61.68071161048689,"d":"61.68"},"LS =>",70.07,"MO com LS =>",131.75]
[{"$nulls":4},"Valor do BDI =>",59.76,null,"Valor com BDI =>",null,353.61]
[{"$nulls":6},"Quant. =>",{"v":388.45,"d":"388.4500000"},"Preço Total =>",{"v":137359.8,"d":"137,359.80"}]
[]
[" 20.2 ","Código","Banco","Descrição","Tipo",null,"Und","Quant.","Valor Unit","Total"]
["Composição"," 13778 ","ORSE","Cerca/gradil Nylofor h=1,03m, malha 5x20cm - fio 5 mm, revestidos em poliester por processo de pintura eletrostática nas cores verde ou branca. Fornecimento e instalação. Inclusive poste e acessórios.","Alambrados e Gradis",null,"m",{"v":1,"d":"1.0000000"},356.84,356.84]
["Insumo"," 14581 ","ORSE","Serviço de colocação e montagem de gradil nylofor","Serviços",null,"m²",{"v":1.03,"d":"1.0300000"},23.96,24.67]
["Insumo"," 7933 ","ORSE","Gradil Nylofor 3D, malha 20x5cm, Ø 5mm 250x103 cm, pintura branca ou verde oupreta, Belgo ou similar, inclusive postes e acessórios","Material",null,"pç",{"v":0.4,"d":"0.4000000"},830.43,332.17]
[{"$nulls":4},"MO sem LS =>",{"v":0,"d":"0.00"},"LS =>",{"v":0,"d":"0.00"},"MO com LS =>",{"v":0,"d":"0.00"}]
[{"$nulls":4},"Valor do BDI =>",72.58,null,"Valor com BDI =>",null,429.42]
[{"$nulls":6},"Quant. =>",{"v":76.45,"d":"76.4500000"},"Preço Total =>",{"v":32829.15,"d":"32,829.15"}]
[]
[" 20.3 ","Código","Banco","Descrição","Tipo",null,"Und","Quant.","Valor Unit","Total"]
["Composição"," C3659 ","SEINFRA","PORTÃO DE METALON E BARRA CHATA DE FERRO C/FECHADURA E DOBRADIÇA, INCLUS. PINTURA ESMALTE SINTÉTICO",0,null,"m²",{"v":1,"d":"1.0000000"},{"v":426.8,"d":"426.80"},{"v":426.8,"d":"426.80"}]
["Insumo"," I0108 ","SEINFRA","AREIA GROSSA","Material",null,"m³",{"v":1E-3,"d":"0.0010000"},102.46,{"v":0.1,"d":"0.10"}]
["Insumo"," I0805 ","SEINFRA","CIMENTO PORTLAND","Material",null,"KG",{"v":0.15,"d":"0.1500000"},0.61,0.09]
["Insumo"," I1530 ","SEINFRA","MONTADOR","Mão de Obra",null,"H",{"v":1,"d":"1.0000000"},26.86,26.86]
["Insumo"," I2391 ","SEINFRA","PEDREIRO","Mão de Obra",null,"H",{"v":0.35,"d":"0.3500000"},26.86,{"v":9.4,"d":"9.40"}]
["Insumo"," I2543 ","SEINFRA","SERVENTE","Mão de Obra",null,"H",{"v":0.25,"d":"0.2500000"},20.26,5.06]
["Insumo"," I6727 ","SEINFRA","PORTÃO EM METALON E BARRA CHATA DE FERRO C/FECHADURA E DOBRADIÇAS, INCLUS. PINTURA ESMALTE SINTÉTICO (=1M2)","Material",null,"UN",{"v":1,"d":"1.0000000"},385.29,385.29]
[{"$nulls":4},"MO sem LS =>",{"v":19.3445693,"d":"19.34"},"LS =>",21.98,"MO com LS =>",41.32]
[{"$nulls":4},"Valor do BDI =>",86.81,null,"Valor com BDI =>",null,513.61]
[{"$nulls":6},"Quant. =>",{"v":6,"d":"6.0000000"},"Preço Total =>",{"v":3081.66,"d":"3,081.66"}]
[]
[" 20.4 ","Código","Banco","Descrição","Tipo",null,"Und","Quant.","Valor Unit","Total"]
["Composição"," 13232 ","ORSE","Portão de correr (2,95 X 2,00 m) com tela de arame galvanizado fio12, malha 2\", revestida em pvc e quadro em tubo de ferro galvanizado de 11/2\" com pintura esmalte epoxi","Esquadrias de Ferro",null,"un",{"v":1,"d":"1.0000000"},{"v":2409.93,"d":"2,409.93"},{"v":2409.93,"d":"2,409.93"}]
["Composição Auxiliar"," 10549 ","ORSE","Encargos Complementares - Servente","Provisórios",null,"h",{"v":16.74,"d":"16.7400000"},3.31,{"v":55.4,"d":"55.40"}]
["Composição Auxiliar"," 10594 ","ORSE","Encargos Complementares - Serralheiro ou Operador de Equipamento Leve","Provisórios",null,"h",{"v":16.74,"d":"16.7400000"},3.17,53.06]
["Composição Auxiliar"," 13072 ","ORSE","Execução de Solda Contínua - Rev 01_12/2021","Estrutura Metálica",null,"m",{"v":9.8,"d":"9.8000000"},{"v":13.3,"d":"13.30"},130.34]
["Composição Auxiliar"," 3738 ","ORSE","Pintura de proteção sobre superfícies metálicas com aplicação de 01 demão de tinta epoxi fundo óxido de ferro - R1","Outras Pinturas",null,"m²",{"v":2.16,"d":"2.1600000"},20.24,43.71]
["Composição Auxiliar"," 3759 ","ORSE","Pintura de acabamento em superfícies metálicas com aplicação de 02 demãos de tinta esmalte epoxi branco, e = 35 micra p/ demão, aplicado com rolo e pincel- R1","Pintura em Estrutura Metálica",null,"m²",{"v":2.16,"d":"2.1600000"},57.16,123.46]
["Insumo"," 00004777/SINAPI ","ORSE","Cantoneira aco abas iguais (qualquer bitola), espessura entre 1/8\" e 1/4\"","Material",null,"kg",{"v":20.15,"d":"20.1500000"},6.87,138.43]
["Insumo"," 00006110/SINAPI ","ORSE","Serralheiro (horista)","Mão de Obra",null,"h",{"v":16.74,"d":"16.7400000"},20.44,342.16]
["Insumo"," 00006111/SINAPI ","ORSE","Servente de obras (horista)","Mão de Obra",null,"h",{"v":16.74,"d":"16.7400000"},14.58,244.06]
["Insumo"," 00021008/SINAPI ","ORSE","Tubo aco galvanizado com costura, classe leve, dn 15 mm (1/2\"), e = 2,25 mm, *1,2* kg/m (nbr 5580)","Material",null,"m",{"v":1.28,"d":"1.2800000"},15.67,20.05]
["Insumo"," 00021012/SINAPI ","ORSE","Tubo aco galvanizado com costura, classe leve, dn 40 mm (1 1/2\"), e = 3,00 mm, *3,48* kg/m (nbr 5580)","Material",null,"m",{"v":10.34,"d":"10.3400000"},44.12,{"v":456.2,"d":"456.20"}]
["Insumo"," 8810 ","ORSE","Barra chata de ferro 3/4\" x 1/4\" (0,95 kg/m)","Material",null,"kg",{"v":8.7,"d":"8.7000000"},8.94,77.77]
["Insumo"," 8855 ","ORSE","Roldana para portão de ferro de correr (inferior), d=3\", com caixa","Material",null,"un",{"v":2,"d":"2.0000000"},35.68,71.36]
["Insumo"," 9915 ","ORSE","Tela de aço galvanizado, fio 12 bwg, malha 2\", ondulada, com revestimento","Material",null,"m²",{"v":4.99,"d":"4.9900000"},131.05,653.93]
[{"$nulls":4},"MO sem LS =>",{"v":330.5852059925094,"d":"330.59"},"LS =>",375.54,"MO com LS =>",706.13]
[{"$nulls":4},"Valor do BDI =>",490.17,null,"Valor com BDI =>",null,{"v":2900.1,"d":"2,900.10"}]
[{"$nulls":6},"Quant. =>",{"v":1,"d":"1.0000000"},"Preço Total =>",{"v":2900.1,"d":"2,900.10"}]
[]
[]
[{"$nulls":5},"Total sem BDI",null,{"v":1038465.79,"d":"1,038,465.79"}]
[{"$nulls":5},"Total do BDI",null,{"v":211112.61,"d":"211,112.61"}]
[{"$nulls":5},"Total Geral",null,{"v":1249578.4,"d":"1,249,578.40"}]

{"sheet":"CR","index":3,"n_rows":45,"n_cols":18,"rows_kept":45,"merged":[[0,0,0,15],[2,0,3,0],[2,1,3,1],[2,2,3,2],[2,17,3,17],[4,0,5,0],[4,1,5,1],[4,2,5,2],[4,17,5,17],[6,0,7,0],[6,1,7,1],[6,2,7,2],[6,17,7,17],[8,0,9,0],[8,1,9,1],[8,2,9,2],[8,17,9,17],[10,0,11,0],[10,1,11,1],[10,2,11,2],[10,17,11,17],[12,0,13,0],[12,1,13,1],[12,2,13,2],[12,17,13,17],[14,0,15,0],[14,1,15,1],[14,2,15,2],[14,17,15,17],[16,0,17,0],[16,1,17,1],[16,2,17,2],[16,17,17,17],[18,0,19,0],[18,1,19,1],[18,2,19,2],[18,17,19,17],[20,0,21,0],[20,1,21,1],[20,2,21,2],[20,17,21,17],[22,0,23,0],[22,1,23,1],[22,2,23,2],[22,17,23,17],[24,0,25,0],[24,1,25,1],[24,2,25,2],[24,17,25,17],[26,0,27,0],[26,1,27,1],[26,2,27,2],[26,17,27,17],[28,0,29,0],[28,1,29,1],[28,2,29,2],[28,17,29,17],[30,0,31,0],[30,1,31,1],[30,2,31,2],[30,17,31,17],[32,0,33,0],[32,1,33,1],[32,2,33,2],[32,17,33,17],[34,0,35,0],[34,1,35,1],[34,2,35,2],[34,17,35,17],[36,0,37,0],[36,1,37,1],[36,2,37,2],[36,17,37,17],[38,0,39,0],[38,1,39,1],[38,2,39,2],[38,17,39,17],[40,0,41,0],[40,1,41,1],[40,2,41,2],[40,17,41,17],[43,2,44,2],[43,15,44,15]]}
["DESCRIÇÃO: PLANILHA ORÇAMENTÁRIA DE CONCLUSÃO\nOBRA: CONCLUSÃO DA OBRA DE CONSTRUÇÃO DE UNIDADE ESCOLAR, MODELO ESCOLA 6 SALAS - PADRÃO FNDE, NO MUNICÍPIO DE DUAS ESTRADAS/PB (ID SIMEC: 1010865).\nLOCAL: RUA PROJETADA, 01, LOTEAMENTO CIDADE ALTA, DUAS ESTRADAS/PB, CEP: 58.265-000.\nBDI : 20,34%"]
["ITEM","DESCRIÇÃO","VALOR (R$)","MÊS 1","MÊS 2","MÊS 3","MÊS 4","MÊS 5","MÊS 6","MÊS 7","MÊS 8","MÊS 9","MÊS 10","MÊS 11","MÊS 12","Total parcela"]
[1,{"$f":"IFERROR(VLOOKUP(A3,ORÇ!$A:$AA,4,FALSE),\"NÃO TEM\")","v":"SERVIÇOS PRELIMINARES"},{"$f":"IFERROR(VLOOKUP(A3,ORÇ!$A:$AA,9,FALSE),\"NÃO TEM\")","v":{"v":7084.73,"d":"R$ 7,084.73"}},{"v":1,"d":"100.00%"},{"$nulls":11},{"$f":"SUM(D3:O3)","v":{"v":1,"d":"100.00%"}},null,{"$f":"P4=C3","v":true}]
[{"$nulls":3},{"$f":"$C3*D3","v":{"v":7084.73,"d":"R$ 7,084.73"}},{"$nulls":11},{"v":7084.73,"d":"R$ 7,084.73"}]
[2,{"$f":"IFERROR(VLOOKUP(A5,ORÇ!$A:$AA,4,FALSE),\"NÃO TEM\")","v":"MOVIMENTO DE TERRAS"},{"$f":"IFERROR(VLOOKUP(A5,ORÇ!$A:$AA,9,FALSE),\"NÃO TEM\")","v":{"v":5285.15,"d":"R$ 5,285.15"}},{"v":1,"d":"100.00%"},{"$nulls":11},{"v":1,"d":"100.00%"},null,{"$f":"P6=C5","v":true}]
[{"$nulls":3},{"$f":"$C5*D5","v":{"v":5285.15,"d":"R$ 5,285.15"}},{"$nulls":11},{"v":5285.15,"d":"R$ 5,285.15"}]
[3,{"$f":"IFERROR(VLOOKUP(A7,ORÇ!$A:$AA,4,FALSE),\"NÃO TEM\")","v":"INFRAESTRUTURA"},{"$f":"IFERROR(VLOOKUP(A7,ORÇ!$A:$AA,9,FALSE),\"NÃO TEM\")","v":{"v":13660.15,"d":"R$ 13,660.15"}},{"v":0.5,"d":"50.00%"},{"v":0.5,"d":"50.00%"},{"$nulls":10},{"v":1,"d":"100.00%"},null,{"$f":"P8=C7","v":true}]
[{"$nulls":3},{"$f":"$C7*D7","v":{"v":6830.075,"d":"R$ 6,830.08"}},{"v":6830.075,"d":"R$ 6,830.08"},{"$nulls":10},{"v":13660.15,"d":"R$ 13,660.15"}]
[4,{"$f":"IFERROR(VLOOKUP(A9,ORÇ!$A:$AA,4,FALSE),\"NÃO TEM\")","v":"SUPERESTRUTURA"},{"$f":"IFERROR(VLOOKUP(A9,ORÇ!$A:$AA,9,FALSE),\"NÃO TEM\")","v":{"v":145220.88,"d":"R$ 145,220.88"}},null,{"v":0.2,"d":"20.00%"},{"v":0.25,"d":"25.00%"},{"v":0.25,"d":"25.00%"},{"v":0.15,"d":"15.00%"},{"v":0.15,"d":"15.00%"},{"$nulls":6},{"v":1,"d":"100.00%"},null,{"$f":"P10=C9","v":true}]
[{"$nulls":4},{"$f":"$C9*E9","v":{"v":29044.176000000003,"d":"R$ 29,044.18"}},{"v":36305.22,"d":"R$ 36,305.22"},{"v":36305.22,"d":"R$ 36,305.22"},{"v":21783.132,"d":"R$ 21,783.13"},{"v":21783.132,"d":"R$ 21,783.13"},{"$nulls":6},{"v":145220.88,"d":"R$ 145,220.88"}]
[5,{"$f":"IFERROR(VLOOKUP(A11,ORÇ!$A:$AA,4,FALSE),\"NÃO TEM\")","v":"INSTALAÇÕES HIDROSSANITÁRIAS"},{"$f":"IFERROR(VLOOKUP(A11,ORÇ!$A:$AA,9,FALSE),\"NÃO TEM\")","v":{"v":104902.13,"d":"R$ 104,902.13"}},{"v":0.1,"d":"10.00%"},{"v":0.15,"d":"15.00%"},null,null,{"v":0.2,"d":"20.00%"},{"v":0.2,"d":"20.00%"},null,null,{"v":0.1,"d":"10.00%"},{"v":0.1,"d":"10.00%"},{"v":0.15,"d":"15.00%"},null,{"v":1,"d":"100.00%"},null,{"$f":"P12=C11","v":true}]
[{"$nulls":3},{"$f":"$C11*D11","v":{"v":10490.213000000002,"d":"R$ 10,490.21"}},{"v":15735.3195,"d":"R$ 15,735.32"},null,null,{"$f":"$C11*H11","v":{"v":20980.426000000003,"d":"R$ 20,980.43"}},{"v":20980.426000000003,"d":"R$ 20,980.43"},null,null,{"$f":"$C11*L11","v":{"v":10490.213000000002,"d":"R$ 10,490.21"}},{"v":10490.213000000002,"d":"R$ 10,490.21"},{"v":15735.3195,"d":"R$ 15,735.32"},null,{"v":104902.13000000002,"d":"R$ 104,902.13"}]
[6,{"$f":"IFERROR(VLOOKUP(A13,ORÇ!$A:$AA,4,FALSE),\"NÃO TEM\")","v":"INSTALAÇÕES ELÉTRICAS E TELEFÔNICAS (220V)"},{"$f":"IFERROR(VLOOKUP(A13,ORÇ!$A:$AA,9,FALSE),\"NÃO TEM\")","v":{"v":80303.72,"d":"R$ 80,303.72"}},{"$nulls":5},{"v":0.25,"d":"25.00%"},{"v":0.25,"d":"25.00%"},{"v":0.05,"d":"5.00%"},{"v":0.15,"d":"15.00%"},{"v":0.1,"d":"10.00%"},{"v":0.1,"d":"10.00%"},{"v":0.1,"d":"10.00%"},{"v":1,"d":"100.00%"},null,{"$f":"P14=C13","v":true}]
[{"$nulls":8},{"$f":"$C13*I13","v":{"v":20075.93,"d":"R$ 20,075.93"}},{"v":20075.93,"d":"R$ 20,075.93"},{"v":4015.186,"d":"R$ 4,015.19"},{"v":12045.557999999999,"d":"R$ 12,045.56"},{"v":8030.372,"d":"R$ 8,030.37"},{"v":8030.372,"d":"R$ 8,030.37"},{"v":8030.372,"d":"R$ 8,030.37"},{"v":80303.72,"d":"R$ 80,303.72"}]
[7,{"$f":"IFERROR(VLOOKUP(A15,ORÇ!$A:$AA,4,FALSE),\"NÃO TEM\")","v":"PAREDES E PAINÉIS"},{"$f":"IFERROR(VLOOKUP(A15,ORÇ!$A:$AA,9,FALSE),\"NÃO TEM\")","v":{"v":43113.17,"d":"R$ 43,113.17"}},{"v":0.2,"d":"20.00%"},{"v":0.2,"d":"20.00%"},{"v":0.2,"d":"20.00%"},{"v":0.1,"d":"10.00%"},{"$nulls":4},{"v":0.3,"d":"30.00%"},{"$nulls":3},{"v":1,"d":"100.00%"},null,{"$f":"P16=C15","v":true}]
[{"$nulls":3},{"$f":"$C15*D15","v":{"v":8622.634,"d":"R$ 8,622.63"}},{"v":8622.634,"d":"R$ 8,622.63"},{"v":8622.634,"d":"R$ 8,622.63"},{"v":4311.317,"d":"R$ 4,311.32"},{"$nulls":4},{"$f":"$C15*L15","v":{"v":12933.951,"d":"R$ 12,933.95"}},{"$nulls":3},{"v":43113.17,"d":"R$ 43,113.17"}]
[8,{"$f":"IFERROR(VLOOKUP(A17,ORÇ!$A:$AA,4,FALSE),\"NÃO TEM\")","v":"ESQUADRIAS"},{"$f":"IFERROR(VLOOKUP(A17,ORÇ!$A:$AA,9,FALSE),\"NÃO TEM\")","v":{"v":81779.38,"d":"R$ 81,779.38"}},{"$nulls":5},{"v":0.15,"d":"15.00%"},{"v":0.1,"d":"10.00%"},null,null,{"v":0.2,"d":"20.00%"},{"v":0.25,"d":"25.00%"},{"v":0.3,"d":"30.00%"},{"v":1,"d":"100.00%"},null,{"$f":"P18=C17","v":true}]
[{"$nulls":8},{"$f":"$C17*I17","v":{"v":12266.907000000001,"d":"R$ 12,266.91"}},{"v":8177.938000000001,"d":"R$ 8,177.94"},null,null,{"$f":"$C17*M17","v":{"v":16355.876000000002,"d":"R$ 16,355.88"}},{"v":20444.845,"d":"R$ 20,444.85"},{"v":24533.814000000002,"d":"R$ 24,533.81"},{"v":81779.38,"d":"R$ 81,779.38"}]
[9,{"$f":"IFERROR(VLOOKUP(A19,ORÇ!$A:$AA,4,FALSE),\"NÃO TEM\")","v":"COBERTURA"},{"$f":"IFERROR(VLOOKUP(A19,ORÇ!$A:$AA,9,FALSE),\"NÃO TEM\")","v":{"v":224865.9,"d":"R$ 224,865.90"}},null,null,{"v":0.1,"d":"10.00%"},{"v":0.1,"d":"10.00%"},{"v":0.1,"d":"10.00%"},{"v":0.1,"d":"10.00%"},{"v":0.1,"d":"10.00%"},{"v":0.1,"d":"10.00%"},{"v":0.1,"d":"10.00%"},{"v":0.1,"d":"10.00%"},{"v":0.1,"d":"10.00%"},{"v":0.1,"d":"10.00%"},{"v":0.9999999999999999,"d":"100.00%"},null,{"$f":"P20=C19","v":true}]
[{"$nulls":5},{"$f":"$C19*F19","v":{"v":22486.59,"d":"R$ 22,486.59"}},{"v":22486.59,"d":"R$ 22,486.59"},{"v":22486.59,"d":"R$ 22,486.59"},{"v":22486.59,"d":"R$ 22,486.59"},{"v":22486.59,"d":"R$ 22,486.59"},{"v":22486.59,"d":"R$ 22,486.59"},{"v":22486.59,"d":"R$ 22,486.59"},{"v":22486.59,"d":"R$ 22,486.59"},{"v":22486.59,"d":"R$ 22,486.59"},{"v":22486.59,"d":"R$ 22,486.59"},{"v":224865.9,"d":"R$ 224,865.90"}]
[10,{"$f":"IFERROR(VLOOKUP(A21,ORÇ!$A:$AA,4,FALSE),\"NÃO TEM\")","v":"REVESTIMENTO"},{"$f":"IFERROR(VLOOKUP(A21,ORÇ!$A:$AA,9,FALSE),\"NÃO TEM\")","v":{"v":108319.2,"d":"R$ 108,319.20"}},{"$nulls":4},{"v":0.2,"d":"20.00%"},{"v":0.1,"d":"10.00%"},{"v":0.2,"d":"20.00%"},{"v":0.2,"d":"20.00%"},{"v":0.2,"d":"20.00%"},{"v":0.1,"d":"10.00%"},null,null,{"v":0.9999999999999999,"d":"100.00%"},null,{"$f":"P22=C21","v":true}]
[{"$nulls":7},{"$f":"$C21*H21","v":{"v":21663.84,"d":"R$ 21,663.84"}},{"v":10831.92,"d":"R$ 10,831.92"},{"v":21663.84,"d":"R$ 21,663.84"},{"v":21663.84,"d":"R$ 21,663.84"},{"v":21663.84,"d":"R$ 21,663.84"},{"v":10831.92,"d":"R$ 10,831.92"},null,null,{"v":108319.2,"d":"R$ 108,319.20"}]
[11,{"$f":"IFERROR(VLOOKUP(A23,ORÇ!$A:$AA,4,FALSE),\"NÃO TEM\")","v":"PAVIMENTAÇÃO"},{"$f":"IFERROR(VLOOKUP(A23,ORÇ!$A:$AA,9,FALSE),\"NÃO TEM\")","v":{"v":112184.35,"d":"R$ 112,184.35"}},{"$nulls":4},{"v":0.3,"d":"30.00%"},null,{"v":0.3,"d":"30.00%"},{"v":0.3,"d":"30.00%"},{"$nulls":3},{"v":0.1,"d":"10.00%"},{"v":0.9999999999999999,"d":"100.00%"},null,{"$f":"P24=C23","v":true}]
[{"$nulls":7},{"$f":"$C23*H23","v":{"v":33655.305,"d":"R$ 33,655.31"}},null,{"$f":"$C23*J23","v":{"v":33655.305,"d":"R$ 33,655.31"}},{"v":33655.305,"d":"R$ 33,655.31"},{"$nulls":3},{"$f":"$C23*O23","v":{"v":11218.435000000001,"d":"R$ 11,218.44"}},{"v":112184.35,"d":"R$ 112,184.35"}]
[12,{"$f":"IFERROR(VLOOKUP(A25,ORÇ!$A:$AA,4,FALSE),\"NÃO TEM\")","v":"SOLEIRAS E RODAPÉS"},{"$f":"IFERROR(VLOOKUP(A25,ORÇ!$A:$AA,9,FALSE),\"NÃO TEM\")","v":{"v":3337.62,"d":"R$ 3,337.62"}},{"$nulls":8},{"v":0.3,"d":"30.00%"},{"v":0.4,"d":"40.00%"},{"v":0.3,"d":"30.00%"},null,{"v":1,"d":"100.00%"},null,{"$f":"P26=C25","v":true}]
[{"$nulls":11},{"$f":"$C25*L25","v":{"v":1001.286,"d":"R$ 1,001.29"}},{"v":1335.048,"d":"R$ 1,335.05"},{"v":1001.286,"d":"R$ 1,001.29"},null,{"v":3337.62,"d":"R$ 3,337.62"}]
[13,{"$f":"IFERROR(VLOOKUP(A27,ORÇ!$A:$AA,4,FALSE),\"NÃO TEM\")","v":"PINTURAS"},{"$f":"IFERROR(VLOOKUP(A27,ORÇ!$A:$AA,9,FALSE),\"NÃO TEM\")","v":{"v":88233.54,"d":"R$ 88,233.54"}},{"$nulls":7},{"v":0.25,"d":"25.00%"},{"v":0.25,"d":"25.00%"},{"v":0.25,"d":"25.00%"},{"v":0.25,"d":"25.00%"},null,{"v":1,"d":"100.00%"},null,{"$f":"P28=C27","v":true}]
[{"$nulls":10},{"$f":"$C27*K27","v":{"v":22058.385,"d":"R$ 22,058.39"}},{"v":22058.385,"d":"R$ 22,058.39"},{"v":22058.385,"d":"R$ 22,058.39"},{"v":22058.385,"d":"R$ 22,058.39"},null,{"v":88233.54,"d":"R$ 88,233.54"}]
[14,{"$f":"IFERROR(VLOOKUP(A29,ORÇ!$A:$AA,4,FALSE),\"NÃO TEM\")","v":"ELEMENTOSS DECORATIVOS E OUTROS"},{"$f":"IFERROR(VLOOKUP(A29,ORÇ!$A:$AA,9,FALSE),\"NÃO TEM\")","v":{"v":35770.06,"d":"R$ 35,770.06"}},{"$nulls":8},{"v":0.3,"d":"30.00%"},{"v":0.3,"d":"30.00%"},{"v":0.4,"d":"40.00%"},null,{"v":1,"d":"100.00%"},null,{"$f":"P30=C29","v":true}]
[{"$nulls":11},{"$f":"$C29*L29","v":{"v":10731.017999999998,"d":"R$ 10,731.02"}},{"v":10731.017999999998,"d":"R$ 10,731.02"},{"v":14308.024,"d":"R$ 14,308.02"},null,{"v":35770.06,"d":"R$ 35,770.06"}]
[15,{"$f":"IFERROR(VLOOKUP(A31,ORÇ!$A:$AA,4,FALSE),\"NÃO TEM\")","v":"INCÊNDIO"},{"$f":"IFERROR(VLOOKUP(A31,ORÇ!$A:$AA,9,FALSE),\"NÃO TEM\")","v":{"v":1939.04,"d":"R$ 1,939.04"}},{"$nulls":11},{"v":1,"d":"100.00%"},{"v":1,"d":"100.00%"},null,{"$f":"P32=C31","v":true}]
[{"$nulls":14},{"$f":"$C31*O31","v":{"v":1939.04,"d":"R$ 1,939.04"}},{"v":1939.04,"d":"R$ 1,939.04"}]
[16,{"$f":"IFERROR(VLOOKUP(A33,ORÇ!$A:$AA,4,FALSE),\"NÃO TEM\")","v":"GÁS"},{"$f":"IFERROR(VLOOKUP(A33,ORÇ!$A:$AA,9,FALSE),\"NÃO TEM\")","v":{"v":368.94,"d":"R$ 368.94"}},{"$nulls":6},{"v":1,"d":"100.00%"},{"$nulls":5},{"v":1,"d":"100.00%"},null,{"$f":"P34=C33","v":true}]
[{"$nulls":9},{"$f":"$C33*J33","v":{"v":368.94,"d":"R$ 368.94"}},{"$nulls":5},{"v":368.94,"d":"R$ 368.94"}]
[17,{"$f":"IFERROR(VLOOKUP(A35,ORÇ!$A:$AA,4,FALSE),\"NÃO TEM\")","v":"VIDROS"},{"$f":"IFERROR(VLOOKUP(A35,ORÇ!$A:$AA,9,FALSE),\"NÃO TEM\")","v":{"v":6552.37,"d":"R$ 6,552.37"}},{"$nulls":11},{"v":1,"d":"100.00%"},{"v":1,"d":"100.00%"},null,{"$f":"P36=C35","v":true}]
[{"$nulls":14},{"$f":"$C35*O35","v":{"v":6552.37,"d":"R$ 6,552.37"}},{"v":6552.37,"d":"R$ 6,552.37"}]
[18,{"$f":"IFERROR(VLOOKUP(A37,ORÇ!$A:$AA,4,FALSE),\"NÃO TEM\")","v":"INSTALAÇÃO REDE LOGICA"},{"$f":"IFERROR(VLOOKUP(A37,ORÇ!$A:$AA,9,FALSE),\"NÃO TEM\")","v":{"v":7799.78,"d":"R$ 7,799.78"}},{"$nulls":7},{"v":0.3,"d":"30.00%"},{"v":0.3,"d":"30.00%"},{"v":0.4,"d":"40.00%"},null,null,{"v":1,"d":"100.00%"},null,{"$f":"P38=C37","v":true}]
[{"$nulls":10},{"$f":"$C37*K37","v":{"v":2339.9339999999997,"d":"R$ 2,339.93"}},{"v":2339.9339999999997,"d":"R$ 2,339.93"},{"v":3119.9120000000003,"d":"R$ 3,119.91"},null,null,{"v":7799.78,"d":"R$ 7,799.78"}]
[19,{"$f":"IFERROR(VLOOKUP(A39,ORÇ!$A:$AA,4,FALSE),\"NÃO TEM\")","v":"LIMPEZA DA OBRA"},{"$f":"IFERROR(VLOOKUP(A39,ORÇ!$A:$AA,9,FALSE),\"NÃO TEM\")","v":{"v":2687.58,"d":"R$ 2,687.58"}},{"$nulls":11},{"v":1,"d":"100.00%"},{"v":1,"d":"100.00%"},null,{"$f":"P40=C39","v":true}]
[{"$nulls":14},{"$f":"$C39*O39","v":{"v":2687.58,"d":"R$ 2,687.58"}},{"v":2687.58,"d":"R$ 2,687.58"}]
[20,{"$f":"IFERROR(VLOOKUP(A41,ORÇ!$A:$AA,4,FALSE),\"NÃO TEM\")","v":"MURO DE CONTORNO E MURETA FRONTAL"},{"$f":"IFERROR(VLOOKUP(A41,ORÇ!$A:$AA,9,FALSE),\"NÃO TEM\")","v":{"v":176170.71,"d":"R$ 176,170.71"}},{"v":0.25,"d":"25.00%"},{"v":0.25,"d":"25.00%"},{"v":0.25,"d":"25.00%"},{"v":0.25,"d":"25.00%"},{"$nulls":8},{"$f":"SUM(D41:O41)","v":{"v":1,"d":"100.00%"}},null,{"$f":"P42=C41","v":true}]
[{"$nulls":3},{"$f":"$C41*D41","v":{"v":44042.6775,"d":"R$ 44,042.68"}},{"$f":"$C41*E41","v":{"v":44042.6775,"d":"R$ 44,042.68"}},{"v":44042.6775,"d":"R$ 44,042.68"},{"v":44042.6775,"d":"R$ 44,042.68"},{"$nulls":8},{"$f":"SUM(D42:O42)","v":{"v":176170.71,"d":"R$ 176,170.71"}}]
[]
[null,null,{"$f":"SUM(C3:C42)","v":{"v":1249578.4000000001,"d":"R$ 1,249,578.40"}},{"$f":"D42+D40+D38+D36+D34+D32+D30+D28+D26+D24+D22+D20+D18+D16+D14+D12+D10+D8+D6+D4","v":{"v":82355.47949999999,"d":"R$ 82,355.48"}},{"$f":"E42+E40+E38+E36+E34+E32+E30+E28+E26+E24+E22+E20+E18+E16+E14+E12+E10+E8+E6+E4","v":{"v":104274.882,"d":"R$ 104,274.88"}},{"v":111457.12150000001,"d":"R$ 111,457.12"},{"v":107145.8045,"d":"R$ 107,145.80"},{"v":120569.293,"d":"R$ 120,569.29"},{"v":108424.90500000001,"d":"R$ 108,424.91"},{"v":106428.543,"d":"R$ 106,428.54"},{"v":106219.23999999999,"d":"R$ 106,219.24"},{"v":115750.77500000001,"d":"R$ 115,750.78"},{"v":105439.334,"d":"R$ 105,439.33"},{"v":104064.8215,"d":"R$ 104,064.82"},{"v":77448.201,"d":"R$ 77,448.20"},{"$f":"O45","v":{"v":1249578.4,"d":"R$ 1,249,578.40"}}]
[{"$nulls":3},{"$f":"D44","v":{"v":82355.47949999999,"d":"R$ 82,355.48"}},{"$f":"D45+E44","v":{"v":186630.3615,"d":"R$ 186,630.36"}},{"$f":"E45+F44","v":{"v":298087.483,"d":"R$ 298,087.48"}},{"v":405233.2875,"d":"R$ 405,233.29"},{"v":525802.5804999999,"d":"R$ 525,802.58"},{"v":634227.4855,"d":"R$ 634,227.49"},{"v":740656.0285,"d":"R$ 740,656.03"},{"v":846875.2685,"d":"R$ 846,875.27"},{"v":962626.0435,"d":"R$ 962,626.04"},{"v":1068065.3775,"d":"R$ 1,068,065.38"},{"v":1172130.199,"d":"R$ 1,172,130.20"},{"v":1249578.4,"d":"R$ 1,249,578.40"}]

{"sheet":"ABC","index":4,"n_rows":192,"n_cols":11,"rows_kept":192,"merged":[[0,4,0,6],[0,7,0,9],[1,4,1,6],[1,7,1,9],[2,0,2,9],[189,0,189,2],[189,5,189,6],[189,7,189,9],[190,0,190,2],[190,5,190,6],[190,7,190,9],[191,0,191,2],[191,5,191,6],[191,7,191,9]]}
[null,null,"Obra","Bancos","B.D.I.",null,null,"Encargos Sociais"]
[null,null,"CONCLUSÃO DA OBRA DE CONSTRUÇÃO DE UNIDADE ESCOLAR, MODELO ESCOLA 6 SALAS - PADRÃO FNDE, NO MUNICÍPIO DE DUAS ESTRADAS/PB (ID SIMEC: 1010865).","SINAPI - 09/2025 - Paraíba\nORSE - 09/2025 - Sergipe\nSEDOP - 10/2025 - Pará\nSEINFRA - 028 - Ceará\nSETOP - 07/2025 - Minas Gerais\nCAERN - 07/2025 - Rio Grande do Norte\n","20,34%",null,null,"Não Desonerado: \nHorista: 113,60%\nMensalista: 69,85%"]
["Curva ABC de Serviços"]
["Código","Banco","Descrição","Tipo","Und","Quant.","Valor  Unit","Total","Peso (%)","Peso Acumulado (%)","CL"]
[" 2373 ","ORSE","Muro em alvenaria bloco cimento, e=0,09m, c/ alv de pedra 0,35 x 0,60m, colunas concreto armado fck = 15,0 mpa cada 3,00m, cintamento superior e inferior,chapisco, reboco e pintura c/ hidracor ou similar","Muros","m²","388,45","353,61","137.359,80","10,99","10,99","A"]
[" CP-92542 ","Próprio","TRAMA DE MADEIRA COMPOSTA POR RIPAS, CAIBROS E TERÇAS (6X16 CM) PARA TELHADOS DE MAIS QUE 2 ÁGUAS PARA TELHA CERÂMICA CAPA-CANAL, INCLUSO TRANSPORTE VERTICAL. AF_07/2019 [ADAPTADO DE SINAPI 92542]","Estrutura e Trama para Cobertura","m²","1.086,04","105,10","114.142,80","9,13","20,13","A"]
[" 106060 ","SINAPI","LAJE PRÉ-MOLDADA UNIDIRECIONAL, BIAPOIADA, PARA FORRO, ENCHIMENTO EM EPS, VIGOTA TRELIÇADA, ALTURA TOTAL DA LAJE \"LT\" = 12 CM (ENCHIMENTO+CAPA) = (8+4). AF_08/2025","Lajes Pré-Moldadas","m²","436,43","203,43","88.782,95","7,11","27,23","A"]
[" 11369 ","ORSE","Revestimento cerâmico para  parede, 10 x 10 cm, Eliane, linha galeria branco mesh, pei - 3, aplicado com argamassa industrializada ac-ii, rejuntado, exclusive regularização de base ou emboço - Rev 01","Azulejos e Cerâmicas","m²","765,4","88,55","67.776,17","5,42","32,66","A"]
[" 94204 ","SINAPI","TELHAMENTO COM TELHA CERÂMICA CAPA-CANAL, TIPO COLONIAL, COM MAIS DE 2 ÁGUAS, INCLUSO TRANSPORTE VERTICAL. AF_07/2019","Telhamento para Cobertura","m²","1.086,04","50,33","54.660,39","4,37","37,03","A"]
[" 2295 ","ORSE","Pintura para exteriores, sobre paredes, com lixamento, aplicação de 01 demão de selador acrílico, 02 demãos de massa acrílica e 02 demãos de tinta acrílica convencional - Rev 03","Latex PVA","m²","978,56","55,74","54.544,93","4,37","41,40","A"]
[" 87251 ","SINAPI","REVESTIMENTO CERÂMICO PARA PISO COM PLACAS TIPO ESMALTADA DE DIMENSÕES 45X45 CM APLICADA EM AMBIENTES DE ÁREA MAIOR QUE 10 M2. AF_02/2023_PE","Revestimentos Cerâmicos Internos","m²","787,23","66,57","52.405,90","4,19","45,59","A"]
[" 94569 ","SINAPI","JANELA DE ALUMÍNIO TIPO MAXIM-AR, BATENTE/ REQUADRO 3 A 14 CM, VIDRO INCLUSO, FIXAÇÃO COM PARAFUSO, SEM GUARNIÇÃO/ ALIZAR, DIMENSÕES 60X80 (A X L) CM, SEM ACABAMENTO, VEDAÇÃO COM SILICONE, EXCLUSIVE CONTRAMARCO - FORNECIMENTO E INSTALAÇÃO. AF_11/2024","Esquadrias - Janelas","m²","62,58","683,97","42.802,84","3,43","49,01","A"]
[" 13778 ","ORSE","Cerca/gradil Nylofor h=1,03m, malha 5x20cm - fio 5 mm, revestidos em poliester por processo de pintura eletrostática nas cores verde ou branca. Fornecimento e instalação. Inclusive poste e acessórios.","Alambrados e Gradis","m","76,45","429,42","32.829,15","2,63","51,64","B"]
[" 2291 ","ORSE","Pintura para interiores, sobre paredes ou tetos, com lixamento, aplicação de 01 demão de líquido selador, 02 demãos de massa corrida e 02 demãos de tinta pva latex convencional para interiores. Rev 03_04/2022","Latex PVA","m²","628,0","51,09","32.084,52","2,57","54,21","B"]
[" 90406 ","SINAPI","MASSA ÚNICA, EM ARGAMASSA TRAÇO 1:2:8, PREPARO MECÂNICO, APLICADA MANUALMENTE EM TETO, E = 17,5MM, COM TALISCAS. AF_03/2024","Massa Única Interna","m²","452,48","47,11","21.316,33","1,71","55,92","B"]
[" 104743 ","SINAPI","CORDOALHA DE COBRE NU 35 MM², NÃO ENTERRADA, COM PRESILHA - FORNECIMENTO E INSTALAÇÃO. AF_08/2023","Sistema de Proteção contra Descargas Atmosféricas - SPDA","M","327,95","58,12","19.060,45","1,53","57,44","B"]
[" 87630 ","SINAPI","CONTRAPISO EM ARGAMASSA TRAÇO 1:4 (CIMENTO E AREIA), PREPARO MECÂNICO COM BETONEIRA 400 L, APLICADO EM ÁREAS SECAS SOBRE LAJE, ADERIDO, ACABAMENTO NÃO REFORÇADO, ESPESSURA 3CM. AF_07/2021","Contrapiso","m²","408,09","43,40","17.711,10","1,42","58,86","B"]
[" 96620 ","SINAPI","LASTRO DE CONCRETO MAGRO, APLICADO EM PISOS, LAJES SOBRE SOLO OU RADIERS. AF_01/2024","Lastro","m³","20,41","796,98","16.266,36","1,30","60,16","B"]
[" 101747 ","SINAPI","PISO EM CONCRETO 20 MPA PREPARO MECÂNICO, ESPESSURA 7CM. AF_09/2020","Pisos","m²","168,13","94,41","15.873,15","1,27","61,43","B"]
[" 98093 ","SINAPI","FILTRO ANAERÓBIO RETANGULAR, EM ALVENARIA COM BLOCOS DE CONCRETO, DIMENSÕES INTERNAS: 1,6 X 5,6 X H=1,67 M, VOLUME ÚTIL: 10752 L (PARA 103 CONTRIBUINTES). AF_12/2020","Fossas e Sumidouros","UN","1,0","15.339,89","15.339,89","1,23","62,66","B"]
[" 91926 ","SINAPI","CABO DE COBRE FLEXÍVEL ISOLADO, 2,5 MM², ANTI-CHAMA 450/750 V, PARA CIRCUITOS TERMINAIS - FORNECIMENTO E INSTALAÇÃO. AF_03/2023","Instalações Elétricas - Eletrodutos Embutidos, Cabos, Caixas, Tomadas e Interruptores","M","3.000,0","5,04","15.120,00","1,21","63,87","B"]
[" 1200037 ","CAERN","DEMOLIÇÃO DE LAJE PRÉ-FABRICADA COMUM OU EM TRELIÇA, INCLUSIVE CAPEAMENTO. R_05/2016",12000,"m²","436,43","33,08","14.437,10","1,16","65,02","B"]
[" 2387 ","ORSE","Quadro escolar em fórmica branca com moldura","Alambrados e Gradis","m²","33,42","430,93","14.401,68","1,15","66,18","B"]
[" 87530 ","SINAPI","MASSA ÚNICA, EM ARGAMASSA TRAÇO 1:2:8, PREPARO MANUAL, APLICADA MANUALMENTE EM PAREDES INTERNAS DE AMBIENTES COM ÁREA ENTRE 5M² E 10M², E = 17,5MM, COM TALISCAS. AF_03/2024","Massa Única Interna","m²","320,33","44,48","14.248,27","1,14","67,32","B"]
[" 98087 ","SINAPI","TANQUE SÉPTICO RETANGULAR, EM ALVENARIA COM BLOCOS DE CONCRETO, DIMENSÕES INTERNAS: 1,6 X 4,6 X H=2,4 M, VOLUME ÚTIL: 14720 L (PARA 105 CONTRIBUINTES). AF_12/2020","Fossas e Sumidouros","UN","1,0","12.238,80","12.238,80","0,98","68,30","B"]
[" 90844 ","SINAPI","KIT DE PORTA DE MADEIRA PARA PINTURA, SEMI-OCA (LEVE OU MÉDIA), PADRÃO MÉDIO, 90X210CM, ESPESSURA DE 3,5CM, ITENS INCLUSOS: DOBRADIÇAS, MONTAGEM E INSTALAÇÃO DO BATENTE, FECHADURA COM EXECUÇÃO DO FURO - FORNECIMENTO E INSTALAÇÃO. AF_12/2019","Esquadrias - Portas","UN","8,0","1.491,53","11.932,24","0,95","69,25","B"]
[" 040227 ","SBC","RECUPERACAO DE ELEMENTOS ESTRUTURAIS EM CONCRETO 15Mpa","ESTRUTURA","m³","2,55","4.602,19","11.735,58","0,94","70,19","B"]
[" 98101 ","SINAPI","SUMIDOURO RETANGULAR, EM ALVENARIA COM BLOCOS DE CONCRETO, DIMENSÕES INTERNAS: 1,6 X 5,8 X H=3,0 M, ÁREA DE INFILTRAÇÃO: 50 M² (PARA 20 CONTRIBUINTES). . AF_12/2020","Fossas e Sumidouros","UN","1,0","9.860,91","9.860,91","0,79","70,98","B"]
[" 97650 ","SINAPI","REMOÇÃO DE TRAMA DE MADEIRA PARA COBERTURA, DE FORMA MANUAL, SEM REAPROVEITAMENTO. AF_09/2023","Demolições e Remoções","m²","1.086,04","8,84","9.600,59","0,77","71,75","B"]
[" 94965 ","SINAPI","CONCRETO FCK = 25MPA, TRAÇO 1:2,3:2,7 (EM MASSA SECA DE CIMENTO/ AREIA MÉDIA/ BRITA 1) - PREPARO MECÂNICO COM BETONEIRA 400 L. AF_05/2021","Produção de Concreto","m³","17,47","529,70","9.253,85","0,74","72,49","B"]
[" 100359 ","SINAPI","FABRICAÇÃO E INSTALAÇÃO DE MEIA TESOURA DE MADEIRA NÃO APARELHADA, COM VÃO DE 5 M, PARA TELHA CERÂMICA OU DE CONCRETO, INCLUSO IÇAMENTO. AF_07/2019","Estrutura e Trama para Cobertura","UN","6,0","1.540,40","9.242,40","0,74","73,23","B"]
[" 103328 ","SINAPI","ALVENARIA DE VEDAÇÃO DE BLOCOS CERÂMICOS FURADOS NA HORIZONTAL DE 9X19X19 CM (ESPESSURA 9 CM) E ARGAMASSA DE ASSENTAMENTO COM PREPARO EM BETONEIRA. AF_12/2021","Alvenaria de Vedação","m²","86,62","102,78","8.902,80","0,71","73,94","B"]
[" 91865 ","SINAPI","ELETRODUTO RÍGIDO ROSCÁVEL, PVC, DN 40 MM (1 1/4\"), PARA CIRCUITOS TERMINAIS, INSTALADO EM FORRO - FORNECIMENTO E INSTALAÇÃO. AF_03/2023","Instalações Elétricas - Eletrodutos Embutidos, Cabos, Caixas, Tomadas e Interruptores","M","400,0","20,73","8.292,00","0,66","74,60","B"]
[" 92396 ","SINAPI","EXECUÇÃO DE PASSEIO EM PISO INTERTRAVADO, COM BLOCO RETANGULAR COR NATURAL DE 20 X 10 CM, ESPESSURA 6 CM. AF_10/2022","Pavimento Intertravado","m²","85,53","85,03","7.272,61","0,58","75,19","B"]
[" 13598 ","ORSE","Painel slim Led quadrado de sobrepor autovolt, potência 24W, 4000K, ângulo de120°","Luminárias Internas","un","94,0","76,19","7.161,86","0,57","75,76","B"]
[" 94219 ","SINAPI","CUMEEIRA E ESPIGÃO PARA TELHA CERÂMICA EMBOÇADA COM ARGAMASSA TRAÇO 1:2:9 (CIMENTO, CAL E AREIA), PARA TELHADOS COM MAIS DE 2 ÁGUAS, INCLUSO TRANSPORTE VERTICAL. AF_07/2019","Telhamento para Cobertura","M","215,06","32,99","7.094,82","0,57","76,33","B"]
[" 101965 ","SINAPI","PEITORIL LINEAR EM GRANITO OU MÁRMORE, L = 15CM, ASSENTADO COM ARGAMASSA 1:6 COM ADITIVO. AF_11/2020","Peitoris e Chapins","M","47,0","148,42","6.975,74","0,56","76,88","B"]
[" 91795 ","SINAPI","(COMPOSIÇÃO REPRESENTATIVA) DO SERVIÇO DE INST. TUBO PVC, SÉRIE N, ESGOTO PREDIAL, 100 MM (INST. RAMAL DESCARGA, RAMAL DE ESG. SANIT., PRUMADA ESG. SANIT., VENTILAÇÃO OU SUB-COLETOR AÉREO), INCL. CONEXÕES E CORTES, FIXAÇÕES, P/ PRÉDIOS. AF_10/2015","INHI - INSTALAÇÕES HIDROS SANITÁRIAS","M","87,0","79,32","6.900,84","0,55","77,44","B"]
[" 90843 ","SINAPI","KIT DE PORTA DE MADEIRA PARA PINTURA, SEMI-OCA (LEVE OU MÉDIA), PADRÃO MÉDIO, 80X210CM, ESPESSURA DE 3,5CM, ITENS INCLUSOS: DOBRADIÇAS, MONTAGEM E INSTALAÇÃO DO BATENTE, FECHADURA COM EXECUÇÃO DO FURO - FORNECIMENTO E INSTALAÇÃO. AF_12/2019","Esquadrias - Portas","UN","6,0","1.135,26","6.811,56","0,55","77,98","B"]
[" 93183 ","SINAPI","VERGA PRÉ-MOLDADA PARA JANELAS COM MAIS DE 1,5 M DE VÃO. AF_03/2016","FUES - FUNDAÇÕES E ESTRUTURAS","M","108,82","62,27","6.776,22","0,54","78,52","B"]
[" 101161 ","SINAPI","ALVENARIA DE VEDAÇÃO COM ELEMENTO VAZADO DE CONCRETO (COBOGÓ) DE 7X50X50CM E ARGAMASSA DE ASSENTAMENTO COM PREPARO EM BETONEIRA. AF_05/2020","Alvenarias Diversas","m²","24,64","270,52","6.665,61","0,53","79,06","B"]
[" COMP-72290 ","Próprio","Caixa de inspeção em alvenaria (90 x 90 x 120 cm) [ADAPTADO DE SINAPI 72290]","INHI - INSTALAÇÕES HIDROS SANITÁRIAS","UN","7,0","937,52","6.562,64","0,53","79,58","B"]
[" 9718 ","ORSE","Espelho de cristal 4mm com moldura de alumínio","Espelhos","m²","11,4","574,77","6.552,37","0,52","80,11","C"]
[" 10759 ","ORSE","Bancada em granito cinza andorinha, e=2cm","Conversão InfoWOrca","m²","11,31","578,30","6.540,57","0,52","80,63","C"]
[" 90842 ","SINAPI","KIT DE PORTA DE MADEIRA PARA PINTURA, SEMI-OCA (LEVE OU MÉDIA), PADRÃO MÉDIO, 70X210CM, ESPESSURA DE 3,5CM, ITENS INCLUSOS: DOBRADIÇAS, MONTAGEM E INSTALAÇÃO DO BATENTE, FECHADURA COM EXECUÇÃO DO FURO - FORNECIMENTO E INSTALAÇÃO. AF_12/2019","Esquadrias - Portas","UN","6,0","1.084,25","6.505,50","0,52","81,15","C"]
[" 91924 ","SINAPI","CABO DE COBRE FLEXÍVEL ISOLADO, 1,5 MM², ANTI-CHAMA 450/750 V, PARA CIRCUITOS TERMINAIS - FORNECIMENTO E INSTALAÇÃO. AF_03/2023","Instalações Elétricas - Eletrodutos Embutidos, Cabos, Caixas, Tomadas e Interruptores","M","1.800,0","3,46","6.228,00","0,50","81,65","C"]
[" 92427 ","SINAPI","MONTAGEM E DESMONTAGEM DE FÔRMA DE PILARES RETANGULARES E ESTRUTURAS SIMILARES, PÉ-DIREITO SIMPLES, EM CHAPA DE MADEIRA COMPENSADA RESINADA, 8 UTILIZAÇÕES. AF_09/2020","Fôrmas para Estruturas de Concreto Armado","m²","96,16","63,97","6.151,35","0,49","82,14","C"]
[" 91784 ","SINAPI","(COMPOSIÇÃO REPRESENTATIVA) DO SERVIÇO DE INSTALAÇÃO DE TUBOS DE PVC, SOLDÁVEL, ÁGUA FRIA, DN 20 MM (INSTALADO EM RAMAL, SUB-RAMAL OU RAMAL DE DISTRIBUIÇÃO), INCLUSIVE CONEXÕES, CORTES E FIXAÇÕES, PARA PRÉDIOS. AF_10/2015","INHI - INSTALAÇÕES HIDROS SANITÁRIAS","M","122,0","49,49","6.037,78","0,48","82,62","C"]
[" C4070 ","SEINFRA","DIVISÓRIA DE GRANITO CINZA E=2cm",0,"m²","11,32","530,32","6.003,22","0,48","83,11","C"]
[" 103670 ","SINAPI","LANÇAMENTO COM USO DE BALDES, ADENSAMENTO E ACABAMENTO DE CONCRETO EM ESTRUTURAS. AF_02/2022","Concretagem para Estruturas de Concreto Armado","m³","17,47","338,52","5.913,94","0,47","83,58","C"]
[" 94580 ","SINAPI","JANELA DE ALUMÍNIO DE CORRER COM 6 FOLHAS (2 VENEZIANAS FIXAS, 2 VENEZIANAS DE CORRER E 2 PARA VIDRO), COM VIDROS, BATENTE, ACABAMENTO COM ACETATO OU BRILHANTE E FERRAGENS. EXCLUSIVE ALIZAR E CONTRAMARCO. FORNECIMENTO E INSTALAÇÃO. AF_12/2019","ESQV - ESQUADRIAS/FERRAGENS/VIDROS","m²","10,08","585,75","5.904,36","0,47","84,05","C"]
[" 1776 ","ORSE","Prateleira em compensado, revestida com fórmica","Esquadrias de Madeira","m²","11,73","491,20","5.761,77","0,46","84,51","C"]
[" 91793 ","SINAPI","(COMPOSIÇÃO REPRESENTATIVA) DO SERVIÇO DE INSTALAÇÃO DE TUBO DE PVC, SÉRIE NORMAL, ESGOTO PREDIAL, DN 50 MM (INSTALADO EM RAMAL DE DESCARGA OU RAMAL DE ESGOTO SANITÁRIO), INCLUSIVE CONEXÕES, CORTES E FIXAÇÕES PARA, PRÉDIOS. AF_10/2015","INHI - INSTALAÇÕES HIDROS SANITÁRIAS","M","50,0","106,42","5.321,00","0,43","84,94","C"]
[" 97622 ","SINAPI","DEMOLIÇÃO DE ALVENARIA DE BLOCO FURADO, DE FORMA MANUAL, SEM REAPROVEITAMENTO. AF_09/2023","Demolições e Remoções","m³","80,14","65,50","5.249,17","0,42","85,36","C"]
[" 92768 ","SINAPI","ARMAÇÃO DE LAJE DE ESTRUTURA CONVENCIONAL DE CONCRETO ARMADO UTILIZANDO AÇO CA-60 DE 5,0 MM - MONTAGEM. AF_06/2022","Armação para Estruturas de Concreto Armado","KG","363,0","13,36","4.849,68","0,39","85,75","C"]
[" 92542 ","SINAPI","TRAMA DE MADEIRA COMPOSTA POR RIPAS, CAIBROS E TERÇAS PARA TELHADOS DE MAIS QUE 2 ÁGUAS PARA TELHA CERÂMICA CAPA-CANAL, INCLUSO TRANSPORTE VERTICAL. AF_07/2019","Estrutura e Trama para Cobertura","m²","47,97","98,79","4.738,95","0,38","86,13","C"]
[" 92464 ","SINAPI","MONTAGEM E DESMONTAGEM DE FÔRMA DE VIGA, ESCORAMENTO METÁLICO, PÉ-DIREITO SIMPLES, EM CHAPA DE MADEIRA RESINADA, 8 UTILIZAÇÕES. AF_09/2020","Fôrmas para Estruturas de Concreto Armado","m²","40,43","117,00","4.730,31","0,38","86,50","C"]
[" 1777 ","ORSE","Prateleira em compensado, revestida com laminado","Esquadrias de Madeira","m²","9,54","491,20","4.686,04","0,38","86,88","C"]
[" 105081 ","SINAPI","VIGA DE MADEIRA SERRADA, MAÇARANDUBA OU EQUIVALENTE DA REGIÃO, APARELHADA, SEÇÃO RETANGULAR 6 X 16 CM. AF_03/2024","Estruturas de Madeira","M","66,0","69,12","4.561,92","0,37","87,24","C"]
[" 97647 ","SINAPI","REMOÇÃO DE TELHAS DE FIBROCIMENTO METÁLICA E CERÂMICA, DE FORMA MANUAL, SEM REAPROVEITAMENTO. AF_09/2023","Demolições e Remoções","m²","1.086,04","4,10","4.452,76","0,36","87,60","C"]
[" 9712 ","ORSE","Escada marinheiro sem guarda corpo, L=40cm, executada em barras chata ferro galvanizado 1 1/4\" x 1/4\", sendo os degraus barra redonda ferro galvanizado d=5/8\", espaçados de 30cm, pintada, inclusive instalação","Diversos","m","3,5","1.249,28","4.372,48","0,35","87,95","C"]
[" 92762 ","SINAPI","ARMAÇÃO DE PILAR OU VIGA DE ESTRUTURA CONVENCIONAL DE CONCRETO ARMADO UTILIZANDO AÇO CA-50 DE 10,0 MM - MONTAGEM. AF_06/2022","Armação para Estruturas de Concreto Armado","KG","408,97","10,37","4.241,01","0,34","88,29","C"]
[" 92547 ","SINAPI","FABRICAÇÃO E INSTALAÇÃO DE TESOURA INTEIRA EM MADEIRA NÃO APARELHADA, VÃO DE 5 M, PARA TELHA CERÂMICA OU DE CONCRETO, INCLUSO IÇAMENTO. AF_07/2019","Estrutura e Trama para Cobertura","UN","3,0","1.347,00","4.041,00","0,32","88,61","C"]
[" 9692 ","ORSE","Porta em madeira compensada (canela), lisa, semi-ôca, (0,60 x 1,60 a 1,80m), p/pintura, inclusive ferragens (livre/ocupado), exclusive batente, para uso em divisórias granito ou marmore","Esquadrias de Madeira","un","3,0","1.326,02","3.978,06","0,32","88,93","C"]
[" 98562 ","SINAPI","IMPERMEABILIZAÇÃO DE SUPERFÍCIE COM ARGAMASSA DE CIMENTO E AREIA, COM ADITIVO IMPERMEABILIZANTE, E = 1,5CM. AF_09/2023","Impermeabilização, Proteção Mecânica e Tratamento de Junta","m²","70,06","55,05","3.856,80","0,31","89,24","C"]
[" 92981 ","SINAPI","CABO DE COBRE FLEXÍVEL ISOLADO, 16 MM², ANTI-CHAMA 450/750 V, PARA DISTRIBUIÇÃO - FORNECIMENTO E INSTALAÇÃO. AF_10/2020","Instalações Elétricas - Quadros, Cabos, Disjuntores, Contatores e Barramentos Blindados","M","200,0","18,84","3.768,00","0,30","89,54","C"]
[" 91785 ","SINAPI","(COMPOSIÇÃO REPRESENTATIVA) DO SERVIÇO DE INSTALAÇÃO DE TUBOS DE PVC, SOLDÁVEL, ÁGUA FRIA, DN 25 MM (INSTALADO EM RAMAL, SUB-RAMAL, RAMAL DE DISTRIBUIÇÃO OU PRUMADA), INCLUSIVE CONEXÕES, CORTES E FIXAÇÕES, PARA PRÉDIOS. AF_10/2015","INHI - INSTALAÇÕES HIDROS SANITÁRIAS","M","75,0","48,84","3.663,00","0,29","89,83","C"]
[" 102617 ","SINAPI","CAIXA D´ÁGUA EM POLIÉSTER REFORÇADO COM FIBRA DE VIDRO, 5000 LITROS - FORNECIMENTO E INSTALAÇÃO. AF_06/2021","Caixas de Água para Edificações","UN","1,0","3.650,06","3.650,06","0,29","90,13","C"]
[" 2010 ","ORSE","Cuba de embutir oval (deca linha ref l37)  p/ instalação em bancadas, c/ sifão cromado (deca ref c1680) , engate cromado (deca) ou similares","Louças e Metais Sanitários","un","6,0","591,95","3.551,70","0,28","90,41","C"]
[" 87882 ","SINAPI","CHAPISCO APLICADO NO TETO OU EM ALVENARIA E ESTRUTURA, COM ROLO PARA TEXTURA ACRÍLICA. ARGAMASSA TRAÇO 1:4 E EMULSÃO POLIMÉRICA (ADESIVO) COM PREPARO EM BETONEIRA 400L. AF_10/2022","Chapisco","m²","452,48","7,77","3.515,76","0,28","90,69","C"]
[" 93358 ","SINAPI","ESCAVAÇÃO MANUAL DE VALA. AF_09/2024","Escavação de Valas","m³","33,78","97,95","3.308,75","0,26","90,96","C"]
[" 91930 ","SINAPI","CABO DE COBRE FLEXÍVEL ISOLADO, 6 MM², ANTI-CHAMA 450/750 V, PARA CIRCUITOS TERMINAIS - FORNECIMENTO E INSTALAÇÃO. AF_03/2023","Instalações Elétricas - Eletrodutos Embutidos, Cabos, Caixas, Tomadas e Interruptores","M","300,0","10,99","3.297,00","0,26","91,22","C"]
[" 3660 ","ORSE","Vaso sanitário convencional, linha versato 07303, CELITE ou similar, inclusive assento CELITE versato 07983 ou similar, conjunto de fixação DECA SP13 ou similar, anel de vedação, tubo de ligação cromado e engate plástico, exceto cxdescarga","Louças e Metais Sanitários","un","5,0","645,49","3.227,45","0,26","91,48","C"]
[" C3659 ","SEINFRA","PORTÃO DE METALON E BARRA CHATA DE FERRO C/FECHADURA E DOBRADIÇA, INCLUS. PINTURA ESMALTE SINTÉTICO",0,"m²","6,0","513,61","3.081,66","0,25","91,73","C"]
[" 7138 ","ORSE","Fornecimento e lançamento de cabo utp 4 pares cat 6","Pontos de Suprimento de Lógica","m","205,0","14,38","2.947,90","0,24","91,96","C"]
[" 103689 ","SINAPI","FORNECIMENTO E INSTALAÇÃO DE PLACA DE OBRA COM CHAPA GALVANIZADA E ESTRUTURA DE MADEIRA. AF_03/2022_PS","Sinalização Vertical Viária","m²","6,0","485,70","2.914,20","0,23","92,19","C"]
[" 13232 ","ORSE","Portão de correr (2,95 X 2,00 m) com tela de arame galvanizado fio12, malha 2\", revestida em pvc e quadro em tubo de ferro galvanizado de 11/2\" com pintura esmalte epoxi","Esquadrias de Ferro","un","1,0","2.900,10","2.900,10","0,23","92,43","C"]
[" 96536 ","SINAPI","FABRICAÇÃO, MONTAGEM E DESMONTAGEM DE FÔRMA PARA VIGA BALDRAME, EM MADEIRA SERRADA, E=25 MM, 4 UTILIZAÇÕES. AF_01/2024","Fundações Rasas (Blocos, Sapatas, Vigas Baldrame)","m²","35,05","82,61","2.895,48","0,23","92,66","C"]
[" 91788 ","SINAPI","(COMPOSIÇÃO REPRESENTATIVA) DO SERVIÇO DE INSTALAÇÃO DE TUBOS DE PVC, SOLDÁVEL, ÁGUA FRIA, DN 50 MM (INSTALADO EM PRUMADA), INCLUSIVE CONEXÕES, CORTES E FIXAÇÕES, PARA PRÉDIOS. AF_10/2015","INHI - INSTALAÇÕES HIDROS SANITÁRIAS","M","52,0","53,57","2.785,64","0,22","92,88","C"]
[" 92759 ","SINAPI","ARMAÇÃO DE PILAR OU VIGA DE ESTRUTURA CONVENCIONAL DE CONCRETO ARMADO UTILIZANDO AÇO CA-60 DE 5,0 MM - MONTAGEM. AF_06/2022","Armação para Estruturas de Concreto Armado","KG","197,03","13,98","2.754,47","0,22","93,10","C"]
[" 98689 ","SINAPI","SOLEIRA EM GRANITO, LARGURA 15 CM, ESPESSURA 2,0 CM. AF_09/2020","Pisos","M","26,5","103,40","2.740,10","0,22","93,32","C"]
[" 2450 ","ORSE","Limpeza geral","Limpeza","m²","853,2","3,15","2.687,58","0,22","93,54","C"]
[" 94273 ","SINAPI","ASSENTAMENTO DE GUIA (MEIO-FIO) EM TRECHO RETO, CONFECCIONADA EM CONCRETO PRÉ-FABRICADO, DIMENSÕES 100X15X13X30 CM (COMPRIMENTO X BASE INFERIOR X BASE SUPERIOR X ALTURA). AF_01/2024","Guias e sarjetas","M","64,62","41,09","2.655,23","0,21","93,75","C"]
[" 86941 ","SINAPI","LAVATÓRIO LOUÇA BRANCA COM COLUNA, 45 X 55CM OU EQUIVALENTE, PADRÃO MÉDIO, INCLUSO SIFÃO TIPO GARRAFA, VÁLVULA E ENGATE FLEXÍVEL DE 40CM EM METAL CROMADO, COM TORNEIRA CROMADA DE MESA, PADRÃO MÉDIO - FORNECIMENTO E INSTALAÇÃO. AF_01/2020","Louças e Metais","UN","3,0","877,67","2.633,01","0,21","93,96","C"]
[" 2797 ","ORSE","Caixa de passagem em alvenaria de tijolos maciços esp. = 0,12m,  dim. int. = 0.60 x 0.60 x 0.60m","Caixas de Passagem em alvenaria de tijolos maciços","un","5,0","518,14","2.590,70","0,21","94,17","C"]
[" 3226 ","ORSE","Banco de concreto em alvenaria de tijolos, assento em concreto armado, sem encosto, pintado com tinta acrílica, 2 demãos","Conversão InfoWOrca","m","10,8","228,67","2.469,63","0,20","94,36","C"]
[" 354 ","ORSE","Eletroduto de pvc rígido roscável, diâm = 32mm (1\")","Interligações até Quadro Geral - Eletrodutos e Conexões","m","110,0","19,91","2.190,10","0,18","94,54","C"]
[" 94201 ","SINAPI","TELHAMENTO COM TELHA CERÂMICA CAPA-CANAL, TIPO COLONIAL, COM ATÉ 2 ÁGUAS, INCLUSO TRANSPORTE VERTICAL. AF_07/2019","Telhamento para Cobertura","m²","47,97","43,59","2.091,01","0,17","94,71","C"]
[" 101509 ","SINAPI","ENTRADA DE ENERGIA ELÉTRICA, AÉREA, TRIFÁSICA, COM CAIXA DE EMBUTIR, CABO DE 10 MM2 E DISJUNTOR DIN 50A (NÃO INCLUSO O POSTE DE CONCRETO). AF_07/2020","Instalações Elétricas - Rede de Distribuição","UN","1,0","2.084,40","2.084,40","0,17","94,87","C"]
[" 100868 ","SINAPI","BARRA DE APOIO RETA, EM ACO INOX POLIDO, COMPRIMENTO 80 CM, FIXADA NA PAREDE - FORNECIMENTO E INSTALAÇÃO. AF_01/2020","Louças e Metais","UN","6,0","341,62","2.049,72","0,16","95,04","C"]
[" 91792 ","SINAPI","(COMPOSIÇÃO REPRESENTATIVA) DO SERVIÇO DE INSTALAÇÃO DE TUBO DE PVC, SÉRIE NORMAL, ESGOTO PREDIAL, DN 40 MM (INSTALADO EM RAMAL DE DESCARGA OU RAMAL DE ESGOTO SANITÁRIO), INCLUSIVE CONEXÕES, CORTES E FIXAÇÕES, PARA PRÉDIOS. AF_10/2015","INHI - INSTALAÇÕES HIDROS SANITÁRIAS","M","24,0","84,41","2.025,84","0,16","95,20","C"]
[" 13034 ","ORSE","Porta em madeira compensada (canela), lisa, semi-ôca, (0.80 x 1,60 a 2.10 m),revestida c/fórmica, inclusive ferragens (livre/ocupado), para uso em divisórias granito ou mármore","Esquadrias de Madeira","un","2,0","994,44","1.988,88","0,16","95,36","C"]
[" 92979 ","SINAPI","CABO DE COBRE FLEXÍVEL ISOLADO, 10 MM², ANTI-CHAMA 450/750 V, PARA DISTRIBUIÇÃO - FORNECIMENTO E INSTALAÇÃO. AF_10/2020","Instalações Elétricas - Quadros, Cabos, Disjuntores, Contatores e Barramentos Blindados","M","150,0","13,17","1.975,50","0,16","95,52","C"]
[" 1511 ","ORSE","Extintor de pó químico ABC, capacidade 6 kg, alcance médio do jato 5m , tempode descarga 12s, NBR9443, 9444, 10721","Equipamentos para Combate a Incêndio","un","8,0","242,38","1.939,04","0,16","95,67","C"]
[" 091464 ","SEDOP","Portas em MDF (sob bancadas)",0,"m²","4,67","409,08","1.910,40","0,15","95,83","C"]
[" 92000 ","SINAPI","TOMADA BAIXA DE EMBUTIR (1 MÓDULO), 2P+T 10 A, INCLUINDO SUPORTE E PLACA - FORNECIMENTO E INSTALAÇÃO. AF_03/2023","Instalações Elétricas - Eletrodutos Embutidos, Cabos, Caixas, Tomadas e Interruptores","UN","57,0","33,18","1.891,26","0,15","95,98","C"]
[" 91341 ","SINAPI","PORTA EM ALUMÍNIO DE ABRIR TIPO VENEZIANA COM GUARNIÇÃO, FIXAÇÃO COM PARAFUSOS - FORNECIMENTO E INSTALAÇÃO. AF_12/2019","Esquadrias - Portas","m²","2,56","724,98","1.855,94","0,15","96,13","C"]
[" 99635 ","SINAPI","VÁLVULA DE DESCARGA METÁLICA, BASE 1 1/2\", ACABAMENTO METALICO CROMADO - FORNECIMENTO E INSTALAÇÃO. AF_08/2021","Válvulas e Registros para Sistemas Prediais","UN","5,0","344,38","1.721,90","0,14","96,26","C"]
[" 96534 ","SINAPI","FABRICAÇÃO, MONTAGEM E DESMONTAGEM DE FÔRMA PARA BLOCO DE COROAMENTO, EM MADEIRA SERRADA, E=25 MM, 4 UTILIZAÇÕES. AF_01/2024","Fundações Rasas (Blocos, Sapatas, Vigas Baldrame)","m²","17,52","94,64","1.658,09","0,13","96,40","C"]
[" 9182 ","ORSE","Demolição de concreto com martelete e compressor","Demolições / Remoções","m³","3,52","456,43","1.606,63","0,13","96,52","C"]
[" 102219 ","SINAPI","PINTURA TINTA DE ACABAMENTO (PIGMENTADA) ESMALTE SINTÉTICO ACETINADO EM MADEIRA, 2 DEMÃOS. AF_01/2021","Pintura em Madeira","m²","87,56","18,32","1.604,09","0,13","96,65","C"]
[" 9017 ","ORSE","Vaso sanitario c/caixa de descarga acoplada, c/saída horizontal, linha ravena, DECA ou similar, inclusive assento ASTRA TPK ou similar, conj. de fixação DECA SP13 ou similar, anel de vedação e engate plástico","Louças e Metais Sanitários","un","3,0","504,15","1.512,45","0,12","96,77","C"]
[" 87878 ","SINAPI","CHAPISCO APLICADO EM ALVENARIAS E ESTRUTURAS DE CONCRETO INTERNAS, COM COLHER DE PEDREIRO. ARGAMASSA TRAÇO 1:3 COM PREPARO MANUAL. AF_10/2022","Chapisco","m²","267,89","5,46","1.462,67","0,12","96,89","C"]
[" 100327 ","SINAPI","RUFO EXTERNO/INTERNO EM CHAPA DE AÇO GALVANIZADO NÚMERO 26, CORTE DE 33 CM, INCLUSO IÇAMENTO. AF_07/2019","Telhamento para Cobertura","M","24,6","54,59","1.342,91","0,11","97,00","C"]
[" 101616 ","SINAPI","PREPARO DE FUNDO DE VALA COM LARGURA MENOR QUE 1,5 M (ACERTO DO SOLO NATURAL). AF_08/2020","Escoramento e Preparo de Fundo de Valas","m²","185,07","7,23","1.338,05","0,11","97,11","C"]
[" 91794 ","SINAPI","(COMPOSIÇÃO REPRESENTATIVA) DO SERVIÇO DE INST. TUBO PVC, SÉRIE N, ESGOTO PREDIAL, DN 75 MM, (INST. EM RAMAL DE DESCARGA, RAMAL DE ESG. SANITÁRIO, PRUMADA DE ESG. SANITÁRIO OU VENTILAÇÃO), INCL. CONEXÕES, CORTES E FIXAÇÕES, P/ PRÉDIOS. AF_10/2015","INHI - INSTALAÇÕES HIDROS SANITÁRIAS","M","25,0","49,39","1.234,75","0,10","97,20","C"]
[" 91936 ","SINAPI","CAIXA OCTOGONAL 4\" X 4\", PVC, INSTALADA EM LAJE - FORNECIMENTO E INSTALAÇÃO. AF_03/2023","Instalações Elétricas - Eletrodutos Embutidos, Cabos, Caixas, Tomadas e Interruptores","UN","74,0","16,49","1.220,26","0,10","97,30","C"]
[" 92761 ","SINAPI","ARMAÇÃO DE PILAR OU VIGA DE ESTRUTURA CONVENCIONAL DE CONCRETO ARMADO UTILIZANDO AÇO CA-50 DE 8,0 MM - MONTAGEM. AF_06/2022","Armação para Estruturas de Concreto Armado","KG","103,33","11,79","1.218,26","0,10","97,40","C"]
[" 96543 ","SINAPI","ARMAÇÃO DE BLOCO UTILIZANDO AÇO CA-60 DE 5 MM - MONTAGEM. AF_01/2024","Fundações Rasas (Blocos, Sapatas, Vigas Baldrame)","KG","58,89","20,54","1.209,60","0,10","97,50","C"]
[" 91928 ","SINAPI","CABO DE COBRE FLEXÍVEL ISOLADO, 4 MM², ANTI-CHAMA 450/750 V, PARA CIRCUITOS TERMINAIS - FORNECIMENTO E INSTALAÇÃO. AF_03/2023","Instalações Elétricas - Eletrodutos Embutidos, Cabos, Caixas, Tomadas e Interruptores","M","150,0","7,85","1.177,50","0,09","97,59","C"]
[" 86936 ","SINAPI","CUBA DE EMBUTIR DE AÇO INOXIDÁVEL MÉDIA, INCLUSO VÁLVULA TIPO AMERICANA E SIFÃO TIPO GARRAFA EM METAL CROMADO - FORNECIMENTO E INSTALAÇÃO. AF_01/2020","Louças e Metais","UN","2,0","531,25","1.062,50","0,09","97,68","C"]
[" 101883 ","SINAPI","QUADRO DE DISTRIBUIÇÃO DE ENERGIA EM CHAPA DE AÇO GALVANIZADO, DE EMBUTIR, COM BARRAMENTO TRIFÁSICO, PARA 18 DISJUNTORES DIN 100A - FORNECIMENTO E INSTALAÇÃO. AF_07/2025","Instalações Elétricas - Quadros, Cabos, Disjuntores, Contatores e Barramentos Blindados","UN","2,0","526,48","1.052,96","0,08","97,76","C"]
[" 98575 ","SINAPI","TRATAMENTO DE JUNTA DE DILATAÇÃO, COM TARUGO DE POLIETILENO E SELANTE PU, INCLUSO PREENCHIMENTO COM ESPUMA EXPANSIVA PU. AF_09/2023","Impermeabilização, Proteção Mecânica e Tratamento de Junta","M","12,8","82,10","1.050,88","0,08","97,84","C"]
[" 12127 ","ORSE","Barra de apoio, para lavatório, tres lados, fixa, em aço inox, l= 40x 60cm, d=1 1/4\", Jackwal ou similar","Alambrados e Gradis","un","2,0","497,58","995,16","0,08","97,92","C"]
[" 86919 ","SINAPI","TANQUE DE LOUÇA BRANCA COM COLUNA, 30L OU EQUIVALENTE, INCLUSO SIFÃO FLEXÍVEL EM PVC, VÁLVULA METÁLICA E TORNEIRA DE METAL CROMADO PADRÃO MÉDIO - FORNECIMENTO E INSTALAÇÃO. AF_01/2020","Louças e Metais","UN","1,0","967,83","967,83","0,08","98,00","C"]
[" C1247 ","SEINFRA","ENTELAMENTO PREVENTIVO DE SUPERFÍCIE SUJEITA A TRINCAS P/RETRAÇÃO OU DILATAÇÃO TELA LARG.= 25cm",0,"M","135,36","6,94","939,39","0,08","98,08","C"]
[" C0560 ","SEINFRA","CABO TELEFÔNICO CCE - 2",0,"M","70,0","13,06","914,20","0,07","98,15","C"]
[" 95547 ","SINAPI","SABONETEIRA PLASTICA TIPO DISPENSER PARA SABONETE LIQUIDO COM RESERVATORIO 800 A 1500 ML, INCLUSO FIXAÇÃO. AF_01/2020","Louças e Metais","UN","9,0","99,80","898,20","0,07","98,22","C"]
[" 93008 ","SINAPI","ELETRODUTO RÍGIDO ROSCÁVEL, PVC, DN 50 MM (1 1/2\"), PARA REDE ENTERRADA DE DISTRIBUIÇÃO DE ENERGIA ELÉTRICA - FORNECIMENTO E INSTALAÇÃO. AF_12/2021","Redes Enterradas de Distribuição Elétrica","M","44,0","19,97","878,68","0,07","98,29","C"]
[" 91786 ","SINAPI","(COMPOSIÇÃO REPRESENTATIVA) DO SERVIÇO DE INSTALAÇÃO TUBOS DE PVC, SOLDÁVEL, ÁGUA FRIA, DN 32 MM (INSTALADO EM RAMAL, SUB-RAMAL, RAMAL DE DISTRIBUIÇÃO OU PRUMADA), INCLUSIVE CONEXÕES, CORTES E FIXAÇÕES, PARA PRÉDIOS. AF_10/2015","INHI - INSTALAÇÕES HIDROS SANITÁRIAS","M","26,0","32,82","853,32","0,07","98,36","C"]
[" 1305 ","ORSE","Luva de pvc rígido roscável  diâm = 1 1/4\"  Rev.01 - 10/2022","Tubos e Conexões de PVC Rígido Roscável","un","45,0","17,25","776,25","0,06","98,42","C"]
[" 91953 ","SINAPI","INTERRUPTOR SIMPLES (1 MÓDULO), 10A/250V, INCLUINDO SUPORTE E PLACA - FORNECIMENTO E INSTALAÇÃO. AF_03/2023","Instalações Elétricas - Eletrodutos Embutidos, Cabos, Caixas, Tomadas e Interruptores","UN","24,0","31,70","760,80","0,06","98,48","C"]
[" 100858 ","SINAPI","MICTÓRIO SIFONADO LOUÇA BRANCA - PADRÃO MÉDIO - FORNECIMENTO E INSTALAÇÃO. AF_01/2020","Louças e Metais","UN","1,0","730,80","730,80","0,06","98,54","C"]
[" 100599 ","SINAPI","ASSENTAMENTO DE POSTE DE CONCRETO COM COMPRIMENTO NOMINAL DE 9 M, CARGA NOMINAL DE 150 DAN, ENGASTAMENTO BASE CONCRETADA COM 1 M DE CONCRETO E 0,5 M DE SOLO (NÃO INCLUI FORNECIMENTO). AF_04/2025","Postes de Concreto e Metálicos","UN","1,0","682,02","682,02","0,05","98,60","C"]
[" 92769 ","SINAPI","ARMAÇÃO DE LAJE DE ESTRUTURA CONVENCIONAL DE CONCRETO ARMADO UTILIZANDO AÇO CA-50 DE 6,3 MM - MONTAGEM. AF_06/2022","Armação para Estruturas de Concreto Armado","KG","55,0","12,21","671,55","0,05","98,65","C"]
[" 00041196 ","SINAPI","POSTE DE CONCRETO ARMADO DE SECAO DUPLO T, EXTENSAO DE 9,00 M, RESISTENCIA DE 150 DAN, TIPO D","Material","UN","1,0","642,41","642,41","0,05","98,70","C"]
[" 95648 ","SINAPI","KIT CAVALETE PARA MEDIÇÃO DE ÁGUA - ENTRADA INDIVIDUALIZADA, EM CPVC DN 28 MM (1\"), PARA 1 MEDIDOR - FORNECIMENTO E INSTALAÇÃO (EXCLUSIVE HIDRÔMETRO). AF_03/2024","Sistemas de Medição","UN","1,0","624,07","624,07","0,05","98,75","C"]
[" 10573 ","ORSE","Instalação de cabo telefônico CCI - 50 x 2 pares","Interligações até Quadro Geral - Fios e Cabos","m","130,0","4,64","603,20","0,05","98,80","C"]
[" 88649 ","SINAPI","RODAPÉ CERÂMICO DE 7CM DE ALTURA COM PLACAS TIPO ESMALTADA DE DIMENSÕES 45X45CM. AF_02/2023","Revestimentos Cerâmicos Internos","M","56,0","10,67","597,52","0,05","98,85","C"]
[" 92764 ","SINAPI","ARMAÇÃO DE PILAR OU VIGA DE ESTRUTURA CONVENCIONAL DE CONCRETO ARMADO UTILIZANDO AÇO CA-50 DE 16,0 MM - MONTAGEM. AF_06/2022","Armação para Estruturas de Concreto Armado","KG","71,82","8,31","596,82","0,05","98,89","C"]
[" 10272 ","ORSE","Terminal aéreo base dupla galvanizada 25mm - fornecimento","Pára-raios","un","42,0","14,00","588,00","0,05","98,94","C"]
[" 91940 ","SINAPI","CAIXA RETANGULAR 4\" X 2\" MÉDIA (1,30 M DO PISO), PVC, INSTALADA EM PAREDE - FORNECIMENTO E INSTALAÇÃO. AF_03/2023","Instalações Elétricas - Eletrodutos Embutidos, Cabos, Caixas, Tomadas e Interruptores","UN","30,0","18,96","568,80","0,05","98,99","C"]
[" 86914 ","SINAPI","TORNEIRA CROMADA 1/2\" OU 3/4\" PARA TANQUE, PADRÃO MÉDIO - FORNECIMENTO E INSTALAÇÃO. AF_01/2020","Louças e Metais","UN","5,0","111,91","559,55","0,04","99,03","C"]
[" 86943 ","SINAPI","LAVATÓRIO LOUÇA BRANCA SUSPENSO, 29,5 X 39CM OU EQUIVALENTE, PADRÃO POPULAR, INCLUSO SIFÃO FLEXÍVEL EM PVC, VÁLVULA E ENGATE FLEXÍVEL 30CM EM PLÁSTICO E TORNEIRA CROMADA DE MESA, PADRÃO POPULAR - FORNECIMENTO E INSTALAÇÃO. AF_01/2020","Louças e Metais","UN","2,0","274,54","549,08","0,04","99,08","C"]
[" 71 ","ORSE","Aterro manual de áreas, sem aquisição de material, com espalhamento e compactação","Aterros / Reaterros / Compactações","m³","8,23","64,58","531,49","0,04","99,12","C"]
[" 91864 ","SINAPI","ELETRODUTO RÍGIDO ROSCÁVEL, PVC, DN 32 MM (1\"), PARA CIRCUITOS TERMINAIS, INSTALADO EM FORRO - FORNECIMENTO E INSTALAÇÃO. AF_03/2023","Instalações Elétricas - Eletrodutos Embutidos, Cabos, Caixas, Tomadas e Interruptores","M","30,0","16,58","497,40","0,04","99,16","C"]
[" 00039463 ","SINAPI","DISPOSITIVO DR, 4 POLOS, SENSIBILIDADE DE 300 MA, CORRENTE DE 80 A, TIPO AC","Material","UN","1,0","449,15","449,15","0,04","99,19","C"]
[" 91959 ","SINAPI","INTERRUPTOR SIMPLES (2 MÓDULOS), 10A/250V, INCLUINDO SUPORTE E PLACA - FORNECIMENTO E INSTALAÇÃO. AF_03/2023","Instalações Elétricas - Eletrodutos Embutidos, Cabos, Caixas, Tomadas e Interruptores","UN","9,0","48,16","433,44","0,03","99,23","C"]
[" 743 ","ORSE","Caixa de passagem pvc, 4\" x 4\" cm, embutir, p/eletroduto","Pontos de Suprimento de Lógica","un","22,0","18,73","412,06","0,03","99,26","C"]
[" 101875 ","SINAPI","QUADRO DE DISTRIBUIÇÃO DE ENERGIA EM CHAPA DE AÇO GALVANIZADO, DE EMBUTIR, COM BARRAMENTO TRIFÁSICO, PARA 12 DISJUNTORES DIN 100A - FORNECIMENTO E INSTALAÇÃO. AF_07/2025","Instalações Elétricas - Quadros, Cabos, Disjuntores, Contatores e Barramentos Blindados","UN","1,0","393,18","393,18","0,03","99,29","C"]
[" 92763 ","SINAPI","ARMAÇÃO DE PILAR OU VIGA DE ESTRUTURA CONVENCIONAL DE CONCRETO ARMADO UTILIZANDO AÇO CA-50 DE 12,5 MM - MONTAGEM. AF_06/2022","Armação para Estruturas de Concreto Armado","KG","42,73","8,64","369,18","0,03","99,32","C"]
[" 96546 ","SINAPI","ARMAÇÃO DE BLOCO UTILIZANDO AÇO CA-50 DE 10 MM - MONTAGEM. AF_01/2024","Fundações Rasas (Blocos, Sapatas, Vigas Baldrame)","KG","25,5","13,74","350,37","0,03","99,35","C"]
[" 94793 ","SINAPI","REGISTRO DE GAVETA BRUTO, LATÃO, ROSCÁVEL, 1 1/4\", COM ACABAMENTO E CANOPLA CROMADOS - FORNECIMENTO E INSTALAÇÃO. AF_08/2021","Válvulas e Registros para Sistemas Prediais","UN","2,0","174,68","349,36","0,03","99,38","C"]
[" 98110 ","SINAPI","CAIXA DE GORDURA PEQUENA (CAPACIDADE: 19 L), CIRCULAR, EM PVC, DIÂMETRO INTERNO= 0,3 M. AF_12/2020","Caixas Enterradas","UN","1,0","331,74","331,74","0,03","99,41","C"]
[" 94498 ","SINAPI","REGISTRO DE GAVETA BRUTO, LATÃO, ROSCÁVEL, 2\" - FORNECIMENTO E INSTALAÇÃO. AF_08/2021","Válvulas e Registros para Sistemas Prediais","UN","2,0","162,27","324,54","0,03","99,43","C"]
[" 94499 ","SINAPI","REGISTRO DE GAVETA BRUTO, LATÃO, ROSCÁVEL, 2 1/2\" - FORNECIMENTO E INSTALAÇÃO. AF_08/2021","Válvulas e Registros para Sistemas Prediais","UN","1,0","322,45","322,45","0,03","99,46","C"]
[" 3696 ","ORSE","Torneira cromada para pia de cozinha, de mesa, com articulador, 1/2\", ref. 1167, da Deca ou similar","Louças e Metais Sanitários","un","2,0","157,74","315,48","0,03","99,48","C"]
[" 95544 ","SINAPI","PAPELEIRA DE PAREDE EM METAL CROMADO SEM TAMPA, INCLUSO FIXAÇÃO. AF_01/2020","Louças e Metais","UN","8,0","38,60","308,80","0,02","99,51","C"]
[" 788 ","ORSE","Tomada para telefone, com caixa pvc, embutida","Tomadas para Telefone","un","7,0","43,00","301,00","0,02","99,53","C"]
[" 13379 ","ORSE","Cabide de louça, DECA A.680.17 ou similar","Louças e Metais Sanitários","un","3,0","98,04","294,12","0,02","99,55","C"]
[" 8228 ","ORSE","Peitoril granito cinza polido, esp = 2 cm","Peitoris e Tampos de Balcões","m²","0,9","319,24","287,31","0,02","99,58","C"]
[" 98281 ","SINAPI","CABO TELEFÔNICO CCI-50 2 PARES, SEM BLINDAGEM, INSTALADO EM DISTRIBUIÇÃO DE EDIFICAÇÃO RESIDENCIAL - FORNECIMENTO E INSTALAÇÃO. AF_08/2025","Redes de Lógica, Telefonia e Imagem","M","35,0","8,18","286,30","0,02","99,60","C"]
[" 104921 ","SINAPI","ARMAÇÃO DE BLOCO, SAPATA ISOLADA, VIGA BALDRAME E SAPATA CORRIDA UTILIZANDO AÇO CA-50 DE 16 MM - MONTAGEM. AF_01/2024","Fundações Rasas (Blocos, Sapatas, Vigas Baldrame)","KG","28,8","9,65","277,92","0,02","99,62","C"]
[" 89707 ","SINAPI","CAIXA SIFONADA, PVC, DN 100 X 100 X 50 MM, JUNTA ELÁSTICA, FORNECIDA E INSTALADA EM RAMAL DE DESCARGA OU EM RAMAL DE ESGOTO SANITÁRIO. AF_08/2022","Instalações Prediais de Esgoto - Caixas e Ralos","UN","6,0","46,21","277,26","0,02","99,65","C"]
[" 10907 ","ORSE","Conector cabo-haste em bronze natural para 2 cabos cobre de 16mm² a 70mm² comgrampo \"U\" e porcas de aço galv.Ref:TEL-583 ou similar - fornecimento e instalação","Entrada em Baixa Tensão","un","28,0","9,90","277,20","0,02","99,67","C"]
[" ED-50234 ","SETOP","COSTURA DE TRINCA COM GRAMPO, BARRA DE AÇO CA 60 Ø4,2MM, COMPRIMENTO TOTAL 40CM, ESPAÇAMENTO DE 30CM, INCLUSIVE CORTE, DOBRA E ARGAMASSA, TRAÇO 1:4 (CIMENTO E AREIA), COM PREPARO MECANIZADO","ED-","m","12,6","20,86","262,83","0,02","99,69","C"]
[" 92008 ","SINAPI","TOMADA BAIXA DE EMBUTIR (2 MÓDULOS), 2P+T 10 A, INCLUINDO SUPORTE E PLACA - FORNECIMENTO E INSTALAÇÃO. AF_03/2023","Instalações Elétricas - Eletrodutos Embutidos, Cabos, Caixas, Tomadas e Interruptores","UN","5,0","51,07","255,35","0,02","99,71","C"]
[" 363 ","ORSE","Curva para eletroduto de pvc rígido roscável, diâm = 32mm (1\")","Interligações até Quadro Geral - Eletrodutos e Conexões","un","26,0","9,79","254,54","0,02","99,73","C"]
[" 92771 ","SINAPI","ARMAÇÃO DE LAJE DE ESTRUTURA CONVENCIONAL DE CONCRETO ARMADO UTILIZANDO AÇO CA-50 DE 10,0 MM - MONTAGEM. AF_06/2022","Armação para Estruturas de Concreto Armado","KG","22,0","9,85","216,70","0,02","99,75","C"]
[" 91787 ","SINAPI","(COMPOSIÇÃO REPRESENTATIVA) DO SERVIÇO DE INSTALAÇÃO DE TUBOS DE PVC, SOLDÁVEL, ÁGUA FRIA, DN 40 MM (INSTALADO EM PRUMADA), INCLUSIVE CONEXÕES, CORTES E FIXAÇÕES, PARA PRÉDIOS. AF_10/2015","INHI - INSTALAÇÕES HIDROS SANITÁRIAS","M","6,0","35,36","212,16","0,02","99,76","C"]
[" 89987 ","SINAPI","REGISTRO DE GAVETA BRUTO, LATÃO, ROSCÁVEL, 3/4\", COM ACABAMENTO E CANOPLA CROMADOS - FORNECIMENTO E INSTALAÇÃO. AF_08/2021","Válvulas e Registros para Sistemas Prediais","UN","2,0","104,71","209,42","0,02","99,78","C"]
[" 98308 ","SINAPI","TOMADA PARA TELEFONE RJ11 - FORNECIMENTO E INSTALAÇÃO. AF_08/2025","Redes de Lógica, Telefonia e Imagem","UN","5,0","41,60","208,00","0,02","99,80","C"]
[" 100800 ","SINAPI","TUBO, PEX, MULTICAMADA, COM TUBO LUVA, DN 20, INSTALADO EM IMPLANTAÇÃO DE INSTALAÇÕES DE GÁS - FORNECIMENTO E INSTALAÇÃO. AF_01/2020","Instalações de Gás em PEX Multicamadas","M","7,0","27,56","192,92","0,02","99,81","C"]
[" 93673 ","SINAPI","DISJUNTOR TRIPOLAR TIPO DIN, CORRENTE NOMINAL DE 50A - FORNECIMENTO E INSTALAÇÃO. AF_07/2025","Instalações Elétricas - Quadros, Cabos, Disjuntores, Contatores e Barramentos Blindados","UN","2,0","91,93","183,86","0,01","99,83","C"]
[" 93671 ","SINAPI","DISJUNTOR TRIPOLAR TIPO DIN, CORRENTE NOMINAL DE 32A - FORNECIMENTO E INSTALAÇÃO. AF_07/2025","Instalações Elétricas - Quadros, Cabos, Disjuntores, Contatores e Barramentos Blindados","UN","2,0","74,98","149,96","0,01","99,84","C"]
[" 100561 ","SINAPI","QUADRO DE DISTRIBUICÃO PARA TELEFONE N.3, 40X40X12CM EM CHAPA METÁLICA, DE EMBUTIR, SEM ACESSÓRIOS, PADRÃO TELEBRAS - FORNECIMENTO E INSTALAÇÃO. AF_08/2025","Redes de Lógica, Telefonia e Imagem","UN","1,0","148,45","148,45","0,01","99,85","C"]
[" 101894 ","SINAPI","DISJUNTOR TRIPOLAR TIPO NEMA, CORRENTE NOMINAL DE 60 ATÉ 100A - FORNECIMENTO E INSTALAÇÃO. AF_07/2025","Instalações Elétricas - Quadros, Cabos, Disjuntores, Contatores e Barramentos Blindados","UN","1,0","146,86","146,86","0,01","99,86","C"]
[" 93655 ","SINAPI","DISJUNTOR MONOPOLAR TIPO DIN, CORRENTE NOMINAL DE 20A - FORNECIMENTO E INSTALAÇÃO. AF_07/2025","Instalações Elétricas - Quadros, Cabos, Disjuntores, Contatores e Barramentos Blindados","UN","12,0","11,86","142,32","0,01","99,87","C"]
[" 95673 ","SINAPI","HIDRÔMETRO DN 1/2\", 1,5 M3/H - FORNECIMENTO E INSTALAÇÃO. AF_03/2024","Sistemas de Medição","UN","1,0","137,63","137,63","0,01","99,89","C"]
[" 94792 ","SINAPI","REGISTRO DE GAVETA BRUTO, LATÃO, ROSCÁVEL, 1\", COM ACABAMENTO E CANOPLA CROMADOS - FORNECIMENTO E INSTALAÇÃO. AF_08/2021","Válvulas e Registros para Sistemas Prediais","UN","1,0","127,58","127,58","0,01","99,90","C"]
[" 94497 ","SINAPI","REGISTRO DE GAVETA BRUTO, LATÃO, ROSCÁVEL, 1 1/2\" - FORNECIMENTO E INSTALAÇÃO. AF_08/2021","Válvulas e Registros para Sistemas Prediais","UN","1,0","117,62","117,62","0,01","99,90","C"]
[" 100860 ","SINAPI","CHUVEIRO ELÉTRICO COMUM CORPO PLÁSTICO, TIPO DUCHA - FORNECIMENTO E INSTALAÇÃO. AF_01/2020","Louças e Metais","UN","1,0","115,08","115,08","0,01","99,91","C"]
[" 93382 ","SINAPI","REATERRO MANUAL DE VALAS, COM COMPACTADOR DE SOLOS DE PERCUSSÃO. AF_08/2023","Aterro e Reaterro de Valas","m³","3,68","29,05","106,90","0,01","99,92","C"]
[" 96989 ","SINAPI","CAPTOR TIPO FRANKLIN PARA SPDA - FORNECIMENTO E INSTALAÇÃO. AF_08/2023","Sistema de Proteção contra Descargas Atmosféricas - SPDA","UN","1,0","99,59","99,59","0,01","99,93","C"]
[" 89985 ","SINAPI","REGISTRO DE PRESSÃO BRUTO, LATÃO, ROSCÁVEL, 3/4\", COM ACABAMENTO E CANOPLA CROMADOS - FORNECIMENTO E INSTALAÇÃO. AF_08/2021","Válvulas e Registros para Sistemas Prediais","UN","1,0","99,47","99,47","0,01","99,94","C"]
[" 9925 ","ORSE","Bucha com arruela em liga especial zamak p/eletroduto 32mm, d=1 1/4\"","Interligações até Quadro Geral - Eletrodutos e Conexões","un","45,0","2,13","95,85","0,01","99,95","C"]
[" 96985 ","SINAPI","HASTE DE ATERRAMENTO, DIÂMETRO 5/8\", COM 3 METROS - FORNECIMENTO E INSTALAÇÃO. AF_08/2023","Sistema de Proteção contra Descargas Atmosféricas - SPDA","UN","1,0","91,04","91,04","0,01","99,95","C"]
[" 89383 ","SINAPI","ADAPTADOR CURTO COM BOLSA E ROSCA PARA REGISTRO, PVC, SOLDÁVEL, DN 25MM X 3/4, INSTALADO EM RAMAL OU SUB-RAMAL DE ÁGUA - FORNECIMENTO E INSTALAÇÃO. AF_06/2022","Instalações Prediais de Água Fria em PVC","UN","12,0","6,91","82,92","0,01","99,96","C"]
[" 100560 ","SINAPI","QUADRO DE DISTRIBUIÇÃO PARA TELEFONE N.2, 20X20X12CM EM CHAPA METÁLICA, DE EMBUTIR, SEM ACESSÓRIOS, PADRÃO TELEBRAS - FORNECIMENTO E INSTALAÇÃO. AF_08/2025","Redes de Lógica, Telefonia e Imagem","UN","1,0","76,53","76,53","0,01","99,97","C"]
[" 908 ","ORSE","Espelho 4\" x 2\" para  2 rj-45","Material","un","19,0","3,81","72,39","0,01","99,97","C"]
[" 91944 ","SINAPI","CAIXA RETANGULAR 4\" X 4\" BAIXA (0,30 M DO PISO), PVC, INSTALADA EM PAREDE - FORNECIMENTO E INSTALAÇÃO. AF_03/2023","Instalações Elétricas - Eletrodutos Embutidos, Cabos, Caixas, Tomadas e Interruptores","UN","5,0","13,46","67,30","0,01","99,98","C"]
[" 93654 ","SINAPI","DISJUNTOR MONOPOLAR TIPO DIN, CORRENTE NOMINAL DE 16A - FORNECIMENTO E INSTALAÇÃO. AF_07/2025","Instalações Elétricas - Quadros, Cabos, Disjuntores, Contatores e Barramentos Blindados","UN","6,0","10,89","65,34","0,01","99,98","C"]
[" 89376 ","SINAPI","ADAPTADOR CURTO COM BOLSA E ROSCA PARA REGISTRO, PVC, SOLDÁVEL, DN 20MM X 1/2, INSTALADO EM RAMAL OU SUB-RAMAL DE ÁGUA - FORNECIMENTO E INSTALAÇÃO. AF_06/2022","Instalações Prediais de Água Fria em PVC","UN","10,0","5,95","59,50","0,00","99,99","C"]
[" 103029 ","SINAPI","REGISTRO OU REGULADOR DE GÁS DE COZINHA - FORNECIMENTO E INSTALAÇÃO. AF_08/2021","Válvulas e Registros para Sistemas Prediais","UN","1,0","50,30","50,30","0,00","99,99","C"]
[" 93018 ","SINAPI","CURVA 90 GRAUS PARA ELETRODUTO, PVC, ROSCÁVEL, DN 50 MM (1 1/2\"), PARA REDE ENTERRADA DE DISTRIBUIÇÃO DE ENERGIA ELÉTRICA - FORNECIMENTO E INSTALAÇÃO. AF_12/2021","Redes Enterradas de Distribuição Elétrica","UN","2,0","22,92","45,84","0,00","100,00","C"]
[" 89595 ","SINAPI","ADAPTADOR CURTO COM BOLSA E ROSCA PARA REGISTRO, PVC, SOLDÁVEL, DN 50MM X 1.1/4, INSTALADO EM PRUMADA DE ÁGUA - FORNECIMENTO E INSTALAÇÃO. AF_06/2022","Instalações Prediais de Água Fria em PVC","UN","2,0","14,22","28,44","0,00","100,00","C"]
[" 89709 ","SINAPI","RALO SIFONADO, PVC, DN 100 X 40 MM, JUNTA SOLDÁVEL, FORNECIDO E INSTALADO EM RAMAL DE DESCARGA OU EM RAMAL DE ESGOTO SANITÁRIO. AF_08/2022","Instalações Prediais de Esgoto - Caixas e Ralos","UN","1,0","19,89","19,89","0,00","100,00","C"]
[" 93656 ","SINAPI","DISJUNTOR MONOPOLAR TIPO DIN, CORRENTE NOMINAL DE 25A - FORNECIMENTO E INSTALAÇÃO. AF_07/2025","Instalações Elétricas - Quadros, Cabos, Disjuntores, Contatores e Barramentos Blindados","UN","1,0","12,85","12,85","0,00","100,00","C"]
[]
[{"$nulls":5},"Total sem BDI",null,{"v":1038465.79,"d":"1,038,465.79"}]
[{"$nulls":5},"Total do BDI",null,{"v":211112.61,"d":"211,112.61"}]
[{"$nulls":5},"Total Geral",null,{"v":1249578.4,"d":"1,249,578.40"}]

{"sheet":"BDI","index":5,"n_rows":28,"n_cols":21,"rows_kept":28,"merged":[[1,0,1,20],[3,0,3,20],[5,0,5,2],[5,3,5,5],[5,6,5,8],[5,9,5,11],[5,12,5,14],[5,15,5,17],[5,18,5,20],[6,0,6,1],[7,0,7,1],[8,0,8,1],[9,0,9,1],[10,0,10,1],[11,0,11,1],[12,3,12,20],[13,0,13,20],[14,0,17,4],[14,5,17,5],[14,6,14,14],[14,15,17,20],[15,6,15,11],[16,6,16,11],[17,6,17,11],[18,6,18,11],[18,15,18,20],[19,0,19,4],[19,5,21,5],[19,6,19,11],[19,15,21,20],[20,0,22,4],[20,6,20,11],[21,6,21,11],[22,5,22,20],[23,0,23,20],[24,0,24,4],[24,5,24,20],[25,0,25,20]]}
[]
["DESCRIÇÃO: PLANILHA ORÇAMENTÁRIA DE CONCLUSÃO\nOBRA: CONCLUSÃO DA OBRA DE CONSTRUÇÃO DE UNIDADE ESCOLAR, MODELO ESCOLA 6 SALAS - PADRÃO FNDE, NO MUNICÍPIO DE DUAS ESTRADAS/PB (ID SIMEC: 1010865).\nLOCAL: RUA PROJETADA, 01, LOTEAMENTO CIDADE ALTA, DUAS ESTRADAS/PB, CEP: 58.265-000.\nBDI : 20,34%"]
[]
["COMPOSIÇÃO DO BDI "]
[]
["CÁLCULO DE BDI",null,null,"Construção e Reforma de\nquaisquer Edificações inclusive Unidades Habitacionais, Escolas,",null,null,"Rodovias e Ferrovias - Infra Urbana, praças, calçadas, etc.",null,null,"Abastecimento de Água, Coleta de Esgoto",null,null,"Fornecimento de materiais e equipamentos",null,null,"Construção e Manutenção de\nEstações e Redes de Distribuição de Energia Elétrica",null,null,"Portuárias, Marítimas e Fluviais"]
["Item componente do BDI",null,"% Informado","1ºQ","Médio","3º Q","1ºQ","Médio","3º Q","1ºQ","Médio","3º Q","1ºQ","Médio","3º Q","1ºQ","Médio","3º Q","1ºQ","Médio","3º Q"]
["Administração Central ( AC )",null,{"v":0.03,"d":"3.00%"},{"v":3,"d":"3.00"},{"v":4,"d":"4.00"},{"v":5.5,"d":"5.50"},{"v":3.8,"d":"3.80"},4.01,4.67,3.43,4.93,6.71,{"v":1.5,"d":"1.50"},3.45,4.49,5.29,5.92,7.93,{"v":4,"d":"4.00"},5.52,"7.85"]
["Seguro (S) e Garantia (G)",null,{"v":0.008,"d":"0.80%"},{"v":0.8,"d":"0.80"},{"v":0.8,"d":"0.80"},{"v":1,"d":"1.00"},0.32,{"v":0.4,"d":"0.40"},0.74,0.28,0.49,0.75,{"v":0.3,"d":"0.30"},0.48,0.82,0.25,0.51,0.56,0.81,1.22,1.99]
["Risco (R)",null,{"v":0.0127,"d":"1.27%"},0.97,1.27,1.27,{"v":0.5,"d":"0.50"},0.56,0.97,{"v":1,"d":"1.00"},1.39,1.74,0.56,0.85,0.89,{"v":1,"d":"1.00"},1.48,1.97,1.46,2.32,3.16]
["Despesas Financeiras (DF)",null,{"v":0.0123,"d":"1.23%"},0.59,1.23,1.39,1.02,1.11,1.21,0.94,0.99,1.17,0.85,0.85,1.11,1.01,1.07,1.11,0.94,1.02,1.33]
["Lucro (L)",null,{"v":0.0618,"d":"6.18%"},6.16,{"v":7.4,"d":"7.40"},8.96,6.64,{"v":7.3,"d":"7.30"},8.69,6.74,8.04,{"v":9.4,"d":"9.40"},{"v":3.5,"d":"3.50"},5.11,6.22,{"v":8,"d":"8.00"},8.31,9.51,7.14,{"v":8.4,"d":"8.40"},10.43]
["Impostos (I)","PIS, COFINS, ISSQN",{"v":0.0615,"d":"6.15%"},"Conforme Legislação Específica"]
[]
["Observações\n1) Preencher apenas a coluna % Informado (Coluna B)\n2) Os Tributos aplicáveis são: PIS (0,65%), COFINS (3,00%), ISS (2,50%, conforme o município).\n3) O cálculo do BDI se baseia na fórmula abaixo utilizada pelo Acórdão 2622/13 do TCU, conforme CE GEPAD 354/2013 de 17/10/2013.",{"$nulls":5},"VALORES DE BDI POR TIPO DE OBRA"]
[{"$nulls":6},"Tipo de Obra",{"$nulls":5},"1ºQ","Médio","3º Q"]
[{"$nulls":6},"Construção de Edifícios",{"$nulls":5},20.34,22.12,{"v":25,"d":"25.00"}]
[{"$nulls":6},"Construção de Rodovias e Ferrovias - Infra Urbana, praças, etc.",{"$nulls":5},{"v":19.6,"d":"19.60"},20.97,24.23]
[null,"B.D.I  = ",{"$f":"(((1+C8+C9+C10)*(1+C11)*(1+C12))/(1-C13))-1","v":{"v":0.2033623325498135,"d":"20.34%"}},{"$nulls":3},"Rede de Abastecimento de Água, Coleta de Esgotos",{"$nulls":5},20.76,24.18,26.44]
["Fórmula Utilizada:",{"$nulls":5},"Estações e Redes de Distribuição de Energia Elétrica",{"$nulls":5},{"v":24,"d":"24.00"},25.84,27.86]
[{"$nulls":6},"Obras Portuárias, Marítimas e Fluviais",{"$nulls":5},{"v":22.8,"d":"22.80"},27.48,30.95]
[{"$nulls":6},"Fornecimento de Materiais e Equipamentos",{"$nulls":5},{"v":11.1,"d":"11.10"},14.02,{"v":16.8,"d":"16.80"}]
[]
[]
["Observações sobre os % informados no cálculo do BDI, neste caso:"]
["OBRAS DE CONSTRUÇÃO\nOS VALORES % INFORMADO ENQUADRAM-SE NOS LIMITES DO ACÓRDÃO 2622/2013-TCU-PLENÁRIO"]
[]
[null,null,{"$f":"21.56%","v":0.21559999999999999}]

{"sheet":"ENCARGOS SOCIAIS","index":6,"n_rows":41,"n_cols":6,"rows_kept":41,"merged":[[0,0,0,5],[1,0,1,5],[3,0,3,5],[4,0,5,0],[4,1,5,1],[4,2,4,3],[4,4,4,5],[6,0,6,5],[17,0,17,5],[29,0,29,5],[36,0,36,5],[40,0,40,1]]}
["DESCRIÇÃO: PLANILHA ORÇAMENTÁRIA DE CONCLUSÃO\nOBRA: CONCLUSÃO DA OBRA DE CONSTRUÇÃO DE UNIDADE ESCOLAR, MODELO ESCOLA 6 SALAS - PADRÃO FNDE, NO MUNICÍPIO DE DUAS ESTRADAS/PB (ID SIMEC: 1010865).\nLOCAL: RUA PROJETADA, 01, LOTEAMENTO CIDADE ALTA, DUAS ESTRADAS/PB, CEP: 58.265-000.\nBDI : 20,34%"]
["TABELA DOS ENCARGOS SOCIAIS"]
[]
["ENCARGOS SOCIAIS SOBRE A MÃO DE OBRA"]
["CÓDIGO","DESCRIÇÃO","COM DESONERAÇÃO",null,"SEM DESONERAÇÃO"]
[null,null,"HORISTA\n%","MENSALISTA\n%","HORISTA\n%","MENSALISTA\n%"]
["GRUPO A"]
["A1","INSS",{"v":0.05,"d":"5.00%"},{"v":0.05,"d":"5.00%"},{"v":0.2,"d":"20.00%"},{"v":0.2,"d":"20.00%"}]
["A2","SESI",{"v":0.015,"d":"1.50%"},{"v":0.015,"d":"1.50%"},{"v":0.015,"d":"1.50%"},{"v":0.015,"d":"1.50%"}]
["A3","SENAI",{"v":0.01,"d":"1.00%"},{"v":0.01,"d":"1.00%"},{"v":0.01,"d":"1.00%"},{"v":0.01,"d":"1.00%"}]
["A4","INCRA",{"v":2E-3,"d":"0.20%"},{"v":2E-3,"d":"0.20%"},{"v":2E-3,"d":"0.20%"},{"v":2E-3,"d":"0.20%"}]
["A5","SEBRAE",{"v":0.006,"d":"0.60%"},{"v":0.006,"d":"0.60%"},{"v":0.006,"d":"0.60%"},{"v":0.006,"d":"0.60%"}]
["A6","Salário Educação",{"v":0.025,"d":"2.50%"},{"v":0.025,"d":"2.50%"},{"v":0.025,"d":"2.50%"},{"v":0.025,"d":"2.50%"}]
["A7","Seguro Contra Acidentes de Trabalho",{"v":0.03,"d":"3.00%"},{"v":0.03,"d":"3.00%"},{"v":0.03,"d":"3.00%"},{"v":0.03,"d":"3.00%"}]
["A8","FGTS",{"v":0.08,"d":"8.00%"},{"v":0.08,"d":"8.00%"},{"v":0.08,"d":"8.00%"},{"v":0.08,"d":"8.00%"}]
["A9","SECONCI",{"v":0,"d":"0.00%"},{"v":0,"d":"0.00%"},{"v":0,"d":"0.00%"},{"v":0,"d":"0.00%"}]
["A","Total",{"v":0.218,"d":"21.80%"},{"v":0.218,"d":"21.80%"},{"v":0.368,"d":"36.80%"},{"v":0.368,"d":"36.80%"}]
["GRUPO B"]
["B1","Repouso Semanal Remunerado",{"v":0.1802,"d":"18.02%"},"Não incide",{"v":0.1802,"d":"18.02%"},"Não incide"]
["B2","Feriados",{"v":0.0431,"d":"4.31%"},"Não incide",{"v":0.0431,"d":"4.31%"},"Não incide"]
["B3","Auxílio - Enfermidade",{"v":8.6E-3,"d":"0.86%"},{"v":0.0065,"d":"0.65%"},{"v":8.6E-3,"d":"0.86%"},{"v":0.0065,"d":"0.65%"}]
["B4","13º Salário",{"v":0.1096,"d":"10.96%"},{"v":0.0833,"d":"8.33%"},{"v":0.1096,"d":"10.96%"},{"v":0.0833,"d":"8.33%"}]
["B5","Licença Paternidade",{"v":0.0007,"d":"0.07%"},{"v":0.0005,"d":"0.05%"},{"v":0.0007,"d":"0.07%"},{"v":0.0005,"d":"0.05%"}]
["B6","Faltas Justificadas",{"v":0.0073,"d":"0.73%"},{"v":0.0056,"d":"0.56%"},{"v":0.0073,"d":"0.73%"},{"v":0.0056,"d":"0.56%"}]
["B7","Dias de Chuvas",{"v":0.0204,"d":"2.04%"},"Não incide",{"v":0.0204,"d":"2.04%"},"Não incide"]
["B8","Auxílio Acidente de Trabalho",{"v":1E-3,"d":"0.10%"},{"v":0.0007,"d":"0.07%"},{"v":1E-3,"d":"0.10%"},{"v":0.0007,"d":"0.07%"}]
["B9","Férias Gozadas",{"v":0.0976,"d":"9.76%"},{"v":0.0742,"d":"7.42%"},{"v":0.0976,"d":"9.76%"},{"v":0.0742,"d":"7.42%"}]
["B10","Salário Maternidade",{"v":0.0003,"d":"0.03%"},{"v":0.0003,"d":"0.03%"},{"v":0.0003,"d":"0.03%"},{"v":0.0003,"d":"0.03%"}]
["B","Total",{"v":0.4688,"d":"46.88%"},{"v":0.1711,"d":"17.11%"},{"v":0.4688,"d":"46.88%"},{"v":0.1711,"d":"17.11%"}]
["GRUPO C"]
["C1","Aviso Prévio Indenizado",{"v":0.0453,"d":"4.53%"},{"v":0.0345,"d":"3.45%"},{"v":0.0453,"d":"4.53%"},{"v":0.0345,"d":"3.45%"}]
["C2","Aviso Prévio Trabalhado",{"v":0.0011,"d":"0.11%"},{"v":0.0008,"d":"0.08%"},{"v":0.0011,"d":"0.11%"},{"v":0.0008,"d":"0.08%"}]
["C3","Férias Indenizadas",{"v":0.0429,"d":"4.29%"},{"v":0.0326,"d":"3.26%"},{"v":0.0429,"d":"4.29%"},{"v":0.0326,"d":"3.26%"}]
["C4","Depósito Rescisão Sem Justa Causa",{"v":0.0296,"d":"2.96%"},{"v":0.0225,"d":"2.25%"},{"v":0.0296,"d":"2.96%"},{"v":0.0225,"d":"2.25%"}]
["C5","Indenização Adicional",{"v":3.8E-3,"d":"0.38%"},{"v":0.0029,"d":"0.29%"},{"v":3.8E-3,"d":"0.38%"},{"v":0.0029,"d":"0.29%"}]
["C","Total",{"v":0.1227,"d":"12.27%"},{"v":0.0933,"d":"9.33%"},{"v":0.1227,"d":"12.27%"},{"v":0.0933,"d":"9.33%"}]
["GRUPO D"]
["D1","Reincidência de Grupo A sobre Grupo B (sem\nconsiderar INNS sobre 13º, conforme Lei nº 14.973/2024)",{"v":0.0967,"d":"9.67%"},{"v":0.0331,"d":"3.31%"},{"v":0.1725,"d":"17.25%"},{"v":0.063,"d":"6.30%"}]
["D2","Reincidência de Grupo A sobre Aviso Prévio Trabalhado e Reincidência do FGTS sobre Aviso\nPrévio Indenizado",{"v":0.0039,"d":"0.39%"},{"v":0.0029,"d":"0.29%"},{"v":0.004,"d":"0.40%"},{"v":0.0031,"d":"0.31%"}]
["D","Total",{"v":0.1006,"d":"10.06%"},{"v":0.036,"d":"3.60%"},{"v":0.1765,"d":"17.65%"},{"v":0.0661,"d":"6.61%"}]
["TOTAL(A+B+C+D)",null,{"v":0.9101,"d":"91.01%"},{"v":0.5184,"d":"51.84%"},{"v":1.136,"d":"113.60%"},{"v":0.6985,"d":"69.85%"}]